{"text_format":"3","workbook":"xlsx","n_sheets":1,"sheets":["Перечень"],"not_rendered":{"external_links":1,"defined_names":7,"comments":1},"read":"whole","date_system":"1900"}

{"sheet":"Перечень","index":0,"n_rows":2087,"n_cols":21,"rows_kept":2087,"merged":[[4,18,53,18],[4,20,54,20],[55,18,60,18],[55,20,61,20],[62,20,65,20],[63,18,64,18],[66,18,84,18],[66,20,85,20],[86,18,112,18],[86,20,113,20],[114,18,119,18],[114,20,120,20],[121,18,123,18],[121,20,124,20],[125,20,126,20],[127,18,135,18],[127,20,136,20],[137,18,138,18],[137,20,139,20],[140,18,148,18],[140,20,149,20],[150,18,167,18],[150,20,168,20],[169,18,171,18],[169,20,172,20],[173,18,177,18],[173,20,178,20],[179,18,273,18],[179,20,274,20],[275,18,326,18],[275,20,327,20],[328,18,330,18],[328,20,331,20],[332,18,337,18],[332,20,338,20],[339,18,342,18],[339,20,343,20],[344,18,348,18],[344,20,349,20],[350,18,358,18],[350,20,359,20],[360,18,382,18],[360,20,383,20],[384,18,474,18],[384,20,475,20],[476,20,477,20],[478,18,497,18],[478,20,498,20],[499,18,504,18],[499,20,505,20],[506,20,507,20],[508,18,510,18],[508,20,511,20],[512,18,536,18],[512,20,537,20],[538,18,543,18],[538,20,544,20],[545,18,547,18],[545,20,548,20],[549,18,556,18],[549,20,557,20],[558,18,691,18],[558,20,692,20],[693,18,781,18],[693,20,782,20],[783,18,904,18],[783,20,905,20],[906,18,1005,18],[906,20,1006,20],[1007,20,1008,20],[1009,20,1010,20],[1011,18,1016,18],[1011,20,1017,20],[1018,18,1022,18],[1018,20,1023,20],[1024,18,1028,18],[1024,20,1029,20],[1030,18,1041,18],[1030,20,1042,20],[1043,18,1051,18],[1043,20,1052,20],[1053,18,1059,18],[1053,20,1060,20],[1061,18,1068,18],[1061,20,1069,20],[1070,18,1072,18],[1070,20,1073,20],[1074,18,1146,18],[1074,20,1147,20],[1148,18,1169,18],[1148,20,1170,20],[1171,18,1190,18],[1171,20,1191,20],[1192,18,1212,18],[1192,20,1213,20],[1214,18,1215,18],[1214,20,1216,20],[1217,18,1223,18],[1217,20,1224,20],[1225,18,1279,18],[1225,20,1280,20],[1281,18,1325,18],[1281,20,1326,20],[1327,18,1331,18],[1327,20,1332,20],[1333,18,1334,18],[1333,20,1335,20],[1336,18,1338,18],[1336,20,1339,20],[1340,18,1344,18],[1340,20,1345,20],[1346,18,1350,18],[1346,20,1351,20],[1352,18,1368,18],[1352,20,1369,20],[1370,18,1375,18],[1370,20,1376,20],[1377,18,1379,18],[1377,20,1380,20],[1381,18,1383,18],[1381,20,1384,20],[1385,20,1386,20],[1387,18,1395,18],[1387,20,1396,20],[1397,18,1398,18],[1397,20,1399,20],[1400,18,1405,18],[1400,20,1406,20],[1407,18,1449,18],[1407,20,1450,20],[1451,18,1452,18],[1451,20,1453,20],[1454,18,1455,18],[1454,20,1456,20],[1457,18,1458,18],[1457,20,1459,20],[1460,18,1469,18],[1460,20,1470,20],[1471,18,1478,18],[1471,20,1479,20],[1480,18,1490,18],[1480,20,1491,20],[1492,18,1496,18],[1492,20,1497,20],[1498,18,1503,18],[1498,20,1504,20],[1505,18,1508,18],[1505,20,1509,20],[1510,18,1523,18],[1510,20,1524,20],[1525,18,1538,18],[1525,20,1539,20],[1540,18,1546,18],[1540,20,1547,20],[1548,18,1549,18],[1548,20,1550,20],[1551,18,1558,18],[1551,20,1559,20],[1560,18,1569,18],[1560,20,1570,20],[1571,20,1572,20],[1573,18,1577,18],[1573,20,1578,20],[1579,18,1580,18],[1579,20,1581,20],[1582,18,1586,18],[1582,20,1587,20],[1588,18,1593,18],[1588,20,1594,20],[1595,20,1596,20],[1597,20,1598,20],[1599,18,1601,18],[1599,20,1602,20],[1603,18,1669,18],[1603,20,1670,20],[1671,18,1677,18],[1671,20,1678,20],[1679,18,1707,18],[1679,20,1708,20],[1709,18,1710,18],[1709,20,1711,20],[1712,20,1713,20],[1714,18,1719,18],[1714,20,1720,20],[1721,18,1726,18],[1721,20,1727,20],[1728,18,1741,18],[1728,20,1742,20],[1743,18,1745,18],[1743,20,1746,20],[1747,18,1753,18],[1747,20,1754,20],[1755,18,1765,18],[1755,20,1766,20],[1767,18,1768,18],[1767,20,1769,20],[1770,18,1771,18],[1770,20,1772,20],[1773,18,1775,18],[1773,20,1776,20],[1777,18,1783,18],[1777,20,1784,20],[1785,18,1795,18],[1785,20,1796,20],[1797,20,1798,20],[1799,18,1800,18],[1799,20,1801,20],[1802,20,1803,20],[1804,18,1807,18],[1804,20,1808,20],[1809,18,1811,18],[1809,20,1812,20],[1813,18,1817,18],[1813,20,1818,20],[1819,18,1820,18],[1819,20,1821,20],[1822,18,1823,18],[1822,20,1824,20],[1825,18,1922,18],[1825,20,1923,20],[1924,18,1934,18],[1924,20,1935,20],[1936,20,1937,20],[1938,18,1947,18],[1938,20,1948,20],[1949,20,1950,20],[1951,18,1981,18],[1951,20,1982,20],[1983,18,2008,18],[1983,20,2009,20],[2010,18,2017,18],[2010,20,2018,20],[2019,18,2038,18],[2019,20,2039,20],[2040,18,2050,18],[2040,20,2051,20],[2052,18,2065,18],[2052,20,2066,20],[2067,18,2084,18],[2067,20,2085,20],[2086,0,2086,11]]}
[]
[null,"ПЕРЕЧЕНЬ невостребованного имущества ПАО «МОЭК» "]
[]
["Индекс","Номер пп","Материал","Краткий текст материала","Адрес Склада","Свободный запас на 21.01.2026","Базисная ЕИ","Дата приобретения","СПП-элемент","Документы","Характеристики","Техническое состояние","Первоначальная стоимость имущества,\nруб."," Цена\n имущества \n (за единицу),\n руб.\n","Балансовая  (остаточная) стоимость имущества,\nруб.","Начальная цена \n (без учета НДС), \nруб.","НДС 22%, \nруб.","Начальная цена \n (с учетом НДС 22%), \nруб.","Шаг аукциона 10%, руб.","Номер лота","Наименование лота"]
["А2215",1,102019448,"DIN-рейка 2000х35x15мм SE NSYSDR200","(0306) Бескудниковский пр-д, д.7",5,"ШТ","2017-11-01","3.NV.1203-2002","Документы отсутствуют","Нет данных","Новое",{"v":3103.8,"d":"3,103.80 "},{"$f":"O5/F5","v":620.76},{"v":3103.8,"d":"3,103.80 "},{"v":5140,"d":"5,140.00"},{"$f":"R5-P5","v":{"v":1130.8,"d":"1,130.80"}},{"$f":"P5*1.22","v":{"v":6270.8,"d":"6,270.80"}},null,1,"Оборудование для систем безопасности"]
["А2216",2,102017520,"PC-LPM-UTP-RJ45-RJ45-C6-0.5M-LSZH-WH","(0306) Бескудниковский пр-д, д.7",29,"ШТ","2017-12-01","3.NV.1203-2002","Документы отсутствуют","Нет данных","Новое",{"v":2984.68,"d":"2,984.68 "},{"$f":"O6/F6","v":102.92},{"v":2984.68,"d":"2,984.68 "},{"v":4930,"d":"4,930.00"},{"v":1084.6,"d":"1,084.60"},{"v":6014.6,"d":"6,014.60"},null,1]
["А2217",3,102017519,"PC-LPM-UTP-RJ45-RJ45-C6-1M-LSZH-GY","(0306) Бескудниковский пр-д, д.7",20,"ШТ","2017-12-01","3.NV.1203-2002","Документы отсутствуют","Нет данных","Новое",{"v":2221.8,"d":"2,221.80 "},111.09,{"v":2221.8,"d":"2,221.80 "},{"v":3670,"d":"3,670.00"},{"v":807.4,"d":"807.40"},{"v":4477.4,"d":"4,477.40"},null,1]
["А2218",4,102017518,"PC-LPM-UTP-RJ45-RJ45-C6-20M-LSZH-GY","(0306) Бескудниковский пр-д, д.7",1,"ШТ","2017-12-01","3.NV.1203-2002","Документы отсутствуют","Нет данных","Новое",{"v":1359.89,"d":"1,359.89 "},{"v":1359.89,"d":"1,359.89"},{"v":1359.89,"d":"1,359.89 "},{"v":2240,"d":"2,240.00"},{"v":492.8,"d":"492.80"},{"v":2732.8,"d":"2,732.80"},null,1]
["А2219",5,102017516,"PC-LPM-UTP-RJ45-RJ45-C6-2M-LSZH-GY","(0306) Бескудниковский пр-д, д.7",15,"ШТ","2017-12-01","3.NV.1203-2002","Документы отсутствуют","Нет данных","Новое",{"v":2718.45,"d":"2,718.45 "},181.23,{"v":2718.45,"d":"2,718.45 "},{"v":4490,"d":"4,490.00"},{"v":987.8,"d":"987.80"},{"v":5477.8,"d":"5,477.80"},null,1]
["А2220",6,102017517,"PC-LPM-UTP-RJ45-RJ45-C6-2M-LSZH-WH","(0306) Бескудниковский пр-д, д.7",21,"ШТ","2017-12-01","3.NV.1203-2002","Документы отсутствуют","Нет данных","Новое",{"v":3641.19,"d":"3,641.19 "},173.39,{"v":3641.19,"d":"3,641.19 "},{"v":6010,"d":"6,010.00"},{"v":1322.2,"d":"1,322.20"},{"v":7332.2,"d":"7,332.20"},null,1]
["А2221",7,102017515,"PC-LPM-UTP-RJ45-RJ45-C6-3M-LSZH-WH","(0306) Бескудниковский пр-д, д.7",5,"ШТ","2017-12-01","3.NV.1203-2002","Документы отсутствуют","Нет данных","Новое",{"v":1128.65,"d":"1,128.65 "},225.73,{"v":1128.65,"d":"1,128.65 "},{"v":1860,"d":"1,860.00"},{"v":409.2,"d":"409.20"},{"v":2269.2,"d":"2,269.20"},null,1]
["А2222",8,102011781,"Адаптер FA-P11Z-DLC/DLC-N/WH-BL","(0306) Бескудниковский пр-д, д.7",8,"ШТ","2017-12-01","3.NV.1203-2002","Документы отсутствуют","Нет данных","Новое",{"v":812.16,"d":"812.16 "},101.52,{"v":812.16,"d":"812.16 "},{"v":1340,"d":"1,340.00"},{"v":294.8,"d":"294.80"},{"v":1634.8,"d":"1,634.80"},null,1]
["А2223",9,102018893,"Анкер PFG LB 12-50 25шт/уп Sormat 77038","(0306) Бескудниковский пр-д, д.7",8,"ШТ","2017-12-01","3.NV.1203-2002","Документы отсутствуют","Нет данных","Новое",{"v":3192.88,"d":"3,192.88 "},399.11,{"v":3192.88,"d":"3,192.88 "},{"v":5270,"d":"5,270.00"},{"v":1159.4,"d":"1,159.40"},{"v":6429.4,"d":"6,429.40"},null,1]
["А2224",10,102018903,"Анкер S-KAK 6х40 150шт/уп Sormat 02100","(0306) Бескудниковский пр-д, д.7",160,"ШТ","2017-11-01","3.NV.1203-2002","Документы отсутствуют","Нет данных","Новое",{"v":764.8,"d":"764.80 "},4.78,{"v":764.8,"d":"764.80 "},{"v":1270,"d":"1,270.00"},{"v":279.4,"d":"279.40"},{"v":1549.4,"d":"1,549.40"},null,1]
["А2225",11,102018858,"Ввод каб.мет. M32x1,5 Dк18-25 Lр8 Ferrol","(0306) Бескудниковский пр-д, д.7",70,"ШТ","2017-11-01","3.NV.1203-2002","Документы отсутствуют","Нет данных","Новое",{"v":14122.5,"d":"14,122.50 "},201.75,{"v":14122.5,"d":"14,122.50 "},{"v":23370,"d":"23,370.00"},{"v":5141.4,"d":"5,141.40"},{"v":28511.4,"d":"28,511.40"},null,1]
["А2226",12,102018904,"Ввод кабельный PG29 Экопласт 41029","(0306) Бескудниковский пр-д, д.7",50,"ШТ","2017-12-01","3.NV.1203-2002","Документы отсутствуют","Нет данных","Новое",{"v":2038.5,"d":"2,038.50 "},40.77,{"v":2038.5,"d":"2,038.50 "},{"v":3370,"d":"3,370.00"},{"v":741.4,"d":"741.40"},{"v":4111.4,"d":"4,111.40"},null,1]
["А2227",13,102017494,"Ввод кабельный PG36 Экопласт 41036","(0306) Бескудниковский пр-д, д.7",40,"ШТ","2017-12-01","3.NV.1203-2002","Документы отсутствуют","Нет данных","Новое",{"v":3007.6,"d":"3,007.60 "},75.19,{"v":3007.6,"d":"3,007.60 "},{"v":4960,"d":"4,960.00"},{"v":1091.2,"d":"1,091.20"},{"v":6051.2,"d":"6,051.20"},null,1]
["А2228",14,102019042,"Ввод кабельный М42х1,5 ф23-34мм ЗЭТА","(0306) Бескудниковский пр-д, д.7",50,"ШТ","2017-11-01","3.NV.1203-2002","Документы отсутствуют","Нет данных","Новое",{"v":17091,"d":"17,091.00 "},341.82,{"v":17091,"d":"17,091.00 "},{"v":28290,"d":"28,290.00"},{"v":6223.8,"d":"6,223.80"},{"v":34513.8,"d":"34,513.80"},null,1]
["А2229",15,102018917,"Вставка-заглушка Hyperline KJ1-BL-WH","(0306) Бескудниковский пр-д, д.7",31,"ШТ","2017-12-01","3.NV.1203-2002","Документы отсутствуют","Нет данных","Новое",{"v":312.79,"d":"312.79 "},10.09,{"v":312.79,"d":"312.79 "},{"v":520,"d":"520.00"},{"v":114.4,"d":"114.40"},{"v":634.4,"d":"634.40"},null,1]
["А2230",16,102017455,"Держатель д/трубы гофрир. Ду50 DKC 51050","(0306) Бескудниковский пр-д, д.7",230,"ШТ","2017-11-01","3.NV.1203-2002","Документы отсутствуют","Нет данных","Новое",{"v":2129.8,"d":"2,129.80 "},9.26,{"v":2129.8,"d":"2,129.80 "},{"v":3520,"d":"3,520.00"},{"v":774.4,"d":"774.40"},{"v":4294.4,"d":"4,294.40"},null,1]
["А2231",17,102018860,"Держатель ф32 DKC 53346","(0306) Бескудниковский пр-д, д.7",2868,"ШТ","2017-11-01","3.NV.1203-2002","Документы отсутствуют","Нет данных","Новое",{"v":36194.16,"d":"36,194.16 "},12.62,{"v":36194.16,"d":"36,194.16 "},{"v":59900,"d":"59,900.00"},{"v":13178,"d":"13,178.00"},{"v":73078,"d":"73,078.00"},null,1]
["А2232",18,102017493,"Держатель ф32 DKC 53359","(0306) Бескудниковский пр-д, д.7",650,"ШТ","2017-12-01","3.NV.1203-2002","Документы отсутствуют","Нет данных","Новое",{"v":4244.5,"d":"4,244.50 "},6.53,{"v":4244.5,"d":"4,244.50 "},{"v":7010,"d":"7,010.00"},{"v":1542.2,"d":"1,542.20"},{"v":8552.2,"d":"8,552.20"},null,1]
["А2233",19,10118091,"Дюбель расп. ус NAT 6х30 Sormat 75006","(0306) Бескудниковский пр-д, д.7",30,"УПК","2017-11-01","3.NV.1203-2002","Документы отсутствуют","Нет данных","Новое",{"v":27.6,"d":"27.60 "},0.92,{"v":27.6,"d":"27.60 "},{"v":50,"d":"50.00"},{"v":11,"d":"11.00"},{"v":61,"d":"61.00"},null,1]
["А2234",20,102017384,"Заглушка DLP 50х105 Legrand 10700","(0306) Бескудниковский пр-д, д.7",1,"ШТ","2017-11-01","3.NV.1203-2002","Документы отсутствуют","Нет данных","Новое",{"v":79.05,"d":"79.05 "},79.05,{"v":79.05,"d":"79.05 "},{"v":130,"d":"130.00"},{"v":28.6,"d":"28.60"},{"v":158.6,"d":"158.60"},null,1]
["А2235",21,102018971,"Зажим DIN741 D=6мм М5 Goralmet","(0306) Бескудниковский пр-д, д.7",6,"ШТ","2017-11-01","3.NV.1203-2002","Документы отсутствуют","Нет данных","Новое",{"v":4910.82,"d":"4,910.82 "},818.47,{"v":4910.82,"d":"4,910.82 "},{"v":8130,"d":"8,130.00"},{"v":1788.6,"d":"1,788.60"},{"v":9918.6,"d":"9,918.60"},null,1]
["А2236",22,102018758,"Зажим OBO Betterman 5057930","(0306) Бескудниковский пр-д, д.7",174,"ШТ","2017-11-01","3.NV.1203-2002","Документы отсутствуют","Нет данных","Новое",{"v":88960.98,"d":"88,960.98 "},511.27,{"v":88960.98,"d":"88,960.98 "},{"v":147240,"d":"147,240.00"},{"v":32392.8,"d":"32,392.80"},{"v":179632.8,"d":"179,632.80"},null,1]
["А2237",23,102017500,"Зажим кабельный PG7 3-6,5мм IP68 DKC","(0306) Бескудниковский пр-д, д.7",16,"ШТ","2017-11-01","3.NV.1203-2002","Документы отсутствуют","Нет данных","Новое",{"v":288,"d":"288.00 "},{"v":18,"d":"18.00"},{"v":288,"d":"288.00 "},{"v":480,"d":"480.00"},{"v":105.6,"d":"105.60"},{"v":585.6,"d":"585.60"},null,1]
["А2238",24,102018856,"Зажим троса 6мм DKC CM623006","(0306) Бескудниковский пр-д, д.7",6,"ШТ","2017-12-01","3.NV.1203-2002","Документы отсутствуют","Нет данных","Новое",{"v":206.82,"d":"206.82 "},34.47,{"v":206.82,"d":"206.82 "},{"v":340,"d":"340.00"},{"v":74.8,"d":"74.80"},{"v":414.8,"d":"414.80"},null,1]
["А2239",25,102018868,"Замок для ленты 130801-00332","(0306) Бескудниковский пр-д, д.7",3,"ШТ","2017-12-01","3.NV.1203-2002","Документы отсутствуют","Нет данных","Новое",{"v":2931.18,"d":"2,931.18 "},977.06,{"v":2931.18,"d":"2,931.18 "},{"v":4840,"d":"4,840.00"},{"v":1064.8,"d":"1,064.80"},{"v":5904.8,"d":"5,904.80"},null,1]
["А2240",26,102012950,"ИБП Entel SPB-U15BS2+D1-AK","(0306) Бескудниковский пр-д, д.7",1,"ШТ","2017-11-01","3.NV.1203-2002","Паспорт. Серийный № 83221606101370; сертификат № ТС RU C-RU.МЛ04.В.01111 от 14.05.2015 по 13.05.2020. Имеется руководство пользователя","Нет данных","Новое",{"v":118537.9,"d":"118,537.90 "},{"v":118537.9,"d":"118,537.90"},{"v":118537.9,"d":"118,537.90 "},{"v":196190,"d":"196,190.00"},{"v":43161.8,"d":"43,161.80"},{"v":239351.8,"d":"239,351.80"},null,1]
["А2241",27,102011831,"ИБП СКАТ-1200 исп.5","(0306) Бескудниковский пр-д, д.7",1,"ШТ","2017-12-01","3.NV.1203-2002","Руководство по эксплуатации и свидетельство о приемке. Заводской № 6307567, дата выпуска - 19.02.2016","Нет данных","Новое",{"v":6625.17,"d":"6,625.17 "},{"v":6625.17,"d":"6,625.17"},{"v":6625.17,"d":"6,625.17 "},{"v":10940,"d":"10,940.00"},{"v":2406.8,"d":"2,406.80"},{"v":13346.8,"d":"13,346.80"},null,1]
["А2242",28,102020001,"Извещатель ИО209-30 Фотон-18А","(0306) Бескудниковский пр-д, д.7",1,"ШТ","2017-11-01","3.NV.1203-2002","Вложение №59-1369-0","Нет данных","Новое",{"v":6610.38,"d":"6,610.38 "},{"v":6610.38,"d":"6,610.38"},{"v":6610.38,"d":"6,610.38 "},{"v":10940,"d":"10,940.00"},{"v":2406.8,"d":"2,406.80"},{"v":13346.8,"d":"13,346.80"},null,1]
["А2243",29,102018883,"Извещатель ИО329-4 Стекло-3","(0306) Бескудниковский пр-д, д.7",3,"ШТ","2017-11-01","3.NV.1203-2002","Инструкция по установке и эксплуатации, этикетка ЯЛКГ.425132.004 ЭТ, дата выпуска - июль 2008 года","Нет данных","Новое",{"v":1643.67,"d":"1,643.67 "},547.89,{"v":1643.67,"d":"1,643.67 "},{"v":2720,"d":"2,720.00"},{"v":598.4,"d":"598.40"},{"v":3318.4,"d":"3,318.40"},null,1]
["А2244",30,102018759,"Извещатель С2000-ИК исп.04","(0306) Бескудниковский пр-д, д.7",65,"ШТ","2017-11-01","3.NV.1203-2002","Инструкция по установке и эксплуатации, паспорт (№ партии 02, дата выпуска - июнь 2015 года)","Нет данных","Новое",{"v":50601.85,"d":"50,601.85 "},778.49,{"v":50601.85,"d":"50,601.85 "},{"v":83750,"d":"83,750.00"},{"v":18425,"d":"18,425.00"},{"v":102175,"d":"102,175.00"},null,1]
["А2245",31,102017533,"Кабель Hyperline TGRD-CAB-80","(0306) Бескудниковский пр-д, д.7",2,"ШТ","2017-12-01","3.NV.1203-2002","Документы отсутствуют","Нет данных","Новое",{"v":538.2,"d":"538.20 "},{"v":269.1,"d":"269.10"},{"v":538.2,"d":"538.20 "},{"v":890,"d":"890.00"},{"v":195.8,"d":"195.80"},{"v":1085.8,"d":"1,085.80"},null,1]
["А2246",32,10111330,"Кабель ВВГнг-LS 3х6(ож)-0,66","(0306) Бескудниковский пр-д, д.7",880,"М","2017-11-01","3.NV.1203-2002","Документы отсутствуют","Нет данных","Новое",{"v":82033.6,"d":"82,033.60 "},93.22,{"v":82033.6,"d":"82,033.60 "},{"v":135770,"d":"135,770.00"},{"v":29869.4,"d":"29,869.40"},{"v":165639.4,"d":"165,639.40"},null,1]
["А2247",33,102011702,"Карта HID ISOProx II 1386LGGMN","(0306) Бескудниковский пр-д, д.7",100,"ШТ","2017-11-01","3.NV.1203-2002","Документы отсутствуют","Нет данных","Новое",{"v":2644,"d":"2,644.00 "},26.44,{"v":2644,"d":"2,644.00 "},{"v":4380,"d":"4,380.00"},{"$f":"R37-P37","v":{"v":963.6,"d":"963.60"}},{"$f":"P37*1.22","v":{"v":5343.6,"d":"5,343.60"}},null,1]
["А2248",34,102019396,"Колодка клеммная 4мм2 SE NSYTRV42","(0306) Бескудниковский пр-д, д.7",50,"ШТ","2017-11-01","3.NV.1203-2002","Документы отсутствуют","Нет данных","Новое",{"v":1794.5,"d":"1,794.50 "},35.89,{"v":1794.5,"d":"1,794.50 "},{"v":2970,"d":"2,970.00"},{"v":653.4,"d":"653.40"},{"v":3623.4,"d":"3,623.40"},null,1]
["А2249",35,102019429,"Колодка клеммная 6мм2 SE NSYTRV62","(0306) Бескудниковский пр-д, д.7",178,"ШТ","2017-11-01","3.NV.1203-2002","Документы отсутствуют","Нет данных","Новое",{"v":8691.74,"d":"8,691.74 "},48.83,{"v":8691.74,"d":"8,691.74 "},{"v":14390,"d":"14,390.00"},{"v":3165.8,"d":"3,165.80"},{"v":17555.8,"d":"17,555.80"},null,1]
["А2250",36,102019395,"Колодка клеммная 6мм2 SE NSYTRV62BL","(0306) Бескудниковский пр-д, д.7",114,"ШТ","2017-11-01","3.NV.1203-2002","Документы отсутствуют","Нет данных","Новое",{"v":6868.5,"d":"6,868.50 "},60.25,{"v":6868.5,"d":"6,868.50 "},{"v":11370,"d":"11,370.00"},{"v":2501.4,"d":"2,501.40"},{"v":13871.4,"d":"13,871.40"},null,1]
["А2251",37,102011746,"Коммутатор Huawei S5700-28P-PWR-LI-AC","(0306) Бескудниковский пр-д, д.7",1,"ШТ","2016-06-06","3.NV.1203-2002","Инструкция на английском языке","Нет данных","Новое",{"v":178644.25,"d":"178,644.25 "},{"v":178644.25,"d":"178,644.25"},{"v":178644.25,"d":"178,644.25 "},{"v":305780,"d":"305,780.00"},{"v":67271.6,"d":"67,271.60"},{"v":373051.6,"d":"373,051.60"},null,1]
["А2252",38,102017498,"Комплект Hyperline FO-FFSPS-60","(0306) Бескудниковский пр-д, д.7",16,"ШТ","2017-12-01","3.NV.1203-2002","Документы отсутствуют","Нет данных","Новое",{"v":201.76,"d":"201.76 "},12.61,{"v":201.76,"d":"201.76 "},{"v":330,"d":"330.00"},{"v":72.6,"d":"72.60"},{"v":402.6,"d":"402.60"},null,1]
["А2253",39,102017486,"Коробка Mosaic Legrand 0 802 81","(0306) Бескудниковский пр-д, д.7",2,"ШТ","2017-11-01","3.NV.1203-2002","Документы отсутствуют","Нет данных","Новое",{"v":236.14,"d":"236.14 "},118.07,{"v":236.14,"d":"236.14 "},{"v":390,"d":"390.00"},{"v":85.8,"d":"85.80"},{"v":475.8,"d":"475.80"},null,1]
["А2254",40,102018941,"Коробка монтажная CQR JB720/WH","(0306) Бескудниковский пр-д, д.7",14,"ШТ","2017-11-01","3.NV.1203-2002","Документы отсутствуют","Нет данных","Новое",{"v":1658.86,"d":"1,658.86 "},118.49,{"v":1658.86,"d":"1,658.86 "},{"v":2750,"d":"2,750.00"},{"v":605,"d":"605.00"},{"v":3355,"d":"3,355.00"},null,1]
["А2255",41,102018925,"Коробка монтажная CQR JB730/WH","(0306) Бескудниковский пр-д, д.7",8,"ШТ","2017-11-01","3.NV.1203-2002","Документы отсутствуют","Нет данных","Новое",{"v":176.96,"d":"176.96 "},22.12,{"v":176.96,"d":"176.96 "},{"v":290,"d":"290.00"},{"v":63.8,"d":"63.80"},{"v":353.8,"d":"353.80"},null,1]
["А2256",42,102018834,"Коробка монтажная Legrand 0 801 01","(0306) Бескудниковский пр-д, д.7",3,"ШТ","2017-11-01","3.NV.1203-2002","Документы отсутствуют","Нет данных","Новое",{"v":347.49,"d":"347.49 "},115.83,{"v":347.49,"d":"347.49 "},{"v":580,"d":"580.00"},{"v":127.6,"d":"127.60"},{"v":707.6,"d":"707.60"},null,1]
["А2257",43,102018870,"Корпус розетки Hyperline SBB1-1-WH","(0306) Бескудниковский пр-д, д.7",45,"ШТ","2017-12-01","3.NV.1203-2002","Документы отсутствуют","Нет данных","Новое",{"v":1603.8,"d":"1,603.80 "},35.64,{"v":1603.8,"d":"1,603.80 "},{"v":2650,"d":"2,650.00"},{"v":583,"d":"583.00"},{"v":3233,"d":"3,233.00"},null,1]
["А2258",44,102018840,"Кронштейн УН-Т 130801-01017","(0306) Бескудниковский пр-д, д.7",4,"ШТ","2017-12-01","3.NV.1203-2002","Документы отсутствуют","Нет данных","Новое",{"v":504.28,"d":"504.28 "},126.07,{"v":504.28,"d":"504.28 "},{"v":830,"d":"830.00"},{"v":182.6,"d":"182.60"},{"v":1012.6,"d":"1,012.60"},null,1]
["А2259",45,102022267,"Крышка Ostec КУСВРгц-200 УЛ 320725","(0306) Бескудниковский пр-д, д.7",7,"ШТ","2017-11-01","3.NV.1203-2002","Документы отсутствуют","Нет данных","Новое",{"v":10036.39,"d":"10,036.39 "},{"v":1433.77,"d":"1,433.77"},{"v":10036.39,"d":"10,036.39 "},{"v":16610,"d":"16,610.00"},{"v":3654.2,"d":"3,654.20"},{"v":20264.2,"d":"20,264.20"},null,1]
["А2260",46,102022217,"Крышка Ostec КУСПРгц-200 УЛ 320321","(0306) Бескудниковский пр-д, д.7",3,"ШТ","2017-11-01","3.NV.1203-2002","Документы отсутствуют","Нет данных","Новое",{"v":1595.79,"d":"1,595.79 "},531.93,{"v":1595.79,"d":"1,595.79 "},{"v":2640,"d":"2,640.00"},{"v":580.8,"d":"580.80"},{"v":3220.8,"d":"3,220.80"},null,1]
["А2261",47,102011785,"Модуль Huawei SFP-GE-LX-SM1310","(0306) Бескудниковский пр-д, д.7",2,"ШТ","2016-06-06","3.NV.1203-2002","Документы отсутствуют","Нет данных","Новое",{"v":38458.14,"d":"38,458.14 "},{"v":19229.07,"d":"19,229.07"},{"v":38458.14,"d":"38,458.14 "},{"v":65830,"d":"65,830.00"},{"v":14482.6,"d":"14,482.60"},{"v":80312.6,"d":"80,312.60"},null,1]
["А2262",48,102018878,"Модуль Hyperline KJNE-8P8C-C6-90-BK","(0306) Бескудниковский пр-д, д.7",78,"ШТ","2017-12-01","3.NV.1203-2002","Документы отсутствуют","Нет данных","Новое",{"v":14656.2,"d":"14,656.20 "},{"v":187.9,"d":"187.90"},{"v":14656.2,"d":"14,656.20 "},{"v":24190,"d":"24,190.00"},{"v":5321.8,"d":"5,321.80"},{"v":29511.8,"d":"29,511.80"},null,1]
["А2263",49,102011730,"Модуль SFG- L01-I NI3112-10-I","(0306) Бескудниковский пр-д, д.7",2,"ШТ","2016-06-06","3.NV.1203-2002","Документы отсутствуют","Нет данных","Новое",{"v":4962.34,"d":"4,962.34 "},{"v":2481.17,"d":"2,481.17"},{"v":4962.34,"d":"4,962.34 "},{"v":8490,"d":"8,490.00"},{"v":1867.8,"d":"1,867.80"},{"v":10357.8,"d":"10,357.80"},null,1]
["А2264",50,102011832,"Модуль батарейный Entel LPB-BR72V2+D2","(0306) Бескудниковский пр-д, д.7",2,"ШТ","2016-06-13","3.NV.1203-2002","Документы отсутствуют","Нет данных","Новое",{"v":206433.36,"d":"206,433.36 "},{"v":103216.68,"d":"103,216.68"},{"v":206433.36,"d":"206,433.36 "},{"v":353340,"d":"353,340.00"},{"v":77734.8,"d":"77,734.80"},{"v":431074.8,"d":"431,074.80"},null,1]
[{"$nulls":14},{"$f":"SUM(O5:O54)","v":{"v":944578.87,"d":"944,578.87"}},{"v":1587380,"d":"1,587,380.00"},{"v":349223.6,"d":"349,223.60"},{"v":1936603.6,"d":"1,936,603.60"},{"$f":"R55/100*10","v":{"v":193660.36,"d":"193,660.36"}},1]
["А0004",51,102000241,"Задвижка 30ч39р Ду250 Ру10","(0098) Верхние поля, 25",{"v":8,"d":"8.000"},"ШТ","2015-09-18","3.NV.1100-2002","Документы отсутствуют","Нет данных","Новое",{"$f":"O56","v":{"v":224689.84,"d":"224,689.84"}},{"$f":"O56/F56","v":{"v":28086.23,"d":"28,086.23"}},{"v":224689.84,"d":"224,689.84"},{"v":311720,"d":"311,720.00"},{"$f":"R56-P56","v":{"v":68578.4,"d":"68,578.40"}},{"$f":"P56*1.22","v":{"v":380298.4,"d":"380,298.40"}},null,2,"Арматура трубопроводная. Задвижки"]
["А0006",52,10127574,"Задвижка Гранар серии KR11 Ду200 Ру16","(0098) Верхние поля, 25",{"v":1,"d":"1.000"},"ШТ","2013-04-24","3.NV.1100-2002","Документы отсутствуют","Нет данных","Новое",{"v":13769.31,"d":"13,769.31"},{"v":13769.31,"d":"13,769.31"},{"v":13769.31,"d":"13,769.31"},{"v":20590,"d":"20,590.00"},{"v":4529.8,"d":"4,529.80"},{"v":25119.8,"d":"25,119.80"},null,2]
["А0007",53,102002439,"Задвижка Гранар серии KR11 Ду200 Ру16","(0098) Верхние поля, 25",{"v":10,"d":"10.000"},"ШТ","2013-04-24","3.NV.1100-2002","Документы отсутствуют","Нет данных","Новое",{"v":242033.9,"d":"242,033.90"},{"v":24203.39,"d":"24,203.39"},{"v":242033.9,"d":"242,033.90"},{"v":362000,"d":"362,000.00"},{"v":79640,"d":"79,640.00"},{"v":441640,"d":"441,640.00"},null,2]
["А0008",54,102001523,"Задвижка 30ч6бр Ду300 Ру10","(0098) Верхние поля, 25",{"v":1,"d":"1.000"},"ШТ","1905-07-07","3.NV.1100-2002","Документы отсутствуют","Нет данных","Новое",{"v":20149.84,"d":"20,149.84"},{"v":20149.84,"d":"20,149.84"},{"v":20149.84,"d":"20,149.84"},{"v":27700,"d":"27,700.00"},{"v":6094,"d":"6,094.00"},{"v":33794,"d":"33,794.00"},null,2]
["А0009",55,102001719,"Задвижка 30с64нж (в-фл) ф. 200 Ру25 ТУ2","(0098) Верхние поля, 25",{"v":2,"d":"2.000"},"ШТ","2012-10-01","3.NV.1100-2002","Документы отсутствуют","Нет данных","Новое",{"v":81184.27,"d":"81,184.27"},{"v":40592.14,"d":"40,592.14"},{"v":81184.27,"d":"81,184.27"},{"v":122310,"d":"122,310.00"},{"v":26908.2,"d":"26,908.20"},{"v":149218.2,"d":"149,218.20"},null,2]
["А0011",56,102001549,"Задвижка 30с564нж Ду500 Ру25 А МЗТА","(0098) Верхние поля, 25",{"v":2,"d":"2.000"},"ШТ",2015,"3.NV.1100-2002","Документы отсутствуют","Нет данных","Новое",{"v":414892,"d":"414,892.00"},{"v":207446,"d":"207,446.00"},{"v":414892,"d":"414,892.00"},{"v":570290,"d":"570,290.00"},{"v":125463.8,"d":"125,463.80"},{"v":695753.8,"d":"695,753.80"},null,2]
[{"$nulls":14},{"$f":"SUM(O56:O61)","v":{"v":996719.16,"d":"996,719.16"}},{"v":1414610,"d":"1,414,610.00"},{"v":311214.2,"d":"311,214.20"},{"v":1725824.2,"d":"1,725,824.20"},{"$f":"R62/100*10","v":{"v":172582.42,"d":"172,582.42"}},2]
["А0002",57,102001436,"Кран шар Баллостар под приварку полнопро","(0098) Верхние поля, 25",{"v":1,"d":"1.000"},"ШТ","2012-07-01","3.NV.1100-2002","Паспорт Б/Н","Нет данных","Новое",{"$f":"O63","v":{"v":393669.49,"d":"393,669.49"}},{"$f":"O63/F63","v":{"v":393669.49,"d":"393,669.49"}},{"v":393669.49,"d":"393,669.49"},{"v":701280,"d":"701,280.00"},{"$f":"R63-P63","v":{"v":154281.6,"d":"154,281.60"}},{"$f":"P63*1.22","v":{"v":855561.6,"d":"855,561.60"}},null,3,"Арматура трубопроводная. Задвижки"]
["А0013",58,10054089,"Задвижка 30с964нж Ду150 Ру25 В под э/п","(0317) Проспект Мира д.177А, стр.1",{"v":1,"d":"1.000"},"ШТ","2014-12-31","3.NV.1203-2002","Документы отсутствуют","Задвижка 30с964нж Ду150 Ру25 фланцевая класс В под электропривод","Удовлетворительное",{"v":18606.61,"d":"18,606.61"},{"$f":"O64/F64","v":{"v":18606.61,"d":"18,606.61"}},{"v":18606.61,"d":"18,606.61"},{"v":19370,"d":"19,370.00"},{"$f":"R64-P64","v":{"v":4261.4,"d":"4,261.40"}},{"$f":"P64*1.22","v":{"v":23631.4,"d":"23,631.40"}},null,3]
["А0016",59,10000274,"Задвижка 30ч6бр Ду125 Ру10","(0609) ул. Днепропетровская, д.12Б",{"$f":"7-2","v":{"v":5,"d":"5.000"}},"ШТ",2013,"3.NV.1206-2002","Документы отсутствуют","30ч6бр Ду125 Ру10","Удовлетворительное",{"v":13793.3,"d":"13,793.30"},{"$f":"O65/F65","v":{"v":2758.66,"d":"2,758.66"}},{"$f":"19310.62/7*5","v":{"v":13793.3,"d":"13,793.30"}},{"v":14120,"d":"14,120.00"},{"$f":"R65-P65","v":{"v":3106.4,"d":"3,106.40"}},{"$f":"P65*1.22","v":{"v":17226.4,"d":"17,226.40"}},null,3]
[{"$nulls":14},{"$f":"SUM(O63:O65)","v":{"v":426069.4,"d":"426,069.40"}},{"v":734770,"d":"734,770.00"},{"v":161649.4,"d":"161,649.40"},{"v":896419.4,"d":"896,419.40"},{"$f":"R66/100*10","v":{"v":89641.94,"d":"89,641.94"}},3]
["А0020",60,102001244,"Клапан запорно-регулирующий фланцевый АГТ-71-200/16 Kv250 НПО Аркон","(0402) Зверинецкая ул., д.33, стр.1",{"v":1,"d":"1.000"},"ШТ","31.12.2014","3.NV.1204-2002","Документы отсутствуют","Нет данных","Новое",{"v":47740,"d":"47,740.00"},{"$f":"O67/F67","v":{"v":47740,"d":"47,740.00"}},{"v":47740,"d":"47,740.00"},{"v":72940,"d":"72,940.00"},{"$f":"R67-P67","v":{"v":16046.8,"d":"16,046.80"}},{"$f":"P67*1.22","v":{"v":88986.8,"d":"88,986.80"}},null,4,"Арматура трубопроводная. Клапаны."]
["А0021",61,10026610,"Клапан запорно-регулирующий фланцевый  АГТ-71-65/16кв63","(0459) Измайловская пл.,вл.6,стр.2",{"v":1,"d":"1.000"},"ШТ","31.12.2014","3.NV.1204-2002","Документы отсутствуют","Нет данных","Новое",{"v":16700,"d":"16,700.00"},{"v":16700,"d":"16,700.00"},{"v":16700,"d":"16,700.00"},{"v":25520,"d":"25,520.00"},{"v":5614.4,"d":"5,614.40"},{"v":31134.4,"d":"31,134.40"},null,4]
["А0023",62,10128689,"Клапан VYC 172-01-200 Ду200 Pу16","(0098) Верхние поля, 25",{"v":1,"d":"1.000"},"ШТ","2013-07-01","3.NV.1100-2002","Документы отсутствуют","Нет данных","Новое",{"v":38037.45,"d":"38,037.45"},{"v":38037.45,"d":"38,037.45"},{"v":38037.45,"d":"38,037.45"},{"v":57120,"d":"57,120.00"},{"v":12566.4,"d":"12,566.40"},{"v":69686.4,"d":"69,686.40"},null,4]
["А0029",63,102001344,"Клапан BM5/150 OS/80X-BPA-D 0,75/0,05bar","(0098) Верхние поля, 25",{"v":5,"d":"5.000"},"ШТ","2014-09-09","3.NV.1100-2002","Документы отсутствуют","Нет данных","Новое",{"v":2188182.05,"d":"2,188,182.05"},{"v":437636.41,"d":"437,636.41"},{"v":2188182.05,"d":"2,188,182.05"},{"v":3360620,"d":"3,360,620.00"},{"v":739336.4,"d":"739,336.40"},{"v":4099956.4,"d":"4,099,956.40"},null,4]
["А0031",64,10130301,"Клапан RA-N Ду20 Ру10 Danfoss 013G0016","(0098) Верхние поля, 25",{"v":3,"d":"3.000"},"ШТ","2010-11-29","3.NV.1100-2002","Документы отсутствуют","Нет данных","Новое",{"v":2467.05,"d":"2,467.05"},822.35,{"v":2467.05,"d":"2,467.05"},{"v":4090,"d":"4,090.00"},{"v":899.8,"d":"899.80"},{"v":4989.8,"d":"4,989.80"},null,4]
["А0033",65,10101085,"Клапан для РДУК-200/140 в сборе с седлом","(0098) Верхние поля, 25",{"v":3,"d":"3.000"},"ШТ","2013-07-15","3.NV.1100-2002","Документы отсутствуют","Нет данных","Новое",{"v":48875.59,"d":"48,875.59"},{"v":16291.86,"d":"16,291.86"},{"v":48875.59,"d":"48,875.59"},{"v":73400,"d":"73,400.00"},{"v":16148,"d":"16,148.00"},{"v":89548,"d":"89,548.00"},null,4]
["А0034",66,102000855,"Клапан Ду150, Ballorex-S 3935600-605005","(0098) Верхние поля, 25",{"v":5,"d":"5.000"},"ШТ","2014-09-09","3.NV.1100-2002","Документы отсутствуют","Нет данных","Новое",{"v":275353.85,"d":"275,353.85"},{"v":55070.77,"d":"55,070.77"},{"v":275353.85,"d":"275,353.85"},{"v":422890,"d":"422,890.00"},{"v":93035.8,"d":"93,035.80"},{"v":515925.8,"d":"515,925.80"},null,4]
["А0036",67,10043067,"Клапан ПСК-50Пн/20","(0098) Верхние поля, 25",{"v":1,"d":"1.000"},"ШТ","2013-02-11","3.NV.1100-2002","Паспорт без №","Нет данных","Новое",{"v":6805.74,"d":"6,805.74"},{"v":6805.74,"d":"6,805.74"},{"v":6805.74,"d":"6,805.74"},{"v":10280,"d":"10,280.00"},{"v":2261.6,"d":"2,261.60"},{"v":12541.6,"d":"12,541.60"},null,4]
["А0040",68,10014422,"Клапан ПСК-50С/50 Газстрой","(0098) Верхние поля, 25",{"v":1,"d":"1.000"},"ШТ","2013-05-08","3.NV.1100-2002","Паспорт 21 от 10.2012, сертификат №РОСС RU,ХТ03,В00133 от 02.06.2008г","Нет данных","Новое",{"v":3384.04,"d":"3,384.04"},{"v":3384.04,"d":"3,384.04"},{"v":3384.04,"d":"3,384.04"},{"v":5080,"d":"5,080.00"},{"v":1117.6,"d":"1,117.60"},{"v":6197.6,"d":"6,197.60"},null,4]
["А0042",69,10116894,"Клапан MSV-F2 Ду20 Ру25 003Z1093","(0098) Верхние поля, 25",{"v":5,"d":"5.000"},"ШТ","2014-12-31","3.NV.1100-2002","Документы отсутствуют","Нет данных","Новое",{"v":82982,"d":"82,982.00"},{"v":16596.4,"d":"16,596.40"},{"v":82982,"d":"82,982.00"},{"v":126790,"d":"126,790.00"},{"v":27893.8,"d":"27,893.80"},{"v":154683.8,"d":"154,683.80"},null,4]
["А0043",70,10023227,"Клапан MSV-F2 Ду25 Ру16 003Z1087","(0098) Верхние поля, 25",{"v":10,"d":"10.000"},"ШТ","2014-12-31","3.NV.1100-2002","Документы отсутствуют","Нет данных","Новое",{"v":70485.2,"d":"70,485.20"},{"v":7048.52,"d":"7,048.52"},{"v":70485.2,"d":"70,485.20"},{"v":107690,"d":"107,690.00"},{"v":23691.8,"d":"23,691.80"},{"v":131381.8,"d":"131,381.80"},null,4]
["А0046",71,102001024,"Клапан 6с-13-4 Ду200 Ру100","(0098) Верхние поля, 25",{"v":1,"d":"1.000"},"ШТ","2014-09-09","3.NV.1100-2002","Документы отсутствуют","Нет данных","Новое",{"v":182690.83,"d":"182,690.83"},{"v":182690.83,"d":"182,690.83"},{"v":182690.83,"d":"182,690.83"},{"v":280580,"d":"280,580.00"},{"v":61727.6,"d":"61,727.60"},{"v":342307.6,"d":"342,307.60"},null,4]
["А0047",72,102001539,"Клапан тип 402 Ду200 Pу10 149B2229","(0098) Верхние поля, 25",{"v":4,"d":"4.000"},"ШТ",2015,"3.NV.1100-2002","Документы отсутствуют","Нет данных","Новое",{"v":116537.92,"d":"116,537.92"},{"v":29134.48,"d":"29,134.48"},{"v":116537.92,"d":"116,537.92"},{"v":160190,"d":"160,190.00"},{"v":35241.8,"d":"35,241.80"},{"v":195431.8,"d":"195,431.80"},null,4]
["А0048",73,10138855,"Клапан 19с73нж Ду200 Ру40","(0098) Верхние поля, 25",{"v":3,"d":"3.000"},"ШТ","2013-04-01","3.NV.1100-2002","Документы отсутствуют","Нет данных","Новое",{"v":73304.25,"d":"73,304.25"},{"v":24434.75,"d":"24,434.75"},{"v":73304.25,"d":"73,304.25"},{"v":109640,"d":"109,640.00"},{"v":24120.8,"d":"24,120.80"},{"v":133760.8,"d":"133,760.80"},null,4]
["А0049",74,102001131,"Клапан МБСУ-125ВГ Ду125 Ру16","(0098) Верхние поля, 25",{"$f":"8-3","v":{"v":5,"d":"5.000"}},"ШТ","2013-05-01","3.NV.1100-2002","Паспорт б/н","Нет данных","Новое",{"v":1190000,"d":"1,190,000.00"},{"v":238000,"d":"238,000.00"},{"$f":"1904000/8*5","v":{"v":1190000,"d":"1,190,000.00"}},{"v":1785610,"d":"1,785,610.00"},{"v":392834.2,"d":"392,834.20"},{"v":2178444.2,"d":"2,178,444.20"},null,4]
["А0050",75,102001016,"Клапан МБСУ-200ВГ Ду200 Ру16","(0098) Верхние поля, 25",{"v":7,"d":"7.000"},"ШТ","2013-06-01","3.NV.1100-2002","Документы отсутствуют","Нет данных","Новое",{"v":3290000,"d":"3,290,000.00"},{"v":470000,"d":"470,000.00"},{"v":3290000,"d":"3,290,000.00"},{"v":4930690,"d":"4,930,690.00"},{"v":1084751.8,"d":"1,084,751.80"},{"v":6015441.8,"d":"6,015,441.80"},null,4]
["А0051",76,102000936,"Клапан 17нж17нж СППК4Р-50-16, наст.4,5","(0098) Верхние поля, 25",{"v":3,"d":"3.000"},"ШТ","2014-09-09","3.NV.1100-2002","Документы отсутствуют","Нет данных","Новое",{"v":135797.94,"d":"135,797.94"},{"v":45265.98,"d":"45,265.98"},{"v":135797.94,"d":"135,797.94"},{"v":208560,"d":"208,560.00"},{"v":45883.2,"d":"45,883.20"},{"v":254443.2,"d":"254,443.20"},null,4]
["А0052",77,10124618,"Клапан 17с6нж СППК4Р-50-16, наст.4,0","(0098) Верхние поля, 25",{"v":16,"d":"16.000"},"ШТ","2013-05-20","3.NV.1100-2002","Паспорт б/н","Нет данных","Новое",{"v":317742.16,"d":"317,742.16"},{"v":19858.89,"d":"19,858.89"},{"v":317742.16,"d":"317,742.16"},{"v":476780,"d":"476,780.00"},{"v":104891.6,"d":"104,891.60"},{"v":581671.6,"d":"581,671.60"},null,4]
["А0053",78,102000603,"Клапан 19с47нж Ду400 Pу40 п/приварку","(0098) Верхние поля, 25",{"v":2,"d":"2.000"},"ШТ","2014-09-09","3.NV.1100-2002","Документы отсутствуют","Нет данных","Новое",{"v":230879.5,"d":"230,879.50"},{"v":115439.75,"d":"115,439.75"},{"v":230879.5,"d":"230,879.50"},{"v":354590,"d":"354,590.00"},{"v":78009.8,"d":"78,009.80"},{"v":432599.8,"d":"432,599.80"},null,4]
[{"$nulls":14},{"$f":"SUM(O67:O85)","v":{"v":8317965.57,"d":"8,317,965.57"}},{"v":12573060,"d":"12,573,060.00"},{"v":2766073.2,"d":"2,766,073.20"},{"v":15339133.2,"d":"15,339,133.20"},{"$f":"R86/100*10","v":{"v":1533913.32,"d":"1,533,913.32"}},4]
["А0054",79,10135434,"Клапан 1256.20.00 Ду20 Ру16","(0102) Новослободская ул., д.50/52, стр.18",{"v":1,"d":"1.000"},"ШТ","2010","3.NV.1201-2002","Документы отсутствуют","Нет данных","Удовлетворительное ",{"v":23546.46,"d":"23,546.46"},{"$f":"O87/F87","v":{"v":23546.46,"d":"23,546.46"}},{"v":23546.46,"d":"23,546.46"},{"v":25280,"d":"25,280.00"},{"$f":"R87-P87","v":{"v":5561.6,"d":"5,561.60"}},{"$f":"P87*1.22","v":{"v":30841.6,"d":"30,841.60"}},null,5,"Арматура трубопроводная. Клапаны."]
["А0055",80,10135434,"Клапан 1256.20.00 Ду20 Ру16","(0104) ул. М. Дмитровка, д. 25",{"v":1,"d":"1.000"},"ШТ","2010","3.NV.1201-2002","Документы отсутствуют","Нет данных","Удовлетворительное ",{"v":23546.46,"d":"23,546.46"},{"v":23546.46,"d":"23,546.46"},{"v":23546.46,"d":"23,546.46"},{"v":25280,"d":"25,280.00"},{"v":5561.6,"d":"5,561.60"},{"v":30841.6,"d":"30,841.60"},null,5]
["А0056",81,102002483,"Клапан MSV-F2 Ду100 Ру16 003Z1064","(0102) Новослободская ул., д.50/52, стр.18",{"v":1,"d":"1.000"},"ШТ","2010","3.NV.1201-2002","Документы отсутствуют","Нет данных","Удовлетворительное ",{"v":28999.14,"d":"28,999.14"},{"v":28999.14,"d":"28,999.14"},{"v":28999.14,"d":"28,999.14"},{"v":31130,"d":"31,130.00"},{"v":6848.6,"d":"6,848.60"},{"v":37978.6,"d":"37,978.60"},null,5]
["А0057",82,10135434,"Клапан 1256.20.00 Ду20 Ру16","(0808) ул. Верейская, д.35",{"v":1,"d":"1.000"},"ШТ","2010","3.NV.1208-2002","Документы отсутствуют","Ду20 Ру16","Удовлетворительное",{"v":24527.65,"d":"24,527.65"},{"v":24527.65,"d":"24,527.65"},{"v":24527.65,"d":"24,527.65"},{"v":26330,"d":"26,330.00"},{"v":5792.6,"d":"5,792.60"},{"v":32122.6,"d":"32,122.60"},null,5]
["А0058",83,102011853,"Клапан D04FM-3/4А","(0202) Смольная ул., д. 32 Б",{"v":1,"d":"1.000"},"ШТ","2014-12-31","3.NV.1202-2002","Документы отсутствуют","Клапан D04FM-3/4А","Удовлетворительное",{"v":1686.44,"d":"1,686.44"},{"v":1686.44,"d":"1,686.44"},{"v":1686.44,"d":"1,686.44"},{"v":1610,"d":"1,610.00"},{"v":354.2,"d":"354.20"},{"v":1964.2,"d":"1,964.20"},null,5]
["А0060",84,102001553,"Клапан отсечной электромагн. КЭО-80Г Ду-","(0911) Строительный пр.,д.14 к.1",{"v":1,"d":"1.000"},"ШТ","2017-03-30","3.NV.1209-2002","Документы отсутствуют","Нет данных","Удовлетворительное",{"v":119148.3,"d":"119,148.30"},{"v":119148.3,"d":"119,148.30"},{"v":119148.3,"d":"119,148.30"},{"v":96650,"d":"96,650.00"},{"v":21263,"d":"21,263.00"},{"v":117913,"d":"117,913.00"},null,5]
["А0061",85,10043068,"Клапан ПСК-50Пс/50","(0707) 6-й Загородный пр. вл.9",{"v":1,"d":"1.000"},"ШТ","2013-04-11","3.NV.1207-2002","Паспорт","Клапан ПСК-50Пс/50","Удовлетворительное",{"v":6141.21,"d":"6,141.21"},{"v":6141.21,"d":"6,141.21"},{"v":6141.21,"d":"6,141.21"},{"v":5730,"d":"5,730.00"},{"v":1260.6,"d":"1,260.60"},{"v":6990.6,"d":"6,990.60"},null,5]
["А0062",86,10014422,"Клапан ПСК-50С/50 Газстрой","(0707) 6-й Загородный пр-д, вл.9",{"v":1,"d":"1.000"},"ШТ",2014,"3.NV.1207-2002","Документы отсутствуют","Нет данных","Удовлетворительное",{"v":1572.88,"d":"1,572.88"},{"v":1572.88,"d":"1,572.88"},{"v":1572.88,"d":"1,572.88"},{"v":1390,"d":"1,390.00"},{"v":305.8,"d":"305.80"},{"v":1695.8,"d":"1,695.80"},null,5]
["А0063",87,102000978,"Клапан АТЭК-200-РП-С-40-ЭО Ду200, ПБР-3А","(0817) Боровское ш., д.10",{"v":1,"d":"1.000"},"ШТ","2014-12-31","3.NV.1208-2002","Документы отсутствуют","S1006-R 24В","Удовлетворительное",{"v":491904,"d":"491,904.00"},{"v":491904,"d":"491,904.00"},{"v":491904,"d":"491,904.00"},{"v":469060,"d":"469,060.00"},{"v":103193.2,"d":"103,193.20"},{"v":572253.2,"d":"572,253.20"},null,5]
["А0064",88,102000795,"Клапан КЗ-25-2,5-У-Ех-НО-ЭМ-Ф32/Нж-1-24","(0817) Боровское ш., д.10",{"v":1,"d":"1.000"},"ШТ","2014-12-31","3.NV.1208-2002","Документы отсутствуют","TK811V015 ABB 3BSC950107R1","Удовлетворительное",{"v":505960,"d":"505,960.00"},{"v":505960,"d":"505,960.00"},{"v":505960,"d":"505,960.00"},{"v":482470,"d":"482,470.00"},{"v":106143.4,"d":"106,143.40"},{"v":588613.4,"d":"588,613.40"},null,5]
["А0065",89,102001048,"Клапан ОГК Ду50 Ру25 для ГТУ-6РМ","(0817) Боровское ш., д.10",{"v":1,"d":"1.000"},"ШТ","2014-12-31","3.NV.1208-2002","Документы отсутствуют","1256.20.00 Ду20 Ру16","Удовлетворительное",{"$f":"O97","v":{"v":273280,"d":"273,280.00"}},{"v":273280,"d":"273,280.00"},{"v":273280,"d":"273,280.00"},{"v":260590,"d":"260,590.00"},{"v":57329.8,"d":"57,329.80"},{"v":317919.8,"d":"317,919.80"},null,5]
["А0066",90,102001084,"Клапан DMV-D 5050/11 Dungs 224381","(0808) ул. Верейская, д.35",{"v":1,"d":"1.000"},"ШТ","2014-12-31","3.NV.1208-2002","Документы отсутствуют","НМШ5-25-4/25Б-1У3 5,5/1450","Удовлетворительное",{"v":73050,"d":"73,050.00"},{"v":73050,"d":"73,050.00"},{"v":73050,"d":"73,050.00"},{"v":69660,"d":"69,660.00"},{"v":15325.2,"d":"15,325.20"},{"v":84985.2,"d":"84,985.20"},null,5]
["А0067",91,10105838,"Клапан LGV507/5 Dungs 119271","(0808) ул. Верейская, д.35",{"v":1,"d":"1.000"},"ШТ","2014-12-31","3.NV.1208-2002","Документы отсутствуют","НМШФ2-40-1,6/4Б-13 1,1/1450","Удовлетворительное",{"v":12777.7,"d":"12,777.70"},{"v":12777.7,"d":"12,777.70"},{"v":12777.7,"d":"12,777.70"},{"v":12180,"d":"12,180.00"},{"v":2679.6,"d":"2,679.60"},{"v":14859.6,"d":"14,859.60"},null,5]
["А0068",92,10105837,"Клапан MVD 507/5 R3/4 Рувх0,5 Kv30","(0808) ул. Верейская, д.35",{"v":1,"d":"1.000"},"ШТ","2014-12-31","3.NV.1208-2002","Документы отсутствуют","ОМН-30","Удовлетворительное",{"v":12870.25,"d":"12,870.25"},{"v":12870.25,"d":"12,870.25"},{"v":12870.25,"d":"12,870.25"},{"v":12270,"d":"12,270.00"},{"v":2699.4,"d":"2,699.40"},{"v":14969.4,"d":"14,969.40"},null,5]
["А0069",93,10090466,"Клапан для РДУК-200/105 в сборе с седлом","(0808) ул. Верейская, д.35",{"v":1,"d":"1.000"},"ШТ","2014-12-31","3.NV.1208-2002","Документы отсутствуют","Опора скользящая Ду200 эск.","Удовлетворительное",{"v":13596.11,"d":"13,596.11"},{"v":13596.11,"d":"13,596.11"},{"v":13596.11,"d":"13,596.11"},{"v":12960,"d":"12,960.00"},{"v":2851.2,"d":"2,851.20"},{"v":15811.2,"d":"15,811.20"},null,5]
["А0070",94,10018119,"Клапан ПСК-50Н/20","(0808) ул. Верейская, д.35",{"v":1,"d":"1.000"},"ШТ","2014-12-31","3.NV.1208-2002","Документы отсутствуют","DVC-201 Эликс","Удовлетворительное",{"v":4230.99,"d":"4,230.99"},{"v":4230.99,"d":"4,230.99"},{"v":4230.99,"d":"4,230.99"},{"v":4030,"d":"4,030.00"},{"v":886.6,"d":"886.60"},{"v":4916.6,"d":"4,916.60"},null,5]
["А0071",95,102001048,"Клапан ОГК Ду50 Ру25 для ГТУ-6РМ             ","(0911) Строительный пр.,д.14 к.1",{"v":1,"d":"1.000"},"ШТ","2010","3.NV.1209-2002","Документы отсутствуют","Нет данных","Удовлетворительное",{"v":273280,"d":"273,280.00"},{"v":273280,"d":"273,280.00"},{"v":273280,"d":"273,280.00"},{"v":260590,"d":"260,590.00"},{"v":57329.8,"d":"57,329.80"},{"v":317919.8,"d":"317,919.80"},null,5]
["А0072",96,102001516,"Клапан электромагнитный 2037046-2","(0903) Проезд № 607 д. 22",{"v":1,"d":"1.000"},"ШТ","2010","3.NV.1209-2002","Паспорт","Нет данных","Удовлетворительное",{"v":55760,"d":"55,760.00"},{"v":55760,"d":"55,760.00"},{"v":55760,"d":"55,760.00"},{"v":59860,"d":"59,860.00"},{"v":13169.2,"d":"13,169.20"},{"v":73029.2,"d":"73,029.20"},null,5]
["А0073",97,10090852,"Обратный клапан для сред.ж тип 812 Ду025","(0102) Новослободкая ул., д.50/52, стр.18",{"v":1,"d":"1.000"},"ШТ",2014,"3.NV.1201-2002","Документы отсутствуют","Нет данных","Удовлетворительное",{"v":1939.06,"d":"1,939.06"},{"v":1939.06,"d":"1,939.06"},{"v":1939.06,"d":"1,939.06"},{"v":1840,"d":"1,840.00"},{"v":404.8,"d":"404.80"},{"v":2244.8,"d":"2,244.80"},null,5]
["А0075",98,10019600,"Клапан MSV-F2 Ду50 Ру16 003Z1061","(0102) Новослободская ул., д.50/52, стр.18",{"v":1,"d":"1.000"},"ШТ",2014,"3.NV.1201-2002","Документы отсутствуют","Нет данных","Удовлетворительное",{"v":9780.88,"d":"9,780.88"},{"v":9780.88,"d":"9,780.88"},{"v":9780.88,"d":"9,780.88"},{"v":9300,"d":"9,300.00"},{"v":2046,"d":"2,046.00"},{"v":11346,"d":"11,346.00"},null,5]
["А0076",99,10007268,"Клапан V277-015 Ду15 Pу16","(0098) Верхние поля, 25",{"$f":"2-1","v":{"v":1,"d":"1.000"}},"ШТ","2014-11-19","3.NV.1100-2002","Документы отсутствуют","V277-015 Ду15 Pу16","Хорошее",877.71,877.71,{"$f":"1755.42/2*1","v":877.71},{"v":1220,"d":"1,220.00"},{"v":268.4,"d":"268.40"},{"v":1488.4,"d":"1,488.40"},null,5]
["А0078",100,102001186,"Клапан 1015-150-ЭМ Ду150 Ру100 ЧЗЭМ","(0903) Проезд № 607 д. 22",{"v":1,"d":"1.000"},"ШТ","2010","3.NV.1209-2002","Документы отсутствуют","Нет данных","Удовлетворительное",{"v":459032,"d":"459,032.00"},{"v":459032,"d":"459,032.00"},{"v":459032,"d":"459,032.00"},{"v":492800,"d":"492,800.00"},{"v":108416,"d":"108,416.00"},{"v":601216,"d":"601,216.00"},null,5]
["А0079",101,102001328,"Клапан 1057-65-ЭМ Ду65 Ру100 ЧЗЭМ","(0903) Проезд № 607 д. 22",{"v":2,"d":"2.000"},"ШТ","2010","3.NV.1209-2002","Паспорт","Нет данных","Удовлетворительное",{"v":289833.6,"d":"289,833.60"},{"v":144916.8,"d":"144,916.80"},{"v":289833.6,"d":"289,833.60"},{"v":311160,"d":"311,160.00"},{"v":68455.2,"d":"68,455.20"},{"v":379615.2,"d":"379,615.20"},null,5]
["А0080",102,102001279,"Клапан 586-20-ЭМ-03 Ду20 Ру250 ЧЗЭМ","(0903) Проезд № 607 д. 22",{"v":1,"d":"1.000"},"ШТ","2010","3.NV.1209-2002","Паспорт","Нет данных","Удовлетворительное",{"v":224448,"d":"224,448.00"},{"v":224448,"d":"224,448.00"},{"v":224448,"d":"224,448.00"},{"v":240960,"d":"240,960.00"},{"v":53011.2,"d":"53,011.20"},{"v":293971.2,"d":"293,971.20"},null,5]
["А0081",103,102001374,"Клапан 998-20-ЭК Ду20 Ру373 ЧЗЭМ","(0903) Проезд № 607 д. 22",{"v":2,"d":"2.000"},"ШТ","2010","3.NV.1209-2002","Документы отсутствуют","Нет данных","Удовлетворительное",{"v":130144,"d":"130,144.00"},{"v":65072,"d":"65,072.00"},{"v":130144,"d":"130,144.00"},{"v":139720,"d":"139,720.00"},{"v":30738.4,"d":"30,738.40"},{"v":170458.4,"d":"170,458.40"},null,5]
["А0082",104,102000961,"Клапан 999-20-ЭМ Ду20 Ру250 ЧЗЭМ","(0903) Проезд № 607 д. 22",{"v":2,"d":"2.000"},"ШТ","2010","3.NV.1209-2002","Паспорт","Нет данных","Удовлетворительное",{"v":132966.4,"d":"132,966.40"},{"v":66483.2,"d":"66,483.20"},{"v":132966.4,"d":"132,966.40"},{"v":142750,"d":"142,750.00"},{"v":31405,"d":"31,405.00"},{"v":174155,"d":"174,155.00"},null,5]
["А0083",105,10008919,"Клапан 998-20-0 Ду20 Ру373 ЧЗЭМ","(0098) Верхние поля, 25",{"v":4,"d":"4.000"},"ШТ",2014,"3.NV.1100-2002","Паспорт б/н 07.06.2014 серт. отсутствует","998-20-0 Ду20 Ру373 ЧЗЭМ","удовлетворительное",{"v":28952.16,"d":"28,952.16"},{"v":7238.04,"d":"7,238.04"},{"v":28952.16,"d":"28,952.16"},{"v":27520,"d":"27,520.00"},{"v":6054.4,"d":"6,054.40"},{"v":33574.4,"d":"33,574.40"},null,5]
[{"$nulls":14},{"$f":"SUM(O87:O113)","v":{"v":3223851.4,"d":"3,223,851.40"}},{"v":3224340,"d":"3,224,340.00"},{"v":709354.8,"d":"709,354.80"},{"v":3933694.8,"d":"3,933,694.80"},{"$f":"R114/100*10","v":{"v":393369.48,"d":"393,369.48"}},5]
["А0085",106,10142941,"Затвор поворотный ADAMS ф.400 мм с ре","(2009) 3-я Кабельная, д. 2Б",{"v":6,"d":"6.000"},"ШТ","2014-12-31","3.NV.1220-2002","Паспорт ЛГТИ.407321.001.ПС от 08.08.2012","Затвор поворотный ADAMS ф.200 мм с редуктором","Новое",{"v":7350833.88,"d":"7,350,833.88"},{"$f":"O115/F115","v":{"v":1225138.98,"d":"1,225,138.98"}},{"v":7350833.88,"d":"7,350,833.88"},{"v":11916140,"d":"11,916,140.00"},{"$f":"R115-P115","v":{"v":2621550.8,"d":"2,621,550.80"}},{"$f":"P115*1.22","v":{"v":14537690.8,"d":"14,537,690.80"}},null,6,"Арматура трубопроводная. Затворы."]
["А0086",107,10142940,"Затвор поворотный ADAMS ф.200 мм с редук","(2009) 3-я Кабельная, д. 2Б",{"v":2,"d":"2.000"},"ШТ","31.12.2014г","3.NV.1220-2002","Документы отсутствуют","Затвор поворотный ADAMS ф.200 мм с редук","Новое",{"v":1195606.78,"d":"1,195,606.78"},{"v":597803.39,"d":"597,803.39"},{"v":1195606.78,"d":"1,195,606.78"},{"v":1938150,"d":"1,938,150.00"},{"v":426393,"d":"426,393.00"},{"v":2364543,"d":"2,364,543.00"},null,6]
["А0087",108,102001342,"Затвор поворотный дисковый Ду150 Pу16, ВА 99001-150-16-II-З-Е-ЭП-М-4-Б-7 ТУ 3741-001-29012225-2004","(0402) Зверинецкая ул., д.33, стр.1",{"v":1,"d":"1.000"},"ШТ","31.12.2014","3.NV.1204-2002","Документы отсутствуют","Нет данных","Новое",{"v":67694.59,"d":"67,694.59"},{"v":67694.59,"d":"67,694.59"},{"v":67694.59,"d":"67,694.59"},{"v":109740,"d":"109,740.00"},{"v":24142.8,"d":"24,142.80"},{"v":133882.8,"d":"133,882.80"},null,6]
["А0088",109,102001708,"Затвор BFC800W2/GS Ду800 Ру25 А Vexve","(0098) Верхние поля, 25",{"v":1,"d":"1.000"},"ШТ",2015,"3.NV.1100-2002","Документы отсутствуют","Нет данных","Новое",{"v":974015.64,"d":"974,015.64"},{"v":974015.64,"d":"974,015.64"},{"v":974015.64,"d":"974,015.64"},{"v":1420480,"d":"1,420,480.00"},{"v":312505.6,"d":"312,505.60"},{"v":1732985.6,"d":"1,732,985.60"},null,6]
["А0089",110,102000872,"Затвор Ду200 Ру16 ЗП-ТЛ-FLN-5-200-MDV-HT","(0098) Верхние поля, 25",{"v":1,"d":"1.000"},"ШТ","2014-09-09","3.NV.1100-2002","Документы отсутствуют","Нет данных","Новое",{"v":9945.35,"d":"9,945.35"},{"v":9945.35,"d":"9,945.35"},{"v":9945.35,"d":"9,945.35"},{"v":16210,"d":"16,210.00"},{"v":3566.2,"d":"3,566.20"},{"v":19776.2,"d":"19,776.20"},null,6]
["А0091",111,102001624,"Затвор BFC600W2/GS Ду600 Ру25 А Vexve","(0098) Верхние поля, 25",{"v":1,"d":"1.000"},"ШТ","2013-05-01","3.NV.1100-2002","Паспорт Б/Н","Нет данных","Новое",{"v":426513.62,"d":"426,513.62"},{"v":426513.62,"d":"426,513.62"},{"v":426513.62,"d":"426,513.62"},{"v":679010,"d":"679,010.00"},{"v":149382.2,"d":"149,382.20"},{"v":828392.2,"d":"828,392.20"},null,6]
[{"$nulls":14},{"$f":"SUM(O115:O120)","v":{"v":10024609.86,"d":"10,024,609.86"}},{"v":16079730,"d":"16,079,730.00"},{"v":3537540.6,"d":"3,537,540.60"},{"v":19617270.6,"d":"19,617,270.60"},{"$f":"R121/100*10","v":{"v":1961727.06,"d":"1,961,727.06"}},6]
["А0093",112,102000631,"Э/п Н-Г-03 У2 Б099.102-03М","(0098) Верхние поля, 25",{"v":1,"d":"1.000"},"ШТ","2014-09-09","3.NV.1100-2002","Документы отсутствуют","Нет данных","Новое",{"v":138062.12,"d":"138,062.12"},{"$f":"O122/F122","v":{"v":138062.12,"d":"138,062.12"}},{"v":138062.12,"d":"138,062.12"},{"v":245370,"d":"245,370.00"},{"$f":"R122-P122","v":{"v":53981.4,"d":"53,981.40"}},{"$f":"P122*1.22","v":{"v":299351.4,"d":"299,351.40"}},null,7,"Арматура трубопроводная. Электропривод."]
["А0094",113,10151836,"Э/п Sauter AVM 234R","(0098) Верхние поля, 25",{"v":2,"d":"2.000"},"ШТ","2014-05-30","3.NV.1100-2002","Документы отсутствуют","Нет данных","Новое",{"v":43375.28,"d":"43,375.28"},{"$f":"O123/F123","v":{"v":21687.64,"d":"21,687.64"}},{"v":43375.28,"d":"43,375.28"},{"v":78140,"d":"78,140.00"},{"$f":"R123-P123","v":{"v":17190.8,"d":"17,190.80"}},{"$f":"P123*1.22","v":{"v":95330.8,"d":"95,330.80"}},null,7]
["А0095",114,10118246,"Э/п ARA659 24B Esbe 1252 02 00","(0098) Верхние поля, 25",{"v":2,"d":"2.000"},"ШТ","2012-01-01","3.NV.1100-2002","Документы отсутствуют","Нет данных","Новое",{"v":10896.83,"d":"10,896.83"},{"$f":"O124/F124","v":{"v":5448.42,"d":"5,448.42"}},{"v":10896.83,"d":"10,896.83"},{"v":20300,"d":"20,300.00"},{"$f":"R124-P124","v":{"v":4466,"d":"4,466.00"}},{"$f":"P124*1.22","v":{"v":24766,"d":"24,766.00"}},null,7]
[{"$nulls":14},{"$f":"SUM(O122:O124)","v":{"v":192334.23,"d":"192,334.23"}},{"v":343810,"d":"343,810.00"},{"v":75638.2,"d":"75,638.20"},{"v":419448.2,"d":"419,448.20"},{"$f":"R125/100*10","v":{"v":41944.82,"d":"41,944.82"}},7]
["А0096",115,102000887,"Э/п Auma SAR 07.1/AM01/1/LE12.1-F10","(0903) Проезд № 607 д. 22",{"v":1,"d":"1.000"},"ШТ","2014-12-31","3.NV.1209-2002","Документы отсутствуют","Нет данных","Удовлетворительное",{"v":181676.17,"d":"181,676.17"},{"$f":"O126/F126","v":{"v":181676.17,"d":"181,676.17"}},{"v":181676.17,"d":"181,676.17"},{"v":182340,"d":"182,340.00"},{"$f":"R126-P126","v":{"v":40114.8,"d":"40,114.80"}},{"$f":"P126*1.22","v":{"v":222454.8,"d":"222,454.80"}},null,8,"Арматура трубопроводная. Электропривод."]
[{"$nulls":14},{"$f":"SUM(O126)","v":{"v":181676.17,"d":"181,676.17"}},{"$f":"P126","v":{"v":182340,"d":"182,340.00"}},{"v":40114.8,"d":"40,114.80"},{"$f":"R126","v":{"v":222454.8,"d":"222,454.80"}},{"$f":"R127/100*10","v":{"v":22245.48,"d":"22,245.48"}},8]
["А0097",116,10022139,"Асбест А-7-450","(2007) Мироновская ул., д. 9А",{"v":0.04,"d":"0.040"},"Т","2014-12-31","3.NV.1220-2002","Документы отсутствуют","Асбест А-7-450","Новое",{"v":909,"d":"909.00"},{"$f":"O128/F128","v":{"v":22725,"d":"22,725.00"}},{"v":909,"d":"909.00"},{"v":1060,"d":"1,060.00"},{"$f":"R128-P128","v":{"v":233.2,"d":"233.20"}},{"$f":"P128*1.22","v":{"v":1293.2,"d":"1,293.20"}},null,9,"Асбестотехнические и резинотехнические изделия"]
["А0098",117,10002378,"Набивка АГИ 10х10 Г5152-84","(2006) Авиамоторная ул., д. 9",{"$f":"110-25-50-15","v":{"v":20,"d":"20.000"}},"КГ","2016-08-25","3.NV.1220-2002","Документы отсутствуют","Набивка АГИ 10х10 Г5152-84","Новое",{"v":5500,"d":"5,500.00"},{"v":275,"d":"275.00"},{"$f":"30250/110*20","v":{"v":5500,"d":"5,500.00"}},{"v":5630,"d":"5,630.00"},{"v":1238.6,"d":"1,238.60"},{"v":6868.6,"d":"6,868.60"},null,9]
["А0101",118,10098158,"Втулка статорная Графлекс Ду74","(0098) Верхние поля, 25",{"v":10,"d":"10.000"},"ШТ","2012-12-06","3.NV.1100-2002","Документы отсутствуют","Нет данных","Новое",{"v":27951.6,"d":"27,951.60"},{"v":2795.16,"d":"2,795.16"},{"v":27951.6,"d":"27,951.60"},{"v":36520,"d":"36,520.00"},{"v":8034.4,"d":"8,034.40"},{"v":44554.4,"d":"44,554.40"},null,9]
["А0102",119,10002738,"Прокладка ПАГФ-Г-П1-00-18х6х2","(0098) Верхние поля, 25",{"v":827,"d":"827.000"},"ШТ","2013-04-11","3.NV.1100-2002","Документы отсутствуют","Нет данных","Новое",{"v":2896.96,"d":"2,896.96"},{"v":3.5,"d":"3.50"},{"v":2896.96,"d":"2,896.96"},{"v":4420,"d":"4,420.00"},{"v":972.4,"d":"972.40"},{"v":5392.4,"d":"5,392.40"},null,9]
["А0103",120,10147852,"Манжета 1,2-30х52-1 ГОСТ 8752-79","(0098) Верхние поля, 25",{"$f":"500-60-42","v":{"v":398,"d":"398.000"}},"ШТ","2013-09-01","3.NV.1100-2002","Документы отсутствуют","Нет данных","Новое",{"v":10960.92,"d":"10,960.92"},27.54,{"$f":"13770/500*398","v":{"v":10960.92,"d":"10,960.92"}},{"v":16200,"d":"16,200.00"},{"v":3564,"d":"3,564.00"},{"v":19764,"d":"19,764.00"},null,9]
["А0104",121,10155132,"Набивка ПГН 3100 14х14 НПП ПромГрафит","(0098) Верхние поля, 25",{"v":10,"d":"10.000"},"КГ","2013-09-01","3.NV.1100-2002","Сертификат № РОСС RU.АГ93.Н06019 от 27.12.2012 (бланк № 0935940)","Нет данных","Новое",{"v":13680,"d":"13,680.00"},{"v":1368,"d":"1,368.00"},{"v":13680,"d":"13,680.00"},{"v":20220,"d":"20,220.00"},{"v":4448.4,"d":"4,448.40"},{"v":24668.4,"d":"24,668.40"},null,9]
["А0105",122,10148836,"Набивка ПГН 3100 20х20 НПП ПромГрафит","(0098) Верхние поля, 25",{"v":70,"d":"70.000"},"КГ","2013-09-01","3.NV.1100-2002","Сертификат № РОСС RU.АГ93.Н06019 от 27.12.2012 (бланк № 0935940)","Нет данных","Новое",{"v":105435.56,"d":"105,435.56"},{"v":1506.22,"d":"1,506.22"},{"v":105435.56,"d":"105,435.56"},{"v":155840,"d":"155,840.00"},{"v":34284.8,"d":"34,284.80"},{"v":190124.8,"d":"190,124.80"},null,9]
["А0106",123,10148870,"Набивка ПГН 3100 12х12 НПП ПромГрафит","(0098) Верхние поля, 25",{"v":31.4,"d":"31.400"},"КГ","2013-10-01","3.NV.1100-2002","Сертификат № РОСС RU.АГ93.Н06019 (бланк № 0935940), от 27.12.2012","Нет данных","Новое",{"v":52600.04,"d":"52,600.04"},{"v":1675.16,"d":"1,675.16"},{"v":52600.04,"d":"52,600.04"},{"v":78140,"d":"78,140.00"},{"v":17190.8,"d":"17,190.80"},{"v":95330.8,"d":"95,330.80"},null,9]
["А0107",124,10148835,"Набивка ПГН 3100 18х18 НПП ПромГрафит","(0098) Верхние поля, 25",{"v":40,"d":"40.000"},"КГ","2013-10-01","3.NV.1100-2002","Сертификат № РОСС RU.АГ93.Н06019 (бланк № 0935940), от 27.12.2012","Нет данных","Новое",{"v":54720,"d":"54,720.00"},{"v":1368,"d":"1,368.00"},{"v":54720,"d":"54,720.00"},{"v":81290,"d":"81,290.00"},{"v":17883.8,"d":"17,883.80"},{"v":99173.8,"d":"99,173.80"},null,9]
[{"$nulls":14},{"$f":"SUM(O128:O136)","v":{"v":274654.08,"d":"274,654.08"}},{"v":399320,"d":"399,320.00"},{"v":87850.4,"d":"87,850.40"},{"v":487170.4,"d":"487,170.40"},{"$f":"R137/100*10","v":{"v":48717.04,"d":"48,717.04"}},9]
["А0109",125,10089784,"Прокладка ПФ-34-00-141х87х2","(0098) Верхние поля, 25",{"v":26,"d":"26.000"},"ШТ",2014,"3.NV.1100-2002","Документы отсутствуют","ПФ-34-00-141х87х2","Удовлетворительное",{"v":1054.4,"d":"1,054.40"},{"$f":"O138/F138","v":40.55},{"v":1054.4,"d":"1,054.40"},{"v":1100,"d":"1,100.00"},{"$f":"R138-P138","v":{"v":242,"d":"242.00"}},{"$f":"P138*1.22","v":{"v":1342,"d":"1,342.00"}},null,10,"Асбестотехнические и резинотехнические изделия"]
["А0112",126,10022139,"Асбест А-7-450","(0092) Кусковская ул., д. 18Г",{"$f":"33.92-4.24-1.5-1.5-6","v":{"v":20.68,"d":"20.680"}},"Т","2008-05-04","3.NV.1100-2002","Документы отсутствуют","Нет данных","Удовлетворительное ",{"v":469953,"d":"469,953.00"},{"$f":"O139/F139","v":{"v":22725,"d":"22,725.00"}},{"$f":"770832/33.92*20.68","v":{"v":469953,"d":"469,953.00"}},{"v":321370,"d":"321,370.00"},{"$f":"R139-P139","v":{"v":70701.4,"d":"70,701.40"}},{"$f":"P139*1.22","v":{"v":392071.4,"d":"392,071.40"}},null,10]
[{"$nulls":14},{"$f":"SUM(O138:O139)","v":{"v":471007.4,"d":"471,007.40"}},{"$f":"SUM(P138+P139)","v":{"v":322470,"d":"322,470.00"}},{"$f":"SUM(Q138+Q139)","v":{"v":70943.4,"d":"70,943.40"}},{"v":393413.4,"d":"393,413.40"},{"$f":"R140/100*10","v":{"v":39341.34,"d":"39,341.34"}},10]
["А0114",127,10119224,"Плата контроллера MCF.D48/24V","(0098) Верхние поля, 25",{"v":2,"d":"2.000"},"ШТ","2013-06-06","3.NV.1100-2002","Документы отсутствуют","Нет данных","Новое",{"v":15992,"d":"15,992.00"},{"$f":"O141/F141","v":{"v":7996,"d":"7,996.00"}},{"v":15992,"d":"15,992.00"},{"v":26470,"d":"26,470.00"},{"$f":"R141-P141","v":{"v":5823.4,"d":"5,823.40"}},{"$f":"P141*1.22","v":{"v":32293.4,"d":"32,293.40"}},null,11,"Высоковольтная аппаратура"]
["А0115",128,10119225,"Плата контроллера MCFA 16/0/4","(0092) Кусковская ул., д. 18Г",{"v":2,"d":"2.000"},"ШТ","2013-06-06","3.NV.1100-2002","Документы отсутствуют","Нет данных","Новое",{"v":28294,"d":"28,294.00"},{"v":14147,"d":"14,147.00"},{"v":28294,"d":"28,294.00"},{"v":46830,"d":"46,830.00"},{"v":10302.6,"d":"10,302.60"},{"v":57132.6,"d":"57,132.60"},null,11]
["А0116",129,10041192,"Реле KP75 Danfoss 060L113766","(0092) Кусковская ул., д. 18Г",{"v":1,"d":"1.000"},"ШТ","2013-06-06","3.NV.1100-2002","Документы отсутствуют","Нет данных","Новое",{"v":2277.56,"d":"2,277.56"},{"v":2277.56,"d":"2,277.56"},{"v":2277.56,"d":"2,277.56"},{"v":3770,"d":"3,770.00"},{"v":829.4,"d":"829.40"},{"v":4599.4,"d":"4,599.40"},null,11]
["А0117",130,10119360,"РЕЛЕ РВП-21-003 110В","(0092) Кусковская ул., д. 18Г",{"v":2,"d":"2.000"},"ШТ","2013-06-06","3.NV.1100-2002","Документы отсутствуют","Нет данных","Новое",536.02,268.01,536.02,{"v":890,"d":"890.00"},{"v":195.8,"d":"195.80"},{"v":1085.8,"d":"1,085.80"},null,11]
["А0118",131,10119361,"РЕЛЕ РВП-21-003 24В","(0092) Кусковская ул., д. 18Г",{"v":2,"d":"2.000"},"ШТ","2013-06-06","3.NV.1100-2002","Документы отсутствуют","Нет данных","Новое",536.02,268.01,536.02,{"v":890,"d":"890.00"},{"v":195.8,"d":"195.80"},{"v":1085.8,"d":"1,085.80"},null,11]
["А0119",132,10054095,"Шина ШММ 50х5 Г434-78","(0092) Кусковская ул., д. 18Г",{"v":1,"d":"1.000"},"М","2013-06-06","3.NV.1100-2002","Документы отсутствуют","Нет данных","Новое",762.71,762.71,762.71,{"v":1360,"d":"1,360.00"},{"v":299.2,"d":"299.20"},{"v":1659.2,"d":"1,659.20"},null,11]
["А0120",133,10054096,"Шина ШММ 8х80 Г434-78","(0092) Кусковская ул., д. 18Г",{"v":3,"d":"3.000"},"М","2013-06-06","3.NV.1100-2002","Документы отсутствуют","Нет данных","Новое",{"v":5161.02,"d":"5,161.02"},{"v":1720.34,"d":"1,720.34"},{"v":5161.02,"d":"5,161.02"},{"v":9180,"d":"9,180.00"},{"v":2019.6,"d":"2,019.60"},{"v":11199.6,"d":"11,199.60"},null,11]
["А0121",134,10151592,"Реле H3YN-4 24DC Omron","(0098) Верхние поля, 25",{"v":2,"d":"2.000"},"ШТ","2013-11-01","3.NV.1100-2002","Документы отсутствуют","Нет данных","Новое",{"v":3100,"d":"3,100.00"},{"v":1550,"d":"1,550.00"},{"v":3100,"d":"3,100.00"},{"v":5210,"d":"5,210.00"},{"v":1146.2,"d":"1,146.20"},{"v":6356.2,"d":"6,356.20"},null,11]
["А0122",135,10148843,"Реле MY4N-D2 24VDC (S) Omron","(0098) Верхние поля, 25",{"v":15,"d":"15.000"},"ШТ","2013-11-01","3.NV.1100-2002","Документы отсутствуют","Нет данных","Новое",{"v":6300,"d":"6,300.00"},{"v":420,"d":"420.00"},{"v":6300,"d":"6,300.00"},{"v":10600,"d":"10,600.00"},{"v":2332,"d":"2,332.00"},{"v":12932,"d":"12,932.00"},null,11]
[{"$nulls":14},{"$f":"SUM(O141:O149)","v":{"v":62959.33,"d":"62,959.33"}},{"$f":"SUM(P141:P149)","v":{"v":105200,"d":"105,200.00"}},{"$f":"SUM(Q141:Q149)","v":{"v":23144,"d":"23,144.00"}},{"v":128344,"d":"128,344.00"},{"$f":"R150/100*10","v":{"v":12834.4,"d":"12,834.40"}},11]
["А0123",136,102002098,"Возбудитель ВБД-40-3000 У3","(0911) Строительный пр.,д.14 к.1",{"v":1,"d":"1.000"},"ШТ","2014-12-31","3.NV.1209-2002","Документы отсутствуют","Нет данных","Удовлетворительное",{"v":1109836,"d":"1,109,836.00"},{"$f":"O151/F151","v":{"v":1109836,"d":"1,109,836.00"}},{"v":1109836,"d":"1,109,836.00"},{"v":724020,"d":"724,020.00"},{"$f":"R151-P151","v":{"v":159284.4,"d":"159,284.40"}},{"$f":"P151*1.22","v":{"v":883304.4,"d":"883,304.40"}},null,12,"Высоковольтная аппаратура"]
["А0124",137,10004229,"Реле РПЛ-122 220В","(0317) Проспект Мира, д. 177А, стр. 1",{"v":1,"d":"1.000"},"ШТ","2014-12-31","3.NV.1203-2002","Документы отсутствуют","Реле промежуточное РПЛ-122 220В Этал","Удовлетворительное",270.42,270.42,270.42,{"v":180,"d":"180.00"},{"v":39.6,"d":"39.60"},{"v":219.6,"d":"219.60"},null,12]
["А0125",138,10004231,"Реле РПЛ-131 220В","(0317) Проспект Мира, д. 177А, стр. 1",{"v":1,"d":"1.000"},"ШТ","2014-12-31","3.NV.1203-2002","Отсутствуют","Реле промежуточное РПЛ-131 220В Этал","Удовлетворительное",371.43,371.43,371.43,{"v":240,"d":"240.00"},{"v":52.8,"d":"52.80"},{"v":292.8,"d":"292.80"},null,12]
["А0126",139,10041551,"Реле РЭП37-221-УХЛ4 220В","(0317) Проспект Мира, д. 177А, стр. 1",{"v":1,"d":"1.000"},"ШТ","2014-12-31","3.NV.1203-2002","Отсутствуют","Реле промежуточное РЭП37-221-УХЛ4 220В","Удовлетворительное",{"v":1975.91,"d":"1,975.91"},{"v":1975.91,"d":"1,975.91"},{"v":1975.91,"d":"1,975.91"},{"v":1290,"d":"1,290.00"},{"v":283.8,"d":"283.80"},{"v":1573.8,"d":"1,573.80"},null,12]
["А0127",140,10094822,"Реле ПЭ 37-42 220В","(0317) Проспект Мира, д. 177А, стр. 1",{"v":2,"d":"2.000"},"ШТ","2014-12-31","3.NV.1203-2002","Отсутствуют","Реле промежуточное ПЭ 37-42 220В ГОСТ 11152-82","Удовлетворительное",{"v":854,"d":"854.00"},{"v":427,"d":"427.00"},{"v":854,"d":"854.00"},{"v":560,"d":"560.00"},{"v":123.2,"d":"123.20"},{"v":683.2,"d":"683.20"},null,12]
["А0128",141,10020766,"Антенна АП1-900","(0707) 6-й Загородный пр. вл.9",{"v":4,"d":"4.000"},"ШТ","31.12.2014","3.NV.1207-2002","Документы отсутствуют","Антенна АП1-900","Удовлетворительное",{"v":3529.48,"d":"3,529.48"},882.37,{"v":3529.48,"d":"3,529.48"},{"v":2300,"d":"2,300.00"},{"v":506,"d":"506.00"},{"v":2806,"d":"2,806.00"},null,12]
["А0129",142,102002061,"Устройство ДМС-250Н 185кВт 380В 50Гц","(0817) Боровское шоссе, д.10",{"v":1,"d":"1.000"},"ШТ","31.12.2014","3.NV.1208-2002","Документы отсутствуют","Нет данных","Удовлетворительное ",{"$f":"O157","v":{"v":118850.43,"d":"118,850.43"}},{"v":118850.43,"d":"118,850.43"},{"v":118850.43,"d":"118,850.43"},{"v":77530,"d":"77,530.00"},{"v":17056.6,"d":"17,056.60"},{"v":94586.6,"d":"94,586.60"},null,12]
["А0130",143,10020766,"Антенна АП1-900","(0808) ул. Верейская, д.35",{"v":3,"d":"3.000"},"ШТ","2014-12-31","3.NV.1208-2002","Документы отсутствуют","Allen-Bradley 1746-OB32","Удовлетворительное",{"v":2652.42,"d":"2,652.42"},884.14,{"v":2652.42,"d":"2,652.42"},{"v":1730,"d":"1,730.00"},{"v":380.6,"d":"380.60"},{"v":2110.6,"d":"2,110.60"},null,12]
["А0131",144,10018406,"Конвертор RS232-RS 485 ТС","(0808) ул. Верейская, д.35",{"v":1,"d":"1.000"},"ШТ","2014-12-31","3.NV.1208-2002","Документы отсутствуют","NU317 ECJ/C3 SKF","Удовлетворительное",{"v":3228,"d":"3,228.00"},{"v":3228,"d":"3,228.00"},{"v":3228,"d":"3,228.00"},{"v":2110,"d":"2,110.00"},{"v":464.2,"d":"464.20"},{"v":2574.2,"d":"2,574.20"},null,12]
["А0132",145,10004245,"Реле ПЭ 37-44 220В","(0808) ул. Верейская, д.35",{"v":2,"d":"2.000"},"ШТ","2014-12-31","3.NV.1208-2002","Документы отсутствуют","СЭ-1250-140","Удовлетворительное",758.63,379.32,758.63,{"v":490,"d":"490.00"},{"v":107.8,"d":"107.80"},{"v":597.8,"d":"597.80"},null,12]
["А0133",146,10004249,"Реле ПЭ 37-62 220В","(0808) ул. Верейская, д.35",{"v":2,"d":"2.000"},"ШТ","2014-12-31","3.NV.1208-2002","Документы отсутствуют","153/Д71.033.821КК","Удовлетворительное",733.57,366.79,733.57,{"v":480,"d":"480.00"},{"v":105.6,"d":"105.60"},{"v":585.6,"d":"585.60"},null,12]
["А0134",147,10004257,"Реле РП-21-004 24В","(0808) ул. Верейская, д.35",{"v":1,"d":"1.000"},"ШТ","2014-12-31","3.NV.1208-2002","Документы отсутствуют","У-300","Удовлетворительное",{"v":237.9,"d":"237.90"},{"v":237.9,"d":"237.90"},{"v":237.9,"d":"237.90"},{"v":160,"d":"160.00"},{"v":35.2,"d":"35.20"},{"v":195.2,"d":"195.20"},null,12]
["А0135",148,10004229,"Реле РПЛ-122 220В","(0808) ул. Верейская, д.35",{"v":2,"d":"2.000"},"ШТ","2014-12-31","3.NV.1208-2002","Документы отсутствуют","ДМС-250Н 185кВт 380В 50Гц","Удовлетворительное",373.72,186.86,373.72,{"v":240,"d":"240.00"},{"v":52.8,"d":"52.80"},{"v":292.8,"d":"292.80"},null,12]
["А0136",149,10015321,"Реле тепловое РТТ-310 63А 53,5-72,3А","(0808) ул. Верейская, д.35",{"v":1,"d":"1.000"},"ШТ","2014-12-31","3.NV.1208-2002","Документы отсутствуют","Viledon Compact Т60","Удовлетворительное",763.39,763.39,763.39,{"v":500,"d":"500.00"},{"v":110,"d":"110.00"},{"v":610,"d":"610.00"},null,12]
["А0137",150,10103066,"Изолятор ИОР-6-250 У3 6кВ","(0119) Переулок Васнецова, д. 11А",{"v":2,"d":"2.000"},"ШТ","2014-12-31","3.NV.1201-2002","Документы отсутствуют","Нет данных","Удовлетворительное",210.16,105.08,210.16,{"v":140,"d":"140.00"},{"v":30.8,"d":"30.80"},{"v":170.8,"d":"170.80"},null,12]
["А0138",151,102029312,"Б/У Реле РПУ-2 У3 220В","(0903) Проезд № 607 д. 22",{"$f":"111-20","v":{"v":91,"d":"91.000"}},"ШТ",2007,"3.NV.1209-2002","Документы отсутствуют","Нет данных","Удовлетворительное",{"v":125144.11,"d":"125,144.11"},{"v":1375.21,"d":"1,375.21"},{"$f":"152648.31/111*91","v":{"v":125144.11,"d":"125,144.11"}},{"v":132550,"d":"132,550.00"},{"v":29161,"d":"29,161.00"},{"v":161711,"d":"161,711.00"},null,12]
["А0139",152,102029236,"Б/У Штанга ШЗП-10Н РУ","(0903) Проезд № 607 д. 22",{"v":14,"d":"14.000"},"ШТ",2006,"3.NV.1209-2002","Документы отсутствуют","Нет данных","Удовлетворительное",{"v":45532.34,"d":"45,532.34"},{"v":3252.31,"d":"3,252.31"},{"v":45532.34,"d":"45,532.34"},{"v":54200,"d":"54,200.00"},{"v":11924,"d":"11,924.00"},{"v":66124,"d":"66,124.00"},null,12]
["А0142",153,10013736,"Изолятор ИО-10-3,75-1 У3 В/В предохр.","(0092) Кусковская ул., д. 18Г",{"v":5,"d":"5.000"},"ШТ",2014,"3.NV.1100-2002","Документы отсутствуют","10-3,75-1 У3 В/В предохр.","Хорошее",876.31,175.26,876.31,{"v":920,"d":"920.00"},{"v":202.4,"d":"202.40"},{"v":1122.4,"d":"1,122.40"},null,12]
[{"$nulls":14},{"$f":"SUM(O151:O168)","v":{"v":1416198.22,"d":"1,416,198.22"}},{"v":999640,"d":"999,640.00"},{"v":219920.8,"d":"219,920.80"},{"v":1219560.8,"d":"1,219,560.80"},{"$f":"R169/100*10","v":{"v":121956.08,"d":"121,956.08"}},12]
["А0143",154,10135364,"Регулятор РДУК-2В-50/35 Ду50 Ру12","(0098) Верхние поля, 25",{"v":1,"d":"1.000"},"ШТ","2012-12-01","3.NV.1100-2002","паспорт б/н","Нет данных","Новое",{"v":22000,"d":"22,000.00"},{"$f":"O170/F170","v":{"v":22000,"d":"22,000.00"}},{"v":22000,"d":"22,000.00"},{"v":38620,"d":"38,620.00"},{"$f":"R170-P170","v":{"v":8496.4,"d":"8,496.40"}},{"$f":"P170*1.22","v":{"v":47116.4,"d":"47,116.40"}},null,13,"Газовое оборудование"]
["А0144",155,10119262,"Регулятор управл. РДУК КВ","(0098) Верхние поля, 25",{"v":1,"d":"1.000"},"ШТ","2012-01-01","3.NV.1100-2002","паспорт б/н","Нет данных","Новое",{"v":11233.6,"d":"11,233.60"},{"$f":"O171/F171","v":{"v":11233.6,"d":"11,233.60"}},{"v":11233.6,"d":"11,233.60"},{"v":20540,"d":"20,540.00"},{"$f":"R171-P171","v":{"v":4518.8,"d":"4,518.80"}},{"$f":"P171*1.22","v":{"v":25058.8,"d":"25,058.80"}},null,13]
["А0145",156,10119263,"Регулятор управл. РДУК КН","(0098) Верхние поля, 25",{"v":1,"d":"1.000"},"ШТ","2013-01-01","3.NV.1100-2002","паспорт б/н","Нет данных","Новое",{"v":10903.2,"d":"10,903.20"},{"$f":"O172/F172","v":{"v":10903.2,"d":"10,903.20"}},{"v":10903.2,"d":"10,903.20"},{"v":19150,"d":"19,150.00"},{"$f":"R172-P172","v":{"v":4213,"d":"4,213.00"}},{"$f":"P172*1.22","v":{"v":23363,"d":"23,363.00"}},null,13]
[{"$nulls":14},{"$f":"+SUM(O170:O172)","v":{"v":44136.8,"d":"44,136.80"}},{"$f":"SUM(P170:P172)","v":{"v":78310,"d":"78,310.00"}},{"v":17228.2,"d":"17,228.20"},{"$f":"SUM(R170:R172)","v":{"v":95538.2,"d":"95,538.20"}},{"$f":"R173/100*10","v":{"v":9553.82,"d":"9,553.82"}},13]
["А0146",157,10123129,"Регулятор PДУK-2Н-100/50 Ду100 Ру12","(1646) 1-й Ботанический пр-д, д. 1г",{"$f":"2-1","v":{"v":1,"d":"1.000"}},"ШТ","2011-12-01","3.NV.1216-2002","Паспорт ТУ4218-001-84114708-08"," PДУK-2Н-100/50 Ду100 Ру12","Удовлетворительное",{"v":25914.33,"d":"25,914.33"},{"$f":"O174/F174","v":{"v":25914.33,"d":"25,914.33"}},{"v":25914.33,"d":"25,914.33"},{"v":27390,"d":"27,390.00"},{"$f":"R174-P174","v":{"v":6025.8,"d":"6,025.80"}},{"$f":"P174*1.22","v":{"v":33415.8,"d":"33,415.80"}},null,14,"Газовое оборудование"]
["А0148",158,102002175,"Регулятор давления РДУК2-200/105","(1646) 1-й Ботанический пр-д, д. 1г",{"v":1,"d":"1.000"},"ШТ","2008-12-01","3.NV.1216-2002","Паспорт ТУ 4218-034-03989780-03Сертификат соответствия №РОСС RU.МГ05.В0008  срок действия 22.09.2010-22.09.2013 бланк №0439562, паспорт ТУ 4218-001-84114708-08"," РДУК2-200/105","Удовлетворительное",{"v":49000,"d":"49,000.00"},{"$f":"O175/F175","v":{"v":49000,"d":"49,000.00"}},{"v":49000,"d":"49,000.00"},{"v":61320,"d":"61,320.00"},{"$f":"R175-P175","v":{"v":13490.4,"d":"13,490.40"}},{"$f":"P175*1.22","v":{"v":74810.4,"d":"74,810.40"}},null,14]
["А0150",159,102002095,"Регулятор РДУК-2Н-200/140 Ду200 Ру12","(1646) 1-й Ботанический пр-д, д. 1г",{"v":1,"d":"1.000"},"ШТ","2014-11-19","3.NV.1216-2002","Сертификат соответствия №РОСС RU.МГ05.В00088 срок действия 22.09.2010-22.09.2013 бланк №0439562, паспорт ТУ 4218-001-84114708-08"," РДУК-2Н-200/140 Ду200 Ру12","Удовлетворительное",{"v":54092.02,"d":"54,092.02"},{"$f":"O176/F176","v":{"v":54092.02,"d":"54,092.02"}},{"v":54092.02,"d":"54,092.02"},{"v":56790,"d":"56,790.00"},{"$f":"R176-P176","v":{"v":12493.8,"d":"12,493.80"}},{"$f":"P176*1.22","v":{"v":69283.8,"d":"69,283.80"}},null,14]
["А0153",160,102001263,"Регулятор РДБК-1Н-200/140 Ду200 Pу12","(0808) ул. Верейская, д.35",{"v":1,"d":"1.000"},"ШТ","2014-12-31","3.NV.1208-2002","Документы отсутствуют","КГВ-250/75","Удовлетворительное",{"v":61354.46,"d":"61,354.46"},{"$f":"O177/F177","v":{"v":61354.46,"d":"61,354.46"}},{"v":61354.46,"d":"61,354.46"},{"v":63890,"d":"63,890.00"},{"$f":"R177-P177","v":{"v":14055.8,"d":"14,055.80"}},{"$f":"P177*1.22","v":{"v":77945.8,"d":"77,945.80"}},null,14]
["А0154",161,102001337,"Регулятор РДУК-2Н-100/70 Ду100 Ру12","(0808) ул. Верейская, д.35",{"v":1,"d":"1.000"},"ШТ","2014-12-31","3.NV.1208-2002","Документы отсутствуют","СЭ-1250-140","Удовлетворительное",{"v":20678.24,"d":"20,678.24"},{"$f":"O178/F178","v":{"v":20678.24,"d":"20,678.24"}},{"v":20678.24,"d":"20,678.24"},{"v":21530,"d":"21,530.00"},{"$f":"R178-P178","v":{"v":4736.6,"d":"4,736.60"}},{"$f":"P178*1.22","v":{"v":26266.6,"d":"26,266.60"}},null,14]
[{"$nulls":14},{"$f":"SUM(O174:O178)","v":{"v":211039.05,"d":"211,039.05"}},{"$f":"SUM(P174:P178)","v":{"v":230920,"d":"230,920.00"}},{"v":50802.4,"d":"50,802.40"},{"$f":"SUM(R174:R178)","v":{"v":281722.4,"d":"281,722.40"}},{"$f":"R179/100*10","v":{"v":28172.24,"d":"28,172.24"}},14]
["А0155",162,10001062,"Отвод 90-133х4-20 Г17375 оцинк","(0073) Беломорская, 38А, стр.10",{"v":22,"d":"22.000"},"ШТ","2015-11-01","3.NV.1100-2002","Сер.кач-ва № РОСС RU.АГ66.Н04191  от 12.04.2016","Нет данных","Новое",{"v":10040.98,"d":"10,040.98"},{"$f":"O180/F180","v":456.41},{"v":10040.98,"d":"10,040.98"},{"v":10970,"d":"10,970.00"},{"$f":"R180-P180","v":{"v":2413.4,"d":"2,413.40"}},{"$f":"P180*1.22","v":{"v":13383.4,"d":"13,383.40"}},null,15,"Детали трубопровода"]
["А0166",163,10001261,"Переход К-159х4,5-89х3,5-20 оцин. Г17378","(0094) Кусковская 18Г",{"v":13,"d":"13.000"},"ШТ","2014-11-24","3.NV.1100-2002","Документы отсутствуют","Нет данных","Новое",{"v":3172.64,"d":"3,172.64"},{"$f":"O181/F181","v":244.05},{"v":3172.64,"d":"3,172.64"},{"v":3870,"d":"3,870.00"},{"v":851.4,"d":"851.40"},{"v":4721.4,"d":"4,721.40"},null,15]
["А0167",164,10006225,"Труба 133х5 В 20 Г8732 Г8731 оцинк.","(0098) Верхние поля, 25",{"$f":"1312.02-99.19","v":{"v":1212.83,"d":"1,212.830"}},"М","2014-12-24","3.NV.1100-2002","Документы отсутствуют","Нет данных","Новое",{"v":1231423.17,"d":"1,231,423.17"},{"$f":"O182/F182","v":{"v":1015.33,"d":"1,015.33"}},{"$f":"1332133.79/1312.02*1212.83","v":{"v":1231423.17,"d":"1,231,423.17"}},{"v":1491420,"d":"1,491,420.00"},{"v":328112.4,"d":"328,112.40"},{"v":1819532.4,"d":"1,819,532.40"},null,15]
["А0167/1",165,10006225,"Труба 133х5 В 20 Г8732 Г8731 оцинк.","(0092) Кусковская 18Г",{"v":99.19,"d":"99.190"},"М","2014-12-24","3.NV.1100-2002","Документы отсутствуют","Труба безшовная","Удоалетворительное",{"$f":"O183","v":{"v":100710.62,"d":"100,710.62"}},{"$f":"M183/F183","v":{"v":1015.33,"d":"1,015.33"}},{"v":100710.62,"d":"100,710.62"},{"v":71750,"d":"71,750.00"},{"v":15785,"d":"15,785.00"},{"v":87535,"d":"87,535.00"},null,15]
["А0168",166,10128178,"Труба 219х6 В 20 Г8732 Г8731 оцинк.","(0094) Кусковская 18Г",{"v":28.25,"d":"28.250"},"М","2014-05-30","3.NV.1100-2002","Документы отсутствуют","Нет данных","Новое",{"v":72824.83,"d":"72,824.83"},{"$f":"O184/F184","v":{"v":2577.87,"d":"2,577.87"}},{"v":72824.83,"d":"72,824.83"},{"v":86660,"d":"86,660.00"},{"v":19065.2,"d":"19,065.20"},{"v":105725.2,"d":"105,725.20"},null,15]
["А0169",167,10006222,"Труба 76х4 В 20 Г8732 Г8731 оцинк.","(0094) Кусковская 18Г",{"v":809.41,"d":"809.410"},"М","2014-10-24","3.NV.1100-2002","Документы отсутствуют","Нет данных","Новое",{"v":376934.15,"d":"376,934.15"},465.69,{"v":376934.15,"d":"376,934.15"},{"v":460880,"d":"460,880.00"},{"v":101393.6,"d":"101,393.60"},{"v":562273.6,"d":"562,273.60"},null,15]
["А0171",168,10001078,"Отвод 90-45х2,5-20 Г17375 оцинк.","(0094) Кусковская 18Г",{"v":22,"d":"22.000"},"ШТ",2014,"3.NV.1100-2002","Документы отсутствуют","Нет данных","Новое",{"v":1336.11,"d":"1,336.11"},60.73,{"v":1336.11,"d":"1,336.11"},{"v":1610,"d":"1,610.00"},{"v":354.2,"d":"354.20"},{"v":1964.2,"d":"1,964.20"},null,15]
["А0172",169,10029541,"Отвод крутоизогнутый 90 град Ду-15 оцинк","(0094) Кусковская 18Г",{"v":11,"d":"11.000"},"ШТ",2014,"3.NV.1100-2002","Документы отсутствуют","Нет данных","Новое",240.35,21.85,240.35,{"v":290,"d":"290.00"},{"v":63.8,"d":"63.80"},{"v":353.8,"d":"353.80"},null,15]
["А0173",170,10001084,"Отвод 90-89х3,5-20 Г17375 оцинк.","(0094) Кусковская 18Г",{"v":9,"d":"9.000"},"ШТ","2014-12-31","3.NV.1100-2002","Документы отсутствуют","Нет данных","Новое",{"v":1232.22,"d":"1,232.22"},136.91,{"v":1232.22,"d":"1,232.22"},{"v":1490,"d":"1,490.00"},{"v":327.8,"d":"327.80"},{"v":1817.8,"d":"1,817.80"},null,15]
["А0175",171,10005935,"Колено К-100 ГОСТ 6942.7-80","(0094) Кусковская 18Г",{"v":3,"d":"3.000"},"ШТ","2013-04-11","3.NV.1100-2002","Документы отсутствуют","Нет данных","Новое",{"v":766.5,"d":"766.50"},{"v":255.5,"d":"255.50"},{"v":766.5,"d":"766.50"},{"v":910,"d":"910.00"},{"v":200.2,"d":"200.20"},{"v":1110.2,"d":"1,110.20"},null,15]
["А0176",172,10005936,"Колено К-50 ГОСТ 6942.7-80","(0094) Кусковская 18Г",{"v":6,"d":"6.000"},"ШТ","2013-04-11","3.NV.1100-2002","Документы отсутствуют","Нет данных","Новое",{"v":742.8,"d":"742.80"},{"v":123.8,"d":"123.80"},{"v":742.8,"d":"742.80"},{"v":880,"d":"880.00"},{"v":193.6,"d":"193.60"},{"v":1073.6,"d":"1,073.60"},null,15]
["А0177",173,10030281,"Муфта 100 Г8954-75","(0094) Кусковская 18Г",{"v":9,"d":"9.000"},"ШТ","2013-09-25","3.NV.1100-2002","Документы отсутствуют","Нет данных","Новое",{"v":1788.07,"d":"1,788.07"},198.67,{"v":1788.07,"d":"1,788.07"},{"v":2150,"d":"2,150.00"},{"v":473,"d":"473.00"},{"v":2623,"d":"2,623.00"},null,15]
["А0179",174,10008620,"Отвод 133х5 в защитном покрытии","(0094) Кусковская 18Г",{"v":2,"d":"2.000"},"ШТ","2013-10-30","3.NV.1100-2002","Документы отсутствуют","Нет данных","Новое",{"v":1749.56,"d":"1,749.56"},874.78,{"v":1749.56,"d":"1,749.56"},{"v":2100,"d":"2,100.00"},{"v":462,"d":"462.00"},{"v":2562,"d":"2,562.00"},null,15]
["А0180",175,10050391,"Отвод 135гр Д-50 чуг.","(0094) Кусковская 18Г",{"v":16,"d":"16.000"},"ШТ","2013-09-25","3.NV.1100-2002","Документы отсутствуют","Нет данных","Новое",{"v":1493.13,"d":"1,493.13"},93.32,{"v":1493.13,"d":"1,493.13"},{"v":1800,"d":"1,800.00"},{"v":396,"d":"396.00"},{"v":2196,"d":"2,196.00"},null,15]
["А0181",176,10037036,"Отвод 45-159х4,5-20 Г17375 оцинк.","(0094) Кусковская 18Г",{"v":4,"d":"4.000"},"ШТ","2013-10-30","3.NV.1100-2002","Документы отсутствуют","Нет данных","Новое",{"v":2251.81,"d":"2,251.81"},562.95,{"v":2251.81,"d":"2,251.81"},{"v":2700,"d":"2,700.00"},{"v":594,"d":"594.00"},{"v":3294,"d":"3,294.00"},null,15]
["А0182",177,10026082,"Отвод 90-1-33,7х2,3-20 Г17375","(0094) Кусковская 18Г",{"v":5,"d":"5.000"},"ШТ","2013-11-29","3.NV.1100-2002","Документы отсутствуют","Нет данных","Новое",{"v":108.3,"d":"108.30"},21.66,{"v":108.3,"d":"108.30"},{"v":130,"d":"130.00"},{"v":28.6,"d":"28.60"},{"v":158.6,"d":"158.60"},null,15]
["А0183",178,10018506,"Отвод 90-1-42,4х2,6-20 Г17375 оцинк.","(0094) Кусковская 18Г",{"v":16,"d":"16.000"},"ШТ","2013-04-11","3.NV.1100-2002","Документы отсутствуют","Нет данных","Новое",529.57,{"v":33.1,"d":"33.10"},529.57,{"v":630,"d":"630.00"},{"v":138.6,"d":"138.60"},{"v":768.6,"d":"768.60"},null,15]
["А0184",179,10001062,"Отвод 90-133х4-20 Г17375 оцинк.","(0098) Верхние поля, 25",{"v":46,"d":"46.000"},"ШТ","2015-12-14","3.NV.1100-2002","Документы отсутствуют","Нет данных","Новое",{"v":20994.77,"d":"20,994.77"},456.41,{"v":20994.77,"d":"20,994.77"},{"v":22950,"d":"22,950.00"},{"v":5049,"d":"5,049.00"},{"v":27999,"d":"27,999.00"},null,15]
["А0185",180,10001068,"Отвод 90-159х4,5-20 Г17375 оцинк.","(0094) Кусковская 18Г",{"$f":"112-13","v":{"v":99,"d":"99.000"}},"ШТ","2016-06-30","3.NV.1100-2002","Документы отсутствуют","Нет данных","Новое",{"v":57656.23,"d":"57,656.23"},582.39,{"$f":"65227.25/112*99","v":{"v":57656.23,"d":"57,656.23"}},{"v":61260,"d":"61,260.00"},{"v":13477.2,"d":"13,477.20"},{"v":74737.2,"d":"74,737.20"},null,15]
["А0186",181,10141863,"Отвод 90-168х6-20 Г17375 оцинк.","(0094) Кусковская 18Г",{"v":77,"d":"77.000"},"ШТ","2016-07-12","3.NV.1100-2002","Документы отсутствуют","Нет данных","Новое",{"v":185069.5,"d":"185,069.50"},{"v":2403.5,"d":"2,403.50"},{"v":185069.5,"d":"185,069.50"},{"v":199420,"d":"199,420.00"},{"v":43872.4,"d":"43,872.40"},{"v":243292.4,"d":"243,292.40"},null,15]
["А0187",182,10030308,"Отвод 90гр Д-100 чуг.","(0094) Кусковская 18Г",{"v":11,"d":"11.000"},"ШТ","2013-09-25","3.NV.1100-2002","Документы отсутствуют","Нет данных","Новое",{"v":2927.7,"d":"2,927.70"},266.15,{"v":2927.7,"d":"2,927.70"},{"v":3520,"d":"3,520.00"},{"v":774.4,"d":"774.40"},{"v":4294.4,"d":"4,294.40"},null,15]
["А0188",183,10050390,"Отвод 90гр Д-50 чуг.","(0094) Кусковская 18Г",{"v":13,"d":"13.000"},"ШТ","2013-09-25","3.NV.1100-2002","Документы отсутствуют","Нет данных","Новое",{"v":1503.84,"d":"1,503.84"},115.68,{"v":1503.84,"d":"1,503.84"},{"v":1810,"d":"1,810.00"},{"v":398.2,"d":"398.20"},{"v":2208.2,"d":"2,208.20"},null,15]
["А0189",184,10042515,"Отвод крутоизогнут. оцинк. 45","(0094) Кусковская 18Г",{"v":28,"d":"28.000"},"ШТ","2013-04-11","3.NV.1100-2002","Документы отсутствуют","Нет данных","Новое",{"v":1282.68,"d":"1,282.68"},45.81,{"v":1282.68,"d":"1,282.68"},{"v":1520,"d":"1,520.00"},{"v":334.4,"d":"334.40"},{"v":1854.4,"d":"1,854.40"},null,15]
["А0190",185,10119448,"Отвод крутоизогнутый шовный 25 оцинк.","(0094) Кусковская 18Г",{"v":3,"d":"3.000"},"ШТ","2013-04-11","3.NV.1100-2002","Документы отсутствуют","Нет данных","Новое",157.65,52.55,157.65,{"v":190,"d":"190.00"},{"v":41.8,"d":"41.80"},{"v":231.8,"d":"231.80"},null,15]
["А0191",186,10043070,"Патрубок переходной чуг.100х150","(0094) Кусковская 18Г",{"v":1,"d":"1.000"},"ШТ","2013-09-25","3.NV.1100-2002","Документы отсутствуют","Нет данных","Новое",294.92,294.92,294.92,{"v":350,"d":"350.00"},{"v":77,"d":"77.00"},{"v":427,"d":"427.00"},null,15]
["А0192",187,10136288,"Патрубок ПФГ 100 ЦПП НПП Валок-чугун","(0094) Кусковская 18Г",{"v":1,"d":"1.000"},"ШТ","2013-10-30","3.NV.1100-2002","Документы отсутствуют","Нет данных","Новое",{"v":2016,"d":"2,016.00"},{"v":2016,"d":"2,016.00"},{"v":2016,"d":"2,016.00"},{"v":2420,"d":"2,420.00"},{"v":532.4,"d":"532.40"},{"v":2952.4,"d":"2,952.40"},null,15]
["А0193",188,10129731,"Патрубок ПФГ-100 Г5525-88","(0094) Кусковская 18Г",{"$f":"6-5","v":{"v":1,"d":"1.000"}},"ШТ","2013-10-30","3.NV.1100-2002","Документы отсутствуют","Нет данных","Новое",{"$f":"O206","v":{"v":2750,"d":"2,750.00"}},{"v":2750,"d":"2,750.00"},{"$f":"16500/6*1","v":{"v":2750,"d":"2,750.00"}},{"v":3300,"d":"3,300.00"},{"v":726,"d":"726.00"},{"v":4026,"d":"4,026.00"},null,15]
["А0193/1",189,10129731,"Патрубок ПФГ-100 Г5525-88","(0098) Верхние поля, 25",{"v":5,"d":"5.000"},"ШТ","2013-10-30","3.NV.1100-2002","Документы отсутствуют","Тип присоединения: фланец-гладкий конец; диаметр - 100 мм","Удовлетворительное",{"$f":"O207","v":{"v":13750,"d":"13,750.00"}},{"$f":"M207/5","v":{"v":2750,"d":"2,750.00"}},{"v":13750,"d":"13,750.00"},{"v":9700,"d":"9,700.00"},{"v":2134,"d":"2,134.00"},{"v":11834,"d":"11,834.00"},null,15]
["А0194",190,10107202,"Переход К-1-33,7х3,2-21,3х3,2-20 оцинк.","(0094) Кусковская 18Г",{"v":5,"d":"5.000"},"ШТ","2013-04-11","3.NV.1100-2002","Документы отсутствуют","Нет данных","Новое",{"v":213,"d":"213.00"},{"$f":"O208/F208","v":{"v":42.6,"d":"42.60"}},{"v":213,"d":"213.00"},{"v":250,"d":"250.00"},{"v":55,"d":"55.00"},{"v":305,"d":"305.00"},null,15]
["А0196",191,10095066,"Переход К-426х10-273х8-20 Г17378","(0094) Кусковская 18Г",{"v":1,"d":"1.000"},"ШТ","2013-04-11","3.NV.1100-2002","Документы отсутствуют","Нет данных","Новое",{"v":3408.13,"d":"3,408.13"},{"v":3408.13,"d":"3,408.13"},{"v":3408.13,"d":"3,408.13"},{"v":4040,"d":"4,040.00"},{"v":888.8,"d":"888.80"},{"v":4928.8,"d":"4,928.80"},null,15]
["А0197",192,10119332,"Переход оцин. 50х25","(0094) Кусковская 18Г",{"v":17,"d":"17.000"},"ШТ","2013-04-11","3.NV.1100-2002","Документы отсутствуют","Нет данных","Новое",906.48,53.32,906.48,{"v":1070,"d":"1,070.00"},{"v":235.4,"d":"235.40"},{"v":1305.4,"d":"1,305.40"},null,15]
["А0198",193,10119334,"Переход оцин.80х40","(0094) Кусковская 18Г",{"v":35,"d":"35.000"},"ШТ","2013-04-11","3.NV.1100-2002","Документы отсутствуют","Нет данных","Новое",{"v":4486.23,"d":"4,486.23"},128.18,{"v":4486.23,"d":"4,486.23"},{"v":5320,"d":"5,320.00"},{"v":1170.4,"d":"1,170.40"},{"v":6490.4,"d":"6,490.40"},null,15]
["А0199",194,10024996,"ПЕРЕХОД ОЦИНК.76Х3.5-45Х2.5","(0094) Кусковская 18Г",{"v":6,"d":"6.000"},"ШТ","2013-04-11","3.NV.1100-2002","Документы отсутствуют","Нет данных","Новое",335.59,55.93,335.59,{"v":400,"d":"400.00"},{"$f":"R212-P212","v":{"v":88,"d":"88.00"}},{"$f":"P212*1.22","v":{"v":488,"d":"488.00"}},null,15]
["А0200",195,10029563,"Переход штампованный концентрический 65х","(0094) Кусковская 18Г",{"v":1,"d":"1.000"},"ШТ","2012-07-02","3.NV.1100-2002","Документы отсутствуют","Нет данных","Новое",{"v":69,"d":"69.00"},{"v":69,"d":"69.00"},{"v":69,"d":"69.00"},{"v":80,"d":"80.00"},{"v":17.6,"d":"17.60"},{"v":97.6,"d":"97.60"},null,15]
["А0201",196,10118682,"Соединитель 25 STC-Faro 5680","(0094) Кусковская 18Г",{"v":2,"d":"2.000"},"ШТ","2013-11-18","3.NV.1100-2002","Документы отсутствуют","Нет данных","Новое",{"v":342.3,"d":"342.30"},171.15,{"v":342.3,"d":"342.30"},{"v":430,"d":"430.00"},{"v":94.6,"d":"94.60"},{"v":524.6,"d":"524.60"},null,15]
["А0203",197,10125730,"Тройник 108х6-89х6-20 оцин. Г17376","(0094) Кусковская 18Г",{"v":2,"d":"2.000"},"ШТ","2013-10-30","3.NV.1100-2002","Документы отсутствуют","Нет данных","Новое",{"v":1835.6,"d":"1,835.60"},{"v":917.8,"d":"917.80"},{"v":1835.6,"d":"1,835.60"},{"v":2200,"d":"2,200.00"},{"v":484,"d":"484.00"},{"v":2684,"d":"2,684.00"},null,15]
["А0205",198,10151637,"Тройник 273х10-219х8-20 Г17376","(0094) Кусковская 18Г",{"v":1,"d":"1.000"},"ШТ","2013-10-30","3.NV.1100-2002","Документы отсутствуют","Нет данных","Новое",{"v":6917.4,"d":"6,917.40"},{"v":6917.4,"d":"6,917.40"},{"v":6917.4,"d":"6,917.40"},{"v":8300,"d":"8,300.00"},{"v":1826,"d":"1,826.00"},{"v":10126,"d":"10,126.00"},null,15]
["А0206",199,10131641,"Тройник 325х10-219х8-20 Г17376","(0094) Кусковская 18Г",{"v":4,"d":"4.000"},"ШТ","2013-10-30","3.NV.1100-2002","Документы отсутствуют","Нет данных","Новое",{"v":51613.56,"d":"51,613.56"},{"v":12903.39,"d":"12,903.39"},{"v":51613.56,"d":"51,613.56"},{"v":61910,"d":"61,910.00"},{"v":13620.2,"d":"13,620.20"},{"v":75530.2,"d":"75,530.20"},null,15]
["А0207",200,10137743,"Тройник 325х10-57х3-4,0 ТС-588-036","(0094) Кусковская 18Г",{"v":2,"d":"2.000"},"ШТ","2013-10-30","3.NV.1100-2002","Документы отсутствуют","Нет данных","Новое",{"v":11268,"d":"11,268.00"},{"v":5634,"d":"5,634.00"},{"v":11268,"d":"11,268.00"},{"v":13520,"d":"13,520.00"},{"v":2974.4,"d":"2,974.40"},{"v":16494.4,"d":"16,494.40"},null,15]
["А0210",201,10137742,"Тройник 530х11-219х7-2,5 ТС-588-079","(0094) Кусковская 18Г",{"v":2,"d":"2.000"},"ШТ","2013-10-30","3.NV.1100-2002","Документы отсутствуют","Нет данных","Новое",{"v":25026.51,"d":"25,026.51"},{"v":12513.26,"d":"12,513.26"},{"v":25026.51,"d":"25,026.51"},{"v":30020,"d":"30,020.00"},{"v":6604.4,"d":"6,604.40"},{"v":36624.4,"d":"36,624.40"},null,15]
["А0216",202,10001538,"Тройник ч. п. Ду32х25 Г8949-75","(0094) Кусковская 18Г",{"v":60,"d":"60.000"},"ШТ","2013-04-11","3.NV.1100-2002","Документы отсутствуют","Нет данных","Новое",{"v":1497.2,"d":"1,497.20"},24.95,{"v":1497.2,"d":"1,497.20"},{"v":1780,"d":"1,780.00"},{"v":391.6,"d":"391.60"},{"v":2171.6,"d":"2,171.60"},null,15]
["А0217",203,10042327,"Тройник чуг. косой, угол 45 гр.100х100","(0094) Кусковская 18Г",{"v":10,"d":"10.000"},"ШТ","2013-09-25","3.NV.1100-2002","Документы отсутствуют","Нет данных","Новое",{"v":4968.42,"d":"4,968.42"},496.84,{"v":4968.42,"d":"4,968.42"},{"v":5980,"d":"5,980.00"},{"v":1315.6,"d":"1,315.60"},{"v":7295.6,"d":"7,295.60"},null,15]
["А0218",204,10049635,"Тройник чугунный 50х50х45 Г6942.12-80","(0094) Кусковская 18Г",{"v":4,"d":"4.000"},"ШТ","2013-09-25","3.NV.1100-2002","Документы отсутствуют","Нет данных","Новое",{"v":744.4,"d":"744.40"},{"v":186.1,"d":"186.10"},{"v":744.4,"d":"744.40"},{"v":900,"d":"900.00"},{"v":198,"d":"198.00"},{"v":1098,"d":"1,098.00"},null,15]
["А0219",205,10005371,"Труба 133х4,5 В 20 Г10704-91 10705-80","(0094) Кусковская 18Г",0.049,"Т","2015-07-31","3.NV.1100-2002","Сер.кач.№118-10918","Нет данных","Новое",{"v":1459.09,"d":"1,459.09"},{"v":29777.35,"d":"29,777.35"},{"v":1459.09,"d":"1,459.09"},{"v":1590,"d":"1,590.00"},{"v":349.8,"d":"349.80"},{"v":1939.8,"d":"1,939.80"},null,15]
["А0220",206,10005389,"Труба 325х8 В 20 Г10704-91 10705-80","(0094) Кусковская 18Г",0.058,"Т","2015-12-21","3.NV.1100-2002","Сер.5111/1 от 02.11.2010","Нет данных","Новое",{"v":2665.63,"d":"2,665.63"},{"v":45959.14,"d":"45,959.14"},{"v":2665.63,"d":"2,665.63"},{"v":2900,"d":"2,900.00"},{"v":638,"d":"638.00"},{"v":3538,"d":"3,538.00"},null,15]
["А0221",207,10150055,"Труба 32х1,5 ТП-А Ст1пс ТУ 14-105-737-04","(0094) Кусковская 18Г",0.095,"Т","2013-05-27","3.NV.1100-2002","Документы отсутствуют","Нет данных","Новое",{"v":3078.77,"d":"3,078.77"},{"v":32408.11,"d":"32,408.11"},{"v":3078.77,"d":"3,078.77"},{"v":3660,"d":"3,660.00"},{"v":805.2,"d":"805.20"},{"v":4465.2,"d":"4,465.20"},null,15]
["А0223",208,10089578,"Труба 57х4 08Х18Н10Т Г9941-81","(0094) Кусковская 18Г",0.056,"Т","2012-12-06","3.NV.1100-2002","Документы отсутствуют","Нет данных","Новое",{"v":17515.91,"d":"17,515.91"},{"v":312784.11,"d":"312,784.11"},{"v":17515.91,"d":"17,515.91"},{"v":21040,"d":"21,040.00"},{"v":4628.8,"d":"4,628.80"},{"v":25668.8,"d":"25,668.80"},null,15]
["А0224",209,10026043,"Труба оц ф 20х3.2.","(0094) Кусковская 18Г",{"v":14.58,"d":"14.580"},"М","2013-04-11","3.NV.1100-2002","Документы отсутствуют","Нет данных","Новое",29.43,2.02,29.43,{"v":30,"d":"30.00"},{"v":6.6,"d":"6.60"},{"v":36.6,"d":"36.60"},null,15]
["А0225",210,10026472,"Труба оц ф 25х3.2.","(0094) Кусковская 18Г",{"v":190.5,"d":"190.500"},"М","2013-04-11","3.NV.1100-2002","Документы отсутствуют","Нет данных","Новое",270.25,1.42,270.25,{"v":320,"d":"320.00"},{"v":70.4,"d":"70.40"},{"v":390.4,"d":"390.40"},null,15]
["А0226",211,10005413,"Труба ТЧК-100-2000 Г6942-98","(0094) Кусковская 18Г",{"v":2,"d":"2.000"},"ШТ","2013-04-11","3.NV.1100-2002","Документы отсутствуют","Нет данных","Новое",{"v":2140.45,"d":"2,140.45"},{"v":1070.23,"d":"1,070.23"},{"v":2140.45,"d":"2,140.45"},{"v":2540,"d":"2,540.00"},{"v":558.8,"d":"558.80"},{"v":3098.8,"d":"3,098.80"},null,15]
["А0227",212,10136876,"Труба ТЧК-100-2100 Г6942-98","(0094) Кусковская 18Г",{"v":9,"d":"9.000"},"ШТ","2013-10-30","3.NV.1100-2002","Документы отсутствуют","Нет данных","Новое",{"v":11061,"d":"11,061.00"},{"v":1229,"d":"1,229.00"},{"v":11061,"d":"11,061.00"},{"v":13270,"d":"13,270.00"},{"v":2919.4,"d":"2,919.40"},{"v":16189.4,"d":"16,189.40"},null,15]
["А0228",213,10005415,"Труба ТЧК-50-2000 Г6942-98","(0094) Кусковская 18Г",{"v":34,"d":"34.000"},"ШТ","2013-10-30","3.NV.1100-2002","Документы отсутствуют","Нет данных","Новое",{"v":20908.54,"d":"20,908.54"},614.96,{"v":20908.54,"d":"20,908.54"},{"v":25080,"d":"25,080.00"},{"v":5517.6,"d":"5,517.60"},{"v":30597.6,"d":"30,597.60"},null,15]
["А0229",214,10136902,"Труба цин. ВЧШГ-Т-100х6000 ЦПП","(0094) Кусковская 18Г",{"v":1,"d":"1.000"},"ШТ","2013-10-30","3.NV.1100-2002","Документы отсутствуют","Нет данных","Новое",{"v":5470,"d":"5,470.00"},{"v":5470,"d":"5,470.00"},{"v":5470,"d":"5,470.00"},{"v":6560,"d":"6,560.00"},{"v":1443.2,"d":"1,443.20"},{"v":8003.2,"d":"8,003.20"},null,15]
["А0230",215,10031145,"Отвод 90-1-21,3х2,5-20 Г17375","(0094) Кусковская 18Г",{"v":7,"d":"7.000"},"ШТ","2013-04-11","3.NV.1100-2002","Документы отсутствуют","Нет данных","Новое",324.63,46.38,324.63,{"v":380,"d":"380.00"},{"v":83.6,"d":"83.60"},{"v":463.6,"d":"463.60"},null,15]
["А0232",216,10010356,"Отвод 90-57х4-20 Г17375 оцинк.","(0094) Кусковская 18Г",{"$f":"2-1","v":{"v":1,"d":"1.000"}},"ШТ","2014-12-31","3.NV.1100-2002","Документы отсутствуют","Нет данных","Новое",{"v":84.5,"d":"84.50"},{"v":84.5,"d":"84.50"},{"$f":"169/2*1","v":{"v":84.5,"d":"84.50"}},{"v":100,"d":"100.00"},{"v":22,"d":"22.00"},{"v":122,"d":"122.00"},null,15]
["А0233",217,10036220,"Отвод 90-89х5-20 Г17375 оцинк.","(0094) Кусковская 18Г",{"$f":"8-4","v":{"v":4,"d":"4.000"}},"ШТ","2014-12-31","3.NV.1100-2002","Документы отсутствуют","Нет данных","Новое",744.57,186.14,{"$f":"1489.14/8*4","v":744.57},{"v":900,"d":"900.00"},{"v":198,"d":"198.00"},{"v":1098,"d":"1,098.00"},null,15]
["А0234",218,10119449,"Отвод крутоизогнутый шовный 32 оцинк.","(0094) Кусковская 18Г",{"v":2,"d":"2.000"},"ШТ","2013-04-11","3.NV.1100-2002","Документы отсутствуют","Нет данных","Новое",{"v":188,"d":"188.00"},{"v":94,"d":"94.00"},{"v":188,"d":"188.00"},{"v":220,"d":"220.00"},{"v":48.4,"d":"48.40"},{"v":268.4,"d":"268.40"},null,15]
["А0237",219,10001271,"Переход К-159х4,5-133х4-20 оцинк. Г17378","(0094) Кусковская 18Г",{"$f":"14-10","v":{"v":4,"d":"4.000"}},"ШТ","2014-12-31","3.NV.1100-2002","Документы отсутствуют","Нет данных","Новое",{"v":2177.77,"d":"2,177.77"},544.44,{"$f":"7622.2/14*4","v":{"v":2177.77,"d":"2,177.77"}},{"v":2640,"d":"2,640.00"},{"v":580.8,"d":"580.80"},{"v":3220.8,"d":"3,220.80"},null,15]
["А0238",220,10143854,"Переход К-168х8-114х6-20 оцинк. Г17378","(0094) Кусковская 18Г",{"v":14,"d":"14.000"},"ШТ","2014-12-31","3.NV.1100-2002","Документы отсутствуют","Нет данных","Новое",{"v":36981,"d":"36,981.00"},{"v":2641.5,"d":"2,641.50"},{"v":36981,"d":"36,981.00"},{"v":44790,"d":"44,790.00"},{"v":9853.8,"d":"9,853.80"},{"v":54643.8,"d":"54,643.80"},null,15]
["А0239",221,10141686,"Переход К-219х10-168х8-20 оцинк. Г17378","(0094) Кусковская 18Г",{"v":12,"d":"12.000"},"ШТ","2014-12-31","3.NV.1100-2002","Документы отсутствуют","Нет данных","Новое",{"v":38058,"d":"38,058.00"},{"v":3171.5,"d":"3,171.50"},{"v":38058,"d":"38,058.00"},{"v":46090,"d":"46,090.00"},{"v":10139.8,"d":"10,139.80"},{"v":56229.8,"d":"56,229.80"},null,15]
["А0240",222,10089937,"Переход К-273х7-219х6-20 оцинк. Г17378","(0094) Кусковская 18Г",{"v":6,"d":"6.000"},"ШТ","2014-12-31","3.NV.1100-2002","Документы отсутствуют","Нет данных","Новое",{"v":4275,"d":"4,275.00"},{"$f":"O240/F240","v":{"v":712.5,"d":"712.50"}},{"v":4275,"d":"4,275.00"},{"v":5180,"d":"5,180.00"},{"v":1139.6,"d":"1,139.60"},{"v":6319.6,"d":"6,319.60"},null,15]
["А0242",223,10148764,"Переход К-89х6-76х5-20 оцинк. Г17378","(0094) Кусковская 18Г",{"v":4,"d":"4.000"},"ШТ","2014-12-31","3.NV.1100-2002","Документы отсутствуют","Нет данных","Новое",{"v":1182,"d":"1,182.00"},{"v":295.5,"d":"295.50"},{"v":1182,"d":"1,182.00"},{"v":1430,"d":"1,430.00"},{"v":314.6,"d":"314.60"},{"v":1744.6,"d":"1,744.60"},null,15]
["А0243",224,10029561,"Переход штампованный концентрический 65х","(0094) Кусковская 18Г",{"v":2,"d":"2.000"},"ШТ","2012-07-02","3.NV.1100-2002","Документы отсутствуют","Нет данных","Новое",{"v":138,"d":"138.00"},{"v":69,"d":"69.00"},{"v":138,"d":"138.00"},{"v":170,"d":"170.00"},{"v":37.4,"d":"37.40"},{"v":207.4,"d":"207.40"},null,15]
["А0244",225,10151648,"Труба 25х2 ТП-А Ст1пс ТУ 14-105-737-04","(0094) Кусковская 18Г",1.782,"Т","2015-03-11","3.NV.1100-2002","Сер.кач.№170373/14 от 31.10.2013","Нет данных","Новое",{"v":58028.7,"d":"58,028.70"},{"v":32563.8,"d":"32,563.80"},{"v":58028.7,"d":"58,028.70"},{"v":65440,"d":"65,440.00"},{"v":14396.8,"d":"14,396.80"},{"v":79836.8,"d":"79,836.80"},null,15]
["А0245",226,10089164,"Труба 28х3 В 20 Г8734-75 Г8733-74","(0094) Кусковская 18Г",{"$f":"3.792-0.02","v":3.772},"Т","2013-08-30","3.NV.1100-2002","Документы отсутствуют","Нет данных","Новое",{"v":304622.07,"d":"304,622.07"},{"v":80758.77,"d":"80,758.77"},{"$f":"306237.25/3.792*3.772","v":{"v":304622.07,"d":"304,622.07"}},{"v":357330,"d":"357,330.00"},{"$f":"R244-P244","v":{"v":78612.6,"d":"78,612.60"}},{"$f":"P244*1.22","v":{"v":435942.6,"d":"435,942.60"}},null,15]
["А0246",227,10011622,"Труба 35х1,5 В 20 Г10704-91 10705-80","(0094) Кусковская 18Г",1.683,"Т","2015-05-06","3.NV.1100-2002","Документы отсутствуют","Нет данных","Новое",{"v":44405.66,"d":"44,405.66"},{"v":26384.82,"d":"26,384.82"},{"v":44405.66,"d":"44,405.66"},{"v":49560,"d":"49,560.00"},{"v":10903.2,"d":"10,903.20"},{"v":60463.2,"d":"60,463.20"},null,15]
["А0247",228,10024007,"Труба эл.св Ст20 ГОСТ 10704-91 Д45х2","(0094) Кусковская 18Г",2.014,"Т","2008-05-08","3.NV.1100-2002","Документы отсутствуют","Нет данных","Новое",{"v":58900.11,"d":"58,900.11"},{"v":29245.34,"d":"29,245.34"},{"v":58900.11,"d":"58,900.11"},{"v":88440,"d":"88,440.00"},{"v":19456.8,"d":"19,456.80"},{"v":107896.8,"d":"107,896.80"},null,15]
["А0248",229,10005295,"Труба 108x3,5 В 20 оцинк. Г10704 10705","(0098) Верхние поля, 25",0.207,"Т","2016-02-01","3.NV.1100-2002","Сер.кач-ва № 017318 от 30.11.2015","Нет данных","Новое",{"v":10732.4,"d":"10,732.40"},{"v":51847.34,"d":"51,847.34"},{"v":10732.4,"d":"10,732.40"},{"v":11550,"d":"11,550.00"},{"v":2541,"d":"2,541.00"},{"v":14091,"d":"14,091.00"},null,15]
["А0250",230,10104439,"Колено сварное секторное 90-1020х14-2,5 09Г2С 160 ОСТ 34.10.752-97","(0449) Косинская ул,3В",{"$f":"5-1-1","v":{"v":3,"d":"3.000"}},"ШТ","31.12.2014","3.NV.1204-2002","Документы отсутствуют","Нет данных","Новое",{"v":259138.59,"d":"259,138.59"},{"v":86379.53,"d":"86,379.53"},{"$f":"431897.65/5*3","v":{"v":259138.59,"d":"259,138.59"}},{"v":313850,"d":"313,850.00"},{"v":69047,"d":"69,047.00"},{"v":382897,"d":"382,897.00"},null,15]
["А0251",231,10144750,"Колено сварное секторное 90-1220х14-2,5 09Г2С 162 ОСТ 34.10.752-97","(0449) Косинская ул,3В",{"v":3,"d":"3.000"},"ШТ","31.12.2014","3.NV.1204-2002","Документы отсутствуют","Нет данных","Новое",{"v":564069.15,"d":"564,069.15"},{"v":188023.05,"d":"188,023.05"},{"v":564069.15,"d":"564,069.15"},{"v":683160,"d":"683,160.00"},{"v":150295.2,"d":"150,295.20"},{"v":833455.2,"d":"833,455.20"},null,15]
["А0252",232,10087729,"Колено сварное секторное 90-720х11-2,5 09Г2С 156 ОСТ 34.10.752-97","(0449) Косинская ул,3В",{"v":1,"d":"1.000"},"ШТ","31.12.2014","3.NV.1204-2002","Документы отсутствуют","Нет данных","Новое",{"v":26481,"d":"26,481.00"},{"v":26481,"d":"26,481.00"},{"v":26481,"d":"26,481.00"},{"v":32070,"d":"32,070.00"},{"v":7055.4,"d":"7,055.40"},{"v":39125.4,"d":"39,125.40"},null,15]
["А0253",233,10155524,"Колено сварное секторное 90-820х11-2,5 09Г2С 158 ОСТ 34.10.752-97","(0449) Косинская ул,3В",{"v":8,"d":"8.000"},"ШТ","31.12.2014","3.NV.1204-2002","Документы отсутствуют","Нет данных","Новое",{"v":320544,"d":"320,544.00"},{"v":40068,"d":"40,068.00"},{"v":320544,"d":"320,544.00"},{"v":388220,"d":"388,220.00"},{"v":85408.4,"d":"85,408.40"},{"v":473628.4,"d":"473,628.40"},null,15]
["А0254",234,10150660,"Отвод крутоизогнутый 30-325х10-20 ГОСТ 17375-2001","(0459) Измайловская пл.,вл.6,стр.2",{"v":3,"d":"3.000"},"ШТ","31.12.2014","3.NV.1204-2002","Документы отсутствуют","Нет данных","Новое",{"v":13048.56,"d":"13,048.56"},{"v":4349.52,"d":"4,349.52"},{"v":13048.56,"d":"13,048.56"},{"v":15800,"d":"15,800.00"},{"v":3476,"d":"3,476.00"},{"v":19276,"d":"19,276.00"},null,15]
["А0255",235,10145042,"Отвод сварной 90-1420х18-09Г2С-2,5 2,5МПа по серии 5.903-13 выпуск 1 ТС 583.000-255","(0449) Косинская ул,3В",{"v":3,"d":"3.000"},"ШТ","31.12.2014","3.NV.1204-2002","Документы отсутствуют","Нет данных","Новое",{"v":781706.06,"d":"781,706.06"},{"v":260568.69,"d":"260,568.69"},{"v":781706.06,"d":"781,706.06"},{"v":946750,"d":"946,750.00"},{"v":208285,"d":"208,285.00"},{"v":1155035,"d":"1,155,035.00"},null,15]
["А0257",236,10037659,"Отвод крутоизогнутый 90-630х12-20 ГОСТ 17375-2001","(0449) Косинская ул,3В",{"$f":"16-2-1","v":{"v":13,"d":"13.000"}},"ШТ","31.12.2014","3.NV.1204-2002","Документы отсутствуют","Нет данных","Новое",{"$f":"O254","v":{"v":379773.55,"d":"379,773.55"}},{"v":29213.35,"d":"29,213.35"},{"$f":"467413.6/16*13","v":{"v":379773.55,"d":"379,773.55"}},{"v":459960,"d":"459,960.00"},{"v":101191.2,"d":"101,191.20"},{"v":561151.2,"d":"561,151.20"},null,15]
["А0258",237,10155502,"Отвод сварной 90-920х14-09Г2С-2,5 2,5МПа по серии 5.903-13 выпуск 1 ТС-583.000-250","(0449) Косинская ул,3В",{"v":2,"d":"2.000"},"ШТ","31.12.2014","3.NV.1204-2002","Документы отсутствуют","Нет данных","Новое",{"v":120907.79,"d":"120,907.79"},{"v":60453.9,"d":"60,453.90"},{"v":120907.79,"d":"120,907.79"},{"v":146440,"d":"146,440.00"},{"v":32216.8,"d":"32,216.80"},{"v":178656.8,"d":"178,656.80"},null,15]
["А0259",238,10143624,"Отводы 273*10мм","(0459) Измайловская пл.,вл.6,стр.2",{"v":24,"d":"24.000"},"ШТ","31.12.2014","3.NV.1204-2002","Документы отсутствуют","Нет данных","Новое",{"v":79687.82,"d":"79,687.82"},{"v":3320.33,"d":"3,320.33"},{"v":79687.82,"d":"79,687.82"},{"v":96510,"d":"96,510.00"},{"v":21232.2,"d":"21,232.20"},{"v":117742.2,"d":"117,742.20"},null,15]
["А0260",239,10143515,"Отводы 920*12 мм","(0449) Косинская ул,3В",{"v":4,"d":"4.000"},"ШТ","31.12.2014","3.NV.1204-2002","Документы отсутствуют","Нет данных","Новое",{"v":279535.53,"d":"279,535.53"},{"v":69883.88,"d":"69,883.88"},{"v":279535.53,"d":"279,535.53"},{"v":338560,"d":"338,560.00"},{"v":74483.2,"d":"74,483.20"},{"v":413043.2,"d":"413,043.20"},null,15]
["А0263",240,10151109,"Отвод 15-630х12-09Г2С-2,5 ТС-583.000-010","(0094) Кусковская 18Г",{"v":4,"d":"4.000"},"ШТ","2013-08-15","3.NV.1100-2002","Паспорт Б/Н","Нет данных","Новое",{"v":107437.96,"d":"107,437.96"},{"v":26859.49,"d":"26,859.49"},{"v":107437.96,"d":"107,437.96"},{"v":126030,"d":"126,030.00"},{"v":27726.6,"d":"27,726.60"},{"v":153756.6,"d":"153,756.60"},null,15]
["А0265",241,10151192,"Отвод 60-630х12-09Г2С-2,5 ТС-583-196","(0094) Кусковская 18Г",{"$f":"7-1","v":{"v":6,"d":"6.000"}},"ШТ","2013-08-15","3.NV.1100-2002","Паспорт № 003102","Нет данных","Новое",{"v":238372.86,"d":"238,372.86"},{"v":39728.81,"d":"39,728.81"},{"$f":"278101.67/7*6","v":{"v":238372.86,"d":"238,372.86"}},{"v":279620,"d":"279,620.00"},{"v":61516.4,"d":"61,516.40"},{"v":341136.4,"d":"341,136.40"},null,15]
["А0266",242,10104572,"Отвод 90-1020х8 по типу ОСТ 34.10.752-97","(0094) Кусковская 18Г",{"v":2,"d":"2.000"},"ШТ","2010-12-15","3.NV.1100-2002","Документы отсутствуют","Нет данных","Новое",{"v":98964.34,"d":"98,964.34"},{"v":49482.17,"d":"49,482.17"},{"v":98964.34,"d":"98,964.34"},{"v":129840,"d":"129,840.00"},{"v":28564.8,"d":"28,564.80"},{"v":158404.8,"d":"158,404.80"},null,15]
["А0267",243,10145042,"Отвод 90-1420х18-09Г2С-2,5 ТС-583-255","(0094) Кусковская 18Г",{"v":2,"d":"2.000"},"ШТ","2016-08-04","3.NV.1100-2002","Паспорт №002706","Нет данных","Новое",{"v":540460.41,"d":"540,460.41"},{"v":270230.21,"d":"270,230.21"},{"v":540460.41,"d":"540,460.41"},{"v":654570,"d":"654,570.00"},{"v":144005.4,"d":"144,005.40"},{"v":798575.4,"d":"798,575.40"},null,15]
["А0268",244,10151193,"Отвод 90-630х12-09Г2С-2,5 ТС-583-243","(0094) Кусковская 18Г",{"v":70,"d":"70.000"},"ШТ","2015-06-24","3.NV.1100-2002","Паспорт №003183","Нет данных","Новое",{"v":3561848.5,"d":"3,561,848.50"},{"v":50883.55,"d":"50,883.55"},{"v":3561848.5,"d":"3,561,848.50"},{"v":3934210,"d":"3,934,210.00"},{"v":865526.2,"d":"865,526.20"},{"v":4799736.2,"d":"4,799,736.20"},null,15]
["А0269",245,10104567,"Отвод 90-920х8 по типу ОСТ 34.10.752-97","(0094) Кусковская 18Г",{"v":2,"d":"2.000"},"ШТ","2009-12-10","3.NV.1100-2002","Документы отсутствуют","Нет данных","Новое",{"v":83793.08,"d":"83,793.08"},{"v":41896.54,"d":"41,896.54"},{"v":83793.08,"d":"83,793.08"},{"v":119550,"d":"119,550.00"},{"v":26301,"d":"26,301.00"},{"v":145851,"d":"145,851.00"},null,15]
["А0270",246,10151191,"Отвод 45-630х12-09Г2С-2,5 ТС-583-150","(0094) Кусковская 18Г",{"$f":"16-1","v":{"v":15,"d":"15.000"}},"ШТ","2013-08-15","3.NV.1100-2002","Документы отсутствуют","Нет данных","Новое",{"v":528435,"d":"528,435.00"},{"v":35229,"d":"35,229.00"},{"$f":"563664/16*15","v":{"v":528435,"d":"528,435.00"}},{"v":619870,"d":"619,870.00"},{"v":136371.4,"d":"136,371.40"},{"v":756241.4,"d":"756,241.40"},null,15]
["А0271",247,10001014,"Отвод 90-133х4-20 Г17375","(0094) Кусковская 18Г",{"$f":"48-42","v":{"v":6,"d":"6.000"}},"ШТ","2014-12-31","3.NV.1100-2002","Документы отсутствуют","Нет данных","Новое",{"v":2493.44,"d":"2,493.44"},415.57,{"$f":"19947.51/48*6","v":{"v":2493.44,"d":"2,493.44"}},{"v":3020,"d":"3,020.00"},{"v":664.4,"d":"664.40"},{"v":3684.4,"d":"3,684.40"},null,15]
["А0274",248,10018471,"Отвод 90-273х7-20 Г17375","(0094) Кусковская 18Г",{"v":1,"d":"1.000"},"ШТ","2014-12-31","3.NV.1100-2002","Документы отсутствуют","Нет данных","Новое",{"v":2116.52,"d":"2,116.52"},{"v":2116.52,"d":"2,116.52"},{"v":2116.52,"d":"2,116.52"},{"v":2560,"d":"2,560.00"},{"v":563.2,"d":"563.20"},{"v":3123.2,"d":"3,123.20"},null,15]
["А0278",249,10150033,"Труба 76х6 В 20 Г8732-78 8731-74","(0098) Верхние поля, 25",0.108,"Т","2016-04-01","3.NV.1100-2002","Сер.кач-ва №1300183221/т-2  от 23.11.2015","Нет данных","Новое",{"v":5052.97,"d":"5,052.97"},{"v":46786.76,"d":"46,786.76"},{"v":5052.97,"d":"5,052.97"},{"v":5410,"d":"5,410.00"},{"v":1190.2,"d":"1,190.20"},{"v":6600.2,"d":"6,600.20"},null,15]
["А0280",250,10001040,"Отвод 90-630х10-20 Г17375","(0098) Верхние поля, 25",{"$f":"3-2","v":{"v":1,"d":"1.000"}},"ШТ","2013-08-01","3.NV.1100-2002","Паспорт № 1328 от 24.10.2012","Нет данных","Новое",{"v":19160.46,"d":"19,160.46"},{"v":19160.46,"d":"19,160.46"},{"$f":"57481.37/3*1","v":{"v":19160.46,"d":"19,160.46"}},{"v":22480,"d":"22,480.00"},{"v":4945.6,"d":"4,945.60"},{"v":27425.6,"d":"27,425.60"},null,15]
["А0281",251,10108121,"Отвод 90-630х10-20 Г30753","(0098) Верхние поля, 25",{"v":6,"d":"6.000"},"ШТ","2013-08-01","3.NV.1100-2002","Паспорт № 1328 от 24.10.2012","Нет данных","Новое",{"v":118960.75,"d":"118,960.75"},{"v":19826.79,"d":"19,826.79"},{"v":118960.75,"d":"118,960.75"},{"v":139540,"d":"139,540.00"},{"v":30698.8,"d":"30,698.80"},{"v":170238.8,"d":"170,238.80"},null,15]
["А0282",252,10106619,"Отвод 90-630х12-20 Г30753","(0098) Верхние поля, 25",{"v":2,"d":"2.000"},"ШТ","2013-08-01","3.NV.1100-2002","Паспорт № 24465 от 02.04.2012","Нет данных","Новое",{"v":43185.41,"d":"43,185.41"},{"v":21592.71,"d":"21,592.71"},{"v":43185.41,"d":"43,185.41"},{"v":50660,"d":"50,660.00"},{"v":11145.2,"d":"11,145.20"},{"v":61805.2,"d":"61,805.20"},null,15]
["А0283",253,10143514,"Отводы 1420*18мм","(0098) Верхние поля, 25",{"v":3,"d":"3.000"},"ШТ","2012-08-01","3.NV.1100-2002","Паспорт № 1814 от 07.11.2012","Нет данных","Новое",{"v":626401.81,"d":"626,401.81"},{"$f":"O271/F271","v":{"v":208800.6,"d":"208,800.60"}},{"v":626401.81,"d":"626,401.81"},{"v":756540,"d":"756,540.00"},{"v":166438.8,"d":"166,438.80"},{"v":922978.8,"d":"922,978.80"},null,15]
["А0285",254,10143548,"Отводы 426*9мм","(0098) Верхние поля, 25",{"$f":"407-1-8-70-30-1-10","v":{"v":287,"d":"287.000"}},"ШТ","2012-08-01","3.NV.1100-2002","Паспорт № 15454 от 12.08.2013","Нет данных","Новое",{"v":2402738.71,"d":"2,402,738.71"},{"v":8371.91,"d":"8,371.91"},{"$f":"3398996.23/406*287","v":{"v":2402738.71,"d":"2,402,738.71"}},{"v":2901930,"d":"2,901,930.00"},{"v":638424.6,"d":"638,424.60"},{"v":3540354.6,"d":"3,540,354.60"},null,15]
["А0286",255,10143629,"Отводы 530*10мм","(0098) Верхние поля, 25",{"v":81,"d":"81.000"},"ШТ","2012-08-01","3.NV.1100-2002","Паспорт № 1328 от 24.10.2012","Нет данных","Новое",{"v":745793.94,"d":"745,793.94"},{"v":9207.33,"d":"9,207.33"},{"v":745793.94,"d":"745,793.94"},{"v":900740,"d":"900,740.00"},{"v":198162.8,"d":"198,162.80"},{"v":1098902.8,"d":"1,098,902.80"},null,15]
["А0287",256,10143515,"Отводы 920*12 мм","(0098) Верхние поля, 25",{"v":7,"d":"7.000"},"ШТ","2012-08-01","3.NV.1100-2002","Паспорт № 00480 от 20.02.2012","Нет данных","Новое",{"v":490457.13,"d":"490,457.13"},{"v":70065.3,"d":"70,065.30"},{"v":490457.13,"d":"490,457.13"},{"v":594010,"d":"594,010.00"},{"v":130682.2,"d":"130,682.20"},{"v":724692.2,"d":"724,692.20"},null,15]
[{"$nulls":14},{"$f":"SUM(O180:O274)","v":{"v":15275386.74,"d":"15,275,386.74"}},{"$f":"SUM(P180:P274)","v":{"v":17995990,"d":"17,995,990.00"}},{"v":3959117.8,"d":"3,959,117.80"},{"$f":"SUM(R180:R274)","v":{"v":21955107.8,"d":"21,955,107.80"}},{"$f":"R275/100*10","v":{"v":2195510.78,"d":"2,195,510.78"}},15]
["А0288",257,10136539,"Патрубок Ду80 СП Компитал","(0513) Перерва ул., д.20",{"v":2,"d":"2.000"},"ШТ","2015-03-01","3.NV.1205-2002","Документы отсутствуют","Нет данных","Удовлетворительное",{"v":12423.46,"d":"12,423.46"},{"$f":"O276/F276","v":{"v":6211.73,"d":"6,211.73"}},{"v":12423.46,"d":"12,423.46"},{"v":8240,"d":"8,240.00"},{"$f":"R276-P276","v":{"v":1812.8,"d":"1,812.80"}},{"$f":"P276*1.22","v":{"v":10052.8,"d":"10,052.80"}},null,16,"Газовое оборудование"]
["А0289",258,10007442,"Переход К-219х6-159х4,5-20 оцинк. Г17378","(0911) Строительный пр.,д.14 к.1",{"v":1,"d":"1.000"},"ШТ","31.12.2014","3.NV.1209-2002","Документы отсутствуют","Нет данных","Удовлетворительное",442.83,442.83,442.83,{"v":320,"d":"320.00"},{"v":70.4,"d":"70.40"},{"v":390.4,"d":"390.40"},null,16]
["А0291",259,10101010,"Колено УФ 150 Г5525-88","(0911) Строительный пр.,д.14 к.1",{"v":1,"d":"1.000"},"ШТ","31.12.2014","3.NV.1209-2002","Документы отсутствуют","Нет данных","Удовлетворительное",{"v":2966.1,"d":"2,966.10"},{"v":2966.1,"d":"2,966.10"},{"v":2966.1,"d":"2,966.10"},{"v":2110,"d":"2,110.00"},{"v":464.2,"d":"464.20"},{"v":2574.2,"d":"2,574.20"},null,16]
["А0292",260,10046307,"Вибровставка Ду 200","(0911) Строительный пр.,д.14 к.1",{"v":2,"d":"2.000"},"ШТ","31.12.2014","3.NV.1209-2002","Документы отсутствуют","Нет данных","Удовлетворительное",{"v":8713.06,"d":"8,713.06"},{"v":4356.53,"d":"4,356.53"},{"v":8713.06,"d":"8,713.06"},{"v":6210,"d":"6,210.00"},{"v":1366.2,"d":"1,366.20"},{"v":7576.2,"d":"7,576.20"},null,16]
["А0293",261,10046298,"Муфта термоус. ф 200","(0507) Сурский пр-д, д. 5, стр. 1",{"v":4,"d":"4.000"},"ШТ","2015-03-01","3.NV.1205-2002","Документы отсутствуют","Нет данных","Удовлетворительное",{"v":6864,"d":"6,864.00"},{"v":1716,"d":"1,716.00"},{"v":6864,"d":"6,864.00"},{"v":4550,"d":"4,550.00"},{"v":1001,"d":"1,001.00"},{"v":5551,"d":"5,551.00"},null,16]
["А0294",262,10046298,"Муфта термоус. ф 200","(0512) Сормовская ул., д. 17, корп. 5, стр.2",{"v":5,"d":"5.000"},"ШТ","2015-03-01","3.NV.1205-2002","Документы отсутствуют","Нет данных","Удовлетворительное",{"v":8580,"d":"8,580.00"},{"v":1716,"d":"1,716.00"},{"v":8580,"d":"8,580.00"},{"v":5690,"d":"5,690.00"},{"v":1251.8,"d":"1,251.80"},{"v":6941.8,"d":"6,941.80"},null,16]
["А0295",263,10047156,"Гильза надвижная 110 Т нерж. КТЗ","(0911) Строительный пр.,д.14 к.1",{"$f":"6-2-2","v":{"v":2,"d":"2.000"}},"ШТ","2017-03-30","3.NV.1209-2002","Документы отсутствуют","Нет данных","Удовлетворительное",{"v":3270.2,"d":"3,270.20"},{"v":1635.1,"d":"1,635.10"},{"$f":"9810.6/6*2","v":{"v":3270.2,"d":"3,270.20"}},{"v":1980,"d":"1,980.00"},{"v":435.6,"d":"435.60"},{"v":2415.6,"d":"2,415.60"},null,16]
["А0296",264,10047157,"Гильза надвижная 140 Т нерж. КТЗ","(0911) Строительный пр.,д.14 к.1",{"$f":"6-2","v":{"v":4,"d":"4.000"}},"ШТ","2017-03-30","3.NV.1209-2002","Документы отсутствуют","Нет данных","Удовлетворительное",{"v":9480,"d":"9,480.00"},{"v":2370,"d":"2,370.00"},{"$f":"14220/6*4","v":{"v":9480,"d":"9,480.00"}},{"v":5730,"d":"5,730.00"},{"v":1260.6,"d":"1,260.60"},{"v":6990.6,"d":"6,990.60"},null,16]
["А0297",265,10047158,"Гильза надвижная 160 Т нерж. КТЗ","(0911) Строительный пр.,д.14 к.1",{"$f":"6-1","v":{"v":5,"d":"5.000"}},"ШТ","2017-03-30","3.NV.1209-2002","Документы отсутствуют","Нет данных","Удовлетворительное",{"v":12615.63,"d":"12,615.63"},{"v":2523.13,"d":"2,523.13"},{"$f":"15138.75/6*5","v":{"v":12615.63,"d":"12,615.63"}},{"v":7630,"d":"7,630.00"},{"v":1678.6,"d":"1,678.60"},{"v":9308.6,"d":"9,308.60"},null,16]
["А0298",266,102002630,"Соединение надземное ИС-159 Ду159 Ру16","(0906) Дубравная ул.  д.55",{"v":1,"d":"1.000"},"ШТ","2013-06-06","3.NV.1209-2002","Документы отсутствуют","Нет данных","Удовлетворительное ",{"v":6720,"d":"6,720.00"},{"v":6720,"d":"6,720.00"},{"v":6720,"d":"6,720.00"},{"v":5070,"d":"5,070.00"},{"v":1115.4,"d":"1,115.40"},{"v":6185.4,"d":"6,185.40"},null,16]
["А0299",267,10136527,"Заглушка Ду150 Ру16 ДАРЦ 495115.000-04","(0904) Врачебный проезд д.3",{"v":2,"d":"2.000"},"ШТ","2014-12-31","3.NV.1209-2002","Документы отсутствуют","Нет данных","Удовлетворительное",{"v":13582.88,"d":"13,582.88"},{"v":6791.44,"d":"6,791.44"},{"v":13582.88,"d":"13,582.88"},{"v":9690,"d":"9,690.00"},{"v":2131.8,"d":"2,131.80"},{"v":11821.8,"d":"11,821.80"},null,16]
["А0301",268,10111002,"Заглушка 32х3 Г17379-2001","(0108) Новослободская ул., д.50/52, стр.18",{"v":1,"d":"1.000"},"ШТ",2014,"3.NV.1201-2002","Документы отсутствуют","Нет данных","Удовлетворительное",{"v":25,"d":"25.00"},{"v":25,"d":"25.00"},{"v":25,"d":"25.00"},{"v":20,"d":"20.00"},{"v":4.4,"d":"4.40"},{"v":24.4,"d":"24.40"},null,16]
["А0304",269,10046298,"Муфта термоус. ф 200","(0513) Перерва ул., д.20",{"v":5,"d":"5.000"},"ШТ","2015-03-01","3.NV.1205-2002","Документы отсутствуют","Нет данных","Удовлетворительное",{"v":8580,"d":"8,580.00"},{"v":1716,"d":"1,716.00"},{"v":8580,"d":"8,580.00"},{"v":5690,"d":"5,690.00"},{"v":1251.8,"d":"1,251.80"},{"v":6941.8,"d":"6,941.80"},null,16]
["А0305",270,10143828,"Переход К-168х8-89х6-20 оцинк. Г17378","(0094) Кусковская 18Г",{"v":17,"d":"17.000"},"ШТ","2014-12-31","3.NV.1100-2002","Документы отсутствуют","168*8-86*6","Удовлетворительное ",{"v":56967,"d":"56,967.00"},{"v":3351,"d":"3,351.00"},{"v":56967,"d":"56,967.00"},{"v":40590,"d":"40,590.00"},{"v":8929.8,"d":"8,929.80"},{"v":49519.8,"d":"49,519.80"},null,16]
["А0306",271,10018390,"Переход К-38х2-25х2-20 оцинк. Г17378","(0094) Кусковская 18Г",{"v":2,"d":"2.000"},"ШТ","2015-08-31","3.NV.1100-2002","Документы отсутствуют","38*2-25*2","Удовлетворительное",{"v":58,"d":"58.00"},{"v":29,"d":"29.00"},{"v":58,"d":"58.00"},{"v":40,"d":"40.00"},{"v":8.8,"d":"8.80"},{"v":48.8,"d":"48.80"},null,16]
["А0308+А0310",272,10119988,"Отвод 90-38х2,5-20 Г17375 оцинк.","(0098) Верхние поля, 25",{"$f":"2+3","v":{"v":5,"d":"5.000"}},"ШТ","2015-08-31","3.NV.1100-2002","Документы отсутствуют","90-38*2,5","Удовлетворительное",248.11,49.62,248.11,{"v":160,"d":"160.00"},{"v":35.2,"d":"35.20"},{"v":195.2,"d":"195.20"},null,16]
["А0309",273,10025755,"Отвод 45-76х3,5-20 Г17375","(0094) Кусковская 18Г",{"v":3,"d":"3.000"},"ШТ","2014-12-31","3.NV.1100-2002","Документы отсутствуют","45-76*3,5","Удовлетворительное",{"v":235.4,"d":"235.40"},78.47,{"v":235.4,"d":"235.40"},{"v":170,"d":"170.00"},{"v":37.4,"d":"37.40"},{"v":207.4,"d":"207.40"},null,16]
["А0311",274,10007384,"Переход К-38х2-32х2-20 оцинк. Г17378","(0094) Кусковская 18Г",{"$f":"4-1","v":{"v":3,"d":"3.000"}},"ШТ","2015-08-31","3.NV.1100-2002","Документы отсутствуют","38*2-32*2","Удовлетворительное",105.75,35.25,{"$f":"141/4*3","v":105.75},{"v":70,"d":"70.00"},{"v":15.4,"d":"15.40"},{"v":85.4,"d":"85.40"},null,16]
["А0312",275,10007423,"Переход К-76х3,5-57х3-20 оцинк. Г17378","(0094) Кусковская 18Г",{"$f":"4-2","v":{"v":2,"d":"2.000"}},"ШТ","2015-08-31","3.NV.1100-2002","Документы отсутствуют","76*3,5-57*3","Удовлетворительное",153.95,76.98,{"$f":"307.9/4*2","v":153.95},{"v":100,"d":"100.00"},{"v":22,"d":"22.00"},{"v":122,"d":"122.00"},null,16]
["А0313",276,10107118,"Переход К-1-33,7х3,2-21,3х3,2-20 Г17378","(0094) Кусковская 18Г",{"v":4,"d":"4.000"},"ШТ","2014-12-31","3.NV.1100-2002","Документы отсутствуют","33,7*3,2-21,3*3,2","Удовлетворительное",{"v":176,"d":"176.00"},{"v":44,"d":"44.00"},{"v":176,"d":"176.00"},{"v":130,"d":"130.00"},{"v":28.6,"d":"28.60"},{"v":158.6,"d":"158.60"},null,16]
["А0314",277,10022325,"Отвод 90-1-42,4х2,6-20 Г17375","(0094) Кусковская 18Г",{"v":15,"d":"15.000"},"ШТ","2014-08-06","3.NV.1100-2002","Документы отсутствуют","90-42,4*2,6","Удовлетворительное",{"v":510,"d":"510.00"},{"v":34,"d":"34.00"},{"v":510,"d":"510.00"},{"v":360,"d":"360.00"},{"v":79.2,"d":"79.20"},{"v":439.2,"d":"439.20"},null,16]
["А0316",278,10147310,"Отвод 90-1-48,3х2,6-20 Г17375","(0094) Кусковская 18Г",{"v":15,"d":"15.000"},"ШТ","2014-08-06","3.NV.1100-2002","Документы отсутствуют","90-48,3*2,6","Удовлетворительное",{"v":570,"d":"570.00"},{"v":38,"d":"38.00"},{"v":570,"d":"570.00"},{"v":400,"d":"400.00"},{"v":88,"d":"88.00"},{"v":488,"d":"488.00"},null,16]
["А0321",279,10001547,"Угольник 90-1-20 Г8946-75","(0098) Верхние поля, 25",{"$f":"383-78","v":{"v":305,"d":"305.000"}},"ШТ","2015-09-08","3.NV.1100-2002","Документы отсутствуют","90-1-20","Удовлетворительное",{"$f":"O298","v":{"v":9711.2,"d":"9,711.20"}},31.84,{"$f":"12194.72/383*305","v":{"v":9711.2,"d":"9,711.20"}},{"v":6300,"d":"6,300.00"},{"v":1386,"d":"1,386.00"},{"v":7686,"d":"7,686.00"},null,16]
["А0323",280,10001551,"Угольник 90-1-32 Г8946-75","(0098) Верхние поля, 25",{"$f":"670-10-10","v":{"v":650,"d":"650.000"}},"ШТ","2015-08-31","3.NV.1100-2002","Документы отсутствуют","90-1-32","Удовлетворительное",{"v":57876,"d":"57,876.00"},89.04,{"$f":"59656.8/670*650","v":{"v":57876,"d":"57,876.00"}},{"v":37750,"d":"37,750.00"},{"v":8305,"d":"8,305.00"},{"v":46055,"d":"46,055.00"},null,16]
["А0327",281,10001341,"Муфта 15 Г8954-75","(0098) Верхние поля, 25",{"$f":"943-340-210-385","v":{"v":8,"d":"8.000"}},"ШТ","2015-08-31","3.NV.1100-2002","Паспорт кач. б/н от 16.04.18","Нет данных","Удовлетворительное",{"v":110.4,"d":"110.40"},{"v":13.8,"d":"13.80"},{"$f":"13013.4/943*8","v":{"v":110.4,"d":"110.40"}},{"v":70,"d":"70.00"},{"v":15.4,"d":"15.40"},{"v":85.4,"d":"85.40"},null,16]
["А0328",282,10134994,"Труба 34х4 В 20 Г8734-75 Г8733-74","(0094) Кусковская 18Г",{"v":1E-3,"d":"0.001"},"Т",2014,"3.NV.1100-2002","Документы отсутствуют","34*4","Удовлетворительное",71.78,{"v":71780,"d":"71,780.00"},71.78,{"v":50,"d":"50.00"},{"v":11,"d":"11.00"},{"v":61,"d":"61.00"},null,16]
["А0329",283,10137451,"Труба 57х6 В 20 Г8732-78 8731-74","(0094) Кусковская 18Г",0.003,"Т",2014,"3.NV.1100-2002","Документы отсутствуют","57*6","Удовлетворительное",131.49,{"v":43830,"d":"43,830.00"},131.49,{"v":90,"d":"90.00"},{"v":19.8,"d":"19.80"},{"v":109.8,"d":"109.80"},null,16]
["А0330",284,10148947,"Труба 45х3,5 В 20 Г8732-78 8731-74","(0094) Кусковская 18Г",{"$f":"0.044-0.022","v":0.022},"Т",2014,"3.NV.1100-2002","Документы отсутствуют","45*3,5","Удовлетворительное",{"v":1176.53,"d":"1,176.53"},{"v":53478.64,"d":"53,478.64"},{"$f":"2353.06/0.044*0.022","v":{"v":1176.53,"d":"1,176.53"}},{"v":840,"d":"840.00"},{"v":184.8,"d":"184.80"},{"v":1024.8,"d":"1,024.80"},null,16]
["А0331",285,10005315,"Труба 89х4 В 20 оцинк. Г10704 10705","(0094) Кусковская 18Г",0.119,"Т",2014,"3.NV.1100-2002","Документы отсутствуют","89*4 оцинк.","Удовлетворительное",{"v":5178.28,"d":"5,178.28"},{"$f":"O304/F304","v":{"v":43514.96,"d":"43,514.96"}},{"v":5178.28,"d":"5,178.28"},{"v":3680,"d":"3,680.00"},{"v":809.6,"d":"809.60"},{"v":4489.6,"d":"4,489.60"},null,16]
["А0332",286,10005309,"Труба 57x3,5 В 20 оцинк. Г10704 10705","(0094) Кусковская 18Г",{"$f":"0.13-0.015-0.032","v":0.083},"Т",2014,"3.NV.1100-2002","Документы отсутствуют","57*3,5 оцинк.","Удовлетворительное",{"v":3657.93,"d":"3,657.93"},{"v":44071.45,"d":"44,071.45"},{"v":3657.93,"d":"3,657.93"},{"v":2600,"d":"2,600.00"},{"v":572,"d":"572.00"},{"v":3172,"d":"3,172.00"},null,16]
["А0334",287,10018369,"Переход К-133х4-57х3-20 оцинк. Г17378","(0094) Кусковская 18Г",{"v":1,"d":"1.000"},"ШТ",2014,"3.NV.1100-2002","Документы отсутствуют","133*4-57*3 оцинк.","Удовлетворительное",{"v":139,"d":"139.00"},{"v":139,"d":"139.00"},{"v":139,"d":"139.00"},{"v":100,"d":"100.00"},{"v":22,"d":"22.00"},{"v":122,"d":"122.00"},null,16]
["А0337",288,10098269,"Отвод 90-45х3-20 Г17375 оцинк.","(0094) Кусковская 18Г",{"v":2,"d":"2.000"},"ШТ",2014,"3.NV.1100-2002","Документы отсутствуют","45*3 оцинк.","Удовлетворительное",{"v":71.4,"d":"71.40"},{"v":35.7,"d":"35.70"},{"v":71.4,"d":"71.40"},{"v":50,"d":"50.00"},{"$f":"R307-P307","v":{"v":11,"d":"11.00"}},{"$f":"P307*1.22","v":{"v":61,"d":"61.00"}},null,16]
["А0338",289,10149756,"Отвод 90-1-168,3х7,1-20 Г17375 оцинк.","(0094) Кусковская 18Г",{"v":2,"d":"2.000"},"ШТ",2014,"3.NV.1100-2002","Документы отсутствуют","168,3*7,1 оцинк.","Удовлетворительное",{"v":6738.72,"d":"6,738.72"},{"v":3369.36,"d":"3,369.36"},{"v":6738.72,"d":"6,738.72"},{"v":4790,"d":"4,790.00"},{"v":1053.8,"d":"1,053.80"},{"v":5843.8,"d":"5,843.80"},null,16]
["А0339",290,10149781,"Переход К-1-114,3х6,3-76,1х5-20 оцинк.","(0094) Кусковская 18Г",{"v":2,"d":"2.000"},"ШТ",2014,"3.NV.1100-2002","Документы отсутствуют","114,3*6,3-76,1*5 оцинк.","Удовлетворительное",{"v":2996.3,"d":"2,996.30"},{"v":1498.15,"d":"1,498.15"},{"v":2996.3,"d":"2,996.30"},{"v":2130,"d":"2,130.00"},{"v":468.6,"d":"468.60"},{"v":2598.6,"d":"2,598.60"},null,16]
["А0340",291,10149782,"Переход К-1-114,3х6,3-88,9х5,6-20 оцинк.","(0094) Кусковская 18Г",{"v":2,"d":"2.000"},"ШТ",2014,"3.NV.1100-2002","Документы отсутствуют","114,3*6,3-88,9*5,6 оцинк","Удовлетворительное",{"v":2978.3,"d":"2,978.30"},{"v":1489.15,"d":"1,489.15"},{"v":2978.3,"d":"2,978.30"},{"v":2120,"d":"2,120.00"},{"v":466.4,"d":"466.40"},{"v":2586.4,"d":"2,586.40"},null,16]
["А0341",292,10149783,"Переход К-1-168,3х7,1-114,3х6,3-20 оцин.","(0094) Кусковская 18Г",{"v":3,"d":"3.000"},"ШТ",2014,"3.NV.1100-2002","Документы отсутствуют","168,3*7,1-114,3*6,3","Хорошее",{"v":8760,"d":"8,760.00"},{"v":2920,"d":"2,920.00"},{"v":8760,"d":"8,760.00"},{"v":9020,"d":"9,020.00"},{"v":1984.4,"d":"1,984.40"},{"v":11004.4,"d":"11,004.40"},null,16]
["А0342",293,10143850,"Переход К-133х8-114х6-20 оцинк. Г17378","(0094) Кусковская 18Г",{"v":8,"d":"8.000"},"ШТ",2014,"3.NV.1100-2002","Документы отсутствуют","133*8-114*6 оцинк.","Хорошее",{"v":5427.2,"d":"5,427.20"},{"v":678.4,"d":"678.40"},{"v":5427.2,"d":"5,427.20"},{"v":5590,"d":"5,590.00"},{"v":1229.8,"d":"1,229.80"},{"v":6819.8,"d":"6,819.80"},null,16]
["А0348",294,10012181,"Труба 18х2 В 20 Г8734-75 Г8733-74","(0094) Кусковская 18Г",0.052,"Т","2013-09-09","3.NV.1100-2002","Документы отсутствуют","Нет данных","Удовлетворительное",{"v":5968.5,"d":"5,968.50"},{"v":114778.85,"d":"114,778.85"},{"v":5968.5,"d":"5,968.50"},{"v":4230,"d":"4,230.00"},{"v":930.6,"d":"930.60"},{"v":5160.6,"d":"5,160.60"},null,16]
["А0351",295,10001072,"Отвод 90-219х6-20 Г17375 оцинк.","(0501) Перерва ул.,23, стр. 2",{"v":14,"d":"14.000"},"ШТ","2014-12-31","3.NV.1205-2002","Документы отсутствуют","Нет данных","Удовлетворительное ",{"v":31197.18,"d":"31,197.18"},{"v":2228.37,"d":"2,228.37"},{"v":31197.18,"d":"31,197.18"},{"v":22230,"d":"22,230.00"},{"v":4890.6,"d":"4,890.60"},{"v":27120.6,"d":"27,120.60"},null,16]
["А0352",296,10139801,"Отводы 920*14мм","(0507) Ставропольская ул. 27Б",{"v":1,"d":"1.000"},"ШТ","2011-03-01","3.NV.1205-2002","Документы отсутствуют","Нет данных","Удовлетворительное",{"v":68361.9,"d":"68,361.90"},{"v":68361.9,"d":"68,361.90"},{"v":68361.9,"d":"68,361.90"},{"v":50410,"d":"50,410.00"},{"v":11090.2,"d":"11,090.20"},{"v":61500.2,"d":"61,500.20"},null,16]
["А0353",297,10099690,"Переход К-920х12-820х12 1,6МПа ТС-585-48","(0517) Ставропольская ул. 27Б",{"v":2,"d":"2.000"},"ШТ","2016-03-01","3.NV.1205-2002","Документы отсутствуют","Нет данных","Удовлетворительное",{"v":52269.97,"d":"52,269.97"},{"v":26134.99,"d":"26,134.99"},{"v":52269.97,"d":"52,269.97"},{"v":33030,"d":"33,030.00"},{"v":7266.6,"d":"7,266.60"},{"v":40296.6,"d":"40,296.60"},null,16]
["А0357",298,10155502,"Отвод 90-920х14-09Г2С-2,5 ТС-583-250","(0507) Ставропольская ул. 27Б",{"v":1,"d":"1.000"},"ШТ",2014,"3.NV.1205-2002","Документы отсутствуют","Нет данных","Удовлетворительное",{"v":66252.27,"d":"66,252.27"},{"v":66252.27,"d":"66,252.27"},{"v":66252.27,"d":"66,252.27"},{"v":47200,"d":"47,200.00"},{"v":10384,"d":"10,384.00"},{"v":57584,"d":"57,584.00"},null,16]
["А0358",299,10087729,"Колено 90-720х11-2,5 156 09Г2С","(0094) Кусковская 18Г",{"v":3,"d":"3.000"},"ШТ","2013-06-06","3.NV.1100-2002","Документы отсутствуют"," 90-720*11","Удовлетворительное ",{"v":79443,"d":"79,443.00"},{"v":26481,"d":"26,481.00"},{"v":79443,"d":"79,443.00"},{"v":56600,"d":"56,600.00"},{"v":12452,"d":"12,452.00"},{"v":69052,"d":"69,052.00"},null,16]
["А0359",300,10155302,"Отвод 60-133х9-20 Г17375","(0094) Кусковская 18Г",{"v":1,"d":"1.000"},"ШТ","2015-08-31","3.NV.1100-2002","Документы отсутствуют","60-133*9","Удовлетворительное",{"v":1103.1,"d":"1,103.10"},{"v":1103.1,"d":"1,103.10"},{"v":1103.1,"d":"1,103.10"},{"v":710,"d":"710.00"},{"v":156.2,"d":"156.20"},{"v":866.2,"d":"866.20"},null,16]
["А0360",301,10001198,"Переход ПК-219х6-133х4-20 Г17378","(0094) Кусковская 18Г",{"v":2,"d":"2.000"},"ШТ","2015-09-05","3.NV.1100-2002","Документы отсутствуют","219*6-133*4","Удовлетворительное",{"v":1432.14,"d":"1,432.14"},716.07,{"v":1432.14,"d":"1,432.14"},{"v":930,"d":"930.00"},{"v":204.6,"d":"204.60"},{"v":1134.6,"d":"1,134.60"},null,16]
["А0361",302,10006503,"Отвод 90-530х12-20 Г30753","(0094) Кусковская 18Г",{"v":2,"d":"2.000"},"ШТ","2014-12-31","3.NV.1100-2002","Документы отсутствуют","90-530*12","Удовлетворительное",{"v":20704,"d":"20,704.00"},{"v":10352,"d":"10,352.00"},{"v":20704,"d":"20,704.00"},{"v":14750,"d":"14,750.00"},{"v":3245,"d":"3,245.00"},{"v":17995,"d":"17,995.00"},null,16]
["А0362",303,10106490,"Отвод 45-325х10-20 Г17375","(0094) Кусковская 18Г",{"v":2,"d":"2.000"},"ШТ","2014-12-31","3.NV.1100-2002","Документы отсутствуют","45-325*10","Удовлетворительное",{"v":8019,"d":"8,019.00"},{"v":4009.5,"d":"4,009.50"},{"v":8019,"d":"8,019.00"},{"v":5710,"d":"5,710.00"},{"v":1256.2,"d":"1,256.20"},{"v":6966.2,"d":"6,966.20"},null,16]
["А0364",304,10005303,"Труба 159x4,5 В 20 оцинк. Г10704 10705","(0094) Кусковская 18Г",0.817,"Т",2014,"3.NV.1100-2002","Документы отсутствуют","159*4,5 оцинк.","Удовлетворительное",{"v":35226.49,"d":"35,226.49"},{"v":43116.88,"d":"43,116.88"},{"v":35226.49,"d":"35,226.49"},{"v":25020,"d":"25,020.00"},{"v":5504.4,"d":"5,504.40"},{"v":30524.4,"d":"30,524.40"},null,16]
["А0365",305,10010365,"Отвод 90-219х8-20 Г17375 оцинк.","(0094) Кусковская 18Г",{"v":1,"d":"1.000"},"ШТ",2014,"3.NV.1100-2002","Документы отсутствуют","219*8 оцинк.","Удовлетворительное",{"v":1946.5,"d":"1,946.50"},{"v":1946.5,"d":"1,946.50"},{"v":1946.5,"d":"1,946.50"},{"v":1380,"d":"1,380.00"},{"v":303.6,"d":"303.60"},{"v":1683.6,"d":"1,683.60"},null,16]
["А0366",306,10107633,"Отвод 90-273х7-20 Г17375 оцинк.","(0094) Кусковская 18Г",{"v":1,"d":"1.000"},"ШТ",2014,"3.NV.1100-2002","Документы отсутствуют","273*7 оцинк.","Удовлетворительное",{"v":3521.05,"d":"3,521.05"},{"v":3521.05,"d":"3,521.05"},{"v":3521.05,"d":"3,521.05"},{"v":2500,"d":"2,500.00"},{"v":550,"d":"550.00"},{"v":3050,"d":"3,050.00"},null,16]
["А0367",307,10006226,"Труба 159х6 В 20 Г8732 Г8731 оцинк.","(0098) Верхние поля, 25",{"$f":"355.94-112.85-45.21","v":{"v":197.88,"d":"197.880"}},"М",2014,"3.NV.1100-2002","Документы отсутствуют","159*6 оцинк","Удовлетворительное",{"v":288468.2,"d":"288,468.20"},{"v":1457.79,"d":"1,457.79"},{"$f":"518887.06/355.94*197.88","v":{"v":288468.2,"d":"288,468.20"}},{"v":204860,"d":"204,860.00"},{"v":45069.2,"d":"45,069.20"},{"v":249929.2,"d":"249,929.20"},null,16]
["А0367/1",308,10006226,"Труба 159х6 В 20 Г8732 Г8731 оцинк.","(0092) Кусковская 18Г",{"v":45.21,"d":"45.210"},"М",2014,"3.NV.1100-2002","Документы отсутствуют","159*6 оцинк","Удовлетворительное",{"$f":"O327","v":{"v":65906.85,"d":"65,906.85"}},{"$f":"M327/F327","v":{"v":1457.79,"d":"1,457.79"}},{"v":65906.85,"d":"65,906.85"},{"v":46800,"d":"46,800.00"},{"v":10296,"d":"10,296.00"},{"v":57096,"d":"57,096.00"},null,16]
[{"$nulls":14},{"$f":"SUM(O276:O327)","v":{"v":988132.05,"d":"988,132.05"}},{"$f":"SUM(P276:P327)","v":{"v":696490,"d":"696,490.00"}},{"$f":"SUM(Q276:Q327)","v":{"v":153227.8,"d":"153,227.80"}},{"$f":"SUM(R276:R327)","v":{"v":849717.8,"d":"849,717.80"}},{"$f":"R328/100*10","v":{"v":84971.78,"d":"84,971.78"}},16]
["А0369",309,10027085,"ФИТИНГИ РАЗНЫЕ (С_ЦС_10/01)","(0094) Кусковская 18Г",{"v":5,"d":"5.000"},"ШТ","2007-09-30","3.NV.1100-2002","Документы отсутствуют","Нет данных","Новое",0.13,{"$f":"O329/F329","v":0.03},0.13,{"v":500,"d":"500.00"},{"$f":"R329-P329","v":{"v":110,"d":"110.00"}},{"$f":"P329*1.22","v":{"v":610,"d":"610.00"}},null,17,"Детали трубопровода.Фитинги."]
["А0373",310,10027363,"Фитинг (нипель) лат. Ду-32","(0098) Верхние поля, 25",{"v":312,"d":"312.000"},"ШТ",2014,"3.NV.1100-2002","Документы отсутствуют","Ду32","Хорошее",{"v":19546.8,"d":"19,546.80"},{"$f":"O330/F330","v":62.65},{"v":19546.8,"d":"19,546.80"},{"v":21450,"d":"21,450.00"},{"$f":"R330-P330","v":{"v":4719,"d":"4,719.00"}},{"$f":"P330*1.22","v":{"v":26169,"d":"26,169.00"}},null,17]
["А0374",311,10027361,"Фитинг (нипель) лат. Ду-25","(0098) Верхние поля, 25",{"v":328,"d":"328.000"},"ШТ",2014,"3.NV.1100-2002","Документы отсутствуют","Ду25","Хорошее",{"v":12788.72,"d":"12,788.72"},{"$f":"O331/F331","v":38.99},{"v":12788.72,"d":"12,788.72"},{"v":14030,"d":"14,030.00"},{"$f":"R331-P331","v":{"v":3086.6,"d":"3,086.60"}},{"$f":"P331*1.22","v":{"v":17116.6,"d":"17,116.60"}},null,17]
[{"$nulls":14},{"$f":"SUM(O329:O331)","v":{"v":32335.65,"d":"32,335.65"}},{"$f":"SUM(P329:P331)","v":{"v":35980,"d":"35,980.00"}},{"v":7915.6,"d":"7,915.60"},{"$f":"SUM(R329:R331)","v":{"v":43895.6,"d":"43,895.60"}},{"$f":"R332/100*10","v":{"v":4389.56,"d":"4,389.56"}},17]
["А0375",312,10107163,"Фланец 1-15-25 ст. 20 оцинк. Г12820-80","(0094) Кусковская 18Г",{"v":8,"d":"8.000"},"ШТ","2013-04-11","3.NV.1100-2002","Документы отсутствуют","Нет данных","Новое",804.48,{"$f":"O333/F333","v":100.56},804.48,{"v":1200,"d":"1,200.00"},{"$f":"R333-P333","v":{"v":264,"d":"264.00"}},{"$f":"P333*1.22","v":{"v":1464,"d":"1,464.00"}},null,18,"Детали трубопровода.Фланцы."]
["А0377",313,10006498,"Фланец 1-500-25 ст. 20 Г12820-80","(0094) Кусковская 18Г",{"v":16,"d":"16.000"},"ШТ","2009-11-12","3.NV.1100-2002","Документы отсутствуют","Нет данных","Новое",{"v":164741.15,"d":"164,741.15"},{"v":10296.32,"d":"10,296.32"},{"v":164741.15,"d":"164,741.15"},{"v":296010,"d":"296,010.00"},{"v":65122.2,"d":"65,122.20"},{"v":361132.2,"d":"361,132.20"},null,18]
["А0378",314,10104465,"Фланец 1-600-25 ст. 20 Г12820-80","(0094) Кусковская 18Г",{"$f":"10-4-2","v":{"v":4,"d":"4.000"}},"ШТ","2009-12-10","3.NV.1100-2002","Документы отсутствуют","Нет данных","Новое",{"v":43091.81,"d":"43,091.81"},{"v":10772.95,"d":"10,772.95"},{"$f":"107729.52/10*4","v":{"v":43091.81,"d":"43,091.81"}},{"v":77560,"d":"77,560.00"},{"v":17063.2,"d":"17,063.20"},{"v":94623.2,"d":"94,623.20"},null,18]
["А0384",315,10091335,"ФЛАНЦЫ РУ 25 ДУ 400мм","(0094) Кусковская 18Г",{"v":2,"d":"2.000"},"ШТ","2009-11-12","3.NV.1100-2002","Документы отсутствуют","Нет данных","Новое",{"v":3458.16,"d":"3,458.16"},{"v":1729.08,"d":"1,729.08"},{"v":3458.16,"d":"3,458.16"},{"v":6210,"d":"6,210.00"},{"v":1366.2,"d":"1,366.20"},{"v":7576.2,"d":"7,576.20"},null,18]
["А0376",316,10102170,"Фланец 1-400-25 ст. 20 Г12820-80","(0094) Кусковская 18Г",{"$f":"19-15","v":{"v":4,"d":"4.000"}},"ШТ","2015-12-14","3.NV.1100-2002","Документы отсутствуют","Нет данных","Новое",{"$f":"O337","v":{"v":15717.6,"d":"15,717.60"}},{"$f":"O337/F337","v":{"v":3929.4,"d":"3,929.40"}},{"$f":"74658.58/19*4","v":{"v":15717.6,"d":"15,717.60"}},{"v":21570,"d":"21,570.00"},{"v":4745.4,"d":"4,745.40"},{"v":26315.4,"d":"26,315.40"},null,18]
["А0376/1",317,10102170,"Фланец 1-400-25 ст. 20 Г12820-80","(0098) Верхние поля, 25",{"v":15,"d":"15.000"},"ШТ","2015-12-14","3.NV.1100-2002","Документы отсутствуют","Нет данных","Новое",{"$f":"O338","v":{"v":58940.98,"d":"58,940.98"}},{"$f":"M338/F338","v":{"v":3929.4,"d":"3,929.40"}},{"v":58940.98,"d":"58,940.98"},{"v":80870,"d":"80,870.00"},{"v":17791.4,"d":"17,791.40"},{"v":98661.4,"d":"98,661.40"},null,18]
[{"$nulls":14},{"$f":"SUM(O333:O338)","v":{"v":286754.18,"d":"286,754.18"}},{"$f":"SUM(P333:P338)","v":{"v":483420,"d":"483,420.00"}},{"v":106352.4,"d":"106,352.40"},{"$f":"SUM(R333:R338)","v":{"v":589772.4,"d":"589,772.40"}},{"$f":"R339/100*10","v":{"v":58977.24,"d":"58,977.24"}},18]
["А0387",318,10011423,"Комплект фланцев воротник. Ду150 Ру16","(0317) Проспект Мира, д. 177А, стр. 1",{"v":1,"d":"1.000"},"ШТ","2014-12-31","3.NV.1203-2002","Документы отсутствуют","Комплект фланцев воротниковых для заслонки Ду150 Ру16","Удовлетворительное",{"$f":"O340","v":{"v":1979.24,"d":"1,979.24"}},{"$f":"O340/F340","v":{"v":1979.24,"d":"1,979.24"}},{"v":1979.24,"d":"1,979.24"},{"v":2000,"d":"2,000.00"},{"$f":"R340-P340","v":{"v":440,"d":"440.00"}},{"$f":"P340*1.22","v":{"v":2440,"d":"2,440.00"}},null,19,"Детали трубопровода.Фланцы."]
["А0388",319,10102170,"Фланец 1-400-25 ст. 20 Г12820-80","(0101)1-й Сетунский пр-д, д. 10Г",{"v":1,"d":"1.000"},"ШТ","11.2013г.","3.NV.1201-2002","Документы отсутствуют","1-400-25 ст. 20 Г12820","Удовлетворительное",{"v":4038.52,"d":"4,038.52"},{"$f":"O341/F341","v":{"v":4038.52,"d":"4,038.52"}},{"v":4038.52,"d":"4,038.52"},{"v":3260,"d":"3,260.00"},{"$f":"R341-P341","v":{"v":717.2,"d":"717.20"}},{"$f":"P341*1.22","v":{"v":3977.2,"d":"3,977.20"}},null,19]
["А0389",320,10102170,"Фланец 1-400-25 ст. 20 Г12820-80","(0107)1-й Сетунский пр-д, д. 10Г",{"v":2,"d":"2.000"},"ШТ","06.2012г","3.NV.1201-2002","Документы отсутствуют","1-400-25 ст. 20 Г12820","Удовлетворительное",{"v":8077.04,"d":"8,077.04"},{"$f":"O342/F342","v":{"v":4038.52,"d":"4,038.52"}},{"v":8077.04,"d":"8,077.04"},{"v":6520,"d":"6,520.00"},{"$f":"R342-P342","v":{"v":1434.4,"d":"1,434.40"}},{"$f":"P342*1.22","v":{"v":7954.4,"d":"7,954.40"}},null,19]
["А0390",321,10015376,"Угольник с фланцами DN 40","(0104) ул. М. Дмитровка, д. 25",{"v":2,"d":"2.000"},"ШТ",2014,"3.NV.1201-2002","Документы отсутствуют","Нет данных","Удовлетворительное",{"v":9912.98,"d":"9,912.98"},{"$f":"O343/F343","v":{"v":4956.49,"d":"4,956.49"}},{"v":9912.98,"d":"9,912.98"},{"v":9960,"d":"9,960.00"},{"$f":"R343-P343","v":{"v":2191.2,"d":"2,191.20"}},{"$f":"P343*1.22","v":{"v":12151.2,"d":"12,151.20"}},null,19]
[{"$nulls":14},{"$f":"SUM(O340:O343)","v":{"v":24007.78,"d":"24,007.78"}},{"$f":"SUM(P340:P343)","v":{"v":21740,"d":"21,740.00"}},{"v":4782.8,"d":"4,782.80"},{"$f":"SUM(R340:R343)","v":{"v":26522.8,"d":"26,522.80"}},{"$f":"R344/100*10","v":{"v":2652.28,"d":"2,652.28"}},19]
["А0392",322,10112546,"Пруж. стабил. PS/79 2бар 0101210","(0098) Верхние поля, 25",{"v":1,"d":"1.000"},"ШТ","2013-02-11","3.NV.1100-2002","Документы отсутствуют","Нет данных","Новое",{"v":1135.37,"d":"1,135.37"},{"$f":"O345/F345","v":{"v":1135.37,"d":"1,135.37"}},{"v":1135.37,"d":"1,135.37"},{"v":2010,"d":"2,010.00"},{"$f":"R345-P345","v":{"v":442.2,"d":"442.20"}},{"$f":"P345*1.22","v":{"v":2452.2,"d":"2,452.20"}},null,20,"Запчасти к арматуре трубопроводной"]
["А0393",323,10105593,"Пружина пилота КН РДБК1-200","(0098) Верхние поля, 25",{"v":1,"d":"1.000"},"ШТ","2013-07-10","3.NV.1100-2002","Документы отсутствуют","Нет данных","Новое",{"v":180,"d":"180.00"},{"$f":"O346/F346","v":{"v":180,"d":"180.00"}},{"v":180,"d":"180.00"},{"v":320,"d":"320.00"},{"$f":"R346-P346","v":{"v":70.4,"d":"70.40"}},{"$f":"P346*1.22","v":{"v":390.4,"d":"390.40"}},null,20]
["А0396",324,10120423,"Спецболт М16х1,5 РДБК ПФ Газсервис","(0098) Верхние поля, 25",{"v":2,"d":"2.000"},"ШТ","2012-12-04","3.NV.1100-2002","Документы отсутствуют","Нет данных","Новое",{"v":1671.18,"d":"1,671.18"},{"$f":"O347/F347","v":835.59},{"v":1671.18,"d":"1,671.18"},{"v":2840,"d":"2,840.00"},{"$f":"R347-P347","v":{"v":624.8,"d":"624.80"}},{"$f":"P347*1.22","v":{"v":3464.8,"d":"3,464.80"}},null,20]
["А0397",325,10120445,"Элемент RA-2920 Danfoss 013G2920","(0092) Кусковская ул., д. 18Г",{"v":12,"d":"12.000"},"ШТ","2013-12-13","3.NV.1100-2002","Документы отсутствуют","Нет данных","Новое",{"v":12182.52,"d":"12,182.52"},{"$f":"O348/F348","v":{"v":1015.21,"d":"1,015.21"}},{"v":12182.52,"d":"12,182.52"},{"v":20060,"d":"20,060.00"},{"$f":"R348-P348","v":{"v":4413.2,"d":"4,413.20"}},{"$f":"P348*1.22","v":{"v":24473.2,"d":"24,473.20"}},null,20]
["А0394",326,10113475,"Ремкомплект АТЭК.493924.017-07 п/к","(0098) Верхние поля, 25",{"v":20,"d":"20.000"},"ШТ","2014-12-24","3.NV.1100-2002","Документы отсутствуют","Нет данных","Новое",{"v":197816.8,"d":"197,816.80"},{"$f":"O349/F349","v":{"v":9890.84,"d":"9,890.84"}},{"v":197816.8,"d":"197,816.80"},{"v":327930,"d":"327,930.00"},{"$f":"R349-P349","v":{"v":72144.6,"d":"72,144.60"}},{"$f":"P349*1.22","v":{"v":400074.6,"d":"400,074.60"}},null,20]
[{"$nulls":14},{"$f":"SUM(O345:O349)","v":{"v":212985.87,"d":"212,985.87"}},{"$f":"SUM(P345:P349)","v":{"v":353160,"d":"353,160.00"}},{"v":77695.2,"d":"77,695.20"},{"$f":"SUM(R345:R349)","v":{"v":430855.2,"d":"430,855.20"}},{"$f":"R350/100*10","v":{"v":43085.52,"d":"43,085.52"}},20]
["А0398",327,10113494,"Ремкомплект АТЭК.491174.003НЖ-01 п/к","(0903) Проезд № 607 д. 22",{"v":7,"d":"7.000"},"ШТ","08.2015г.","3.NV.1209-2002","Документы отсутствуют","Нет данных","Удовлетворительное",{"v":130013.08,"d":"130,013.08"},{"$f":"O351/F351","v":{"v":18573.3,"d":"18,573.30"}},{"v":130013.08,"d":"130,013.08"},{"v":114800,"d":"114,800.00"},{"$f":"R351-P351","v":{"v":25256,"d":"25,256.00"}},{"$f":"P351*1.22","v":{"v":140056,"d":"140,056.00"}},null,21,"Запчасти к арматуре трубопроводной"]
["А0399",328,10113474,"Ремкомплект АТЭК.491284.002-03 п/к","(0903) Проезд № 607 д. 22",{"v":2,"d":"2.000"},"ШТ","08.2015г.","3.NV.1209-2002","Документы отсутствуют","Нет данных","Удовлетворительное",{"v":189055.98,"d":"189,055.98"},{"v":94527.99,"d":"94,527.99"},{"v":189055.98,"d":"189,055.98"},{"v":166340,"d":"166,340.00"},{"v":36594.8,"d":"36,594.80"},{"v":202934.8,"d":"202,934.80"},null,21]
["А0400",329,10113544,"Ремкомплект АТЭК.491284.012-01 п/к","(0903) Проезд № 607 д. 22",{"v":10,"d":"10.000"},"ШТ","08.2015г.","3.NV.1209-2002","Документы отсутствуют","Нет данных","Удовлетворительное",{"v":642597.39,"d":"642,597.39"},{"v":64259.74,"d":"64,259.74"},{"v":642597.39,"d":"642,597.39"},{"v":563370,"d":"563,370.00"},{"v":123941.4,"d":"123,941.40"},{"v":687311.4,"d":"687,311.40"},null,21]
["А0401",330,10113546,"Ремкомплект АТЭК.491284.022-02","(0903) Проезд № 607 д. 22",{"v":5,"d":"5.000"},"ШТ","08.2015г.","3.NV.1209-2002","Документы отсутствуют","Нет данных","Удовлетворительное",{"v":123206.75,"d":"123,206.75"},{"v":24641.35,"d":"24,641.35"},{"v":123206.75,"d":"123,206.75"},{"v":107190,"d":"107,190.00"},{"v":23581.8,"d":"23,581.80"},{"v":130771.8,"d":"130,771.80"},null,21]
["А0402",331,10113475,"Ремкомплект АТЭК.493924.017-07 п/к","(0903) Проезд № 607 д. 22",{"v":4,"d":"4.000"},"ШТ","08.2015г.","3.NV.1209-2002","Документы отсутствуют","Нет данных","Удовлетворительное",{"v":45083.44,"d":"45,083.44"},{"v":11270.86,"d":"11,270.86"},{"v":45083.44,"d":"45,083.44"},{"v":43960,"d":"43,960.00"},{"v":9671.2,"d":"9,671.20"},{"v":53631.2,"d":"53,631.20"},null,21]
["А0403",332,102002168,"Ремкомплект FL 150х300-SRS 2200766","(1646) 1-й Ботанический пр-д, д. 1г",{"v":1,"d":"1.000"},"ШТ","2014-12-01","3.NV.1216-2002","Документы отсутствуют","Ремкомплект FL 150х300-SRS 2200766","Удовлетворительное",{"v":76487.13,"d":"76,487.13"},{"v":76487.13,"d":"76,487.13"},{"v":76487.13,"d":"76,487.13"},{"v":74590,"d":"74,590.00"},{"v":16409.8,"d":"16,409.80"},{"v":90999.8,"d":"90,999.80"},null,21]
["А0405",333,10021996,"Ремкомплект R33/А","(1646) 1-й Ботанический пр-д, д. 1г",{"v":1,"d":"1.000"},"ШТ","2014-12-01","3.NV.1216-2002","Документы отсутствуют","Ремкомплект R33/А","Удовлетворительное",{"v":4909.58,"d":"4,909.58"},{"v":4909.58,"d":"4,909.58"},{"v":4909.58,"d":"4,909.58"},{"v":4790,"d":"4,790.00"},{"v":1053.8,"d":"1,053.80"},{"v":5843.8,"d":"5,843.80"},null,21]
["А0407",334,10023601,"Ремкомплект Reval 182 и ПЗК SB82 Ду150","(1646) 1-й Ботанический пр-д, д. 1г",{"v":1,"d":"1.000"},"ШТ","2014-12-01","3.NV.1216-2002","Документы отсутствуют","Ремкомплект Reval 182 и ПЗК SB82 Ду150","Удовлетворительное",{"v":65122.19,"d":"65,122.19"},{"v":65122.19,"d":"65,122.19"},{"v":65122.19,"d":"65,122.19"},{"v":63500,"d":"63,500.00"},{"v":13970,"d":"13,970.00"},{"v":77470,"d":"77,470.00"},null,21]
["А0409",335,10023599,"Ремкомплект Пилот 204/А","(1646) 1-й Ботанический пр-д, д. 1г",{"v":1,"d":"1.000"},"ШТ","2014-12-01","3.NV.1216-2002","Документы отсутствуют","Ремкомплект Пилот 204/А","Удовлетворительное",{"v":3293.79,"d":"3,293.79"},{"v":3293.79,"d":"3,293.79"},{"v":3293.79,"d":"3,293.79"},{"v":3210,"d":"3,210.00"},{"v":706.2,"d":"706.20"},{"v":3916.2,"d":"3,916.20"},null,21]
[{"$nulls":14},{"$f":"SUM(O351:O359)","v":{"v":1279769.33,"d":"1,279,769.33"}},{"$f":"SUM(P351:P359)","v":{"v":1141750,"d":"1,141,750.00"}},{"v":251185,"d":"251,185.00"},{"$f":"SUM(R351:R359)","v":{"v":1392935,"d":"1,392,935.00"}},{"$f":"R360/100*10","v":{"v":139293.5,"d":"139,293.50"}},21]
["А0410",336,10132154,"Головка инфракрасная считывающая TK117","(0092) Кусковская ул., д. 18Г",{"$f":"5-2","v":{"v":3,"d":"3.000"}},"ШТ","2012-03-30","3.NV.1100-2002","Документы отсутствуют","Нет данных","Новое",{"$f":"O361","v":17.07},5.69,{"$f":"28.45/5*3","v":17.07},{"v":10,"d":"10.00"},{"$f":"R361-P361","v":{"v":2.2,"d":"2.20"}},{"$f":"P361*1.22","v":{"v":12.2,"d":"12.20"}},null,22,"Запчасти к КИПиА"]
["А0411",337,10105891,"Датчик кислорода O2 для Анкат-7664М","(0092) Кусковская ул., д. 18Г",{"v":30,"d":"30.000"},"ШТ","2011-06-03","3.NV.1100-2002","Документы отсутствуют","Нет данных","Новое",{"v":170612.73,"d":"170,612.73"},{"v":5687.09,"d":"5,687.09"},{"v":170612.73,"d":"170,612.73"},{"v":151140,"d":"151,140.00"},{"v":33250.8,"d":"33,250.80"},{"v":184390.8,"d":"184,390.80"},null,22]
["А0412",338,10105892,"Датчик кислорода O2 для СГГ-4М-4","(0092) Кусковская ул., д. 18Г",{"v":22,"d":"22.000"},"ШТ","2011-06-03","3.NV.1100-2002","Документы отсутствуют","Нет данных","Новое",{"v":116772.97,"d":"116,772.97"},{"v":5307.86,"d":"5,307.86"},{"v":116772.97,"d":"116,772.97"},{"v":103440,"d":"103,440.00"},{"v":22756.8,"d":"22,756.80"},{"v":126196.8,"d":"126,196.80"},null,22]
["А0413",339,10022961,"Датчик СН4 для сигнализатора ФСТ-03","(0092) Кусковская ул., д. 18Г",{"v":7,"d":"7.000"},"ШТ","2012-08-20","3.NV.1100-2002","Документы отсутствуют","Нет данных","Новое",{"v":22093.38,"d":"22,093.38"},{"v":3156.2,"d":"3,156.20"},{"v":22093.38,"d":"22,093.38"},{"v":19220,"d":"19,220.00"},{"v":4228.4,"d":"4,228.40"},{"v":23448.4,"d":"23,448.40"},null,22]
["А0414",340,10022963,"Датчик СО для сигнализатора ФСТ-03","(0092) Кусковская ул., д. 18Г",{"v":12,"d":"12.000"},"ШТ","2013-01-01","3.NV.1100-2002","Документы отсутствуют","Нет данных","Новое",{"v":54685.95,"d":"54,685.95"},{"v":4557.16,"d":"4,557.16"},{"v":54685.95,"d":"54,685.95"},{"v":47910,"d":"47,910.00"},{"v":10540.2,"d":"10,540.20"},{"v":58450.2,"d":"58,450.20"},null,22]
["А0415",341,10128215,"Кабель Array Electronic SR-CP","(0092) Кусковская ул., д. 18Г",{"v":1,"d":"1.000"},"ШТ","2011-12-12","3.NV.1100-2002","Документы отсутствуют","Нет данных","Новое",{"$f":"O366","v":{"v":1375.49,"d":"1,375.49"}},{"$f":"O366/F366","v":{"v":1375.49,"d":"1,375.49"}},{"v":1375.49,"d":"1,375.49"},{"v":1200,"d":"1,200.00"},{"v":264,"d":"264.00"},{"v":1464,"d":"1,464.00"},null,22]
["А0416",342,10134908,"Компл. монтажных частей К1","(0092) Кусковская ул., д. 18Г",{"v":24,"d":"24.000"},"ШТ","2013-10-16","3.NV.1100-2002","Документы отсутствуют","Нет данных","Новое",{"v":1579.68,"d":"1,579.68"},65.82,{"v":1579.68,"d":"1,579.68"},{"v":1380,"d":"1,380.00"},{"v":303.6,"d":"303.60"},{"v":1683.6,"d":"1,683.60"},null,22]
["А0417",343,10131575,"Модуль преобразователя МИП-01","(0092) Кусковская ул., д. 18Г",{"v":4,"d":"4.000"},"ШТ","2013-06-06","3.NV.1100-2002","Документы отсутствуют","Нет данных","Новое",{"v":24720,"d":"24,720.00"},{"v":6180,"d":"6,180.00"},{"v":24720,"d":"24,720.00"},{"v":21510,"d":"21,510.00"},{"v":4732.2,"d":"4,732.20"},{"v":26242.2,"d":"26,242.20"},null,22]
["А0418",344,10010743,"Модуль процессорный 17188ХА с памятью","(0092) Кусковская ул., д. 18Г",{"v":1,"d":"1.000"},"ШТ","2013-06-06","3.NV.1100-2002","Документы отсутствуют","Нет данных","Новое",{"v":3816.84,"d":"3,816.84"},{"v":3816.84,"d":"3,816.84"},{"v":3816.84,"d":"3,816.84"},{"v":3320,"d":"3,320.00"},{"v":730.4,"d":"730.40"},{"v":4050.4,"d":"4,050.40"},null,22]
["А0419",345,10122844,"Переходник Wika 910.14 муф.-цап. 9090274","(0092) Кусковская ул., д. 18Г",{"v":6,"d":"6.000"},"ШТ","2011-12-07","3.NV.1100-2002","Документы отсутствуют","Нет данных","Новое",{"v":2940.88,"d":"2,940.88"},490.15,{"v":2940.88,"d":"2,940.88"},{"v":2570,"d":"2,570.00"},{"v":565.4,"d":"565.40"},{"v":3135.4,"d":"3,135.40"},null,22]
["А0420",346,10098506,"Сенсор CO-1,0 для СКВА","(0092) Кусковская ул., д. 18Г",{"v":12,"d":"12.000"},"ШТ","2013-06-06","3.NV.1100-2002","Документы отсутствуют","Нет данных","Новое",{"v":30574.29,"d":"30,574.29"},{"v":2547.86,"d":"2,547.86"},{"v":30574.29,"d":"30,574.29"},{"v":26610,"d":"26,610.00"},{"v":5854.2,"d":"5,854.20"},{"v":32464.2,"d":"32,464.20"},null,22]
["А0421",347,10017823,"Сенсор ECO-Sure (2e) сигнализ. RGO","(0092) Кусковская ул., д. 18Г",{"v":10,"d":"10.000"},"ШТ","2012-12-06","3.NV.1100-2002","Документы отсутствуют","Нет данных","Новое",{"v":14958.1,"d":"14,958.10"},{"v":1495.81,"d":"1,495.81"},{"v":14958.1,"d":"14,958.10"},{"v":13000,"d":"13,000.00"},{"v":2860,"d":"2,860.00"},{"v":15860,"d":"15,860.00"},null,22]
["А0422",348,10134242,"Сенсор Oxygen O2-A3 Alphasense","(0092) Кусковская ул., д. 18Г",{"v":20,"d":"20.000"},"ШТ","2012-12-24","3.NV.1100-2002","Документы отсутствуют","Нет данных","Новое",{"v":31500,"d":"31,500.00"},{"v":1575,"d":"1,575.00"},{"v":31500,"d":"31,500.00"},{"v":27370,"d":"27,370.00"},{"v":6021.4,"d":"6,021.40"},{"v":33391.4,"d":"33,391.40"},null,22]
["А0423",349,10093718,"Сенсор ГС-1EX","(0092) Кусковская ул., д. 18Г",0.967,"ШТ","2008-11-06","3.NV.1100-2002","Документы отсутствуют","Нет данных","Новое",597.41,{"v":617.8,"d":"617.80"},597.41,{"v":610,"d":"610.00"},{"v":134.2,"d":"134.20"},{"v":744.2,"d":"744.20"},null,22]
["А0424",350,10093719,"Сенсор О2 mini OX3","(0092) Кусковская ул., д. 18Г",{"v":12,"d":"12.000"},"ШТ","2008-11-06","3.NV.1100-2002","Документы отсутствуют","Нет данных","Новое",{"v":50902.86,"d":"50,902.86"},{"v":4241.91,"d":"4,241.91"},{"v":50902.86,"d":"50,902.86"},{"v":52000,"d":"52,000.00"},{"v":11440,"d":"11,440.00"},{"v":63440,"d":"63,440.00"},null,22]
["А0425",351,10101809,"Сенсор термокаталитический ДТК-1-3,0","(0092) Кусковская ул., д. 18Г",{"$f":"65-53","v":{"v":12,"d":"12.000"}},"ШТ","2011-04-07","3.NV.1100-2002","Документы отсутствуют","Нет данных","Новое",{"v":13392,"d":"13,392.00"},{"v":1116,"d":"1,116.00"},{"$f":"72540/65*12","v":{"v":13392,"d":"13,392.00"}},{"v":12020,"d":"12,020.00"},{"v":2644.4,"d":"2,644.40"},{"v":14664.4,"d":"14,664.40"},null,22]
["А0425/1",352,10101809,"Сенсор термокаталитический ДТК-1-3,0","(0098) Верхние поля, 25",{"v":53,"d":"53.000"},"ШТ","2011-04-07","3.NV.1100-2002","Документы отсутствуют","Диапазон измерений концентраций метана, % об. долей: 0-2,2\nДиапазон измерений других горючих газов и паров, % НКПР: 0-100\nНапряжение питания, В (в мостовой измерительной схеме): 2,8±0,2\nПотребляемая мощность, Вт: 0,14±0,02\n","Удовлетворительное",{"$f":"O377","v":{"v":59148,"d":"59,148.00"}},{"$f":"M377/53","v":{"v":1116,"d":"1,116.00"}},{"v":59148,"d":"59,148.00"},{"v":31230,"d":"31,230.00"},{"v":6870.6,"d":"6,870.60"},{"v":38100.6,"d":"38,100.60"},null,22]
["А0426",353,10021652,"Сенсор ТКС-1 сигнализ. Сигма-1","(0092) Кусковская ул., д. 18Г",{"v":15,"d":"15.000"},"ШТ","2007-12-03","3.NV.1100-2002","Документы отсутствуют","Нет данных","Новое",{"v":14344.66,"d":"14,344.66"},{"$f":"O378/F378","v":956.31},{"v":14344.66,"d":"14,344.66"},{"v":16560,"d":"16,560.00"},{"v":3643.2,"d":"3,643.20"},{"v":20203.2,"d":"20,203.20"},null,22]
["А0427",354,10119341,"ТИРИСТОР ТС 142-80-6","(0092) Кусковская ул., д. 18Г",{"v":4,"d":"4.000"},"ШТ","2013-05-29","3.NV.1100-2002","Документы отсутствуют","Нет данных","Новое",{"v":2572.88,"d":"2,572.88"},643.22,{"v":2572.88,"d":"2,572.88"},{"v":2240,"d":"2,240.00"},{"v":492.8,"d":"492.80"},{"v":2732.8,"d":"2,732.80"},null,22]
["А0428",355,10105828,"Датчик метана СН4 для Анкат-7664М","(0092) Кусковская ул., д. 18Г",{"v":26,"d":"26.000"},"ШТ","2013-06-06","3.NV.1100-2002","Этикетка приемки ИБЯЛ.413226.075 СБ","Нет данных","Новое",{"v":64056.94,"d":"64,056.94"},{"v":2463.73,"d":"2,463.73"},{"v":64056.94,"d":"64,056.94"},{"v":55750,"d":"55,750.00"},{"v":12265,"d":"12,265.00"},{"v":68015,"d":"68,015.00"},null,22]
["А0429",356,10148104,"Кабель TK 890F 10м ABB 3BDM000202R1","(0098) Верхние поля, 25",{"v":1,"d":"1.000"},"ШТ","2013-09-01","3.NV.1100-2002","Документы отсутствуют","Нет данных","Новое",{"v":6249,"d":"6,249.00"},{"v":6249,"d":"6,249.00"},{"v":6249,"d":"6,249.00"},{"v":5460,"d":"5,460.00"},{"v":1201.2,"d":"1,201.20"},{"v":6661.2,"d":"6,661.20"},null,22]
["А0430",357,10148150,"Кабель TK811V015 ABB 3BSC950107R1","(0098) Верхние поля, 25",{"v":3,"d":"3.000"},"ШТ","2013-09-01","3.NV.1100-2002","Документы отсутствуют","Нет данных","Новое",{"v":3897,"d":"3,897.00"},{"v":1299,"d":"1,299.00"},{"v":3897,"d":"3,897.00"},{"v":3400,"d":"3,400.00"},{"v":748,"d":"748.00"},{"v":4148,"d":"4,148.00"},null,22]
["А0431",358,10151413,"Плата SNMP-интерфейса C-IS-WEBL Emerson","(0098) Верхние поля, 25",{"v":1,"d":"1.000"},"ШТ","2013-09-01","3.NV.1100-2002","Документы отсутствуют","Нет данных","Новое",{"v":29300,"d":"29,300.00"},{"v":29300,"d":"29,300.00"},{"v":29300,"d":"29,300.00"},{"v":25590,"d":"25,590.00"},{"v":5629.8,"d":"5,629.80"},{"v":31219.8,"d":"31,219.80"},null,22]
[{"$nulls":14},{"$f":"SUM(O361:O383)","v":{"v":720108.13,"d":"720,108.13"}},{"$f":"SUM(P361:P383)","v":{"v":623540,"d":"623,540.00"}},{"v":137178.8,"d":"137,178.80"},{"$f":"SUM(R361:R383)","v":{"v":760718.8,"d":"760,718.80"}},{"$f":"R384/100*10","v":{"v":76071.88,"d":"76,071.88"}},22]
["А0432",359,102001389,"Модуль сетевой интерфейсный ABB INNIS21","(0817) Боровское шоссе, д.10",{"v":2,"d":"2.000"},"ШТ","2014-12-31","3.NV.1208-2002","Документы отсутствуют","Нет данных","Удовлетворительное",{"v":382592.78,"d":"382,592.78"},{"$f":"O385/F385","v":{"v":191296.39,"d":"191,296.39"}},{"v":382592.78,"d":"382,592.78"},{"v":190500,"d":"190,500.00"},{"$f":"R385-P385","v":{"v":41910,"d":"41,910.00"}},{"$f":"P385*1.22","v":{"v":232410,"d":"232,410.00"}},null,23,"Запчасти к КИПиА"]
["А0433",360,102001424,"Модуль дискретных выходов ABB IMDSO14","(0817) Боровское шоссе, д.10",{"v":3,"d":"3.000"},"ШТ","2014-12-31","3.NV.1208-2002","Документы отсутствуют","Нет данных","Удовлетворительное",{"v":90555.72,"d":"90,555.72"},{"v":30185.24,"d":"30,185.24"},{"v":90555.72,"d":"90,555.72"},{"v":45090,"d":"45,090.00"},{"v":9919.8,"d":"9,919.80"},{"v":55009.8,"d":"55,009.80"},null,23]
["А0434",361,102001265,"Модуль процессора PM150V08 3BSE009598R1","(0903) Проезд № 607 д. 22",{"v":1,"d":"1.000"},"ШТ","2010","3.NV.1209-2002","Документы отсутствуют","Нет данных","Удовлетворительное",{"v":375520,"d":"375,520.00"},{"v":375520,"d":"375,520.00"},{"v":375520,"d":"375,520.00"},{"v":209750,"d":"209,750.00"},{"v":46145,"d":"46,145.00"},{"v":255895,"d":"255,895.00"},null,23]
["А0435",362,102001270,"Модуль анал. смешан. AX670 3BSE000566R1","(0903) Проезд № 607 д. 22",{"v":1,"d":"1.000"},"ШТ","2010","3.NV.1209-2002","Документы отсутствуют","Нет данных","Удовлетворительное",{"v":226380,"d":"226,380.00"},{"v":226380,"d":"226,380.00"},{"v":226380,"d":"226,380.00"},{"v":126450,"d":"126,450.00"},{"v":27819,"d":"27,819.00"},{"v":154269,"d":"154,269.00"},null,23]
["А0436",363,102001422,"Модуль анал. вых. AO650 3BHT300051R1","(0903) Проезд № 607 д. 22",{"v":1,"d":"1.000"},"ШТ","2010","3.NV.1209-2002","Документы отсутствуют","Нет данных","Удовлетворительное",{"v":233680,"d":"233,680.00"},{"v":233680,"d":"233,680.00"},{"v":233680,"d":"233,680.00"},{"v":130520,"d":"130,520.00"},{"v":28714.4,"d":"28,714.40"},{"v":159234.4,"d":"159,234.40"},null,23]
["А0437",364,102004256,"Ячейка QV-Flow IS1000 Swan А-83.411.111","(0903) Проезд № 607 д. 22",{"v":2,"d":"2.000"},"ШТ",2010,"3.NV.1209-2002","Документы отсутствуют","Нет данных","Удовлетворительное ",{"v":199206.96,"d":"199,206.96"},{"v":99603.48,"d":"99,603.48"},{"v":199206.96,"d":"199,206.96"},{"v":111270,"d":"111,270.00"},{"v":24479.4,"d":"24,479.40"},{"v":135749.4,"d":"135,749.40"},null,23]
["А0439",365,102000706,"Плата цифр. вх. DI 650 3BHT300025R1","(0903) Проезд № 607 д. 22",{"v":1,"d":"1.000"},"ШТ","2010","3.NV.1209-2002","Паспорт","Нет данных","Удовлетворительное",{"v":81725,"d":"81,725.00"},{"v":81725,"d":"81,725.00"},{"v":81725,"d":"81,725.00"},{"v":45650,"d":"45,650.00"},{"v":10043,"d":"10,043.00"},{"v":55693,"d":"55,693.00"},null,23]
["А0440",366,102000858,"Плата анал. вх. AI 625 3BHT300036R1","(0903) Проезд № 607 д. 22",{"v":1,"d":"1.000"},"ШТ","2010","3.NV.1209-2002","Паспорт","Нет данных","Удовлетворительное",{"v":129760,"d":"129,760.00"},{"v":129760,"d":"129,760.00"},{"v":129760,"d":"129,760.00"},{"v":72480,"d":"72,480.00"},{"v":15945.6,"d":"15,945.60"},{"v":88425.6,"d":"88,425.60"},null,23]
["А0441",367,102000966,"Плата анал. вх. AI 625 3BHT300011R1","(0903) Проезд № 607 д. 22",{"v":1,"d":"1.000"},"ШТ","2010","3.NV.1209-2002","Паспорт","Нет данных","Удовлетворительное",{"v":125850,"d":"125,850.00"},{"v":125850,"d":"125,850.00"},{"v":125850,"d":"125,850.00"},{"v":70290,"d":"70,290.00"},{"v":15463.8,"d":"15,463.80"},{"v":85753.8,"d":"85,753.80"},null,23]
["А0442",368,102001094,"Плата счётчика DP620 3BHT300016R1","(0903) Проезд № 607 д. 22",{"v":1,"d":"1.000"},"ШТ","2010","3.NV.1209-2002","Паспорт","Нет данных","Удовлетворительное",{"v":199080,"d":"199,080.00"},{"v":199080,"d":"199,080.00"},{"v":199080,"d":"199,080.00"},{"v":111200,"d":"111,200.00"},{"v":24464,"d":"24,464.00"},{"v":135664,"d":"135,664.00"},null,23]
["А0443",369,102001174,"Плата анал. вх. AI 635 3BHT300032R1","(0903) Проезд № 607 д. 22",{"v":1,"d":"1.000"},"ШТ","2010","3.NV.1209-2002","Паспорт","Нет данных","Удовлетворительное",{"v":155750,"d":"155,750.00"},{"v":155750,"d":"155,750.00"},{"v":155750,"d":"155,750.00"},{"v":87000,"d":"87,000.00"},{"v":19140,"d":"19,140.00"},{"v":106140,"d":"106,140.00"},null,23]
["А0444",370,102001219,"Плата цифр. вых. DO 625 3BHT30007R1","(0903) Проезд № 607 д. 22",{"v":1,"d":"1.000"},"ШТ","2010","3.NV.1209-2002","Паспорт","Нет данных","Удовлетворительное",{"v":99425,"d":"99,425.00"},{"v":99425,"d":"99,425.00"},{"v":99425,"d":"99,425.00"},{"v":55530,"d":"55,530.00"},{"v":12216.6,"d":"12,216.60"},{"v":67746.6,"d":"67,746.60"},null,23]
["А0445",371,102000830,"Плата NGDR-03C ABB 58976539","(0903) Проезд № 607 д. 22",{"v":2,"d":"2.000"},"ШТ","2010","3.NV.1209-2002","Описание","Нет данных","Удовлетворительное",{"v":188400,"d":"188,400.00"},{"v":94200,"d":"94,200.00"},{"v":188400,"d":"188,400.00"},{"v":105230,"d":"105,230.00"},{"v":23150.6,"d":"23,150.60"},{"v":128380.6,"d":"128,380.60"},null,23]
["А0446",372,102000875,"Плата NPOW-62C ABB 64113429","(0903) Проезд № 607 д. 22",{"v":2,"d":"2.000"},"ШТ","2010","3.NV.1209-2002","Документы отсутствуют","Нет данных","Удовлетворительное",{"v":137100,"d":"137,100.00"},{"v":68550,"d":"68,550.00"},{"v":137100,"d":"137,100.00"},{"v":76580,"d":"76,580.00"},{"v":16847.6,"d":"16,847.60"},{"v":93427.6,"d":"93,427.60"},null,23]
["А0447",373,102001075,"Плата AC-POW-4 MD ABB 42000553","(0903) Проезд № 607 д. 22",{"v":6,"d":"6.000"},"ШТ",2010,"3.NV.1209-2002","Документы отсутствуют","Нет данных","Удовлетворительное",{"v":586850,"d":"586,850.00"},{"v":97808.33,"d":"97,808.33"},{"v":586850,"d":"586,850.00"},{"v":327790,"d":"327,790.00"},{"v":72113.8,"d":"72,113.80"},{"v":399903.8,"d":"399,903.80"},null,23]
["А0448",374,102001488,"Плата NGPS-13C ABB 3AUA0000042489","(0903) Проезд № 607 д. 22",{"v":6,"d":"6.000"},"ШТ","2010","3.NV.1209-2002","Паспорт","Нет данных","Удовлетворительное",{"v":467220,"d":"467,220.00"},{"v":77870,"d":"77,870.00"},{"v":467220,"d":"467,220.00"},{"v":260970,"d":"260,970.00"},{"v":57413.4,"d":"57,413.40"},{"v":318383.4,"d":"318,383.40"},null,23]
["А0449",375,102001397,"Датчик частоты вращения ДЧВ-7М2","(0817) Боровское ш., д.10",{"v":1,"d":"1.000"},"ШТ","2014-12-31","3.NV.1208-2002","Документы отсутствуют","ТК-31","Удовлетворительное",{"v":26516,"d":"26,516.00"},{"v":26516,"d":"26,516.00"},{"v":26516,"d":"26,516.00"},{"v":13200,"d":"13,200.00"},{"v":2904,"d":"2,904.00"},{"v":16104,"d":"16,104.00"},null,23]
["А0450",376,102000687,"Источник питания S1006-R 24В","(0817) Боровское ш., д.10",{"v":1,"d":"1.000"},"ШТ","2014-12-31","3.NV.1208-2002","Документы отсутствуют","НМШ5-25-4/4Б","Удовлетворительное",{"v":118900,"d":"118,900.00"},{"v":118900,"d":"118,900.00"},{"v":118900,"d":"118,900.00"},{"v":59200,"d":"59,200.00"},{"v":13024,"d":"13,024.00"},{"v":72224,"d":"72,224.00"},null,23]
["А0451",377,10148150,"Кабель TK811V015 ABB 3BSC950107R1","(0817) Боровское ш., д.10",{"v":2,"d":"2.000"},"ШТ","2014-12-31","3.NV.1208-2002","Документы отсутствуют","ИРТ-5920 Элемер","Удовлетворительное",{"v":2598,"d":"2,598.00"},{"v":1299,"d":"1,299.00"},{"v":2598,"d":"2,598.00"},{"v":1330,"d":"1,330.00"},{"v":292.6,"d":"292.60"},{"v":1622.6,"d":"1,622.60"},null,23]
["А0452",378,102000916,"Контроллер шлюзовой ABB BRC 300","(0817) Боровское ш., д.10",{"v":1,"d":"1.000"},"ШТ","2014-12-31","3.NV.1208-2002","Документы отсутствуют","АТЭК-200-РП-С-40-ЭО Ду200, ПБР-3А","Удовлетворительное",{"v":596731.09,"d":"596,731.09"},{"v":596731.09,"d":"596,731.09"},{"v":596731.09,"d":"596,731.09"},{"v":297130,"d":"297,130.00"},{"v":65368.6,"d":"65,368.60"},{"v":362498.6,"d":"362,498.60"},null,23]
["А0453",379,102000702,"Модули дискретных входов ABB IMDSI13","(0817) Боровское ш., д.10",{"v":3,"d":"3.000"},"ШТ","2014-12-31","3.NV.1208-2002","Документы отсутствуют","КСО-25-250","Удовлетворительное",{"v":89655.45,"d":"89,655.45"},{"v":29885.15,"d":"29,885.15"},{"v":89655.45,"d":"89,655.45"},{"v":44640,"d":"44,640.00"},{"v":9820.8,"d":"9,820.80"},{"v":54460.8,"d":"54,460.80"},null,23]
["А0454",380,10105146,"Модуль MCR-C-I-I-00-DC Phoenix","(0817) Боровское ш., д.10",{"v":2,"d":"2.000"},"ШТ","2014-12-31","3.NV.1208-2002","Документы отсутствуют","СГ-ЭКВз-Т-0,75-1600/1,6","Удовлетворительное",{"v":12470.3,"d":"12,470.30"},{"v":6235.15,"d":"6,235.15"},{"v":12470.3,"d":"12,470.30"},{"v":6210,"d":"6,210.00"},{"v":1366.2,"d":"1,366.20"},{"v":7576.2,"d":"7,576.20"},null,23]
["А0455",381,10105107,"Модуль PSM-ME-RS232/RS485-P Phoenix","(0817) Боровское ш., д.10",{"v":1,"d":"1.000"},"ШТ","2014-12-31","3.NV.1208-2002","Документы отсутствуют","Графлекс КТ 033.01.017","Удовлетворительное",{"v":9199.7,"d":"9,199.70"},{"v":9199.7,"d":"9,199.70"},{"v":9199.7,"d":"9,199.70"},{"v":4580,"d":"4,580.00"},{"v":1007.6,"d":"1,007.60"},{"v":5587.6,"d":"5,587.60"},null,23]
["А0456",382,102001352,"Модуль аналогового входа ABB IMASI23","(0817) Боровское ш., д.10",{"v":1,"d":"1.000"},"ШТ","2014-12-31","3.NV.1208-2002","Документы отсутствуют","RS232-RS 485 ТС","Удовлетворительное",{"v":204144.7,"d":"204,144.70"},{"v":204144.7,"d":"204,144.70"},{"v":204144.7,"d":"204,144.70"},{"v":101650,"d":"101,650.00"},{"v":22363,"d":"22,363.00"},{"v":124013,"d":"124,013.00"},null,23]
["А0457",383,102000826,"Модуль аналогового входа ABB IMFEC12","(0817) Боровское ш., д.10",{"v":1,"d":"1.000"},"ШТ","2014-12-31","3.NV.1208-2002","Документы отсутствуют","МК6-30ТУХЛ3 250-400А 220В 50Гц","Удовлетворительное",{"v":37543.87,"d":"37,543.87"},{"v":37543.87,"d":"37,543.87"},{"v":37543.87,"d":"37,543.87"},{"v":18690,"d":"18,690.00"},{"v":4111.8,"d":"4,111.80"},{"v":22801.8,"d":"22,801.80"},null,23]
["А0458",384,102000824,"Модуль аналоговых выходов ABB IMASO11","(0817) Боровское ш., д.10",{"v":1,"d":"1.000"},"ШТ","2014-12-31","3.NV.1208-2002","Документы отсутствуют","Орион С2000-2","Удовлетворительное",{"v":63373.55,"d":"63,373.55"},{"v":63373.55,"d":"63,373.55"},{"v":63373.55,"d":"63,373.55"},{"v":31560,"d":"31,560.00"},{"v":6943.2,"d":"6,943.20"},{"v":38503.2,"d":"38,503.20"},null,23]
["А0459",385,102000871,"Модуль измерения частоты ABB IMTSA01","(0817) Боровское ш., д.10",{"v":8,"d":"8.000"},"ШТ","2014-12-31","3.NV.1208-2002","Документы отсутствуют","М-150CD2(0-16кПа)2211L3AM5IMK04","Удовлетворительное",{"v":2534564.48,"d":"2,534,564.48"},{"v":316820.56,"d":"316,820.56"},{"v":2534564.48,"d":"2,534,564.48"},{"v":1262030,"d":"1,262,030.00"},{"v":277646.6,"d":"277,646.60"},{"v":1539676.6,"d":"1,539,676.60"},null,23]
["А0460",386,102001366,"Модуль интерфейса ABB IMICV01","(0817) Боровское ш., д.10",{"v":2,"d":"2.000"},"ШТ","2014-12-31","3.NV.1208-2002","Документы отсутствуют","М-55-Вн-Ди-515-t5-050-1МПа-4-20мА","Удовлетворительное",{"v":746892.8,"d":"746,892.80"},{"v":373446.4,"d":"373,446.40"},{"v":746892.8,"d":"746,892.80"},{"v":371900,"d":"371,900.00"},{"v":81818,"d":"81,818.00"},{"v":453718,"d":"453,718.00"},null,23]
["А0461",387,102001001,"Модуль коммуникац. порта ABB IMCPM02","(0817) Боровское ш., д.10",{"v":1,"d":"1.000"},"ШТ","2014-12-31","3.NV.1208-2002","Документы отсутствуют","М-55-ДИ-515-t1-050-2,5МПа-42-М20-С","Удовлетворительное",{"v":87647.19,"d":"87,647.19"},{"v":87647.19,"d":"87,647.19"},{"v":87647.19,"d":"87,647.19"},{"v":43640,"d":"43,640.00"},{"v":9600.8,"d":"9,600.80"},{"v":53240.8,"d":"53,240.80"},null,23]
["А0462",388,102001209,"Модуль передачи данных ABB INICT13A","(0817) Боровское ш., д.10",{"v":1,"d":"1.000"},"ШТ","2014-12-31","3.NV.1208-2002","Документы отсутствуют","Roto-Inject Fluid","Удовлетворительное",{"v":536487.71,"d":"536,487.71"},{"v":536487.71,"d":"536,487.71"},{"v":536487.71,"d":"536,487.71"},{"v":267130,"d":"267,130.00"},{"v":58768.6,"d":"58,768.60"},{"v":325898.6,"d":"325,898.60"},null,23]
["А0463",389,102000789,"Модуль сетевой процессорный ABB INNPM22","(0817) Боровское ш., д.10",{"v":1,"d":"1.000"},"ШТ","2014-12-31","3.NV.1208-2002","Документы отсутствуют","ВД В 60860140-01 для ГТД-6РМ","Удовлетворительное",{"v":196793.06,"d":"196,793.06"},{"v":196793.06,"d":"196,793.06"},{"v":196793.06,"d":"196,793.06"},{"v":97990,"d":"97,990.00"},{"v":21557.8,"d":"21,557.80"},{"v":119547.8,"d":"119,547.80"},null,23]
["А0464",390,102000805,"Система питания Advel Adlim SPS-RK8p2","(0817) Боровское ш., д.10",{"v":1,"d":"1.000"},"ШТ","2014-12-31","3.NV.1208-2002","Документы отсутствуют","ABB IMFEC12","Удовлетворительное",{"v":339438,"d":"339,438.00"},{"$f":"O416/F416","v":{"v":339438,"d":"339,438.00"}},{"v":339438,"d":"339,438.00"},{"v":169020,"d":"169,020.00"},{"v":37184.4,"d":"37,184.40"},{"v":206204.4,"d":"206,204.40"},null,23]
["А0465",391,102001514,"Система питания Advel Adlim SPS-RQ8p2","(0817) Боровское ш., д.10",{"v":1,"d":"1.000"},"ШТ","2014-12-31","3.NV.1208-2002","Документы отсутствуют","А8У","Удовлетворительное",{"v":408660,"d":"408,660.00"},{"v":408660,"d":"408,660.00"},{"v":408660,"d":"408,660.00"},{"v":203480,"d":"203,480.00"},{"$f":"R417-P417","v":{"v":44765.6,"d":"44,765.60"}},{"$f":"P417*1.22","v":{"v":248245.6,"d":"248,245.60"}},null,23]
["А0466",392,10137234,"Кабель GE Energy 106765-04","(0903) Проезд № 607 д. 22",{"v":2,"d":"2.000"},"ШТ",2010,"3.NV.1209-2002","Документы отсутствуют","Нет данных","Удовлетворительное",{"v":31668,"d":"31,668.00"},{"v":15834,"d":"15,834.00"},{"v":31668,"d":"31,668.00"},{"v":17690,"d":"17,690.00"},{"v":3891.8,"d":"3,891.80"},{"v":21581.8,"d":"21,581.80"},null,23]
["А0467",393,10137232,"Кабель GE Energy 129525-0010-02","(0903) Проезд № 607 д. 22",{"v":2,"d":"2.000"},"ШТ","2010","3.NV.1209-2002","Документы отсутствуют","Нет данных","Удовлетворительное",{"v":20748,"d":"20,748.00"},{"v":10374,"d":"10,374.00"},{"v":20748,"d":"20,748.00"},{"v":11590,"d":"11,590.00"},{"v":2549.8,"d":"2,549.80"},{"v":14139.8,"d":"14,139.80"},null,23]
["А0468",394,10137233,"Кабель GE Energy 129529-0010-02","(0903) Проезд № 607 д. 22",{"v":2,"d":"2.000"},"ШТ","2010","3.NV.1209-2002","Документы отсутствуют","Нет данных","Удовлетворительное",{"v":8736,"d":"8,736.00"},{"v":4368,"d":"4,368.00"},{"v":8736,"d":"8,736.00"},{"v":4880,"d":"4,880.00"},{"v":1073.6,"d":"1,073.60"},{"v":5953.6,"d":"5,953.60"},null,23]
["А0469",395,102001397,"Датчик частоты вращения ДЧВ-7М2              ","(0911) Строительный пр.,д.14 к.1",{"v":2,"d":"2.000"},"ШТ","2014-12-31","3.NV.1209-2002","Документы отсутствуют","Нет данных","Удовлетворительное",{"v":53032,"d":"53,032.00"},{"v":26516,"d":"26,516.00"},{"v":53032,"d":"53,032.00"},{"v":26410,"d":"26,410.00"},{"v":5810.2,"d":"5,810.20"},{"v":32220.2,"d":"32,220.20"},null,23]
["А0470",396,10122499,"Сенсор Oxytrace SC Swan A87.212.052","(0903) Проезд № 607 д. 22",{"v":2,"d":"2.000"},"ШТ","2015-06-15","3.NV.1209-2002","Документы отсутствуют","Нет данных","Удовлетворительное",{"v":327360.56,"d":"327,360.56"},{"v":163680.28,"d":"163,680.28"},{"v":327360.56,"d":"327,360.56"},{"v":153450,"d":"153,450.00"},{"v":33759,"d":"33,759.00"},{"v":187209,"d":"187,209.00"},null,23]
["А0471",397,102001008,"Модуль д/линии TC 625 AF100 3BSE00222R1","(0903) Проезд № 607 д. 22",{"v":1,"d":"1.000"},"ШТ","2010","3.NV.1209-2002","Документы отсутствуют","Нет данных","Удовлетворительное",{"v":38750,"d":"38,750.00"},{"v":38750,"d":"38,750.00"},{"v":38750,"d":"38,750.00"},{"v":21640,"d":"21,640.00"},{"v":4760.8,"d":"4,760.80"},{"v":26400.8,"d":"26,400.80"},null,23]
["А0472",398,102000746,"Модуль процессора PM510V08 3BSE008373R1","(0903) Проезд № 607 д. 22",{"v":1,"d":"1.000"},"ШТ","2010","3.NV.1209-2002","Документы отсутствуют","Нет данных","Удовлетворительное",{"v":828040,"d":"828,040.00"},{"v":828040,"d":"828,040.00"},{"v":828040,"d":"828,040.00"},{"v":462510,"d":"462,510.00"},{"v":101752.2,"d":"101,752.20"},{"v":564262.2,"d":"564,262.20"},null,23]
["А0473",399,102000882,"Модуль цифр. вх. 3BHT300002R1","(0903) Проезд № 607 д. 22",{"v":1,"d":"1.000"},"ШТ","2010","3.NV.1209-2002","Паспорт","Нет данных","Удовлетворительное",{"v":62250,"d":"62,250.00"},{"v":62250,"d":"62,250.00"},{"v":62250,"d":"62,250.00"},{"v":34770,"d":"34,770.00"},{"v":7649.4,"d":"7,649.40"},{"v":42419.4,"d":"42,419.40"},null,23]
["А0474",400,102000787,"Интерфейс AF100 CI520V1 3BSE012869R1","(0903) Проезд № 607 д. 22",{"v":1,"d":"1.000"},"ШТ","2010","3.NV.1209-2002","Документы отсутствуют","Нет данных","Удовлетворительное",{"v":120790,"d":"120,790.00"},{"v":120790,"d":"120,790.00"},{"v":120790,"d":"120,790.00"},{"v":67470,"d":"67,470.00"},{"v":14843.4,"d":"14,843.40"},{"v":82313.4,"d":"82,313.40"},null,23]
["А0475",401,102001533,"Интерфейс Masterbus 300 3BSE000435R1","(0903) Проезд № 607 д. 22",{"v":1,"d":"1.000"},"ШТ","2010","3.NV.1209-2002","Документы отсутствуют","Нет данных","Удовлетворительное",{"v":251850,"d":"251,850.00"},{"v":251850,"d":"251,850.00"},{"v":251850,"d":"251,850.00"},{"v":140670,"d":"140,670.00"},{"v":30947.4,"d":"30,947.40"},{"v":171617.4,"d":"171,617.40"},null,23]
["А0476",402,102000931,"Интерфейс связи 3BSE011000R1","(0903) Проезд № 607 д. 22",{"v":1,"d":"1.000"},"ШТ","2010","3.NV.1209-2002","Паспорт","Нет данных","Удовлетворительное",{"v":106610,"d":"106,610.00"},{"v":106610,"d":"106,610.00"},{"v":106610,"d":"106,610.00"},{"v":59550,"d":"59,550.00"},{"v":13101,"d":"13,101.00"},{"v":72651,"d":"72,651.00"},null,23]
["А0477",403,10112433,"Комплект переходных кабелей для ИПР","(1690) Боровский пр-д, д.13а",{"v":16,"d":"16.000"},"ШТ","2012г","3.NV.1216-2002","Паспорт без №","Комплект переходных кабелей для ИПР","Удовлетворительное",{"v":22549.7,"d":"22,549.70"},{"v":1409.36,"d":"1,409.36"},{"v":22549.7,"d":"22,549.70"},{"v":11520,"d":"11,520.00"},{"v":2534.4,"d":"2,534.40"},{"v":14054.4,"d":"14,054.40"},null,23]
["А0478",404,10123497,"Конденсатор CC0805JRX7R9BB103 Yageo","(1690) Боровский пр-д, д.13а",{"v":39,"d":"39.000"},"ШТ","2011г.","3.NV.1216-2002","Документы отсутствуют","CC0805JRX7R9BB103 Yageo","Удовлетворительное",8.26,0.21,8.26,{"v":4,"d":"4.00"},0.88,4.88,null,23]
["А0479",405,10124392,"Конденсатор T491B106K016AT Kemet","(1690) Боровский пр-д, д.13а",{"v":1216,"d":"1216.000"},"ШТ","2011г.","3.NV.1216-2002","Документы отсутствуют","T491B106K016AT Kemet","Удовлетворительное",{"$f":"O431","v":{"v":8120.4,"d":"8,120.40"}},6.68,{"v":8120.4,"d":"8,120.40"},{"v":4230,"d":"4,230.00"},{"v":930.6,"d":"930.60"},{"v":5160.6,"d":"5,160.60"},null,23]
["А0480",406,10124393,"Конденсатор T491B226K016AT Kemet","(1690) Боровский пр-д, д.13а",{"v":1225,"d":"1225.000"},"ШТ","2011г.","3.NV.1216-2002","Документы отсутствуют","T491B226K016AT Kemet","Удовлетворительное",{"v":16579.01,"d":"16,579.01"},13.53,{"v":16579.01,"d":"16,579.01"},{"v":8630,"d":"8,630.00"},{"v":1898.6,"d":"1,898.60"},{"v":10528.6,"d":"10,528.60"},null,23]
["А0481",407,10116985,"Конденсатор Tecap 22мкФ 16В Hitachi Aic","(1690) Боровский пр-д, д.13а",{"v":251,"d":"251.000"},"ШТ","2012г","3.NV.1216-2002","Документы отсутствуют","Tecap 22мкФ 16В Hitachi Aic","Удовлетворительное",{"v":4445.68,"d":"4,445.68"},17.71,{"v":4445.68,"d":"4,445.68"},{"v":2270,"d":"2,270.00"},{"v":499.4,"d":"499.40"},{"v":2769.4,"d":"2,769.40"},null,23]
["А0482",408,10102693,"Конденсатор КД2 50В 0,1мкФ","(1690) Боровский пр-д, д.13а",{"v":283,"d":"283.000"},"ШТ","2011г.","3.NV.1216-2002","Документы отсутствуют","КД2 50В 0,1мкФ","Удовлетворительное",316.58,1.12,316.58,{"v":160,"d":"160.00"},{"v":35.2,"d":"35.20"},{"v":195.2,"d":"195.20"},null,23]
["А0483",409,10111000,"Конденсатор СС0805JRX7R9BB104 Yageo","(1690) Боровский пр-д, д.13а",{"v":165,"d":"165.000"},"ШТ","2011г.","3.NV.1216-2002","Документы отсутствуют","СС0805JRX7R9BB104 Yageo","Удовлетворительное",153.17,0.93,153.17,{"v":80,"d":"80.00"},{"v":17.6,"d":"17.60"},{"v":97.6,"d":"97.60"},null,23]
["А0484",410,10124447,"Контроллер КСПД-5 с БП","(1690) Боровский пр-д, д.13а",{"v":11,"d":"11.000"},"ШТ","2012г","3.NV.1216-2002","Паспорт без №","Контроллер КСПД-5 с БП","Удовлетворительное",{"v":72858.07,"d":"72,858.07"},{"v":6623.46,"d":"6,623.46"},{"v":72858.07,"d":"72,858.07"},{"v":37240,"d":"37,240.00"},{"v":8192.8,"d":"8,192.80"},{"v":45432.8,"d":"45,432.80"},null,23]
["А0485",411,10123357,"Микросхема 24LC16B-I/SN SO-8","(1690) Боровский пр-д, д.13а",{"v":150,"d":"150.000"},"ШТ","2011г.","3.NV.1216-2002","Документы отсутствуют","24LC16B-I/SN SO-8","Удовлетворительное",{"v":3050.84,"d":"3,050.84"},20.34,{"v":3050.84,"d":"3,050.84"},{"v":1590,"d":"1,590.00"},{"v":349.8,"d":"349.80"},{"v":1939.8,"d":"1,939.80"},null,23]
["А0486",412,10120430,"Микросхема AD780ANZ DIP-8","(1690) Боровский пр-д, д.13а",{"v":198,"d":"198.000"},"ШТ","2011г.","3.NV.1216-2002","Документы отсутствуют","AD780ANZ DIP-8","Удовлетворительное",{"v":32804.22,"d":"32,804.22"},165.68,{"v":32804.22,"d":"32,804.22"},{"v":17080,"d":"17,080.00"},{"v":3757.6,"d":"3,757.60"},{"v":20837.6,"d":"20,837.60"},null,23]
["А0487",413,10102588,"Микросхема AD780BR SO-8","(1690) Боровский пр-д, д.13а",{"v":58,"d":"58.000"},"ШТ","2011г.","3.NV.1216-2002","Документы отсутствуют"," AD780BR SO-8","Удовлетворительное",{"v":21682.88,"d":"21,682.88"},373.84,{"v":21682.88,"d":"21,682.88"},{"v":11290,"d":"11,290.00"},{"v":2483.8,"d":"2,483.80"},{"v":13773.8,"d":"13,773.80"},null,23]
["А0488",414,10120327,"Микросхема ADG407BN PDIP-28","(1690) Боровский пр-д, д.13а",{"v":82,"d":"82.000"},"ШТ","2011г.","3.NV.1216-2002","Документы отсутствуют"," ADG407BN PDIP-28","Удовлетворительное",{"v":20485.4,"d":"20,485.40"},249.82,{"v":20485.4,"d":"20,485.40"},{"v":10670,"d":"10,670.00"},{"v":2347.4,"d":"2,347.40"},{"v":13017.4,"d":"13,017.40"},null,23]
["А0489",415,10116578,"Микросхема ADG411BN DIP-16","(1690) Боровский пр-д, д.13а",{"v":422,"d":"422.000"},"ШТ","2012г","3.NV.1216-2002","Документы отсутствуют"," ADG411BN DIP-16","Удовлетворительное",{"v":47120.97,"d":"47,120.97"},111.66,{"v":47120.97,"d":"47,120.97"},{"v":24080,"d":"24,080.00"},{"v":5297.6,"d":"5,297.60"},{"v":29377.6,"d":"29,377.60"},null,23]
["А0490",416,10019183,"Микросхема ADG411BR","(1690) Боровский пр-д, д.13а",{"v":143,"d":"143.000"},"ШТ","2010г","3.NV.1216-2002","Документы отсутствуют"," ADG411BR","Удовлетворительное",{"v":13558.36,"d":"13,558.36"},94.81,{"v":13558.36,"d":"13,558.36"},{"v":7570,"d":"7,570.00"},{"v":1665.4,"d":"1,665.40"},{"v":9235.4,"d":"9,235.40"},null,23]
["А0491",417,10019184,"Микросхема ADG419BR","(1690) Боровский пр-д, д.13а",{"v":89,"d":"89.000"},"ШТ","2010г","3.NV.1216-2002","Документы отсутствуют"," ADG419BR","Удовлетворительное",{"v":5857.39,"d":"5,857.39"},65.81,{"v":5857.39,"d":"5,857.39"},{"v":3270,"d":"3,270.00"},{"v":719.4,"d":"719.40"},{"v":3989.4,"d":"3,989.40"},null,23]
["А0492",418,10019207,"Микросхема AT29C040A DIP","(1690) Боровский пр-д, д.13а",{"v":127,"d":"127.000"},"ШТ","2011г.","3.NV.1216-2002","Документы отсутствуют"," AT29C040A DIP","Удовлетворительное",{"v":20353.36,"d":"20,353.36"},160.26,{"v":20353.36,"d":"20,353.36"},{"v":10600,"d":"10,600.00"},{"v":2332,"d":"2,332.00"},{"v":12932,"d":"12,932.00"},null,23]
["А0493",419,10100574,"Микросхема IRF7343PBF Internat.Rectifier","(1690) Боровский пр-д, д.13а",{"v":88,"d":"88.000"},"ШТ","2011г.","3.NV.1216-2002","Документы отсутствуют"," IRF7343PBF Internat.Rectifier","Удовлетворительное",{"v":3044.07,"d":"3,044.07"},34.59,{"v":3044.07,"d":"3,044.07"},{"v":1590,"d":"1,590.00"},{"v":349.8,"d":"349.80"},{"v":1939.8,"d":"1,939.80"},null,23]
["А0494",420,10101667,"Микросхема MAX397EWI SO-28","(1690) Боровский пр-д, д.13а",{"v":459,"d":"459.000"},"ШТ","2011г.","3.NV.1216-2002","Документы отсутствуют"," MAX397EWI SO-28","Удовлетворительное",{"v":135552.86,"d":"135,552.86"},295.32,{"v":135552.86,"d":"135,552.86"},{"v":70600,"d":"70,600.00"},{"v":15532,"d":"15,532.00"},{"v":86132,"d":"86,132.00"},null,23]
["А0495",421,10101508,"Микросхема MC79L15ACD SO-8","(1690) Боровский пр-д, д.13а",{"v":156,"d":"156.000"},"ШТ","2011г.","3.NV.1216-2002","Документы отсутствуют"," MC79L15ACD SO-8","Удовлетворительное",{"v":939.6,"d":"939.60"},6.02,{"v":939.6,"d":"939.60"},{"v":490,"d":"490.00"},{"v":107.8,"d":"107.80"},{"v":597.8,"d":"597.80"},null,23]
["А0496",422,10121241,"Микросхема MSP430F149IPM QFP-64","(1690) Боровский пр-д, д.13а",{"v":81,"d":"81.000"},"ШТ","2011г.","3.NV.1216-2002","Документы отсутствуют"," MSP430F149IPM QFP-64","Удовлетворительное",{"v":18330.71,"d":"18,330.71"},{"$f":"O448/F448","v":226.31},{"v":18330.71,"d":"18,330.71"},{"v":9550,"d":"9,550.00"},{"v":2101,"d":"2,101.00"},{"v":11651,"d":"11,651.00"},null,23]
["А0497",423,10019185,"Микросхема OP97FS","(1690) Боровский пр-д, д.13а",{"v":86,"d":"86.000"},"ШТ","2010г","3.NV.1216-2002","Документы отсутствуют"," OP97FS","Удовлетворительное",{"v":4893.97,"d":"4,893.97"},56.91,{"v":4893.97,"d":"4,893.97"},{"v":2730,"d":"2,730.00"},{"$f":"R449-P449","v":{"v":600.6,"d":"600.60"}},{"$f":"P449*1.22","v":{"v":3330.6,"d":"3,330.60"}},null,23]
["А0498",424,10101770,"Микросхема КР512ПС10 DIP-16","(1690) Боровский пр-д, д.13а",{"v":90,"d":"90.000"},"ШТ","2011г.","3.NV.1216-2002","Документы отсутствуют"," КР512ПС10 DIP-16","Удовлетворительное",{"v":5292.46,"d":"5,292.46"},58.81,{"v":5292.46,"d":"5,292.46"},{"v":2760,"d":"2,760.00"},{"v":607.2,"d":"607.20"},{"v":3367.2,"d":"3,367.20"},null,23]
["А0499",425,10124465,"Модем М33 G","(1690) Боровский пр-д, д.13а",{"v":5,"d":"5.000"},"ШТ","2011г.","3.NV.1216-2002","Паспорт без №","Модем М33 G","Удовлетворительное",{"v":11207.35,"d":"11,207.35"},{"v":2241.47,"d":"2,241.47"},{"v":11207.35,"d":"11,207.35"},{"v":5840,"d":"5,840.00"},{"v":1284.8,"d":"1,284.80"},{"v":7124.8,"d":"7,124.80"},null,23]
["А0500",426,10124535,"Панель КСПД-5-G","(1690) Боровский пр-д, д.13а",{"v":34,"d":"34.000"},"ШТ","2011г.","3.NV.1216-2002","Паспорт без №","Панель КСПД-5-G","Удовлетворительное",{"v":3316.02,"d":"3,316.02"},97.53,{"v":3316.02,"d":"3,316.02"},{"v":1730,"d":"1,730.00"},{"v":380.6,"d":"380.60"},{"v":2110.6,"d":"2,110.60"},null,23]
["А0501",427,10108983,"Переключатель SWD1-6 DIP","(1690) Боровский пр-д, д.13а",{"v":130,"d":"130.000"},"ШТ","2012г","3.NV.1216-2002","Документы отсутствуют","Переключатель SWD1-6 DIP","Удовлетворительное",{"v":4283.38,"d":"4,283.38"},32.95,{"v":4283.38,"d":"4,283.38"},{"v":2190,"d":"2,190.00"},{"v":481.8,"d":"481.80"},{"v":2671.8,"d":"2,671.80"},null,23]
["А0502",428,10108527,"Плата ВАУМ.687254.024-01","(1690) Боровский пр-д, д.13а",{"v":12,"d":"12.000"},"ШТ","2010г","3.NV.1216-2002","Документы отсутствуют","Плата ВАУМ.687254.024-01","Удовлетворительное",{"v":41640,"d":"41,640.00"},{"v":3470,"d":"3,470.00"},{"v":41640,"d":"41,640.00"},{"v":23260,"d":"23,260.00"},{"v":5117.2,"d":"5,117.20"},{"v":28377.2,"d":"28,377.20"},null,23]
["А0503",429,10152406,"Плата ВАУМ.687254.122-04","(1690) Боровский пр-д, д.13а",{"v":7,"d":"7.000"},"ШТ","2013г","3.NV.1216-2002","Документы отсутствуют","Плата ВАУМ.687254.122-04","Удовлетворительное",{"v":22750,"d":"22,750.00"},{"v":3250,"d":"3,250.00"},{"v":22750,"d":"22,750.00"},{"v":11660,"d":"11,660.00"},{"v":2565.2,"d":"2,565.20"},{"v":14225.2,"d":"14,225.20"},null,23]
["А0504",430,10152405,"Плата ВАУМ.687254.122-05","(1690) Боровский пр-д, д.13а",{"v":8,"d":"8.000"},"ШТ","2013г","3.NV.1216-2002","Документы отсутствуют","Плата ВАУМ.687254.122-05","Удовлетворительное",{"v":27840,"d":"27,840.00"},{"v":3480,"d":"3,480.00"},{"v":27840,"d":"27,840.00"},{"v":14270,"d":"14,270.00"},{"v":3139.4,"d":"3,139.40"},{"v":17409.4,"d":"17,409.40"},null,23]
["А0505",431,10030884,"Плата имитатора ВАУМ.687253,017","(1690) Боровский пр-д, д.13а",{"v":52,"d":"52.000"},"ШТ","2010г","3.NV.1216-2002","Документы отсутствуют","Плата имитатора ВАУМ.687253,017","Удовлетворительное",{"v":81120,"d":"81,120.00"},{"v":1560,"d":"1,560.00"},{"v":81120,"d":"81,120.00"},{"v":45310,"d":"45,310.00"},{"v":9968.2,"d":"9,968.20"},{"v":55278.2,"d":"55,278.20"},null,23]
["А0506",432,10124540,"Плата ИС Е/4","(1690) Боровский пр-д, д.13а",{"v":2,"d":"2.000"},"ШТ","2011г.","3.NV.1216-2002","Документы отсутствуют","Плата ИС Е/4","Удовлетворительное",{"v":8527.7,"d":"8,527.70"},{"v":4263.85,"d":"4,263.85"},{"v":8527.7,"d":"8,527.70"},{"v":4440,"d":"4,440.00"},{"v":976.8,"d":"976.80"},{"v":5416.8,"d":"5,416.80"},null,23]
["А0507",433,10108570,"Плата ИСТВ.687254.026-01","(1690) Боровский пр-д, д.13а",{"v":4,"d":"4.000"},"ШТ","2010г","3.NV.1216-2002","Документы отсутствуют","Плата ИСТВ.687254.026-01","Удовлетворительное",{"v":2560,"d":"2,560.00"},{"v":640,"d":"640.00"},{"v":2560,"d":"2,560.00"},{"v":1430,"d":"1,430.00"},{"v":314.6,"d":"314.60"},{"v":1744.6,"d":"1,744.60"},null,23]
["А0508",434,10110894,"Плата платформа подключ. КМ-5-6И вер. V4","(1690) Боровский пр-д, д.13а",{"v":119,"d":"119.000"},"ШТ","2011г.","3.NV.1216-2002","Документы отсутствуют","КМ-5-6И вер. V4","Удовлетворительное",{"v":106321.54,"d":"106,321.54"},893.46,{"v":106321.54,"d":"106,321.54"},{"v":55370,"d":"55,370.00"},{"v":12181.4,"d":"12,181.40"},{"v":67551.4,"d":"67,551.40"},null,23]
["А0509",435,10105985,"Плата платформа подключения КМ-5 вер. 8В","(1690) Боровский пр-д, д.13а",{"v":776,"d":"776.000"},"ШТ","2011г.","3.NV.1216-2002","Документы отсутствуют"," КМ-5 вер. 8В","Удовлетворительное",{"v":739502,"d":"739,502.00"},952.97,{"v":739502,"d":"739,502.00"},{"v":385140,"d":"385,140.00"},{"v":84730.8,"d":"84,730.80"},{"v":469870.8,"d":"469,870.80"},null,23]
["А0510",436,10124459,"Плата ПМ КСПД-5 в 3","(1690) Боровский пр-д, д.13а",{"v":5,"d":"5.000"},"ШТ","2012г","3.NV.1216-2002","Документы отсутствуют","Плата ПМ КСПД-5 в 3","Удовлетворительное",{"v":17322.35,"d":"17,322.35"},{"v":3464.47,"d":"3,464.47"},{"v":17322.35,"d":"17,322.35"},{"v":8850,"d":"8,850.00"},{"v":1947,"d":"1,947.00"},{"v":10797,"d":"10,797.00"},null,23]
["А0511",437,10110512,"Плата процессорного блока для SA-9304","(1690) Боровский пр-д, д.13а",{"v":1,"d":"1.000"},"ШТ","2012г","3.NV.1216-2002","Документы отсутствуют","Плата процессорного блока для SA-9304","Удовлетворительное",{"v":12870,"d":"12,870.00"},{"v":12870,"d":"12,870.00"},{"v":12870,"d":"12,870.00"},{"v":6580,"d":"6,580.00"},{"v":1447.6,"d":"1,447.60"},{"v":8027.6,"d":"8,027.60"},null,23]
["А0512",438,10110920,"Платформа подключения для ППС-1П-И2","(1690) Боровский пр-д, д.13а",{"v":1684,"d":"1684.000"},"ШТ","2011г.","3.NV.1216-2002","Документы отсутствуют","Платформа подключения для ППС-1П-И2","Удовлетворительное",{"v":1943759.27,"d":"1,943,759.27"},{"v":1154.25,"d":"1,154.25"},{"v":1943759.27,"d":"1,943,759.27"},{"v":1012320,"d":"1,012,320.00"},{"v":222710.4,"d":"222,710.40"},{"v":1235030.4,"d":"1,235,030.40"},null,23]
["А0513",439,10125265,"Платформа подключения КМ-5","(1690) Боровский пр-д, д.13а",{"v":17,"d":"17.000"},"ШТ","2012г","3.NV.1216-2002","Паспорт без №","Платформа подключения КМ-5","Удовлетворительное",{"v":21624,"d":"21,624.00"},{"v":1272,"d":"1,272.00"},{"v":21624,"d":"21,624.00"},{"v":11050,"d":"11,050.00"},{"v":2431,"d":"2,431.00"},{"v":13481,"d":"13,481.00"},null,23]
["А0514",440,10120490,"Резистор С2-23-0,125-15КОм 5%","(1690) Боровский пр-д, д.13а",{"v":20,"d":"20.000"},"ШТ","2011г.","3.NV.1216-2002","Документы отсутствуют"," С2-23-0,125-15КОм 5%","Удовлетворительное",10.17,0.51,10.17,{"v":10,"d":"10.00"},{"v":2.2,"d":"2.20"},{"v":12.2,"d":"12.20"},null,23]
["А0515",441,10120500,"Резистор С2-23-0,125-2КОм 5%-А-В-В","(1690) Боровский пр-д, д.13а",{"v":318,"d":"318.000"},"ШТ","2011г.","3.NV.1216-2002","Документы отсутствуют","С2-23-0,125-2КОм 5%-А-В-В","Удовлетворительное",{"v":159,"d":"159.00"},{"v":0.5,"d":"0.50"},{"v":159,"d":"159.00"},{"v":80,"d":"80.00"},{"v":17.6,"d":"17.60"},{"v":97.6,"d":"97.60"},null,23]
["А0516",442,10120482,"Резистор С2-23-0,125-39Ом 5%-А-В-В","(1690) Боровский пр-д, д.13а",{"v":288,"d":"288.000"},"ШТ","2011г.","3.NV.1216-2002","Документы отсутствуют"," С2-23-0,125-39Ом 5%-А-В-В","Удовлетворительное",139.13,0.48,139.13,{"v":70,"d":"70.00"},{"v":15.4,"d":"15.40"},{"v":85.4,"d":"85.40"},null,23]
["А0517",443,10120483,"Резистор С2-23-0,125-47кОм 5%-Б-В-В","(1690) Боровский пр-д, д.13а",{"v":323,"d":"323.000"},"ШТ","2011г.","3.NV.1216-2002","Документы отсутствуют"," С2-23-0,125-47кОм 5%-Б-В-В","Удовлетворительное",156.03,0.48,156.03,{"v":80,"d":"80.00"},{"v":17.6,"d":"17.60"},{"v":97.6,"d":"97.60"},null,23]
["А0518",444,10120480,"Резистор С2-23-0,25-220Ом 1%-А-В-В","(1690) Боровский пр-д, д.13а",{"v":111,"d":"111.000"},"ШТ","2011г.","3.NV.1216-2002","Документы отсутствуют"," С2-23-0,25-220Ом 1%-А-В-В","Удовлетворительное",53.62,0.48,53.62,{"v":30,"d":"30.00"},{"v":6.6,"d":"6.60"},{"v":36.6,"d":"36.60"},null,23]
["А0519",445,10120407,"Резистор С2-23-0,5-15Ом 5%","(1690) Боровский пр-д, д.13а",{"v":138,"d":"138.000"},"ШТ","2011г.","3.NV.1216-2002","Документы отсутствуют"," С2-23-0,5-15Ом 5%","Удовлетворительное",126.29,0.92,126.29,{"v":70,"d":"70.00"},{"v":15.4,"d":"15.40"},{"v":85.4,"d":"85.40"},null,23]
["А0520",446,10107075,"Зонд ионизационный Изюмс-01-1-800","(0606) Пролетарский пр-т, д.8,к.2, стр.3",{"$f":"22-6","v":16},"ШТ",2014,"3.NV.1206-2002","Документы отсутствуют","Изюмс-01-1-800","Удовлетворительное",{"v":25200,"d":"25,200.00"},{"v":1575,"d":"1,575.00"},{"$f":"34650/22*16","v":{"v":25200,"d":"25,200.00"}},{"v":12630,"d":"12,630.00"},{"v":2778.6,"d":"2,778.60"},{"v":15408.6,"d":"15,408.60"},null,23]
["А0521",447,10107220,"Диод SD1500C20L DO-200AC","(0903) Проезд № 607 д. 22",{"v":52,"d":"52.000"},"ШТ",2006,"3.NV.1209-2002","Документы отсутствуют","Нет данных","Удовлетворительное",{"v":466555.44,"d":"466,555.44"},{"v":8972.22,"d":"8,972.22"},{"v":466555.44,"d":"466,555.44"},{"v":352270,"d":"352,270.00"},{"v":77499.4,"d":"77,499.40"},{"v":429769.4,"d":"429,769.40"},null,23]
["А0522",448,10020148,"Резистор С5-35В 50Вт 1кОм Б%","(0903) Проезд № 607 д. 22",{"v":10,"d":"10.000"},"ШТ",2006,"3.NV.1209-2002","Документы отсутствуют","Нет данных","Удовлетворительное",{"v":1776.1,"d":"1,776.10"},177.61,{"v":1776.1,"d":"1,776.10"},{"v":1340,"d":"1,340.00"},{"v":294.8,"d":"294.80"},{"v":1634.8,"d":"1,634.80"},null,23]
["А0523",449,10009560,"Датчик герконовый ДГКИ-02-02.2","(0092) Кусковская ул., д. 18Г",{"v":2,"d":"2.000"},"ШТ","2013-12-25","3.NV.1100-2002","Паспорт ЮТЛИ.402239.002 ПС 26.07.2012","ДГКИ-02-02.2","Хорошее",{"v":1024.8,"d":"1,024.80"},{"v":512.4,"d":"512.40"},{"v":1024.8,"d":"1,024.80"},{"v":760,"d":"760.00"},{"v":167.2,"d":"167.20"},{"v":927.2,"d":"927.20"},null,23]
[{"$nulls":14},{"$f":"SUM(O385:O475)","v":{"v":15538388.07,"d":"15,538,388.07"}},{"$f":"SUM(P385:P475)","v":{"v":8215094,"d":"8,215,094.00"}},{"v":1807320.68,"d":"1,807,320.68"},{"$f":"SUM(R385:R475)","v":{"v":10022414.68,"d":"10,022,414.68"}},{"$f":"R476/100*10","v":{"v":1002241.47,"d":"1,002,241.47"}},23]
["А0524",450,10007562,"Мембрана / Varem 200л","(0092) Кусковская ул., д. 18Г",{"v":1,"d":"1.000"},"ШТ","2013-06-06","3.NV.1100-2002","Документы отсутствуют","Нет данных","Новое",{"v":6048.35,"d":"6,048.35"},{"$f":"O477/F477","v":{"v":6048.35,"d":"6,048.35"}},{"v":6048.35,"d":"6,048.35"},{"v":11820,"d":"11,820.00"},{"$f":"R477-P477","v":{"v":2600.4,"d":"2,600.40"}},{"$f":"P477*1.22","v":{"v":14420.4,"d":"14,420.40"}},null,24,"Запчасти к расширительным бакам"]
[{"$nulls":14},{"$f":"O477","v":{"v":6048.35,"d":"6,048.35"}},{"$f":"P477","v":{"v":11820,"d":"11,820.00"}},{"v":2600.4,"d":"2,600.40"},{"$f":"R477","v":{"v":14420.4,"d":"14,420.40"}},{"$f":"R478/100*10","v":{"v":1442.04,"d":"1,442.04"}},24]
["А0525",451,10040653,"Прокладка к ПТО H17 10751488","(0098) Верхние поля, 25",{"v":123,"d":"123.000"},"ШТ","2013-04-11","3.NV.1100-2002","Документы отсутствуют","Нет данных","Новое",{"v":46502.12,"d":"46,502.12"},{"$f":"O479/F479","v":378.07},{"v":46502.12,"d":"46,502.12"},{"v":70960,"d":"70,960.00"},{"$f":"R479-P479","v":{"v":15611.2,"d":"15,611.20"}},{"$f":"P479*1.22","v":{"v":86571.2,"d":"86,571.20"}},null,25,"Запчасти к теплообменным аппаратам"]
["А0526",452,10019925,"Прокладка к ПТО N50 17275011","(0098) Верхние поля, 25",{"v":9,"d":"9.000"},"ШТ","2013-04-11","3.NV.1100-2002","Документы отсутствуют","Нет данных","Новое",{"v":25173.9,"d":"25,173.90"},{"v":2797.1,"d":"2,797.10"},{"v":25173.9,"d":"25,173.90"},{"v":38420,"d":"38,420.00"},{"v":8452.4,"d":"8,452.40"},{"v":46872.4,"d":"46,872.40"},null,25]
["А0527",453,10040654,"Прокладка к ПТО Q030 30300216","(0098) Верхние поля, 25",{"v":13,"d":"13.000"},"ШТ","2013-04-11","3.NV.1100-2002","Документы отсутствуют","Нет данных","Новое",{"v":5252.09,"d":"5,252.09"},404.01,{"v":5252.09,"d":"5,252.09"},{"v":8010,"d":"8,010.00"},{"v":1762.2,"d":"1,762.20"},{"v":9772.2,"d":"9,772.20"},null,25]
["А0528",454,10040655,"Прокладка к ПТО Q055 30610287","(0098) Верхние поля, 25",{"v":42,"d":"42.000"},"ШТ","2010-02-15","3.NV.1100-2002","Документы отсутствуют","Нет данных","Новое",{"v":18152.78,"d":"18,152.78"},432.21,{"v":18152.78,"d":"18,152.78"},{"v":32870,"d":"32,870.00"},{"v":7231.4,"d":"7,231.40"},{"v":40101.4,"d":"40,101.40"},null,25]
["А0529",455,10040656,"Прокладка к ПТО Q080 30610306","(0098) Верхние поля, 25",{"v":13,"d":"13.000"},"ШТ","2013-04-11","3.NV.1100-2002","Документы отсутствуют","Нет данных","Новое",{"v":5378.49,"d":"5,378.49"},413.73,{"v":5378.49,"d":"5,378.49"},{"v":8210,"d":"8,210.00"},{"v":1806.2,"d":"1,806.20"},{"v":10016.2,"d":"10,016.20"},null,25]
["А0530",456,10007368,"Прокладка к ПТО R55 17551019","(0098) Верхние поля, 25",{"v":112,"d":"112.000"},"ШТ","2013-04-11","3.NV.1100-2002","Документы отсутствуют","Нет данных","Новое",{"v":100654.21,"d":"100,654.21"},{"v":898.7,"d":"898.70"},{"v":100654.21,"d":"100,654.21"},{"v":153600,"d":"153,600.00"},{"v":33792,"d":"33,792.00"},{"v":187392,"d":"187,392.00"},null,25]
["А0531",457,10019927,"Прокладка к ПТО U 17965042","(0098) Верхние поля, 25",{"v":9,"d":"9.000"},"ШТ","2013-04-11","3.NV.1100-2002","Документы отсутствуют","Нет данных","Новое",{"v":1730.68,"d":"1,730.68"},{"v":192.3,"d":"192.30"},{"v":1730.68,"d":"1,730.68"},{"v":2640,"d":"2,640.00"},{"v":580.8,"d":"580.80"},{"v":3220.8,"d":"3,220.80"},null,25]
["А0532",458,10106435,"Уплотнение GC16 EPDM РоСВЕП-СЕРВИС","(0098) Верхние поля, 25",{"v":42,"d":"42.000"},"ШТ","2013-04-11","3.NV.1100-2002","Документы отсутствуют","Нет данных","Новое",{"v":26622.12,"d":"26,622.12"},633.86,{"v":26622.12,"d":"26,622.12"},{"v":40630,"d":"40,630.00"},{"v":8938.6,"d":"8,938.60"},{"v":49568.6,"d":"49,568.60"},null,25]
["А0533",459,10121809,"Уплотнение GX12 EPDM РоСВЕП-СЕРВИС","(0098) Верхние поля, 25",{"v":9,"d":"9.000"},"ШТ","2013-04-11","3.NV.1100-2002","Документы отсутствуют","Нет данных","Новое",{"v":5630.94,"d":"5,630.94"},625.66,{"v":5630.94,"d":"5,630.94"},{"v":8590,"d":"8,590.00"},{"v":1889.8,"d":"1,889.80"},{"v":10479.8,"d":"10,479.80"},null,25]
["А0534",460,10090497,"Уплотнение GX18 EPDM РоСВЕП-СЕРВИС","(0098) Верхние поля, 25",{"v":9,"d":"9.000"},"ШТ","2013-04-11","3.NV.1100-2002","Документы отсутствуют","Нет данных","Новое",{"v":11158.56,"d":"11,158.56"},{"v":1239.84,"d":"1,239.84"},{"v":11158.56,"d":"11,158.56"},{"v":17030,"d":"17,030.00"},{"v":3746.6,"d":"3,746.60"},{"v":20776.6,"d":"20,776.60"},null,25]
["А0535",461,10127783,"Уплотнение GX42 EPDM РоСВЕП-СЕРВИС","(0098) Верхние поля, 25",{"v":42,"d":"42.000"},"ШТ","2013-04-11","3.NV.1100-2002","Документы отсутствуют","Нет данных","Новое",{"v":37640.4,"d":"37,640.40"},{"v":896.2,"d":"896.20"},{"v":37640.4,"d":"37,640.40"},{"v":57440,"d":"57,440.00"},{"v":12636.8,"d":"12,636.80"},{"v":70076.8,"d":"70,076.80"},null,25]
["А0536",462,10120737,"Уплотнение GX7 EPDM РоСВЕП-СЕРВИС","(0098) Верхние поля, 25",{"v":12,"d":"12.000"},"ШТ","2013-04-11","3.NV.1100-2002","Документы отсутствуют","Нет данных","Новое",{"v":3509.65,"d":"3,509.65"},292.47,{"v":3509.65,"d":"3,509.65"},{"v":5360,"d":"5,360.00"},{"v":1179.2,"d":"1,179.20"},{"v":6539.2,"d":"6,539.20"},null,25]
["А0537",463,10090614,"Уплотнение M10-M EPDMC 3233015093","(0098) Верхние поля, 25",{"v":25,"d":"25.000"},"ШТ","2013-04-11","3.NV.1100-2002","Документы отсутствуют","Нет данных","Новое",{"v":27940.07,"d":"27,940.07"},{"v":1117.6,"d":"1,117.60"},{"v":27940.07,"d":"27,940.07"},{"v":42640,"d":"42,640.00"},{"v":9380.8,"d":"9,380.80"},{"v":52020.8,"d":"52,020.80"},null,25]
["А0538",464,10027992,"Уплотнение M15-М EPDMC 3233018043","(0098) Верхние поля, 25",{"v":42,"d":"42.000"},"ШТ","2013-07-24","3.NV.1100-2002","Документы отсутствуют","Нет данных","Новое",{"v":66257.96,"d":"66,257.96"},{"v":1577.57,"d":"1,577.57"},{"v":66257.96,"d":"66,257.96"},{"v":98000,"d":"98,000.00"},{"v":21560,"d":"21,560.00"},{"v":119560,"d":"119,560.00"},null,25]
["А0539",465,10031298,"Уплотнение M3 EPDCT 3226309543","(0098) Верхние поля, 25",{"v":21,"d":"21.000"},"ШТ","2013-04-11","3.NV.1100-2002","Документы отсутствуют","Нет данных","Новое",{"v":6196.92,"d":"6,196.92"},295.09,{"v":6196.92,"d":"6,196.92"},{"v":9460,"d":"9,460.00"},{"v":2081.2,"d":"2,081.20"},{"v":11541.2,"d":"11,541.20"},null,25]
["А0540",466,10090615,"Уплотнение M6 EPDMC 3233014043","(0098) Верхние поля, 25",{"v":52,"d":"52.000"},"ШТ","2013-04-11","3.NV.1100-2002","Документы отсутствуют","Нет данных","Новое",{"v":24113.76,"d":"24,113.76"},463.73,{"v":24113.76,"d":"24,113.76"},{"v":36800,"d":"36,800.00"},{"v":8096,"d":"8,096.00"},{"v":44896,"d":"44,896.00"},null,25]
["А0541",467,10002578,"Уплотнение M6-М NBRP 3233066346","(0098) Верхние поля, 25",{"v":13,"d":"13.000"},"ШТ","2013-04-11","3.NV.1100-2002","Документы отсутствуют","Нет данных","Новое",{"v":8995.74,"d":"8,995.74"},691.98,{"v":8995.74,"d":"8,995.74"},{"v":13730,"d":"13,730.00"},{"v":3020.6,"d":"3,020.60"},{"v":16750.6,"d":"16,750.60"},null,25]
["А0542",468,10117577,"Уплотнение М6-М EPDMC 3233014193","(0098) Верхние поля, 25",{"v":87,"d":"87.000"},"ШТ","2013-04-11","3.NV.1100-2002","Документы отсутствуют","Нет данных","Новое",{"v":60301.44,"d":"60,301.44"},693.12,{"v":60301.44,"d":"60,301.44"},{"v":92020,"d":"92,020.00"},{"v":20244.4,"d":"20,244.40"},{"v":112264.4,"d":"112,264.40"},null,25]
["А0544",469,102000921,"Установка Cillit-kalkex-M 40л BWT","(0092) Кусковская ул., д. 18Г",{"v":1,"d":"1.000"},"ШТ","2014-12-31","3.NV.1100-2002","Документы отсутствуют","Нет данных","Новое",{"$f":"O497","v":{"v":98659.64,"d":"98,659.64"}},{"v":98659.64,"d":"98,659.64"},{"v":98659.64,"d":"98,659.64"},{"v":122190,"d":"122,190.00"},{"v":26881.8,"d":"26,881.80"},{"v":149071.8,"d":"149,071.80"},null,25]
["А0546",470,10005688,"Секция 89х4-1,0-РГК прямая","(0094) Кусковская 18Г",{"$f":"2-1","v":{"v":1,"d":"1.000"}},"ШТ","2015-07-15","3.NV.1100-2002","Документы отсутствуют","Нет данных","Новое",{"v":9045,"d":"9,045.00"},{"v":9045,"d":"9,045.00"},{"$f":"18090/2*1","v":{"v":9045,"d":"9,045.00"}},{"v":10050,"d":"10,050.00"},{"v":2211,"d":"2,211.00"},{"v":12261,"d":"12,261.00"},null,25]
[{"$nulls":14},{"$f":"SUM(O479:O498)","v":{"v":588916.47,"d":"588,916.47"}},{"$f":"SUM(P479:P498)","v":{"v":868650,"d":"868,650.00"}},{"v":191103,"d":"191,103.00"},{"$f":"SUM(R479:R498)","v":{"v":1059753,"d":"1,059,753.00"}},{"$f":"R499/100*10","v":{"v":105975.3,"d":"105,975.30"}},25]
["А0547",471,10056608,"Секция 168х4-1,0-РГ правая","(0903) Проезд № 607 д. 22",{"v":7,"d":"7.000"},"ШТ","2010","3.NV.1209-2002","Документы отсутствуют","Нет данных","Удовлетворительное",{"v":166635,"d":"166,635.00"},{"$f":"O500/F500","v":{"v":23805,"d":"23,805.00"}},{"v":166635,"d":"166,635.00"},{"v":178700,"d":"178,700.00"},{"$f":"R500-P500","v":{"v":39314,"d":"39,314.00"}},{"$f":"P500*1.22","v":{"v":218014,"d":"218,014.00"}},null,26,"Запчасти к теплообменным аппаратам"]
["А0548",472,102002015,"Горелка ГБ-2,7 БКМЗ","(0911) Строительный пр.,д.14 к.1",{"v":2,"d":"2.000"},"ШТ","2014-12-31","3.NV.1209-2002","Документы отсутствуют","Нет данных","Удовлетворительное ",{"v":545037.2,"d":"545,037.20"},{"v":272518.6,"d":"272,518.60"},{"v":545037.2,"d":"545,037.20"},{"v":539420,"d":"539,420.00"},{"v":118672.4,"d":"118,672.40"},{"v":658092.4,"d":"658,092.40"},null,26]
["А0549",473,10097930,"Горелка ЭИВ-01 L750","(0506) Оранжерейная ул., д.8а, стр.1",{"v":1,"d":"1.000"},"ШТ","2015-02-01","3.NV.1205-2002","Документы отсутствуют","Нет данных","Удовлетворительное",{"v":8803.44,"d":"8,803.44"},{"v":8803.44,"d":"8,803.44"},{"v":8803.44,"d":"8,803.44"},{"v":8240,"d":"8,240.00"},{"v":1812.8,"d":"1,812.80"},{"v":10052.8,"d":"10,052.80"},null,26]
["А0551",474,10015300,"Труба М601 Dreizler","(0102) Новослободская ул., д.50/52, стр.18",{"v":1,"d":"1.000"},"ШТ","2014-12-31","3.NV.1201-2002","Документы отсутствуют","Нет данных","Удовлетворительное",{"v":18872.58,"d":"18,872.58"},{"v":18872.58,"d":"18,872.58"},{"v":18872.58,"d":"18,872.58"},{"v":18000,"d":"18,000.00"},{"v":3960,"d":"3,960.00"},{"v":21960,"d":"21,960.00"},null,26]
["А0552",475,10124759,"Комплект монтаж. Ду20 7пр. Ogint A012-20","(0092) Кусковская ул., д. 18Г",{"v":2,"d":"2.000"},"КМП","2010","3.NV.1100-2002","Документы отсутствуют","Нет данных","Удовлетворительное ",290.95,145.48,290.95,{"v":310,"d":"310.00"},{"v":68.2,"d":"68.20"},{"v":378.2,"d":"378.20"},null,26]
["А0553",476,10097809,"Горелка ЭИВ-01-И L600","(0092) Кусковская ул., д. 18Г",{"v":1,"d":"1.000"},"ШТ","2015-09-15","3.NV.1100-2002","Паспорт ОМС.100000.022-01ПС  08.2015"," L600","Хорошее",{"v":10976.09,"d":"10,976.09"},{"v":10976.09,"d":"10,976.09"},{"v":10976.09,"d":"10,976.09"},{"v":14320,"d":"14,320.00"},{"v":3150.4,"d":"3,150.40"},{"v":17470.4,"d":"17,470.40"},null,26]
[{"$nulls":14},{"$f":"SUM(O500:O505)","v":{"v":750615.26,"d":"750,615.26"}},{"$f":"SUM(P500:P505)","v":{"v":758990,"d":"758,990.00"}},{"v":166977.8,"d":"166,977.80"},{"$f":"SUM(R500:R505)","v":{"v":925967.8,"d":"925,967.80"}},{"$f":"R506/100*10","v":{"v":92596.78,"d":"92,596.78"}},26]
["А0554",477,10070685,"Фильтр топл. CONSOL НФ-02-Т 2101-1117010","(0092) Кусковская ул., д. 18Г",{"v":3,"d":"3.000"},"ШТ","2013-06-06","3.NV.1100-2002","Документы отсутствуют","Нет данных","Новое",{"v":74,"d":"74.00"},{"$f":"O507/F507","v":24.67},{"v":74,"d":"74.00"},{"v":140,"d":"140.00"},{"$f":"R507-P507","v":{"v":30.8,"d":"30.80"}},{"$f":"P507*1.22","v":{"v":170.8,"d":"170.80"}},null,27,"Запчасти к транспорту"]
[{"$nulls":14},{"$f":"O507","v":{"v":74,"d":"74.00"}},{"$f":"P507","v":{"v":140,"d":"140.00"}},{"v":30.8,"d":"30.80"},{"$f":"R507","v":{"v":170.8,"d":"170.80"}},{"$f":"R508/100*10","v":17.08},27]
["А0559",478,10093246,"Свеча зажигания СП-06ВП","(0098) Верхние поля, 25",{"v":24,"d":"24.000"},"ШТ","2012-11-01","3.NV.1100-2002","Документы отсутствуют","Нет данных","Новое",{"v":925456.96,"d":"925,456.96"},{"$f":"O509/F509","v":{"v":38560.71,"d":"38,560.71"}},{"v":925456.96,"d":"925,456.96"},{"v":1929310,"d":"1,929,310.00"},{"$f":"R509-P509","v":{"v":424448.2,"d":"424,448.20"}},{"$f":"P509*1.22","v":{"v":2353758.2,"d":"2,353,758.20"}},null,28,"Запчасти к турбинам паровым"]
["А0560",479,102004254,"Трубопровод В 60810670 для ГТД-6РМ","(0098) Верхние поля, 25",{"v":1,"d":"1.000"},"ШТ","2011-10-21","3.NV.1100-2002","Карта качества В 60860140","Нет данных","Новое",{"v":3182.02,"d":"3,182.02"},{"$f":"O510/F510","v":{"v":3182.02,"d":"3,182.02"}},{"v":3182.02,"d":"3,182.02"},{"v":5470,"d":"5,470.00"},{"$f":"R510-P510","v":{"v":1203.4,"d":"1,203.40"}},{"$f":"P510*1.22","v":{"v":6673.4,"d":"6,673.40"}},null,28]
["А0563",480,102001480,"Установка Hydro Tech DS 5E25N1","(0092) Кусковская ул., д. 18Г",{"v":1,"d":"1.000"},"ШТ","2014-12-31","3.NV.1100-2002","Документы отсутствуют","Нет данных","Новое",{"v":67623.05,"d":"67,623.05"},{"$f":"O511/F511","v":{"v":67623.05,"d":"67,623.05"}},{"v":67623.05,"d":"67,623.05"},{"v":112100,"d":"112,100.00"},{"$f":"R511-P511","v":{"v":24662,"d":"24,662.00"}},{"$f":"P511*1.22","v":{"v":136762,"d":"136,762.00"}},null,28]
[{"$nulls":14},{"$f":"SUM(O509:O511)","v":{"v":996262.03,"d":"996,262.03"}},{"$f":"SUM(P509:P511)","v":{"v":2046880,"d":"2,046,880.00"}},{"v":450313.6,"d":"450,313.60"},{"$f":"SUM(R509:R511)","v":{"v":2497193.6,"d":"2,497,193.60"}},{"$f":"R512/100*10","v":{"v":249719.36,"d":"249,719.36"}},28]
["А0564",481,102000844,"Тахометр с модулем ввод/выв. 318030-56","(0903) Проезд № 607 д. 22",{"v":1,"d":"1.000"},"ШТ",2010,"3.NV.1209-2002","Паспорт","Нет данных","Удовлетворительное",{"v":58600,"d":"58,600.00"},{"$f":"O513/F513","v":{"v":58600,"d":"58,600.00"}},{"v":58600,"d":"58,600.00"},{"v":43810,"d":"43,810.00"},{"$f":"R513-P513","v":{"v":9638.2,"d":"9,638.20"}},{"$f":"P513*1.22","v":{"v":53448.2,"d":"53,448.20"}},null,29,"Запчасти к турбинам паровым"]
["А0565",482,102000893,"Устройство контроля 318030-55","(0903) Проезд № 607 д. 22",{"v":1,"d":"1.000"},"ШТ","2010","3.NV.1209-2002","Паспорт","Нет данных","Удовлетворительное",{"v":58600,"d":"58,600.00"},{"v":58600,"d":"58,600.00"},{"v":58600,"d":"58,600.00"},{"v":24590,"d":"24,590.00"},{"v":5409.8,"d":"5,409.80"},{"v":29999.8,"d":"29,999.80"},null,29]
["А0566",483,102000203,"Агрегат АИК-25Р 27В 0,5А","(0817) Боровское ш., д.10",{"v":1,"d":"1.000"},"ШТ","2014-12-31","3.NV.1208-2002","Документы отсутствуют","ABB NTDI01","Удовлетворительное",{"v":1185254,"d":"1,185,254.00"},{"v":1185254,"d":"1,185,254.00"},{"v":1185254,"d":"1,185,254.00"},{"v":1280830,"d":"1,280,830.00"},{"v":281782.6,"d":"281,782.60"},{"v":1562612.6,"d":"1,562,612.60"},null,29]
["А0567",484,10120756,"Маслопровод ВД В 60860140 для ГТД-6РМ","(0817) Боровское ш., д.10",{"v":1,"d":"1.000"},"ШТ","2014-12-31","3.NV.1208-2002","Документы отсутствуют","Tantos HO-02 пластик","Удовлетворительное",{"v":7979.69,"d":"7,979.69"},{"v":7979.69,"d":"7,979.69"},{"v":7979.69,"d":"7,979.69"},{"v":7620,"d":"7,620.00"},{"v":1676.4,"d":"1,676.40"},{"v":9296.4,"d":"9,296.40"},null,29]
["А0568",485,10120757,"Маслопровод ВД В 60860140-01 для ГТД-6РМ","(0817) Боровское ш., д.10",{"v":1,"d":"1.000"},"ШТ","2014-12-31","3.NV.1208-2002","Документы отсутствуют","КСО-25-900-210","Удовлетворительное",{"v":8016.42,"d":"8,016.42"},{"v":8016.42,"d":"8,016.42"},{"v":8016.42,"d":"8,016.42"},{"v":7650,"d":"7,650.00"},{"v":1683,"d":"1,683.00"},{"v":9333,"d":"9,333.00"},null,29]
["А0569",486,10120768,"Маслопровод ВД В 60860150 для ГТД-6РМ","(0817) Боровское ш., д.10",{"v":1,"d":"1.000"},"ШТ","2014-12-31","3.NV.1208-2002","Документы отсутствуют","ПППН-Т7-25-600-2.2","Удовлетворительное",{"v":4945.18,"d":"4,945.18"},{"v":4945.18,"d":"4,945.18"},{"v":4945.18,"d":"4,945.18"},{"v":4720,"d":"4,720.00"},{"v":1038.4,"d":"1,038.40"},{"v":5758.4,"d":"5,758.40"},null,29]
["А0570",487,10120769,"Маслопровод ВД В 60860150-01 для ГТД-6РМ","(0817) Боровское ш., д.10",{"v":1,"d":"1.000"},"ШТ","2014-12-31","3.NV.1208-2002","Документы отсутствуют","Компенсатор сальниковый Ду400мм","Удовлетворительное",{"v":4912.36,"d":"4,912.36"},{"v":4912.36,"d":"4,912.36"},{"v":4912.36,"d":"4,912.36"},{"v":4690,"d":"4,690.00"},{"v":1031.8,"d":"1,031.80"},{"v":5721.8,"d":"5,721.80"},null,29]
["А0571",488,10042151,"Предохранитель В 61100031 для ГТД-6РМ","(0817) Боровское ш., д.10",{"v":1,"d":"1.000"},"ШТ","2014-12-31","3.NV.1208-2002","Документы отсутствуют","D48/24 220В ТСС9-220","Удовлетворительное",{"v":3230,"d":"3,230.00"},{"v":3230,"d":"3,230.00"},{"v":3230,"d":"3,230.00"},{"v":3080,"d":"3,080.00"},{"v":677.6,"d":"677.60"},{"v":3757.6,"d":"3,757.60"},null,29]
["А0572",489,10105556,"Свеча зажигания СП-06ВП-3","(0817) Боровское ш., д.10",{"v":1,"d":"1.000"},"ШТ","2014-12-31","3.NV.1208-2002","Документы отсутствуют","Allen-Bradley 1747-ASB","Удовлетворительное",{"v":37057,"d":"37,057.00"},{"v":37057,"d":"37,057.00"},{"v":37057,"d":"37,057.00"},{"v":36140,"d":"36,140.00"},{"v":7950.8,"d":"7,950.80"},{"v":44090.8,"d":"44,090.80"},null,29]
["А0573",490,10057332,"Сепаратор Atlas Copco сер № AII289074","(0817) Боровское ш., д.10",{"v":1,"d":"1.000"},"ШТ","2014-12-31","3.NV.1208-2002","Документы отсутствуют","Текон AI16","Удовлетворительное",{"v":11244,"d":"11,244.00"},{"v":11244,"d":"11,244.00"},{"v":11244,"d":"11,244.00"},{"v":10960,"d":"10,960.00"},{"v":2411.2,"d":"2,411.20"},{"v":13371.2,"d":"13,371.20"},null,29]
["А0574",491,102002110,"Цилиндр направляющего аппарата ЦНА-30К","(0817) Боровское ш., д.10",{"v":1,"d":"1.000"},"ШТ","2014-12-31","3.NV.1208-2002","Документы отсутствуют","Текон D48/24","Удовлетворительное",{"v":167208,"d":"167,208.00"},{"v":167208,"d":"167,208.00"},{"v":167208,"d":"167,208.00"},{"v":159630,"d":"159,630.00"},{"v":35118.6,"d":"35,118.60"},{"v":194748.6,"d":"194,748.60"},null,29]
["А0575",492,102000721,"Датчик вибрации 2408714-1","(0903) Проезд № 607 д. 22",{"v":1,"d":"1.000"},"ШТ","2010","3.NV.1209-2002","Паспорт","Нет данных","Удовлетворительное",{"v":61800,"d":"61,800.00"},{"v":61800,"d":"61,800.00"},{"v":61800,"d":"61,800.00"},{"v":46200,"d":"46,200.00"},{"v":10164,"d":"10,164.00"},{"v":56364,"d":"56,364.00"},null,29]
["А0576",493,102001431,"Датчик вибрации 2408715-1","(0903) Проезд № 607 д. 22",{"v":2,"d":"2.000"},"ШТ","2010","3.NV.1209-2002","Паспорт","Нет данных","Удовлетворительное",{"v":340020,"d":"340,020.00"},{"v":170010,"d":"170,010.00"},{"v":340020,"d":"340,020.00"},{"v":254200,"d":"254,200.00"},{"v":55924,"d":"55,924.00"},{"v":310124,"d":"310,124.00"},null,29]
["А0577",494,102001136,"Датчик вибрации 315475-19","(0903) Проезд № 607 д. 22",{"v":1,"d":"1.000"},"ШТ","2010","3.NV.1209-2002","Паспорт","Нет данных","Удовлетворительное",{"v":54540,"d":"54,540.00"},{"v":54540,"d":"54,540.00"},{"v":54540,"d":"54,540.00"},{"v":40770,"d":"40,770.00"},{"v":8969.4,"d":"8,969.40"},{"v":49739.4,"d":"49,739.40"},null,29]
["А0578",495,102000690,"Датчик вибрации 315475-20","(0903) Проезд № 607 д. 22",{"v":1,"d":"1.000"},"ШТ","2010","3.NV.1209-2002","Паспорт","Нет данных","Удовлетворительное",{"v":54540,"d":"54,540.00"},{"v":54540,"d":"54,540.00"},{"v":54540,"d":"54,540.00"},{"v":40770,"d":"40,770.00"},{"v":8969.4,"d":"8,969.40"},{"v":49739.4,"d":"49,739.40"},null,29]
["А0579",496,102000768,"Датчик температуры 2420906-1","(0903) Проезд № 607 д. 22",{"v":1,"d":"1.000"},"ШТ","2010","3.NV.1209-2002","Документы отсутствуют","Нет данных","Удовлетворительное",{"v":58483.36,"d":"58,483.36"},{"v":58483.36,"d":"58,483.36"},{"v":58483.36,"d":"58,483.36"},{"v":43720,"d":"43,720.00"},{"v":9618.4,"d":"9,618.40"},{"v":53338.4,"d":"53,338.40"},null,29]
["А0580",497,102000957,"Датчик температуры 2420906-2","(0903) Проезд № 607 д. 22",{"v":1,"d":"1.000"},"ШТ","2010","3.NV.1209-2002","Документы отсутствуют","Нет данных","Удовлетворительное",{"v":55645.34,"d":"55,645.34"},{"v":55645.34,"d":"55,645.34"},{"v":55645.34,"d":"55,645.34"},{"v":41600,"d":"41,600.00"},{"v":9152,"d":"9,152.00"},{"v":50752,"d":"50,752.00"},null,29]
["А0581",498,102000902,"Датчик температуры 2420906-3","(0903) Проезд № 607 д. 22",{"v":1,"d":"1.000"},"ШТ","2010","3.NV.1209-2002","Документы отсутствуют","Нет данных","Удовлетворительное",{"v":57083.66,"d":"57,083.66"},{"v":57083.66,"d":"57,083.66"},{"v":57083.66,"d":"57,083.66"},{"v":42680,"d":"42,680.00"},{"v":9389.6,"d":"9,389.60"},{"v":52069.6,"d":"52,069.60"},null,29]
["А0582",499,102000725,"Датчик температуры 2420906-4","(0903) Проезд № 607 д. 22",{"v":1,"d":"1.000"},"ШТ","2010","3.NV.1209-2002","Документы отсутствуют","Нет данных","Удовлетворительное",{"v":57324.81,"d":"57,324.81"},{"v":57324.81,"d":"57,324.81"},{"v":57324.81,"d":"57,324.81"},{"v":42860,"d":"42,860.00"},{"v":9429.2,"d":"9,429.20"},{"v":52289.2,"d":"52,289.20"},null,29]
["А0583",500,102000822,"Датчик температуры 2420906-5","(0903) Проезд № 607 д. 22",{"v":1,"d":"1.000"},"ШТ","2010","3.NV.1209-2002","Документы отсутствуют","Нет данных","Удовлетворительное",{"v":55484.49,"d":"55,484.49"},{"v":55484.49,"d":"55,484.49"},{"v":55484.49,"d":"55,484.49"},{"v":41480,"d":"41,480.00"},{"v":9125.6,"d":"9,125.60"},{"v":50605.6,"d":"50,605.60"},null,29]
["А0584",501,102001471,"Датчик температуры 51082859-1","(0903) Проезд № 607 д. 22",{"v":1,"d":"1.000"},"ШТ","2010","3.NV.1209-2002","Документы отсутствуют","Нет данных","Удовлетворительное",{"v":15552.98,"d":"15,552.98"},{"v":15552.98,"d":"15,552.98"},{"v":15552.98,"d":"15,552.98"},{"v":11630,"d":"11,630.00"},{"v":2558.6,"d":"2,558.60"},{"v":14188.6,"d":"14,188.60"},null,29]
["А0585",502,10105556,"Свеча зажигания СП-06ВП-3","(0098) Верхние поля, 25",{"v":1,"d":"1.000"},"ШТ","2013-06-06","3.NV.1100-2002","Документы отсутствуют","СП-06ВП-3","Хорошее",{"v":14196.75,"d":"14,196.75"},{"v":14196.75,"d":"14,196.75"},{"v":14196.75,"d":"14,196.75"},{"v":20070,"d":"20,070.00"},{"v":4415.4,"d":"4,415.40"},{"v":24485.4,"d":"24,485.40"},null,29]
["А0586",503,10120756,"Маслопровод ВД В 60860140 для ГТД-6РМ","(0098) Верхние поля, 25",{"v":1,"d":"1.000"},"ШТ","2014-12-31","3.NV.1100-2002","Документы отсутствуют","ВД В 60860140 для ГТД-6РМ","Хорошее",{"v":8035.57,"d":"8,035.57"},{"v":8035.57,"d":"8,035.57"},{"v":8035.57,"d":"8,035.57"},{"v":11120,"d":"11,120.00"},{"v":2446.4,"d":"2,446.40"},{"v":13566.4,"d":"13,566.40"},null,29]
["А0587",504,10120768,"Маслопровод ВД В 60860150 для ГТД-6РМ","(0098) Верхние поля, 25",{"v":1,"d":"1.000"},"ШТ","2014-12-31","3.NV.1100-2002","Документы отсутствуют","ВД В 60860150 для ГТД-6РМ","Хорошее",{"v":4945.18,"d":"4,945.18"},{"v":4945.18,"d":"4,945.18"},{"v":4945.18,"d":"4,945.18"},{"v":6850,"d":"6,850.00"},{"v":1507,"d":"1,507.00"},{"v":8357,"d":"8,357.00"},null,29]
["А0588",505,10120769,"Маслопровод ВД В 60860150-01 для ГТД-6РМ","(0098) Верхние поля, 25",{"v":1,"d":"1.000"},"ШТ","2013-10-30","3.NV.1100-2002","Документы отсутствуют","ВД В 60860150-01 для ГТД-6РМ","Хорошее",{"v":4912.36,"d":"4,912.36"},{"v":4912.36,"d":"4,912.36"},{"v":4912.36,"d":"4,912.36"},{"v":6800,"d":"6,800.00"},{"v":1496,"d":"1,496.00"},{"v":8296,"d":"8,296.00"},null,29]
[{"$nulls":14},{"$f":"SUM(O513:O537)","v":{"v":2389611.15,"d":"2,389,611.15"}},{"$f":"SUM(P513:P537)","v":{"v":2234470,"d":"2,234,470.00"}},{"v":491583.4,"d":"491,583.40"},{"$f":"SUM(R513:R537)","v":{"v":2726053.4,"d":"2,726,053.40"}},{"$f":"R538/100*10","v":{"v":272605.34,"d":"272,605.34"}},29]
["А0589",506,10121147,"Метчик М20х2,5 2621-1736.1 Г3266-81","(0073) Беломорская, 38А, стр.10",{"v":1,"d":"1.000"},"ШТ","2015-12-23","3.NV.1100-2002","Документы отсутствуют","Нет данных","Новое",571.68,{"$f":"O539/F539","v":571.68},571.68,{"v":610,"d":"610.00"},{"$f":"R539-P539","v":{"v":134.2,"d":"134.20"}},{"$f":"P539*1.22","v":{"v":744.2,"d":"744.20"}},null,30,"Инструмент"]
["А0590",507,10109520,"Микрометр МК200-1 (175-200) 0,01 кл.1","(0092) Кусковская ул., д. 18Г",{"v":1,"d":"1.000"},"ШТ","2010-01-01","3.NV.1100-2002","Паспорт  б/н","Нет данных","Новое",{"v":1498.31,"d":"1,498.31"},{"v":1498.31,"d":"1,498.31"},{"v":1498.31,"d":"1,498.31"},{"v":2230,"d":"2,230.00"},{"v":490.6,"d":"490.60"},{"v":2720.6,"d":"2,720.60"},null,30]
["А0591",508,10036486,"Рейка нивелирная VEGA TS5M 5м","(0092) Кусковская ул., д. 18Г",{"v":5,"d":"5.000"},"ШТ","2013-08-30","3.NV.1100-2002","Документы отсутствуют","Нет данных","Новое",{"v":6170.79,"d":"6,170.79"},{"v":1234.16,"d":"1,234.16"},{"v":6170.79,"d":"6,170.79"},{"v":7780,"d":"7,780.00"},{"v":1711.6,"d":"1,711.60"},{"v":9491.6,"d":"9,491.60"},null,30]
["А0592",509,10121818,"Патрон монтажный Д-3 100шт/уп","(0092) Кусковская ул., д. 18Г",{"v":28,"d":"28.000"},"УПК","2013-06-06","3.NV.1100-2002","Документы отсутствуют","Нет данных","Новое",{"v":4573.08,"d":"4,573.08"},163.32,{"v":4573.08,"d":"4,573.08"},{"v":5810,"d":"5,810.00"},{"v":1278.2,"d":"1,278.20"},{"v":7088.2,"d":"7,088.20"},null,30]
["А0593",510,10140198,"Наконечник токосъемный d 1,2мм","(0098) Верхние поля, 25",{"v":49,"d":"49.000"},"ШТ","2012-12-01","3.NV.1100-2002","Отказное письмо №101-КС/917 от 01.08.2013","Нет данных","Новое",{"v":1127,"d":"1,127.00"},{"v":23,"d":"23.00"},{"v":1127,"d":"1,127.00"},{"v":1470,"d":"1,470.00"},{"v":323.4,"d":"323.40"},{"v":1793.4,"d":"1,793.40"},null,30]
["А0594",511,10140959,"Патрон К-4","(0098) Верхние поля, 25",{"v":45,"d":"45.000"},"ШТ","2012-07-01","3.NV.1100-2002","Документы отсутствуют","Нет данных","Новое",{"v":151.2,"d":"151.20"},3.36,{"v":151.2,"d":"151.20"},{"v":200,"d":"200.00"},{"v":44,"d":"44.00"},{"v":244,"d":"244.00"},null,30]
[{"$nulls":14},{"$f":"SUM(O539:O544)","v":{"v":14092.06,"d":"14,092.06"}},{"$f":"SUM(P539:P544)","v":{"v":18100,"d":"18,100.00"}},{"v":3982,"d":"3,982.00"},{"$f":"SUM(R539:R544)","v":{"v":22082,"d":"22,082.00"}},{"$f":"R545/100*10","v":{"v":2208.2,"d":"2,208.20"}},30]
["А0595",512,10139098,"Шкурка шлиф.","(0507) Сурский пр-д, д. 5, стр. 1",{"v":50,"d":"50.000"},"М","2010-07-21","3.NV.1205-2002","Документы отсутствуют","Нет данных","Удовлетворительное",{"v":5394.88,"d":"5,394.88"},{"$f":"O546/F546","v":{"v":107.9,"d":"107.90"}},{"v":5394.88,"d":"5,394.88"},{"v":4800,"d":"4,800.00"},{"$f":"R546-P546","v":{"v":1056,"d":"1,056.00"}},{"$f":"P546*1.22","v":{"v":5856,"d":"5,856.00"}},null,31,"Инструмент"]
["А0597",513,10109003,"Стержень кл. 11/100 Profi Stayer 0682-H6","(1690) Боровский пр-д, д.13а",{"v":507,"d":"507.000"},"ШТ","2010 г","3.NV.1216-2002","Документы отсутствуют","Стержень кл. 11/100 Profi Stayer 0682-H6","Удовлетворительное",{"v":12623.29,"d":"12,623.29"},{"$f":"O547/F547","v":{"v":24.9,"d":"24.90"}},{"v":12623.29,"d":"12,623.29"},{"v":11220,"d":"11,220.00"},{"v":2468.4,"d":"2,468.40"},{"$f":"P547*1.22","v":{"v":13688.4,"d":"13,688.40"}},null,31]
["А0599",514,10029474,"Муфта чугунная Ду-025","(0098) Верхние поля, 25",{"v":174,"d":"174.000"},"ШТ",2014,"3.NV.1100-2002","Документы отсутствуют","Ду025","Хорошее",{"v":2390.97,"d":"2,390.97"},{"$f":"O548/F548","v":13.74},{"v":2390.97,"d":"2,390.97"},{"v":2460,"d":"2,460.00"},{"v":541.2,"d":"541.20"},{"$f":"P548*1.22","v":{"v":3001.2,"d":"3,001.20"}},null,31]
[{"$nulls":14},{"$f":"SUM(O546:O548)","v":{"v":20409.14,"d":"20,409.14"}},{"$f":"SUM(P546:P548)","v":{"v":18480,"d":"18,480.00"}},{"v":4065.6,"d":"4,065.60"},{"$f":"SUM(R546:R548)","v":{"v":22545.6,"d":"22,545.60"}},{"$f":"R549/100*10","v":{"v":2254.56,"d":"2,254.56"}},31]
["А0600",515,10023094,"Кабель Helukabel J-Y (ST)Y 1х2х0,8 33035","(0098) Верхние поля, 25",{"v":60,"d":"60.000"},"М","2010-04-19","3.NV.1100-2002","Документы отсутствуют","Нет данных","Новое",{"v":812.4,"d":"812.40"},{"$f":"O550/F550","v":13.54},{"v":812.4,"d":"812.40"},{"v":1200,"d":"1,200.00"},{"v":264,"d":"264.00"},{"$f":"P550*1.22","v":{"v":1464,"d":"1,464.00"}},null,32,"Кабельно-проводниковая продукция "]
["А0618",516,10031420,"Комплект удл. 5-ти жил. кабеля NYM 5х1,5","(0911) Строительный пр.,д.14 к.1",{"$f":"7-6","v":{"v":1,"d":"1.000"}},"ШТ","2017-03-30","3.NV.1209-2002","Документы отсутствуют","Нет данных","Удовлетворительное",397.64,397.64,397.64,{"v":220,"d":"220.00"},{"v":48.4,"d":"48.40"},{"v":268.4,"d":"268.40"},null,32]
["А0621",517,102029196,"Б/У Кабель MПС Lazer","(0903) Проезд № 607 д. 22",{"v":910,"d":"910.000"},"М",2008,"3.NV.1209-2002","Документы отсутствуют","Нет данных","Удовлетворительное",{"v":48621.3,"d":"48,621.30"},53.43,{"v":48621.3,"d":"48,621.30"},{"v":47040,"d":"47,040.00"},{"v":10348.8,"d":"10,348.80"},{"v":57388.8,"d":"57,388.80"},null,32]
["А0622",518,102029159,"Б/У Кабель Siemens AT-VYY 2G62,5/125","(0903) Проезд № 607 д. 22",{"v":2,"d":"2.000"},"М",2007,"3.NV.1209-2002","Документы отсутствуют","Нет данных","Удовлетворительное",{"v":603.2,"d":"603.20"},{"v":301.6,"d":"301.60"},{"v":603.2,"d":"603.20"},{"v":640,"d":"640.00"},{"v":140.8,"d":"140.80"},{"v":780.8,"d":"780.80"},null,32]
["А0623",519,102029219,"Б/У Кабель ДРЖ5139004-10 NA178","(0903) Проезд № 607 д. 22",{"v":200,"d":"200.000"},"М",2007,"3.NV.1209-2002","Документы отсутствуют","Нет данных","Удовлетворительное",{"v":3014,"d":"3,014.00"},15.07,{"v":3014,"d":"3,014.00"},{"v":3190,"d":"3,190.00"},{"v":701.8,"d":"701.80"},{"v":3891.8,"d":"3,891.80"},null,32]
["А0624",520,102029218,"Б/У Кабель коаксиальный","(0903) Проезд № 607 д. 22",{"$f":"600-350","v":{"v":250,"d":"250.000"}},"М",2007,"3.NV.1209-2002","Документы отсутствуют","Нет данных","Удовлетворительное",{"v":62255,"d":"62,255.00"},249.02,{"v":62255,"d":"62,255.00"},{"v":65940,"d":"65,940.00"},{"v":14506.8,"d":"14,506.80"},{"v":80446.8,"d":"80,446.80"},null,32]
["А0627",521,102004392,"Кабель АВВГнг-LS 5х10(ож)-1","(0903) Проезд № 607 д. 22",{"v":40,"d":"40.000"},"М",2007,"3.NV.1209-2002","Документы отсутствуют","Нет данных","Удовлетворительное",{"v":3212.4,"d":"3,212.40"},80.31,{"v":3212.4,"d":"3,212.40"},{"v":3400,"d":"3,400.00"},{"v":748,"d":"748.00"},{"v":4148,"d":"4,148.00"},null,32]
["А0628",522,102029168,"Кабель оптический ЭКБ-ДПС-П-08Г","(0903) Проезд № 607 д. 22",{"v":740,"d":"740.000"},"М",2006,"3.NV.1209-2002","Документы отсутствуют","Нет данных","Удовлетворительное",{"v":34417.4,"d":"34,417.40"},46.51,{"v":34417.4,"d":"34,417.40"},{"v":40970,"d":"40,970.00"},{"v":9013.4,"d":"9,013.40"},{"v":49983.4,"d":"49,983.40"},null,32]
[{"$nulls":14},{"$f":"SUM(O550:O557)","v":{"v":153333.34,"d":"153,333.34"}},{"$f":"SUM(P550:P557)","v":{"v":162600,"d":"162,600.00"}},{"v":35772,"d":"35,772.00"},{"$f":"SUM(R550:R557)","v":{"v":198372,"d":"198,372.00"}},{"$f":"R558/100*10","v":{"v":19837.2,"d":"19,837.20"}},32]
["А0649",523,102001191,"Комплекс СГ-ЭК-Вз-Р-0,5-65/1,","(2001) Б.Каменщики ул., д. 4 ",{"v":1,"d":"1.000"},"ШТ","2014-12-01","3.NV.1220-2002","Документы отсутствуют","Комплекс СГ-ЭК-Вз-Р-0,5-65/1,","Новое",{"$f":"O559","v":{"v":107205,"d":"107,205.00"}},{"$f":"O559/F559","v":{"v":107205,"d":"107,205.00"}},{"v":107205,"d":"107,205.00"},{"v":90750,"d":"90,750.00"},{"$f":"R559-P559","v":{"v":19965,"d":"19,965.00"}},{"$f":"P559*1.22","v":{"v":110715,"d":"110,715.00"}},null,33,"КИПиА"]
["А0659",524,10106834,"Датчик избыточного давления Метран-55-Вн-ДИ-515-МП-t10-050-0,25МПа-42-С","(0409) Щелковское ш., д.70А, стр.1",{"v":3,"d":"3.000"},"ШТ","31.12.2014","3.NV.1204-2002","Документы отсутствуют","Нет данных","Новое",{"v":23850,"d":"23,850.00"},{"v":7950,"d":"7,950.00"},{"v":23850,"d":"23,850.00"},{"v":20190,"d":"20,190.00"},{"v":4441.8,"d":"4,441.80"},{"v":24631.8,"d":"24,631.80"},null,33]
["А0662",525,10094645,"Механизм исполнительный электрический однооборотный рычажный МЭО-100/25-0,25-99 У 220/380В 50Гц IP54","(0409) Щелковское ш., д.70А, стр.1",{"v":1,"d":"1.000"},"ШТ","31.12.2014","3.NV.1204-2002","Документы отсутствуют","Нет данных","Новое",{"v":17388.47,"d":"17,388.47"},{"v":17388.47,"d":"17,388.47"},{"v":17388.47,"d":"17,388.47"},{"v":14720,"d":"14,720.00"},{"v":3238.4,"d":"3,238.40"},{"v":17958.4,"d":"17,958.40"},null,33]
["А0668",526,10097014,"Сигнализатор магнитный МСС 40-07-5021","(0098) Верхние поля, 25",{"v":1,"d":"1.000"},"ШТ","2010-01-01","3.NV.1100-2002","Паспорт 40-07-5020 ПС","Нет данных","Новое",{"v":16862.47,"d":"16,862.47"},{"v":16862.47,"d":"16,862.47"},{"v":16862.47,"d":"16,862.47"},{"v":16990,"d":"16,990.00"},{"v":3737.8,"d":"3,737.80"},{"v":20727.8,"d":"20,727.80"},null,33]
["А0669",527,10021524,"Термометр ТБ-1(-30+50)-1,5-100-М","(0092) Кусковская ул., д. 18Г",{"v":5,"d":"5.000"},"ШТ","2013-06-06","3.NV.1100-2002","Документы отсутствуют","Нет данных","Новое",{"v":1570.3,"d":"1,570.30"},314.06,{"v":1570.3,"d":"1,570.30"},{"v":1370,"d":"1,370.00"},{"v":301.4,"d":"301.40"},{"v":1671.4,"d":"1,671.40"},null,33]
["А0670",528,10119453,"GSM-K антенна","(0092) Кусковская ул., д. 18Г",{"v":1,"d":"1.000"},"ШТ","2013-02-15","3.NV.1100-2002","Документы отсутствуют","Нет данных","Новое",{"v":560,"d":"560.00"},{"v":560,"d":"560.00"},{"v":560,"d":"560.00"},{"v":490,"d":"490.00"},{"v":107.8,"d":"107.80"},{"v":597.8,"d":"597.80"},null,33]
["А0671",529,10119408,"GSM-K антенна","(0092) Кусковская ул., д. 18Г",{"v":2,"d":"2.000"},"ШТ","2013-02-15","3.NV.1100-2002","Документы отсутствуют","Нет данных","Новое",{"$f":"O565","v":{"v":1120,"d":"1,120.00"}},{"v":560,"d":"560.00"},{"v":1120,"d":"1,120.00"},{"v":980,"d":"980.00"},{"v":215.6,"d":"215.60"},{"v":1195.6,"d":"1,195.60"},null,33]
["А0672",530,102001148,"R-3051-CD-1-M-2-2-A-1-A-IM-C2","(0092) Кусковская ул., д. 18Г",{"v":4,"d":"4.000"},"ШТ",2015,"3.NV.1100-2002","Документы отсутствуют","Нет данных","Новое",{"v":421590.4,"d":"421,590.40"},{"v":105397.6,"d":"105,397.60"},{"v":421590.4,"d":"421,590.40"},{"v":335550,"d":"335,550.00"},{"v":73821,"d":"73,821.00"},{"v":409371,"d":"409,371.00"},null,33]
["А0673",531,102001231,"R-3051-CD-2-M-2-2-A-1-A-IM-C2","(0092) Кусковская ул., д. 18Г",{"v":4,"d":"4.000"},"ШТ",2015,"3.NV.1100-2002","Документы отсутствуют","Нет данных","Новое",{"v":372267.2,"d":"372,267.20"},{"v":93066.8,"d":"93,066.80"},{"v":372267.2,"d":"372,267.20"},{"v":296290,"d":"296,290.00"},{"v":65183.8,"d":"65,183.80"},{"v":361473.8,"d":"361,473.80"},null,33]
["А0674",532,102000715,"R-3051-TA-2-M-2B-2-1-A-B4-IM-C2","(0092) Кусковская ул., д. 18Г",{"v":4,"d":"4.000"},"ШТ",2015,"3.NV.1100-2002","Документы отсутствуют","Нет данных","Новое",{"v":364280,"d":"364,280.00"},{"v":91070,"d":"91,070.00"},{"v":364280,"d":"364,280.00"},{"v":289930,"d":"289,930.00"},{"v":63784.6,"d":"63,784.60"},{"v":353714.6,"d":"353,714.60"},null,33]
["А0675",533,10107621,"Амперметр AMT 1/A1 без шкалы, кл.1,5","(0092) Кусковская ул., д. 18Г",{"v":6,"d":"6.000"},"ШТ","2010-02-18","3.NV.1100-2002","Документы отсутствуют","Нет данных","Новое",{"v":14109.6,"d":"14,109.60"},{"v":2351.6,"d":"2,351.60"},{"v":14109.6,"d":"14,109.60"},{"v":14130,"d":"14,130.00"},{"v":3108.6,"d":"3,108.60"},{"v":17238.6,"d":"17,238.60"},null,33]
["А0676",534,10018357,"Амперметр Э 365-2 200-1000А т/т200/5А","(0092) Кусковская ул., д. 18Г",{"v":5,"d":"5.000"},"ШТ","2009-07-22","3.NV.1100-2002","Документы отсутствуют","Нет данных","Новое",{"v":11758,"d":"11,758.00"},{"v":2351.6,"d":"2,351.60"},{"v":11758,"d":"11,758.00"},{"v":11830,"d":"11,830.00"},{"v":2602.6,"d":"2,602.60"},{"v":14432.6,"d":"14,432.60"},null,33]
["А0677",535,10054104,"Амперметр ЭА 0701 100А кл.1,5","(0092) Кусковская ул., д. 18Г",{"v":2,"d":"2.000"},"ШТ","2008-11-21","3.NV.1100-2002","Документы отсутствуют","Нет данных","Новое",{"v":1841.94,"d":"1,841.94"},920.97,{"v":1841.94,"d":"1,841.94"},{"v":1880,"d":"1,880.00"},{"v":413.6,"d":"413.60"},{"v":2293.6,"d":"2,293.60"},null,33]
["А0678",536,10106011,"Блок аккумулятора для АНКАТ-7664М .","(0092) Кусковская ул., д. 18Г",{"v":10,"d":"10.000"},"ШТ","2013-06-06","3.NV.1100-2002","Документы отсутствуют","Нет данных","Новое",{"v":37754.23,"d":"37,754.23"},{"v":3775.42,"d":"3,775.42"},{"v":37754.23,"d":"37,754.23"},{"v":32860,"d":"32,860.00"},{"v":7229.2,"d":"7,229.20"},{"v":40089.2,"d":"40,089.20"},null,33]
["А0679",537,10151825,"Блок горелочный защитный Б97 к АСУ-ПТВМ","(0092) Кусковская ул., д. 18Г",{"v":4,"d":"4.000"},"ШТ","2013-07-31","3.NV.1100-2002","Документы отсутствуют","Нет данных","Новое",{"v":88560,"d":"88,560.00"},{"v":22140,"d":"22,140.00"},{"v":88560,"d":"88,560.00"},{"v":77160,"d":"77,160.00"},{"v":16975.2,"d":"16,975.20"},{"v":94135.2,"d":"94,135.20"},null,33]
["А0680",538,10017806,"Блок датчика CH4 сигнализ. СТГ-1","(0092) Кусковская ул., д. 18Г",{"v":42,"d":"42.000"},"ШТ","2008-03-14","3.NV.1100-2002","Документы отсутствуют","Нет данных","Новое",{"v":25623.46,"d":"25,623.46"},610.08,{"v":25623.46,"d":"25,623.46"},{"v":27810,"d":"27,810.00"},{"v":6118.2,"d":"6,118.20"},{"v":33928.2,"d":"33,928.20"},null,33]
["А0682",539,10029956,"Блок питания БП-5B","(0098) Верхние поля, 25",{"$f":"4-1","v":{"v":3,"d":"3.000"}},"ШТ","2013-06-06","3.NV.1100-2002","Документы отсутствуют","Нет данных","Новое",{"v":7029.66,"d":"7,029.66"},{"v":2343.22,"d":"2,343.22"},{"$f":"9372.88/4*3","v":{"v":7029.66,"d":"7,029.66"}},{"v":6120,"d":"6,120.00"},{"v":1346.4,"d":"1,346.40"},{"v":7466.4,"d":"7,466.40"},null,33]
["А0683",540,10018618,"Блок питания Метран-604","(0092) Кусковская ул., д. 18Г",{"v":2,"d":"2.000"},"ШТ","2008-06-27","3.NV.1100-2002","Документы отсутствуют","Нет данных","Новое",{"v":10172.05,"d":"10,172.05"},{"v":5086.03,"d":"5,086.03"},{"v":10172.05,"d":"10,172.05"},{"v":10840,"d":"10,840.00"},{"v":2384.8,"d":"2,384.80"},{"v":13224.8,"d":"13,224.80"},null,33]
["А0684",541,10138459,"Вольтметр цифровой В7-53/1","(0092) Кусковская ул., д. 18Г",{"v":3,"d":"3.000"},"ШТ","2014-05-30","3.NV.1100-2002","Документы отсутствуют","Нет данных","Новое",{"v":108943.74,"d":"108,943.74"},{"v":36314.58,"d":"36,314.58"},{"v":108943.74,"d":"108,943.74"},{"v":92850,"d":"92,850.00"},{"v":20427,"d":"20,427.00"},{"v":113277,"d":"113,277.00"},null,33]
["А0685",542,10110062,"Газосигнализатор ИГС-98 Клевер-СВ 0-30%","(0092) Кусковская ул., д. 18Г",{"v":8,"d":"8.000"},"ШТ","2012-08-01","3.NV.1100-2002","Документы отсутствуют","Нет данных","Новое",{"v":84088,"d":"84,088.00"},{"v":10511,"d":"10,511.00"},{"v":84088,"d":"84,088.00"},{"v":73140,"d":"73,140.00"},{"v":16090.8,"d":"16,090.80"},{"v":89230.8,"d":"89,230.80"},null,33]
["А0686",543,10017808,"Датчик CH4 сигнализ. СТГ-1","(0092) Кусковская ул., д. 18Г",{"v":3,"d":"3.000"},"ШТ","2008-03-14","3.NV.1100-2002","Документы отсутствуют","Нет данных","Новое",{"v":5882.4,"d":"5,882.40"},{"v":1960.8,"d":"1,960.80"},{"v":5882.4,"d":"5,882.40"},{"v":6380,"d":"6,380.00"},{"v":1403.6,"d":"1,403.60"},{"v":7783.6,"d":"7,783.60"},null,33]
["А0687",544,10122909,"Датчик CH4 сигнализ. СТГ-1","(0092) Кусковская ул., д. 18Г",{"v":5,"d":"5.000"},"ШТ","2008-03-14","3.NV.1100-2002","Документы отсутствуют","Нет данных","Новое",{"v":3550,"d":"3,550.00"},{"v":710,"d":"710.00"},{"v":3550,"d":"3,550.00"},{"v":3850,"d":"3,850.00"},{"v":847,"d":"847.00"},{"v":4697,"d":"4,697.00"},null,33]
["А0688",545,10117267,"Датчик DMD331-730-E-6001-1-8-100-J00100R","(0092) Кусковская ул., д. 18Г",{"v":1,"d":"1.000"},"ШТ","2010-10-19","3.NV.1100-2002","Документы отсутствуют","Нет данных","Новое",{"v":18191.13,"d":"18,191.13"},{"v":18191.13,"d":"18,191.13"},{"v":18191.13,"d":"18,191.13"},{"v":17280,"d":"17,280.00"},{"v":3801.6,"d":"3,801.60"},{"v":21081.6,"d":"21,081.60"},null,33]
["А0689",546,10127576,"Датчик Polytron SE Ex HT M DD Drager","(0092) Кусковская ул., д. 18Г",{"v":10,"d":"10.000"},"ШТ","2010-01-01","3.NV.1100-2002","Документы отсутствуют","Нет данных","Новое",{"v":359280.11,"d":"359,280.11"},{"v":35928.01,"d":"35,928.01"},{"v":359280.11,"d":"359,280.11"},{"v":361940,"d":"361,940.00"},{"v":79626.8,"d":"79,626.80"},{"v":441566.8,"d":"441,566.80"},null,33]
["А0690",547,10127582,"Датчик Polytron SE Ex PR M1 DD Drager","(0092) Кусковская ул., д. 18Г",{"v":20,"d":"20.000"},"ШТ","2010-01-01","3.NV.1100-2002","Документы отсутствуют","Нет данных","Новое",{"v":438809.4,"d":"438,809.40"},{"v":21940.47,"d":"21,940.47"},{"v":438809.4,"d":"438,809.40"},{"v":442060,"d":"442,060.00"},{"v":97253.2,"d":"97,253.20"},{"v":539313.2,"d":"539,313.20"},null,33]
["А0692",548,10148669,"ДМ2010ф исп.V 0+2,5кгс/см2-1,5-М20","(0092) Кусковская ул., д. 18Г",{"v":13,"d":"13.000"},"ШТ","2014-01-01","3.NV.1100-2002","Паспорт ГС.001.088","Нет данных","Новое",{"v":7770.23,"d":"7,770.23"},597.71,{"v":7770.23,"d":"7,770.23"},{"v":6680,"d":"6,680.00"},{"v":1469.6,"d":"1,469.60"},{"v":8149.6,"d":"8,149.60"},null,33]
["А0693",549,10127824,"Измеритель влажности ВИМС-2.22","(0092) Кусковская ул., д. 18Г",{"$f":"3-1","v":{"v":2,"d":"2.000"}},"ШТ","2012-01-01","3.NV.1100-2002","Паспорт б/н","Нет данных","Новое",{"$f":"O585","v":{"v":73080,"d":"73,080.00"}},{"$f":"O585/F585","v":{"v":36540,"d":"36,540.00"}},{"$f":"109620/3*2","v":{"v":73080,"d":"73,080.00"}},{"v":63810,"d":"63,810.00"},{"v":14038.2,"d":"14,038.20"},{"v":77848.2,"d":"77,848.20"},null,33]
["А0694",550,10098015,"Коммутатор-адаптер КАД RS485/RS422-RS232","(0092) Кусковская ул., д. 18Г",{"v":5,"d":"5.000"},"ШТ","2015-12-22","3.NV.1100-2002","Документы отсутствуют","Нет данных","Новое",{"v":9903.21,"d":"9,903.21"},{"v":1980.64,"d":"1,980.64"},{"v":9903.21,"d":"9,903.21"},{"v":7830,"d":"7,830.00"},{"v":1722.6,"d":"1,722.60"},{"v":9552.6,"d":"9,552.60"},null,33]
["А0695",551,102001434,"Комплект с-в упр. Бриз к ДЕ, ДКРВ","(0092) Кусковская ул., д. 18Г",{"v":2,"d":"2.000"},"ШТ",2015,"3.NV.1100-2002","Документы отсутствуют","Нет данных","Новое",{"v":955563.76,"d":"955,563.76"},{"v":477781.88,"d":"477,781.88"},{"v":955563.76,"d":"955,563.76"},{"v":760540,"d":"760,540.00"},{"v":167318.8,"d":"167,318.80"},{"v":927858.8,"d":"927,858.80"},null,33]
["А0696",552,10103021,"Комплект термопр. КТСП-Н 5.1.02.02.3.3.2","(0092) Кусковская ул., д. 18Г",{"v":2,"d":"2.000"},"ШТ","2009-01-01","3.NV.1100-2002","Паспорт ТНИВ.405511.002 ПС","Нет данных","Новое",{"v":2490,"d":"2,490.00"},{"v":1245,"d":"1,245.00"},{"v":2490,"d":"2,490.00"},{"v":2510,"d":"2,510.00"},{"v":552.2,"d":"552.20"},{"v":3062.2,"d":"3,062.20"},null,33]
["А0697",553,10102939,"Комплект термопр. КТСП-Н 5.1.04.02.3.3.2","(0092) Кусковская ул., д. 18Г",{"v":9,"d":"9.000"},"ШТ","2009-01-01","3.NV.1100-2002","Паспорт ТНИВ.405511.002 ПС","Нет данных","Новое",{"v":10532.29,"d":"10,532.29"},{"v":1170.25,"d":"1,170.25"},{"v":10532.29,"d":"10,532.29"},{"v":10620,"d":"10,620.00"},{"v":2336.4,"d":"2,336.40"},{"v":12956.4,"d":"12,956.40"},null,33]
["А0698",554,10132199,"Комплектация базовая MTS 310 HA 5 мест","(0092) Кусковская ул., д. 18Г",{"v":1,"d":"1.000"},"ШТ","2012-03-30","3.NV.1100-2002","Документы отсутствуют","Нет данных","Новое",662.74,662.74,662.74,{"v":580,"d":"580.00"},{"v":127.6,"d":"127.60"},{"v":707.6,"d":"707.60"},null,33]
["А0699",555,10105332,"Конвертор Advantech ADAM-4520I","(0092) Кусковская ул., д. 18Г",{"v":1,"d":"1.000"},"ШТ","2010-07-21","3.NV.1100-2002","Документы отсутствуют","Нет данных","Новое",{"v":3290.97,"d":"3,290.97"},{"v":3290.97,"d":"3,290.97"},{"v":3290.97,"d":"3,290.97"},{"v":3120,"d":"3,120.00"},{"$f":"R591-P591","v":{"v":686.4,"d":"686.40"}},{"$f":"P591*1.22","v":{"v":3806.4,"d":"3,806.40"}},null,33]
["А0701",556,10151814,"Контроллер Теплотекс РСЕ-400","(0092) Кусковская ул., д. 18Г",{"v":1,"d":"1.000"},"ШТ","2007-01-01","3.NV.1100-2002","Паспорт б/н","Нет данных","Новое",{"v":35410.93,"d":"35,410.93"},{"v":35410.93,"d":"35,410.93"},{"v":35410.93,"d":"35,410.93"},{"v":44520,"d":"44,520.00"},{"v":9794.4,"d":"9,794.40"},{"v":54314.4,"d":"54,314.40"},null,33]
["А0702",557,102001109,"Корректор SEVC-D(Corus) 0,9-10бар","(0092) Кусковская ул., д. 18Г",{"v":1,"d":"1.000"},"ШТ",2015,"3.NV.1100-2002","Документы отсутствуют","Нет данных","Новое",{"v":76658.4,"d":"76,658.40"},{"v":76658.4,"d":"76,658.40"},{"v":76658.4,"d":"76,658.40"},{"v":61010,"d":"61,010.00"},{"v":13422.2,"d":"13,422.20"},{"v":74432.2,"d":"74,432.20"},null,33]
["А0703",558,102000806,"Корректор объёма газа ЕК-270","(0092) Кусковская ул., д. 18Г",{"v":1,"d":"1.000"},"ШТ",2015,"3.NV.1100-2002","Документы отсутствуют","Нет данных","Новое",{"v":60113.56,"d":"60,113.56"},{"v":60113.56,"d":"60,113.56"},{"v":60113.56,"d":"60,113.56"},{"v":47840,"d":"47,840.00"},{"v":10524.8,"d":"10,524.80"},{"v":58364.8,"d":"58,364.80"},null,33]
["А0704",559,10132240,"ЛВМ МЭ-Аудит 35кВ НПП Марс-Энерго","(0092) Кусковская ул., д. 18Г",{"v":1,"d":"1.000"},"ШТ","2012-03-31","3.NV.1100-2002","Документы отсутствуют","Нет данных","Новое",590.88,590.88,590.88,{"v":510,"d":"510.00"},{"v":112.2,"d":"112.20"},{"v":622.2,"d":"622.20"},null,33]
["А0705",560,10138655,"М-100-ДД-1430-01-МП1-t1-050-16кПа-25-42","(0092) Кусковская ул., д. 18Г",{"v":1,"d":"1.000"},"ШТ","2013-06-06","3.NV.1100-2002","Документы отсутствуют","Нет данных","Новое",{"v":27240,"d":"27,240.00"},{"v":27240,"d":"27,240.00"},{"v":27240,"d":"27,240.00"},{"v":23710,"d":"23,710.00"},{"v":5216.2,"d":"5,216.20"},{"v":28926.2,"d":"28,926.20"},null,33]
["А0706",561,10151838,"М-100-ДД-1430-02-МП5.ICP-t1-050-16кПа-25","(0092) Кусковская ул., д. 18Г",{"v":1,"d":"1.000"},"ШТ","2014-05-30","3.NV.1100-2002","Документы отсутствуют","Нет данных","Новое",{"v":30760,"d":"30,760.00"},{"v":30760,"d":"30,760.00"},{"v":30760,"d":"30,760.00"},{"v":26220,"d":"26,220.00"},{"v":5768.4,"d":"5,768.40"},{"v":31988.4,"d":"31,988.40"},null,33]
["А0707",562,10151789,"М-100-ДД-1430-02-МП5.ICP-t1-050-4кПа-25","(0092) Кусковская ул., д. 18Г",{"v":1,"d":"1.000"},"ШТ","2014-05-30","3.NV.1100-2002","Документы отсутствуют","Нет данных","Новое",{"v":30760,"d":"30,760.00"},{"v":30760,"d":"30,760.00"},{"v":30760,"d":"30,760.00"},{"v":26220,"d":"26,220.00"},{"v":5768.4,"d":"5,768.40"},{"v":31988.4,"d":"31,988.40"},null,33]
["А0714",563,10151808,"М-43Ф-ДД-3494-01-02-УХЛ3.1-050-16кПа-42","(0092) Кусковская ул., д. 18Г",{"v":1,"d":"1.000"},"ШТ","2014-05-30","3.NV.1100-2002","Документы отсутствуют","Нет данных","Новое",{"v":7033,"d":"7,033.00"},{"$f":"O599/F599","v":{"v":7033,"d":"7,033.00"}},{"v":7033,"d":"7,033.00"},{"v":5990,"d":"5,990.00"},{"v":1317.8,"d":"1,317.80"},{"v":7307.8,"d":"7,307.80"},null,33]
["А0715",564,10151813,"М-43Ф-ДД-3494-01-02-УХЛ3.1-050-4кПа-42-С","(0092) Кусковская ул., д. 18Г",{"v":1,"d":"1.000"},"ШТ","2014-05-30","3.NV.1100-2002","Документы отсутствуют","Нет данных","Новое",{"v":7033,"d":"7,033.00"},{"v":7033,"d":"7,033.00"},{"v":7033,"d":"7,033.00"},{"v":5990,"d":"5,990.00"},{"v":1317.8,"d":"1,317.80"},{"v":7307.8,"d":"7,307.80"},null,33]
["А0716",565,102001085,"М-45-ДВ-5320-02-УХЛ3.1-050-0,315кПа-42-C","(0092) Кусковская ул., д. 18Г",{"v":2,"d":"2.000"},"ШТ",2015,"3.NV.1100-2002","Документы отсутствуют","Нет данных","Новое",{"v":9951.33,"d":"9,951.33"},{"v":4975.67,"d":"4,975.67"},{"v":9951.33,"d":"9,951.33"},{"v":7920,"d":"7,920.00"},{"v":1742.4,"d":"1,742.40"},{"v":9662.4,"d":"9,662.40"},null,33]
["А0717",566,10042125,"М-45-ДИ-5130-t5-0,5-2,5кПа 4-20МПа","(0092) Кусковская ул., д. 18Г",{"v":1,"d":"1.000"},"ШТ","2013-06-06","3.NV.1100-2002","Документы отсутствуют","Нет данных","Новое",{"v":6363,"d":"6,363.00"},{"v":6363,"d":"6,363.00"},{"v":6363,"d":"6,363.00"},{"v":5540,"d":"5,540.00"},{"v":1218.8,"d":"1,218.80"},{"v":6758.8,"d":"6,758.80"},null,33]
["А0718",567,10119189,"Модуль AC/DC светод.","(0092) Кусковская ул., д. 18Г",{"v":59,"d":"59.000"},"ШТ","2013-06-06","3.NV.1100-2002","Документы отсутствуют","Нет данных","Новое",{"v":3492.3,"d":"3,492.30"},59.19,{"v":3492.3,"d":"3,492.30"},{"v":3040,"d":"3,040.00"},{"v":668.8,"d":"668.80"},{"v":3708.8,"d":"3,708.80"},null,33]
["А0719",568,10029363,"Модуль SRAM-памяти X-608 512Кб с пит.","(0092) Кусковская ул., д. 18Г",{"v":5,"d":"5.000"},"ШТ","2007-10-01","3.NV.1100-2002","Документы отсутствуют","Нет данных","Новое",{"v":7270.47,"d":"7,270.47"},{"v":1454.09,"d":"1,454.09"},{"v":7270.47,"d":"7,270.47"},{"v":8520,"d":"8,520.00"},{"v":1874.4,"d":"1,874.40"},{"v":10394.4,"d":"10,394.40"},null,33]
["А0720",569,10119191,"Модуль T3702","(0092) Кусковская ул., д. 18Г",{"v":3,"d":"3.000"},"ШТ","2013-06-06","3.NV.1100-2002","Документы отсутствуют","Нет данных","Новое",{"v":15060,"d":"15,060.00"},{"v":5020,"d":"5,020.00"},{"v":15060,"d":"15,060.00"},{"v":13110,"d":"13,110.00"},{"v":2884.2,"d":"2,884.20"},{"v":15994.2,"d":"15,994.20"},null,33]
["А0721",570,10098141,"Модуль индикации ИК-5 с 5-ти кн. клав.","(0092) Кусковская ул., д. 18Г",{"v":1,"d":"1.000"},"ШТ","2012-01-01","3.NV.1100-2002","Паспорт ПС 4218-00540055471-20008","Нет данных","Новое",{"v":6134.62,"d":"6,134.62"},{"v":6134.62,"d":"6,134.62"},{"v":6134.62,"d":"6,134.62"},{"v":5360,"d":"5,360.00"},{"v":1179.2,"d":"1,179.20"},{"v":6539.2,"d":"6,539.20"},null,33]
["А0722",571,10119192,"Модуль клеммн.соед. TCC9G","(0092) Кусковская ул., д. 18Г",{"v":2,"d":"2.000"},"ШТ","2013-02-15","3.NV.1100-2002","Документы отсутствуют","Нет данных","Новое",{"v":774,"d":"774.00"},{"v":387,"d":"387.00"},{"v":774,"d":"774.00"},{"v":680,"d":"680.00"},{"v":149.6,"d":"149.60"},{"v":829.6,"d":"829.60"},null,33]
["А0723",572,10119193,"Модуль клеммн.соед. TCC9PD","(0092) Кусковская ул., д. 18Г",{"v":4,"d":"4.000"},"ШТ","2013-02-15","3.NV.1100-2002","Документы отсутствуют","Нет данных","Новое",{"v":2324,"d":"2,324.00"},{"v":581,"d":"581.00"},{"v":2324,"d":"2,324.00"},{"v":2030,"d":"2,030.00"},{"v":446.6,"d":"446.60"},{"v":2476.6,"d":"2,476.60"},null,33]
["А0724",573,10111136,"Модуль расширения Hiquel SLS-500-8DI-C","(0092) Кусковская ул., д. 18Г",{"v":7,"d":"7.000"},"ШТ","2012-08-20","3.NV.1100-2002","Документы отсутствуют","Нет данных","Новое",{"v":33852,"d":"33,852.00"},{"v":4836,"d":"4,836.00"},{"v":33852,"d":"33,852.00"},{"v":29440,"d":"29,440.00"},{"v":6476.8,"d":"6,476.80"},{"v":35916.8,"d":"35,916.80"},null,33]
["А0725",574,10109889,"Модуль расширения Hiquel SLS-500-8DI-D","(0092) Кусковская ул., д. 18Г",{"v":5,"d":"5.000"},"ШТ","2012-08-20","3.NV.1100-2002","Документы отсутствуют","Нет данных","Новое",{"v":33668.97,"d":"33,668.97"},{"v":6733.79,"d":"6,733.79"},{"v":33668.97,"d":"33,668.97"},{"v":29290,"d":"29,290.00"},{"v":6443.8,"d":"6,443.80"},{"v":35733.8,"d":"35,733.80"},null,33]
["А0726",575,10111135,"Модуль расширения Hiquel SLS-500-AI-С","(0092) Кусковская ул., д. 18Г",{"v":12,"d":"12.000"},"ШТ","2012-08-20","3.NV.1100-2002","Документы отсутствуют","Нет данных","Новое",{"v":73632,"d":"73,632.00"},{"v":6136,"d":"6,136.00"},{"v":73632,"d":"73,632.00"},{"v":64050,"d":"64,050.00"},{"v":14091,"d":"14,091.00"},{"v":78141,"d":"78,141.00"},null,33]
["А0727",576,10110454,"Модуль расширения Hiquel SLS-500-DR-C","(0092) Кусковская ул., д. 18Г",{"v":3,"d":"3.000"},"ШТ","2012-08-20","3.NV.1100-2002","Документы отсутствуют","Нет данных","Новое",{"v":21773.11,"d":"21,773.11"},{"v":7257.7,"d":"7,257.70"},{"v":21773.11,"d":"21,773.11"},{"v":18940,"d":"18,940.00"},{"v":4166.8,"d":"4,166.80"},{"v":23106.8,"d":"23,106.80"},null,33]
["А0728",577,10111137,"Модуль расширения Hiquel SLS-500-Pt1000C","(0092) Кусковская ул., д. 18Г",{"v":14,"d":"14.000"},"ШТ","2012-08-20","3.NV.1100-2002","Документы отсутствуют","Нет данных","Новое",{"v":115600.91,"d":"115,600.91"},{"v":8257.21,"d":"8,257.21"},{"v":115600.91,"d":"115,600.91"},{"v":100550,"d":"100,550.00"},{"v":22121,"d":"22,121.00"},{"v":122671,"d":"122,671.00"},null,33]
["А0729",578,10030170,"Модуль расширения SLS-500-AI-D","(0092) Кусковская ул., д. 18Г",{"v":4,"d":"4.000"},"ШТ","2012-08-20","3.NV.1100-2002","Документы отсутствуют","Нет данных","Новое",{"v":27726.9,"d":"27,726.90"},{"v":6931.73,"d":"6,931.73"},{"v":27726.9,"d":"27,726.90"},{"v":24120,"d":"24,120.00"},{"v":5306.4,"d":"5,306.40"},{"v":29426.4,"d":"29,426.40"},null,33]
["А0730",579,10119194,"Модуль Т3702","(0092) Кусковская ул., д. 18Г",{"v":2,"d":"2.000"},"ШТ","2013-06-06","3.NV.1100-2002","Документы отсутствуют","Нет данных","Новое",{"v":8862,"d":"8,862.00"},{"v":4431,"d":"4,431.00"},{"v":8862,"d":"8,862.00"},{"v":7710,"d":"7,710.00"},{"v":1696.2,"d":"1,696.20"},{"v":9406.2,"d":"9,406.20"},null,33]
["А0732",580,10093769,"Побудитель Schego optimal для КГА-8С","(0092) Кусковская ул., д. 18Г",{"v":70,"d":"70.000"},"ШТ","2012-10-19","3.NV.1100-2002","Документы отсутствуют","Нет данных","Новое",{"v":404250,"d":"404,250.00"},{"v":5775,"d":"5,775.00"},{"v":404250,"d":"404,250.00"},{"v":351620,"d":"351,620.00"},{"v":77356.4,"d":"77,356.40"},{"v":428976.4,"d":"428,976.40"},null,33]
["А0735",581,10102377,"Преобразователь ГР 1.0 ИНКР 301.004.000","(0092) Кусковская ул., д. 18Г",{"v":13,"d":"13.000"},"ШТ","2013-06-06","3.NV.1100-2002","Документы отсутствуют","Нет данных","Новое",{"v":137262.04,"d":"137,262.04"},{"v":10558.62,"d":"10,558.62"},{"v":137262.04,"d":"137,262.04"},{"v":119460,"d":"119,460.00"},{"v":26281.2,"d":"26,281.20"},{"v":145741.2,"d":"145,741.20"},null,33]
["А0736",582,10051198,"Преобразователь Е858/7-М1 45-55Гц 4-20мА","(0092) Кусковская ул., д. 18Г",{"v":1,"d":"1.000"},"ШТ","2008-01-01","3.NV.1100-2002","Паспорт СКЮИ.433236.003 ПС","Нет данных","Новое",{"v":2290.26,"d":"2,290.26"},{"v":2290.26,"d":"2,290.26"},{"v":2290.26,"d":"2,290.26"},{"v":2540,"d":"2,540.00"},{"v":558.8,"d":"558.80"},{"v":3098.8,"d":"3,098.80"},null,33]
["А0737",583,10050939,"Преобразователь ИП-205/ХА (0-600)С","(0092) Кусковская ул., д. 18Г",{"v":6,"d":"6.000"},"ШТ","2008-11-06","3.NV.1100-2002","Документы отсутствуют","Нет данных","Новое",{"v":7534.24,"d":"7,534.24"},{"v":1255.71,"d":"1,255.71"},{"v":7534.24,"d":"7,534.24"},{"v":7700,"d":"7,700.00"},{"v":1694,"d":"1,694.00"},{"v":9394,"d":"9,394.00"},null,33]
["А0738",584,10098369,"Преобразователь МИП-01","(0092) Кусковская ул., д. 18Г",{"v":4,"d":"4.000"},"ШТ","2012-01-01","3.NV.1100-2002","Документы отсутствуют","Нет данных","Новое",{"v":16080,"d":"16,080.00"},{"v":4020,"d":"4,020.00"},{"v":16080,"d":"16,080.00"},{"v":14040,"d":"14,040.00"},{"v":3088.8,"d":"3,088.80"},{"v":17128.8,"d":"17,128.80"},null,33]
["А0739",585,10126616,"Преобразователь МИП-03","(0092) Кусковская ул., д. 18Г",{"v":8,"d":"8.000"},"ШТ","2012-01-01","3.NV.1100-2002","Документы отсутствуют","Нет данных","Новое",{"v":61908,"d":"61,908.00"},{"v":7738.5,"d":"7,738.50"},{"v":61908,"d":"61,908.00"},{"v":54060,"d":"54,060.00"},{"v":11893.2,"d":"11,893.20"},{"v":65953.2,"d":"65,953.20"},null,33]
["А0741",586,10042796,"Преобразователь ТХА 002-07.11","(0092) Кусковская ул., д. 18Г",{"v":4,"d":"4.000"},"ШТ","2010-01-01","3.NV.1100-2002","Паспорт РГАЖ 2.821.002 ПС","Нет данных","Новое",{"v":17425.68,"d":"17,425.68"},{"v":4356.42,"d":"4,356.42"},{"v":17425.68,"d":"17,425.68"},{"v":17550,"d":"17,550.00"},{"v":3861,"d":"3,861.00"},{"v":21411,"d":"21,411.00"},null,33]
["А0742",587,10102573,"Психрометр аспирационный М-34М","(0092) Кусковская ул., д. 18Г",{"v":1,"d":"1.000"},"ШТ","2010-01-01","3.NV.1100-2002","Паспорт ГРПИ.405132.001ПС","Нет данных","Новое",{"v":7840,"d":"7,840.00"},{"v":7840,"d":"7,840.00"},{"v":7840,"d":"7,840.00"},{"v":7900,"d":"7,900.00"},{"$f":"R623-P623","v":{"v":1738,"d":"1,738.00"}},{"$f":"P623*1.22","v":{"v":9638,"d":"9,638.00"}},null,33]
["А0743",588,10113724,"Пульт упр. счётчиком Макло Тэсс","(0092) Кусковская ул., д. 18Г",{"v":7,"d":"7.000"},"ШТ","2010-09-09","3.NV.1100-2002","Документы отсутствуют","Нет данных","Новое",{"v":12548.52,"d":"12,548.52"},{"v":1792.65,"d":"1,792.65"},{"v":12548.52,"d":"12,548.52"},{"v":11940,"d":"11,940.00"},{"v":2626.8,"d":"2,626.80"},{"v":14566.8,"d":"14,566.80"},null,33]
["А0744",589,10093765,"Ротаметр UP2-02 для КГА-8С","(0092) Кусковская ул., д. 18Г",{"v":17,"d":"17.000"},"ШТ","2013-06-06","3.NV.1100-2002","Документы отсутствуют","Нет данных","Новое",{"v":35778.62,"d":"35,778.62"},{"v":2104.62,"d":"2,104.62"},{"v":35778.62,"d":"35,778.62"},{"v":31140,"d":"31,140.00"},{"v":6850.8,"d":"6,850.80"},{"v":37990.8,"d":"37,990.80"},null,33]
["А0745",590,10119281,"Сблокировка механич.","(0092) Кусковская ул., д. 18Г",{"v":1,"d":"1.000"},"ШТ","2013-08-30","3.NV.1100-2002","Документы отсутствуют","Нет данных","Новое",{"v":235,"d":"235.00"},{"v":235,"d":"235.00"},{"v":235,"d":"235.00"},{"v":200,"d":"200.00"},{"v":44,"d":"44.00"},{"v":244,"d":"244.00"},null,33]
["А0746",591,10098339,"Система вентильная СВН-М 01","(0092) Кусковская ул., д. 18Г",{"v":2,"d":"2.000"},"ШТ","2009-01-01","3.NV.1100-2002","Паспорт СПГК.5001.000","Нет данных","Новое",{"v":11600,"d":"11,600.00"},{"v":5800,"d":"5,800.00"},{"v":11600,"d":"11,600.00"},{"v":11700,"d":"11,700.00"},{"v":2574,"d":"2,574.00"},{"v":14274,"d":"14,274.00"},null,33]
["А0747",592,10138595,"Счётчик Протон СЭ-05-100-1 57,7-100В 5А","(0092) Кусковская ул., д. 18Г",{"v":6,"d":"6.000"},"ШТ","2012-12-10","3.NV.1100-2002","Документы отсутствуют","Нет данных","Новое",{"v":122976,"d":"122,976.00"},{"$f":"O628/F628","v":{"v":20496,"d":"20,496.00"}},{"v":122976,"d":"122,976.00"},{"v":106850,"d":"106,850.00"},{"v":23507,"d":"23,507.00"},{"v":130357,"d":"130,357.00"},null,33]
["А0748",593,10019247,"Счётчик ПСЧ-3А.05.2 220/380 5(50)","(0092) Кусковская ул., д. 18Г",{"v":2,"d":"2.000"},"ШТ","2012-08-01","3.NV.1100-2002","Документы отсутствуют","Нет данных","Новое",{"v":3429.96,"d":"3,429.96"},{"v":1714.98,"d":"1,714.98"},{"v":3429.96,"d":"3,429.96"},{"v":2980,"d":"2,980.00"},{"v":655.6,"d":"655.60"},{"v":3635.6,"d":"3,635.60"},null,33]
["А0750",594,10136441,"Счётчик СВ-40+штуцеры","(0092) Кусковская ул., д. 18Г",{"v":3,"d":"3.000"},"ШТ","2012-01-01","3.NV.1100-2002","Паспорт б/н","Нет данных","Новое",{"v":7207.62,"d":"7,207.62"},{"v":2402.54,"d":"2,402.54"},{"v":7207.62,"d":"7,207.62"},{"v":6290,"d":"6,290.00"},{"v":1383.8,"d":"1,383.80"},{"v":7673.8,"d":"7,673.80"},null,33]
["А0751",595,102001444,"Счётчик СГ-16М-1600-40-С-4 Ду200","(0092) Кусковская ул., д. 18Г",{"v":2,"d":"2.000"},"ШТ",2015,"3.NV.1100-2002","Документы отсутствуют","Нет данных","Новое",{"v":193195.18,"d":"193,195.18"},{"v":96597.59,"d":"96,597.59"},{"v":193195.18,"d":"193,195.18"},{"v":153770,"d":"153,770.00"},{"v":33829.4,"d":"33,829.40"},{"v":187599.4,"d":"187,599.40"},null,33]
["А0752",596,10111215,"Счётчик СЭТ3А-01-24-02/1П","(0092) Кусковская ул., д. 18Г",{"v":2,"d":"2.000"},"ШТ","2009-01-01","3.NV.1100-2002","Паспорт 523.СЭТ3.000","Нет данных","Новое",{"v":3665.62,"d":"3,665.62"},{"v":1832.81,"d":"1,832.81"},{"v":3665.62,"d":"3,665.62"},{"v":3700,"d":"3,700.00"},{"v":814,"d":"814.00"},{"v":4514,"d":"4,514.00"},null,33]
["А0753",597,10009961,"Счётчик СЭТ3А-02-04/1П 220/380В 5-50А","(0092) Кусковская ул., д. 18Г",{"v":1,"d":"1.000"},"ШТ","2012-07-02","3.NV.1100-2002","Документы отсутствуют","Нет данных","Новое",{"v":1641.74,"d":"1,641.74"},{"v":1641.74,"d":"1,641.74"},{"v":1641.74,"d":"1,641.74"},{"v":1430,"d":"1,430.00"},{"v":314.6,"d":"314.60"},{"v":1744.6,"d":"1,744.60"},null,33]
["А0754",598,10119289,"Терминал МТ-232-03","(0092) Кусковская ул., д. 18Г",{"v":5,"d":"5.000"},"ШТ","2013-02-15","3.NV.1100-2002","Документы отсутствуют","Нет данных","Новое",{"v":33516.95,"d":"33,516.95"},{"v":6703.39,"d":"6,703.39"},{"v":33516.95,"d":"33,516.95"},{"v":29300,"d":"29,300.00"},{"v":6446,"d":"6,446.00"},{"v":35746,"d":"35,746.00"},null,33]
["А0756",599,10051083,"Термометр бимет L=200 T(-30+50) +ГЗ","(0092) Кусковская ул., д. 18Г",{"v":1,"d":"1.000"},"ШТ","2013-04-11","3.NV.1100-2002","Документы отсутствуют","Нет данных","Новое",861.18,861.18,861.18,{"v":750,"d":"750.00"},{"v":165,"d":"165.00"},{"v":915,"d":"915.00"},null,33]
["А0757",600,10011915,"Термометр БТ-51.211-(-40+60)-100-1,6","(0092) Кусковская ул., д. 18Г",{"v":1,"d":"1.000"},"ШТ","2010-01-01","3.NV.1100-2002","Паспорт V3143B ","Нет данных","Новое",{"$f":"O636","v":397.96},397.96,397.96,{"v":400,"d":"400.00"},{"v":88,"d":"88.00"},{"v":488,"d":"488.00"},null,33]
["А0758",601,10102498,"Термометр ТБ-1(-30+60)С-1,5-160-10-М20","(0092) Кусковская ул., д. 18Г",{"$f":"6-5","v":{"v":1,"d":"1.000"}},"ШТ","2013-01-01","3.NV.1100-2002","Паспорт 4И2.820.008 РЭ","Нет данных","Новое",{"v":502,"d":"502.00"},{"v":502,"d":"502.00"},{"$f":"3012/6*1","v":{"v":502,"d":"502.00"}},{"v":440,"d":"440.00"},{"v":96.8,"d":"96.80"},{"v":536.8,"d":"536.80"},null,33]
["А0758/1",602,10102498,"Термометр ТБ-1(-30+60)С-1,5-160-10-М20","(0098) Верхние поля, 25",{"v":5,"d":"5.000"},"ШТ","2013-01-01","3.NV.1100-2002","Документы отсутствуют","Термометр биметаллический целиком из нерж.стали, кл.1,5, корпус ф60мм, шток осевой 200х10мм с резьбой М20х1,5 ","Удовлетворительное",{"v":2510,"d":"2,510.00"},{"v":502,"d":"502.00"},{"v":2510,"d":"2,510.00"},{"v":1290,"d":"1,290.00"},{"v":283.8,"d":"283.80"},{"v":1573.8,"d":"1,573.80"},null,33]
["А0759",603,10102004,"Термометр ТПТ-1-4-Pt1000-В.2.Н-100","(0092) Кусковская ул., д. 18Г",{"v":2,"d":"2.000"},"ШТ","2004-01-01","3.NV.1100-2002","Паспорт ЕМТК 01.0000.00 ПС","Нет данных","Новое",{"v":1432.58,"d":"1,432.58"},716.29,{"v":1432.58,"d":"1,432.58"},{"v":2180,"d":"2,180.00"},{"v":479.6,"d":"479.60"},{"v":2659.6,"d":"2,659.60"},null,33]
["А0760",604,10093231,"Термометр ТПТ-1-4-Pt1000-В.2.Н-200","(0092) Кусковская ул., д. 18Г",{"v":5,"d":"5.000"},"ШТ","2012-01-01","3.NV.1100-2002","Паспорт ЕМТК 01.0000.00 ПС","Нет данных","Новое",{"v":3895.5,"d":"3,895.50"},{"v":779.1,"d":"779.10"},{"v":3895.5,"d":"3,895.50"},{"v":3400,"d":"3,400.00"},{"v":748,"d":"748.00"},{"v":4148,"d":"4,148.00"},null,33]
["А0761",605,10119292,"Термостат сдвоенный TSCC","(0092) Кусковская ул., д. 18Г",{"v":2,"d":"2.000"},"ШТ","2013-09-16","3.NV.1100-2002","Документы отсутствуют","Нет данных","Новое",{"v":612,"d":"612.00"},{"v":306,"d":"306.00"},{"v":612,"d":"612.00"},{"v":530,"d":"530.00"},{"v":116.6,"d":"116.60"},{"v":646.6,"d":"646.60"},null,33]
["А0762",606,10113986,"ТСП Метран-226-14-80-В-4-1-Н10(-50+200)С","(0092) Кусковская ул., д. 18Г",{"v":8,"d":"8.000"},"ШТ","2010-01-01","3.NV.1100-2002","Паспорт 226.01.00.000 РЭ","Нет данных","Новое",{"v":11280,"d":"11,280.00"},{"v":1410,"d":"1,410.00"},{"v":11280,"d":"11,280.00"},{"v":11360,"d":"11,360.00"},{"v":2499.2,"d":"2,499.20"},{"v":13859.2,"d":"13,859.20"},null,33]
["А0763",607,10151755,"Умощнитель сигналов Текон ТСВ08R","(0092) Кусковская ул., д. 18Г",{"v":2,"d":"2.000"},"ШТ","2013-07-31","3.NV.1100-2002","Документы отсутствуют","Нет данных","Новое",{"v":4606,"d":"4,606.00"},{"v":2303,"d":"2,303.00"},{"v":4606,"d":"4,606.00"},{"v":4010,"d":"4,010.00"},{"v":882.2,"d":"882.20"},{"v":4892.2,"d":"4,892.20"},null,33]
["А0764",608,10119310,"Умощнитель ТСВ08R","(0092) Кусковская ул., д. 18Г",{"v":1,"d":"1.000"},"ШТ","2013-02-15","3.NV.1100-2002","Документы отсутствуют","Нет данных","Новое",{"v":3005,"d":"3,005.00"},{"v":3005,"d":"3,005.00"},{"v":3005,"d":"3,005.00"},{"v":2630,"d":"2,630.00"},{"v":578.6,"d":"578.60"},{"v":3208.6,"d":"3,208.60"},null,33]
["А0766",609,10124548,"Устройство УСПД Telcon А9T","(0092) Кусковская ул., д. 18Г",{"v":100,"d":"100.000"},"ШТ","2010-01-01","3.NV.1100-2002","Паспорт  МКПД.426430.001 ТУ","Нет данных","Новое",{"v":1653750,"d":"1,653,750.00"},{"v":16537.5,"d":"16,537.50"},{"v":1653750,"d":"1,653,750.00"},{"v":1666000,"d":"1,666,000.00"},{"v":366520,"d":"366,520.00"},{"v":2032520,"d":"2,032,520.00"},null,33]
["А0767",610,10107595,"Шкала сменная SCL 1/400 400А ABB","(0092) Кусковская ул., д. 18Г",{"v":11,"d":"11.000"},"ШТ","2013-09-25","3.NV.1100-2002","Документы отсутствуют","Нет данных","Новое",{"v":1072.17,"d":"1,072.17"},97.47,{"v":1072.17,"d":"1,072.17"},{"v":940,"d":"940.00"},{"v":206.8,"d":"206.80"},{"v":1146.8,"d":"1,146.80"},null,33]
["А0768",611,10030981,"Электромагнит ЭМ 33-61111 380В","(0092) Кусковская ул., д. 18Г",{"v":3,"d":"3.000"},"ШТ","2015-12-22","3.NV.1100-2002","Документы отсутствуют","Нет данных","Новое",{"v":3886.68,"d":"3,886.68"},{"v":1295.56,"d":"1,295.56"},{"v":3886.68,"d":"3,886.68"},{"v":3070,"d":"3,070.00"},{"v":675.4,"d":"675.40"},{"v":3745.4,"d":"3,745.40"},null,33]
["А0769",612,102000953,"Датчик давл.Метран-100-Ех-ДА-1051-01-МП1","(0092) Кусковская ул., д. 18Г",{"v":1,"d":"1.000"},"ШТ","2014-12-31","3.NV.1100-2002","Документы отсутствуют","Нет данных","Новое",{"v":21527.63,"d":"21,527.63"},{"v":21527.63,"d":"21,527.63"},{"v":21527.63,"d":"21,527.63"},{"v":18220,"d":"18,220.00"},{"v":4008.4,"d":"4,008.40"},{"v":22228.4,"d":"22,228.40"},null,33]
["А0770",613,102001291,"Датчик давл.Метран-100-Ех-ДА-1051-01-МП1","(0092) Кусковская ул., д. 18Г",{"v":1,"d":"1.000"},"ШТ","2014-12-31","3.NV.1100-2002","Документы отсутствуют","Нет данных","Новое",{"v":21527.63,"d":"21,527.63"},{"v":21527.63,"d":"21,527.63"},{"v":21527.63,"d":"21,527.63"},{"v":18220,"d":"18,220.00"},{"v":4008.4,"d":"4,008.40"},{"v":22228.4,"d":"22,228.40"},null,33]
["А0771",614,10018535,"Датчик-реле давл. ДЕМ 102-1-01-2","(0092) Кусковская ул., д. 18Г",{"$f":"5-4","v":{"v":1,"d":"1.000"}},"ШТ","2011-11-08","3.NV.1100-2002","Паспорт ТКСИ.421262.012 ПС","Нет данных","Новое",{"v":2964.26,"d":"2,964.26"},{"v":2964.26,"d":"2,964.26"},{"$f":"14821.3/5*1","v":{"v":2964.26,"d":"2,964.26"}},{"v":2600,"d":"2,600.00"},{"v":572,"d":"572.00"},{"v":3172,"d":"3,172.00"},null,33]
["А0771/1",615,10018535,"Датчик-реле давл. ДЕМ 102-1-01-2","(0098) Верхние поля, 25",{"v":4,"d":"4.000"},"ШТ","2011-11-08","3.NV.1100-2002","Документы отсутствуют","Контролируемые среды: хладоны, воздух, масла и другие среды (вязкость не более 0,8 Па∙с), неагрессивные к медным сплавам, стали, фторопластам, серебряным припоям\n","Удовлетворительное",{"v":11857.04,"d":"11,857.04"},{"v":2964.26,"d":"2,964.26"},{"v":11857.04,"d":"11,857.04"},{"v":6120,"d":"6,120.00"},{"v":1346.4,"d":"1,346.40"},{"v":7466.4,"d":"7,466.40"},null,33]
["А0772",616,10019151,"Датчик-реле давл. ДЕМ 102-1-02-1 с к/","(0092) Кусковская ул., д. 18Г",{"v":1,"d":"1.000"},"ШТ","2011-10-05","3.NV.1100-2002","Паспорт ТКСИ.421262.012 ПС","Нет данных","Новое",{"v":1453.59,"d":"1,453.59"},{"v":1453.59,"d":"1,453.59"},{"v":1453.59,"d":"1,453.59"},{"v":1280,"d":"1,280.00"},{"v":281.6,"d":"281.60"},{"v":1561.6,"d":"1,561.60"},null,33]
["А0773",617,10019154,"Датчик-реле давл. ДЕМ 102-1-02-2 с К1","(0092) Кусковская ул., д. 18Г",{"$f":"18-16","v":{"v":2,"d":"2.000"}},"ШТ","2011-11-08","3.NV.1100-2002","Паспорт ТКСИ.421262.012 ПС","Нет данных","Новое",{"v":5928.52,"d":"5,928.52"},{"v":2964.26,"d":"2,964.26"},{"$f":"53356.68/18*2","v":{"v":5928.52,"d":"5,928.52"}},{"v":5210,"d":"5,210.00"},{"v":1146.2,"d":"1,146.20"},{"v":6356.2,"d":"6,356.20"},null,33]
["А0773/1",618,10019154,"Датчик-реле давл. ДЕМ 102-1-02-2 с К1","(0098) Верхние поля, 25",{"v":16,"d":"16.000"},"ШТ","2011-11-08","3.NV.1100-2002","Документы отсутствуют","Контролируемые среды: хладоны, воздух, масла и другие среды (вязкость не более 0,8 Па∙с), неагрессивные к медным сплавам, стали, фторопластам, серебряным припоям \n","Удовлетворительное",{"v":47428.16,"d":"47,428.16"},{"v":2964.26,"d":"2,964.26"},{"v":47428.16,"d":"47,428.16"},{"v":24500,"d":"24,500.00"},{"v":5390,"d":"5,390.00"},{"v":29890,"d":"29,890.00"},null,33]
["А0774",619,10117873,"Датчик-реле давл. ДЕМ 102-2-02-1 с К1","(0092) Кусковская ул., д. 18Г",{"v":27,"d":"27.000"},"ШТ","2011-11-08","3.NV.1100-2002","Паспорт ТКСИ.421262.012 ПС","Нет данных","Новое",{"v":73170,"d":"73,170.00"},{"v":2710,"d":"2,710.00"},{"v":73170,"d":"73,170.00"},{"v":64250,"d":"64,250.00"},{"$f":"R655-P655","v":{"v":14135,"d":"14,135.00"}},{"$f":"P655*1.22","v":{"v":78385,"d":"78,385.00"}},null,33]
["А0775",620,102001146,"М-150CD2(0-1000кгс/м2)2211L3AM5IMD9C1K04","(0092) Кусковская ул., д. 18Г",{"v":1,"d":"1.000"},"ШТ","2014-12-31","3.NV.1100-2002","Документы отсутствуют","Нет данных","Новое",{"v":29130,"d":"29,130.00"},{"v":29130,"d":"29,130.00"},{"v":29130,"d":"29,130.00"},{"v":24660,"d":"24,660.00"},{"v":5425.2,"d":"5,425.20"},{"v":30085.2,"d":"30,085.20"},null,33]
["А0776",621,102001383,"М-150CD3(0-100кПа)2211L3AM5IMS5K04 к/б","(0092) Кусковская ул., д. 18Г",{"v":1,"d":"1.000"},"ШТ","2014-12-31","3.NV.1100-2002","Документы отсутствуют","Нет данных","Новое",{"v":28850,"d":"28,850.00"},{"$f":"O657/F657","v":{"v":28850,"d":"28,850.00"}},{"v":28850,"d":"28,850.00"},{"v":24420,"d":"24,420.00"},{"v":5372.4,"d":"5,372.40"},{"v":29792.4,"d":"29,792.40"},null,33]
["А0777",622,10147713,"М-150CG1(0-6,3кПа)2211L3AM5IMD55B1K03","(0092) Кусковская ул., д. 18Г",{"$f":"6-1","v":{"v":5,"d":"5.000"}},"ШТ","2014-12-31","3.NV.1100-2002","Документы отсутствуют","Нет данных","Новое",{"v":195225,"d":"195,225.00"},{"v":39045,"d":"39,045.00"},{"$f":"234270/6*5","v":{"v":195225,"d":"195,225.00"}},{"v":165250,"d":"165,250.00"},{"v":36355,"d":"36,355.00"},{"v":201605,"d":"201,605.00"},null,33]
["А0778",623,102000911,"М-150TA2(0-0,6МПа)2G21AM5IMS5K04 к/б","(0092) Кусковская ул., д. 18Г",{"v":1,"d":"1.000"},"ШТ","2014-12-31","3.NV.1100-2002","Документы отсутствуют","Нет данных","Новое",{"v":27980,"d":"27,980.00"},{"v":27980,"d":"27,980.00"},{"v":27980,"d":"27,980.00"},{"v":23680,"d":"23,680.00"},{"v":5209.6,"d":"5,209.60"},{"v":28889.6,"d":"28,889.60"},null,33]
["А0779",624,10098139,"М-55-ДИ-515-МП-t1-050-1,0МПа-42-М20-С","(0092) Кусковская ул., д. 18Г",{"v":6,"d":"6.000"},"ШТ","2014-12-31","3.NV.1100-2002","Документы отсутствуют","Нет данных","Новое",{"v":23400,"d":"23,400.00"},{"v":3900,"d":"3,900.00"},{"v":23400,"d":"23,400.00"},{"v":19810,"d":"19,810.00"},{"v":4358.2,"d":"4,358.20"},{"v":24168.2,"d":"24,168.20"},null,33]
["А0780",625,10090267,"М-55-ДИ-515-МП-t1-050-1,6МПа-42-М20-С","(0092) Кусковская ул., д. 18Г",{"v":9,"d":"9.000"},"ШТ","2014-12-31","3.NV.1100-2002","Документы отсутствуют","Нет данных","Новое",{"v":35100,"d":"35,100.00"},{"v":3900,"d":"3,900.00"},{"v":35100,"d":"35,100.00"},{"v":29710,"d":"29,710.00"},{"v":6536.2,"d":"6,536.20"},{"v":36246.2,"d":"36,246.20"},null,33]
["А0781",626,10098624,"М-ДИ-518-МП-t1-050-0,25МПа-42-М20-С","(0092) Кусковская ул., д. 18Г",{"v":8,"d":"8.000"},"ШТ","2014-12-31","3.NV.1100-2002","Документы отсутствуют","Нет данных","Новое",{"v":31200,"d":"31,200.00"},{"v":3900,"d":"3,900.00"},{"v":31200,"d":"31,200.00"},{"v":26410,"d":"26,410.00"},{"v":5810.2,"d":"5,810.20"},{"v":32220.2,"d":"32,220.20"},null,33]
["А0782",627,10029371,"Система вентильная СВ-02 д/датч. Метран","(0092) Кусковская ул., д. 18Г",{"v":3,"d":"3.000"},"ШТ","2014-12-31","3.NV.1100-2002","Документы отсутствуют","Нет данных","Новое",{"v":19995,"d":"19,995.00"},{"v":6665,"d":"6,665.00"},{"v":19995,"d":"19,995.00"},{"v":16930,"d":"16,930.00"},{"v":3724.6,"d":"3,724.60"},{"v":20654.6,"d":"20,654.60"},null,33]
["А0783",628,10095733,"Блок клапанный Метран А31-02-М20-Т","(0092) Кусковская ул., д. 18Г",{"v":2,"d":"2.000"},"ШТ","2014-12-31","3.NV.1100-2002","Документы отсутствуют","Нет данных","Новое",{"v":17420,"d":"17,420.00"},{"v":8710,"d":"8,710.00"},{"v":17420,"d":"17,420.00"},{"v":14750,"d":"14,750.00"},{"v":3245,"d":"3,245.00"},{"v":17995,"d":"17,995.00"},null,33]
["А0784",629,10096254,"Блок клапанный Метран Е22-5-3-02-М20-К4","(0092) Кусковская ул., д. 18Г",{"v":2,"d":"2.000"},"ШТ","2014-12-31","3.NV.1100-2002","Документы отсутствуют","Нет данных","Новое",{"v":9120,"d":"9,120.00"},{"v":4560,"d":"4,560.00"},{"v":9120,"d":"9,120.00"},{"v":7720,"d":"7,720.00"},{"v":1698.4,"d":"1,698.40"},{"v":9418.4,"d":"9,418.40"},null,33]
["А0787",630,10094322,"Контроллер подпитки FC1500","(0092) Кусковская ул., д. 18Г",{"v":2,"d":"2.000"},"ШТ","2013-07-31","3.NV.1100-2002","Документы отсутствуют","Нет данных","Новое",{"v":28020,"d":"28,020.00"},{"v":14010,"d":"14,010.00"},{"v":28020,"d":"28,020.00"},{"v":24410,"d":"24,410.00"},{"v":5370.2,"d":"5,370.20"},{"v":29780.2,"d":"29,780.20"},null,33]
["А0788",631,102001123,"Регистр м/к технолог. РМТ 69 ЕХ","(0092) Кусковская ул., д. 18Г",{"v":2,"d":"2.000"},"ШТ","2014-12-31","3.NV.1100-2002","Документы отсутствуют","Нет данных","Новое",{"v":159068.47,"d":"159,068.47"},{"v":79534.24,"d":"79,534.24"},{"v":159068.47,"d":"159,068.47"},{"v":134650,"d":"134,650.00"},{"v":29623,"d":"29,623.00"},{"v":164273,"d":"164,273.00"},null,33]
["А0790",632,10007997,"Счётчик СО-505 220В 10(40)А кл.2,0","(0092) Кусковская ул., д. 18Г",{"v":1,"d":"1.000"},"ШТ","2009г","3.NV.1100-2002","Документы отсутствуют","Нет данных","Новое",504.47,504.47,504.47,{"v":510,"d":"510.00"},{"v":112.2,"d":"112.20"},{"v":622.2,"d":"622.20"},null,33]
["А0791",633,10003086,"Счётчик СЭТ4-1 220/380В 5(60)А","(0092) Кусковская ул., д. 18Г",{"v":1,"d":"1.000"},"ШТ","2009г","3.NV.1100-2002","Документы отсутствуют","Нет данных","Новое",{"v":1980.71,"d":"1,980.71"},{"v":1980.71,"d":"1,980.71"},{"v":1980.71,"d":"1,980.71"},{"v":1990,"d":"1,990.00"},{"v":437.8,"d":"437.80"},{"v":2427.8,"d":"2,427.80"},null,33]
["А0792",634,10151367,"DS200-780-2502-1-1-2-100-800-1-00R","(0098) Верхние поля, 25",{"v":2,"d":"2.000"},"ШТ","2013-09-01","3.NV.1100-2002","Паспорт Б/Н","Нет данных","Новое",{"v":32480,"d":"32,480.00"},{"v":16240,"d":"16,240.00"},{"v":32480,"d":"32,480.00"},{"v":28360,"d":"28,360.00"},{"v":6239.2,"d":"6,239.20"},{"v":34599.2,"d":"34,599.20"},null,33]
["А0793",635,10148069,"Блок PLC-RSC-24DC/21AU 2966265","(0098) Верхние поля, 25",{"v":59,"d":"59.000"},"ШТ","2013-07-01","3.NV.1100-2002","Документы отсутствуют","Нет данных","Новое",{"v":28596.12,"d":"28,596.12"},484.68,{"v":28596.12,"d":"28,596.12"},{"v":24910,"d":"24,910.00"},{"v":5480.2,"d":"5,480.20"},{"v":30390.2,"d":"30,390.20"},null,33]
["А0795",636,10148140,"Ввод шины TB806 ABB 3BSE008536R1","(0098) Верхние поля, 25",{"v":3,"d":"3.000"},"ШТ","2013-09-01","3.NV.1100-2002","Документы отсутствуют","Нет данных","Новое",{"v":9669,"d":"9,669.00"},{"v":3223,"d":"3,223.00"},{"v":9669,"d":"9,669.00"},{"v":8440,"d":"8,440.00"},{"v":1856.8,"d":"1,856.80"},{"v":10296.8,"d":"10,296.80"},null,33]
["А0796",637,10148417,"ИПТВ-206-М3-04-1-160-PLT-164-5-360П-ГП","(0098) Верхние поля, 25",{"v":5,"d":"5.000"},"ШТ","2013-09-01","3.NV.1100-2002","Сертификат №РОСС RU.ГБ06.В01051(бланк №0271899) с 11.10.2011 по 11.10.2014","Нет данных","Новое",{"v":65903.81,"d":"65,903.81"},{"v":13180.76,"d":"13,180.76"},{"v":65903.81,"d":"65,903.81"},{"v":57550,"d":"57,550.00"},{"v":12661,"d":"12,661.00"},{"v":70211,"d":"70,211.00"},null,33]
["А0797",638,10151338,"Комплект радиоупр. А 24-8D Telecrane","(0098) Верхние поля, 25",{"v":1,"d":"1.000"},"ШТ","2013-09-01","3.NV.1100-2002","Сертификат №РОСС TW.Н01270 от 03.04.2012 (бланк № 0513413)","Нет данных","Новое",{"v":13983.05,"d":"13,983.05"},{"v":13983.05,"d":"13,983.05"},{"v":13983.05,"d":"13,983.05"},{"v":12210,"d":"12,210.00"},{"v":2686.2,"d":"2,686.20"},{"v":14896.2,"d":"14,896.20"},null,33]
["А0798",639,10148151,"Модем TB820V2 ABB 3BSE013208R1","(0098) Верхние поля, 25",{"v":3,"d":"3.000"},"ШТ","2013-09-01","3.NV.1100-2002","Документы отсутствуют","Нет данных","Новое",{"v":42468,"d":"42,468.00"},{"v":14156,"d":"14,156.00"},{"v":42468,"d":"42,468.00"},{"v":37080,"d":"37,080.00"},{"v":8157.6,"d":"8,157.60"},{"v":45237.6,"d":"45,237.60"},null,33]
["А0799",640,10148141,"Модуль AI825 4-20мА ABB 3BSE036456R1","(0098) Верхние поля, 25",{"v":8,"d":"8.000"},"ШТ","2013-09-01","3.NV.1100-2002","Сертификат № РОСС DE.АВ76.В01773 от 04.02.2013 (бланк № 0906443)","Нет данных","Новое",{"v":286520,"d":"286,520.00"},{"v":35815,"d":"35,815.00"},{"v":286520,"d":"286,520.00"},{"v":250190,"d":"250,190.00"},{"v":55041.8,"d":"55,041.80"},{"v":305231.8,"d":"305,231.80"},null,33]
["А0800",641,10148146,"Модуль AO810V2 4-20мА ABB 3BSE038415R1","(0098) Верхние поля, 25",{"v":2,"d":"2.000"},"ШТ","2013-09-01","3.NV.1100-2002","Сертификат № РОСС DE.АВ76.В01773 от 04.02.2013 (бланк № 0906443)","Нет данных","Новое",{"v":68630,"d":"68,630.00"},{"v":34315,"d":"34,315.00"},{"v":68630,"d":"68,630.00"},{"v":59930,"d":"59,930.00"},{"v":13184.6,"d":"13,184.60"},{"v":73114.6,"d":"73,114.60"},null,33]
["А0801",642,10148160,"Модуль DI810 ABB 3BSE008508R1","(0098) Верхние поля, 25",{"v":7,"d":"7.000"},"ШТ","2013-09-01","3.NV.1100-2002","Сертификат № РОСС DE.АВ76.В01773 от 04.02.2013 (бланк № 0906443)","Нет данных","Новое",{"v":61173,"d":"61,173.00"},{"v":8739,"d":"8,739.00"},{"v":61173,"d":"61,173.00"},{"v":53420,"d":"53,420.00"},{"v":11752.4,"d":"11,752.40"},{"v":65172.4,"d":"65,172.40"},null,33]
["А0802",643,10148106,"Модуль DО820 ABB 3BSE008514R1","(0098) Верхние поля, 25",{"v":11,"d":"11.000"},"ШТ","2013-09-01","3.NV.1100-2002","Сертификат № РОСС DE.АВ76.В01773 от 04.02.2013 (бланк № 0906443)","Нет данных","Новое",{"v":103829,"d":"103,829.00"},{"v":9439,"d":"9,439.00"},{"v":103829,"d":"103,829.00"},{"v":90670,"d":"90,670.00"},{"v":19947.4,"d":"19,947.40"},{"v":110617.4,"d":"110,617.40"},null,33]
["А0803",644,10148152,"Модуль ModuleBus TB807 ABB 3BSE008538R1","(0098) Верхние поля, 25",{"v":2,"d":"2.000"},"ШТ","2013-09-01","3.NV.1100-2002","Документы отсутствуют","Нет данных","Новое",{"v":1966,"d":"1,966.00"},{"v":983,"d":"983.00"},{"v":1966,"d":"1,966.00"},{"v":1720,"d":"1,720.00"},{"v":378.4,"d":"378.40"},{"v":2098.4,"d":"2,098.40"},null,33]
["А0804",645,10148119,"Модуль TU810V1 ABB 3BSE013230R1","(0098) Верхние поля, 25",{"v":24,"d":"24.000"},"ШТ","2013-09-01","3.NV.1100-2002","Документы отсутствуют","Нет данных","Новое",{"v":86376,"d":"86,376.00"},{"v":3599,"d":"3,599.00"},{"v":86376,"d":"86,376.00"},{"v":75420,"d":"75,420.00"},{"v":16592.4,"d":"16,592.40"},{"v":92012.4,"d":"92,012.40"},null,33]
["А0805",646,10148105,"Модуль TU811V1 ABB 3BSE013231R1","(0098) Верхние поля, 25",{"v":19,"d":"19.000"},"ШТ","2013-09-01","3.NV.1100-2002","Документы отсутствуют","Нет данных","Новое",{"v":68381,"d":"68,381.00"},{"v":3599,"d":"3,599.00"},{"v":68381,"d":"68,381.00"},{"v":59710,"d":"59,710.00"},{"v":13136.2,"d":"13,136.20"},{"v":72846.2,"d":"72,846.20"},null,33]
["А0806",647,10131839,"Модуль ввода AI810 ABB 3BSE008516R1","(0098) Верхние поля, 25",{"v":4,"d":"4.000"},"ШТ","2013-09-01","3.NV.1100-2002","Сертификат № РОСС DE.АВ76.В01773 от 04.02.2013 (бланк № 0906443)","Нет данных","Новое",{"v":96780.34,"d":"96,780.34"},{"v":24195.09,"d":"24,195.09"},{"v":96780.34,"d":"96,780.34"},{"v":84510,"d":"84,510.00"},{"v":18592.2,"d":"18,592.20"},{"v":103102.2,"d":"103,102.20"},null,33]
["А0807",648,10148163,"Модуль ТU847 ABB 3BSE022462R1","(0098) Верхние поля, 25",{"v":6,"d":"6.000"},"ШТ","2013-09-01","3.NV.1100-2002","Документы отсутствуют","Нет данных","Новое",{"v":63234,"d":"63,234.00"},{"v":10539,"d":"10,539.00"},{"v":63234,"d":"63,234.00"},{"v":55220,"d":"55,220.00"},{"v":12148.4,"d":"12,148.40"},{"v":67368.4,"d":"67,368.40"},null,33]
["А0808",649,10148162,"Порт TB842 ABB 3BSE022464R1","(0098) Верхние поля, 25",{"v":3,"d":"3.000"},"ШТ","2013-09-01","3.NV.1100-2002","Документы отсутствуют","Нет данных","Новое",{"v":15810,"d":"15,810.00"},{"v":5270,"d":"5,270.00"},{"v":15810,"d":"15,810.00"},{"v":13810,"d":"13,810.00"},{"v":3038.2,"d":"3,038.20"},{"v":16848.2,"d":"16,848.20"},null,33]
["А0809",650,102001628,"Расходомер-счётчик УРСВ-510ц/T Ду1200","(0098) Верхние поля, 25",{"$f":"3-1","v":{"v":2,"d":"2.000"}},"ШТ","2013-08-01","3.NV.1100-2002","Сертификат об утверждении типа средств измерений GB.C.29.004.A №25224 действителен до 01.10.2011","Нет данных","Новое",{"v":128560,"d":"128,560.00"},{"$f":"O686/F686","v":{"v":64280,"d":"64,280.00"}},{"$f":"192840/3*2","v":{"v":128560,"d":"128,560.00"}},{"v":112010,"d":"112,010.00"},{"v":24642.2,"d":"24,642.20"},{"v":136652.2,"d":"136,652.20"},null,33]
["А0810",651,10148145,"Схема логическая SS832 ABB 3BSC610068R1","(0098) Верхние поля, 25",{"v":4,"d":"4.000"},"ШТ","2013-09-01","3.NV.1100-2002","Документы отсутствуют","Нет данных","Новое",{"v":46380,"d":"46,380.00"},{"v":11595,"d":"11,595.00"},{"v":46380,"d":"46,380.00"},{"v":40500,"d":"40,500.00"},{"$f":"R687-P687","v":{"v":8910,"d":"8,910.00"}},{"$f":"P687*1.22","v":{"v":49410,"d":"49,410.00"}},null,33]
["А0749",652,10019248,"Счётчик ПСЧ-4А.05.2 220/380 5(7,5)","(0092) Кусковская ул., д. 18Г",{"v":2,"d":"2.000"},"ШТ","2012-08-01","3.NV.1100-2002","Документы отсутствуют","Нет данных","Новое",{"$f":"O688","v":{"v":3133.94,"d":"3,133.94"}},{"$f":"O688/F688","v":{"v":1566.97,"d":"1,566.97"}},{"v":3133.94,"d":"3,133.94"},{"v":2730,"d":"2,730.00"},{"v":600.6,"d":"600.60"},{"v":3330.6,"d":"3,330.60"},null,33]
["А0691",653,10019531,"Датчик ТЖИУ406Д-1Ех-13-1-1-1-2","(0092) Кусковская ул., д. 18Г",{"v":2,"d":"2.000"},"ШТ","2010-01-01","3.NV.1100-2002","Паспорт ТЖИУ.406233.008ПС","Нет данных","Новое",{"v":63840,"d":"63,840.00"},{"v":31920,"d":"31,920.00"},{"v":63840,"d":"63,840.00"},{"v":64310,"d":"64,310.00"},{"v":14148.2,"d":"14,148.20"},{"v":78458.2,"d":"78,458.20"},null,33]
["А0681",654,10092284,"Блок индикации микропроцессорный БИМ-01","(0092) Кусковская ул., д. 18Г",{"v":3,"d":"3.000"},"ШТ","2010-02-08","3.NV.1100-2002","Документы отсутствуют","Нет данных","Новое",{"$f":"O690","v":{"v":32890.61,"d":"32,890.61"}},{"$f":"O690/F690","v":{"v":10963.54,"d":"10,963.54"}},{"v":32890.61,"d":"32,890.61"},{"v":32940,"d":"32,940.00"},{"v":7246.8,"d":"7,246.80"},{"v":40186.8,"d":"40,186.80"},null,33]
["А0765",655,10111935,"Устройство переноса данных УПД-2У","(0092) Кусковская ул., д. 18Г",{"v":224,"d":"224.000"},"ШТ","2012-01-01","3.NV.1100-2002","Паспорт ИВКА.426619.004 ПС","Нет данных","Новое",{"$f":"O691","v":{"v":1383220.3,"d":"1,383,220.30"}},{"$f":"O691/F691","v":{"v":6175.09,"d":"6,175.09"}},{"v":1383220.3,"d":"1,383,220.30"},{"v":1207850,"d":"1,207,850.00"},{"v":265727,"d":"265,727.00"},{"v":1473577,"d":"1,473,577.00"},null,33]
["А0713",656,10125703,"М-150TA2(0-10кгс/см2)2G21AM5IM2B1К04","(0092) Кусковская ул., д. 18Г",{"v":4,"d":"4.000"},"ШТ","2011-10-24","3.NV.1100-2002","Документы отсутствуют","Нет данных","Новое",{"v":99100,"d":"99,100.00"},{"$f":"O692/F692","v":{"v":24775,"d":"24,775.00"}},{"v":99100,"d":"99,100.00"},{"v":87160,"d":"87,160.00"},{"v":19175.2,"d":"19,175.20"},{"v":106335.2,"d":"106,335.20"},null,33]
[{"$nulls":14},{"$f":"SUM(O559:O692)","v":{"v":10611637.29,"d":"10,611,637.29"}},{"$f":"SUM(P559:P692)","v":{"v":9412510,"d":"9,412,510.00"}},{"v":2070752.2,"d":"2,070,752.20"},{"$f":"SUM(R559:R692)","v":{"v":11483262.2,"d":"11,483,262.20"}},{"$f":"R693/100*10","v":{"v":1148326.22,"d":"1,148,326.22"}},33]
["А0811",657,102002005,"Б/У Счётчик VA2305M-1-0-25-D-0,1-2","(1690) Боровский пр-д, д.13а",{"v":1,"d":"1.000"},"ШТ","2015-08-01","3.NV.1216-2002","Документы отсутствуют","Нет данных","Удовлетворительное ",{"v":10455.99,"d":"10,455.99"},{"$f":"O694/F694","v":{"v":10455.99,"d":"10,455.99"}},{"v":10455.99,"d":"10,455.99"},{"v":4880,"d":"4,880.00"},{"$f":"R694-P694","v":{"v":1073.6,"d":"1,073.60"}},{"$f":"P694*1.22","v":{"v":5953.6,"d":"5,953.60"}},null,34,"КИПиА"]
["А0812",658,102002008,"Б/У Счётчик VA2305M-1-0-100-D-1,0-2","(1690) Боровский пр-д, д.13а",{"v":1,"d":"1.000"},"ШТ","2017-03-30","3.NV.1216-2002","Документы отсутствуют","Нет данных","Удовлетворительное ",{"v":9830.57,"d":"9,830.57"},{"v":9830.57,"d":"9,830.57"},{"v":9830.57,"d":"9,830.57"},{"v":4240,"d":"4,240.00"},{"v":932.8,"d":"932.80"},{"v":5172.8,"d":"5,172.80"},null,34]
["А0817",659,102002293,"Б/У Расходомер Взлёт ЭР ЭРСВ-420Л Ду32","(1690) Боровский пр-д, д.13а",{"v":1,"d":"1.000"},"ШТ",2010,"3.NV.1216-2002","Документы отсутствуют","Нет данных","Удовлетворительное ",{"v":5042.69,"d":"5,042.69"},{"v":5042.69,"d":"5,042.69"},{"v":5042.69,"d":"5,042.69"},{"v":2820,"d":"2,820.00"},{"v":620.4,"d":"620.40"},{"v":3440.4,"d":"3,440.40"},null,34]
["А0818",660,102002301,"Б/У Расходомер Взлёт ЭР ЭРСВ-420Л Ду100","(1690) Боровский пр-д, д.13а",{"v":1,"d":"1.000"},"ШТ","2014-12-31","3.NV.1216-2002","Документы отсутствуют","Нет данных","Удовлетворительное ",{"v":7544.32,"d":"7,544.32"},{"v":7544.32,"d":"7,544.32"},{"v":7544.32,"d":"7,544.32"},{"v":3760,"d":"3,760.00"},{"v":827.2,"d":"827.20"},{"v":4587.2,"d":"4,587.20"},null,34]
["А0819",661,102002304,"Б/У Преобр.расхПРЭМ-20-L0-0-0-B1 сэндвич","(1690) Боровский пр-д, д.13а",{"v":1,"d":"1.000"},"ШТ",2010,"3.NV.1216-2002","Документы отсутствуют","Нет данных","Удовлетворительное ",{"v":11235.84,"d":"11,235.84"},{"v":11235.84,"d":"11,235.84"},{"v":11235.84,"d":"11,235.84"},{"v":6280,"d":"6,280.00"},{"v":1381.6,"d":"1,381.60"},{"v":7661.6,"d":"7,661.60"},null,34]
["А0827",662,102002007,"Б/У Счётчик VA2305M-1-0-40-D-0,2-2","(1690) Боровский пр-д, д.13а",{"v":2,"d":"2.000"},"ШТ","2014-12-01","3.NV.1216-2002","Документы отсутствуют","Нет данных","Удовлетворительное ",{"$f":"O699","v":{"v":16508.25,"d":"16,508.25"}},{"v":8254.13,"d":"8,254.13"},{"v":16508.25,"d":"16,508.25"},{"v":8220,"d":"8,220.00"},{"v":1808.4,"d":"1,808.40"},{"v":10028.4,"d":"10,028.40"},null,34]
["А0828",663,102002295,"Б/У Расходомер Взлёт ЭР ЭРСВ-430Л Ду32","(1690) Боровский пр-д, д.13а",{"v":2,"d":"2.000"},"ШТ","2010","3.NV.1216-2002","Документы отсутствуют","Нет данных","Удовлетворительное ",{"v":8440.74,"d":"8,440.74"},{"v":4220.37,"d":"4,220.37"},{"v":8440.74,"d":"8,440.74"},{"v":4710,"d":"4,710.00"},{"v":1036.2,"d":"1,036.20"},{"v":5746.2,"d":"5,746.20"},null,34]
["А0831",664,102002333,"Б/У Счётчик VA2305M-1-0-80-D-1,0-2","(1690) Боровский пр-д, д.13а",{"v":2,"d":"2.000"},"ШТ","2010","3.NV.1216-2002","Документы отсутствуют","Нет данных","Удовлетворительное ",{"v":24157.51,"d":"24,157.51"},{"v":12078.76,"d":"12,078.76"},{"v":24157.51,"d":"24,157.51"},{"v":13490,"d":"13,490.00"},{"v":2967.8,"d":"2,967.80"},{"v":16457.8,"d":"16,457.80"},null,34]
["А0835",665,102002297,"Б/У Счётчик VA2305M-1-0-50-D-0,25-2","(1690) Боровский пр-д, д.13а",{"v":3,"d":"3.000"},"ШТ","2017-03-30","3.NV.1216-2002","Документы отсутствуют","Нет данных","Удовлетворительное ",{"v":32623.7,"d":"32,623.70"},{"v":10874.57,"d":"10,874.57"},{"v":32623.7,"d":"32,623.70"},{"v":14080,"d":"14,080.00"},{"v":3097.6,"d":"3,097.60"},{"v":17177.6,"d":"17,177.60"},null,34]
["А0840",666,102002010,"Б/У Расходомер Взлёт ЭР ЭРСВ-420Л Ду80","(1690) Боровский пр-д, д.13а",{"v":5,"d":"5.000"},"ШТ","2017-03-30","3.NV.1216-2002","Документы отсутствуют","Нет данных","Удовлетворительное ",{"v":33416.63,"d":"33,416.63"},{"v":6683.33,"d":"6,683.33"},{"v":33416.63,"d":"33,416.63"},{"v":14420,"d":"14,420.00"},{"v":3172.4,"d":"3,172.40"},{"v":17592.4,"d":"17,592.40"},null,34]
["А0845",667,102002299,"Б/У Расходомер Взлёт ЭР ЭРСВ-420Л Ду50","(1690) Боровский пр-д, д.13а",{"v":7,"d":"7.000"},"ШТ","31.12.2014","3.NV.1216-2002","Документы отсутствуют","Нет данных","Удовлетворительное ",{"v":36697.81,"d":"36,697.81"},{"$f":"O704/F704","v":{"v":5242.54,"d":"5,242.54"}},{"v":36697.81,"d":"36,697.81"},{"v":18270,"d":"18,270.00"},{"v":4019.4,"d":"4,019.40"},{"v":22289.4,"d":"22,289.40"},null,34]
["А0846",668,102002317,"Б/У Преобр.расхПРЭМ-32-L0-0-0-B1 сэндвич","(1690) Боровский пр-д, д.13а",{"v":9,"d":"9.000"},"ШТ","2016-12-30","3.NV.1216-2002","Документы отсутствуют","Нет данных","Удовлетворительное ",{"v":65626.06,"d":"65,626.06"},{"v":7291.78,"d":"7,291.78"},{"v":65626.06,"d":"65,626.06"},{"v":28740,"d":"28,740.00"},{"v":6322.8,"d":"6,322.80"},{"v":35062.8,"d":"35,062.80"},null,34]
["А0847",669,102002324,"Б/У Преобр.расхПРЭМ-50-L0-0-0-B1 сэндвич","(1690) Боровский пр-д, д.13а",{"v":21,"d":"21.000"},"ШТ","2016-12-30","3.NV.1216-2002","Документы отсутствуют","Нет данных","Удовлетворительное ",{"v":188984.52,"d":"188,984.52"},{"v":8999.26,"d":"8,999.26"},{"v":188984.52,"d":"188,984.52"},{"v":82750,"d":"82,750.00"},{"v":18205,"d":"18,205.00"},{"v":100955,"d":"100,955.00"},null,34]
["А0848",670,102002311,"Б/У Вычислитель ВКТ-7-04-0-0-0","(1690) Боровский пр-д, д.13а",{"v":22,"d":"22.000"},"ШТ","2016-12-30","3.NV.1216-2002","Документы отсутствуют","Нет данных","Удовлетворительное ",{"v":92711.96,"d":"92,711.96"},{"v":4214.18,"d":"4,214.18"},{"v":92711.96,"d":"92,711.96"},{"v":40600,"d":"40,600.00"},{"v":8932,"d":"8,932.00"},{"v":49532,"d":"49,532.00"},null,34]
["А0849",671,102002331,"Б/У Блок ИВБ-106","(1690) Боровский пр-д, д.13а",{"v":24,"d":"24.000"},"ШТ","2010","3.NV.1216-2002","Документы отсутствуют","Нет данных","Удовлетворительное ",{"v":366893.27,"d":"366,893.27"},{"v":15287.22,"d":"15,287.22"},{"v":366893.27,"d":"366,893.27"},{"v":204930,"d":"204,930.00"},{"v":45084.6,"d":"45,084.60"},{"v":250014.6,"d":"250,014.60"},null,34]
["А0851",672,10145283,"Модуль вв/выв Allen-Bradley 1746-NIO4I","(0808) ул. Верейская, д.35",{"v":1,"d":"1.000"},"ШТ","2010","3.NV.1208-2002","Документы отсутствуют","Нет данных","Удовлетворительное",{"v":41750,"d":"41,750.00"},{"v":41750,"d":"41,750.00"},{"v":41750,"d":"41,750.00"},{"v":23320,"d":"23,320.00"},{"v":5130.4,"d":"5,130.40"},{"v":28450.4,"d":"28,450.40"},null,34]
["А0853",673,10145214,"Модуль вывода Allen-Bradley 1746-OB32","(0808) ул. Верейская, д.35",{"v":1,"d":"1.000"},"ШТ","2010","3.NV.1208-2002","Документы отсутствуют","Нет данных","Удовлетворительное",{"v":22300,"d":"22,300.00"},{"v":22300,"d":"22,300.00"},{"v":22300,"d":"22,300.00"},{"v":12460,"d":"12,460.00"},{"v":2741.2,"d":"2,741.20"},{"v":15201.2,"d":"15,201.20"},null,34]
["А0854",674,10145236,"Модуль Allen-Bradley 1747-SCNR","(0808) ул. Верейская, д.35",{"v":1,"d":"1.000"},"ШТ","2010","3.NV.1208-2002","Документы отсутствуют","Нет данных","Удовлетворительное",{"v":76100,"d":"76,100.00"},{"v":76100,"d":"76,100.00"},{"v":76100,"d":"76,100.00"},{"v":42510,"d":"42,510.00"},{"v":9352.2,"d":"9,352.20"},{"v":51862.2,"d":"51,862.20"},null,34]
["А0855",675,10145246,"Модуль ввода Allen-Bradley 1746-NI4","(0808) ул. Верейская, д.35",{"v":1,"d":"1.000"},"ШТ","2010","3.NV.1208-2002","Документы отсутствуют","Нет данных","Удовлетворительное",{"v":28500,"d":"28,500.00"},{"v":28500,"d":"28,500.00"},{"v":28500,"d":"28,500.00"},{"v":15920,"d":"15,920.00"},{"v":3502.4,"d":"3,502.40"},{"v":19422.4,"d":"19,422.40"},null,34]
["А0856",676,10145247,"Модуль вывода Allen-Bradley 1746-NO4I","(0808) ул. Верейская, д.35",{"v":1,"d":"1.000"},"ШТ","2010","3.NV.1208-2002","Документы отсутствуют","Нет данных","Удовлетворительное",{"v":38400,"d":"38,400.00"},{"v":38400,"d":"38,400.00"},{"v":38400,"d":"38,400.00"},{"v":21450,"d":"21,450.00"},{"v":4719,"d":"4,719.00"},{"v":26169,"d":"26,169.00"},null,34]
["А0857",677,10145253,"Модуль сканера Allen-Bradley 1747-SN","(0808) ул. Верейская, д.35",{"v":1,"d":"1.000"},"ШТ","2010","3.NV.1208-2002","Документы отсутствуют","Нет данных","Удовлетворительное",{"v":127764.87,"d":"127,764.87"},{"v":127764.87,"d":"127,764.87"},{"v":127764.87,"d":"127,764.87"},{"v":71360,"d":"71,360.00"},{"v":15699.2,"d":"15,699.20"},{"v":87059.2,"d":"87,059.20"},null,34]
["А0858",678,10145253,"Модуль сканера Allen-Bradley 1747-SN","(0808) ул. Верейская, д.35",{"v":1,"d":"1.000"},"ШТ","2010","3.NV.1208-2002","Документы отсутствуют","Нет данных","Удовлетворительное",{"v":44200,"d":"44,200.00"},{"v":44200,"d":"44,200.00"},{"v":44200,"d":"44,200.00"},{"v":24690,"d":"24,690.00"},{"v":5431.8,"d":"5,431.80"},{"v":30121.8,"d":"30,121.80"},null,34]
["А0859",679,10145254,"Модуль адаптера Allen-Bradley 1747-ASB","(0808) ул. Верейская, д.35",{"v":1,"d":"1.000"},"ШТ","2010","3.NV.1208-2002","Документы отсутствуют","Нет данных","Удовлетворительное",{"v":54850,"d":"54,850.00"},{"v":54850,"d":"54,850.00"},{"v":54850,"d":"54,850.00"},{"v":30640,"d":"30,640.00"},{"v":6740.8,"d":"6,740.80"},{"v":37380.8,"d":"37,380.80"},null,34]
["А0860",680,102001720,"Блок Allen-Bradley 80026-121-01-R","(0808) ул. Верейская, д.35",{"v":1,"d":"1.000"},"ШТ","2010","3.NV.1208-2002","Документы отсутствуют","Нет данных","Удовлетворительное",{"v":466350,"d":"466,350.00"},{"v":466350,"d":"466,350.00"},{"v":466350,"d":"466,350.00"},{"v":260480,"d":"260,480.00"},{"v":57305.6,"d":"57,305.60"},{"v":317785.6,"d":"317,785.60"},null,34]
["А0861",681,10145215,"Модуль ввода Allen-Bradley 1746-IM16","(0808) ул. Верейская, д.35",{"v":2,"d":"2.000"},"ШТ","2014-12-31","3.NV.1208-2002","Документы отсутствуют","Нет данных","Удовлетворительное",{"v":32800,"d":"32,800.00"},{"v":16400,"d":"16,400.00"},{"v":32800,"d":"32,800.00"},{"v":16330,"d":"16,330.00"},{"v":3592.6,"d":"3,592.60"},{"v":19922.6,"d":"19,922.60"},null,34]
["А0862",682,10155883,"Модуль Allen-Bradley 1746-OW16","(0808) ул. Верейская, д.35",{"v":2,"d":"2.000"},"ШТ","2014-12-31","3.NV.1208-2002","Документы отсутствуют","Нет данных","Удовлетворительное",{"v":25600,"d":"25,600.00"},{"v":12800,"d":"12,800.00"},{"v":25600,"d":"25,600.00"},{"v":12750,"d":"12,750.00"},{"v":2805,"d":"2,805.00"},{"v":15555,"d":"15,555.00"},null,34]
["А0863",683,102001315,"Модуль вывода DO16r-220FC","(0808) ул. Верейская, д.35",{"v":2,"d":"2.000"},"ШТ","2014-12-31","3.NV.1208-2002","Документы отсутствуют","Нет данных","Удовлетворительное",{"v":80100,"d":"80,100.00"},{"v":40050,"d":"40,050.00"},{"v":80100,"d":"80,100.00"},{"v":39880,"d":"39,880.00"},{"v":8773.6,"d":"8,773.60"},{"v":48653.6,"d":"48,653.60"},null,34]
["А0864",684,102001407,"Модуль вывода Текон DO16s-220DC","(0808) ул. Верейская, д.35",{"v":2,"d":"2.000"},"ШТ","2014-12-31","3.NV.1208-2002","Документы отсутствуют","Нет данных","Удовлетворительное",{"v":113700,"d":"113,700.00"},{"v":56850,"d":"56,850.00"},{"v":113700,"d":"113,700.00"},{"v":56610,"d":"56,610.00"},{"v":12454.2,"d":"12,454.20"},{"v":69064.2,"d":"69,064.20"},null,34]
["А0865",685,102001412,"Модуль аналогового вывода Текон AOC8","(0808) ул. Верейская, д.35",{"v":2,"d":"2.000"},"ШТ","2014-12-31","3.NV.1208-2002","Документы отсутствуют","Нет данных","Удовлетворительное",{"v":156280,"d":"156,280.00"},{"v":78140,"d":"78,140.00"},{"v":156280,"d":"156,280.00"},{"v":77820,"d":"77,820.00"},{"v":17120.4,"d":"17,120.40"},{"v":94940.4,"d":"94,940.40"},null,34]
["А0866",686,10135769,"Модуль ввода Siemens 6ES7331-7PF11-0AB0","(0903) Проезд № 607 д. 22",{"v":1,"d":"1.000"},"ШТ",2010,"3.NV.1209-2002","Документы отсутствуют","Нет данных","Удовлетворительное",{"v":30097,"d":"30,097.00"},{"v":30097,"d":"30,097.00"},{"v":30097,"d":"30,097.00"},{"v":16810,"d":"16,810.00"},{"v":3698.2,"d":"3,698.20"},{"v":20508.2,"d":"20,508.20"},null,34]
["А0867",687,10135799,"Модуль Siemens 6ES7321-7BH01-0AB0","(0903) Проезд № 607 д. 22",{"v":1,"d":"1.000"},"ШТ",2010,"3.NV.1209-2002","Документы отсутствуют","Нет данных","Удовлетворительное",{"v":13118,"d":"13,118.00"},{"v":13118,"d":"13,118.00"},{"v":13118,"d":"13,118.00"},{"v":7330,"d":"7,330.00"},{"v":1612.6,"d":"1,612.60"},{"v":8942.6,"d":"8,942.60"},null,34]
["А0868",688,10135816,"Модуль Siemens 6ES7332-7ND02-0AB0","(0903) Проезд № 607 д. 22",{"v":1,"d":"1.000"},"ШТ",2010,"3.NV.1209-2002","Документы отсутствуют","Нет данных","Удовлетворительное",{"v":25632,"d":"25,632.00"},{"v":25632,"d":"25,632.00"},{"v":25632,"d":"25,632.00"},{"v":14320,"d":"14,320.00"},{"v":3150.4,"d":"3,150.40"},{"v":17470.4,"d":"17,470.40"},null,34]
["А0869",689,10135883,"Модуль Siemens 6ES7322-5HF00-0AB0","(0903) Проезд № 607 д. 22",{"v":1,"d":"1.000"},"ШТ","2010","3.NV.1209-2002","Документы отсутствуют","Нет данных","Удовлетворительное",{"v":8296,"d":"8,296.00"},{"v":8296,"d":"8,296.00"},{"v":8296,"d":"8,296.00"},{"v":4630,"d":"4,630.00"},{"$f":"R726-P726","v":{"v":1018.6,"d":"1,018.60"}},{"$f":"P726*1.22","v":{"v":5648.6,"d":"5,648.60"}},null,34]
["А0870",690,10135887,"Модуль Siemens 6ES7350-1AH03-0AE0","(0903) Проезд № 607 д. 22",{"v":1,"d":"1.000"},"ШТ","2010","3.NV.1209-2002","Документы отсутствуют","Нет данных","Удовлетворительное",{"v":16768,"d":"16,768.00"},{"v":16768,"d":"16,768.00"},{"v":16768,"d":"16,768.00"},{"v":9370,"d":"9,370.00"},{"v":2061.4,"d":"2,061.40"},{"v":11431.4,"d":"11,431.40"},null,34]
["А0872",691,10136834,"Процессор Siemens 6ES7341-1CH02-0AE0","(0903) Проезд № 607 д. 22",{"v":1,"d":"1.000"},"ШТ","2010","3.NV.1209-2002","Документы отсутствуют","Нет данных","Удовлетворительное",{"v":36386,"d":"36,386.00"},{"v":36386,"d":"36,386.00"},{"v":36386,"d":"36,386.00"},{"v":20320,"d":"20,320.00"},{"v":4470.4,"d":"4,470.40"},{"v":24790.4,"d":"24,790.40"},null,34]
["А0873",692,10136835,"Модуль Siemens 6ES7326-2BF10-0AB0","(0903) Проезд № 607 д. 22",{"v":1,"d":"1.000"},"ШТ","2010","3.NV.1209-2002","Документы отсутствуют","Нет данных","Удовлетворительное",{"v":39955,"d":"39,955.00"},{"v":39955,"d":"39,955.00"},{"v":39955,"d":"39,955.00"},{"v":22320,"d":"22,320.00"},{"v":4910.4,"d":"4,910.40"},{"v":27230.4,"d":"27,230.40"},null,34]
["А0874",693,10136848,"Модуль Siemens 6ES7326-1BK02-0AB0","(0903) Проезд № 607 д. 22",{"v":1,"d":"1.000"},"ШТ","2010","3.NV.1209-2002","Документы отсутствуют","Нет данных","Удовлетворительное",{"v":34766,"d":"34,766.00"},{"v":34766,"d":"34,766.00"},{"v":34766,"d":"34,766.00"},{"v":19420,"d":"19,420.00"},{"v":4272.4,"d":"4,272.40"},{"v":23692.4,"d":"23,692.40"},null,34]
["А0875",694,102002051,"Модуль вывода аналоговых сигналов AO810","(0903) Проезд № 607 д. 22",{"v":1,"d":"1.000"},"ШТ","2010","3.NV.1209-2002","Документы отсутствуют","Нет данных","Удовлетворительное",{"v":46028.75,"d":"46,028.75"},{"$f":"O731/F731","v":{"v":46028.75,"d":"46,028.75"}},{"v":46028.75,"d":"46,028.75"},{"v":25710,"d":"25,710.00"},{"v":5656.2,"d":"5,656.20"},{"v":31366.2,"d":"31,366.20"},null,34]
["А0876",695,10135767,"Модуль ввода Siemens 6ES7331-7NF10-0AB0","(0903) Проезд № 607 д. 22",{"v":2,"d":"2.000"},"ШТ","2010","3.NV.1209-2002","Документы отсутствуют","Нет данных","Удовлетворительное",{"v":60194,"d":"60,194.00"},{"v":30097,"d":"30,097.00"},{"v":60194,"d":"60,194.00"},{"v":33620,"d":"33,620.00"},{"v":7396.4,"d":"7,396.40"},{"v":41016.4,"d":"41,016.40"},null,34]
["А0877",696,10135768,"Модуль ввода Siemens 6ES7331-7PF01-0AB0","(0903) Проезд № 607 д. 22",{"v":2,"d":"2.000"},"ШТ","2010","3.NV.1209-2002","Документы отсутствуют","Нет данных","Удовлетворительное",{"v":60194,"d":"60,194.00"},{"v":30097,"d":"30,097.00"},{"v":60194,"d":"60,194.00"},{"v":33620,"d":"33,620.00"},{"v":7396.4,"d":"7,396.40"},{"v":41016.4,"d":"41,016.40"},null,34]
["А0878",697,10135867,"Модуль Siemens 6ES7195-7KF00-0XA0","(0903) Проезд № 607 д. 22",{"v":2,"d":"2.000"},"ШТ","2010","3.NV.1209-2002","Документы отсутствуют","Нет данных","Удовлетворительное",{"v":11453.22,"d":"11,453.22"},{"v":5726.61,"d":"5,726.61"},{"v":11453.22,"d":"11,453.22"},{"v":6400,"d":"6,400.00"},{"v":1408,"d":"1,408.00"},{"v":7808,"d":"7,808.00"},null,34]
["А0879",698,10136862,"Модуль Siemens 6ES7336-4GE00-0AB0","(0903) Проезд № 607 д. 22",{"v":3,"d":"3.000"},"ШТ","2010","3.NV.1209-2002","Документы отсутствуют","Нет данных","Удовлетворительное",{"v":102000,"d":"102,000.00"},{"v":34000,"d":"34,000.00"},{"v":102000,"d":"102,000.00"},{"v":56970,"d":"56,970.00"},{"v":12533.4,"d":"12,533.40"},{"v":69503.4,"d":"69,503.40"},null,34]
["А0880",699,102001318,"Пульт управления NDSC-02C ABB 64560930","(0903) Проезд № 607 д. 22",{"v":4,"d":"4.000"},"ШТ","2010","3.NV.1209-2002","Документы отсутствуют","Нет данных","Удовлетворительное",{"v":1178960,"d":"1,178,960.00"},{"v":294740,"d":"294,740.00"},{"v":1178960,"d":"1,178,960.00"},{"v":658520,"d":"658,520.00"},{"v":144874.4,"d":"144,874.40"},{"v":803394.4,"d":"803,394.40"},null,34]
["А0881",700,102002074,"Модуль ввода\\вывода AI825","(0903) Проезд № 607 д. 22",{"v":4,"d":"4.000"},"ШТ","2010","3.NV.1209-2002","Документы отсутствуют","Нет данных","Удовлетворительное",{"v":217906.84,"d":"217,906.84"},{"v":54476.71,"d":"54,476.71"},{"v":217906.84,"d":"217,906.84"},{"v":121710,"d":"121,710.00"},{"v":26776.2,"d":"26,776.20"},{"v":148486.2,"d":"148,486.20"},null,34]
["А0882",701,10125353,"Панель приборная ПП-2,5","(0911) Строительный пр.,д.14 к.1",{"v":2,"d":"2.000"},"ШТ","2014-12-31","3.NV.1209-2002","Документы отсутствуют","Нет данных","Удовлетворительное ",{"v":60389.68,"d":"60,389.68"},{"v":30194.84,"d":"30,194.84"},{"v":60389.68,"d":"60,389.68"},{"v":30070,"d":"30,070.00"},{"v":6615.4,"d":"6,615.40"},{"v":36685.4,"d":"36,685.40"},null,34]
["А0883",702,10092284,"Блок индикации микропроцессорный БИМ-01","(0202) Смольная ул., д. 32 Б",{"v":1,"d":"1.000"},"ШТ","2013-10-30","3.NV.1202-2002","Документы отсутствуют","Блок индикации микропроцессорный БИМ-01","Удовлетворительное",{"v":11233.9,"d":"11,233.90"},{"v":11233.9,"d":"11,233.90"},{"v":11233.9,"d":"11,233.90"},{"v":6620,"d":"6,620.00"},{"v":1456.4,"d":"1,456.40"},{"v":8076.4,"d":"8,076.40"},null,34]
["А0884",703,102000816,"М-100-ДД-1495-02-МП1-t1-050-63кПа-42-С","(0202) Смольная ул., д. 32 Б",{"v":1,"d":"1.000"},"ШТ","2014-12-31","3.NV.1202-2002","Документы отсутствуют","М-100-ДД-1495-02-МП1-t1-050-63кПа-42-С","Удовлетворительное",{"v":24692.4,"d":"24,692.40"},{"v":24692.4,"d":"24,692.40"},{"v":24692.4,"d":"24,692.40"},{"v":12290,"d":"12,290.00"},{"v":2703.8,"d":"2,703.80"},{"v":14993.8,"d":"14,993.80"},null,34]
["А0885",704,102001181,"М-100-ДИВ-1311-02-МП1-t1-015-0,315кПа-42","(0202) Смольная ул., д. 32 Б",{"v":1,"d":"1.000"},"ШТ","2014-12-31","3.NV.1202-2002","Документы отсутствуют","М-100-ДИВ-1311-02-МП1-t1-015-0,315кПа-42","Удовлетворительное",{"$f":"O741","v":{"v":29993.4,"d":"29,993.40"}},{"v":29993.4,"d":"29,993.40"},{"v":29993.4,"d":"29,993.40"},{"v":14930,"d":"14,930.00"},{"v":3284.6,"d":"3,284.60"},{"v":18214.6,"d":"18,214.60"},null,34]
["А0886",705,102001211,"Датчик уровня Эхо-5Н-1,5-31-2,5-0-4-20-Б","(0202) Смольная ул., д. 32 Б",{"v":1,"d":"1.000"},"ШТ","2014-12-31","3.NV.1202-2002","Документы отсутствуют","Датчик уровня Эхо-5Н-1,5-31-2,5-0-4-20-Б","Удовлетворительное",{"v":29937.21,"d":"29,937.21"},{"v":29937.21,"d":"29,937.21"},{"v":29937.21,"d":"29,937.21"},{"v":14910,"d":"14,910.00"},{"v":3280.2,"d":"3,280.20"},{"v":18190.2,"d":"18,190.20"},null,34]
["А0887",706,10095548,"Датчик факела горелки УДФ","(0202) Смольная ул., д. 32 Б",{"v":2,"d":"2.000"},"ШТ","2014-12-31","3.NV.1202-2002","Документы отсутствуют","Датчик факела горелки УДФ","Удовлетворительное",{"v":6955.5,"d":"6,955.50"},{"v":3477.75,"d":"3,477.75"},{"v":6955.5,"d":"6,955.50"},{"v":3460,"d":"3,460.00"},{"v":761.2,"d":"761.20"},{"v":4221.2,"d":"4,221.20"},null,34]
["А0889",707,102001235,"М-100-ДГ-1531-02-МП1-t10-050-25кПа-42","(0202) Смольная ул., д. 32 Б",{"v":2,"d":"2.000"},"ШТ","2014-12-31","3.NV.1202-2002","Документы отсутствуют","М-100-ДГ-1531-02-МП1-t10-050-25кПа-42","Удовлетворительное",{"v":50280.98,"d":"50,280.98"},{"v":25140.49,"d":"25,140.49"},{"v":50280.98,"d":"50,280.98"},{"v":25040,"d":"25,040.00"},{"v":5508.8,"d":"5,508.80"},{"v":30548.8,"d":"30,548.80"},null,34]
["А0890",708,102001188,"М-100-ДД-1495-02-МП1-t1-015-25кПа-42-М20","(0202) Смольная ул., д. 32 Б",{"v":3,"d":"3.000"},"ШТ","2014-12-31","3.NV.1202-2002","Документы отсутствуют","М-100-ДД-1495-02-МП1-t1-015-25кПа-42-М20","Удовлетворительное",{"v":64612.89,"d":"64,612.89"},{"v":21537.63,"d":"21,537.63"},{"v":64612.89,"d":"64,612.89"},{"v":32170,"d":"32,170.00"},{"v":7077.4,"d":"7,077.40"},{"v":39247.4,"d":"39,247.40"},null,34]
["А0891",709,10090146,"М-100-Ех-ДИ-1141-02-МП1-t1-050-10кПа-42","(0317) Проспект Мира, д. 177А, стр. 1",{"v":1,"d":"1.000"},"ШТ","2014-12-31","3.NV.1203-2002","Документы отсутствуют","Датчик избыточного давления Метран-100-Ех-ДИ-1141-02-МП1-t1-050-10кПа-42-М20-С","Удовлетворительное",{"v":18640,"d":"18,640.00"},{"v":18640,"d":"18,640.00"},{"v":18640,"d":"18,640.00"},{"v":9280,"d":"9,280.00"},{"v":2041.6,"d":"2,041.60"},{"v":11321.6,"d":"11,321.60"},null,34]
["А0892",710,10106106,"М-100-Ex-ДИ-1161-11-МП1-t10-015-1,0МПа","(0317) Проспект Мира, д. 177А, стр. 1",{"v":1,"d":"1.000"},"ШТ","2014-12-31","3.NV.1203-2002","Документы отсутствуют","Датчик избыточного давления Метран-100-Ex-ДИ-1161-11-МП1-t10-015-1,0МПа-42-М20-С","Удовлетворительное",{"v":16920,"d":"16,920.00"},{"v":16920,"d":"16,920.00"},{"v":16920,"d":"16,920.00"},{"v":8420,"d":"8,420.00"},{"v":1852.4,"d":"1,852.40"},{"v":10272.4,"d":"10,272.40"},null,34]
["А0893",711,102001104,"М-150CD1(0-630кгс/м2)2211L3AM5IMD9C1K04","(0317) Проспект Мира, д. 177А, стр. 1",{"v":1,"d":"1.000"},"ШТ","2010-12-31","3.NV.1203-2002","Документы отсутствуют","Датчик разности давлений Метран-150CD1(0-630кгс/м2)-2-2-1-1-L3-A-M5-IM-D9-C1-K04","Удовлетворительное",{"v":33454.92,"d":"33,454.92"},{"v":33454.92,"d":"33,454.92"},{"v":33454.92,"d":"33,454.92"},{"v":18540,"d":"18,540.00"},{"v":4078.8,"d":"4,078.80"},{"v":22618.8,"d":"22,618.80"},null,34]
["А0894",712,102001187,"М-100-ДИ-1151-11-МП1-t1-050-1МПа-42-М20","(0317) Проспект Мира, д. 177А, стр. 1",{"v":1,"d":"1.000"},"ШТ","2010-12-31","3.NV.1203-2002","Документы отсутствуют","Датчик избыточного давления Метран-100-ДИ-1151-11-МП1-t1-050-1МПа-42-М20-С-ГП","Удовлетворительное",{"v":26399.93,"d":"26,399.93"},{"v":26399.93,"d":"26,399.93"},{"v":26399.93,"d":"26,399.93"},{"v":14630,"d":"14,630.00"},{"v":3218.6,"d":"3,218.60"},{"v":17848.6,"d":"17,848.60"},null,34]
["А0896",713,10036743,"Мановакуумметр МВ-2500","(0506) Оранжерейная ул., д.8а, стр.1",{"v":1,"d":"1.000"},"ШТ","2014-07-10","3.NV.1205-2002","Документы отсутствуют","Нет данных","Удовлетворительное",{"$f":"O750","v":434.74},434.74,434.74,{"v":220,"d":"220.00"},{"v":48.4,"d":"48.40"},{"v":268.4,"d":"268.40"},null,34]
["А0897",714,10051760,"Сигнализатор СТГ1-2Д10В","(0506) Оранжерейная ул., д.8а, стр.1",{"v":1,"d":"1.000"},"ШТ","2014-07-10","3.NV.1205-2002","Документы отсутствуют","Нет данных","Удовлетворительное",{"v":13658.4,"d":"13,658.40"},{"v":13658.4,"d":"13,658.40"},{"v":13658.4,"d":"13,658.40"},{"v":6850,"d":"6,850.00"},{"v":1507,"d":"1,507.00"},{"v":8357,"d":"8,357.00"},null,34]
["А0899",715,102001505,"R-3051-L-2-A-G0-Q-D-21-A-B-M5-QG","(0506) Оранжерейная ул., д.8а, стр.1",{"v":1,"d":"1.000"},"ШТ","2015-02-01","3.NV.1205-2002","Документы отсутствуют","Нет данных","Удовлетворительное",{"v":122717.18,"d":"122,717.18"},{"v":122717.18,"d":"122,717.18"},{"v":122717.18,"d":"122,717.18"},{"v":58610,"d":"58,610.00"},{"v":12894.2,"d":"12,894.20"},{"v":71504.2,"d":"71,504.20"},null,34]
["А0900",716,10124340,"Прибор контр. пламени Ф34-2 с 2 датч. ФД","(0506) Оранжерейная ул., д.8а, стр.1",{"v":2,"d":"2.000"},"ШТ","2015-02-01","3.NV.1205-2002","Документы отсутствуют","Нет данных","Удовлетворительное",{"v":47772.57,"d":"47,772.57"},{"v":23886.29,"d":"23,886.29"},{"v":47772.57,"d":"47,772.57"},{"v":22820,"d":"22,820.00"},{"v":5020.4,"d":"5,020.40"},{"v":27840.4,"d":"27,840.40"},null,34]
["А0901",717,102001362,"Блок PM3398B-6-1-3-E Pioneer Magnetics","(0506) Оранжерейная ул., д.8а, стр.1",{"v":1,"d":"1.000"},"ШТ","2015-02-01","3.NV.1205-2002","Документы отсутствуют","ABB IMDSO14","Удовлетворительное",{"v":458601.12,"d":"458,601.12"},{"v":458601.12,"d":"458,601.12"},{"v":458601.12,"d":"458,601.12"},{"v":219040,"d":"219,040.00"},{"v":48188.8,"d":"48,188.80"},{"v":267228.8,"d":"267,228.80"},null,34]
["А0902",718,10145283,"Модуль вв/выв Allen-Bradley 1746-NIO4I","(0506) Оранжерейная ул., д.8а, стр.1",{"v":1,"d":"1.000"},"ШТ","2015-02-01","3.NV.1205-2002","В наличии","Нет данных","Удовлетворительное",{"v":41750,"d":"41,750.00"},{"v":41750,"d":"41,750.00"},{"v":41750,"d":"41,750.00"},{"v":23320,"d":"23,320.00"},{"v":5130.4,"d":"5,130.40"},{"v":28450.4,"d":"28,450.40"},null,34]
["А0903",719,10145285,"Модуль Allen-Bradley 3150-MCM","(0506) Оранжерейная ул., д.8а, стр.1",{"v":1,"d":"1.000"},"ШТ","2014-12-31","3.NV.1205-2002","В наличии","АРТ-85-125/16 п/себя","Удовлетворительное",{"v":99600,"d":"99,600.00"},{"v":99600,"d":"99,600.00"},{"v":99600,"d":"99,600.00"},{"v":49590,"d":"49,590.00"},{"v":10909.8,"d":"10,909.80"},{"v":60499.8,"d":"60,499.80"},null,34]
["А0904",720,10145248,"Адаптер связи Allen-Bradley 1747-ACN15","(0506) Оранжерейная ул., д.8а, стр.1",{"v":1,"d":"1.000"},"ШТ","2015-02-01","3.NV.1205-2002","В наличии","Нет данных","Удовлетворительное",{"v":54850,"d":"54,850.00"},{"v":54850,"d":"54,850.00"},{"v":54850,"d":"54,850.00"},{"v":26200,"d":"26,200.00"},{"v":5764,"d":"5,764.00"},{"v":31964,"d":"31,964.00"},null,34]
["А0906",721,10030295,"Механизм исп. МЭО-40/63-0,25У-01","(0506) Оранжерейная ул., д.8а, стр.1",{"v":1,"d":"1.000"},"ШТ","2015-02-01","3.NV.1205-2002","Документы отсутствуют","Нет данных","Удовлетворительное",{"v":12580,"d":"12,580.00"},{"v":12580,"d":"12,580.00"},{"v":12580,"d":"12,580.00"},{"v":6010,"d":"6,010.00"},{"$f":"R758-P758","v":{"v":1322.2,"d":"1,322.20"}},{"$f":"P758*1.22","v":{"v":7332.2,"d":"7,332.20"}},null,34]
["А0907",722,102001108,"М-150TG1(0-40кПа)2G21AM52F2B1K01PA","(0911) Строительный пр.,д.14 к.1",{"v":1,"d":"1.000"},"ШТ","31.12.2014","3.NV.1209-2002","Документы отсутствуют","Нет данных","Удовлетворительное",{"v":26399.93,"d":"26,399.93"},{"v":26399.93,"d":"26,399.93"},{"v":26399.93,"d":"26,399.93"},{"v":13150,"d":"13,150.00"},{"v":2893,"d":"2,893.00"},{"v":16043,"d":"16,043.00"},null,34]
["А0909",723,102000929,"М-150CD3(0-160кПа)2211L3AM5S5K01PA к/б","(0911) Строительный пр.,д.14 к.1",{"v":2,"d":"2.000"},"ШТ","31.12.2014","3.NV.1209-2002","Документы отсутствуют","Нет данных","Удовлетворительное",{"v":78143,"d":"78,143.00"},{"$f":"O760/F760","v":{"v":39071.5,"d":"39,071.50"}},{"v":78143,"d":"78,143.00"},{"v":38910,"d":"38,910.00"},{"v":8560.2,"d":"8,560.20"},{"v":47470.2,"d":"47,470.20"},null,34]
["А0910",724,102001010,"М-150CD2(0-16кПа)2211L3AM5D9K01PA к/б","(0911) Строительный пр.,д.14 к.1",{"v":2,"d":"2.000"},"ШТ","31.12.2014","3.NV.1209-2002","Документы отсутствуют","Нет данных","Удовлетворительное",{"v":78143,"d":"78,143.00"},{"v":39071.5,"d":"39,071.50"},{"v":78143,"d":"78,143.00"},{"v":38910,"d":"38,910.00"},{"v":8560.2,"d":"8,560.20"},{"v":47470.2,"d":"47,470.20"},null,34]
["А0911",725,102002013,"Комплекс измер.СГ-ЭКВз-Т-0,75-1600/1,6","(0911) Строительный пр.,д.14 к.1",{"v":1,"d":"1.000"},"ШТ","2008-05-08","3.NV.1209-2002","Документы отсутствуют","Нет данных","Удовлетворительное ",{"v":181039.6,"d":"181,039.60"},{"v":181039.6,"d":"181,039.60"},{"v":181039.6,"d":"181,039.60"},{"v":113810,"d":"113,810.00"},{"v":25038.2,"d":"25,038.20"},{"v":138848.2,"d":"138,848.20"},null,34]
["А0912",726,10015023,"ТСМУ-205-/250-(0+100)С-0,5%","(0202) Смольная ул., д. 32 Б",{"v":1,"d":"1.000"},"ШТ","2014-12-31","3.NV.1202-2002","Документы отсутствуют","ТСМУ-205-/250-(0+100)С-0,5%","Удовлетворительное",{"v":3450,"d":"3,450.00"},{"v":3450,"d":"3,450.00"},{"v":3450,"d":"3,450.00"},{"v":1720,"d":"1,720.00"},{"v":378.4,"d":"378.40"},{"v":2098.4,"d":"2,098.40"},null,34]
["А0915",727,102000847,"Дифманометр мембранный ДМЭУ-МИ 630 кгс/м","(0202) Смольная ул., д. 32 Б",{"v":1,"d":"1.000"},"ШТ","2014-12-31","3.NV.1202-2002","Документы отсутствуют","Дифманометр мембранный ДМЭУ-МИ 630 кгс/м","Удовлетворительное",{"v":11254.23,"d":"11,254.23"},{"v":11254.23,"d":"11,254.23"},{"v":11254.23,"d":"11,254.23"},{"v":5600,"d":"5,600.00"},{"v":1232,"d":"1,232.00"},{"v":6832,"d":"6,832.00"},null,34]
["А0916",728,102001066,"Механизм исп. МЭО-100/63","(0202) Смольная ул., д. 32 Б",{"v":1,"d":"1.000"},"ШТ","2014-12-31","3.NV.1202-2002","Документы отсутствуют","Механизм исп. МЭО-100/63","Удовлетворительное",{"v":23500,"d":"23,500.00"},{"v":23500,"d":"23,500.00"},{"v":23500,"d":"23,500.00"},{"v":11700,"d":"11,700.00"},{"v":2574,"d":"2,574.00"},{"v":14274,"d":"14,274.00"},null,34]
["А0917",729,102001524,"Механизм исп. МЭО-250/63-0,25У-99-У2","(0202) Смольная ул., д. 32 Б",{"v":1,"d":"1.000"},"ШТ","2014-12-31","3.NV.1202-2002","Документы отсутствуют","Механизм исп. МЭО-250/63-0,25У-99-У2","Удовлетворительное",{"v":25121.6,"d":"25,121.60"},{"v":25121.6,"d":"25,121.60"},{"v":25121.6,"d":"25,121.60"},{"v":12510,"d":"12,510.00"},{"v":2752.2,"d":"2,752.20"},{"v":15262.2,"d":"15,262.20"},null,34]
["А0918",730,10036509,"Термопреобразователь ТСМ-296.02.01 200мм","(0202) Смольная ул., д. 32 Б",{"v":2,"d":"2.000"},"ШТ","2014-12-31","3.NV.1202-2002","Документы отсутствуют","Термопреобразователь ТСМ-296.02.01 200мм","Удовлетворительное",{"v":5694.92,"d":"5,694.92"},{"v":2847.46,"d":"2,847.46"},{"v":5694.92,"d":"5,694.92"},{"v":2840,"d":"2,840.00"},{"v":624.8,"d":"624.80"},{"v":3464.8,"d":"3,464.80"},null,34]
["А0920",731,10007079,"Блок питания Omron S8VS-03024","(0317) Проспект Мира, д. 177А, стр. 1",{"v":1,"d":"1.000"},"ШТ","2014-12-31","3.NV.1203-2002","Документы отсутствуют","Блок питания импульсный Omron S8VS-03024 100-240В 24В 1,3А","Удовлетворительное",{"v":4105.78,"d":"4,105.78"},{"v":4105.78,"d":"4,105.78"},{"v":4105.78,"d":"4,105.78"},{"v":2040,"d":"2,040.00"},{"v":448.8,"d":"448.80"},{"v":2488.8,"d":"2,488.80"},null,34]
["А0922",732,10039602,"Дифманометр ДМ 3583М 0-6,3 кПа-1-У3","(0317) Проспект Мира, д. 177А, стр. 1",{"v":1,"d":"1.000"},"ШТ","2010-12-31","3.NV.1203-2002","Документы отсутствуют","Дифманометр ДМ 3583М 0-6,3 кПа-1-У3","Удовлетворительное",{"v":8510.78,"d":"8,510.78"},{"v":8510.78,"d":"8,510.78"},{"v":8510.78,"d":"8,510.78"},{"v":4720,"d":"4,720.00"},{"v":1038.4,"d":"1,038.40"},{"v":5758.4,"d":"5,758.40"},null,34]
["А0923",733,10089936,"Блок ручного управления БРУ-42-03","(0317) Проспект Мира, д. 177А, стр. 1",{"v":1,"d":"1.000"},"ШТ","2014-12-31","3.NV.1203-2002","Документы отсутствуют","Блок ручного управления БРУ-42-03","Удовлетворительное",{"v":4847.46,"d":"4,847.46"},{"v":4847.46,"d":"4,847.46"},{"v":4847.46,"d":"4,847.46"},{"v":2410,"d":"2,410.00"},{"v":530.2,"d":"530.20"},{"v":2940.2,"d":"2,940.20"},null,34]
["А0924",734,10096465,"DMP 343 100-XXXX-1-100-100-00R 0,315кПа","(0317) Проспект Мира, д. 177А, стр. 1",{"v":1,"d":"1.000"},"ШТ","2009-12-31","3.NV.1203-2002","Документы отсутствуют","Датчик избыточного давления Sensors DMP 343 100-XXXX-1-100-100-00R (-0,315 +0,315)кПа 4-20мА","Удовлетворительное",{"v":15914.97,"d":"15,914.97"},{"v":15914.97,"d":"15,914.97"},{"v":15914.97,"d":"15,914.97"},{"v":9460,"d":"9,460.00"},{"v":2081.2,"d":"2,081.20"},{"v":11541.2,"d":"11,541.20"},null,34]
["А0925",735,10105813,"Тягонапоромер ТНМП-52-М2-40кПа-1,5-У3","(0317) Проспект Мира, д. 177А, стр. 1",{"v":1,"d":"1.000"},"ШТ","2014-12-31","3.NV.1203-2002","Документы отсутствуют","Тягонапоромер мембранный показывающий ТНМП-52-М2-40кПа-1,5-У3 ТУ 25-7305.014-90 Саранский приборостроительный завод","Удовлетворительное",{"v":1599.03,"d":"1,599.03"},{"v":1599.03,"d":"1,599.03"},{"v":1599.03,"d":"1,599.03"},{"v":800,"d":"800.00"},{"v":176,"d":"176.00"},{"v":976,"d":"976.00"},null,34]
["А0926",736,10108566,"Механизм исп. МЭО-100/10-0,25","(0327) Добролюбова ул., д. 18А",{"v":1,"d":"1.000"},"ШТ","2014-12-31","3.NV.1203-2002","Документы отсутствуют","Механизм исполнительный электрический однооборотный рычажный МЭО-100/10-0,25","Удовлетворительное",{"v":17388.47,"d":"17,388.47"},{"v":17388.47,"d":"17,388.47"},{"v":17388.47,"d":"17,388.47"},{"v":8660,"d":"8,660.00"},{"v":1905.2,"d":"1,905.20"},{"v":10565.2,"d":"10,565.20"},null,34]
["А0927",737,10108645,"DMP 343 100-XXXX-1-100-100-00R-40+40мбар","(0317) Проспект Мира, д. 177А, стр. 1",{"v":1,"d":"1.000"},"ШТ","2010-12-31","3.NV.1203-2002","Документы отсутствуют","Датчик избыточного давления Sensors DMP 343 100-XXXX-1-100-100-00R (-40+40мбар)","Удовлетворительное",{"v":14129.14,"d":"14,129.14"},{"v":14129.14,"d":"14,129.14"},{"v":14129.14,"d":"14,129.14"},{"v":7830,"d":"7,830.00"},{"v":1722.6,"d":"1,722.60"},{"v":9552.6,"d":"9,552.60"},null,34]
["А0928",738,10109852,"DMP 343 100-XXXX-1-8-100-100-00R3,15мбар","(0317) Проспект Мира д.177А, стр1",{"v":1,"d":"1.000"},"ШТ","2014-12-31","3.NV.1203-2002","Документы отсутствуют","Датчик избыточного давления Sensors DMP 343 100-XXXX-1-8-100-100-00R (-3,15+3,15мбар) 4-20мА","Удовлетворительное",{"v":15669.27,"d":"15,669.27"},{"v":15669.27,"d":"15,669.27"},{"v":15669.27,"d":"15,669.27"},{"v":7800,"d":"7,800.00"},{"v":1716,"d":"1,716.00"},{"v":9516,"d":"9,516.00"},null,34]
["А0929",739,10109852,"DMP 343 100-XXXX-1-8-100-100-00R3,15мбар","(0317) Проспект Мира, д. 177А, стр. 1",{"v":1,"d":"1.000"},"ШТ","2014-12-31","3.NV.1203-2002","Документы отсутствуют","Датчик избыточного давления Sensors DMP 343 100-XXXX-1-8-100-100-00R (-3,15+3,15мбар) 4-20мА","Удовлетворительное",{"v":15669.27,"d":"15,669.27"},{"v":15669.27,"d":"15,669.27"},{"v":15669.27,"d":"15,669.27"},{"v":7800,"d":"7,800.00"},{"v":1716,"d":"1,716.00"},{"v":9516,"d":"9,516.00"},null,34]
["А0930",740,102000749,"Блок управления ГБЖ-08-04.03.000-01","(0317) Проспект Мира, д. 177А, стр. 1",{"v":1,"d":"1.000"},"ШТ","2014-12-31","3.NV.1203-2002","Документы отсутствуют","Блок управления ГБЖ-08-04.03.000-01 для горелки ГБГ-0,6(0,8)","Удовлетворительное",{"v":58800,"d":"58,800.00"},{"v":58800,"d":"58,800.00"},{"v":58800,"d":"58,800.00"},{"v":29280,"d":"29,280.00"},{"v":6441.6,"d":"6,441.60"},{"v":35721.6,"d":"35,721.60"},null,34]
["А0931",741,10095063,"DMP 343 100-0100-1-8-100-100-00R","(0317) Проспект Мира, д. 177А, стр. 1",{"v":2,"d":"2.000"},"ШТ","2010-12-31","3.NV.1203-2002","Документы отсутствуют","Датчик избыточного давления Sensors DMP 343 100-0100-1-8-100-100-00R","Удовлетворительное",{"v":28391.9,"d":"28,391.90"},{"v":14195.95,"d":"14,195.95"},{"v":28391.9,"d":"28,391.90"},{"v":15740,"d":"15,740.00"},{"v":3462.8,"d":"3,462.80"},{"v":19202.8,"d":"19,202.80"},null,34]
["А0932",742,10118646,"Напоромер НМП-52-М2-6кПа-2,5-У3","(0317) Проспект Мира, д. 177А, стр. 1",{"v":2,"d":"2.000"},"ШТ","2014-12-31","3.NV.1203-2002","Документы отсутствуют","Напоромер мембранный показывающий НМП-52-М2-6кПа-2,5-У3 ТУ 25-7305.014-90 Саранский приборостроительный завод","Удовлетворительное",{"v":3160.58,"d":"3,160.58"},{"v":1580.29,"d":"1,580.29"},{"v":3160.58,"d":"3,160.58"},{"v":1570,"d":"1,570.00"},{"v":345.4,"d":"345.40"},{"v":1915.4,"d":"1,915.40"},null,34]
["А0933",743,10118461,"Напоромер НМП-52-М2-6кПа-(2,5-1,5-2,5)","(0317) Проспект Мира, д. 177А, стр. 1",{"v":6,"d":"6.000"},"ШТ","2014-12-31","3.NV.1203-2002","Документы отсутствуют","Напоромер мембранный показывающий НМП-52-М2-6кПа-(2,5-1,5-2,5)-У3 ТУ 25-7305.014-90 Саранский приборостроительный завод","Удовлетворительное",{"v":9481.74,"d":"9,481.74"},{"v":1580.29,"d":"1,580.29"},{"v":9481.74,"d":"9,481.74"},{"v":4720,"d":"4,720.00"},{"v":1038.4,"d":"1,038.40"},{"v":5758.4,"d":"5,758.40"},null,34]
["А0871",744,10136834,"Процессор Siemens 6ES7341-1CH02-0AE0","(0903) Проезд № 607 д. 22",{"v":1,"d":"1.000"},"ШТ","2010","3.NV.1209-2002","Документы отсутствуют","Нет данных","Удовлетворительное",{"$f":"O781","v":{"v":49100,"d":"49,100.00"}},{"$f":"O781/F781","v":{"v":49100,"d":"49,100.00"}},{"v":49100,"d":"49,100.00"},{"v":27430,"d":"27,430.00"},{"v":6034.6,"d":"6,034.60"},{"v":33464.6,"d":"33,464.60"},null,34]
["А0852",745,10145214,"Модуль вывода Allen-Bradley 1746-OB32","(0808) ул. Верейская, д.35",{"v":1,"d":"1.000"},"ШТ","2010","3.NV.1208-2002","Документы отсутствуют","Нет данных","Удовлетворительное",{"$f":"O782","v":{"v":59443.14,"d":"59,443.14"}},{"$f":"O782/F782","v":{"v":59443.14,"d":"59,443.14"}},{"v":59443.14,"d":"59,443.14"},{"v":33200,"d":"33,200.00"},{"v":7304,"d":"7,304.00"},{"v":40504,"d":"40,504.00"},null,34]
[{"$nulls":14},{"$f":"SUM(O694:O782)","v":{"v":6065052.17,"d":"6,065,052.17"}},{"$f":"SUM(P694:P782)","v":{"v":3215110,"d":"3,215,110.00"}},{"v":707324.2,"d":"707,324.20"},{"$f":"SUM(R694:R782)","v":{"v":3922434.2,"d":"3,922,434.20"}},{"$f":"R783/100*10","v":{"v":392243.42,"d":"392,243.42"}},34]
["А0934",746,10145248,"Адаптер связи Allen-Bradley 1747-ACN15","(0911) Строительный пр.,д.14 к.1",{"v":1,"d":"1.000"},"ШТ",2015,"3.NV.1209-2002","Документы отсутствуют","Нет данных","Удовлетворительное",{"v":54850,"d":"54,850.00"},{"$f":"O784/F784","v":{"v":54850,"d":"54,850.00"}},{"v":54850,"d":"54,850.00"},{"v":26200,"d":"26,200.00"},{"$f":"R784-P784","v":{"v":5764,"d":"5,764.00"}},{"$f":"P784*1.22","v":{"v":31964,"d":"31,964.00"}},null,35,"КИПиА"]
["А0935",747,10010499,"Детектор LDS аккумуляторный 9В","(0911) Строительный пр.,д.14 к.1",{"v":1,"d":"1.000"},"ШТ","2017-03-30","3.NV.1209-2002","Документы отсутствуют","Нет данных","Удовлетворительное",{"v":7192.54,"d":"7,192.54"},{"v":7192.54,"d":"7,192.54"},{"v":7192.54,"d":"7,192.54"},{"v":3100,"d":"3,100.00"},{"v":682,"d":"682.00"},{"v":3782,"d":"3,782.00"},null,35]
["А0936",748,102000960,"Манометр с капс. чувст.элем.,0-60 mbar","(0911) Строительный пр.,д.14 к.1",{"v":2,"d":"2.000"},"ШТ","2014-12-31","3.NV.1209-2002","Документы отсутствуют","Нет данных","Удовлетворительное",{"v":5472,"d":"5,472.00"},{"v":2736,"d":"2,736.00"},{"v":5472,"d":"5,472.00"},{"v":2720,"d":"2,720.00"},{"v":598.4,"d":"598.40"},{"v":3318.4,"d":"3,318.40"},null,35]
["А0938",749,10038905,"Тягонапоромер ТНМП-52-М2+/-0,3кПа-2,5","(0911) Строительный пр.,д.14 к.1",{"v":12,"d":"12.000"},"ШТ","2017-03-30","3.NV.1209-2002","Документы отсутствуют","Нет данных","Удовлетворительное",{"v":20348.16,"d":"20,348.16"},{"v":1695.68,"d":"1,695.68"},{"v":20348.16,"d":"20,348.16"},{"v":8780,"d":"8,780.00"},{"v":1931.6,"d":"1,931.60"},{"v":10711.6,"d":"10,711.60"},null,35]
["А0939",750,102001141,"Модуль Allen Bradley 1203-GD1","(0202) Смольная ул., д. 32 Б",{"v":1,"d":"1.000"},"ШТ","2014-12-31","3.NV.1202-2002","Документы отсутствуют","Модуль Allen Bradley 1203-GD1","Удовлетворительное",{"v":47564.65,"d":"47,564.65"},{"v":47564.65,"d":"47,564.65"},{"v":47564.65,"d":"47,564.65"},{"v":23680,"d":"23,680.00"},{"v":5209.6,"d":"5,209.60"},{"v":28889.6,"d":"28,889.60"},null,35]
["А0940",751,10030295,"Механизм исп. МЭО-40/63-0,25У-01","(0707) 6-й Загородный пр. вл.9",{"v":1,"d":"1.000"},"ШТ","2005-07-06","3.NV.1207-2002","Документы отсутствуют","Механизм исп. МЭО-40/63-0,25У-01","Удовлетворительное",{"v":11170.87,"d":"11,170.87"},{"v":11170.87,"d":"11,170.87"},{"v":11170.87,"d":"11,170.87"},{"v":5340,"d":"5,340.00"},{"v":1174.8,"d":"1,174.80"},{"v":6514.8,"d":"6,514.80"},null,35]
["А0941",752,10002896,"Датчик ДН-2,5 0,04-2,5кПа","(0707) 6-й Загородный пр. вл.9",{"v":1,"d":"1.000"},"ШТ",2014,"3.NV.1207-2002","Документы отсутствуют","Датчик ДН-2,5 0,04-2,5кПа","Удовлетворительное",{"v":4434.91,"d":"4,434.91"},{"v":4434.91,"d":"4,434.91"},{"v":4434.91,"d":"4,434.91"},{"v":2220,"d":"2,220.00"},{"v":488.4,"d":"488.40"},{"v":2708.4,"d":"2,708.40"},null,35]
["А0942",753,10050438,"Механизм МЭО-250/63-0,25У02Б","(0707) 6-й Загородный пр. вл.9",{"v":1,"d":"1.000"},"ШТ",2014,"3.NV.1207-2002","Документы отсутствуют","Механизм МЭО-250/63-0,25У02Б","Удовлетворительное",{"v":17614.02,"d":"17,614.02"},{"v":17614.02,"d":"17,614.02"},{"v":17614.02,"d":"17,614.02"},{"v":8830,"d":"8,830.00"},{"v":1942.6,"d":"1,942.60"},{"v":10772.6,"d":"10,772.60"},null,35]
["А0943",754,10088460,"Датчик ДТ-40 0,4-40кПа","(0707) 6-й Загородный пр. вл.9",{"v":1,"d":"1.000"},"ШТ",2014,"3.NV.1207-2002","Документы отсутствуют","Датчик ДТ-40 0,4-40кПа","Удовлетворительное",{"v":1288.5,"d":"1,288.50"},{"v":1288.5,"d":"1,288.50"},{"v":1288.5,"d":"1,288.50"},{"v":650,"d":"650.00"},{"v":143,"d":"143.00"},{"v":793,"d":"793.00"},null,35]
["А0944",755,10106282,"Счётчик Меркурий-230 АМ-00 5-7,5А","(0707) 6-й Загородный пр. вл.9",{"v":1,"d":"1.000"},"ШТ",2014,"3.NV.1207-2002","Документы отсутствуют","Счётчик Меркурий-230 АМ-00 5-7,5А","Удовлетворительное",{"v":1461.86,"d":"1,461.86"},{"v":1461.86,"d":"1,461.86"},{"v":1461.86,"d":"1,461.86"},{"v":730,"d":"730.00"},{"v":160.6,"d":"160.60"},{"v":890.6,"d":"890.60"},null,35]
["А0945",756,10124230,"Механизм исп. МЭО-250/25-0,25У-99 компл.","(0707) 6-й Загородный пр. вл.9",{"v":1,"d":"1.000"},"ШТ",2014,"3.NV.1207-2002","Документы отсутствуют","Механизм исп. МЭО-250/25-0,25У-99 компл.","Удовлетворительное",{"v":25800,"d":"25,800.00"},{"v":25800,"d":"25,800.00"},{"v":25800,"d":"25,800.00"},{"v":12940,"d":"12,940.00"},{"v":2846.8,"d":"2,846.80"},{"v":15786.8,"d":"15,786.80"},null,35]
["А0946",757,10131233,"Счётчик Меркурий-230 ART-01 MCLN","(0707) 6-й Загородный пр. вл.9",{"v":1,"d":"1.000"},"ШТ",2014,"3.NV.1207-2002","Документы отсутствуют","Счётчик Меркурий-230 ART-01 MCLN","Удовлетворительное",{"v":3470.25,"d":"3,470.25"},{"v":3470.25,"d":"3,470.25"},{"v":3470.25,"d":"3,470.25"},{"v":1740,"d":"1,740.00"},{"v":382.8,"d":"382.80"},{"v":2122.8,"d":"2,122.80"},null,35]
["А0947",758,102000584,"Вычислитель расхода УВП-280Б+ГП","(0707) 6-й Загородный пр. вл.9",{"v":1,"d":"1.000"},"ШТ",2014,"3.NV.1207-2002","Документы отсутствуют","Вычислитель расхода УВП-280Б+ГП","Удовлетворительное",{"v":64867.78,"d":"64,867.78"},{"v":64867.78,"d":"64,867.78"},{"v":64867.78,"d":"64,867.78"},{"v":32520,"d":"32,520.00"},{"v":7154.4,"d":"7,154.40"},{"v":39674.4,"d":"39,674.40"},null,35]
["А0948",759,10105925,"Прибор микропр. Трансформер-ML МСС","(0707) 6-й Загородный пр. вл.9",{"v":3,"d":"3.000"},"ШТ",2014,"3.NV.1207-2002","Паспорт","Прибор микропр. Трансформер-ML МСС","Удовлетворительное",{"v":17324.97,"d":"17,324.97"},{"v":5774.99,"d":"5,774.99"},{"v":17324.97,"d":"17,324.97"},{"v":8690,"d":"8,690.00"},{"v":1911.8,"d":"1,911.80"},{"v":10601.8,"d":"10,601.80"},null,35]
["А0949",760,10090267,"М-55-ДИ-515-МП-t1-050-1,6МПа-42-М20-С","(0707) 6-й Загородный пр. вл.9",{"v":9,"d":"9.000"},"ШТ","2014-12-31","3.NV.1207-2002","Паспорт, методика поверки","М-55-ДИ-515-МП-t1-050-1,6МПа-42-М20-С","Удовлетворительное",{"v":38279.99,"d":"38,279.99"},{"v":4253.33,"d":"4,253.33"},{"v":38279.99,"d":"38,279.99"},{"v":19060,"d":"19,060.00"},{"v":4193.2,"d":"4,193.20"},{"v":23253.2,"d":"23,253.20"},null,35]
["А0950",761,10131131,"Прибор Трансформер-ML МВ БП24-5","(0707) 6-й Загородный пр. вл.9",{"v":5,"d":"5.000"},"ШТ",2014,"3.NV.1207-2002","Паспорт","Прибор Трансформер-ML МВ БП24-5","Удовлетворительное",{"$f":"O799","v":{"v":12695.8,"d":"12,695.80"}},{"v":2539.16,"d":"2,539.16"},{"v":12695.8,"d":"12,695.80"},{"v":6370,"d":"6,370.00"},{"v":1401.4,"d":"1,401.40"},{"v":7771.4,"d":"7,771.40"},null,35]
["А0951",762,10108564,"Блок 002 SA-94 Aswega","(0707) 6-й Загородный пр. вл.9",{"v":4,"d":"4.000"},"ШТ",2016,"3.NV.1207-2002","Документы отсутствуют","Блок 002 SA-94 Aswega","Удовлетворительное",{"v":153096.32,"d":"153,096.32"},{"v":38274.08,"d":"38,274.08"},{"v":153096.32,"d":"153,096.32"},{"v":67170,"d":"67,170.00"},{"v":14777.4,"d":"14,777.40"},{"v":81947.4,"d":"81,947.40"},null,35]
["А0952",763,10108565,"Блок 003 SA-94 Aswega","(0707) 6-й Загородный пр. вл.9",{"v":1,"d":"1.000"},"ШТ",2016,"3.NV.1207-2002","Документы отсутствуют","Блок 003 SA-94 Aswega","Удовлетворительное",{"v":41914.95,"d":"41,914.95"},{"v":41914.95,"d":"41,914.95"},{"v":41914.95,"d":"41,914.95"},{"v":18390,"d":"18,390.00"},{"v":4045.8,"d":"4,045.80"},{"v":22435.8,"d":"22,435.80"},null,35]
["А0953",764,10145223,"Модуль Allen-Bradley 1203-SM1","(0707) 6-й Загородный пр. вл.9",{"v":1,"d":"1.000"},"ШТ","2014-12-31","3.NV.1207-2002","Документы отсутствуют","Модуль Allen-Bradley 1203-SM1","Удовлетворительное",{"v":169900,"d":"169,900.00"},{"v":169900,"d":"169,900.00"},{"v":169900,"d":"169,900.00"},{"v":84600,"d":"84,600.00"},{"v":18612,"d":"18,612.00"},{"v":103212,"d":"103,212.00"},null,35]
["А0954",765,10145264,"Модуль ввода Allen-Bradley 1746-IA16","(0707) 6-й Загородный пр. вл.9",{"v":2,"d":"2.000"},"ШТ",2014,"3.NV.1207-2002","Документы отсутствуют","Модуль ввода Allen-Bradley 1746-IA16","Удовлетворительное",{"v":24800,"d":"24,800.00"},{"v":12400,"d":"12,400.00"},{"v":24800,"d":"24,800.00"},{"v":12430,"d":"12,430.00"},{"v":2734.6,"d":"2,734.60"},{"v":15164.6,"d":"15,164.60"},null,35]
["А0955",766,10127605,"Модуль ввода SLC500 1746-NI8 AB","(0707) 6-й Загородный пр. вл.9",{"v":2,"d":"2.000"},"ШТ","2014-12-31","3.NV.1207-2002","Документы отсутствуют","Модуль ввода SLC500 1746-NI8 AB","Удовлетворительное",{"v":71978.79,"d":"71,978.79"},{"v":35989.4,"d":"35,989.40"},{"v":71978.79,"d":"71,978.79"},{"v":35840,"d":"35,840.00"},{"v":7884.8,"d":"7,884.80"},{"v":43724.8,"d":"43,724.80"},null,35]
["А0956",767,10124228,"Модуль ввода Текон D48/24","(0707) 6-й Загородный пр. вл.9",{"v":1,"d":"1.000"},"ШТ",2014,"3.NV.1207-2002","Документы отсутствуют","Модуль ввода Текон D48/24","Удовлетворительное",{"v":27552,"d":"27,552.00"},{"v":27552,"d":"27,552.00"},{"v":27552,"d":"27,552.00"},{"v":13810,"d":"13,810.00"},{"v":3038.2,"d":"3,038.20"},{"v":16848.2,"d":"16,848.20"},null,35]
["А0957",768,102001450,"Модуль аналогового ввода Текон AI16","(0707) 6-й Загородный пр. вл.9",{"v":1,"d":"1.000"},"ШТ",2014,"3.NV.1207-2002","Документы отсутствуют","Модуль аналогового ввода Текон AI16","Удовлетворительное",{"v":51979.2,"d":"51,979.20"},{"v":51979.2,"d":"51,979.20"},{"v":51979.2,"d":"51,979.20"},{"v":26060,"d":"26,060.00"},{"v":5733.2,"d":"5,733.20"},{"v":31793.2,"d":"31,793.20"},null,35]
["А0959",769,10018626,"Блок питания БП-20","(0817) Боровское ш., д.10",{"v":1,"d":"1.000"},"ШТ","2014-12-31","3.NV.1208-2002","Документы отсутствуют","Landis LFL1.322","Удовлетворительное",{"v":1068.58,"d":"1,068.58"},{"v":1068.58,"d":"1,068.58"},{"v":1068.58,"d":"1,068.58"},{"v":530,"d":"530.00"},{"v":116.6,"d":"116.60"},{"v":646.6,"d":"646.60"},null,35]
["А0960",770,10018627,"Блок питания БП-24","(0817) Боровское ш., д.10",{"v":1,"d":"1.000"},"ШТ","2014-12-31","3.NV.1208-2002","Документы отсутствуют","БУ-21","Удовлетворительное",{"v":2787.64,"d":"2,787.64"},{"v":2787.64,"d":"2,787.64"},{"v":2787.64,"d":"2,787.64"},{"v":1390,"d":"1,390.00"},{"v":305.8,"d":"305.80"},{"v":1695.8,"d":"1,695.80"},null,35]
["А0961",771,10094504,"Блок питания Метран-602-Ехia-420-2-01К","(0817) Боровское ш., д.10",{"v":2,"d":"2.000"},"ШТ","2014-12-31","3.NV.1208-2002","Документы отсутствуют","БУ ВНА","Удовлетворительное",{"v":15844.1,"d":"15,844.10"},{"v":7922.05,"d":"7,922.05"},{"v":15844.1,"d":"15,844.10"},{"v":7890,"d":"7,890.00"},{"v":1735.8,"d":"1,735.80"},{"v":9625.8,"d":"9,625.80"},null,35]
["А0962",772,10104861,"Блок терминальный ABB NTAI05","(0817) Боровское ш., д.10",{"v":1,"d":"1.000"},"ШТ","2014-12-31","3.NV.1208-2002","Документы отсутствуют","БУШ ДГ-03","Удовлетворительное",{"v":10225.64,"d":"10,225.64"},{"v":10225.64,"d":"10,225.64"},{"v":10225.64,"d":"10,225.64"},{"v":5090,"d":"5,090.00"},{"v":1119.8,"d":"1,119.80"},{"v":6209.8,"d":"6,209.80"},null,35]
["А0963",773,102000958,"Блок терминальный ABB NTAI06","(0817) Боровское ш., д.10",{"v":1,"d":"1.000"},"ШТ","2014-12-31","3.NV.1208-2002","Документы отсутствуют","TB806 ABB 3BSE008536R1","Удовлетворительное",{"v":24027.53,"d":"24,027.53"},{"v":24027.53,"d":"24,027.53"},{"v":24027.53,"d":"24,027.53"},{"v":11960,"d":"11,960.00"},{"v":2631.2,"d":"2,631.20"},{"v":14591.2,"d":"14,591.20"},null,35]
["А0964",774,102001376,"Блок терминальный ABB NTCL01","(0817) Боровское ш., д.10",{"v":1,"d":"1.000"},"ШТ","2014-12-31","3.NV.1208-2002","Документы отсутствуют","Hyundai HA-201","Удовлетворительное",{"v":25563.85,"d":"25,563.85"},{"v":25563.85,"d":"25,563.85"},{"v":25563.85,"d":"25,563.85"},{"v":12730,"d":"12,730.00"},{"v":2800.6,"d":"2,800.60"},{"v":15530.6,"d":"15,530.60"},null,35]
["А0965",775,10104853,"Блок терминальный ABB NTDI01","(0817) Боровское ш., д.10",{"v":1,"d":"1.000"},"ШТ","2014-12-31","3.NV.1208-2002","Документы отсутствуют","ВИС.Т ТС-100-0-2-2-1-КТ Ду200","Удовлетворительное",{"v":9460.86,"d":"9,460.86"},{"v":9460.86,"d":"9,460.86"},{"v":9460.86,"d":"9,460.86"},{"v":4710,"d":"4,710.00"},{"v":1036.2,"d":"1,036.20"},{"v":5746.2,"d":"5,746.20"},null,35]
["А0966",776,102000877,"Блок терминальный ABB NTMP01","(0817) Боровское ш., д.10",{"v":2,"d":"2.000"},"ШТ","2014-12-31","3.NV.1208-2002","Документы отсутствуют","ПН2-100/63А","Удовлетворительное",{"v":47773.47,"d":"47,773.47"},{"v":23886.74,"d":"23,886.74"},{"v":47773.47,"d":"47,773.47"},{"v":23790,"d":"23,790.00"},{"v":5233.8,"d":"5,233.80"},{"v":29023.8,"d":"29,023.80"},null,35]
["А0967",777,102001319,"Блок терминальный ABB NTUQ2E","(0817) Боровское ш., д.10",{"v":5,"d":"5.000"},"ШТ","2014-12-31","3.NV.1208-2002","Документы отсутствуют","NB400N 3п 400А Merlin Gerin","Удовлетворительное",{"v":460715,"d":"460,715.00"},{"$f":"O815/F815","v":{"v":92143,"d":"92,143.00"}},{"v":460715,"d":"460,715.00"},{"v":229400,"d":"229,400.00"},{"v":50468,"d":"50,468.00"},{"v":279868,"d":"279,868.00"},null,35]
["А0968",778,102001427,"Блок управления БУ ВНА","(0817) Боровское ш., д.10",{"v":1,"d":"1.000"},"ШТ","2014-12-31","3.NV.1208-2002","Документы отсутствуют","АЕ2046М-100У3 3п 31,5А","Удовлетворительное",{"v":485806,"d":"485,806.00"},{"v":485806,"d":"485,806.00"},{"v":485806,"d":"485,806.00"},{"v":241900,"d":"241,900.00"},{"$f":"R816-P816","v":{"v":53218,"d":"53,218.00"}},{"$f":"P816*1.22","v":{"v":295118,"d":"295,118.00"}},null,35]
["А0969",779,102001388,"Блок управления БУШ ДГ-03","(0817) Боровское ш., д.10",{"v":1,"d":"1.000"},"ШТ","2014-12-31","3.NV.1208-2002","Документы отсутствуют","АП50Б-3МТ-3,5Iu 3п 25А У3","Удовлетворительное",{"v":485806,"d":"485,806.00"},{"v":485806,"d":"485,806.00"},{"v":485806,"d":"485,806.00"},{"v":241900,"d":"241,900.00"},{"v":53218,"d":"53,218.00"},{"v":295118,"d":"295,118.00"},null,35]
["А0970",780,10148140,"Ввод шины TB806 ABB 3BSE008536R1","(0817) Боровское ш., д.10",{"v":2,"d":"2.000"},"ШТ","2014-12-31","3.NV.1208-2002","Документы отсутствуют","АП50Б-3МТ-3,5Iu 3п 40А У3","Удовлетворительное",{"v":6446,"d":"6,446.00"},{"v":3223,"d":"3,223.00"},{"v":6446,"d":"6,446.00"},{"v":3310,"d":"3,310.00"},{"v":728.2,"d":"728.20"},{"v":4038.2,"d":"4,038.20"},null,35]
["А0972",781,102001004,"Газоанализатор СТМ-30-03","(0817) Боровское ш., д.10",{"v":1,"d":"1.000"},"ШТ","2014-12-31","3.NV.1208-2002","Документы отсутствуют","M22-WLK3-W Moeller","Удовлетворительное",{"v":20993.49,"d":"20,993.49"},{"v":20993.49,"d":"20,993.49"},{"v":20993.49,"d":"20,993.49"},{"v":10450,"d":"10,450.00"},{"v":2299,"d":"2,299.00"},{"v":12749,"d":"12,749.00"},null,35]
["А0973",782,10037693,"Газоанализатор СТМ-30-52","(0817) Боровское ш., д.10",{"v":1,"d":"1.000"},"ШТ","2014-12-31","3.NV.1208-2002","Документы отсутствуют","SW 25-2-0/23 IPM 627498002","Удовлетворительное",{"v":17990.95,"d":"17,990.95"},{"v":17990.95,"d":"17,990.95"},{"v":17990.95,"d":"17,990.95"},{"v":8960,"d":"8,960.00"},{"v":1971.2,"d":"1,971.20"},{"v":10931.2,"d":"10,931.20"},null,35]
["А0974",783,102001097,"Датчик SW 25-2-0/23 IPM 627498002","(0817) Боровское ш., д.10",{"v":1,"d":"1.000"},"ШТ","2014-12-31","3.NV.1208-2002","Документы отсутствуют","ТЖИУ 406Д-1Ех-22-1-1-1-2","Удовлетворительное",{"v":51407.25,"d":"51,407.25"},{"v":51407.25,"d":"51,407.25"},{"v":51407.25,"d":"51,407.25"},{"v":25600,"d":"25,600.00"},{"v":5632,"d":"5,632.00"},{"v":31232,"d":"31,232.00"},null,35]
["А0975",784,10019533,"Датчик давл. ТЖИУ 406Д-1Ех-22-1-1-1-2","(0817) Боровское ш., д.10",{"v":1,"d":"1.000"},"ШТ","2014-12-31","3.NV.1208-2002","Документы отсутствуют","ТЖИУ-406.423.004.01 Садко107","Удовлетворительное",{"v":28112.71,"d":"28,112.71"},{"v":28112.71,"d":"28,112.71"},{"v":28112.71,"d":"28,112.71"},{"v":14000,"d":"14,000.00"},{"v":3080,"d":"3,080.00"},{"v":17080,"d":"17,080.00"},null,35]
["А0976",785,102002093,"Датчик давл.ТЖИУ-406.423.004.01 Садко107","(0817) Боровское ш., д.10",{"v":1,"d":"1.000"},"ШТ","2014-12-31","3.NV.1208-2002","Документы отсутствуют","MIDAS SI тип401006/000-4","Удовлетворительное",{"v":24059.88,"d":"24,059.88"},{"v":24059.88,"d":"24,059.88"},{"v":24059.88,"d":"24,059.88"},{"v":11980,"d":"11,980.00"},{"v":2635.6,"d":"2,635.60"},{"v":14615.6,"d":"14,615.60"},null,35]
["А0977",786,102000896,"Датчик давления ТЖИУ-406.422.008.01","(0817) Боровское ш., д.10",{"v":1,"d":"1.000"},"ШТ","2014-12-31","3.NV.1208-2002","Документы отсутствуют","Метран 100ДИ 1131-02-МП-","Удовлетворительное",{"v":24059.88,"d":"24,059.88"},{"v":24059.88,"d":"24,059.88"},{"v":24059.88,"d":"24,059.88"},{"v":11980,"d":"11,980.00"},{"v":2635.6,"d":"2,635.60"},{"v":14615.6,"d":"14,615.60"},null,35]
["А0978",787,10100827,"Датчик оборотов ДТА-10Е","(0817) Боровское ш., д.10",{"v":1,"d":"1.000"},"ШТ","2014-12-31","3.NV.1208-2002","Документы отсутствуют","ТЖИУ-406.422.008.01","Удовлетворительное",{"v":14502.88,"d":"14,502.88"},{"v":14502.88,"d":"14,502.88"},{"v":14502.88,"d":"14,502.88"},{"v":7220,"d":"7,220.00"},{"v":1588.4,"d":"1,588.40"},{"v":8808.4,"d":"8,808.40"},null,35]
["А0979",788,10030434,"Датчик П-109","(0817) Боровское ш., д.10",{"v":1,"d":"1.000"},"ШТ","2014-12-31","3.NV.1208-2002","Документы отсутствуют","ДТА-10Е","Удовлетворительное",{"v":18298.16,"d":"18,298.16"},{"v":18298.16,"d":"18,298.16"},{"v":18298.16,"d":"18,298.16"},{"v":9110,"d":"9,110.00"},{"v":2004.2,"d":"2,004.20"},{"v":11114.2,"d":"11,114.20"},null,35]
["А0980",789,10027367,"Датчик температуры ТСП 9417","(0817) Боровское ш., д.10",{"v":1,"d":"1.000"},"ШТ","2014-12-31","3.NV.1208-2002","Документы отсутствуют","П-109","Удовлетворительное",{"v":1589.49,"d":"1,589.49"},{"v":1589.49,"d":"1,589.49"},{"v":1589.49,"d":"1,589.49"},{"v":790,"d":"790.00"},{"v":173.8,"d":"173.80"},{"v":963.8,"d":"963.80"},null,35]
["А0981",790,102001222,"Датчик ТЖИУ406-1Ех-03-5-3-5-2","(0817) Боровское ш., д.10",{"v":1,"d":"1.000"},"ШТ","2014-12-31","3.NV.1208-2002","Документы отсутствуют","ТСП 9417","Удовлетворительное",{"v":23550,"d":"23,550.00"},{"v":23550,"d":"23,550.00"},{"v":23550,"d":"23,550.00"},{"v":11730,"d":"11,730.00"},{"v":2580.6,"d":"2,580.60"},{"v":14310.6,"d":"14,310.60"},null,35]
["А0982",791,10138528,"Датчик ТЖИУ406-1Ех-18-1-3-1-2","(0817) Боровское ш., д.10",{"v":1,"d":"1.000"},"ШТ","2014-12-31","3.NV.1208-2002","Документы отсутствуют","ТЖИУ406-1Ех-03-5-3-5-2","Удовлетворительное",{"v":25711.16,"d":"25,711.16"},{"v":25711.16,"d":"25,711.16"},{"v":25711.16,"d":"25,711.16"},{"v":12800,"d":"12,800.00"},{"v":2816,"d":"2,816.00"},{"v":15616,"d":"15,616.00"},null,35]
["А0983",792,102002120,"Датчик ТЖИУ406-1Ех-19-1-3-1-2","(0817) Боровское ш., д.10",{"v":1,"d":"1.000"},"ШТ","2014-12-31","3.NV.1208-2002","Документы отсутствуют","ТЖИУ406-1Ех-18-1-3-1-2","Удовлетворительное",{"v":20710.41,"d":"20,710.41"},{"v":20710.41,"d":"20,710.41"},{"v":20710.41,"d":"20,710.41"},{"v":10310,"d":"10,310.00"},{"v":2268.2,"d":"2,268.20"},{"v":12578.2,"d":"12,578.20"},null,35]
["А0984",793,10019529,"Датчик ТЖИУ406-1Ех-20-1-3-1-2","(0817) Боровское ш., д.10",{"v":1,"d":"1.000"},"ШТ","2014-12-31","3.NV.1208-2002","Документы отсутствуют","ТЖИУ406-1Ех-19-1-3-1-2","Удовлетворительное",{"v":22039.05,"d":"22,039.05"},{"v":22039.05,"d":"22,039.05"},{"v":22039.05,"d":"22,039.05"},{"v":10970,"d":"10,970.00"},{"v":2413.4,"d":"2,413.40"},{"v":13383.4,"d":"13,383.40"},null,35]
["А0985",794,102002066,"Датчик ТЖИУ406А-1Ех-А-2-3-2-2","(0817) Боровское ш., д.10",{"v":1,"d":"1.000"},"ШТ","2014-12-31","3.NV.1208-2002","Документы отсутствуют","ТЖИУ406-1Ех-20-1-3-1-2","Удовлетворительное",{"v":25070.01,"d":"25,070.01"},{"v":25070.01,"d":"25,070.01"},{"v":25070.01,"d":"25,070.01"},{"v":12480,"d":"12,480.00"},{"v":2745.6,"d":"2,745.60"},{"v":15225.6,"d":"15,225.60"},null,35]
["А0986",795,102001563,"Датчик ТЖИУ406Д-1Ех-03-1-3-1-2","(0817) Боровское ш., д.10",{"v":1,"d":"1.000"},"ШТ","2014-12-31","3.NV.1208-2002","Документы отсутствуют","ТЖИУ406А-1Ех-А-2-3-2-2","Удовлетворительное",{"v":28520.03,"d":"28,520.03"},{"v":28520.03,"d":"28,520.03"},{"v":28520.03,"d":"28,520.03"},{"v":14200,"d":"14,200.00"},{"v":3124,"d":"3,124.00"},{"v":17324,"d":"17,324.00"},null,35]
["А0987",796,10019531,"Датчик ТЖИУ406Д-1Ех-13-1-1-1-2","(0817) Боровское ш., д.10",{"v":1,"d":"1.000"},"ШТ","2014-12-31","3.NV.1208-2002","Документы отсутствуют","ТЖИУ406Д-1Ех-03-1-3-1-2","Удовлетворительное",{"v":28112.71,"d":"28,112.71"},{"v":28112.71,"d":"28,112.71"},{"v":28112.71,"d":"28,112.71"},{"v":16660,"d":"16,660.00"},{"v":3665.2,"d":"3,665.20"},{"v":20325.2,"d":"20,325.20"},null,35]
["А0988",797,102002133,"Датчик ТЖИУ406Д-1Ех-16-1-1-1-2","(0817) Боровское ш., д.10",{"v":1,"d":"1.000"},"ШТ","2014-12-31","3.NV.1208-2002","Документы отсутствуют","ТЖИУ406Д-1Ех-13-1-1-1-2","Удовлетворительное",{"v":33173,"d":"33,173.00"},{"v":33173,"d":"33,173.00"},{"v":33173,"d":"33,173.00"},{"v":16520,"d":"16,520.00"},{"v":3634.4,"d":"3,634.40"},{"v":20154.4,"d":"20,154.40"},null,35]
["А0989",798,102000955,"Датчик ТЖИУ406Д-1Ех-20-1-1-1-2","(0817) Боровское ш., д.10",{"v":1,"d":"1.000"},"ШТ","2014-12-31","3.NV.1208-2002","Документы отсутствуют","ТЖИУ406Д-1Ех-16-1-1-1-2","Удовлетворительное",{"v":28234.65,"d":"28,234.65"},{"v":28234.65,"d":"28,234.65"},{"v":28234.65,"d":"28,234.65"},{"v":14060,"d":"14,060.00"},{"v":3093.2,"d":"3,093.20"},{"v":17153.2,"d":"17,153.20"},null,35]
["А0990",799,10019749,"Датчик т-ры Polar Bear DBTF-6P/PB","(0817) Боровское ш., д.10",{"v":1,"d":"1.000"},"ШТ","2014-12-31","3.NV.1208-2002","Документы отсутствуют","ТЖИУ406Д-1Ех-20-1-1-1-2","Удовлетворительное",{"v":3537.8,"d":"3,537.80"},{"v":3537.8,"d":"3,537.80"},{"v":3537.8,"d":"3,537.80"},{"v":1760,"d":"1,760.00"},{"v":387.2,"d":"387.20"},{"v":2147.2,"d":"2,147.20"},null,35]
["А0991",800,10019780,"Датчик т-ры ТК-31","(0817) Боровское ш., д.10",{"v":1,"d":"1.000"},"ШТ","2014-12-31","3.NV.1208-2002","Документы отсутствуют","Polar Bear DBTF-6P/PB","Удовлетворительное",{"v":23209.14,"d":"23,209.14"},{"v":23209.14,"d":"23,209.14"},{"v":23209.14,"d":"23,209.14"},{"v":11560,"d":"11,560.00"},{"v":2543.2,"d":"2,543.20"},{"v":14103.2,"d":"14,103.20"},null,35]
["А0994",801,102002013,"Комплекс измер.СГ-ЭКВз-Т-0,75-1600/1,6","(0817) Боровское ш., д.10",{"v":1,"d":"1.000"},"ШТ","2014-12-31","3.NV.1208-2002","Документы отсутствуют","DMV-D 5050/11 Dungs 224381","Удовлетворительное",{"v":181039.6,"d":"181,039.60"},{"v":181039.6,"d":"181,039.60"},{"v":181039.6,"d":"181,039.60"},{"v":113810,"d":"113,810.00"},{"v":25038.2,"d":"25,038.20"},{"v":138848.2,"d":"138,848.20"},null,35]
["А0995",802,10094501,"М-55-Вн-Ди-515-t5-050-1МПа-4-20мА","(0817) Боровское ш., д.10",{"v":1,"d":"1.000"},"ШТ","2014-12-31","3.NV.1208-2002","Документы отсутствуют","КЗ-25-2,5-У-Ех-НО-ЭМ-Ф32/Нж-1-24","Удовлетворительное",{"v":8001.04,"d":"8,001.04"},{"v":8001.04,"d":"8,001.04"},{"v":8001.04,"d":"8,001.04"},{"v":3980,"d":"3,980.00"},{"v":875.6,"d":"875.60"},{"v":4855.6,"d":"4,855.60"},null,35]
["А0996",803,10102236,"М-55-ДИ-515-t1-050-2,5МПа-42-М20-С","(0817) Боровское ш., д.10",{"v":1,"d":"1.000"},"ШТ","2014-12-31","3.NV.1208-2002","Документы отсутствуют","Ду50 Ру25 для ГТУ-6РМ","Удовлетворительное",{"v":7125.77,"d":"7,125.77"},{"v":7125.77,"d":"7,125.77"},{"v":7125.77,"d":"7,125.77"},{"v":3550,"d":"3,550.00"},{"v":781,"d":"781.00"},{"v":4331,"d":"4,331.00"},null,35]
["А0997",804,102001493,"Механизм МЭОФ-2500/160-0,63-96К","(0817) Боровское ш., д.10",{"v":1,"d":"1.000"},"ШТ","2014-12-31","3.NV.1208-2002","Документы отсутствуют","Компенсатор сальниковый Ду700мм","Удовлетворительное",{"v":50308.08,"d":"50,308.08"},{"v":50308.08,"d":"50,308.08"},{"v":50308.08,"d":"50,308.08"},{"v":25050,"d":"25,050.00"},{"v":5511,"d":"5,511.00"},{"v":30561,"d":"30,561.00"},null,35]
["А0998",805,10148146,"Модуль AO810V2 4-20мА ABB 3BSE038415R1","(0817) Боровское ш., д.10",{"v":2,"d":"2.000"},"ШТ","2014-12-31","3.NV.1208-2002","Документы отсутствуют","КСО-25-500","Удовлетворительное",{"v":68630,"d":"68,630.00"},{"v":34315,"d":"34,315.00"},{"v":68630,"d":"68,630.00"},{"v":35250,"d":"35,250.00"},{"v":7755,"d":"7,755.00"},{"v":43005,"d":"43,005.00"},null,35]
["А0999",806,10148160,"Модуль DI810 ABB 3BSE008508R1","(0817) Боровское ш., д.10",{"v":2,"d":"2.000"},"ШТ","2014-12-31","3.NV.1208-2002","Документы отсутствуют","СКФ2-2ИК-15","Удовлетворительное",{"v":17478,"d":"17,478.00"},{"v":8739,"d":"8,739.00"},{"v":17478,"d":"17,478.00"},{"v":8980,"d":"8,980.00"},{"v":1975.6,"d":"1,975.60"},{"v":10955.6,"d":"10,955.60"},null,35]
["А1000",807,10131839,"Модуль ввода AI810 ABB 3BSE008516R1","(0817) Боровское ш., д.10",{"v":3,"d":"3.000"},"ШТ","2014-12-31","3.NV.1208-2002","Документы отсутствуют","ABB BRC 300","Удовлетворительное",{"v":72666,"d":"72,666.00"},{"$f":"O845/F845","v":{"v":24222,"d":"24,222.00"}},{"v":72666,"d":"72,666.00"},{"v":37330,"d":"37,330.00"},{"v":8212.6,"d":"8,212.60"},{"v":45542.6,"d":"45,542.60"},null,35]
["А1001",808,10109950,"Модуль ввода DI801","(0817) Боровское ш., д.10",{"v":1,"d":"1.000"},"ШТ","2014-12-31","3.NV.1208-2002","Документы отсутствуют","НМШФ2-40-1,6/4Б-30М5","Удовлетворительное",{"v":8342.27,"d":"8,342.27"},{"v":8342.27,"d":"8,342.27"},{"v":8342.27,"d":"8,342.27"},{"v":4150,"d":"4,150.00"},{"v":913,"d":"913.00"},{"v":5063,"d":"5,063.00"},null,35]
["А1002",809,10109933,"Модуль ввода DI803","(0817) Боровское ш., д.10",{"v":1,"d":"1.000"},"ШТ","2014-12-31","3.NV.1208-2002","Документы отсутствуют","М-100-ДВ-1211-02-МП1-t1-015-1,6кПа-42-C","Удовлетворительное",{"v":10765.73,"d":"10,765.73"},{"v":10765.73,"d":"10,765.73"},{"v":10765.73,"d":"10,765.73"},{"v":5360,"d":"5,360.00"},{"v":1179.2,"d":"1,179.20"},{"v":6539.2,"d":"6,539.20"},null,35]
["А1003",810,102001460,"Модуль ввода АI801","(0817) Боровское ш., д.10",{"v":1,"d":"1.000"},"ШТ","2014-12-31","3.NV.1208-2002","Документы отсутствуют","М-100-ДИВ-1310-02 МП1-t1-025-0,2кПа-0,5","Удовлетворительное",{"v":24653.98,"d":"24,653.98"},{"v":24653.98,"d":"24,653.98"},{"v":24653.98,"d":"24,653.98"},{"v":12280,"d":"12,280.00"},{"$f":"R848-P848","v":{"v":2701.6,"d":"2,701.60"}},{"$f":"P848*1.22","v":{"v":14981.6,"d":"14,981.60"}},null,35]
["А1004",811,10110093,"Модуль вывода ABB DO802","(0817) Боровское ш., д.10",{"v":1,"d":"1.000"},"ШТ","2014-12-31","3.NV.1208-2002","Документы отсутствуют","М-100-ДИВ-1311-02-МП1-t1-015-1,25кПа-42","Удовлетворительное",{"v":13006.18,"d":"13,006.18"},{"v":13006.18,"d":"13,006.18"},{"v":13006.18,"d":"13,006.18"},{"v":6480,"d":"6,480.00"},{"v":1425.6,"d":"1,425.60"},{"v":7905.6,"d":"7,905.60"},null,35]
["А1005",812,10021462,"Преобр. Е854В 0-5А 4-20мА","(0817) Боровское ш., д.10",{"v":2,"d":"2.000"},"ШТ","2014-12-31","3.NV.1208-2002","Документы отсутствуют","ABB IMDSI13","Удовлетворительное",{"v":3799.99,"d":"3,799.99"},{"v":1900,"d":"1,900.00"},{"v":3799.99,"d":"3,799.99"},{"v":1890,"d":"1,890.00"},{"v":415.8,"d":"415.80"},{"v":2305.8,"d":"2,305.80"},null,35]
["А1007",813,10016882,"Преобразователь ИПТВ-206/М3-03","(0817) Боровское ш., д.10",{"v":1,"d":"1.000"},"ШТ","2014-12-31","3.NV.1208-2002","Документы отсутствуют","Allen-Bradley 1747-SCNR","Удовлетворительное",{"v":9515.8,"d":"9,515.80"},{"v":9515.8,"d":"9,515.80"},{"v":9515.8,"d":"9,515.80"},{"v":4740,"d":"4,740.00"},{"v":1042.8,"d":"1,042.80"},{"v":5782.8,"d":"5,782.80"},null,35]
["А1008",814,10123484,"Садко 107 ТЖИУ.406423.005 0,4-1,6МПа","(0817) Боровское ш., д.10",{"v":1,"d":"1.000"},"ШТ","2014-12-31","3.NV.1208-2002","Документы отсутствуют","MCR-C-I-I-00-DC Phoenix","Удовлетворительное",{"v":25648,"d":"25,648.00"},{"v":25648,"d":"25,648.00"},{"v":25648,"d":"25,648.00"},{"v":12770,"d":"12,770.00"},{"v":2809.4,"d":"2,809.40"},{"v":15579.4,"d":"15,579.40"},null,35]
["А1009",815,10123496,"Садко 107 ТЖИУ.406423.009.01 10-40кПа","(0817) Боровское ш., д.10",{"v":1,"d":"1.000"},"ШТ","2014-12-31","3.NV.1208-2002","Документы отсутствуют","PSM-ME-RS232/RS485-P Phoenix","Удовлетворительное",{"v":25648,"d":"25,648.00"},{"v":25648,"d":"25,648.00"},{"v":25648,"d":"25,648.00"},{"v":12770,"d":"12,770.00"},{"v":2809.4,"d":"2,809.40"},{"v":15579.4,"d":"15,579.40"},null,35]
["А1010",816,10097014,"Сигнализатор магнитный МСС 40-07-5021","(0817) Боровское ш., д.10",{"v":1,"d":"1.000"},"ШТ","2014-12-31","3.NV.1208-2002","Документы отсутствуют","ABB IMASI23","Удовлетворительное",{"v":10883,"d":"10,883.00"},{"v":10883,"d":"10,883.00"},{"v":10883,"d":"10,883.00"},{"v":6450,"d":"6,450.00"},{"v":1419,"d":"1,419.00"},{"v":7869,"d":"7,869.00"},null,35]
["А1015",817,10019858,"ТСП-9506.158-01","(0817) Боровское ш., д.10",{"v":1,"d":"1.000"},"ШТ","2014-12-31","3.NV.1208-2002","Документы отсутствуют"," Allen-Bradley 1746-IM16","Удовлетворительное",{"$f":"O855","v":{"v":2418.89,"d":"2,418.89"}},{"v":2418.89,"d":"2,418.89"},{"v":2418.89,"d":"2,418.89"},{"v":1200,"d":"1,200.00"},{"v":264,"d":"264.00"},{"v":1464,"d":"1,464.00"},null,35]
["А1016",818,10019863,"ТСП-9506.158-46","(0817) Боровское ш., д.10",{"v":1,"d":"1.000"},"ШТ","2014-12-31","3.NV.1208-2002","Документы отсутствуют","Allen-Bradley 1746-NI4","Удовлетворительное",{"v":2418.89,"d":"2,418.89"},{"v":2418.89,"d":"2,418.89"},{"v":2418.89,"d":"2,418.89"},{"v":1200,"d":"1,200.00"},{"v":264,"d":"264.00"},{"v":1464,"d":"1,464.00"},null,35]
["А1018",819,10021614,"ТХАУ Метран-271-(0+600)С-4-20мА","(0817) Боровское ш., д.10",{"v":1,"d":"1.000"},"ШТ","2014-12-31","3.NV.1208-2002","Документы отсутствуют","DI801","Удовлетворительное",{"v":4699.16,"d":"4,699.16"},{"v":4699.16,"d":"4,699.16"},{"v":4699.16,"d":"4,699.16"},{"v":2340,"d":"2,340.00"},{"v":514.8,"d":"514.80"},{"v":2854.8,"d":"2,854.80"},null,35]
["А1019",820,102002026,"R-3051-CD-1-M-2-2-A-1-A-B4-IM-C2-K05","(0808) ул. Верейская, д.35",{"v":1,"d":"1.000"},"ШТ","2014-12-31","3.NV.1208-2002","Документы отсутствуют","ABB DO802","Удовлетворительное",{"v":103554,"d":"103,554.00"},{"v":103554,"d":"103,554.00"},{"v":103554,"d":"103,554.00"},{"v":51560,"d":"51,560.00"},{"v":11343.2,"d":"11,343.20"},{"v":62903.2,"d":"62,903.20"},null,35]
["А1020",821,10108564,"Блок 002 SA-94 Aswega","(0808) ул. Верейская, д.35",{"v":2,"d":"2.000"},"ШТ","2014-12-31","3.NV.1208-2002","Документы отсутствуют","DO16r-220FC","Удовлетворительное",{"v":76548.16,"d":"76,548.16"},{"v":38274.08,"d":"38,274.08"},{"v":76548.16,"d":"76,548.16"},{"v":33580,"d":"33,580.00"},{"v":7387.6,"d":"7,387.60"},{"v":40967.6,"d":"40,967.60"},null,35]
["А1022",822,102000478,"Блок Allen-Bradley 80026-172-23-R","(0808) ул. Верейская, д.35",{"v":1,"d":"1.000"},"ШТ","2014-12-31","3.NV.1208-2002","Документы отсутствуют","Д8У","Удовлетворительное",{"v":253600,"d":"253,600.00"},{"v":253600,"d":"253,600.00"},{"v":253600,"d":"253,600.00"},{"v":126270,"d":"126,270.00"},{"v":27779.4,"d":"27,779.40"},{"v":154049.4,"d":"154,049.40"},null,35]
["А1023",823,102001362,"Блок PM3398B-6-1-3-E Pioneer Magnetics","(0808) ул. Верейская, д.35",{"v":1,"d":"1.000"},"ШТ","2014-12-31","3.NV.1208-2002","Документы отсутствуют","ABB IMDSO14","Удовлетворительное",{"v":458601.12,"d":"458,601.12"},{"v":458601.12,"d":"458,601.12"},{"v":458601.12,"d":"458,601.12"},{"v":219040,"d":"219,040.00"},{"v":48188.8,"d":"48,188.80"},{"v":267228.8,"d":"267,228.80"},null,35]
["А1024",824,10110439,"Блок резервного питания БИРП-12/1,6","(0808) ул. Верейская, д.35",{"v":13,"d":"13.000"},"ШТ","2014-12-31","3.NV.1208-2002","Документы отсутствуют","ABB IMTSA01","Удовлетворительное",{"v":12881.15,"d":"12,881.15"},990.86,{"v":12881.15,"d":"12,881.15"},{"v":6410,"d":"6,410.00"},{"v":1410.2,"d":"1,410.20"},{"v":7820.2,"d":"7,820.20"},null,35]
["А1025",825,10003058,"Блок упр. регулятора БУ-21","(0808) ул. Верейская, д.35",{"v":1,"d":"1.000"},"ШТ","2014-12-31","3.NV.1208-2002","Документы отсутствуют","ТСС-220АС","Удовлетворительное",{"v":3139.75,"d":"3,139.75"},{"v":3139.75,"d":"3,139.75"},{"v":3139.75,"d":"3,139.75"},{"v":1560,"d":"1,560.00"},{"v":343.2,"d":"343.20"},{"v":1903.2,"d":"1,903.20"},null,35]
["А1026",826,102002038,"Датчик давления Метран 100ДИ 1131-02-МП-","(0808) ул. Верейская, д.35",{"v":1,"d":"1.000"},"ШТ","2014-12-31","3.NV.1208-2002","Документы отсутствуют","АНС-130 с эл дв 7,5 кВт на раме","Удовлетворительное",{"v":24181.65,"d":"24,181.65"},{"v":24181.65,"d":"24,181.65"},{"v":24181.65,"d":"24,181.65"},{"v":12040,"d":"12,040.00"},{"v":2648.8,"d":"2,648.80"},{"v":14688.8,"d":"14,688.80"},null,35]
["А1027",827,10020524,"Измеритель-регулятор ИРТ-5920 Элемер","(0808) ул. Верейская, д.35",{"v":2,"d":"2.000"},"ШТ","2014-12-31","3.NV.1208-2002","Документы отсутствуют","МНО-30К","Удовлетворительное",{"v":9163.36,"d":"9,163.36"},{"v":4581.68,"d":"4,581.68"},{"v":9163.36,"d":"9,163.36"},{"v":4560,"d":"4,560.00"},{"v":1003.2,"d":"1,003.20"},{"v":5563.2,"d":"5,563.20"},null,35]
["А1028",828,10138587,"М-100-ДВ-1211-02-МП1-t1-015-1,6кПа-42-C","(0808) ул. Верейская, д.35",{"v":1,"d":"1.000"},"ШТ","2014-12-31","3.NV.1208-2002","Документы отсутствуют","Е854В 0-5А 4-20мА","Удовлетворительное",{"v":21380,"d":"21,380.00"},{"v":21380,"d":"21,380.00"},{"v":21380,"d":"21,380.00"},{"v":10650,"d":"10,650.00"},{"v":2343,"d":"2,343.00"},{"v":12993,"d":"12,993.00"},null,35]
["А1029",829,102001496,"М-100-ДИВ-1310-02 МП1-t1-025-0,2кПа-0,5","(0808) ул. Верейская, д.35",{"v":1,"d":"1.000"},"ШТ","2014-12-31","3.NV.1208-2002","Документы отсутствуют","Е855/3-М1 0-500В 4-20мА","Удовлетворительное",{"v":22892.44,"d":"22,892.44"},{"v":22892.44,"d":"22,892.44"},{"v":22892.44,"d":"22,892.44"},{"v":11400,"d":"11,400.00"},{"v":2508,"d":"2,508.00"},{"v":13908,"d":"13,908.00"},null,35]
["А1030",830,102001193,"М-100-ДИВ-1311-02-МП1-t1-015-1,25кПа-42","(0808) ул. Верейская, д.35",{"v":1,"d":"1.000"},"ШТ","2014-12-31","3.NV.1208-2002","Документы отсутствуют","Преобр. ПТПЗ","Удовлетворительное",{"v":21263.69,"d":"21,263.69"},{"v":21263.69,"d":"21,263.69"},{"v":21263.69,"d":"21,263.69"},{"v":10590,"d":"10,590.00"},{"v":2329.8,"d":"2,329.80"},{"v":12919.8,"d":"12,919.80"},null,35]
["А1031",831,102002116,"М-150CD1(0-1кПа)2211L3AM5IMS5K04 с к/б","(0808) ул. Верейская, д.35",{"v":1,"d":"1.000"},"ШТ","2014-12-31","3.NV.1208-2002","Документы отсутствуют","CUE Grundfos 96754705","Удовлетворительное",{"v":34450,"d":"34,450.00"},{"v":34450,"d":"34,450.00"},{"v":34450,"d":"34,450.00"},{"v":17150,"d":"17,150.00"},{"v":3773,"d":"3,773.00"},{"v":20923,"d":"20,923.00"},null,35]
["А1032",832,102000734,"М-150CD2(0-16кПа)2211L3AM5IMK04","(0808) ул. Верейская, д.35",{"v":1,"d":"1.000"},"ШТ","2014-12-31","3.NV.1208-2002","Документы отсутствуют","ИПТВ-206/М3-03","Удовлетворительное",{"v":30844.4,"d":"30,844.40"},{"v":30844.4,"d":"30,844.40"},{"v":30844.4,"d":"30,844.40"},{"v":15360,"d":"15,360.00"},{"v":3379.2,"d":"3,379.20"},{"v":18739.2,"d":"18,739.20"},null,35]
["А1033",833,10088965,"Механизм исп. МЭО-250/25-0,25","(0808) ул. Верейская, д.35",{"v":3,"d":"3.000"},"ШТ","2014-12-31","3.NV.1208-2002","Документы отсутствуют","Е860ВР2","Удовлетворительное",{"v":52336.86,"d":"52,336.86"},{"v":17445.62,"d":"17,445.62"},{"v":52336.86,"d":"52,336.86"},{"v":26060,"d":"26,060.00"},{"v":5733.2,"d":"5,733.20"},{"v":31793.2,"d":"31,793.20"},null,35]
["А1034",834,10020444,"Механизм исп. МЭО-40/63-0,25У-01-У2","(0808) ул. Верейская, д.35",{"v":1,"d":"1.000"},"ШТ","2014-12-31","3.NV.1208-2002","Документы отсутствуют","ПМ12-100150 220В 100А","Удовлетворительное",{"v":10966.98,"d":"10,966.98"},{"v":10966.98,"d":"10,966.98"},{"v":10966.98,"d":"10,966.98"},{"v":5460,"d":"5,460.00"},{"v":1201.2,"d":"1,201.20"},{"v":6661.2,"d":"6,661.20"},null,35]
["А1035",835,102001203,"Мод.ввод дискр.сигн.D48/24 220В ТСС9-220","(0808) ул. Верейская, д.35",{"v":2,"d":"2.000"},"ШТ","2014-12-31","3.NV.1208-2002","Документы отсутствуют","ПМЛ-1110 220В 10А 1з","Удовлетворительное",{"v":88200,"d":"88,200.00"},{"v":44100,"d":"44,100.00"},{"v":88200,"d":"88,200.00"},{"v":43920,"d":"43,920.00"},{"v":9662.4,"d":"9,662.40"},{"v":53582.4,"d":"53,582.40"},null,35]
["А1036",836,10145285,"Модуль Allen-Bradley 3150-MCM","(0808) ул. Верейская, д.35",{"v":1,"d":"1.000"},"ШТ","2014-12-31","3.NV.1208-2002","Документы отсутствуют","АРТ-85-125/16 п/себя","Удовлетворительное",{"v":99600,"d":"99,600.00"},{"v":99600,"d":"99,600.00"},{"v":99600,"d":"99,600.00"},{"v":49590,"d":"49,590.00"},{"v":10909.8,"d":"10,909.80"},{"v":60499.8,"d":"60,499.80"},null,35]
["А1037",837,102001450,"Модуль аналогового ввода Текон AI16","(0808) ул. Верейская, д.35",{"v":2,"d":"2.000"},"ШТ","2014-12-31","3.NV.1208-2002","Документы отсутствуют","РДБК-1Н-200/140 Ду200 Pу12","Удовлетворительное",{"v":156709.8,"d":"156,709.80"},{"$f":"O875/F875","v":{"v":78354.9,"d":"78,354.90"}},{"v":156709.8,"d":"156,709.80"},{"v":78570,"d":"78,570.00"},{"v":17285.4,"d":"17,285.40"},{"v":95855.4,"d":"95,855.40"},null,35]
["А1038",838,10096042,"Модуль аналогового входа А8У","(0808) ул. Верейская, д.35",{"v":4,"d":"4.000"},"ШТ","2014-12-31","3.NV.1208-2002","Документы отсутствуют","РДУК-2Н-100/70 Ду100 Ру12","Удовлетворительное",{"v":29400,"d":"29,400.00"},{"v":7350,"d":"7,350.00"},{"v":29400,"d":"29,400.00"},{"v":14640,"d":"14,640.00"},{"v":3220.8,"d":"3,220.80"},{"v":17860.8,"d":"17,860.80"},null,35]
["А1039",839,10145264,"Модуль ввода Allen-Bradley 1746-IA16","(0808) ул. Верейская, д.35",{"v":2,"d":"2.000"},"ШТ","2014-12-31","3.NV.1208-2002","Документы отсутствуют","РП-21-004 220В","Удовлетворительное",{"v":24800,"d":"24,800.00"},{"v":12400,"d":"12,400.00"},{"v":24800,"d":"24,800.00"},{"v":12430,"d":"12,430.00"},{"v":2734.6,"d":"2,734.60"},{"v":15164.6,"d":"15,164.60"},null,35]
["А1040",840,102001115,"Модуль ввода DI16-220","(0808) ул. Верейская, д.35",{"v":2,"d":"2.000"},"ШТ","2014-12-31","3.NV.1208-2002","Документы отсутствуют","РТТ-310 63А 53,5-72,3А","Удовлетворительное",{"v":81900,"d":"81,900.00"},{"v":40950,"d":"40,950.00"},{"v":81900,"d":"81,900.00"},{"v":40780,"d":"40,780.00"},{"v":8971.6,"d":"8,971.60"},{"v":49751.6,"d":"49,751.60"},null,35]
["А1042",841,10127605,"Модуль ввода SLC500 1746-NI8 AB","(0808) ул. Верейская, д.35",{"v":1,"d":"1.000"},"ШТ","2014-12-31","3.NV.1208-2002","Документы отсутствуют","ТЖИУ.406423.009.01 10-40кПа","Удовлетворительное",{"v":27878.86,"d":"27,878.86"},{"v":27878.86,"d":"27,878.86"},{"v":27878.86,"d":"27,878.86"},{"v":13880,"d":"13,880.00"},{"v":3053.6,"d":"3,053.60"},{"v":16933.6,"d":"16,933.60"},null,35]
["А1043",842,102002106,"Модуль ввода Текон D48/24","(0808) ул. Верейская, д.35",{"v":2,"d":"2.000"},"ШТ","2014-12-31","3.NV.1208-2002","Документы отсутствуют","СП-06ВП-3","Удовлетворительное",{"v":117900,"d":"117,900.00"},{"v":58950,"d":"58,950.00"},{"v":117900,"d":"117,900.00"},{"v":58710,"d":"58,710.00"},{"$f":"R880-P880","v":{"v":12916.2,"d":"12,916.20"}},{"$f":"P880*1.22","v":{"v":71626.2,"d":"71,626.20"}},null,35]
["А1044",843,10124228,"Модуль ввода Текон D48/24","(0808) ул. Верейская, д.35",{"v":1,"d":"1.000"},"ШТ","2014-12-31","3.NV.1208-2002","Документы отсутствуют","Atlas Copco сер № AII289074","Удовлетворительное",{"v":77490,"d":"77,490.00"},{"v":77490,"d":"77,490.00"},{"v":77490,"d":"77,490.00"},{"v":38850,"d":"38,850.00"},{"v":8547,"d":"8,547.00"},{"v":47397,"d":"47,397.00"},null,35]
["А1045",844,102000823,"Модуль ввода/вывода Текон А16/2","(0808) ул. Верейская, д.35",{"v":2,"d":"2.000"},"ШТ","2014-12-31","3.NV.1208-2002","Документы отсутствуют","МСС 40-07-5021","Удовлетворительное",{"v":172400,"d":"172,400.00"},{"v":86200,"d":"86,200.00"},{"v":172400,"d":"172,400.00"},{"v":85840,"d":"85,840.00"},{"v":18884.8,"d":"18,884.80"},{"v":104724.8,"d":"104,724.80"},null,35]
["А1046",845,102000827,"Модуль вывода Текон ТКМ.D40S","(0808) ул. Верейская, д.35",{"v":2,"d":"2.000"},"ШТ","2014-12-31","3.NV.1208-2002","Документы отсутствуют","Wika A52.100-1-(0+100)С-200","Удовлетворительное",{"v":138826.5,"d":"138,826.50"},{"v":69413.25,"d":"69,413.25"},{"v":138826.5,"d":"138,826.50"},{"v":69130,"d":"69,130.00"},{"v":15208.6,"d":"15,208.60"},{"v":84338.6,"d":"84,338.60"},null,35]
["А1047",846,10097916,"Модуль дискретный входов Д8У","(0808) ул. Верейская, д.35",{"v":2,"d":"2.000"},"ШТ","2014-12-31","3.NV.1208-2002","Документы отсутствуют","ДБСКТ-650-1Ш","Удовлетворительное",{"v":13591.84,"d":"13,591.84"},{"v":6795.92,"d":"6,795.92"},{"v":13591.84,"d":"13,591.84"},{"v":6770,"d":"6,770.00"},{"v":1489.4,"d":"1,489.40"},{"v":8259.4,"d":"8,259.40"},null,35]
["А1048",847,10030058,"Модуль клеммных соединений ТСС-220АС","(0808) ул. Верейская, д.35",{"v":4,"d":"4.000"},"ШТ","2014-12-31","3.NV.1208-2002","Документы отсутствуют","Метран-274-05-Ех-160-0,5-Н10(-50+50","Удовлетворительное",{"v":12787.64,"d":"12,787.64"},{"v":3196.91,"d":"3,196.91"},{"v":12787.64,"d":"12,787.64"},{"v":6370,"d":"6,370.00"},{"v":1401.4,"d":"1,401.40"},{"v":7771.4,"d":"7,771.40"},null,35]
["А1049",848,102001356,"Модуль центр. процессора Текон Р05-02","(0808) ул. Верейская, д.35",{"v":1,"d":"1.000"},"ШТ","2014-12-31","3.NV.1208-2002","Документы отсутствуют","ТСМУ-205-3/320-(-50+ 50)С L=300мм","Удовлетворительное",{"v":166500,"d":"166,500.00"},{"v":166500,"d":"166,500.00"},{"v":166500,"d":"166,500.00"},{"v":82900,"d":"82,900.00"},{"v":18238,"d":"18,238.00"},{"v":101138,"d":"101,138.00"},null,35]
["А1050",849,10016503,"Преобр. ПТПЗ","(0808) ул. Верейская, д.35",{"v":1,"d":"1.000"},"ШТ","2014-12-31","3.NV.1208-2002","Документы отсутствуют","Метран-276-02-200-0,5-Н10-(0+200)С","Удовлетворительное",{"v":1473.59,"d":"1,473.59"},{"v":1473.59,"d":"1,473.59"},{"v":1473.59,"d":"1,473.59"},{"v":730,"d":"730.00"},{"v":160.6,"d":"160.60"},{"v":890.6,"d":"890.60"},null,35]
["А1053",850,10030866,"Тягомер мембр. показывающий ТмМП-52-М2","(0808) ул. Верейская, д.35",{"v":1,"d":"1.000"},"ШТ","2014-12-31","3.NV.1208-2002","Документы отсутствуют","ЦНА-30К","Удовлетворительное",{"v":2540.92,"d":"2,540.92"},{"v":2540.92,"d":"2,540.92"},{"v":2540.92,"d":"2,540.92"},{"v":1270,"d":"1,270.00"},{"v":279.4,"d":"279.40"},{"v":1549.4,"d":"1,549.40"},null,35]
["А1054",851,10024241,"Усилитель трехпозиционный У-300","(0808) ул. Верейская, д.35",{"v":2,"d":"2.000"},"ШТ","2014-12-31","3.NV.1208-2002","Документы отсутствуют","М22-СК01 Moeller","Удовлетворительное",{"v":10807.63,"d":"10,807.63"},{"v":5403.82,"d":"5,403.82"},{"v":10807.63,"d":"10,807.63"},{"v":5380,"d":"5,380.00"},{"v":1183.6,"d":"1,183.60"},{"v":6563.6,"d":"6,563.60"},null,35]
["А1055",852,10042692,"Фотодатчик ФД4","(0808) ул. Верейская, д.35",{"v":1,"d":"1.000"},"ШТ","2014-12-31","3.NV.1208-2002","Документы отсутствуют","М22-СК10 Moeller","Удовлетворительное",{"v":8,"d":"8.00"},{"v":8,"d":"8.00"},{"v":8,"d":"8.00"},{"v":4,"d":"4.00"},0.88,4.88,null,35]
["А1056",853,102002057,"Блок электронный БЭ для аппаратуры СВКА","(0906) Дубравная ул.  д.55",{"v":1,"d":"1.000"},"ШТ","2014-12-31","3.NV.1209-2002","Документы отсутствуют","Нет данных","Удовлетворительное ",{"v":83535,"d":"83,535.00"},{"v":83535,"d":"83,535.00"},{"v":83535,"d":"83,535.00"},{"v":41590,"d":"41,590.00"},{"v":9149.8,"d":"9,149.80"},{"v":50739.8,"d":"50,739.80"},null,35]
["А1057",854,102001102,"Датчик Fuji FCX-AII FKCX22V5-AKAYY-AU","(0903) Проезд № 607 д. 22",{"v":4,"d":"4.000"},"ШТ","2010","3.NV.1209-2002","Паспорт","Нет данных","Удовлетворительное",{"v":188115,"d":"188,115.00"},{"v":47028.75,"d":"47,028.75"},{"v":188115,"d":"188,115.00"},{"v":105070,"d":"105,070.00"},{"v":23115.4,"d":"23,115.40"},{"v":128185.4,"d":"128,185.40"},null,35]
["А1058",855,102001266,"Датчик Fuji FCX-AII FKCX33V5-AXAYY-AU","(0903) Проезд № 607 д. 22",{"v":2,"d":"2.000"},"ШТ","2010","3.NV.1209-2002","Паспорт","Нет данных","Удовлетворительное",{"v":109600,"d":"109,600.00"},{"v":54800,"d":"54,800.00"},{"v":109600,"d":"109,600.00"},{"v":61220,"d":"61,220.00"},{"v":13468.4,"d":"13,468.40"},{"v":74688.4,"d":"74,688.40"},null,35]
["А1059",856,102001063,"Датчик Fuji FCX-AII FKCX36V5-AXAYY-AU","(0903) Проезд № 607 д. 22",{"v":2,"d":"2.000"},"ШТ","2010","3.NV.1209-2002","Паспорт","Нет данных","Удовлетворительное",{"v":106760,"d":"106,760.00"},{"v":53380,"d":"53,380.00"},{"v":106760,"d":"106,760.00"},{"v":59630,"d":"59,630.00"},{"v":13118.6,"d":"13,118.60"},{"v":72748.6,"d":"72,748.60"},null,35]
["А1060",857,102001310,"Датчик Fuji FCX-AII FKPV02V5-AKAYY-0Y","(0903) Проезд № 607 д. 22",{"v":3,"d":"3.000"},"ШТ","2010","3.NV.1209-2002","Паспорт","Нет данных","Удовлетворительное",{"v":131790,"d":"131,790.00"},{"v":43930,"d":"43,930.00"},{"v":131790,"d":"131,790.00"},{"v":73610,"d":"73,610.00"},{"v":16194.2,"d":"16,194.20"},{"v":89804.2,"d":"89,804.20"},null,35]
["А1061",858,10137581,"Датчик Fuji FCX-AII FKPV03V5-AKAYY-0Y","(0903) Проезд № 607 д. 22",{"v":1,"d":"1.000"},"ШТ","2010","3.NV.1209-2002","Документы отсутствуют","Нет данных","Удовлетворительное",{"v":26790,"d":"26,790.00"},{"v":26790,"d":"26,790.00"},{"v":26790,"d":"26,790.00"},{"v":14960,"d":"14,960.00"},{"v":3291.2,"d":"3,291.20"},{"v":18251.2,"d":"18,251.20"},null,35]
["А1062",859,102001213,"Датчик Fuji FCX-AII FKPV04V5-AKAYY-0Y","(0903) Проезд № 607 д. 22",{"v":1,"d":"1.000"},"ШТ","2010","3.NV.1209-2002","Паспорт","Нет данных","Удовлетворительное",{"v":41980,"d":"41,980.00"},{"v":41980,"d":"41,980.00"},{"v":41980,"d":"41,980.00"},{"v":23450,"d":"23,450.00"},{"v":5159,"d":"5,159.00"},{"v":28609,"d":"28,609.00"},null,35]
["А1063",860,102001481,"Датчик Fuji FCX-AII FKPV04V5-AXAYY-0Y","(0903) Проезд № 607 д. 22",{"v":1,"d":"1.000"},"ШТ","2010","3.NV.1209-2002","Паспорт","Нет данных","Удовлетворительное",{"v":28260,"d":"28,260.00"},{"v":28260,"d":"28,260.00"},{"v":28260,"d":"28,260.00"},{"v":15780,"d":"15,780.00"},{"v":3471.6,"d":"3,471.60"},{"v":19251.6,"d":"19,251.60"},null,35]
["А1064",861,10137200,"Датчик GE 330103-00-03-50-02-RU","(0903) Проезд № 607 д. 22",{"v":8,"d":"8.000"},"ШТ","2010","3.NV.1209-2002","Документы отсутствуют","Нет данных","Удовлетворительное",{"v":314739.58,"d":"314,739.58"},{"v":39342.45,"d":"39,342.45"},{"v":314739.58,"d":"314,739.58"},{"v":175800,"d":"175,800.00"},{"v":38676,"d":"38,676.00"},{"v":214476,"d":"214,476.00"},null,35]
["А1065",862,10137203,"Датчик GE Energy 330101-00-27-50-02-RU","(0903) Проезд № 607 д. 22",{"v":5,"d":"5.000"},"ШТ","2010","3.NV.1209-2002","Документы отсутствуют","Нет данных","Удовлетворительное",{"v":126275,"d":"126,275.00"},{"v":25255,"d":"25,255.00"},{"v":126275,"d":"126,275.00"},{"v":70530,"d":"70,530.00"},{"v":15516.6,"d":"15,516.60"},{"v":86046.6,"d":"86,046.60"},null,35]
["А1066",863,10137445,"Датчик GE Energy 330525-00","(0903) Проезд № 607 д. 22",{"v":3,"d":"3.000"},"ШТ","2010","3.NV.1209-2002","Документы отсутствуют","Нет данных","Удовлетворительное",{"v":128994,"d":"128,994.00"},{"v":42998,"d":"42,998.00"},{"v":128994,"d":"128,994.00"},{"v":72050,"d":"72,050.00"},{"v":15851,"d":"15,851.00"},{"v":87901,"d":"87,901.00"},null,35]
["А1072",864,102001097,"Датчик SW 25-2-0/23 IPM 627498002","(0513) Перерва ул., д.20",{"v":1,"d":"1.000"},"ШТ","2014-12-31","3.NV.1205-2002","Документы отсутствуют","данных нет","Удовлетворительное",{"$f":"O902","v":{"v":51407.25,"d":"51,407.25"}},{"$f":"O902/F902","v":{"v":51407.25,"d":"51,407.25"}},{"v":51407.25,"d":"51,407.25"},{"v":25600,"d":"25,600.00"},{"v":5632,"d":"5,632.00"},{"v":31232,"d":"31,232.00"},null,35]
["А1021",865,10108565,"Блок 003 SA-94 Aswega","(0808) ул. Верейская, д.35",{"v":1,"d":"1.000"},"ШТ","2016-07-07","3.NV.1208-2002","Документы отсутствуют","Текон DO16s-220DC","Удовлетворительное",{"$f":"O903","v":{"v":41914.95,"d":"41,914.95"}},{"$f":"O903/F903","v":{"v":41914.95,"d":"41,914.95"}},{"v":41914.95,"d":"41,914.95"},{"v":18390,"d":"18,390.00"},{"v":4045.8,"d":"4,045.80"},{"v":22435.8,"d":"22,435.80"},null,35]
["А1041",866,10127605,"Модуль ввода SLC500 1746-NI8 AB","(0808) ул. Верейская, д.35",{"v":2,"d":"2.000"},"ШТ","2014-12-31","3.NV.1208-2002","Документы отсутствуют","ТЖИУ.406423.005 0,4-1,6МПа","Удовлетворительное",{"$f":"O904","v":{"v":206372.74,"d":"206,372.74"}},{"$f":"O904/F904","v":{"v":103186.37,"d":"103,186.37"}},{"v":206372.74,"d":"206,372.74"},{"v":102760,"d":"102,760.00"},{"v":22607.2,"d":"22,607.20"},{"v":125367.2,"d":"125,367.20"},null,35]
["А0993",867,102001069,"Датчик-сигнализатор обледенения СО-1 15В","(0817) Боровское ш., д.10",{"v":2,"d":"2.000"},"ШТ","2014-12-31","3.NV.1208-2002","Документы отсутствуют","ДЕМ 202-1-02-1 с К1","Удовлетворительное",{"$f":"O905","v":{"v":97568.03,"d":"97,568.03"}},{"$f":"O905/F905","v":{"v":48784.02,"d":"48,784.02"}},{"v":97568.03,"d":"97,568.03"},{"v":48580,"d":"48,580.00"},{"v":10687.6,"d":"10,687.60"},{"v":59267.6,"d":"59,267.60"},null,35]
[{"$nulls":14},{"$f":"SUM(O784:O905)","v":{"v":7503233.15,"d":"7,503,233.15"}},{"$f":"SUM(P784:P905)","v":{"v":3809664,"d":"3,809,664.00"}},{"v":838126.08,"d":"838,126.08"},{"$f":"SUM(R784:R905)","v":{"v":4647790.08,"d":"4,647,790.08"}},{"$f":"R906/100*10","v":{"v":464779.01,"d":"464,779.01"}},35]
["А1073",868,102001160,"Вибропреобразов. АНС 066-02Н 7-2000м/с2      ","(0911) Строительный пр.,д.14 к.1",{"v":2,"d":"2.000"},"ШТ","2014-12-31","3.NV.1209-2002","Документы отсутствуют","Нет данных","Удовлетворительное",{"v":216979,"d":"216,979.00"},{"$f":"O907/F907","v":{"v":108489.5,"d":"108,489.50"}},{"v":216979,"d":"216,979.00"},{"v":108040,"d":"108,040.00"},{"$f":"R907-P907","v":{"v":23768.8,"d":"23,768.80"}},{"$f":"P907*1.22","v":{"v":131808.8,"d":"131,808.80"}},null,36,"КИПиА"]
["А1074",869,102001097,"Датчик SW 25-2-0/23 IPM 627498002            ","(0911) Строительный пр.,д.14 к.1",{"v":3,"d":"3.000"},"ШТ","2014-12-31","3.NV.1209-2002","Документы отсутствуют","Нет данных","Удовлетворительное",{"v":149417.25,"d":"149,417.25"},{"v":49805.75,"d":"49,805.75"},{"v":149417.25,"d":"149,417.25"},{"v":74400,"d":"74,400.00"},{"v":16368,"d":"16,368.00"},{"v":90768,"d":"90,768.00"},null,36]
["А1075",870,102002108,"Датчик давл. ТЖИУ-406.423.005 0,4-1,6МПа     ","(0911) Строительный пр.,д.14 к.1",{"v":1,"d":"1.000"},"ШТ","2014-12-31","3.NV.1209-2002","Документы отсутствуют","Нет данных","Удовлетворительное",{"v":24744.59,"d":"24,744.59"},{"v":24744.59,"d":"24,744.59"},{"v":24744.59,"d":"24,744.59"},{"v":12320,"d":"12,320.00"},{"v":2710.4,"d":"2,710.40"},{"v":15030.4,"d":"15,030.40"},null,36]
["А1076",871,102002093,"Датчик давл.ТЖИУ-406.423.004.01 Садко107     ","(0911) Строительный пр.,д.14 к.1",{"v":1,"d":"1.000"},"ШТ","2014-12-31","3.NV.1209-2002","Документы отсутствуют","Нет данных","Удовлетворительное",{"v":23744,"d":"23,744.00"},{"v":23744,"d":"23,744.00"},{"v":23744,"d":"23,744.00"},{"v":11820,"d":"11,820.00"},{"v":2600.4,"d":"2,600.40"},{"v":14420.4,"d":"14,420.40"},null,36]
["А1077",872,102001222,"Датчик ТЖИУ406-1Ех-03-5-3-5-2                ","(0911) Строительный пр.,д.14 к.1",{"v":1,"d":"1.000"},"ШТ","2014-12-31","3.NV.1209-2002","Документы отсутствуют","Нет данных","Удовлетворительное",{"v":23750.71,"d":"23,750.71"},{"v":23750.71,"d":"23,750.71"},{"v":23750.71,"d":"23,750.71"},{"v":11830,"d":"11,830.00"},{"v":2602.6,"d":"2,602.60"},{"v":14432.6,"d":"14,432.60"},null,36]
["А1078",873,102002120,"Датчик ТЖИУ406-1Ех-19-1-3-1-2                ","(0911) Строительный пр.,д.14 к.1",{"v":1,"d":"1.000"},"ШТ","2014-12-31","3.NV.1209-2002","Документы отсутствуют","Нет данных","Удовлетворительное",{"v":22357.53,"d":"22,357.53"},{"v":22357.53,"d":"22,357.53"},{"v":22357.53,"d":"22,357.53"},{"v":11130,"d":"11,130.00"},{"v":2448.6,"d":"2,448.60"},{"v":13578.6,"d":"13,578.60"},null,36]
["А1079",874,102002066,"Датчик ТЖИУ406А-1Ех-А-2-3-2-2                ","(0911) Строительный пр.,д.14 к.1",{"v":2,"d":"2.000"},"ШТ","2014-12-31","3.NV.1209-2002","Документы отсутствуют","Нет данных","Удовлетворительное",{"v":50140.02,"d":"50,140.02"},{"v":25070.01,"d":"25,070.01"},{"v":50140.02,"d":"50,140.02"},{"v":24970,"d":"24,970.00"},{"v":5493.4,"d":"5,493.40"},{"v":30463.4,"d":"30,463.40"},null,36]
["А1080",875,102002133,"Датчик ТЖИУ406Д-1Ех-16-1-1-1-2               ","(0911) Строительный пр.,д.14 к.1",{"v":1,"d":"1.000"},"ШТ","2014-12-31","3.NV.1209-2002","Документы отсутствуют","Нет данных","Удовлетворительное",{"v":33173,"d":"33,173.00"},{"v":33173,"d":"33,173.00"},{"v":33173,"d":"33,173.00"},{"v":16520,"d":"16,520.00"},{"v":3634.4,"d":"3,634.40"},{"v":20154.4,"d":"20,154.40"},null,36]
["А1081",876,102000955,"Датчик ТЖИУ406Д-1Ех-20-1-1-1-2               ","(0911) Строительный пр.,д.14 к.1",{"v":1,"d":"1.000"},"ШТ","2014-12-31","3.NV.1209-2002","Документы отсутствуют","Нет данных","Удовлетворительное",{"v":28234.65,"d":"28,234.65"},{"v":28234.65,"d":"28,234.65"},{"v":28234.65,"d":"28,234.65"},{"v":14060,"d":"14,060.00"},{"v":3093.2,"d":"3,093.20"},{"v":17153.2,"d":"17,153.20"},null,36]
["А1082",877,102001069,"Датчик-сигнализатор обледенения СО-1 15В     ","(0911) Строительный пр.,д.14 к.1",{"v":1,"d":"1.000"},"ШТ","2014-12-31","3.NV.1209-2002","Документы отсутствуют","Нет данных","Удовлетворительное",{"$f":"O916","v":{"v":31368.09,"d":"31,368.09"}},{"v":31368.09,"d":"31,368.09"},{"v":31368.09,"d":"31,368.09"},{"v":15620,"d":"15,620.00"},{"v":3436.4,"d":"3,436.40"},{"v":19056.4,"d":"19,056.40"},null,36]
["А1083",878,102001030,"Счётчик СГ-75МТ-250-40-С Ду80                ","(0911) Строительный пр.,д.14 к.1",{"v":1,"d":"1.000"},"ШТ","2014-12-31","3.NV.1209-2002","Документы отсутствуют","Нет данных","Удовлетворительное",{"v":66236.61,"d":"66,236.61"},{"v":66236.61,"d":"66,236.61"},{"v":66236.61,"d":"66,236.61"},{"v":32980,"d":"32,980.00"},{"v":7255.6,"d":"7,255.60"},{"v":40235.6,"d":"40,235.60"},null,36]
["А1084",879,10107106,"Терминал КТ-12/Ш","(0911) Строительный пр.,д.14 к.1",{"v":2,"d":"2.000"},"ШТ","2016-07-19","3.NV.1209-2002","Документы отсутствуют","Нет данных","Удовлетворительное",{"v":4941.76,"d":"4,941.76"},{"v":2470.88,"d":"2,470.88"},{"v":4941.76,"d":"4,941.76"},{"v":2170,"d":"2,170.00"},{"v":477.4,"d":"477.40"},{"v":2647.4,"d":"2,647.40"},null,36]
["А1085",880,10107124,"Детектор LDS стационарный 220В","(0911) Строительный пр.,д.14 к.1",{"v":1,"d":"1.000"},"ШТ","2015-12-22","3.NV.1209-2002","Документы отсутствуют","Нет данных","Удовлетворительное",{"v":20213.08,"d":"20,213.08"},{"v":20213.08,"d":"20,213.08"},{"v":20213.08,"d":"20,213.08"},{"v":9400,"d":"9,400.00"},{"v":2068,"d":"2,068.00"},{"v":11468,"d":"11,468.00"},null,36]
["А1086",881,102001234,"Блок 61433503 NBPU-42C PPCS Branching","(0903) Проезд № 607 д. 22",{"v":1,"d":"1.000"},"ШТ",2010,"3.NV.1209-2002","Документы отсутствуют","Нет данных","Удовлетворительное",{"v":125530,"d":"125,530.00"},{"v":125530,"d":"125,530.00"},{"v":125530,"d":"125,530.00"},{"v":70120,"d":"70,120.00"},{"v":15426.4,"d":"15,426.40"},{"v":85546.4,"d":"85,546.40"},null,36]
["А1087",882,10137216,"Проксиметр 3300 XL GE 330180-51-RU","(0903) Проезд № 607 д. 22",{"v":5,"d":"5.000"},"ШТ",2010,"3.NV.1209-2002","Документы отсутствуют","Нет данных","Удовлетворительное",{"v":111250,"d":"111,250.00"},{"v":22250,"d":"22,250.00"},{"v":111250,"d":"111,250.00"},{"v":62140,"d":"62,140.00"},{"v":13670.8,"d":"13,670.80"},{"v":75810.8,"d":"75,810.80"},null,36]
["А1088",883,10137217,"Проксиметр 3300 XL NSV GE 330980-51-RU","(0903) Проезд № 607 д. 22",{"v":5,"d":"5.000"},"ШТ",2010,"3.NV.1209-2002","Документы отсутствуют","Нет данных","Удовлетворительное",{"v":119440,"d":"119,440.00"},{"v":23888,"d":"23,888.00"},{"v":119440,"d":"119,440.00"},{"v":66710,"d":"66,710.00"},{"v":14676.2,"d":"14,676.20"},{"v":81386.2,"d":"81,386.20"},null,36]
["А1090",884,10031308,"Манометр МТ-3И 0-2,5кгс/см2","(0904) Врачебный проезд д.3",{"v":48,"d":"48.000"},"ШТ","2017-08-15","3.NV.1209-2002","Отсутствуют","Нет данных","Удовлетворительное",{"v":9824.13,"d":"9,824.13"},204.67,{"v":9824.13,"d":"9,824.13"},{"v":4220,"d":"4,220.00"},{"v":928.4,"d":"928.40"},{"v":5148.4,"d":"5,148.40"},null,36]
["А1091",885,102000696,"Механизм исп. МЭО-40/63-0,25М","(0904) Врачебный проезд д.3",{"v":1,"d":"1.000"},"ШТ","2016-03-01","3.NV.1209-2002","Паспорт","Нет данных","Удовлетворительное",{"v":13634.77,"d":"13,634.77"},{"v":13634.77,"d":"13,634.77"},{"v":13634.77,"d":"13,634.77"},{"v":6040,"d":"6,040.00"},{"v":1328.8,"d":"1,328.80"},{"v":7368.8,"d":"7,368.80"},null,36]
["А1092",886,10043765,"Преобразователь ИПМ-0399/М3-Ех","(0904) Врачебный проезд д.3",{"v":17,"d":"17.000"},"ШТ","2014-12-31","3.NV.1209-2002","Документы отсутствуют","Нет данных","Удовлетворительное",{"v":306068,"d":"306,068.00"},{"v":18004,"d":"18,004.00"},{"v":306068,"d":"306,068.00"},{"v":152400,"d":"152,400.00"},{"v":33528,"d":"33,528.00"},{"v":185928,"d":"185,928.00"},null,36]
["А1093",887,10137457,"Модуль GE Energy 3500/20-01-02-00","(0903) Проезд № 607 д. 22",{"v":1,"d":"1.000"},"ШТ","2010","3.NV.1209-2002","Документы отсутствуют","Нет данных","Удовлетворительное",{"v":155747,"d":"155,747.00"},{"v":155747,"d":"155,747.00"},{"v":155747,"d":"155,747.00"},{"v":86990,"d":"86,990.00"},{"v":19137.8,"d":"19,137.80"},{"v":106127.8,"d":"106,127.80"},null,36]
["А1094",888,10137503,"Модуль GE Energy 3500/25-01-01-00","(0903) Проезд № 607 д. 22",{"v":1,"d":"1.000"},"ШТ","2010","3.NV.1209-2002","Документы отсутствуют","Нет данных","Удовлетворительное",{"v":92956,"d":"92,956.00"},{"v":92956,"d":"92,956.00"},{"v":92956,"d":"92,956.00"},{"v":51920,"d":"51,920.00"},{"v":11422.4,"d":"11,422.40"},{"v":63342.4,"d":"63,342.40"},null,36]
["А1095",889,10137502,"Модуль GE Energy 3500/33-01-00","(0903) Проезд № 607 д. 22",{"v":2,"d":"2.000"},"ШТ","2010","3.NV.1209-2002","Документы отсутствуют","Нет данных","Удовлетворительное",{"v":387660,"d":"387,660.00"},{"v":193830,"d":"193,830.00"},{"v":387660,"d":"387,660.00"},{"v":216530,"d":"216,530.00"},{"v":47636.6,"d":"47,636.60"},{"v":264166.6,"d":"264,166.60"},null,36]
["А1096",890,10137501,"Модуль GE Energy 3500/42-02-00","(0903) Проезд № 607 д. 22",{"v":2,"d":"2.000"},"ШТ","2010","3.NV.1209-2002","Документы отсутствуют","Нет данных","Удовлетворительное",{"v":388480,"d":"388,480.00"},{"v":194240,"d":"194,240.00"},{"v":388480,"d":"388,480.00"},{"v":216990,"d":"216,990.00"},{"v":47737.8,"d":"47,737.80"},{"v":264727.8,"d":"264,727.80"},null,36]
["А1097",891,10137504,"Модуль GE Energy 3500/42-09-00","(0903) Проезд № 607 д. 22",{"v":2,"d":"2.000"},"ШТ","2010","3.NV.1209-2002","Документы отсутствуют","Нет данных","Удовлетворительное",{"v":411140,"d":"411,140.00"},{"v":205570,"d":"205,570.00"},{"v":411140,"d":"411,140.00"},{"v":229650,"d":"229,650.00"},{"v":50523,"d":"50,523.00"},{"v":280173,"d":"280,173.00"},null,36]
["А1098",892,10137424,"Модуль GE Energy 3500/50-01-00-01","(0903) Проезд № 607 д. 22",{"v":1,"d":"1.000"},"ШТ","2010","3.NV.1209-2002","Документы отсутствуют","Нет данных","Удовлетворительное",{"v":108518,"d":"108,518.00"},{"v":108518,"d":"108,518.00"},{"v":108518,"d":"108,518.00"},{"v":60610,"d":"60,610.00"},{"v":13334.2,"d":"13,334.20"},{"v":73944.2,"d":"73,944.20"},null,36]
["А1099",893,10137472,"Модуль GE Energy 3500/53-02-00","(0903) Проезд № 607 д. 22",{"v":1,"d":"1.000"},"ШТ","2010","3.NV.1209-2002","Документы отсутствуют","Нет данных","Удовлетворительное",{"v":194650,"d":"194,650.00"},{"v":194650,"d":"194,650.00"},{"v":194650,"d":"194,650.00"},{"v":108720,"d":"108,720.00"},{"v":23918.4,"d":"23,918.40"},{"v":132638.4,"d":"132,638.40"},null,36]
["А1100",894,10137425,"Модуль GE Energy 3500/64-01-00","(0903) Проезд № 607 д. 22",{"v":1,"d":"1.000"},"ШТ","2010","3.NV.1209-2002","Документы отсутствуют","Нет данных","Удовлетворительное",{"v":233279,"d":"233,279.00"},{"v":233279,"d":"233,279.00"},{"v":233279,"d":"233,279.00"},{"v":130300,"d":"130,300.00"},{"v":28666,"d":"28,666.00"},{"v":158966,"d":"158,966.00"},null,36]
["А1101",895,10137426,"Модуль GE Energy 3500/92-04-01-00","(0903) Проезд № 607 д. 22",{"v":1,"d":"1.000"},"ШТ","2010","3.NV.1209-2002","Документы отсутствуют","Нет данных","Удовлетворительное",{"v":112340,"d":"112,340.00"},{"v":112340,"d":"112,340.00"},{"v":112340,"d":"112,340.00"},{"v":62750,"d":"62,750.00"},{"v":13805,"d":"13,805.00"},{"v":76555,"d":"76,555.00"},null,36]
["А1102",896,102002114,"Модуль ввода\\вывода AI835 ABB","(0903) Проезд № 607 д. 22",{"v":3,"d":"3.000"},"ШТ","2010","3.NV.1209-2002","Документы отсутствуют","Нет данных","Удовлетворительное",{"v":131930.5,"d":"131,930.50"},{"v":43976.83,"d":"43,976.83"},{"v":131930.5,"d":"131,930.50"},{"v":73690,"d":"73,690.00"},{"v":16211.8,"d":"16,211.80"},{"v":89901.8,"d":"89,901.80"},null,36]
["А1103",897,102001497,"Блок процессора ABB 3BSE008062R1","(0903) Проезд № 607 д. 22",{"v":1,"d":"1.000"},"ШТ","2010","3.NV.1209-2002","Паспорт","Нет данных","Удовлетворительное",{"v":307630,"d":"307,630.00"},{"v":307630,"d":"307,630.00"},{"v":307630,"d":"307,630.00"},{"v":171830,"d":"171,830.00"},{"v":37802.6,"d":"37,802.60"},{"v":209632.6,"d":"209,632.60"},null,36]
["А1104",898,102001027,"Блок разветвителя NPBU-42C ABB 64011821","(0903) Проезд № 607 д. 22",{"v":1,"d":"1.000"},"ШТ","2010","3.NV.1209-2002","Документы отсутствуют","Нет данных","Удовлетворительное",{"v":138800,"d":"138,800.00"},{"v":138800,"d":"138,800.00"},{"v":138800,"d":"138,800.00"},{"v":77530,"d":"77,530.00"},{"v":17056.6,"d":"17,056.60"},{"v":94586.6,"d":"94,586.60"},null,36]
["А1105",899,102001124,"Комплект NINT-73C ABB 64513605","(0903) Проезд № 607 д. 22",{"v":6,"d":"6.000"},"ШТ","2010","3.NV.1209-2002","Паспорт","Нет данных","Удовлетворительное",{"v":923360,"d":"923,360.00"},{"$f":"O938/F938","v":{"v":153893.33,"d":"153,893.33"}},{"v":923360,"d":"923,360.00"},{"v":515750,"d":"515,750.00"},{"v":113465,"d":"113,465.00"},{"v":629215,"d":"629,215.00"},null,36]
["А1106",900,10106526,"Прибор микропр. Трансформер-ML МП2Р","(0911) Строительный пр.,д.14 к.1",{"v":5,"d":"5.000"},"ШТ","2015-09-30","3.NV.1209-2002","Документы отсутствуют","Нет данных","Удовлетворительное",{"v":43435.7,"d":"43,435.70"},{"v":8687.14,"d":"8,687.14"},{"v":43435.7,"d":"43,435.70"},{"v":20260,"d":"20,260.00"},{"$f":"R939-P939","v":{"v":4457.2,"d":"4,457.20"}},{"$f":"P939*1.22","v":{"v":24717.2,"d":"24,717.20"}},null,36]
["А1107",901,10151723,"Прибор Трансформер-ML Д8У","(0911) Строительный пр.,д.14 к.1",{"v":3,"d":"3.000"},"ШТ","2015-09-30","3.NV.1209-2002","Документы отсутствуют","Нет данных","Удовлетворительное",{"v":21090.92,"d":"21,090.92"},{"v":7030.31,"d":"7,030.31"},{"v":21090.92,"d":"21,090.92"},{"v":9840,"d":"9,840.00"},{"v":2164.8,"d":"2,164.80"},{"v":12004.8,"d":"12,004.80"},null,36]
["А1108",902,10149252,"Прибор Трансформер-ML МП4","(0911) Строительный пр.,д.14 к.1",{"v":4,"d":"4.000"},"ШТ","2015-09-30","3.NV.1209-2002","Документы отсутствуют","Нет данных","Удовлетворительное",{"v":37614.38,"d":"37,614.38"},{"v":9403.6,"d":"9,403.60"},{"v":37614.38,"d":"37,614.38"},{"v":17550,"d":"17,550.00"},{"v":3861,"d":"3,861.00"},{"v":21411,"d":"21,411.00"},null,36]
["А1109",903,10096041,"Трансформер ML(БП24-5)","(0911) Строительный пр.,д.14 к.1",{"v":2,"d":"2.000"},"ШТ","2015-09-30","3.NV.1209-2002","Документы отсутствуют","Нет данных","Удовлетворительное",{"v":8516.78,"d":"8,516.78"},{"v":4258.39,"d":"4,258.39"},{"v":8516.78,"d":"8,516.78"},{"v":3970,"d":"3,970.00"},{"v":873.4,"d":"873.40"},{"v":4843.4,"d":"4,843.40"},null,36]
["А1110",904,10131131,"Прибор микропроцессорный Трансформер-ML MB БП24-5 ","(0911) Строительный пр.,д.14 к.1",{"v":2,"d":"2.000"},"ШТ",2014,"3.NV.1209-2002","Документы отсутствуют","Нет данных","Удовлетворительное",{"v":38088.8,"d":"38,088.80"},{"v":19044.4,"d":"19,044.40"},{"v":38088.8,"d":"38,088.80"},{"v":19100,"d":"19,100.00"},{"v":4202,"d":"4,202.00"},{"v":23302,"d":"23,302.00"},null,36]
["А1111",905,10108627,"Блок 001 SA-94 Aswega","(1690) Боровский пр-д, д.13а",{"v":2,"d":"2.000"},"ШТ","2011г.","3.NV.1216-2002","Документы отсутствуют","Блок 001 SA-94 Aswega","Удовлетворительное",{"v":9700,"d":"9,700.00"},{"v":4850,"d":"4,850.00"},{"v":9700,"d":"9,700.00"},{"v":5050,"d":"5,050.00"},{"v":1111,"d":"1,111.00"},{"v":6161,"d":"6,161.00"},null,36]
["А1112",906,10108564,"Блок 002 SA-94 Aswega","(1690) Боровский пр-д, д.13а",{"v":6,"d":"6.000"},"ШТ","2010г","3.NV.1216-2002","Документы отсутствуют","Блок 002 SA-94 Aswega","Удовлетворительное",{"v":81000,"d":"81,000.00"},{"v":13500,"d":"13,500.00"},{"v":81000,"d":"81,000.00"},{"v":35540,"d":"35,540.00"},{"v":7818.8,"d":"7,818.80"},{"v":43358.8,"d":"43,358.80"},null,36]
["А1113",907,10108557,"Блок 004 SA-94 Aswega","(1690) Боровский пр-д, д.13а",{"v":4,"d":"4.000"},"ШТ","2013г","3.NV.1216-2002","Документы отсутствуют","Блок 004 SA-94 Aswega","Удовлетворительное",{"v":18400,"d":"18,400.00"},{"v":4600,"d":"4,600.00"},{"v":18400,"d":"18,400.00"},{"v":9430,"d":"9,430.00"},{"v":2074.6,"d":"2,074.60"},{"v":11504.6,"d":"11,504.60"},null,36]
["А1114",908,10109049,"Блок БП/ВКТ7","(1690) Боровский пр-д, д.13а",{"v":627,"d":"627.000"},"ШТ","2012г","3.NV.1216-2002","Документы отсутствуют","Блок БП/ВКТ7","Удовлетворительное",{"v":849252.55,"d":"849,252.55"},{"v":1354.47,"d":"1,354.47"},{"v":849252.55,"d":"849,252.55"},{"v":434040,"d":"434,040.00"},{"v":95488.8,"d":"95,488.80"},{"v":529528.8,"d":"529,528.80"},null,36]
["А1115",909,10118634,"Блок ИВБ-106","(1690) Боровский пр-д, д.13а",{"v":53,"d":"53.000"},"ШТ","2011г.","3.NV.1216-2002","Документы отсутствуют","Блок ИВБ-106","Удовлетворительное",{"v":1247443.31,"d":"1,247,443.31"},{"v":23536.67,"d":"23,536.67"},{"v":1247443.31,"d":"1,247,443.31"},{"v":649680,"d":"649,680.00"},{"v":142929.6,"d":"142,929.60"},{"v":792609.6,"d":"792,609.60"},null,36]
["А1116",910,10108498,"Блок ИСТВ.466344.001","(1690) Боровский пр-д, д.13а",{"v":10,"d":"10.000"},"ШТ","2011г.","3.NV.1216-2002","Паспорт без №","Блок ИСТВ.466344.001","Удовлетворительное",{"v":18200,"d":"18,200.00"},{"v":1820,"d":"1,820.00"},{"v":18200,"d":"18,200.00"},{"v":9480,"d":"9,480.00"},{"v":2085.6,"d":"2,085.60"},{"v":11565.6,"d":"11,565.60"},null,36]
["А1163",911,10104605,"Вычислитель ВКТ-7-04-1-0-1","(1690) Боровский пр-д, д.13а",{"v":11,"d":"11.000"},"ШТ","2010г","3.NV.1216-2002","Отсутствуют"," ВКТ-7-04-1-0-1","Удовлетворительное",{"$f":"O950","v":{"v":127144.51,"d":"127,144.51"}},{"$f":"O950/F950","v":{"v":11558.59,"d":"11,558.59"}},{"v":127144.51,"d":"127,144.51"},{"v":71020,"d":"71,020.00"},{"v":15624.4,"d":"15,624.40"},{"v":86644.4,"d":"86,644.40"},null,36]
["А1164",912,10107124,"Детектор LDS стационарный 220В","(1690) Боровский пр-д, д.13а",{"v":1,"d":"1.000"},"ШТ","2013г","3.NV.1216-2002","Паспорт без №","Детектор LDS стационарный 220В","Удовлетворительное",{"v":18042.79,"d":"18,042.79"},{"v":18042.79,"d":"18,042.79"},{"v":18042.79,"d":"18,042.79"},{"v":8390,"d":"8,390.00"},{"v":1845.8,"d":"1,845.80"},{"v":10235.8,"d":"10,235.80"},null,36]
["А1165",913,10151050,"Измеритель температуры ИТ-17С","(1690) Боровский пр-д, д.13а",{"v":6,"d":"6.000"},"ШТ","2013г","3.NV.1216-2002","Паспорт без №"," ИТ-17С","Удовлетворительное",{"v":27027,"d":"27,027.00"},{"v":4504.5,"d":"4,504.50"},{"v":27027,"d":"27,027.00"},{"v":13850,"d":"13,850.00"},{"v":3047,"d":"3,047.00"},{"v":16897,"d":"16,897.00"},null,36]
["А1166",914,10104697,"Комплект термопр. КТСП-Н 5.0.02.00.4.3.3","(1690) Боровский пр-д, д.13а",{"$f":"114-5-3-3","v":{"v":103,"d":"103.000"}},"ШТ","2013г","3.NV.1216-2002","Отсутствуют","Комплект термопр. КТСП-Н 5.0.02.00.4.3.3","Удовлетворительное",{"v":105973.22,"d":"105,973.22"},{"v":1028.87,"d":"1,028.87"},{"$f":"117290.75/114*103","v":{"v":105973.22,"d":"105,973.22"}},{"v":54310,"d":"54,310.00"},{"v":11948.2,"d":"11,948.20"},{"v":66258.2,"d":"66,258.20"},null,36]
["А1167",915,10104699,"Комплект термопр. КТСП-Н 5.0.04.00.4.3.3","(1690) Боровский пр-д, д.13а",{"$f":"58-5-11-3","v":{"v":39,"d":"39.000"}},"ШТ","2013г","3.NV.1216-2002","Документы отсутствуют","Комплект термопр. КТСП-Н 5.0.04.00.4.3.3","Удовлетворительное",{"$f":"O954","v":{"v":44061.61,"d":"44,061.61"}},{"v":1129.78,"d":"1,129.78"},{"$f":"59878.6/53*39","v":{"v":44061.61,"d":"44,061.61"}},{"v":22580,"d":"22,580.00"},{"v":4967.6,"d":"4,967.60"},{"v":27547.6,"d":"27,547.60"},null,36]
["А1168",916,10104708,"Комплект термопр. КТСП-Н 5.0.05.00.4.3.3","(1690) Боровский пр-д, д.13а",{"$f":"76-1-5-5","v":{"v":65,"d":"65.000"}},"ШТ","2013г","3.NV.1216-2002","Документы отсутствуют","Комплект термопр. КТСП-Н 5.0.05.00.4.3.3","Удовлетворительное",{"v":75955.93,"d":"75,955.93"},{"$f":"O955/F955","v":{"v":1168.55,"d":"1,168.55"}},{"v":75955.94,"d":"75,955.94"},{"v":38930,"d":"38,930.00"},{"v":8564.6,"d":"8,564.60"},{"v":47494.6,"d":"47,494.60"},null,36]
["А1169",917,10101170,"Комплект термопреобр. КТС-Б тип 3 100мм","(1690) Боровский пр-д, д.13а",{"$f":"10-2","v":{"v":8,"d":"8.000"}},"ШТ","2011г.","3.NV.1216-2002","Паспорт без №","Комплект термопреобр. КТС-Б тип 3 100мм","Удовлетворительное",{"v":14970.7,"d":"14,970.70"},{"$f":"O956/F956","v":{"v":1871.34,"d":"1,871.34"}},{"$f":"18713.37/10*8","v":{"v":14970.7,"d":"14,970.70"}},{"v":7800,"d":"7,800.00"},{"v":1716,"d":"1,716.00"},{"v":9516,"d":"9,516.00"},null,36]
["А1170",918,10101057,"Комплект термопреобр. КТС-Б тип 3 60мм","(1690) Боровский пр-д, д.13а",{"$f":"10-1","v":{"v":9,"d":"9.000"}},"ШТ","2010г","3.NV.1216-2002","Паспорт без №","Комплект термопреобр. КТС-Б тип 3 60мм","Удовлетворительное",{"v":16650,"d":"16,650.00"},{"v":1850,"d":"1,850.00"},{"$f":"18500/10*9","v":{"v":16650,"d":"16,650.00"}},{"v":9300,"d":"9,300.00"},{"v":2046,"d":"2,046.00"},{"v":11346,"d":"11,346.00"},null,36]
["А1171",919,10108380,"Контроллер Icpdas I-7188XA","(1690) Боровский пр-д, д.13а",{"v":2,"d":"2.000"},"ШТ","2012г","3.NV.1216-2002","Паспорт без №","Контроллер Icpdas I-7188XA","Удовлетворительное",{"v":12492.69,"d":"12,492.69"},{"v":6246.35,"d":"6,246.35"},{"v":12492.69,"d":"12,492.69"},{"v":6380,"d":"6,380.00"},{"v":1403.6,"d":"1,403.60"},{"v":7783.6,"d":"7,783.60"},null,36]
["А1172",920,10101469,"КТПТР-01-2-100П-160","(1690) Боровский пр-д, д.13а",{"$f":"55-1","v":{"v":54,"d":"54.000"}},"ШТ","2011г.","3.NV.1216-2002","Паспорт без №","КТПТР-01-2-100П-160","Удовлетворительное",{"v":64161.28,"d":"64,161.28"},{"v":1188.17,"d":"1,188.17"},{"$f":"65349.45/55*54","v":{"v":64161.28,"d":"64,161.28"}},{"v":33420,"d":"33,420.00"},{"v":7352.4,"d":"7,352.40"},{"v":40772.4,"d":"40,772.40"},null,36]
["А1173",921,10122620,"КТСПР 001-1-100П-1,391-2-160","(1690) Боровский пр-д, д.13а",{"v":17,"d":"17.000"},"ШТ","2012г","3.NV.1216-2002","Паспорт без №","КТСПР 001-1-100П-1,391-2-160","Удовлетворительное",{"v":33010.96,"d":"33,010.96"},{"v":1941.82,"d":"1,941.82"},{"v":33010.96,"d":"33,010.96"},{"v":16870,"d":"16,870.00"},{"v":3711.4,"d":"3,711.40"},{"v":20581.4,"d":"20,581.40"},null,36]
["А1174",922,10108176,"КТСПР 001-1-100П-1,391-4-100","(1690) Боровский пр-д, д.13а",{"v":20,"d":"20.000"},"ШТ","2012г","3.NV.1216-2002","Паспорт без №","КТСПР 001-1-100П-1,391-4-100","Удовлетворительное",{"v":40528.8,"d":"40,528.80"},{"v":2026.44,"d":"2,026.44"},{"v":40528.8,"d":"40,528.80"},{"v":20710,"d":"20,710.00"},{"v":4556.2,"d":"4,556.20"},{"v":25266.2,"d":"25,266.20"},null,36]
["А1175",923,10124454,"Модем AnCom RM/D 133/000","(1690) Боровский пр-д, д.13а",{"v":30,"d":"30.000"},"ШТ","2012г","3.NV.1216-2002","Паспорт без №","Модем AnCom RM/D 133/000","Удовлетворительное",{"v":185505.84,"d":"185,505.84"},{"v":6183.53,"d":"6,183.53"},{"v":185505.84,"d":"185,505.84"},{"v":94810,"d":"94,810.00"},{"v":20858.2,"d":"20,858.20"},{"v":115668.2,"d":"115,668.20"},null,36]
["А1176",924,10124455,"Модем AnCom RM/D 143/000","(1690) Боровский пр-д, д.13а",{"v":18,"d":"18.000"},"ШТ","2012г","3.NV.1216-2002","Паспорт без №","Модем AnCom RM/D 143/000","Удовлетворительное",{"v":116680.28,"d":"116,680.28"},{"v":6482.24,"d":"6,482.24"},{"v":116680.28,"d":"116,680.28"},{"v":59630,"d":"59,630.00"},{"v":13118.6,"d":"13,118.60"},{"v":72748.6,"d":"72,748.60"},null,36]
["А1177",925,10015703,"Модуль ввода Icpdas I-7067D","(1690) Боровский пр-д, д.13а",{"v":3,"d":"3.000"},"ШТ","2011г.","3.NV.1216-2002","Паспорт без №","Модуль ввода Icpdas I-7067D","Удовлетворительное",{"v":7000.01,"d":"7,000.01"},{"v":2333.34,"d":"2,333.34"},{"v":7000.01,"d":"7,000.01"},{"v":3650,"d":"3,650.00"},{"v":803,"d":"803.00"},{"v":4453,"d":"4,453.00"},null,36]
["А1178",926,10104569,"Повторитель RS-232 Icpdas I-7551","(1690) Боровский пр-д, д.13а",{"v":17,"d":"17.000"},"ШТ","2011г.","3.NV.1216-2002","Документы отсутствуют","Повторитель RS-232 Icpdas I-7551","Удовлетворительное",{"v":30542.39,"d":"30,542.39"},{"v":1796.61,"d":"1,796.61"},{"v":30542.39,"d":"30,542.39"},{"v":15910,"d":"15,910.00"},{"v":3500.2,"d":"3,500.20"},{"v":19410.2,"d":"19,410.20"},null,36]
["А1179",927,10105138,"Преобраз. расх ПРЭМ-32-L0-0-0-B1 сэндвич","(1690) Боровский пр-д, д.13а",{"v":41,"d":"41.000"},"ШТ","2011г.","3.NV.1216-2002","Документы отсутствуют","Преобраз. расх ПРЭМ-32-L0-0-0-B1 сэндвич","Удовлетворительное",{"v":632913.25,"d":"632,913.25"},{"v":15436.91,"d":"15,436.91"},{"v":632913.25,"d":"632,913.25"},{"v":329630,"d":"329,630.00"},{"v":72518.6,"d":"72,518.60"},{"v":402148.6,"d":"402,148.60"},null,36]
["А1180",928,10106484,"Прибор микропроцессорный Элтеко К3","(1690) Боровский пр-д, д.13а",{"v":2,"d":"2.000"},"ШТ","2011г.","3.NV.1216-2002","Паспорт без №","Прибор микропроцессорный Элтеко К3","Удовлетворительное",{"v":23741.88,"d":"23,741.88"},{"v":11870.94,"d":"11,870.94"},{"v":23741.88,"d":"23,741.88"},{"v":12360,"d":"12,360.00"},{"v":2719.2,"d":"2,719.20"},{"v":15079.2,"d":"15,079.20"},null,36]
["А1181",929,10102082,"Пульт накопительный НП-4А","(1690) Боровский пр-д, д.13а",{"v":7,"d":"7.000"},"ШТ","2011г.","3.NV.1216-2002","Паспорт без №","НП-4А","Удовлетворительное",{"v":31682,"d":"31,682.00"},{"v":4526,"d":"4,526.00"},{"v":31682,"d":"31,682.00"},{"v":16500,"d":"16,500.00"},{"v":3630,"d":"3,630.00"},{"v":20130,"d":"20,130.00"},null,36]
["А1182",930,10118041,"Расходомер Взлёт ЭР ЭРСВ-420Л Ду100","(1690) Боровский пр-д, д.13а",{"$f":"8-6","v":{"v":2,"d":"2.000"}},"ШТ","2011г.","3.NV.1216-2002","Паспорт без №"," Взлёт ЭР ЭРСВ-420Л Ду100","Удовлетворительное",{"v":37721.6,"d":"37,721.60"},{"v":18860.8,"d":"18,860.80"},{"$f":"150886.4/8*2","v":{"v":37721.6,"d":"37,721.60"}},{"v":19650,"d":"19,650.00"},{"v":4323,"d":"4,323.00"},{"v":23973,"d":"23,973.00"},null,36]
["А1183",931,10118052,"Расходомер Взлёт ЭР ЭРСВ-420Л Ду25","(1690) Боровский пр-д, д.13а",{"v":10,"d":"10.000"},"ШТ","2012г","3.NV.1216-2002","Паспорт без №"," Взлёт ЭР ЭРСВ-420Л Ду25","Удовлетворительное",{"v":112020,"d":"112,020.00"},{"v":11202,"d":"11,202.00"},{"v":112020,"d":"112,020.00"},{"v":57250,"d":"57,250.00"},{"v":12595,"d":"12,595.00"},{"v":69845,"d":"69,845.00"},null,36]
["А1184",932,10118009,"Расходомер Взлёт ЭР ЭРСВ-420Л Ду32","(1690) Боровский пр-д, д.13а",{"v":6,"d":"6.000"},"ШТ","2011г.","3.NV.1216-2002","Паспорт без №"," Взлёт ЭР ЭРСВ-420Л Ду32","Удовлетворительное",{"v":72038.4,"d":"72,038.40"},{"v":12006.4,"d":"12,006.40"},{"v":72038.4,"d":"72,038.40"},{"v":37520,"d":"37,520.00"},{"$f":"R971-P971","v":{"v":8254.4,"d":"8,254.40"}},{"$f":"P971*1.22","v":{"v":45774.4,"d":"45,774.40"}},null,36]
["А1185",933,10118040,"Расходомер Взлёт ЭР ЭРСВ-420Л Ду50","(1690) Боровский пр-д, д.13а",{"v":6,"d":"6.000"},"ШТ","2011г.","3.NV.1216-2002","Паспорт без №"," Взлёт ЭР ЭРСВ-420Л Ду50","Удовлетворительное",{"v":82118.4,"d":"82,118.40"},{"v":13686.4,"d":"13,686.40"},{"v":82118.4,"d":"82,118.40"},{"v":42770,"d":"42,770.00"},{"v":9409.4,"d":"9,409.40"},{"v":52179.4,"d":"52,179.40"},null,36]
["А1186",934,10117838,"Расходомер Взлёт ЭР ЭРСВ-420Л Ду80","(1690) Боровский пр-д, д.13а",{"v":4,"d":"4.000"},"ШТ","2011г.","3.NV.1216-2002","Паспорт без №"," Взлёт ЭР ЭРСВ-420Л Ду80","Удовлетворительное",{"v":66124.8,"d":"66,124.80"},{"v":16531.2,"d":"16,531.20"},{"v":66124.8,"d":"66,124.80"},{"v":34440,"d":"34,440.00"},{"v":7576.8,"d":"7,576.80"},{"v":42016.8,"d":"42,016.80"},null,36]
["А1187",935,10117857,"Расходомер Взлёт ЭР ЭРСВ-430Л Ду100","(1690) Боровский пр-д, д.13а",{"v":5,"d":"5.000"},"ШТ","2011г.","3.NV.1216-2002","Паспорт без №"," Взлёт ЭР ЭРСВ-430Л Ду100","Удовлетворительное",{"v":100240,"d":"100,240.00"},{"v":20048,"d":"20,048.00"},{"v":100240,"d":"100,240.00"},{"v":52210,"d":"52,210.00"},{"v":11486.2,"d":"11,486.20"},{"v":63696.2,"d":"63,696.20"},null,36]
["А1188",936,10118030,"Расходомер Взлёт ЭР ЭРСВ-430Л Ду25","(1690) Боровский пр-д, д.13а",{"v":11,"d":"11.000"},"ШТ","2012г","3.NV.1216-2002","Паспорт без №"," Взлёт ЭР ЭРСВ-430Л Ду25","Удовлетворительное",{"v":129141.36,"d":"129,141.36"},{"v":11740.12,"d":"11,740.12"},{"v":129141.36,"d":"129,141.36"},{"v":66000,"d":"66,000.00"},{"v":14520,"d":"14,520.00"},{"v":80520,"d":"80,520.00"},null,36]
["А1189",937,10118020,"Расходомер Взлёт ЭР ЭРСВ-430Л Ду32","(1690) Боровский пр-д, д.13а",{"v":6,"d":"6.000"},"ШТ","2011г.","3.NV.1216-2002","Паспорт без №"," Взлёт ЭР ЭРСВ-430Л Ду32","Удовлетворительное",{"v":77616,"d":"77,616.00"},{"v":12936,"d":"12,936.00"},{"v":77616,"d":"77,616.00"},{"v":40420,"d":"40,420.00"},{"v":8892.4,"d":"8,892.40"},{"v":49312.4,"d":"49,312.40"},null,36]
["А1190",938,10117986,"Расходомер Взлёт ЭР ЭРСВ-430Л Ду80","(1690) Боровский пр-д, д.13а",{"v":10,"d":"10.000"},"ШТ","2011г.","3.NV.1216-2002","Паспорт без №","Взлёт ЭР ЭРСВ-430Л Ду80","Удовлетворительное",{"v":171360,"d":"171,360.00"},{"v":17136,"d":"17,136.00"},{"v":171360,"d":"171,360.00"},{"v":89250,"d":"89,250.00"},{"v":19635,"d":"19,635.00"},{"v":108885,"d":"108,885.00"},null,36]
["А1191",939,10124728,"Тестер кабельный Актаком АСМ-1003","(1690) Боровский пр-д, д.13а",{"v":10,"d":"10.000"},"ШТ","2011г.","3.NV.1216-2002","Паспорт без №","Тестер кабельный Актаком АСМ-1003","Удовлетворительное",{"v":25000,"d":"25,000.00"},{"v":2500,"d":"2,500.00"},{"v":25000,"d":"25,000.00"},{"v":13020,"d":"13,020.00"},{"v":2864.4,"d":"2,864.40"},{"v":15884.4,"d":"15,884.40"},null,36]
["А1192",940,10111935,"Устройство переноса данных УПД-2У","(1690) Боровский пр-д, д.13а",{"v":3,"d":"3.000"},"ШТ","2011г.","3.NV.1216-2002","Паспорт без №","УПД-2У","Удовлетворительное",{"v":18525.27,"d":"18,525.27"},{"v":6175.09,"d":"6,175.09"},{"v":18525.27,"d":"18,525.27"},{"v":9520,"d":"9,520.00"},{"v":2094.4,"d":"2,094.40"},{"v":11614.4,"d":"11,614.40"},null,36]
["А1193",941,10151749,"М-150CG2(0-4кПа)2211L3AM5D52B1K01PA","(0104) ул. М. Дмитровка, д. 25",{"v":1,"d":"1.000"},"ШТ","2013-06-03","3.NV.1201-2002","Документы отсутствуют","Нет данных","Удовлетворительное",{"v":32878,"d":"32,878.00"},{"v":32878,"d":"32,878.00"},{"v":32878,"d":"32,878.00"},{"v":16830,"d":"16,830.00"},{"v":3702.6,"d":"3,702.60"},{"v":20532.6,"d":"20,532.60"},null,36]
["А1194",942,10157413,"М-150CG1(0-1,6кПа)2211L3AM5D52K03РА","(0119) Переулок Васнецова, д. 11А",{"v":1,"d":"1.000"},"ШТ","2009-12-14","3.NV.1201-2002","Документы отсутствуют","Нет данных","Удовлетворительное",{"v":26399.93,"d":"26,399.93"},{"v":26399.93,"d":"26,399.93"},{"v":26399.93,"d":"26,399.93"},{"v":15700,"d":"15,700.00"},{"v":3454,"d":"3,454.00"},{"v":19154,"d":"19,154.00"},null,36]
["А1195",943,10008132,"Датчик-реле напора и тяги ДЕМ 107","(0119) Переулок Васнецова, д. 11А",{"v":3,"d":"3.000"},"ШТ","2013-03-31","3.NV.1201-2002","Документы отсутствуют","Нет данных","Удовлетворительное",{"v":14986.91,"d":"14,986.91"},{"v":4995.64,"d":"4,995.64"},{"v":14986.91,"d":"14,986.91"},{"v":7690,"d":"7,690.00"},{"v":1691.8,"d":"1,691.80"},{"v":9381.8,"d":"9,381.80"},null,36]
["А1196",944,10015319,"Датчик-реле давления DG-6UG-3","(0119) Переулок Васнецова, д. 11А",{"v":3,"d":"3.000"},"ШТ","04.2013г.","3.NV.1201-2002","Документы отсутствуют","Нет данных","Удовлетворительное",{"v":10361.57,"d":"10,361.57"},{"v":3453.86,"d":"3,453.86"},{"v":10361.57,"d":"10,361.57"},{"v":5320,"d":"5,320.00"},{"v":1170.4,"d":"1,170.40"},{"v":6490.4,"d":"6,490.40"},null,36]
["А1197",945,10014351,"Карман для датчика ZTF 222 800 698","(0119) Переулок Васнецова, д. 11А",{"v":5,"d":"5.000"},"ШТ","08.2013г.","3.NV.1201-2002","Документы отсутствуют","Нет данных","Удовлетворительное",{"v":12101.69,"d":"12,101.69"},{"v":2420.34,"d":"2,420.34"},{"v":12101.69,"d":"12,101.69"},{"v":6200,"d":"6,200.00"},{"v":1364,"d":"1,364.00"},{"v":7564,"d":"7,564.00"},null,36]
["А1198",946,10014349,"Датчик ZTF 222 Tem 800698","(0119) Переулок Васнецова, д. 11А",{"v":7,"d":"7.000"},"ШТ","2014-12-30","3.NV.1201-2002","Документы отсутствуют","Нет данных","Удовлетворительное",{"v":13596.97,"d":"13,596.97"},{"v":1942.42,"d":"1,942.42"},{"v":13596.97,"d":"13,596.97"},{"v":6770,"d":"6,770.00"},{"v":1489.4,"d":"1,489.40"},{"v":8259.4,"d":"8,259.40"},null,36]
["А1199",947,10015225,"Датчик т-ры ZTR 222","(0119) Переулок Васнецова, д. 11А",{"v":12,"d":"12.000"},"ШТ","2014-08-05","3.NV.1201-2002","Документы отсутствуют","Нет данных","Удовлетворительное",{"v":17718.12,"d":"17,718.12"},{"v":1476.51,"d":"1,476.51"},{"v":17718.12,"d":"17,718.12"},{"v":8870,"d":"8,870.00"},{"v":1951.4,"d":"1,951.40"},{"v":10821.4,"d":"10,821.40"},null,36]
["А1200",948,10014343,"Реле давления газа DG 50 B","(0119) Переулок Васнецова, д. 11А",{"v":2,"d":"2.000"},"ШТ","2014-12-31","3.NV.1201-2002","Документы отсутствуют","Нет данных","Удовлетворительное",{"v":9776.27,"d":"9,776.27"},{"v":4888.14,"d":"4,888.14"},{"v":9776.27,"d":"9,776.27"},{"v":4870,"d":"4,870.00"},{"v":1071.4,"d":"1,071.40"},{"v":5941.4,"d":"5,941.40"},null,36]
["А1201",949,10007550,"Блок упр. Landis LFL1.322","(0808) ул. Верейская, д.35",{"v":1,"d":"1.000"},"ШТ",2014,"3.NV.1208-2002","Документы отсутствуют","Нет данных","Удовлетворительное",{"v":10806.99,"d":"10,806.99"},{"$f":"O988/F988","v":{"v":10806.99,"d":"10,806.99"}},{"v":10806.99,"d":"10,806.99"},{"v":5420,"d":"5,420.00"},{"v":1192.4,"d":"1,192.40"},{"v":6612.4,"d":"6,612.40"},null,36]
["А1202",950,102029237,"Б/У Блок управления с автоматом 63А","(0903) Проезд № 607 д. 22",{"v":4,"d":"4.000"},"ШТ",2007,"3.NV.1209-2002","Документы отсутствуют","Нет данных","Удовлетворительное",{"v":100844.48,"d":"100,844.48"},{"v":25211.12,"d":"25,211.12"},{"v":100844.48,"d":"100,844.48"},{"v":71500,"d":"71,500.00"},{"v":15730,"d":"15,730.00"},{"v":87230,"d":"87,230.00"},null,36]
["А1203",951,102029280,"Б/У Клещи токоизмер. Ц-90","(0903) Проезд № 607 д. 22",{"v":4,"d":"4.000"},"ШТ",2006,"3.NV.1209-2002","Документы отсутствуют","Нет данных","Удовлетворительное",{"v":27544.44,"d":"27,544.44"},{"v":6886.11,"d":"6,886.11"},{"v":27544.44,"d":"27,544.44"},{"v":20800,"d":"20,800.00"},{"v":4576,"d":"4,576.00"},{"v":25376,"d":"25,376.00"},null,36]
["А1204",952,10009908,"Клещи Ц 4502","(0903) Проезд № 607 д. 22",{"v":27,"d":"27.000"},"ШТ",2006,"3.NV.1209-2002","Документы отсутствуют","Нет данных","Удовлетворительное",{"v":182867.22,"d":"182,867.22"},{"v":6772.86,"d":"6,772.86"},{"v":182867.22,"d":"182,867.22"},{"v":138070,"d":"138,070.00"},{"v":30375.4,"d":"30,375.40"},{"v":168445.4,"d":"168,445.40"},null,36]
["А1205",953,102029160,"Модуль ABB 23BA30 GSNE001500R0001","(0903) Проезд № 607 д. 22",{"v":4,"d":"4.000"},"ШТ",2006,"3.NV.1209-2002","Документы отсутствуют","Нет данных","Удовлетворительное",{"v":51900,"d":"51,900.00"},{"v":12975,"d":"12,975.00"},{"v":51900,"d":"51,900.00"},{"v":39190,"d":"39,190.00"},{"v":8621.8,"d":"8,621.80"},{"v":47811.8,"d":"47,811.80"},null,36]
["А1206",954,10105272,"ТКП-160Сг-М2-УХЛ2-(0+120)С-2,5-4-160-А","(0903) Проезд № 607 д. 22",{"v":3,"d":"3.000"},"ШТ",2006,"3.NV.1209-2002","Документы отсутствуют","Нет данных","Удовлетворительное",{"v":22335,"d":"22,335.00"},{"v":7445,"d":"7,445.00"},{"v":22335,"d":"22,335.00"},{"v":16860,"d":"16,860.00"},{"v":3709.2,"d":"3,709.20"},{"v":20569.2,"d":"20,569.20"},null,36]
["А1207",955,10123958,"Кран VE-РАСКО-НЗ-1,6-G1/2-М20","(0098) Верхние поля, 25",{"v":2,"d":"2.000"},"ШТ",2014,"3.NV.1100-2002","Документы отсутствуют","НЗ-1,6-G1/2-М20","удовлетворительное",{"$f":"O994","v":{"v":1352.54,"d":"1,352.54"}},676.27,{"v":1352.54,"d":"1,352.54"},{"v":960,"d":"960.00"},{"v":211.2,"d":"211.20"},{"v":1171.2,"d":"1,171.20"},null,36]
["А1208",956,10123496,"Садко 107 ТЖИУ.406423.009.01 10-40кПа","(0092) Кусковская ул., д. 18Г",{"v":1,"d":"1.000"},"ШТ","2010-01-01","3.NV.1100-2002","Руководство по эксплуатации ТЖИУ.406423.001РЭ 17.09.2008"," 10-40кПа","Хорошее",{"v":29773.48,"d":"29,773.48"},{"v":29773.48,"d":"29,773.48"},{"v":29773.48,"d":"29,773.48"},{"v":21500,"d":"21,500.00"},{"v":4730,"d":"4,730.00"},{"v":26230,"d":"26,230.00"},null,36]
["А1209",957,10102082,"Пульт накопительный НП-4А","(0092) Кусковская ул., д. 18Г",{"v":161,"d":"161.000"},"ШТ","2010","3.NV.1100-2002","Руководство пользователя 27.07.2010г","НП-4А","Хорошее",{"v":728686.1,"d":"728,686.10"},{"v":4526,"d":"4,526.00"},{"v":728686.1,"d":"728,686.10"},{"v":550280,"d":"550,280.00"},{"v":121061.6,"d":"121,061.60"},{"v":671341.6,"d":"671,341.60"},null,36]
["А1211",958,10110475,"Блок питания AD5101А Aswega","(0092) Кусковская ул., д. 18Г",{"v":1,"d":"1.000"},"ШТ",2014,"3.NV.1100-2002","Руководство по эксплуаатации АW.410.19.ХХН 03.2013","AD5101А","Хорошее",{"v":3494.51,"d":"3,494.51"},{"v":3494.51,"d":"3,494.51"},{"v":3494.51,"d":"3,494.51"},{"v":2540,"d":"2,540.00"},{"v":558.8,"d":"558.80"},{"v":3098.8,"d":"3,098.80"},null,36]
["А1213",959,10131355,"Счётчик VA2305МA-1-1-25-D-1-1-100","(0092) Кусковская ул., д. 18Г",{"v":1,"d":"1.000"},"ШТ",2014,"3.NV.1100-2002","Документы отсутствуют","VA2305МA-1-1-25-D-1-1-100","Хорошее",{"v":28077,"d":"28,077.00"},{"v":28077,"d":"28,077.00"},{"v":28077,"d":"28,077.00"},{"v":20410,"d":"20,410.00"},{"v":4490.2,"d":"4,490.20"},{"v":24900.2,"d":"24,900.20"},null,36]
["А1216",960,10015908,"Датчик давл. КРТ-5-2-1,0-1,0","(0092) Кусковская ул., д. 18Г",{"v":2,"d":"2.000"},"ШТ",2014,"3.NV.1100-2002","Руководство по эксплуатации ТКСИ.421111.027 РЭ  18.07.2010","5-2-1,0-1,0","Хорошее",{"v":8195.72,"d":"8,195.72"},{"v":4097.86,"d":"4,097.86"},{"v":8195.72,"d":"8,195.72"},{"v":5960,"d":"5,960.00"},{"v":1311.2,"d":"1,311.20"},{"v":7271.2,"d":"7,271.20"},null,36]
["А1217",961,10127030,"Sensors DMP 331 110-1002-1-3-100-500-1","(0092) Кусковская ул., д. 18Г",{"v":2,"d":"2.000"},"ШТ",2014,"3.NV.1100-2002","Паспорт 26.06.2012","110-1002-1-3-100-500-1","Хорошее",{"v":23064.48,"d":"23,064.48"},{"v":11532.24,"d":"11,532.24"},{"v":23064.48,"d":"23,064.48"},{"v":16770,"d":"16,770.00"},{"v":3689.4,"d":"3,689.40"},{"v":20459.4,"d":"20,459.40"},null,36]
["А1218",962,10051079,"Мановакуумметр МВ-5000","(0092) Кусковская ул., д. 18Г",{"v":3,"d":"3.000"},"ШТ",2014,"3.NV.1100-2002","Паспорт ялиб.406111.002 пс","МВ-5000","Хорошее",{"v":1545.12,"d":"1,545.12"},515.04,{"v":1545.12,"d":"1,545.12"},{"v":1120,"d":"1,120.00"},{"v":246.4,"d":"246.40"},{"v":1366.4,"d":"1,366.40"},null,36]
["А1219",963,10019156,"Датчик-реле давл. ДЕМ 102-2-02-2","(0092) Кусковская ул., д. 18Г",{"v":5,"d":"5.000"},"ШТ",2014,"3.NV.1100-2002","Паспорт ТКСИ.421262.012 ПС 07,2011.","102-2-02-2","Хорошее",{"v":14500,"d":"14,500.00"},{"v":2900,"d":"2,900.00"},{"v":14500,"d":"14,500.00"},{"v":10540,"d":"10,540.00"},{"v":2318.8,"d":"2,318.80"},{"v":12858.8,"d":"12,858.80"},null,36]
["А1221",964,10015746,"МИДА-ДИ-13П-У2-0,5-0,1МПа-01-М20-П","(0092) Кусковская ул., д. 18Г",{"v":6,"d":"6.000"},"ШТ",2014,"3.NV.1100-2002","Паспорт МДВГ.406233.033 ПС 26.02.2007г","13П-У2-0,5-0,1МПа-01-М20-П","Хорошее",{"v":35122.8,"d":"35,122.80"},{"v":5853.8,"d":"5,853.80"},{"v":35122.8,"d":"35,122.80"},{"v":25530,"d":"25,530.00"},{"$f":"R1003-P1003","v":{"v":5616.6,"d":"5,616.60"}},{"v":31146.6,"d":"31,146.60"},null,36]
["А1222",965,10129515,"Sensors DMP 331 110-1602-1-3-100-100-1","(0098) Верхние поля, 25",{"$f":"7-3","v":{"v":4,"d":"4.000"}},"ШТ",2014,"3.NV.1100-2002","Паспорт 25.04.2013"," 331 110-1602-1-3-100-100-1","Хорошее",{"v":40280.26,"d":"40,280.26"},{"v":10070.07,"d":"10,070.07"},{"$f":"70490.46/7*4","v":{"v":40280.26,"d":"40,280.26"}},{"v":29280,"d":"29,280.00"},{"v":6441.6,"d":"6,441.60"},{"v":35721.6,"d":"35,721.60"},null,36]
["А1224",966,10152919,"Реле давления РДД-2-X 2R BD","(0098) Верхние поля, 25",{"$f":"59-10","v":{"v":49,"d":"49.000"}},"ШТ",2014,"3.NV.1100-2002","Паспорт","РДД-2-X 2R BD","Хорошее",{"v":92100.72,"d":"92,100.72"},{"v":1879.61,"d":"1,879.61"},{"$f":"110896.78/59*49","v":{"v":92100.72,"d":"92,100.72"}},{"v":66950,"d":"66,950.00"},{"v":14729,"d":"14,729.00"},{"v":81679,"d":"81,679.00"},null,36]
["А1225",967,10103092,"Датчик СДВ-И-D-1,60МПа-4-20мА-D3422-0605","(0098) Верхние поля, 25",{"$f":"1007-493-264","v":{"v":250,"d":"250.000"}},"ШТ",2014,"3.NV.1100-2002","Паспорт АГБР.406239.001-06 ЭТ 11.2011","1,60МПа-4-20мА-D34  ","Хорошее",{"v":943838.97,"d":"943,838.97"},{"v":3775.36,"d":"3,775.36"},{"$f":"3801783.36/1007*250","v":{"v":943838.97,"d":"943,838.97"}},{"v":686140,"d":"686,140.00"},{"v":150950.8,"d":"150,950.80"},{"v":837090.8,"d":"837,090.80"},null,36]
[{"$nulls":14},{"$f":"SUM(O907:O1006)","v":{"v":12324420.4,"d":"12,324,420.40"}},{"$f":"SUM(P907:P1006)","v":{"v":7024260,"d":"7,024,260.00"}},{"v":1545337.2,"d":"1,545,337.20"},{"$f":"SUM(R907:R1006)","v":{"v":8569597.2,"d":"8,569,597.20"}},{"$f":"R1007/100*10","v":{"v":856959.72,"d":"856,959.72"}},36]
["А1226",968,10148684,"ДА8008-Вуф исп2 -1+1,5кгс/см2-1,5","(0092) Кусковская ул., д. 18Г",{"v":6,"d":"6.000"},"ШТ","2014-01-01","3.NV.1100-2002","Паспорт 6НВ.534.276 ПС","Нет данных","Новое",{"v":5887.74,"d":"5,887.74"},981.29,{"v":5887.74,"d":"5,887.74"},{"v":7160,"d":"7,160.00"},{"$f":"R1008-P1008","v":{"v":1575.2,"d":"1,575.20"}},{"$f":"P1008*1.22","v":{"v":8735.2,"d":"8,735.20"}},null,37,"КИПиА, метрология, мановакуумметр"]
[{"$nulls":14},{"$f":"O1008","v":{"v":5887.74,"d":"5,887.74"}},{"$f":"P1008","v":{"v":7160,"d":"7,160.00"}},{"v":1575.2,"d":"1,575.20"},{"$f":"R1008","v":{"v":8735.2,"d":"8,735.20"}},{"$f":"R1009/100*10","v":873.52},37]
["А1206/1",969,10148687,"ДМ8008-Вуф исп2 0+1,0кгс/см2-1,5-М20","(0317) Проспект Мира, д. 177А, стр. 1",{"v":17,"d":"17.000"},"ШТ","2014-12-31","3.NV.1203-2002","Документы отсутствуют","Манометр ДМ8008-Вуф исп2 (0+1,0кгс/см2)-1,5-М20х1,5 ПО Физтех","Удовлетворительное",{"$f":"O1010","v":{"v":16681.93,"d":"16,681.93"}},{"$f":"O1010/F1010","v":981.29},{"v":16681.93,"d":"16,681.93"},{"v":11120,"d":"11,120.00"},{"$f":"R1010-P1010","v":{"v":2446.4,"d":"2,446.40"}},{"$f":"P1010*1.22","v":{"v":13566.4,"d":"13,566.40"}},null,38,"КИПиА, метрология, мановакуумметр"]
[{"$nulls":14},{"$f":"SUM(O1010:O1010)","v":{"v":16681.93,"d":"16,681.93"}},{"$f":"P1010","v":{"v":11120,"d":"11,120.00"}},{"v":2446.4,"d":"2,446.40"},{"$f":"R1010","v":{"v":13566.4,"d":"13,566.40"}},{"$f":"R1011/100*10","v":{"v":1356.64,"d":"1,356.64"}},38]
["А1229",970,10144587,"Компенсатор 500-25-450 ТС-579.00.000-14","(2009) 3-я Кабельная, д. 2Б",{"v":1,"d":"1.000"},"ШТ","31.12.2014г","3.NV.1220-2002","Документы отсутствуют","Компенсатор 500-25-450 ТС-579.00.000-14","Новое",{"v":76300,"d":"76,300.00"},{"$f":"O1012/F1012","v":{"v":76300,"d":"76,300.00"}},{"v":76300,"d":"76,300.00"},{"v":116580,"d":"116,580.00"},{"$f":"R1012-P1012","v":{"v":25647.6,"d":"25,647.60"}},{"$f":"P1012*1.22","v":{"v":142227.6,"d":"142,227.60"}},null,39,"Компенсатор"]
["А1231",971,10142577,"Компенсатор сильфонный 1КСО-25-900","(0449) Косинская ул,3В",{"v":7,"d":"7.000"},"ШТ","31.12.2014","3.NV.1204-2002","Документы отсутствуют","Нет данных","Новое",{"v":1185965.54,"d":"1,185,965.54"},{"v":169423.65,"d":"169,423.65"},{"v":1185965.54,"d":"1,185,965.54"},{"v":1812030,"d":"1,812,030.00"},{"v":398646.6,"d":"398,646.60"},{"v":2210676.6,"d":"2,210,676.60"},null,39]
["А1232",972,102001009,"Компенсатор сильфонный осевой КСО-25-1000-220","(0449) Косинская ул,3В",{"v":1,"d":"1.000"},"ШТ","31.12.2014","3.NV.1204-2002","Документы отсутствуют","Нет данных","Новое",{"v":263145,"d":"263,145.00"},{"v":263145,"d":"263,145.00"},{"v":263145,"d":"263,145.00"},{"v":402060,"d":"402,060.00"},{"v":88453.2,"d":"88,453.20"},{"v":490513.2,"d":"490,513.20"},null,39]
["А1233",973,102001047,"Компенсатор сильфонный осевой КСО-25-900-210","(0449) Косинская ул,3В",{"v":4,"d":"4.000"},"ШТ","31.12.2014","3.NV.1204-2002","Документы отсутствуют","Нет данных","Новое",{"v":970978.99,"d":"970,978.99"},{"v":242744.75,"d":"242,744.75"},{"v":970978.99,"d":"970,978.99"},{"v":1483550,"d":"1,483,550.00"},{"v":326381,"d":"326,381.00"},{"v":1809931,"d":"1,809,931.00"},null,39]
["А1235",974,10158758,"Устройство 2УКОУ 1000-2,5-200/О+-220/ПП","(0098) Верхние поля, 25",{"v":7,"d":"7.000"},"ШТ","2013-11-01","3.NV.1100-2002","Паспорт № 1105/4, 1105/6, 1105/7, 1105/8, 1105/9, 1105/10, 1105/11","Нет данных","Новое",{"v":2975000,"d":"2,975,000.00"},{"v":425000,"d":"425,000.00"},{"v":2975000,"d":"2,975,000.00"},{"v":4485750,"d":"4,485,750.00"},{"v":986865,"d":"986,865.00"},{"v":5472615,"d":"5,472,615.00"},null,39]
["А1236",975,10158754,"Устройство 2УКОУ 900-2,5-200/О+-210/ПП","(0098) Верхние поля, 25",{"v":1,"d":"1.000"},"ШТ","2013-11-01","3.NV.1100-2002","Паспорт № 1105/1","Нет данных","Новое",{"v":368000,"d":"368,000.00"},{"v":368000,"d":"368,000.00"},{"v":368000,"d":"368,000.00"},{"v":554880,"d":"554,880.00"},{"v":122073.6,"d":"122,073.60"},{"v":676953.6,"d":"676,953.60"},null,39]
[{"$nulls":14},{"$f":"SUM(O1012:O1017)","v":{"v":5839389.53,"d":"5,839,389.53"}},{"v":8854850,"d":"8,854,850.00"},{"v":1948067,"d":"1,948,067.00"},{"v":10802917,"d":"10,802,917.00"},{"$f":"R1018/100*10","v":{"v":1080291.7,"d":"1,080,291.70"}},39]
["А1241",976,10110104,"Компенсатор КСО-25-900-210","(0801) Очаковское шоссе, д.22",{"v":5,"d":"5.000"},"ШТ","2014-12-31","3.NV.1208-2002","Документы отсутствуют","R-3051-CD-1-M-2-2-A-1-A-B4-IM-C2-K05","Удовлетворительное",{"v":1211591.12,"d":"1,211,591.12"},{"$f":"O1019/F1019","v":{"v":242318.22,"d":"242,318.22"}},{"v":1211591.12,"d":"1,211,591.12"},{"v":1261100,"d":"1,261,100.00"},{"$f":"R1019-P1019","v":{"v":277442,"d":"277,442.00"}},{"$f":"P1019*1.22","v":{"v":1538542,"d":"1,538,542.00"}},null,40,"Компенсатор"]
["А1242",977,10142765,"Компенсатор сильфонный 1КСО-25-500","(0801) Очаковское шоссе, д.22",{"$f":"3-1-1","v":{"v":1,"d":"1.000"}},"ШТ","2014-12-31","3.NV.1208-2002","Паспорт № 025834; Компенсатор сильфонный КСО-25-500-200-1,2 по ИЯНШ.300260.029ТУ; заводской №45; дата изготовления: март 2013г.; ОАО НПП Компенсатор","КА-30ГР","Удовлетворительное",{"v":110680.85,"d":"110,680.85"},{"v":110680.85,"d":"110,680.85"},{"v":110680.85,"d":"110,680.85"},{"v":105540,"d":"105,540.00"},{"$f":"R1020-P1020","v":{"v":23218.8,"d":"23,218.80"}},{"$f":"P1020*1.22","v":{"v":128758.8,"d":"128,758.80"}},null,40]
["А1243",978,102001031,"Компенсатор сильфонный СКФ2-2ИК-15","(0804) ул. Бобруйская, д.19",{"$f":"4-1","v":{"v":3,"d":"3.000"}},"ШТ","2014-12-31","3.NV.1208-2002","Документы отсутствуют","БП-24","Удовлетворительное",{"v":42840,"d":"42,840.00"},{"v":14280,"d":"14,280.00"},{"$f":"57120/4*3","v":{"v":42840,"d":"42,840.00"}},{"v":40850,"d":"40,850.00"},{"$f":"R1021-P1021","v":{"v":8987,"d":"8,987.00"}},{"$f":"P1021*1.22","v":{"v":49837,"d":"49,837.00"}},null,40]
["А1246",979,10141883,"Компенсатор сальниковый Ду700мм","(0801) Очаковское ш., д. 22",{"v":1,"d":"1.000"},"ШТ","2010","3.NV.1208-2002","Документы отсутствуют","Нет данных","Удовлетворительное ",{"v":65347.54,"d":"65,347.54"},{"v":65347.54,"d":"65,347.54"},{"v":65347.54,"d":"65,347.54"},{"v":70150,"d":"70,150.00"},{"$f":"R1022-P1022","v":{"v":15433,"d":"15,433.00"}},{"$f":"P1022*1.22","v":{"v":85583,"d":"85,583.00"}},null,40]
["А1247",980,10142830,"Компенсатор сальниковый Ду400мм","(0801) Очаковское ш., д. 22",{"v":1,"d":"1.000"},"ШТ","2010","3.NV.1208-2002","Документы отсутствуют","Нет данных","Удовлетворительное ",{"v":48862.77,"d":"48,862.77"},{"v":48862.77,"d":"48,862.77"},{"v":48862.77,"d":"48,862.77"},{"v":52460,"d":"52,460.00"},{"$f":"R1023-P1023","v":{"v":11541.2,"d":"11,541.20"}},{"$f":"P1023*1.22","v":{"v":64001.2,"d":"64,001.20"}},null,40]
[{"$nulls":14},{"$f":"SUM(O1019:O1023)","v":{"v":1479322.28,"d":"1,479,322.28"}},{"v":1530100,"d":"1,530,100.00"},{"v":336622,"d":"336,622.00"},{"v":1866722,"d":"1,866,722.00"},{"$f":"R1024/100*10","v":{"v":186672.2,"d":"186,672.20"}},40]
["А1248",981,102003298,"Компенсатор 40-13-4992 для ГТД-6РМ","(0098) Верхние поля, 25",{"v":1,"d":"1.000"},"ШТ","2015-05-26","3.NV.1100-2002","Сопроводительная карта ,66119494","Нет данных","Новое",{"v":15249.3,"d":"15,249.30"},{"$f":"O1025/F1025","v":{"v":15249.3,"d":"15,249.30"}},{"v":15249.3,"d":"15,249.30"},{"v":24880,"d":"24,880.00"},{"$f":"R1025-P1025","v":{"v":5473.6,"d":"5,473.60"}},{"$f":"P1025*1.22","v":{"v":30353.6,"d":"30,353.60"}},null,41,"Компенсатор для ГТД"]
["А1249",982,102003295,"Компенсатор 820707220 для ГТД-6РМ","(0098) Верхние поля, 25",{"v":1,"d":"1.000"},"ШТ","2015-05-26","3.NV.1100-2002","Карта качества,820707220","Нет данных","Новое",{"v":13399.9,"d":"13,399.90"},{"$f":"O1026/F1026","v":{"v":13399.9,"d":"13,399.90"}},{"v":13399.9,"d":"13,399.90"},{"v":21860,"d":"21,860.00"},{"$f":"R1026-P1026","v":{"v":4809.2,"d":"4,809.20"}},{"$f":"P1026*1.22","v":{"v":26669.2,"d":"26,669.20"}},null,41]
["А1250",983,102003296,"Компенсатор В 60715710 для ГТД-6РМ","(0098) Верхние поля, 25",{"v":1,"d":"1.000"},"ШТ","2015-05-26","3.NV.1100-2002","Карта качества, В60715710","Нет данных","Новое",{"v":17629.44,"d":"17,629.44"},{"$f":"O1027/F1027","v":{"v":17629.44,"d":"17,629.44"}},{"v":17629.44,"d":"17,629.44"},{"v":28760,"d":"28,760.00"},{"$f":"R1027-P1027","v":{"v":6327.2,"d":"6,327.20"}},{"$f":"P1027*1.22","v":{"v":35087.2,"d":"35,087.20"}},null,41]
["А1251",984,102003299,"Компенсатор Н 40705190 для ГТД-6РМ","(0098) Верхние поля, 25",{"v":1,"d":"1.000"},"ШТ","2015-05-26","3.NV.1100-2002","Документы отсутствуют","Нет данных","Новое",{"v":10528.6,"d":"10,528.60"},{"$f":"O1028/F1028","v":{"v":10528.6,"d":"10,528.60"}},{"v":10528.6,"d":"10,528.60"},{"v":17170,"d":"17,170.00"},{"$f":"R1028-P1028","v":{"v":3777.4,"d":"3,777.40"}},{"$f":"P1028*1.22","v":{"v":20947.4,"d":"20,947.40"}},null,41]
["А1252",985,102003322,"Компенсатор Н 50705440 для ГТД-6РМ","(0098) Верхние поля, 25",{"v":1,"d":"1.000"},"ШТ","2015-05-21","3.NV.1100-2002","Карта качества, Н50705440","Нет данных","Новое",{"v":25530.88,"d":"25,530.88"},{"$f":"O1029/F1029","v":{"v":25530.88,"d":"25,530.88"}},{"v":25530.88,"d":"25,530.88"},{"v":41650,"d":"41,650.00"},{"$f":"R1029-P1029","v":{"v":9163,"d":"9,163.00"}},{"$f":"P1029*1.22","v":{"v":50813,"d":"50,813.00"}},null,41]
[{"$nulls":14},{"$f":"SUM(O1025:O1029)","v":{"v":82338.12,"d":"82,338.12"}},{"$f":"SUM(P1025:P1029)","v":{"v":134320,"d":"134,320.00"}},{"v":29550.4,"d":"29,550.40"},{"$f":"SUM(R1025:R1029)","v":{"v":163870.4,"d":"163,870.40"}},{"$f":"R1030/100*10","v":{"v":16387.04,"d":"16,387.04"}},41]
["А1253",986,102003023,"Блок LUNA2 Siemens L30251-U600-A85","(1650) Профсоюзная ул., д. 93, к. 3а",{"v":2,"d":"2.000"},"ШТ","2016-07-07","3.NV.1216-2002","Документы отсутствуют","MАGNETEK 3D53-18-1","Новое",{"v":37449.98,"d":"37,449.98"},{"$f":"O1031/F1031","v":{"v":18724.99,"d":"18,724.99"}},{"v":37449.98,"d":"37,449.98"},{"v":35470,"d":"35,470.00"},{"$f":"R1031-P1031","v":{"v":7803.4,"d":"7,803.40"}},{"$f":"P1031*1.22","v":{"v":43273.4,"d":"43,273.40"}},null,42,"Комплектующие и расходные материалы к компьютерному оборудованию"]
["А1254",987,102003195,"Модуль DIUT2 Siemens L30220-Y600-A390","(1650) Профсоюзная ул., д. 93, к. 3а",{"v":1,"d":"1.000"},"ШТ","2016-07-07","3.NV.1216-2002","Документы отсутствуют","Siemens L30220-Y600-A390","Новое",{"v":69824.7,"d":"69,824.70"},{"v":69824.7,"d":"69,824.70"},{"v":69824.7,"d":"69,824.70"},{"v":52080,"d":"52,080.00"},{"v":11457.6,"d":"11,457.60"},{"v":63537.6,"d":"63,537.60"},null,42]
["А1255",988,102003186,"Модуль SLMAE Siemens L30220-Y600-A382","(1650) Профсоюзная ул., д. 93, к. 3а",{"v":1,"d":"1.000"},"ШТ","2016-07-07","3.NV.1216-2002","Документы отсутствуют","Siemens L30220-Y600-A382","Новое",{"v":74403.36,"d":"74,403.36"},{"v":74403.36,"d":"74,403.36"},{"v":74403.36,"d":"74,403.36"},{"v":55490,"d":"55,490.00"},{"v":12207.8,"d":"12,207.80"},{"v":67697.8,"d":"67,697.80"},null,42]
["А1256",989,102003193,"Модуль SLMO24 Siemens L30220-Y600-A252","(1650) Профсоюзная ул., д. 93, к. 3а",{"v":1,"d":"1.000"},"ШТ","2016-07-07","3.NV.1216-2002","Документы отсутствуют","Siemens L30220-Y600-A252","Новое",{"v":57233.36,"d":"57,233.36"},{"v":57233.36,"d":"57,233.36"},{"v":57233.36,"d":"57,233.36"},{"v":42690,"d":"42,690.00"},{"v":9391.8,"d":"9,391.80"},{"v":52081.8,"d":"52,081.80"},null,42]
["А1257",990,102003025,"Модуль TMANI Siemens L30220-Y600-A245","(1650) Профсоюзная ул., д. 93, к. 3а",{"v":1,"d":"1.000"},"ШТ","2016-07-07","3.NV.1216-2002","Документы отсутствуют","Siemens L30220-Y600-A245","Новое",{"v":60412.01,"d":"60,412.01"},{"v":60412.01,"d":"60,412.01"},{"v":60412.01,"d":"60,412.01"},{"v":45060,"d":"45,060.00"},{"v":9913.2,"d":"9,913.20"},{"v":54973.2,"d":"54,973.20"},null,42]
["А1258",991,102003194,"Шлюз HG 3575 V4 Siemens L30220-Y600-A417","(1650) Профсоюзная ул., д. 93, к. 3а",{"v":1,"d":"1.000"},"ШТ","2016-07-07","3.NV.1216-2002","Документы отсутствуют","Siemens L30220-Y600-A417","Новое",{"v":219679.23,"d":"219,679.23"},{"v":219679.23,"d":"219,679.23"},{"v":219679.23,"d":"219,679.23"},{"v":123150,"d":"123,150.00"},{"v":27093,"d":"27,093.00"},{"v":150243,"d":"150,243.00"},null,42]
["А1259",992,10117813,"АКБ Acer LC.BTP00.129 LI-ION 3cell 3S1P","(0092) Кусковская ул., д. 18Г",{"v":304,"d":"304.000"},"ШТ","2010-01-01","3.NV.1100-2002","Документы отсутствуют","Нет данных","Новое",{"v":457340.64,"d":"457,340.64"},{"v":1504.41,"d":"1,504.41"},{"v":457340.64,"d":"457,340.64"},{"v":704090,"d":"704,090.00"},{"v":154899.8,"d":"154,899.80"},{"v":858989.8,"d":"858,989.80"},null,42]
["А1260",993,10112726,"Рама с фильтром Conteg DP-VER-06F","(0092) Кусковская ул., д. 18Г",{"v":1,"d":"1.000"},"ШТ","2011-12-14","3.NV.1100-2002","Документы отсутствуют","Нет данных","Новое",{"v":1216.1,"d":"1,216.10"},{"v":1216.1,"d":"1,216.10"},{"v":1216.1,"d":"1,216.10"},{"v":1940,"d":"1,940.00"},{"v":426.8,"d":"426.80"},{"v":2366.8,"d":"2,366.80"},null,42]
["А1261",994,10004920,"Розетка RJ-45, 5 категории внешняя","(0092) Кусковская ул., д. 18Г",{"v":4,"d":"4.000"},"ШТ","2012-05-23","3.NV.1100-2002","Документы отсутствуют","Нет данных","Новое",368.56,92.14,368.56,{"v":580,"d":"580.00"},{"v":127.6,"d":"127.60"},{"v":707.6,"d":"707.60"},null,42]
["А1262",995,10038418,"Бумага Крафт ф.106 пл.78","(0098) Верхние поля, 25",{"$f":"0.124-0.03","v":0.094},"Т","2013-12-13","3.NV.1100-2002","Документы отсутствуют","Нет данных","Новое",{"v":2254.26,"d":"2,254.26"},{"v":23981.49,"d":"23,981.49"},{"$f":"2973.71/0.124*0.094","v":{"v":2254.26,"d":"2,254.26"}},{"v":2770,"d":"2,770.00"},{"v":609.4,"d":"609.40"},{"v":3379.4,"d":"3,379.40"},null,42]
["А1263",996,10140608,"Розетка JECK RJ-45","(0098) Верхние поля, 25",{"v":35,"d":"35.000"},"ШТ","2012-11-01","3.NV.1100-2002","Документы отсутствуют","Нет данных","Новое",{"v":17185,"d":"17,185.00"},{"v":491,"d":"491.00"},{"v":17185,"d":"17,185.00"},{"v":26770,"d":"26,770.00"},{"v":5889.4,"d":"5,889.40"},{"v":32659.4,"d":"32,659.40"},null,42]
["А1264",997,10140568,"Розетка RJ-11 телефонная накладная","(0098) Верхние поля, 25",{"v":30,"d":"30.000"},"ШТ","2012-11-01","3.NV.1100-2002","Документы отсутствуют","Нет данных","Новое",{"v":2297.96,"d":"2,297.96"},{"v":76.6,"d":"76.60"},{"v":2297.96,"d":"2,297.96"},{"v":3580,"d":"3,580.00"},{"v":787.6,"d":"787.60"},{"v":4367.6,"d":"4,367.60"},null,42]
[{"$nulls":14},{"$f":"SUM(O1031:O1042)","v":{"v":999665.16,"d":"999,665.16"}},{"$f":"SUM(P1031:P1042)","v":{"v":1093670,"d":"1,093,670.00"}},{"v":240607.4,"d":"240,607.40"},{"$f":"SUM(R1031:R1042)","v":{"v":1334277.4,"d":"1,334,277.40"}},{"$f":"R1043/100*10","v":{"v":133427.74,"d":"133,427.74"}},42]
["А1265",998,10092064,"Устройство WI-ISB","(0911) Строительный пр.,д.14 к.1",{"v":3,"d":"3.000"},"ШТ","30.03.2017","3.NV.1209-2002","Документы отсутствуют","Нет данных","Удовлетворительное",{"v":4266,"d":"4,266.00"},{"$f":"O1044/F1044","v":{"v":1422,"d":"1,422.00"}},{"v":4266,"d":"4,266.00"},{"v":940,"d":"940.00"},{"$f":"R1044-P1044","v":{"v":206.8,"d":"206.80"}},{"$f":"P1044*1.22","v":{"v":1146.8,"d":"1,146.80"}},null,43,"Комплектующие и расходные материалы к компьютерному оборудованию"]
["А1266",999,10102273,"АКБ CSB HR1234W 12В 34Вт","(0808) ул. Верейская, д.35",{"v":2,"d":"2.000"},"ШТ","2014-12-31","3.NV.1208-2002","Документы отсутствуют","Allen-Bradley 1746-OB32","Удовлетворительное",{"v":1466.04,"d":"1,466.04"},733.02,{"v":1466.04,"d":"1,466.04"},{"v":960,"d":"960.00"},{"v":211.2,"d":"211.20"},{"v":1171.2,"d":"1,171.20"},null,43]
["А1267",1000,10098143,"Трансформер-ML (ББП-24)","(0911) Строительный пр.,д.14 к.1",{"$f":"2-1","v":{"v":1,"d":"1.000"}},"ШТ","2015-09-30","3.NV.1209-2002","Документы отсутствуют","Нет данных","Удовлетворительное",{"v":4057.28,"d":"4,057.28"},{"v":4057.28,"d":"4,057.28"},{"v":4057.28,"d":"4,057.28"},{"v":2360,"d":"2,360.00"},{"v":519.2,"d":"519.20"},{"v":2879.2,"d":"2,879.20"},null,43]
["А1268",1001,10149594,"Кабель PC-186-VDE-10M 10м Gembird","(1690) Боровский пр-д, д.13а",{"v":9,"d":"9.000"},"ШТ","2013г","3.NV.1216-2002","Отсутствуют","Кабель PC-186-VDE-10M 10м Gembird","Удовлетворительное",{"v":2588.11,"d":"2,588.11"},287.57,{"v":2588.11,"d":"2,588.11"},{"v":1890,"d":"1,890.00"},{"v":415.8,"d":"415.80"},{"v":2305.8,"d":"2,305.80"},null,43]
["А1269",1002,10112610,"Принтер Epson LX-300+II А4","(1690) Боровский пр-д, д.13а",{"$f":"14-5","v":{"v":9,"d":"9.000"}},"ШТ","2010г","3.NV.1216-2002","Паспорт без №"," Epson LX-300+II А4","Удовлетворительное",{"v":54935.95,"d":"54,935.95"},{"v":6103.99,"d":"6,103.99"},{"$f":"85455.92/14*9","v":{"v":54935.95,"d":"54,935.95"}},{"v":26980,"d":"26,980.00"},{"v":5935.6,"d":"5,935.60"},{"v":32915.6,"d":"32,915.60"},null,43]
["А1270",1003,10105821,"Элемент гальв. Minamoto ER26500/С1 3,6В","(1690) Боровский пр-д, д.13а",{"v":1148,"d":"1148.000"},"ШТ","2010г","3.NV.1216-2002","Документы отсутствуют","Minamoto ER26500/С1 3,6В","Удовлетворительное",{"v":671367.32,"d":"671,367.32"},584.81,{"v":671367.32,"d":"671,367.32"},{"v":596740,"d":"596,740.00"},{"v":131282.8,"d":"131,282.80"},{"v":728022.8,"d":"728,022.80"},null,43]
["А1271",1004,102029173,"Б/У Конвертер I-7188E5-485 ICP DAS","(0903) Проезд № 607 д. 22",{"v":1,"d":"1.000"},"ШТ",2006,"3.NV.1209-2002","Документы отсутствуют","Нет данных","Удовлетворительное",{"v":14984.17,"d":"14,984.17"},{"v":14984.17,"d":"14,984.17"},{"v":14984.17,"d":"14,984.17"},{"v":5860,"d":"5,860.00"},{"v":1289.2,"d":"1,289.20"},{"v":7149.2,"d":"7,149.20"},null,43]
["А1272",1005,102029167,"Б/У Преобразователь NPort 6110 Moxa","(0903) Проезд № 607 д. 22",{"v":2,"d":"2.000"},"ШТ",2006,"3.NV.1209-2002","Документы отсутствуют","Нет данных","Удовлетворительное",{"v":20738.74,"d":"20,738.74"},{"v":10369.37,"d":"10,369.37"},{"v":20738.74,"d":"20,738.74"},{"v":23870,"d":"23,870.00"},{"v":5251.4,"d":"5,251.40"},{"v":29121.4,"d":"29,121.40"},null,43]
["А1273",1006,10097708,"Телефон Siemens Euroset 5020","(0092) Кусковская ул., д. 18Г",{"v":31,"d":"31.000"},"ШТ",2014,"3.NV.1100-2002","Руководство по эксплуаатации"," Euroset 5020","Хорошее",{"v":37119.16,"d":"37,119.16"},{"v":1197.39,"d":"1,197.39"},{"v":37119.16,"d":"37,119.16"},{"v":21030,"d":"21,030.00"},{"v":4626.6,"d":"4,626.60"},{"v":25656.6,"d":"25,656.60"},null,43]
[{"$nulls":14},{"$f":"SUM(O1044:O1052)","v":{"v":811522.77,"d":"811,522.77"}},{"$f":"SUM(P1044:P1052)","v":{"v":680630,"d":"680,630.00"}},{"v":149738.6,"d":"149,738.60"},{"$f":"SUM(R1044:R1052)","v":{"v":830368.6,"d":"830,368.60"}},{"$f":"R1053/100*10","v":{"v":83036.86,"d":"83,036.86"}},43]
["А1274",1007,10142851,"Узел сил к ф600","(2009) 3-я Кабельная, д. 2Б",{"v":6,"d":"6.000"},"ШТ","2014-12-31","3.NV.1220-2002","Документы отсутствуют","Узел сил к ф600","Новое",{"v":449071.44,"d":"449,071.44"},{"$f":"O1054/F1054","v":{"v":74845.24,"d":"74,845.24"}},{"v":449071.44,"d":"449,071.44"},{"v":728840,"d":"728,840.00"},{"$f":"R1054-P1054","v":{"v":160344.8,"d":"160,344.80"}},{"$f":"P1054*1.22","v":{"v":889184.8,"d":"889,184.80"}},null,44,"Котельно-вспомогательное оборудование"]
["А1275",1008,10089681,"Предохранитель для турбины В61100031","(0098) Верхние поля, 25",{"v":22,"d":"22.000"},"ШТ","2015-06-09","3.NV.1100-2002","Карта качества В61100031 от 14.01.2011г","Нет данных","Новое",{"v":211001.56,"d":"211,001.56"},{"$f":"O1055/F1055","v":{"v":9590.98,"d":"9,590.98"}},{"v":211001.56,"d":"211,001.56"},{"v":316850,"d":"316,850.00"},{"v":69707,"d":"69,707.00"},{"v":386557,"d":"386,557.00"},null,44]
["А1276",1009,102003357,"Электрозаслонка ЭЛЗ-7","(0098) Верхние поля, 25",{"v":2,"d":"2.000"},"ШТ","2015-01-01","3.NV.1100-2002","Паспорт 44-22-804ПС","Нет данных","Новое",{"v":177202.66,"d":"177,202.66"},{"$f":"O1056/F1056","v":{"v":88601.33,"d":"88,601.33"}},{"v":177202.66,"d":"177,202.66"},{"v":276620,"d":"276,620.00"},{"v":60856.4,"d":"60,856.40"},{"v":337476.4,"d":"337,476.40"},null,44]
["А1277",1010,102012407,"Бак Intervarem LS-20 Varem S2020361","(0092) Кусковская ул., д. 18Г",{"v":1,"d":"1.000"},"ШТ","2016-12-02","3.NV.1100-2002","Паспорт","Нет данных","Новое",{"v":3497.81,"d":"3,497.81"},{"$f":"O1057/F1057","v":{"v":3497.81,"d":"3,497.81"}},{"v":3497.81,"d":"3,497.81"},{"v":4790,"d":"4,790.00"},{"v":1053.8,"d":"1,053.80"},{"v":5843.8,"d":"5,843.80"},null,44]
["А1278",1011,10090730,"Дроссель УБИ-20","(0092) Кусковская ул., д. 18Г",{"v":1,"d":"1.000"},"ШТ","2009-11-16","3.NV.1100-2002","Документы отсутствуют","Нет данных","Новое",{"v":47.2,"d":"47.20"},{"v":47.2,"d":"47.20"},{"v":47.2,"d":"47.20"},{"v":100,"d":"100.00"},{"v":22,"d":"22.00"},{"v":122,"d":"122.00"},null,44]
["А1280",1012,10019561,"Электрозапальник ЭЗ-01","(0092) Кусковская ул., д. 18Г",{"v":2,"d":"2.000"},"ШТ","2008-01-01","3.NV.1100-2002","Паспорт Са2.769.008ПС","Нет данных","Новое",{"$f":"O1059","v":{"v":21470,"d":"21,470.00"}},{"$f":"O1059/F1059","v":{"v":10735,"d":"10,735.00"}},{"v":21470,"d":"21,470.00"},{"v":63040,"d":"63,040.00"},{"v":13868.8,"d":"13,868.80"},{"v":76908.8,"d":"76,908.80"},null,44]
["А1283",1013,102012404,"Бак Flexcon М 1600 Ру6 Flamco 22109","(0092) Кусковская ул., д. 18Г",{"v":1,"d":"1.000"},"ШТ","2016-12-21","3.NV.1100-2002","Технический паспорт №6990/01/2016, Сертификат №C_IT.АГ93.В.09629 срок действия по 28.12.2017, Декларация соответствия ТС№RU Д-NL.ФЛ16.В.53258","Нет данных","Новое",{"v":415442.98,"d":"415,442.98"},{"$f":"O1060/F1060","v":{"v":415442.98,"d":"415,442.98"}},{"v":415442.98,"d":"415,442.98"},{"v":568580,"d":"568,580.00"},{"v":125087.6,"d":"125,087.60"},{"v":693667.6,"d":"693,667.60"},null,44]
[{"$nulls":14},{"$f":"SUM(O1054:O1060)","v":{"v":1277733.65,"d":"1,277,733.65"}},{"$f":"SUM(P1054:P1060)","v":{"v":1958820,"d":"1,958,820.00"}},{"v":430940.4,"d":"430,940.40"},{"$f":"SUM(R1054:R1060)","v":{"v":2389760.4,"d":"2,389,760.40"}},{"$f":"R1061/100*10","v":{"v":238976.04,"d":"238,976.04"}},44]
["А1284",1014,10090610,"Автомат газогорелочный LMG 21.330.B27","(0119) Переулок Васнецова, д. 11А",{"$f":"2-1","v":{"v":1,"d":"1.000"}},"ШТ","2010","3.NV.1201-2002","Документы отсутствуют","Нет данных","Удовлетворительное ",{"v":13377.58,"d":"13,377.58"},{"$f":"O1062/F1062","v":{"v":13377.58,"d":"13,377.58"}},{"$f":"26755.16/2*1","v":{"v":13377.58,"d":"13,377.58"}},{"v":16250,"d":"16,250.00"},{"$f":"R1062-P1062","v":{"v":3575,"d":"3,575.00"}},{"$f":"P1062*1.22","v":{"v":19825,"d":"19,825.00"}},null,45,"Котельно-вспомогательное оборудование"]
["А1285",1015,10102968,"Набор прокладок M-71 Grasso 959000321N","(0911) Строительный пр.,д.14 к.1",{"v":1,"d":"1.000"},"ШТ","31.12.2014","3.NV.1209-2002","Документы отсутствуют","Нет данных","Удовлетворительное",{"v":7845.48,"d":"7,845.48"},{"v":7845.48,"d":"7,845.48"},{"v":7845.48,"d":"7,845.48"},{"v":8090,"d":"8,090.00"},{"v":1779.8,"d":"1,779.80"},{"v":9869.8,"d":"9,869.80"},null,45]
["А1286",1016,10054092,"Прибор контроля пламени Ф34-2","(0506) Оранжерейная ул., д.8а, стр.1",{"v":1,"d":"1.000"},"ШТ","2015-02-01","3.NV.1205-2002","Документы отсутствуют","Нет данных","Удовлетворительное",{"v":25763.87,"d":"25,763.87"},{"v":25763.87,"d":"25,763.87"},{"v":25763.87,"d":"25,763.87"},{"v":17420,"d":"17,420.00"},{"v":3832.4,"d":"3,832.40"},{"v":21252.4,"d":"21,252.40"},null,45]
["А1287",1017,10022946,"Электрозапальник газовый ЭЗ.00 L700","(0506) Оранжерейная ул., д.8а, стр.1",{"v":2,"d":"2.000"},"ШТ","2015-02-01","3.NV.1205-2002","Документы отсутствуют","Нет данных","Удовлетворительное",{"v":35357.82,"d":"35,357.82"},{"v":17678.91,"d":"17,678.91"},{"v":35357.82,"d":"35,357.82"},{"v":34740,"d":"34,740.00"},{"v":7642.8,"d":"7,642.80"},{"v":42382.8,"d":"42,382.80"},null,45]
["А1288",1018,10018637,"Горелка ЭИВ-01-И L1000","(0707) 6-й Загородный пр. вл.9",{"v":1,"d":"1.000"},"ШТ",2014,"3.NV.1207-2002","Документы отсутствуют","Горелка ЭИВ-01-И L1000","Удовлетворительное",{"v":8413.05,"d":"8,413.05"},{"v":8413.05,"d":"8,413.05"},{"v":8413.05,"d":"8,413.05"},{"v":9010,"d":"9,010.00"},{"v":1982.2,"d":"1,982.20"},{"v":10992.2,"d":"10,992.20"},null,45]
["А1289",1019,102001345,"Агрегат зажигания СКНА-22-2А","(0817) Боровское ш., д.10",{"v":1,"d":"1.000"},"ШТ","2014-12-31","3.NV.1208-2002","Документы отсутствуют","ABB NTMP01","Удовлетворительное",{"v":132384,"d":"132,384.00"},{"v":132384,"d":"132,384.00"},{"v":132384,"d":"132,384.00"},{"v":124440,"d":"124,440.00"},{"v":27376.8,"d":"27,376.80"},{"v":151816.8,"d":"151,816.80"},null,45]
["А1290",1020,102000294,"Агрегат командный КА-30ГР","(0817) Боровское ш., д.10",{"v":1,"d":"1.000"},"ШТ","2014-12-31","3.NV.1208-2002","Документы отсутствуют","ABB NTUQ2E","Удовлетворительное",{"v":929496.58,"d":"929,496.58"},{"v":929496.58,"d":"929,496.58"},{"v":929496.58,"d":"929,496.58"},{"v":1032830,"d":"1,032,830.00"},{"v":227222.6,"d":"227,222.60"},{"v":1260052.6,"d":"1,260,052.60"},null,45]
["А1291",1021,10130844,"Уплотнение MT-26 Grasso 363098200 NB","(0817) Боровское ш., д.10",{"v":2,"d":"2.000"},"ШТ","2014-12-31","3.NV.1208-2002","Документы отсутствуют","DI803","Удовлетворительное",{"v":184822.74,"d":"184,822.74"},{"v":92411.37,"d":"92,411.37"},{"v":184822.74,"d":"184,822.74"},{"v":190580,"d":"190,580.00"},{"v":41927.6,"d":"41,927.60"},{"v":232507.6,"d":"232,507.60"},null,45]
[{"$nulls":14},{"$f":"SUM(O1062:O1069)","v":{"v":1337461.12,"d":"1,337,461.12"}},{"$f":"SUM(P1062:P1069)","v":{"v":1433360,"d":"1,433,360.00"}},{"v":315339.2,"d":"315,339.20"},{"$f":"SUM(R1062:R1069)","v":{"v":1748699.2,"d":"1,748,699.20"}},{"$f":"R1070/100*10","v":{"v":174869.92,"d":"174,869.92"}},45]
["А1293",1022,10098220,"Масло ред. MOBIL SHC 630","(0903) Проезд № 607 д. 22",{"v":886,"d":"886.000"},"Л","2014-12-31","3.NV.1209-2002","Сертификат соответствия \n№ РОСС ВЕ.АЮ64.НО2939, \nсрок действия: 10.12.2007-09.12.2010"," В заводской упаковке. Изготовитель - Бельгия","Удовлетворительное",{"v":1150878.56,"d":"1,150,878.56"},{"$f":"O1071/F1071","v":{"v":1298.96,"d":"1,298.96"}},{"v":1150878.56,"d":"1,150,878.56"},{"v":787020,"d":"787,020.00"},{"$f":"R1071-P1071","v":{"v":173144.4,"d":"173,144.40"}},{"$f":"P1071*1.22","v":{"v":960164.4,"d":"960,164.40"}},null,46,"Масла и смазки"]
["А1295",1023,10000599,"Масло Roto-Inject Fluid 2901 0522 00","(0903) Проезд № 607 д. 22",{"v":20,"d":"20.000"},"Л","2014-12-31","3.NV.1209-2002","Документы отсутствуют","Нет данных","Удовлетворительное",{"v":10288.2,"d":"10,288.20"},{"$f":"O1072/F1072","v":514.41},{"v":10288.2,"d":"10,288.20"},{"v":7040,"d":"7,040.00"},{"$f":"R1072-P1072","v":{"v":1548.8,"d":"1,548.80"}},{"$f":"P1072*1.22","v":{"v":8588.8,"d":"8,588.80"}},null,46]
["А1296",1024,10114887,"Масло Shell Tellus Oils S46 20л","(0903) Проезд № 607 д. 22",{"v":30,"d":"30.000"},"Л","2014-12-31","3.NV.1209-2002","Документы отсутствуют","Нет данных","Удовлетворительное",{"v":6055.5,"d":"6,055.50"},{"$f":"O1073/F1073","v":201.85},{"v":6055.5,"d":"6,055.50"},{"v":4140,"d":"4,140.00"},{"$f":"R1073-P1073","v":{"v":910.8,"d":"910.80"}},{"$f":"P1073*1.22","v":{"v":5050.8,"d":"5,050.80"}},null,46]
[{"$nulls":14},{"$f":"SUM(O1071:O1073)","v":{"v":1167222.26,"d":"1,167,222.26"}},{"$f":"SUM(P1071:P1073)","v":{"v":798200,"d":"798,200.00"}},{"v":175604,"d":"175,604.00"},{"$f":"SUM(R1071:R1073)","v":{"v":973804,"d":"973,804.00"}},{"$f":"R1074/100*10","v":{"v":97380.4,"d":"97,380.40"}},46]
["А1297",1025,10018378,"Муфта 4СТп-1-25/50","(0098) Верхние поля, 25",{"v":2,"d":"2.000"},"ШТ","2013-06-06","3.NV.1100-2002","Документы отсутствуют","Нет данных","Новое",{"v":2960.13,"d":"2,960.13"},{"$f":"O1075/F1075","v":{"v":1480.07,"d":"1,480.07"}},{"v":2960.13,"d":"2,960.13"},{"v":3660,"d":"3,660.00"},{"$f":"R1075-P1075","v":{"v":805.2,"d":"805.20"}},{"$f":"P1075*1.22","v":{"v":4465.2,"d":"4,465.20"}},null,47,"Материалы электромонтажные"]
["А1298",1026,10029939,"Муфта концевая 3КВТП-10-25/50","(0098) Верхние поля, 25",{"v":5,"d":"5.000"},"ШТ","2007-09-30","3.NV.1100-2002","Документы отсутствуют","Нет данных","Новое",{"v":4130,"d":"4,130.00"},{"v":826,"d":"826.00"},{"v":4130,"d":"4,130.00"},{"v":7350,"d":"7,350.00"},{"v":1617,"d":"1,617.00"},{"v":8967,"d":"8,967.00"},null,47]
["А1299",1027,10028486,"Муфта концевая 3КВТп-10-25/50 ПЗЭМИ","(0098) Верхние поля, 25",{"v":2,"d":"2.000"},"ШТ","2013-06-06","3.NV.1100-2002","Документы отсутствуют","Нет данных","Новое",{"v":5373.53,"d":"5,373.53"},{"v":2686.77,"d":"2,686.77"},{"v":5373.53,"d":"5,373.53"},{"v":6640,"d":"6,640.00"},{"v":1460.8,"d":"1,460.80"},{"v":8100.8,"d":"8,100.80"},null,47]
["А1300",1028,10005067,"Муфта концевая 3КВТп-10-70/120 ПЗЭМИ","(0098) Верхние поля, 25",{"v":2,"d":"2.000"},"ШТ","2013-06-06","3.NV.1100-2002","Документы отсутствуют","Нет данных","Новое",{"v":2804.43,"d":"2,804.43"},{"v":1402.22,"d":"1,402.22"},{"v":2804.43,"d":"2,804.43"},{"v":3470,"d":"3,470.00"},{"v":763.4,"d":"763.40"},{"v":4233.4,"d":"4,233.40"},null,47]
["А1301",1029,10029828,"Муфта концевая 4КВПТ-1-70/120","(0098) Верхние поля, 25",{"v":2,"d":"2.000"},"ШТ","2013-06-06","3.NV.1100-2002","Документы отсутствуют","Нет данных","Новое",{"v":1440,"d":"1,440.00"},{"v":720,"d":"720.00"},{"v":1440,"d":"1,440.00"},{"v":1780,"d":"1,780.00"},{"v":391.6,"d":"391.60"},{"v":2171.6,"d":"2,171.60"},null,47]
["А1302",1030,10018379,"Муфта концевая 4КВтп-МСК-в-25/50 ПЗЭМИ","(0098) Верхние поля, 25",{"v":2,"d":"2.000"},"ШТ","2013-06-06","3.NV.1100-2002","Документы отсутствуют","Нет данных","Новое",{"v":1866.06,"d":"1,866.06"},933.03,{"v":1866.06,"d":"1,866.06"},{"v":2310,"d":"2,310.00"},{"v":508.2,"d":"508.20"},{"v":2818.2,"d":"2,818.20"},null,47]
["А1303",1031,10051448,"Муфта соединит. 3СТП-10-150/240-Б","(0098) Верхние поля, 25",{"v":2,"d":"2.000"},"ШТ","2009-06-03","3.NV.1100-2002","Документы отсутствуют","Нет данных","Новое",{"v":6474,"d":"6,474.00"},{"v":3237,"d":"3,237.00"},{"v":6474,"d":"6,474.00"},{"v":10700,"d":"10,700.00"},{"v":2354,"d":"2,354.00"},{"v":13054,"d":"13,054.00"},null,47]
["А1304",1032,10028730,"Муфта соединит. 3СТП-10-25/50 с гильзами","(0098) Верхние поля, 25",{"v":2,"d":"2.000"},"ШТ","2013-06-06","3.NV.1100-2002","Документы отсутствуют","Нет данных","Новое",{"v":7537.34,"d":"7,537.34"},{"v":3768.67,"d":"3,768.67"},{"v":7537.34,"d":"7,537.34"},{"v":9320,"d":"9,320.00"},{"v":2050.4,"d":"2,050.40"},{"v":11370.4,"d":"11,370.40"},null,47]
["А1305",1033,10124188,"Муфта соединит. 3СТп-10-25/50-Б","(0098) Верхние поля, 25",{"v":1,"d":"1.000"},"ШТ","2013-06-06","3.NV.1100-2002","Документы отсутствуют","Нет данных","Новое",{"v":2887.32,"d":"2,887.32"},{"v":2887.32,"d":"2,887.32"},{"v":2887.32,"d":"2,887.32"},{"v":3570,"d":"3,570.00"},{"v":785.4,"d":"785.40"},{"v":4355.4,"d":"4,355.40"},null,47]
["А1307",1034,10040668,"Заглушка Legrand 33314","(0092) Кусковская ул., д. 18Г",{"v":6,"d":"6.000"},"ШТ","2013-06-06","3.NV.1100-2002","Документы отсутствуют","Нет данных","Новое",337.98,56.33,337.98,{"v":430,"d":"430.00"},{"v":94.6,"d":"94.60"},{"v":524.6,"d":"524.60"},null,47]
["А1308",1035,10128517,"Короб TA-GN 80х60 DKC 01785","(0092) Кусковская ул., д. 18Г",{"v":48,"d":"48.000"},"М","2013-06-06","3.NV.1100-2002","Документы отсутствуют","Нет данных","Новое",{"$f":"O1085","v":{"v":8413.44,"d":"8,413.44"}},{"$f":"O1085/F1085","v":175.28},{"v":8413.44,"d":"8,413.44"},{"v":10790,"d":"10,790.00"},{"v":2373.8,"d":"2,373.80"},{"v":13163.8,"d":"13,163.80"},null,47]
["А1309",1036,10125588,"Короб перф. T1-F 80х100 DKC 00170","(0098) Верхние поля, 25",{"$f":"16-10","v":{"v":6,"d":"6.000"}},"М","2011-11-08","3.NV.1100-2002","Документы отсутствуют","Нет данных","Новое",{"v":2036.34,"d":"2,036.34"},339.39,{"$f":"5430.24/16*6","v":{"v":2036.34,"d":"2,036.34"}},{"v":2560,"d":"2,560.00"},{"v":563.2,"d":"563.20"},{"v":3123.2,"d":"3,123.20"},null,47]
["А1310",1037,10031341,"Короб секция угловая СУО 100х100 оцинк.","(0092) Кусковская ул., д. 18Г",{"v":23,"d":"23.000"},"ШТ","2013-04-11","3.NV.1100-2002","Документы отсутствуют","Нет данных","Новое",{"v":15125.42,"d":"15,125.42"},657.63,{"v":15125.42,"d":"15,125.42"},{"v":19460,"d":"19,460.00"},{"v":4281.2,"d":"4,281.20"},{"v":23741.2,"d":"23,741.20"},null,47]
["А1311",1038,10004854,"Короб СУВВ50 100х50 угловой вверх ТЗМА","(0092) Кусковская ул., д. 18Г",{"v":13,"d":"13.000"},"ШТ","2013-07-24","3.NV.1100-2002","Документы отсутствуют","Нет данных","Новое",{"v":17138.43,"d":"17,138.43"},{"v":1318.34,"d":"1,318.34"},{"v":17138.43,"d":"17,138.43"},{"v":21800,"d":"21,800.00"},{"v":4796,"d":"4,796.00"},{"v":26596,"d":"26,596.00"},null,47]
["А1312",1039,10004856,"Короб СУВН50 100х50 угловой вниз ТЗМА","(0092) Кусковская ул., д. 18Г",{"v":21,"d":"21.000"},"ШТ","2013-07-24","3.NV.1100-2002","Документы отсутствуют","Нет данных","Новое",{"v":41377.98,"d":"41,377.98"},{"v":1970.38,"d":"1,970.38"},{"v":41377.98,"d":"41,377.98"},{"v":52630,"d":"52,630.00"},{"v":11578.6,"d":"11,578.60"},{"v":64208.6,"d":"64,208.60"},null,47]
["А1313",1040,10036267,"Кронштейн к потолку PNK-100 100х50 L600","(0098) Верхние поля, 25",{"$f":"560-25","v":{"v":535,"d":"535.000"}},"ШТ","2013-04-11","3.NV.1100-2002","Документы отсутствуют","Нет данных","Новое",{"v":242938.15,"d":"242,938.15"},454.09,{"$f":"254290.4/560*535","v":{"v":242938.15,"d":"242,938.15"}},{"v":312630,"d":"312,630.00"},{"v":68778.6,"d":"68,778.60"},{"v":381408.6,"d":"381,408.60"},null,47]
["А1314",1041,10112728,"Кронштейн настенный КНПЛУ-600","(0098) Верхние поля, 25",{"$f":"16-10","v":{"v":6,"d":"6.000"}},"ШТ","2015-09-25","3.NV.1100-2002","Документы отсутствуют","Нет данных","Новое",{"v":3010.7,"d":"3,010.70"},501.78,{"v":3010.7,"d":"3,010.70"},{"v":3320,"d":"3,320.00"},{"v":730.4,"d":"730.40"},{"v":4050.4,"d":"4,050.40"},null,47]
["А1315",1042,10102350,"Крышка к углу плоск.КУПТп-100 100х50х250","(0092) Кусковская ул., д. 18Г",{"v":2,"d":"2.000"},"ШТ","2013-07-24","3.NV.1100-2002","Документы отсутствуют","Нет данных","Новое",137.96,68.98,137.96,{"v":180,"d":"180.00"},{"v":39.6,"d":"39.60"},{"v":219.6,"d":"219.60"},null,47]
["А1316",1043,10041166,"Крышка НЛК-100-Т УТ1,5","(0092) Кусковская ул., д. 18Г",{"v":19,"d":"19.000"},"ШТ","2011-01-01","3.NV.1100-2002","Документы отсутствуют","Нет данных","Новое",{"v":1980.49,"d":"1,980.49"},104.24,{"v":1980.49,"d":"1,980.49"},{"v":2630,"d":"2,630.00"},{"v":578.6,"d":"578.60"},{"v":3208.6,"d":"3,208.60"},null,47]
["А1317",1044,10041176,"Крышка НЛК-100-У45В УТ1,5 45гр","(0092) Кусковская ул., д. 18Г",{"v":9,"d":"9.000"},"ШТ","2013-07-24","3.NV.1100-2002","Документы отсутствуют","Нет данных","Новое",740.75,82.31,740.75,{"v":940,"d":"940.00"},{"v":206.8,"d":"206.80"},{"v":1146.8,"d":"1,146.80"},null,47]
["А1318",1045,10041175,"Крышка НЛК-100-У45Н УТ1,5 45гр","(0092) Кусковская ул., д. 18Г",{"v":9,"d":"9.000"},"ШТ","2013-07-24","3.NV.1100-2002","Документы отсутствуют","Нет данных","Новое",750.61,{"v":83.4,"d":"83.40"},750.61,{"v":950,"d":"950.00"},{"v":209,"d":"209.00"},{"v":1159,"d":"1,159.00"},null,47]
["А1319",1046,10121299,"Крышка НЛК-100-У90 УТ1,5 90гр","(0092) Кусковская ул., д. 18Г",{"v":5,"d":"5.000"},"ШТ","2013-02-05","3.NV.1100-2002","Документы отсутствуют","Нет данных","Новое",375.65,75.13,375.65,{"v":480,"d":"480.00"},{"v":105.6,"d":"105.60"},{"v":585.6,"d":"585.60"},null,47]
["А1320",1047,10041173,"Крышка НЛК-100-У90В УТ1,5 90гр","(0092) Кусковская ул., д. 18Г",{"v":24,"d":"24.000"},"ШТ","2011-11-16","3.NV.1100-2002","Документы отсутствуют","Нет данных","Новое",{"v":2100.84,"d":"2,100.84"},87.54,{"v":2100.84,"d":"2,100.84"},{"v":2640,"d":"2,640.00"},{"v":580.8,"d":"580.80"},{"v":3220.8,"d":"3,220.80"},null,47]
["А1321",1048,10041174,"Крышка НЛК-100-У90Н УТ1,5 90гр","(0092) Кусковская ул., д. 18Г",{"v":3,"d":"3.000"},"ШТ","2013-02-05","3.NV.1100-2002","Документы отсутствуют","Нет данных","Новое",{"v":232.5,"d":"232.50"},{"v":77.5,"d":"77.50"},{"v":232.5,"d":"232.50"},{"v":300,"d":"300.00"},{"v":66,"d":"66.00"},{"v":366,"d":"366.00"},null,47]
["А1322",1049,10092294,"Крышка НЛК-200-Т УТ1,5","(0092) Кусковская ул., д. 18Г",{"v":2,"d":"2.000"},"ШТ","2013-02-05","3.NV.1100-2002","Документы отсутствуют","Нет данных","Новое",301.44,150.72,301.44,{"v":390,"d":"390.00"},{"v":85.8,"d":"85.80"},{"v":475.8,"d":"475.80"},null,47]
["А1323",1050,10092300,"Крышка НЛК-200-У90 УТ1,5 90гр","(0092) Кусковская ул., д. 18Г",{"v":13,"d":"13.000"},"ШТ","2012-01-19","3.NV.1100-2002","Документы отсутствуют","Нет данных","Новое",{"v":1441.52,"d":"1,441.52"},110.89,{"v":1441.52,"d":"1,441.52"},{"v":1890,"d":"1,890.00"},{"v":415.8,"d":"415.80"},{"v":2305.8,"d":"2,305.80"},null,47]
["А1324",1051,10125409,"Крышка НЛК-200-У90Н УТ1,5 90гр","(0092) Кусковская ул., д. 18Г",{"v":3,"d":"3.000"},"ШТ","2013-02-05","3.NV.1100-2002","Документы отсутствуют","Нет данных","Новое",{"v":274.5,"d":"274.50"},{"v":91.5,"d":"91.50"},{"v":274.5,"d":"274.50"},{"v":350,"d":"350.00"},{"v":77,"d":"77.00"},{"v":427,"d":"427.00"},null,47]
["А1325",1052,10092295,"Крышка НЛК-50-Т- УТ1,5","(0092) Кусковская ул., д. 18Г",{"$f":"50-46","v":{"v":4,"d":"4.000"}},"ШТ","2013-07-24","3.NV.1100-2002","Документы отсутствуют","Нет данных","Новое",256.87,64.22,{"$f":"3210.82/50*4","v":256.87},{"v":330,"d":"330.00"},{"v":72.6,"d":"72.60"},{"v":402.6,"d":"402.60"},null,47]
["А1325/1",1053,10092295,"Крышка НЛК-50-Т- УТ1,5","(0098) Верхние поля, 25",{"v":46,"d":"46.000"},"ШТ","2013-07-24","3.NV.1100-2002","Документы отсутствуют","Нет данных","Удовлетворительное",{"v":2953.95,"d":"2,953.95"},64.22,{"v":2953.95,"d":"2,953.95"},{"v":2210,"d":"2,210.00"},{"v":486.2,"d":"486.20"},{"v":2696.2,"d":"2,696.20"},null,47]
["А1326",1054,10092299,"Крышка НЛК-50-У90 УТ1,5 90гр","(0092) Кусковская ул., д. 18Г",{"$f":"80-65","v":{"v":15,"d":"15.000"}},"ШТ","2015-09-18","3.NV.1100-2002","Документы отсутствуют","Нет данных","Новое",547.48,{"v":36.5,"d":"36.50"},{"$f":"2919.87/80*15","v":547.48},{"v":600,"d":"600.00"},{"v":132,"d":"132.00"},{"v":732,"d":"732.00"},null,47]
["А1326/1",1055,10092299,"Крышка НЛК-50-У90 УТ1,5 90гр","(0098) Верхние поля, 25",{"v":65,"d":"65.000"},"ШТ","2015-09-18","3.NV.1100-2002","Документы отсутствуют","Нет данных","Удовлетворительное",{"v":2372.39,"d":"2,372.39"},{"v":36.5,"d":"36.50"},{"v":2372.39,"d":"2,372.39"},{"v":1540,"d":"1,540.00"},{"v":338.8,"d":"338.80"},{"v":1878.8,"d":"1,878.80"},null,47]
["А1327",1056,10092298,"Крышка НЛК-50-У90В УТ1,5 90гр","(0092) Кусковская ул., д. 18Г",{"v":23,"d":"23.000"},"ШТ","2013-07-24","3.NV.1100-2002","Документы отсутствуют","Нет данных","Новое",{"v":1086.37,"d":"1,086.37"},47.23,{"v":1086.37,"d":"1,086.37"},{"v":1380,"d":"1,380.00"},{"v":303.6,"d":"303.60"},{"v":1683.6,"d":"1,683.60"},null,47]
["А1328",1057,10092293,"Крышка НЛК-50-У90Н УТ1,5 90гр","(0092) Кусковская ул., д. 18Г",{"v":24,"d":"24.000"},"ШТ","2013-07-24","3.NV.1100-2002","Документы отсутствуют","Нет данных","Новое",{"v":1095.4,"d":"1,095.40"},45.64,{"v":1095.4,"d":"1,095.40"},{"v":1390,"d":"1,390.00"},{"$f":"R1107-P1107","v":{"v":305.8,"d":"305.80"}},{"$f":"P1107*1.22","v":{"v":1695.8,"d":"1,695.80"}},null,47]
["А1329",1058,10107635,"Крышка прямая НЛК-200-П2,5 УТ1,5 2,5м","(0092) Кусковская ул., д. 18Г",{"v":63,"d":"63.000"},"ШТ","2013-02-05","3.NV.1100-2002","Документы отсутствуют","Нет данных","Новое",{"v":12051.9,"d":"12,051.90"},{"v":191.3,"d":"191.30"},{"v":12051.9,"d":"12,051.90"},{"v":15400,"d":"15,400.00"},{"v":3388,"d":"3,388.00"},{"v":18788,"d":"18,788.00"},null,47]
["А1330",1059,10043896,"Крышка прямая НЛК-50-П2,0 УТ1,5 2,0м","(0092) Кусковская ул., д. 18Г",{"v":54,"d":"54.000"},"ШТ","2016-08-01","3.NV.1100-2002","Документы отсутствуют","Нет данных","Новое",{"v":3844.72,"d":"3,844.72"},{"v":71.2,"d":"71.20"},{"v":3844.72,"d":"3,844.72"},{"v":4090,"d":"4,090.00"},{"v":899.8,"d":"899.80"},{"v":4989.8,"d":"4,989.80"},null,47]
["А1331",1060,10043271,"Крышка секции НЛП 100х60-У90 УТ1,5","(0098) Верхние поля, 25",{"$f":"66-10","v":{"v":56,"d":"56.000"}},"ШТ","2016-08-01","3.NV.1100-2002","Документы отсутствуют","Нет данных","Новое",{"v":7341.77,"d":"7,341.77"},{"v":131.1,"d":"131.10"},{"$f":"8652.8/66*56","v":{"v":7341.77,"d":"7,341.77"}},{"v":7800,"d":"7,800.00"},{"v":1716,"d":"1,716.00"},{"v":9516,"d":"9,516.00"},null,47]
["А1332",1061,10043266,"Лоток НЛП 100х60 У90В УТ1,5","(0098) Верхние поля, 25",{"$f":"21-10","v":{"v":11,"d":"11.000"}},"ШТ","2013-07-24","3.NV.1100-2002","Документы отсутствуют","Нет данных","Новое",{"v":3351.97,"d":"3,351.97"},304.72,{"$f":"6399.22/21*11","v":{"v":3351.97,"d":"3,351.97"}},{"v":4260,"d":"4,260.00"},{"v":937.2,"d":"937.20"},{"v":5197.2,"d":"5,197.20"},null,47]
["А1333",1062,10107700,"Лоток НЛП 200х60-П2,5 УТ1,5 2,5м","(0092) Кусковская ул., д. 18Г",{"v":22,"d":"22.000"},"ШТ","2013-02-05","3.NV.1100-2002","Документы отсутствуют","Нет данных","Новое",{"v":9537.22,"d":"9,537.22"},433.51,{"v":9537.22,"d":"9,537.22"},{"v":12190,"d":"12,190.00"},{"v":2681.8,"d":"2,681.80"},{"v":14871.8,"d":"14,871.80"},null,47]
["А1334",1063,10093374,"Лоток НЛП 50х50 Т УТ 1,5","(0092) Кусковская ул., д. 18Г",{"v":28,"d":"28.000"},"ШТ","2013-07-24","3.NV.1100-2002","Документы отсутствуют","Нет данных","Новое",{"v":5397.55,"d":"5,397.55"},192.77,{"v":5397.55,"d":"5,397.55"},{"v":6870,"d":"6,870.00"},{"v":1511.4,"d":"1,511.40"},{"v":8381.4,"d":"8,381.40"},null,47]
["А1335",1064,10093369,"Лоток НЛП 50х50 У90 УТ 1,5","(0092) Кусковская ул., д. 18Г",{"v":32,"d":"32.000"},"ШТ","2013-06-06","3.NV.1100-2002","Документы отсутствуют","Нет данных","Новое",{"v":4697.49,"d":"4,697.49"},{"v":146.8,"d":"146.80"},{"v":4697.49,"d":"4,697.49"},{"v":6020,"d":"6,020.00"},{"v":1324.4,"d":"1,324.40"},{"v":7344.4,"d":"7,344.40"},null,47]
["А1336",1065,10093371,"Лоток НЛП 50х50 У90В УТ1,5","(0092) Кусковская ул., д. 18Г",{"v":23,"d":"23.000"},"ШТ","2013-07-24","3.NV.1100-2002","Документы отсутствуют","Нет данных","Новое",{"v":4491.19,"d":"4,491.19"},195.27,{"v":4491.19,"d":"4,491.19"},{"v":5710,"d":"5,710.00"},{"v":1256.2,"d":"1,256.20"},{"v":6966.2,"d":"6,966.20"},null,47]
["А1337",1066,10112833,"Лоток проволочный ПЛМУ-600.60 600х60","(0092) Кусковская ул., д. 18Г",{"v":10,"d":"10.000"},"М","2010-09-03","3.NV.1100-2002","Документы отсутствуют","Нет данных","Новое",{"v":3901.8,"d":"3,901.80"},390.18,{"v":3901.8,"d":"3,901.80"},{"v":5300,"d":"5,300.00"},{"v":1166,"d":"1,166.00"},{"v":6466,"d":"6,466.00"},null,47]
["А1338",1067,10102297,"Отвод Т-образ. ТТп-100 100х50х400","(0092) Кусковская ул., д. 18Г",{"v":5,"d":"5.000"},"ШТ","2013-07-24","3.NV.1100-2002","Документы отсутствуют","Нет данных","Новое",{"v":1817.9,"d":"1,817.90"},{"$f":"O1117/F1117","v":363.58},{"v":1817.9,"d":"1,817.90"},{"v":2160,"d":"2,160.00"},{"v":475.2,"d":"475.20"},{"v":2635.2,"d":"2,635.20"},null,47]
["А1339",1068,10015413,"Перегородка разделит. Panduit T70DW2 2м","(0092) Кусковская ул., д. 18Г",{"v":47,"d":"47.000"},"ШТ","2013-10-30","3.NV.1100-2002","Документы отсутствуют","Нет данных","Новое",{"v":6926.86,"d":"6,926.86"},147.38,{"v":6926.86,"d":"6,926.86"},{"v":8800,"d":"8,800.00"},{"v":1936,"d":"1,936.00"},{"v":10736,"d":"10,736.00"},null,47]
["А1340",1069,10029716,"Профиль монтаж.(швеллер) 60х30 К235У2","(0098) Верхние поля, 25",{"$f":"186-10","v":{"v":176,"d":"176.000"}},"ШТ","2013-06-06","3.NV.1100-2002","Документы отсутствуют","Нет данных","Новое",{"v":36514.02,"d":"36,514.02"},207.47,{"$f":"38588.68/186*176","v":{"v":36514.02,"d":"36,514.02"}},{"v":46810,"d":"46,810.00"},{"v":10298.2,"d":"10,298.20"},{"v":57108.2,"d":"57,108.20"},null,47]
["А1341",1070,10112775,"Рамка на 4 модуля Legrand Mosaic 78814","(0092) Кусковская ул., д. 18Г",{"v":146,"d":"146.000"},"ШТ","2010-09-23","3.NV.1100-2002","Документы отсутствуют","Нет данных","Новое",{"v":19456.66,"d":"19,456.66"},133.26,{"v":19456.66,"d":"19,456.66"},{"v":25990,"d":"25,990.00"},{"v":5717.8,"d":"5,717.80"},{"v":31707.8,"d":"31,707.80"},null,47]
["А1342",1071,10135848,"Сальник съёмный AKM 32 IP65 Hensel","(0092) Кусковская ул., д. 18Г",{"v":13,"d":"13.000"},"ШТ","2013-08-30","3.NV.1100-2002","Документы отсутствуют","Нет данных","Новое",889.85,68.45,889.85,{"v":1320,"d":"1,320.00"},{"v":290.4,"d":"290.40"},{"v":1610.4,"d":"1,610.40"},null,47]
["А1343",1072,10040647,"Секции Т-образная НЛП 100x60-Т УТ 1,5","(0092) Кусковская ул., д. 18Г",{"v":55,"d":"55.000"},"ШТ","2013-02-05","3.NV.1100-2002","Документы отсутствуют","Нет данных","Новое",{"v":12246.85,"d":"12,246.85"},222.67,{"v":12246.85,"d":"12,246.85"},{"v":15650,"d":"15,650.00"},{"v":3443,"d":"3,443.00"},{"v":19093,"d":"19,093.00"},null,47]
["А1344",1073,10040646,"Секции Т-образная НЛП 200x60-Т УТ 1,5","(0092) Кусковская ул., д. 18Г",{"v":6,"d":"6.000"},"ШТ","2013-02-05","3.NV.1100-2002","Документы отсутствуют","Нет данных","Новое",{"v":1663.92,"d":"1,663.92"},277.32,{"v":1663.92,"d":"1,663.92"},{"v":2130,"d":"2,130.00"},{"v":468.6,"d":"468.60"},{"v":2598.6,"d":"2,598.60"},null,47]
["А1345",1074,10043267,"Секция НЛП 100х60 У90 УТ1,5","(0092) Кусковская ул., д. 18Г",{"v":50,"d":"50.000"},"ШТ","2013-02-05","3.NV.1100-2002","Документы отсутствуют","Нет данных","Новое",{"v":12215.51,"d":"12,215.51"},244.31,{"v":12215.51,"d":"12,215.51"},{"v":15610,"d":"15,610.00"},{"v":3434.2,"d":"3,434.20"},{"v":19044.2,"d":"19,044.20"},null,47]
["А1346",1075,10040664,"Секция НЛП 100х60-У45В УТ1,5","(0092) Кусковская ул., д. 18Г",{"v":2,"d":"2.000"},"ШТ","2013-07-24","3.NV.1100-2002","Документы отсутствуют","Нет данных","Новое",418.73,209.37,418.73,{"v":530,"d":"530.00"},{"v":116.6,"d":"116.60"},{"v":646.6,"d":"646.60"},null,47]
["А1347",1076,10040663,"Секция НЛП 100х60-У90Н УТ1,5","(0092) Кусковская ул., д. 18Г",{"v":43,"d":"43.000"},"ШТ","2013-07-24","3.NV.1100-2002","Документы отсутствуют","Нет данных","Новое",{"v":11077.97,"d":"11,077.97"},257.63,{"v":11077.97,"d":"11,077.97"},{"v":14090,"d":"14,090.00"},{"v":3099.8,"d":"3,099.80"},{"v":17189.8,"d":"17,189.80"},null,47]
["А1348",1077,10109104,"Секция НЛП 200x60-У90 УТ1,5","(0092) Кусковская ул., д. 18Г",{"v":13,"d":"13.000"},"ШТ","2013-07-24","3.NV.1100-2002","Документы отсутствуют","Нет данных","Новое",{"v":3760.54,"d":"3,760.54"},289.27,{"v":3760.54,"d":"3,760.54"},{"v":4780,"d":"4,780.00"},{"v":1051.6,"d":"1,051.60"},{"v":5831.6,"d":"5,831.60"},null,47]
["А1349",1078,10122495,"Секция НЛП 50x50-У90 УТ1,5","(0092) Кусковская ул., д. 18Г",{"v":11,"d":"11.000"},"ШТ","2013-02-05","3.NV.1100-2002","Документы отсутствуют","Нет данных","Новое",{"v":1779.25,"d":"1,779.25"},161.75,{"v":1779.25,"d":"1,779.25"},{"v":2270,"d":"2,270.00"},{"v":499.4,"d":"499.40"},{"v":2769.4,"d":"2,769.40"},null,47]
["А1350",1079,10112816,"Скоба для DLP 35x80 Legrand 10681","(0092) Кусковская ул., д. 18Г",{"v":132,"d":"132.000"},"ШТ","2010-09-23","3.NV.1100-2002","Документы отсутствуют","Нет данных","Новое",{"v":5881.91,"d":"5,881.91"},44.56,{"v":5881.91,"d":"5,881.91"},{"v":8280,"d":"8,280.00"},{"v":1821.6,"d":"1,821.60"},{"v":10101.6,"d":"10,101.60"},null,47]
["А1351",1080,10112779,"Скоба СН-600 настенного крепления Остек","(0092) Кусковская ул., д. 18Г",{"v":30,"d":"30.000"},"ШТ","2010-09-03","3.NV.1100-2002","Документы отсутствуют","Нет данных","Новое",{"v":2835,"d":"2,835.00"},{"v":94.5,"d":"94.50"},{"v":2835,"d":"2,835.00"},{"v":3990,"d":"3,990.00"},{"v":877.8,"d":"877.80"},{"v":4867.8,"d":"4,867.80"},null,47]
["А1352",1081,10113852,"Соединитель лотка двойной СПЛД20 Остек","(0092) Кусковская ул., д. 18Г",{"v":10,"d":"10.000"},"ШТ","2011-10-25","3.NV.1100-2002","Документы отсутствуют","Нет данных","Новое",{"v":357.9,"d":"357.90"},35.79,{"v":357.9,"d":"357.90"},{"v":460,"d":"460.00"},{"v":101.2,"d":"101.20"},{"v":561.2,"d":"561.20"},null,47]
["А1353",1082,10041296,"Соединитель НЛП 100x60-СП УТ1,5","(0092) Кусковская ул., д. 18Г",{"v":710,"d":"710.000"},"ШТ","2013-02-05","3.NV.1100-2002","Документы отсутствуют","Нет данных","Новое",{"v":40242.8,"d":"40,242.80"},56.68,{"v":40242.8,"d":"40,242.80"},{"v":51420,"d":"51,420.00"},{"v":11312.4,"d":"11,312.40"},{"v":62732.4,"d":"62,732.40"},null,47]
["А1354",1083,10092302,"Соединитель НЛП 200х60-СП УТ1,5","(0092) Кусковская ул., д. 18Г",{"v":132,"d":"132.000"},"ШТ","2013-02-05","3.NV.1100-2002","Документы отсутствуют","Нет данных","Новое",{"v":6922.41,"d":"6,922.41"},52.44,{"v":6922.41,"d":"6,922.41"},{"v":8840,"d":"8,840.00"},{"v":1944.8,"d":"1,944.80"},{"v":10784.8,"d":"10,784.80"},null,47]
["А1355",1084,10130947,"Соединитель СЛ-60 УТ1,5","(0092) Кусковская ул., д. 18Г",{"v":474,"d":"474.000"},"КМП","2016-08-01","3.NV.1100-2002","Документы отсутствуют","Нет данных","Новое",{"v":14931,"d":"14,931.00"},{"v":31.5,"d":"31.50"},{"v":14931,"d":"14,931.00"},{"v":15870,"d":"15,870.00"},{"v":3491.4,"d":"3,491.40"},{"v":19361.4,"d":"19,361.40"},null,47]
["А1356",1085,10029765,"Стойка кабельная К1150ц УТ1,5 L=400мм","(0092) Кусковская ул., д. 18Г",{"v":216,"d":"216.000"},"ШТ","2013-07-24","3.NV.1100-2002","Документы отсутствуют","Нет данных","Новое",{"v":12932.06,"d":"12,932.06"},59.87,{"v":12932.06,"d":"12,932.06"},{"v":16450,"d":"16,450.00"},{"v":3619,"d":"3,619.00"},{"v":20069,"d":"20,069.00"},null,47]
["А1357",1086,10111870,"Стойка кабельная К1152цУТ1,5 L800","(0092) Кусковская ул., д. 18Г",{"v":30,"d":"30.000"},"ШТ","2013-07-24","3.NV.1100-2002","Документы отсутствуют","Нет данных","Новое",{"v":4196.7,"d":"4,196.70"},139.89,{"v":4196.7,"d":"4,196.70"},{"v":5340,"d":"5,340.00"},{"v":1174.8,"d":"1,174.80"},{"v":6514.8,"d":"6,514.80"},null,47]
["А1358",1087,10043881,"Стойка кабельная К1153цУТ1,5 L1200","(0092) Кусковская ул., д. 18Г",{"v":39,"d":"39.000"},"ШТ","2013-07-24","3.NV.1100-2002","Документы отсутствуют","Нет данных","Новое",{"v":5443.62,"d":"5,443.62"},139.58,{"v":5443.62,"d":"5,443.62"},{"v":6920,"d":"6,920.00"},{"v":1522.4,"d":"1,522.40"},{"v":8442.4,"d":"8,442.40"},null,47]
["А1359",1088,10112774,"Суппорт Mosaiс Legrand 80252","(0092) Кусковская ул., д. 18Г",{"v":133,"d":"133.000"},"ШТ","2010-09-23","3.NV.1100-2002","Документы отсутствуют","Нет данных","Новое",{"v":9534.77,"d":"9,534.77"},71.69,{"v":9534.77,"d":"9,534.77"},{"v":13420,"d":"13,420.00"},{"v":2952.4,"d":"2,952.40"},{"v":16372.4,"d":"16,372.40"},null,47]
["А1360",1089,10112879,"Суппорт на 1 мод. Singo Rehau 261489-100","(0092) Кусковская ул., д. 18Г",{"v":49,"d":"49.000"},"ШТ","2013-06-06","3.NV.1100-2002","Документы отсутствуют","Нет данных","Новое",{"v":3624.53,"d":"3,624.53"},73.97,{"v":3624.53,"d":"3,624.53"},{"v":4820,"d":"4,820.00"},{"$f":"R1139-P1139","v":{"v":1060.4,"d":"1,060.40"}},{"$f":"P1139*1.22","v":{"v":5880.4,"d":"5,880.40"}},null,47]
["А1361",1090,10093406,"Тройник RT 60х40х2000","(0092) Кусковская ул., д. 18Г",{"v":1,"d":"1.000"},"ШТ","2013-06-06","3.NV.1100-2002","Документы отсутствуют","Нет данных","Новое",81.31,81.31,81.31,{"v":100,"d":"100.00"},{"v":22,"d":"22.00"},{"v":122,"d":"122.00"},null,47]
["А1362",1091,10093396,"Угол внутр MI 40х16","(0092) Кусковская ул., д. 18Г",{"v":3,"d":"3.000"},"ШТ","2013-06-06","3.NV.1100-2002","Документы отсутствуют","Нет данных","Новое",59.46,19.82,59.46,{"v":80,"d":"80.00"},{"v":17.6,"d":"17.60"},{"v":97.6,"d":"97.60"},null,47]
["А1363",1092,10095531,"Угол горизонт. CPO90 100мм DKC 36002","(0092) Кусковская ул., д. 18Г",{"v":6,"d":"6.000"},"ШТ","2013-07-24","3.NV.1100-2002","Документы отсутствуют","Нет данных","Новое",{"v":2117.04,"d":"2,117.04"},352.84,{"v":2117.04,"d":"2,117.04"},{"v":2690,"d":"2,690.00"},{"v":591.8,"d":"591.80"},{"v":3281.8,"d":"3,281.80"},null,47]
["А1364",1093,10093397,"Угол плоский для ML 40х16 Экопласт","(0092) Кусковская ул., д. 18Г",{"v":4,"d":"4.000"},"ШТ","2013-06-06","3.NV.1100-2002","Документы отсутствуют","Нет данных","Новое",102.84,25.71,102.84,{"v":130,"d":"130.00"},{"v":28.6,"d":"28.60"},{"v":158.6,"d":"158.60"},null,47]
["А1365",1094,10093404,"Угол плоский для RL 60х40х2000 Экопласт","(0092) Кусковская ул., д. 18Г",{"v":4,"d":"4.000"},"ШТ","2013-06-06","3.NV.1100-2002","Документы отсутствуют","Нет данных","Новое",347.88,86.97,347.88,{"v":430,"d":"430.00"},{"v":94.6,"d":"94.60"},{"v":524.6,"d":"524.60"},null,47]
["А1366",1095,10128554,"Панель лицевая Mini-Com CFPFS2AW","(0092) Кусковская ул., д. 18Г",{"v":45,"d":"45.000"},"ШТ","2013-06-06","3.NV.1100-2002","Документы отсутствуют","Нет данных","Новое",{"v":2763.9,"d":"2,763.90"},61.42,{"v":2763.9,"d":"2,763.90"},{"v":3540,"d":"3,540.00"},{"v":778.8,"d":"778.80"},{"v":4318.8,"d":"4,318.80"},null,47]
["А1367",1096,10148690,"Короб перф. T1-EF 60х80 DKC 01128","(0098) Верхние поля, 25",{"v":1,"d":"1.000"},"ШТ","2013-09-01","3.NV.1100-2002","Отказное письмо Б/Н","Нет данных","Новое",193.03,193.03,193.03,{"v":240,"d":"240.00"},{"v":52.8,"d":"52.80"},{"v":292.8,"d":"292.80"},null,47]
["А1368",1097,10006969,"Швеллер К240","(0092) Кусковская ул., д. 18Г",{"v":83,"d":"83.000"},"ШТ","2013-06-06","3.NV.1100-2002","Документы отсутствуют","Нет данных","Новое",{"v":20189.41,"d":"20,189.41"},243.25,{"v":20189.41,"d":"20,189.41"},{"v":25880,"d":"25,880.00"},{"v":5693.6,"d":"5,693.60"},{"v":31573.6,"d":"31,573.60"},null,47]
[{"$nulls":14},{"$f":"SUM(O1075:O1147)","v":{"v":678641.21,"d":"678,641.21"}},{"$f":"SUM(P1075:P1147)","v":{"v":867300,"d":"867,300.00"}},{"v":190806,"d":"190,806.00"},{"$f":"SUM(R1075:R1147)","v":{"v":1058106,"d":"1,058,106.00"}},{"$f":"R1148/100*10","v":{"v":105810.6,"d":"105,810.60"}},47]
["А1369",1098,10095538,"Крышка ответвителя DРТ DKC 38042","(0911) Строительный пр.,д.14 к.1",{"v":2,"d":"2.000"},"ШТ","2017-03-30","3.NV.1209-2002","Документы отсутствуют","Нет данных","Удовлетворительное",{"v":554.6,"d":"554.60"},{"$f":"O1149/F1149","v":{"v":277.3,"d":"277.30"}},{"v":554.6,"d":"554.60"},{"v":340,"d":"340.00"},{"$f":"R1149-P1149","v":{"v":74.8,"d":"74.80"}},{"$f":"P1149*1.22","v":{"v":414.8,"d":"414.80"}},null,48,"Материалы электромонтажные"]
["А1370",1099,10134195,"Крышка угла CD90 DKC 38240","(0911) Строительный пр.,д.14 к.1",{"v":2,"d":"2.000"},"ШТ","2017-03-30","3.NV.1209-2002","Документы отсутствуют","Нет данных","Удовлетворительное",323.04,161.52,323.04,{"v":200,"d":"200.00"},{"v":44,"d":"44.00"},{"v":244,"d":"244.00"},null,48]
["А1371",1100,10134214,"Крышка угла CS90 DKC 38200","(0911) Строительный пр.,д.14 к.1",{"v":2,"d":"2.000"},"ШТ","2017-03-30","3.NV.1209-2002","Документы отсутствуют","Нет данных","Удовлетворительное",308.54,154.27,308.54,{"v":190,"d":"190.00"},{"v":41.8,"d":"41.80"},{"v":231.8,"d":"231.80"},null,48]
["А1372",1101,10134230,"Угол вертикальный CD90 DKC 36780","(0911) Строительный пр.,д.14 к.1",{"v":3,"d":"3.000"},"ШТ","2017-03-30","3.NV.1209-2002","Документы отсутствуют","Нет данных","Удовлетворительное",{"$f":"O1152","v":{"v":1202.82,"d":"1,202.82"}},400.94,{"v":1202.82,"d":"1,202.82"},{"v":730,"d":"730.00"},{"v":160.6,"d":"160.60"},{"v":890.6,"d":"890.60"},null,48]
["А1373",1102,10094708,"Площадка НС-101 20х20 100шт/уп KSS","(0911) Строительный пр.,д.14 к.1",{"v":4,"d":"4.000"},"УПК","2017-03-30","3.NV.1209-2002","Документы отсутствуют","Нет данных","Удовлетворительное",572.81,{"v":143.2,"d":"143.20"},572.81,{"v":310,"d":"310.00"},{"v":68.2,"d":"68.20"},{"v":378.2,"d":"378.20"},null,48]
["А1374",1103,10134216,"Угол вертикальный CS90 DKC 36660","(0911) Строительный пр.,д.14 к.1",{"v":4,"d":"4.000"},"ШТ","2017-03-30","3.NV.1209-2002","Документы отсутствуют","Нет данных","Удовлетворительное",{"v":1574.88,"d":"1,574.88"},393.72,{"v":1574.88,"d":"1,574.88"},{"v":950,"d":"950.00"},{"v":209,"d":"209.00"},{"v":1159,"d":"1,159.00"},null,48]
["А1375",1104,10107989,"Крышка ответвителя DРТ DKC 38040","(0911) Строительный пр.,д.14 к.1",{"v":5,"d":"5.000"},"ШТ","2017-03-30","3.NV.1209-2002","Документы отсутствуют","Нет данных","Удовлетворительное",{"v":1452.92,"d":"1,452.92"},290.58,{"v":1452.92,"d":"1,452.92"},{"v":880,"d":"880.00"},{"v":193.6,"d":"193.60"},{"v":1073.6,"d":"1,073.60"},null,48]
["А1376",1105,10108004,"Ответвитель Т-образный DPT DKC 36120","(0911) Строительный пр.,д.14 к.1",{"v":5,"d":"5.000"},"ШТ","2017-03-30","3.NV.1209-2002","Документы отсутствуют","Нет данных","Удовлетворительное",{"v":3041.97,"d":"3,041.97"},608.39,{"v":3041.97,"d":"3,041.97"},{"v":1840,"d":"1,840.00"},{"v":404.8,"d":"404.80"},{"v":2244.8,"d":"2,244.80"},null,48]
["А1377",1106,10108006,"Крышка угла CPO90 DKC 38000","(0911) Строительный пр.,д.14 к.1",{"v":6,"d":"6.000"},"ШТ","2017-03-30","3.NV.1209-2002","Документы отсутствуют","Нет данных","Удовлетворительное",{"v":1106.27,"d":"1,106.27"},184.38,{"v":1106.27,"d":"1,106.27"},{"v":670,"d":"670.00"},{"v":147.4,"d":"147.40"},{"v":817.4,"d":"817.40"},null,48]
["А1378",1107,10133856,"Крышка угла CD90 DKC 38242","(0911) Строительный пр.,д.14 к.1",{"v":6,"d":"6.000"},"ШТ","2017-03-30","3.NV.1209-2002","Документы отсутствуют","Нет данных","Удовлетворительное",{"v":1215.24,"d":"1,215.24"},202.54,{"v":1215.24,"d":"1,215.24"},{"v":730,"d":"730.00"},{"v":160.6,"d":"160.60"},{"v":890.6,"d":"890.60"},null,48]
["А1379",1108,10134190,"Крышка лотка 3000х150х15мм DKC 35523","(0911) Строительный пр.,д.14 к.1",{"v":9,"d":"9.000"},"ШТ","2017-03-30","3.NV.1209-2002","Документы отсутствуют","Нет данных","Удовлетворительное",{"v":3215.52,"d":"3,215.52"},357.28,{"v":3215.52,"d":"3,215.52"},{"v":1940,"d":"1,940.00"},{"v":426.8,"d":"426.80"},{"v":2366.8,"d":"2,366.80"},null,48]
["А1380",1109,10130670,"Профиль PSM 3000х2,5мм DKC 34181","(0911) Строительный пр.,д.14 к.1",{"v":18,"d":"18.000"},"ШТ","2017-03-30","3.NV.1209-2002","Документы отсутствуют","Нет данных","Удовлетворительное",{"v":8952.12,"d":"8,952.12"},497.34,{"v":8952.12,"d":"8,952.12"},{"v":5410,"d":"5,410.00"},{"v":1190.2,"d":"1,190.20"},{"v":6600.2,"d":"6,600.20"},null,48]
["А1381",1110,10108495,"Труба гофрир. ПНД 32мм DKC 70732","(0903) Проезд № 607 д. 22",{"v":10,"d":"10.000"},"М",2007,"3.NV.1209-2002","Документы отсутствуют","Нет данных","Удовлетворительное",{"v":275.6,"d":"275.60"},27.56,{"v":275.6,"d":"275.60"},{"v":300,"d":"300.00"},{"v":66,"d":"66.00"},{"v":366,"d":"366.00"},null,48]
["А1382",1111,10136935,"Крышка лотка 2000х100х15 DKC 35512","(0092) Кусковская ул., д. 18Г",{"$f":"25-20","v":{"v":5,"d":"5.000"}},"М"," 01.12.2014","3.NV.1100-2002","Документы отсутствуют","2000х100х15","Хорошее",465.65,93.13,465.65,{"v":480,"d":"480.00"},{"v":105.6,"d":"105.60"},{"v":585.6,"d":"585.60"},null,48]
["А1383",1112,10108003,"Крышка лотка 3000х50х15мм DKC 35520","(0092) Кусковская ул., д. 18Г",{"v":140,"d":"140.000"},"М","2014-12-01","3.NV.1100-2002","Документы отсутствуют"," 3000х50х15мм ","Хорошее",{"v":9902.2,"d":"9,902.20"},70.73,{"v":9902.2,"d":"9,902.20"},{"v":10240,"d":"10,240.00"},{"v":2252.8,"d":"2,252.80"},{"v":12492.8,"d":"12,492.80"},null,48]
["А1384",1113,10109047,"Крышка лотка 2000х50х15мм DKC 35510","(0098) Верхние поля, 25",{"$f":"328-20-100-4","v":{"v":204,"d":"204.000"}},"М","2014-12-01","3.NV.1100-2002","Документы отсутствуют","2000х50х15мм","Хорошее",{"v":14427.13,"d":"14,427.13"},70.72,{"$f":"21782.13/308*204","v":{"v":14427.13,"d":"14,427.13"}},{"v":14920,"d":"14,920.00"},{"v":3282.4,"d":"3,282.40"},{"v":18202.4,"d":"18,202.40"},null,48]
["А1385",1114,10111975,"Комплект наконечников 3шт SE 31563","(0092) Кусковская ул., д. 18Г",{"v":13,"d":"13.000"},"КМП",2014,"3.NV.1100-2002","Документы отсутствуют","3шт SE 31563","Хорошее",{"v":6672.7,"d":"6,672.70"},513.28,{"v":6672.7,"d":"6,672.70"},{"v":7060,"d":"7,060.00"},{"v":1553.2,"d":"1,553.20"},{"v":8613.2,"d":"8,613.20"},null,48]
["А1386",1115,10015411,"Крышка короба Panduit Т-70 T70CAW2 2м","(0092) Кусковская ул., д. 18Г",{"v":42,"d":"42.000"},"ШТ",2014,"3.NV.1100-2002","Документы отсутствуют","Т-70 T70CAW2 2м","Хорошее",{"v":10366.02,"d":"10,366.02"},246.81,{"v":10366.02,"d":"10,366.02"},{"v":10970,"d":"10,970.00"},{"v":2413.4,"d":"2,413.40"},{"v":13383.4,"d":"13,383.40"},null,48]
["А1387",1116,10110758,"Держатель CТ25G 25мм с дюбелем Экопласт","(0092) Кусковская ул., д. 18Г",{"v":50,"d":"50.000"},"ШТ",2014,"3.NV.1100-2002","Документы отсутствуют"," 25мм с дюбелем","Хорошее",{"v":264.5,"d":"264.50"},5.29,{"v":264.5,"d":"264.50"},{"v":270,"d":"270.00"},{"v":59.4,"d":"59.40"},{"v":329.4,"d":"329.40"},null,48]
["А1388",1117,10010748,"Зажим соединит.-изолир. СИЗ-2 100шт/уп","(0092) Кусковская ул., д. 18Г",{"$f":"88-35","v":{"v":53,"d":"53.000"}},"УПК",2014,"3.NV.1100-2002","Документы отсутствуют","СИЗ-2 100шт/уп","Хорошее",{"v":5157.71,"d":"5,157.71"},97.32,{"$f":"8563.74/88*53","v":{"v":5157.71,"d":"5,157.71"}},{"v":5190,"d":"5,190.00"},{"v":1141.8,"d":"1,141.80"},{"v":6331.8,"d":"6,331.80"},null,48]
["А1388/1",1118,10010748,"Зажим соединит.-изолир. СИЗ-2 100шт/уп","(0098) Верхние поля, 25",{"v":35,"d":"35.000"},"УПК",2014,"3.NV.1100-2002","Документы отсутствуют","Нет данных","Новое",{"v":3406.03,"d":"3,406.03"},97.32,{"v":3406.03,"d":"3,406.03"},{"v":4020,"d":"4,020.00"},{"v":884.4,"d":"884.40"},{"v":4904.4,"d":"4,904.40"},null,48]
["А1389",1119,10007615,"Спираль ABB LUC 18 372 6х8 (25м)","(0092) Кусковская ул., д. 18Г",{"v":1,"d":"1.000"},"УПК",2014,"3.NV.1100-2002","Документы отсутствуют","6х8 (25м)","Хорошее",546.61,546.61,546.61,{"v":580,"d":"580.00"},{"v":127.6,"d":"127.60"},{"v":707.6,"d":"707.60"},null,48]
[{"$nulls":14},{"$f":"SUM(O1149:O1170)","v":{"v":75004.88,"d":"75,004.88"}},{"$f":"SUM(P1149:P1170)","v":{"v":68220,"d":"68,220.00"}},{"v":15008.4,"d":"15,008.40"},{"$f":"SUM(R1149:R1170)","v":{"v":83228.4,"d":"83,228.40"}},{"$f":"R1171/100*10","v":{"v":8322.84,"d":"8,322.84"}},48]
["А1391",1120,10118929,"Переходник 3/4х1/2 Gav 1217/7","(0092) Кусковская ул., д. 18Г",{"v":1,"d":"1.000"},"ШТ","2013-12-02","3.NV.1100-2002","Документы отсутствуют","Нет данных","Новое",190.68,{"$f":"O1172/F1172","v":190.68},190.68,{"v":230,"d":"230.00"},{"$f":"R1172-P1172","v":{"v":50.6,"d":"50.60"}},{"$f":"P1172*1.22","v":{"v":280.6,"d":"280.60"}},null,49,"Металлоизделия"]
["А1392",1121,10116829,"Переходник ф8 Gav 113С/2","(0092) Кусковская ул., д. 18Г",{"v":3,"d":"3.000"},"ШТ","2013-12-02","3.NV.1100-2002","Документы отсутствуют","Нет данных","Новое",508.47,169.49,508.47,{"v":610,"d":"610.00"},{"v":134.2,"d":"134.20"},{"v":744.2,"d":"744.20"},null,49]
["А1394",1122,10006186,"Шайба А.6.01.10кп.016 Г11371-80 DIN125","(0094) Кусковская 18Г",{"v":13,"d":"13.000"},"КГ",2014,"3.NV.1100-2002","Документы отсутствуют","А.6.01.10кп.016","Новое",{"v":1000.02,"d":"1,000.02"},76.92,{"v":1000.02,"d":"1,000.02"},{"v":1290,"d":"1,290.00"},{"v":283.8,"d":"283.80"},{"v":1573.8,"d":"1,573.80"},null,49]
["А1399",1123,10006175,"Шайба С.4.02.Ст3кп Г11371-80 DIN125","(0094) Кусковская 18Г",{"v":1,"d":"1.000"},"КГ",2014,"3.NV.1100-2002","Документы отсутствуют","Нет данных","Новое",81.57,81.57,81.57,{"v":100,"d":"100.00"},{"v":22,"d":"22.00"},{"v":122,"d":"122.00"},null,49]
["А1400",1124,10097503,"Баббит оловянный Б-83 Г1320-74 чушка","(0094) Кусковская 18Г",{"v":50,"d":"50.000"},"КГ","2016-05-30","3.NV.1100-2002","Документы отсутствуют","Нет данных","Новое",{"v":59844,"d":"59,844.00"},{"v":1196.88,"d":"1,196.88"},{"v":59844,"d":"59,844.00"},{"v":68640,"d":"68,640.00"},{"v":15100.8,"d":"15,100.80"},{"v":83740.8,"d":"83,740.80"},null,49]
["А1401",1125,10135922,"Муфта Axiflex TypeII Sil AHL14016300C","(0094) Кусковская 18Г",{"v":1,"d":"1.000"},"ШТ","2012-09-24","3.NV.1100-2002","Документы отсутствуют","Нет данных","Новое",{"v":19332.81,"d":"19,332.81"},{"v":19332.81,"d":"19,332.81"},{"v":19332.81,"d":"19,332.81"},{"v":23270,"d":"23,270.00"},{"v":5119.4,"d":"5,119.40"},{"v":28389.4,"d":"28,389.40"},null,49]
["А1402",1126,10135921,"Муфта Axiflex TypeII Sil AHL14016300R","(0094) Кусковская 18Г",{"v":1,"d":"1.000"},"ШТ","2012-09-24","3.NV.1100-2002","Документы отсутствуют","Нет данных","Новое",{"v":81250.51,"d":"81,250.51"},{"v":81250.51,"d":"81,250.51"},{"v":81250.51,"d":"81,250.51"},{"v":97780,"d":"97,780.00"},{"v":21511.6,"d":"21,511.60"},{"v":119291.6,"d":"119,291.60"},null,49]
["А1403",1127,10135934,"Муфта Axiflex TypeII Sil AHL14016400C","(0094) Кусковская 18Г",{"v":1,"d":"1.000"},"ШТ","2012-09-24","3.NV.1100-2002","Документы отсутствуют","Нет данных","Новое",{"v":72102.31,"d":"72,102.31"},{"v":72102.31,"d":"72,102.31"},{"v":72102.31,"d":"72,102.31"},{"v":86770,"d":"86,770.00"},{"v":19089.4,"d":"19,089.40"},{"v":105859.4,"d":"105,859.40"},null,49]
["А1404",1128,10135941,"Муфта Axiflex TypeII Sil AHL14016400R","(0094) Кусковская 18Г",{"v":1,"d":"1.000"},"ШТ","2012-09-24","3.NV.1100-2002","Документы отсутствуют","Нет данных","Новое",{"v":64865.43,"d":"64,865.43"},{"v":64865.43,"d":"64,865.43"},{"v":64865.43,"d":"64,865.43"},{"v":78060,"d":"78,060.00"},{"v":17173.2,"d":"17,173.20"},{"v":95233.2,"d":"95,233.20"},null,49]
["А1405",1129,10051098,"Пруток бронз. ДКРПП 70 НД БрАЖ9-4","(0094) Кусковская 18Г",0.017,"Т","2015-08-13","3.NV.1100-2002","Сер.к.5205 от30.03.2015","Нет данных","Новое",{"v":10266.65,"d":"10,266.65"},{"v":603920.59,"d":"603,920.59"},{"v":10266.65,"d":"10,266.65"},{"v":11800,"d":"11,800.00"},{"v":2596,"d":"2,596.00"},{"v":14396,"d":"14,396.00"},null,49]
["А1406",1130,10097738,"Труба ДКРНП 12х1,5х1000 М3 Г617-90","(0094) Кусковская 18Г",{"v":9,"d":"9.000"},"М","2010-08-04","3.NV.1100-2002","Документы отсутствуют","Нет данных","Новое",{"v":2479.18,"d":"2,479.18"},275.46,{"v":2479.18,"d":"2,479.18"},{"v":3310,"d":"3,310.00"},{"v":728.2,"d":"728.20"},{"v":4038.2,"d":"4,038.20"},null,49]
["А1407",1131,10132082,"Шпилька М36-6gх260.97.8.8 ст.35","(0094) Кусковская 18Г",{"$f":"20-12","v":{"v":8,"d":"8.000"}},"ШТ","2014-12-12","3.NV.1100-2002","Документы отсутствуют","Нет данных","Новое",{"v":2136.08,"d":"2,136.08"},267.01,{"$f":"5340.2/20*8","v":{"v":2136.08,"d":"2,136.08"}},{"v":2690,"d":"2,690.00"},{"v":591.8,"d":"591.80"},{"v":3281.8,"d":"3,281.80"},null,49]
["А1408",1132,10122584,"Труба ДКРНП 10х1,0х2000 М3 Г617","(0094) Кусковская 18Г",{"v":81.65,"d":"81.650"},"М","2011-11-16","3.NV.1100-2002","Документы отсутствуют","Нет данных","Новое",{"v":10900.28,"d":"10,900.28"},{"v":133.5,"d":"133.50"},{"v":10900.28,"d":"10,900.28"},{"v":13170,"d":"13,170.00"},{"v":2897.4,"d":"2,897.40"},{"v":16067.4,"d":"16,067.40"},null,49]
["А1409",1133,10099981,"Болт М12-6gх50.58 (S18) ГОСТ 7798-70","(0094) Кусковская 18Г",{"v":70,"d":"70.000"},"КГ","2011-04-06","3.NV.1100-2002","Документы отсутствуют","Нет данных","Новое",{"v":2450.7,"d":"2,450.70"},35.01,{"v":2450.7,"d":"2,450.70"},{"v":3410,"d":"3,410.00"},{"v":750.2,"d":"750.20"},{"v":4160.2,"d":"4,160.20"},null,49]
["А1410",1134,10059302,"Винт М8х16х1.25 DIN7991","(0098) Верхние поля, 25",{"v":780,"d":"780.000"},"ШТ","2014-12-12","3.NV.1100-2002","Документы отсутствуют","Нет данных","Новое",{"v":2511.6,"d":"2,511.60"},3.22,{"v":2511.6,"d":"2,511.60"},{"v":3160,"d":"3,160.00"},{"v":695.2,"d":"695.20"},{"v":3855.2,"d":"3,855.20"},null,49]
["А1411",1135,10059307,"Винт М8х20х1.25 DIN7985","(0098) Верхние поля, 25",{"v":180,"d":"180.000"},"ШТ","2014-12-12","3.NV.1100-2002","Документы отсутствуют","Нет данных","Новое",{"v":185.4,"d":"185.40"},1.03,{"v":185.4,"d":"185.40"},{"v":230,"d":"230.00"},{"v":50.6,"d":"50.60"},{"v":280.6,"d":"280.60"},null,49]
["А1412",1136,10106864,"Гайка анод. М20-6H.5 (S30) Г5915-70","(0098) Верхние поля, 25",{"$f":"188-20","v":{"v":168,"d":"168.000"}},"КГ","2013-04-11","3.NV.1100-2002","Документы отсутствуют","Нет данных","Новое",{"v":8617.11,"d":"8,617.11"},51.29,{"$f":"9642.96/188*168","v":{"v":8617.11,"d":"8,617.11"}},{"v":11500,"d":"11,500.00"},{"v":2530,"d":"2,530.00"},{"v":14030,"d":"14,030.00"},null,49]
["А1413",1137,10145094,"Скоба PP16 1000шт/уп","(0098) Верхние поля, 25",{"v":39000,"d":"39000.000"},"ШТ","2013-04-01","3.NV.1100-2002","Документы отсутствуют","Нет данных","Новое",{"v":9360,"d":"9,360.00"},0.24,{"v":9360,"d":"9,360.00"},{"v":12490,"d":"12,490.00"},{"v":2747.8,"d":"2,747.80"},{"v":15237.8,"d":"15,237.80"},null,49]
["А1414",1138,10002286,"Проволока 6,0-Х20Н80 Г12766.1-90","(0094) Кусковская 18Г",{"v":89.9,"d":"89.900"},"КГ","2016-05-30","3.NV.1100-2002","Документы отсутствуют","Нет данных","Новое",{"v":114503.58,"d":"114,503.58"},{"v":1273.68,"d":"1,273.68"},{"v":114503.58,"d":"114,503.58"},{"v":131340,"d":"131,340.00"},{"v":28894.8,"d":"28,894.80"},{"v":160234.8,"d":"160,234.80"},null,49]
["А1415",1139,10132558,"Проволока 8,0-Х20Н80","(0094) Кусковская 18Г",{"v":27.6,"d":"27.600"},"КГ","2015-11-23","3.NV.1100-2002","Документы отсутствуют","Нет данных","Новое",{"v":110582.73,"d":"110,582.73"},{"v":4006.62,"d":"4,006.62"},{"v":110582.73,"d":"110,582.73"},{"v":126070,"d":"126,070.00"},{"v":27735.4,"d":"27,735.40"},{"v":153805.4,"d":"153,805.40"},null,49]
[{"$nulls":14},{"$f":"SUM(O1172:O1191)","v":{"v":573169.11,"d":"573,169.11"}},{"$f":"SUM(P1172:P1191)","v":{"v":675920,"d":"675,920.00"}},{"v":148702.4,"d":"148,702.40"},{"$f":"SUM(R1172:R1191)","v":{"v":824622.4,"d":"824,622.40"}},{"$f":"R1192/100*10","v":{"v":82462.24,"d":"82,462.24"}},49]
["А1417",1140,10090724,"Уголок с фланцами ду40","(0104) ул. М. Дмитровка, д. 25",{"v":2,"d":"2.000"},"ШТ",2014,"3.NV.1201-2002","Документы отсутствуют","Нет данных","Удовлетворительное",{"v":7721.92,"d":"7,721.92"},{"$f":"O1193/F1193","v":{"v":3860.96,"d":"3,860.96"}},{"v":7721.92,"d":"7,721.92"},{"v":5640,"d":"5,640.00"},{"$f":"R1193-P1193","v":{"v":1240.8,"d":"1,240.80"}},{"$f":"P1193*1.22","v":{"v":6880.8,"d":"6,880.80"}},null,50,"Металлоизделия"]
["А1420",1141,10106294,"Хомут с рез. пр. М8 32-36 Alpha-co","(0092) Кусковская ул., д. 18Г",{"v":55,"d":"55.000"},"ШТ",2014,"3.NV.1100-2002","Документы отсутствуют","М8 32-36 ","Хорошее",{"v":1799.76,"d":"1,799.76"},32.72,{"v":1799.76,"d":"1,799.76"},{"v":1970,"d":"1,970.00"},{"v":433.4,"d":"433.40"},{"v":2403.4,"d":"2,403.40"},null,50]
["А1421",1142,10128643,"Шайба А.05.02.ст3кп.09 Г11371-78(DIN125)","(0094) Кусковская 18Г",{"v":3,"d":"3.000"},"КГ","2014-11-20","3.NV.1100-2002","Документы отсутствуют","А.05.02.ст3кп.09","Хорошее",268.35,89.45,268.35,{"v":290,"d":"290.00"},{"v":63.8,"d":"63.80"},{"v":353.8,"d":"353.80"},null,50]
["А1422",1143,10006180,"Шайба А.10.02.ст3кп.09 Г11371 (DIN 125)","(0098) Верхние поля, 25",{"$f":"5-1","v":{"v":4,"d":"4.000"}},"КГ","2014-11-20","3.NV.1100-2002","Документы отсутствуют"," А.10.02.ст3кп.09","Хорошее",244.29,61.07,{"$f":"305.36/5*4","v":244.29},{"v":270,"d":"270.00"},{"v":59.4,"d":"59.40"},{"v":329.4,"d":"329.40"},null,50]
["А1424",1144,10128604,"Шайба А.10.02.ст3кп Г11371-78 (DIN125)","(0094) Кусковская 18Г",{"v":5,"d":"5.000"},"КГ","2014-11-20","3.NV.1100-2002","Документы отсутствуют","А.10.02.ст3кп","Хорошее",{"v":330.8,"d":"330.80"},66.16,{"v":330.8,"d":"330.80"},{"v":360,"d":"360.00"},{"v":79.2,"d":"79.20"},{"v":439.2,"d":"439.20"},null,50]
["А1431",1145,10011665,"Шайба 18.02.09 Г11371-80","(0094) Кусковская 18Г",{"v":4,"d":"4.000"},"КГ",2014,"3.NV.1100-2002","Документы отсутствуют","18.02.09","Хорошее",244.44,61.11,244.44,{"v":270,"d":"270.00"},{"v":59.4,"d":"59.40"},{"v":329.4,"d":"329.40"},null,50]
["А1432",1146,10126742,"Шайба плоская М24 DIN 9021","(0094) Кусковская 18Г",{"v":4,"d":"4.000"},"КГ",2014,"3.NV.1100-2002","Документы отсутствуют","М24 DIN 9021","Хорошее",292.24,73.06,292.24,{"v":320,"d":"320.00"},{"v":70.4,"d":"70.40"},{"v":390.4,"d":"390.40"},null,50]
["А1433",1147,10006171,"Шайба C.10.02.Ст3кп Г11371-80 DIN125","(0094) Кусковская 18Г",{"v":5.8,"d":"5.800"},"КГ",2014,"3.NV.1100-2002","Документы отсутствуют","C.10.02.Ст3кп","Хорошее",398.81,68.76,398.81,{"v":440,"d":"440.00"},{"v":96.8,"d":"96.80"},{"v":536.8,"d":"536.80"},null,50]
["А1436",1148,10006172,"Шайба С.12.02.Ст3кп Г11371-80 DIN125","(0094) Кусковская 18Г",{"v":14.05,"d":"14.050"},"КГ",2014,"3.NV.1100-2002","Документы отсутствуют","С.12.02.Ст3кп","Хорошее",{"$f":"O1201","v":863.35},61.45,863.35,{"v":950,"d":"950.00"},{"v":209,"d":"209.00"},{"v":1159,"d":"1,159.00"},null,50]
["А1437",1149,10088409,"Болт М8х20мм ГОСТ 7805-70","(0098) Верхние поля, 25",{"$f":"23.6-23","v":{"v":0.6,"d":"0.600"}},"КГ",2014,"3.NV.1100-2002","Документы отсутствуют","М8х20мм","Хорошее",30.31,50.52,{"$f":"1192.12/23.6*0.6","v":30.31},{"v":30,"d":"30.00"},{"v":6.6,"d":"6.60"},{"v":36.6,"d":"36.60"},null,50]
["А1440",1150,10119125,"Винт М6х10 с п/кр. гол.","(0094) Кусковская 18Г",{"v":29,"d":"29.000"},"КГ",2014,"3.NV.1100-2002","Документы отсутствуют","М6х10 с п/кр. гол.","Хорошее",{"v":971.5,"d":"971.50"},{"v":33.5,"d":"33.50"},{"v":971.5,"d":"971.50"},{"v":1070,"d":"1,070.00"},{"v":235.4,"d":"235.40"},{"v":1305.4,"d":"1,305.40"},null,50]
["А1442",1151,10006188,"Шайба оцинк. А.8.01.10кп.016 Г11371-80","(0094) Кусковская 18Г",{"v":38,"d":"38.000"},"КГ",2014,"3.NV.1100-2002","Документы отсутствуют"," А.8.01.10кп.016","Хорошее",{"v":2696.27,"d":"2,696.27"},70.95,{"v":2696.27,"d":"2,696.27"},{"v":2960,"d":"2,960.00"},{"v":651.2,"d":"651.20"},{"v":3611.2,"d":"3,611.20"},null,50]
["А1443",1152,10006177,"Шайба C.6.02.Ст3кп Г11371-80 DIN125","(0094) Кусковская 18Г",{"v":54,"d":"54.000"},"КГ",2014,"3.NV.1100-2002","Документы отсутствуют","C.6.02.Ст3кп","Хорошее",{"v":3534.98,"d":"3,534.98"},65.46,{"v":3534.98,"d":"3,534.98"},{"v":3880,"d":"3,880.00"},{"v":853.6,"d":"853.60"},{"v":4733.6,"d":"4,733.60"},null,50]
["А1444",1153,10006182,"Шайба А.16.01.10кп.016 Г11371-80 DIN125","(0094) Кусковская 18Г",{"v":57,"d":"57.000"},"КГ",2014,"3.NV.1100-2002","Документы отсутствуют"," А.16.01.10кп.016","Хорошее",{"v":3724.83,"d":"3,724.83"},65.35,{"v":3724.83,"d":"3,724.83"},{"v":4090,"d":"4,090.00"},{"v":899.8,"d":"899.80"},{"v":4989.8,"d":"4,989.80"},null,50]
["А1445",1154,10006190,"Шайба 12 65Г Г6402-70 DIN127","(0098) Верхние поля, 25",{"$f":"73.98-1-34","v":{"v":38.98,"d":"38.980"}},"КГ",2014,"3.NV.1100-2002","Документы отсутствуют","12 65Г Г6402-70 DIN127","Хорошее",{"v":2508.82,"d":"2,508.82"},64.36,{"v":2508.82,"d":"2,508.82"},{"v":2750,"d":"2,750.00"},{"v":605,"d":"605.00"},{"v":3355,"d":"3,355.00"},null,50]
["А1446",1155,10108866,"Винт самонар. 3,5х55 для ГКЛ, кр. рез.","(0094) Кусковская 18Г",{"$f":"87.45-81","v":{"v":6.45,"d":"6.450"}},"УПК",2014,"3.NV.1100-2002","Документы отсутствуют"," 3,5х55 для ГКЛ, кр. рез.","Хорошее",{"v":1076.77,"d":"1,076.77"},166.94,{"$f":"14598.98/87.45*6.45","v":{"v":1076.77,"d":"1,076.77"}},{"v":1180,"d":"1,180.00"},{"v":259.6,"d":"259.60"},{"v":1439.6,"d":"1,439.60"},null,50]
["А1446/1",1156,10108866,"Винт самонар. 3,5х55 для ГКЛ, кр. рез.","(0098) Верхние поля, 25",{"v":78,"d":"78.000"},"УПК",2014,"3.NV.1100-2002","Документы отсутствуют","Нет данных","Новое",{"v":13021.39,"d":"13,021.39"},166.94,{"v":13021.39,"d":"13,021.39"},{"v":16750,"d":"16,750.00"},{"v":3685,"d":"3,685.00"},{"v":20435,"d":"20,435.00"},null,50]
["А1447",1157,10119264,"Резьба Ду-015 оцинк.","(0094) Кусковская 18Г",{"$f":"204-6-4-40","v":{"v":154,"d":"154.000"}},"ШТ",2014,"3.NV.1100-2002","Документы отсутствуют","Ду015 оцинк","Хорошее",{"v":1386,"d":"1,386.00"},{"v":9,"d":"9.00"},{"$f":"1836/204*154","v":{"v":1386,"d":"1,386.00"}},{"v":1520,"d":"1,520.00"},{"v":334.4,"d":"334.40"},{"v":1854.4,"d":"1,854.40"},null,50]
["А1449",1158,10089871,"Болт М36-6gх200.58 (S55) Г7798-70","(0098) Верхние поля, 25",{"$f":"438-51-77-2.4-43.34","v":{"v":264.26,"d":"264.260"}},"КГ",2014,"3.NV.1100-2002","Документы отсутствуют","М36-6gх200.58 (S55)","Хорошее",{"v":15865.7,"d":"15,865.70"},60.04,{"$f":"26296.74/438*264.26","v":{"v":15865.7,"d":"15,865.70"}},{"v":17410,"d":"17,410.00"},{"v":3830.2,"d":"3,830.20"},{"v":21240.2,"d":"21,240.20"},null,50]
["А1450",1159,10029589,"Резьба Ду-025 оцинк.","(0098) Верхние поля, 25",{"v":606,"d":"606.000"},"ШТ",2014,"3.NV.1100-2002","Документы отсутствуют","Ду025 оцинк","Хорошее",{"v":9217.26,"d":"9,217.26"},15.21,{"v":9217.26,"d":"9,217.26"},{"v":10110,"d":"10,110.00"},{"v":2224.2,"d":"2,224.20"},{"v":12334.2,"d":"12,334.20"},null,50]
["А1451",1160,10071370,"Шайба зубчатая DIN6798A","(0098) Верхние поля, 25",{"v":4300,"d":"4300.000"},"ШТ",2014,"3.NV.1100-2002","Документы отсутствуют","DIN6798A","Хорошее",{"v":2365,"d":"2,365.00"},0.55,{"v":2365,"d":"2,365.00"},{"v":2450,"d":"2,450.00"},{"v":539,"d":"539.00"},{"v":2989,"d":"2,989.00"},null,50]
[{"$nulls":14},{"$f":"SUM(O1193:O1213)","v":{"v":68562.79,"d":"68,562.79"}},{"$f":"SUM(P1193:P1213)","v":{"v":74710,"d":"74,710.00"}},{"v":16436.2,"d":"16,436.20"},{"$f":"SUM(R1193:R1213)","v":{"v":91146.2,"d":"91,146.20"}},{"$f":"R1214/100*10","v":{"v":9114.62,"d":"9,114.62"}},50]
["А1452",1161,10114040,"Средство Karcher RM 69 ASF 20л","(0092) Кусковская ул., д. 18Г",{"v":7,"d":"7.000"},"ШТ",2014,"3.NV.1100-2002","Документы отсутствуют","RM 69 ASF 20л","Хорошее",{"v":12991.51,"d":"12,991.51"},{"$f":"O1215/F1215","v":{"v":1855.93,"d":"1,855.93"}},{"v":12991.51,"d":"12,991.51"},{"v":18030,"d":"18,030.00"},{"$f":"R1215-P1215","v":{"v":3966.6,"d":"3,966.60"}},{"$f":"P1215*1.22","v":{"v":21996.6,"d":"21,996.60"}},null,51,"Моющие средства"]
["А1453",1162,10095834,"Средство Master Contact Spray 400мл","(0092) Кусковская ул., д. 18Г",{"v":17,"d":"17.000"},"ШТ",2014,"3.NV.1100-2002","Документы отсутствуют","Spray 400мл","Хорошее",{"v":5927.56,"d":"5,927.56"},{"$f":"O1216/F1216","v":348.68},{"v":5927.56,"d":"5,927.56"},{"v":9870,"d":"9,870.00"},{"$f":"R1216-P1216","v":{"v":2171.4,"d":"2,171.40"}},{"$f":"P1216*1.22","v":{"v":12041.4,"d":"12,041.40"}},null,51]
[{"$nulls":14},{"$f":"SUM(O1215:O1216)","v":{"v":18919.07,"d":"18,919.07"}},{"$f":"SUM(P1215:P1216)","v":{"v":27900,"d":"27,900.00"}},{"v":6138,"d":"6,138.00"},{"$f":"SUM(R1215:R1216)","v":{"v":34038,"d":"34,038.00"}},{"$f":"R1217/100*10","v":{"v":3403.8,"d":"3,403.80"}},51]
["А1454",1163,102000312,"Насос AKN-100/2 ф190 18,5/3000","(0098) Верхние поля, 25",{"v":2,"d":"2.000"},"ШТ","2014-09-09","3.NV.1100-2002","Документы отсутствуют","Нет данных","Новое",{"v":201689.77,"d":"201,689.77"},{"$f":"O1218/F1218","v":{"v":100844.89,"d":"100,844.89"}},{"v":201689.77,"d":"201,689.77"},{"v":388500,"d":"388,500.00"},{"$f":"R1218-P1218","v":{"v":85470,"d":"85,470.00"}},{"$f":"P1218*1.22","v":{"v":473970,"d":"473,970.00"}},null,52,"Насосы"]
["А1455",1164,102000708,"Насос AL-1106/2 ф213 22/3000","(0098) Верхние поля, 25",{"v":2,"d":"2.000"},"ШТ","2014-09-09","3.NV.1100-2002","Документы отсутствуют","Нет данных","Новое",{"v":296077.87,"d":"296,077.87"},{"v":148038.94,"d":"148,038.94"},{"v":296077.87,"d":"296,077.87"},{"v":570320,"d":"570,320.00"},{"v":125470.4,"d":"125,470.40"},{"v":695790.4,"d":"695,790.40"},null,52]
["А1456",1165,102001165,"Насос AL-1106/2 ф232 30/3000","(0098) Верхние поля, 25",{"v":2,"d":"2.000"},"ШТ","2014-09-09","3.NV.1100-2002","Документы отсутствуют","Нет данных","Новое",{"v":315464.33,"d":"315,464.33"},{"v":157732.17,"d":"157,732.17"},{"v":315464.33,"d":"315,464.33"},{"v":607660,"d":"607,660.00"},{"v":133685.2,"d":"133,685.20"},{"v":741345.2,"d":"741,345.20"},null,52]
["А1457",1166,102001058,"Насос KN-65/2 ф180 15/3000","(0098) Верхние поля, 25",{"v":2,"d":"2.000"},"ШТ","2014-09-09","3.NV.1100-2002","Документы отсутствуют","Нет данных","Новое",{"v":199954.92,"d":"199,954.92"},{"v":99977.46,"d":"99,977.46"},{"v":199954.92,"d":"199,954.92"},{"v":385160,"d":"385,160.00"},{"v":84735.2,"d":"84,735.20"},{"v":469895.2,"d":"469,895.20"},null,52]
["А1459",1167,10135643,"Насос DDA 7,5-16 AR-PP/E/C-F-31 U2U2FG","(0098) Верхние поля, 25",{"v":1,"d":"1.000"},"ШТ","2014-12-31","3.NV.1100-2002","Документы отсутствуют","Нет данных","Новое",{"v":30455.18,"d":"30,455.18"},{"v":30455.18,"d":"30,455.18"},{"v":30455.18,"d":"30,455.18"},{"v":54400,"d":"54,400.00"},{"v":11968,"d":"11,968.00"},{"v":66368,"d":"66,368.00"},null,52]
["А1461",1168,102001000,"Насос L-100S/2 ф200 22/3000","(0098) Верхние поля, 25",{"v":1,"d":"1.000"},"ШТ","2014-12-31","3.NV.1100-2002","Документы отсутствуют","Нет данных","Новое",{"v":150315.39,"d":"150,315.39"},{"v":150315.39,"d":"150,315.39"},{"v":150315.39,"d":"150,315.39"},{"v":268510,"d":"268,510.00"},{"v":59072.2,"d":"59,072.20"},{"v":327582.2,"d":"327,582.20"},null,52]
["А1462",1169,102001179,"Насос К-200-150-250-С-УХЛ4 30/1450 КНЗ","(0098) Верхние поля, 25",{"v":1,"d":"1.000"},"ШТ","2013-05-01","3.NV.1100-2002","Документы отсутствуют","Нет данных","Новое",{"v":59517.77,"d":"59,517.77"},{"v":59517.77,"d":"59,517.77"},{"v":59517.77,"d":"59,517.77"},{"v":119180,"d":"119,180.00"},{"v":26219.6,"d":"26,219.60"},{"v":145399.6,"d":"145,399.60"},null,52]
[{"$nulls":14},{"$f":"SUM(O1218:O1224)","v":{"v":1253475.23,"d":"1,253,475.23"}},{"$f":"SUM(P1218:P1224)","v":{"v":2393730,"d":"2,393,730.00"}},{"v":526620.6,"d":"526,620.60"},{"$f":"SUM(R1218:R1224)","v":{"v":2920350.6,"d":"2,920,350.60"}},{"$f":"R1225/100*10","v":{"v":292035.06,"d":"292,035.06"}},52]
["А1463",1170,102001372,"Агрегат ПЭНА-70-90 315/3000","(0903) Проезд № 607 д. 22",{"v":1,"d":"1.000"},"ШТ","2010","3.NV.1209-2002","Паспорт","Нет данных","Удовлетворительное",{"v":11516960,"d":"11,516,960.00"},{"$f":"O1226/F1226","v":{"v":11516960,"d":"11,516,960.00"}},{"v":11516960,"d":"11,516,960.00"},{"v":12108190,"d":"12,108,190.00"},{"$f":"R1226-P1226","v":{"v":2663801.8,"d":"2,663,801.80"}},{"$f":"P1226*1.22","v":{"v":14771991.8,"d":"14,771,991.80"}},null,53,"Насосы"]
["А1464",1171,102001053,"Насос T-65B/2 ф174 5,5/3000","(0508) Перерва ул., д. 23, стр. 3",{"v":1,"d":"1.000"},"ШТ","2016-07-12","3.NV.1205-2002","Документы отсутствуют","Нет данных","Удовлетворительное",{"v":89468.13,"d":"89,468.13"},{"v":89468.13,"d":"89,468.13"},{"v":89468.13,"d":"89,468.13"},{"v":60410,"d":"60,410.00"},{"v":13290.2,"d":"13,290.20"},{"v":73700.2,"d":"73,700.20"},null,53]
["А1465",1172,102000860,"Насос НЦВС-63/20М 8,0/2900","(0903) Проезд № 607 д. 22",{"v":1,"d":"1.000"},"ШТ","2010","3.NV.1209-2002","Паспорт","Нет данных","Удовлетворительное",{"v":577808,"d":"577,808.00"},{"v":577808,"d":"577,808.00"},{"v":577808,"d":"577,808.00"},{"v":607470,"d":"607,470.00"},{"v":133643.4,"d":"133,643.40"},{"v":741113.4,"d":"741,113.40"},null,53]
["А1466",1173,102000906,"Насос Leistritz L3MF-70/182","(0903) Проезд № 607 д. 22",{"v":1,"d":"1.000"},"ШТ","2010","3.NV.1209-2002","Руководство по эксплуатации","Нет данных","Удовлетворительное",{"v":642507.63,"d":"642,507.63"},{"v":642507.63,"d":"642,507.63"},{"v":642507.63,"d":"642,507.63"},{"v":675490,"d":"675,490.00"},{"v":148607.8,"d":"148,607.80"},{"v":824097.8,"d":"824,097.80"},null,53]
["А1467",1174,102000948,"Насос ДП-10/100ЭК14В 0,37/1500","(0903) Проезд № 607 д. 22",{"v":1,"d":"1.000"},"ШТ","2010","3.NV.1209-2002","Паспорт","Нет данных","Удовлетворительное",{"v":111864.41,"d":"111,864.41"},{"v":111864.41,"d":"111,864.41"},{"v":111864.41,"d":"111,864.41"},{"v":117610,"d":"117,610.00"},{"v":25874.2,"d":"25,874.20"},{"v":143484.2,"d":"143,484.20"},null,53]
["А1468",1175,102000998,"Насос Wilo TOP-RL-30/4-EM 0,07/2660","(0903) Проезд № 607 д. 22",{"v":1,"d":"1.000"},"ШТ","2010","3.NV.1209-2002","Паспорт","Нет данных","Удовлетворительное",{"v":8050.85,"d":"8,050.85"},{"v":8050.85,"d":"8,050.85"},{"v":8050.85,"d":"8,050.85"},{"v":8460,"d":"8,460.00"},{"v":1861.2,"d":"1,861.20"},{"v":10321.2,"d":"10,321.20"},null,53]
["А1469",1176,102001129,"Насос Wilo Star-RS 25/4 0,017/2200","(0903) Проезд № 607 д. 22",{"v":1,"d":"1.000"},"ШТ","2010","3.NV.1209-2002","Паспорт","Нет данных","Удовлетворительное",{"v":3127.12,"d":"3,127.12"},{"v":3127.12,"d":"3,127.12"},{"v":3127.12,"d":"3,127.12"},{"v":3290,"d":"3,290.00"},{"v":723.8,"d":"723.80"},{"v":4013.8,"d":"4,013.80"},null,53]
["А1470",1177,102001312,"Насос АНМТ-100/8 УХЛ1 3/1410","(0903) Проезд № 607 д. 22",{"v":1,"d":"1.000"},"ШТ","2010","3.NV.1209-2002","Паспорт","Нет данных","Удовлетворительное",{"v":69405,"d":"69,405.00"},{"v":69405,"d":"69,405.00"},{"v":69405,"d":"69,405.00"},{"v":72970,"d":"72,970.00"},{"v":16053.4,"d":"16,053.40"},{"v":89023.4,"d":"89,023.40"},null,53]
["А1472",1178,102001385,"Насос АЦМС-Н4016-4 4/2900","(0903) Проезд № 607 д. 22",{"v":1,"d":"1.000"},"ШТ","2010","3.NV.1209-2002","Паспорт","Нет данных","Удовлетворительное",{"v":31322.03,"d":"31,322.03"},{"v":31322.03,"d":"31,322.03"},{"v":31322.03,"d":"31,322.03"},{"v":32930,"d":"32,930.00"},{"v":7244.6,"d":"7,244.60"},{"v":40174.6,"d":"40,174.60"},null,53]
["А1473",1179,102000840,"Насос К 100-80-160 (11,0/3000)","(0911) Строительный пр.,д.14 к.1",{"v":2,"d":"2.000"},"ШТ","2017-03-30","3.NV.1209-2002","Документы отсутствуют","Нет данных","Удовлетворительное",{"v":30808.62,"d":"30,808.62"},{"v":15404.31,"d":"15,404.31"},{"v":30808.62,"d":"30,808.62"},{"v":21630,"d":"21,630.00"},{"v":4758.6,"d":"4,758.60"},{"v":26388.6,"d":"26,388.60"},null,53]
["А1474",1180,10142748,"Насос АНС-130 с эл дв 7,5 кВт на раме","(0801) Очаковское шоссе, д.22",{"v":1,"d":"1.000"},"ШТ","2014-12-31","3.NV.1208-2002","Документы отсутствуют","АКБ CSB HR1234W 12В 34Вт","Удовлетворительное",{"v":23044,"d":"23,044.00"},{"v":23044,"d":"23,044.00"},{"v":23044,"d":"23,044.00"},{"v":18090,"d":"18,090.00"},{"v":3979.8,"d":"3,979.80"},{"v":22069.8,"d":"22,069.80"},null,53]
["А1476",1181,10057116,"К-т ЗИП насоса НМШФ2-40-1,6/4Б-30М5","(0817) Боровское ш., д.10",{"v":2,"d":"2.000"},"ШТ","2014-12-31","3.NV.1208-2002","Документы отсутствуют","РДУК-200/105","Удовлетворительное",{"v":1510.6,"d":"1,510.60"},{"v":755.3,"d":"755.30"},{"v":1510.6,"d":"1,510.60"},{"v":1190,"d":"1,190.00"},{"v":261.8,"d":"261.80"},{"v":1451.8,"d":"1,451.80"},null,53]
["А1477",1182,102001198,"Насос МНО-30К","(0817) Боровское ш., д.10",{"v":1,"d":"1.000"},"ШТ","2014-12-31","3.NV.1208-2002","Документы отсутствуют","ВД В 60860150 для ГТД-6РМ","Удовлетворительное",{"v":127044.24,"d":"127,044.24"},{"v":127044.24,"d":"127,044.24"},{"v":127044.24,"d":"127,044.24"},{"v":99740,"d":"99,740.00"},{"v":21942.8,"d":"21,942.80"},{"v":121682.8,"d":"121,682.80"},null,53]
["А1478",1183,102000971,"Насос НМШ5-25-4/25Б-1У3 5,5/1450","(0817) Боровское ш., д.10",{"$f":"2-1","v":{"v":1,"d":"1.000"}},"ШТ","2014-12-31","3.NV.1208-2002","Документы отсутствуют","ВД В 60860150-01 для ГТД-6РМ","Удовлетворительное",{"v":35622.15,"d":"35,622.15"},{"v":35622.15,"d":"35,622.15"},{"$f":"71244.29/2*1","v":{"v":35622.15,"d":"35,622.15"}},{"v":27970,"d":"27,970.00"},{"v":6153.4,"d":"6,153.40"},{"v":34123.4,"d":"34,123.40"},null,53]
["А1479",1184,102000730,"Насос НМШФ2-40-1,6/4Б-13 1,1/1450","(0817) Боровское ш., д.10",{"v":1,"d":"1.000"},"ШТ","2014-12-31","3.NV.1208-2002","Документы отсутствуют","МЭО-250/25-0,25","Удовлетворительное",{"v":72869.07,"d":"72,869.07"},{"v":72869.07,"d":"72,869.07"},{"v":72869.07,"d":"72,869.07"},{"v":57210,"d":"57,210.00"},{"v":12586.2,"d":"12,586.20"},{"v":69796.2,"d":"69,796.20"},null,53]
["А1480",1185,102001243,"Насос ОМН-30","(0817) Боровское ш., д.10",{"v":1,"d":"1.000"},"ШТ","2014-12-31","3.NV.1208-2002","Документы отсутствуют","МЭО-40/63-0,25У-01-У2","Удовлетворительное",{"v":102234.75,"d":"102,234.75"},{"v":102234.75,"d":"102,234.75"},{"v":102234.75,"d":"102,234.75"},{"v":80260,"d":"80,260.00"},{"v":17657.2,"d":"17,657.20"},{"v":97917.2,"d":"97,917.20"},null,53]
["А1481",1186,102000809,"Насос 125-CJAV-265-15/8-LU-00-FE 75/1485","(0903) Проезд № 607 д. 22",{"v":1,"d":"1.000"},"ШТ","2010","3.NV.1209-2002","Инструкция","Нет данных","Удовлетворительное",{"v":2230083.68,"d":"2,230,083.68"},{"v":2230083.68,"d":"2,230,083.68"},{"v":2230083.68,"d":"2,230,083.68"},{"v":2344570,"d":"2,344,570.00"},{"v":515805.4,"d":"515,805.40"},{"v":2860375.4,"d":"2,860,375.40"},null,53]
["А1482",1187,102001465,"Насос Allweiler NSSV 65-250 45/2965","(0903) Проезд № 607 д. 22",{"v":1,"d":"1.000"},"ШТ","2010","3.NV.1209-2002","Паспорт","Нет данных","Удовлетворительное",{"v":997350,"d":"997,350.00"},{"v":997350,"d":"997,350.00"},{"v":997350,"d":"997,350.00"},{"v":1048550,"d":"1,048,550.00"},{"v":230681,"d":"230,681.00"},{"v":1279231,"d":"1,279,231.00"},null,53]
["А1483",1188,102001127,"Насос HPH-100-200 без э/д","(0903) Проезд № 607 д. 22",{"v":1,"d":"1.000"},"ШТ","2010","3.NV.1209-2002","Паспорт","Нет данных","Удовлетворительное",{"v":1739951.94,"d":"1,739,951.94"},{"v":1739951.94,"d":"1,739,951.94"},{"v":1739951.94,"d":"1,739,951.94"},{"v":1829270,"d":"1,829,270.00"},{"v":402439.4,"d":"402,439.40"},{"v":2231709.4,"d":"2,231,709.40"},null,53]
["А1484",1189,102001077,"Насос HPK-LE-50-200 без э/д","(0903) Проезд № 607 д. 22",{"v":1,"d":"1.000"},"ШТ","2010","3.NV.1209-2002","Паспорт","Нет данных","Удовлетворительное",{"v":664463.63,"d":"664,463.63"},{"v":664463.63,"d":"664,463.63"},{"v":664463.63,"d":"664,463.63"},{"v":698570,"d":"698,570.00"},{"v":153685.4,"d":"153,685.40"},{"v":852255.4,"d":"852,255.40"},null,53]
["А1485",1190,102001040,"Насос HPK-LE-80-200 без э/д","(0903) Проезд № 607 д. 22",{"v":1,"d":"1.000"},"ШТ","2010","3.NV.1209-2002","Паспорт","Нет данных","Удовлетворительное",{"v":752189.35,"d":"752,189.35"},{"v":752189.35,"d":"752,189.35"},{"v":752189.35,"d":"752,189.35"},{"v":790800,"d":"790,800.00"},{"v":173976,"d":"173,976.00"},{"v":964776,"d":"964,776.00"},null,53]
["А1486",1191,102002140,"Насос KSB KRTK 40-250/122UG-S 12/2930","(0903) Проезд № 607 д. 22",{"v":1,"d":"1.000"},"ШТ","2010","3.NV.1209-2002","Паспорт","Нет данных","Удовлетворительное",{"v":164459.89,"d":"164,459.89"},{"v":164459.89,"d":"164,459.89"},{"v":164459.89,"d":"164,459.89"},{"v":172900,"d":"172,900.00"},{"v":38038,"d":"38,038.00"},{"v":210938,"d":"210,938.00"},null,53]
["А1487",1192,102000997,"Насос RDLO-600-600B без э/д","(0903) Проезд № 607 д. 22",{"v":1,"d":"1.000"},"ШТ","2010","3.NV.1209-2002","Паспорт","Нет данных","Удовлетворительное",{"v":5393235.76,"d":"5,393,235.76"},{"v":5393235.76,"d":"5,393,235.76"},{"v":5393235.76,"d":"5,393,235.76"},{"v":5670100,"d":"5,670,100.00"},{"v":1247422,"d":"1,247,422.00"},{"v":6917522,"d":"6,917,522.00"},null,53]
["А1488",1193,102001095,"Насос К-100-65-200a/2-5 18,5/2900","(0119) Переулок Васнецова, д. 11А",{"v":1,"d":"1.000"},"ШТ","2014-12-31","3.NV.1201-2002","Документы отсутствуют","К-100-65-200a/2-5 18,5/","Удовлетворительное",{"v":39631.49,"d":"39,631.49"},{"v":39631.49,"d":"39,631.49"},{"v":39631.49,"d":"39,631.49"},{"v":31110,"d":"31,110.00"},{"v":6844.2,"d":"6,844.20"},{"v":37954.2,"d":"37,954.20"},null,53]
["А1489",1194,10024451,"Насос DPV 4-30 0,55/2900","(0105) Б. Предтеченский пер., д. 27/29 стр. 2а",{"v":1,"d":"1.000"},"ШТ","2014-12-31","3.NV.1201-2002","Документы отсутствуют","Нет данных","Удовлетворительное",{"v":16670.84,"d":"16,670.84"},{"v":16670.84,"d":"16,670.84"},{"v":16670.84,"d":"16,670.84"},{"v":10880,"d":"10,880.00"},{"v":2393.6,"d":"2,393.60"},{"v":13273.6,"d":"13,273.60"},null,53]
["А1490",1195,10097455,"Миниконтактор В7-40-00 4п 12А 220В АВВ GJL1311201R8000","(0459) Измайловская пл.,вл.6,стр.2",{"v":2,"d":"2.000"},"ШТ","31.12.2014","3.NV.1204-2002","Документы отсутствуют","Нет данных","Новое",{"v":1530.5,"d":"1,530.50"},765.25,{"v":1530.5,"d":"1,530.50"},{"v":1700,"d":"1,700.00"},{"v":374,"d":"374.00"},{"v":2074,"d":"2,074.00"},null,53]
["А1493",1196,10099974,"Трансформатор тока Т-0,66-М УЗ 150/5","(0092) Кусковская ул., д. 18Г",{"v":48,"d":"48.000"},"ШТ","2012-09-29","3.NV.1100-2002","паспорт","Нет данных","Новое",{"v":17772.38,"d":"17,772.38"},370.26,{"v":17772.38,"d":"17,772.38"},{"v":22380,"d":"22,380.00"},{"v":4923.6,"d":"4,923.60"},{"v":27303.6,"d":"27,303.60"},null,53]
["А1494",1197,10133603,"Контактор КМ-2-40 40А 2з EKF km-2-40-20","(0092) Кусковская ул., д. 18Г",{"v":2,"d":"2.000"},"ШТ","2012-05-23","3.NV.1100-2002","Документы отсутствуют","Нет данных","Новое",{"v":283.9,"d":"283.90"},141.95,{"v":283.9,"d":"283.90"},{"v":370,"d":"370.00"},{"v":81.4,"d":"81.40"},{"v":451.4,"d":"451.40"},null,53]
["А1497",1198,10006632,"Выкл. ВА57-39-340010-20УХЛЗ 400А/1000А","(0092) Кусковская ул., д. 18Г",{"v":1,"d":"1.000"},"ШТ","2015-01-01","3.NV.1100-2002","Паспорт НИЮУ.640100.003ПС","Нет данных","Новое",{"v":5226.62,"d":"5,226.62"},{"v":5226.62,"d":"5,226.62"},{"v":5226.62,"d":"5,226.62"},{"v":2340,"d":"2,340.00"},{"v":514.8,"d":"514.80"},{"v":2854.8,"d":"2,854.80"},null,53]
["А1498",1199,10107865,"Катушка LX1-FG220 M5 220В 50Гц SE","(0092) Кусковская ул., д. 18Г",{"v":1,"d":"1.000"},"ШТ","2013-09-25","3.NV.1100-2002","Документы отсутствуют","Нет данных","Новое",{"v":1580.58,"d":"1,580.58"},{"v":1580.58,"d":"1,580.58"},{"v":1580.58,"d":"1,580.58"},{"v":2080,"d":"2,080.00"},{"v":457.6,"d":"457.60"},{"v":2537.6,"d":"2,537.60"},null,53]
["А1499",1200,10128509,"Комплект панелей цок. DP-P-PDN-80/80-200","(0092) Кусковская ул., д. 18Г",{"v":4,"d":"4.000"},"ШТ","2013-06-06","3.NV.1100-2002","Документы отсутствуют","Нет данных","Новое",{"v":13808.2,"d":"13,808.20"},{"v":3452.05,"d":"3,452.05"},{"v":13808.2,"d":"13,808.20"},{"v":17700,"d":"17,700.00"},{"v":3894,"d":"3,894.00"},{"v":21594,"d":"21,594.00"},null,53]
["А1500",1201,10128449,"Комплект усилен. 8шт/уп Conteg RMF-BRACE","(0092) Кусковская ул., д. 18Г",{"v":6,"d":"6.000"},"ШТ","2011-01-01","3.NV.1100-2002","Документы отсутствуют","Нет данных","Новое",{"$f":"O1257","v":{"v":5842.2,"d":"5,842.20"}},{"v":973.7,"d":"973.70"},{"v":5842.2,"d":"5,842.20"},{"v":7690,"d":"7,690.00"},{"v":1691.8,"d":"1,691.80"},{"v":9381.8,"d":"9,381.80"},null,53]
["А1501",1202,10119168,"Корпус к контроллеру РСЕ-400","(0092) Кусковская ул., д. 18Г",{"v":4,"d":"4.000"},"ШТ","2013-06-06","3.NV.1100-2002","Документы отсутствуют","Нет данных","Новое",{"v":8949.16,"d":"8,949.16"},{"$f":"O1258/F1258","v":{"v":2237.29,"d":"2,237.29"}},{"v":8949.16,"d":"8,949.16"},{"v":11890,"d":"11,890.00"},{"$f":"R1258-P1258","v":{"v":2615.8,"d":"2,615.80"}},{"$f":"P1258*1.22","v":{"v":14505.8,"d":"14,505.80"}},null,53]
["А1502",1203,10043050,"Корпус кнопки АВВ кр 1SFA 616-101 R2101","(0092) Кусковская ул., д. 18Г",{"v":90,"d":"90.000"},"ШТ","2005-01-01","3.NV.1100-2002","Документы отсутствуют","Нет данных","Новое",{"v":15223.13,"d":"15,223.13"},169.15,{"v":15223.13,"d":"15,223.13"},{"v":27950,"d":"27,950.00"},{"v":6149,"d":"6,149.00"},{"v":34099,"d":"34,099.00"},null,53]
["А1503",1204,10088495,"Крышка торцевая UT16 D-UT 16 3047206","(0092) Кусковская ул., д. 18Г",{"v":40,"d":"40.000"},"ШТ","2013-06-06","3.NV.1100-2002","Документы отсутствуют","Нет данных","Новое",{"v":352.8,"d":"352.80"},8.82,{"v":352.8,"d":"352.80"},{"v":440,"d":"440.00"},{"v":96.8,"d":"96.80"},{"v":536.8,"d":"536.80"},null,53]
["А1504",1205,10128455,"Модуль вентиляторный Conteg DP-VEN-04","(0092) Кусковская ул., д. 18Г",{"v":1,"d":"1.000"},"ШТ","2012-03-22","3.NV.1100-2002","Документы отсутствуют","Нет данных","Новое",{"v":6645,"d":"6,645.00"},{"v":6645,"d":"6,645.00"},{"v":6645,"d":"6,645.00"},{"v":9630,"d":"9,630.00"},{"v":2118.6,"d":"2,118.60"},{"v":11748.6,"d":"11,748.60"},null,53]
["А1505",1206,10128474,"Панель осветительная Conteg DP-OJ-01","(0092) Кусковская ул., д. 18Г",{"v":1,"d":"1.000"},"ШТ","2013-06-06","3.NV.1100-2002","Документы отсутствуют","Нет данных","Новое",{"v":4946.23,"d":"4,946.23"},{"v":4946.23,"d":"4,946.23"},{"v":4946.23,"d":"4,946.23"},{"v":5810,"d":"5,810.00"},{"v":1278.2,"d":"1,278.20"},{"v":7088.2,"d":"7,088.20"},null,53]
["А1506",1207,10133647,"Преобразователь VLT Danfoss 131H8794","(0092) Кусковская ул., д. 18Г",{"v":1,"d":"1.000"},"ШТ","2013-08-12","3.NV.1100-2002","Документы отсутствуют","Нет данных","Новое",{"v":39069.09,"d":"39,069.09"},{"v":39069.09,"d":"39,069.09"},{"v":39069.09,"d":"39,069.09"},{"v":46300,"d":"46,300.00"},{"v":10186,"d":"10,186.00"},{"v":56486,"d":"56,486.00"},null,53]
["А1508",1208,10119230,"Преобразователь ИП-205","(0092) Кусковская ул., д. 18Г",{"v":22,"d":"22.000"},"ШТ","2013-06-06","3.NV.1100-2002","Документы отсутствуют","Нет данных","Новое",{"v":19505.31,"d":"19,505.31"},886.61,{"v":19505.31,"d":"19,505.31"},{"v":22900,"d":"22,900.00"},{"v":5038,"d":"5,038.00"},{"v":27938,"d":"27,938.00"},null,53]
["А1509",1209,10119231,"Преобразователь частотный","(0092) Кусковская ул., д. 18Г",{"v":1,"d":"1.000"},"ШТ","2013-02-15","3.NV.1100-2002","Документы отсутствуют","Нет данных","Новое",{"v":33361.01,"d":"33,361.01"},{"v":33361.01,"d":"33,361.01"},{"v":33361.01,"d":"33,361.01"},{"v":40820,"d":"40,820.00"},{"v":8980.4,"d":"8,980.40"},{"v":49800.4,"d":"49,800.40"},null,53]
["А1510",1210,102001503,"Станция управления СГУ2-ТХ-11 11кВт","(0092) Кусковская ул., д. 18Г",{"v":1,"d":"1.000"},"ШТ",2015,"3.NV.1100-2002","Документы отсутствуют","Нет данных","Новое",{"v":70756.36,"d":"70,756.36"},{"v":70756.36,"d":"70,756.36"},{"v":70756.36,"d":"70,756.36"},{"v":29580,"d":"29,580.00"},{"v":6507.6,"d":"6,507.60"},{"v":36087.6,"d":"36,087.60"},null,53]
["А1511",1211,10110214,"УЗО F204 AC-125/0,3 4п 125A 300мА ABB","(0092) Кусковская ул., д. 18Г",{"v":1,"d":"1.000"},"ШТ","2013-08-30","3.NV.1100-2002","Документы отсутствуют","Нет данных","Новое",{"v":10000.89,"d":"10,000.89"},{"v":10000.89,"d":"10,000.89"},{"v":10000.89,"d":"10,000.89"},{"v":12400,"d":"12,400.00"},{"v":2728,"d":"2,728.00"},{"v":15128,"d":"15,128.00"},null,53]
["А1512",1212,102000719,"Устройство защиты SPAC 810-Д 22 2332","(0092) Кусковская ул., д. 18Г",{"v":1,"d":"1.000"},"ШТ",2015,"3.NV.1100-2002","Документы отсутствуют","Нет данных","Новое",{"v":92419.49,"d":"92,419.49"},{"v":92419.49,"d":"92,419.49"},{"v":92419.49,"d":"92,419.49"},{"v":94180,"d":"94,180.00"},{"v":20719.6,"d":"20,719.60"},{"v":114899.6,"d":"114,899.60"},null,53]
["А1513",1213,10100188,"Электромагнит ЭМ33-51111-00 У3 380В","(0092) Кусковская ул., д. 18Г",{"v":5,"d":"5.000"},"ШТ","2011-01-01","3.NV.1100-2002","Документы отсутствуют","Нет данных","Новое",{"v":3375,"d":"3,375.00"},{"v":675,"d":"675.00"},{"v":3375,"d":"3,375.00"},{"v":4950,"d":"4,950.00"},{"v":1089,"d":"1,089.00"},{"v":6039,"d":"6,039.00"},null,53]
["А1514",1214,102001670,"Преобразоват. NXC 06506G2L0SSGA1B5B4B5C5","(0098) Верхние поля, 25",{"v":1,"d":"1.000"},"ШТ","2013-09-01","3.NV.1100-2002","Документы отсутствуют","Нет данных","Новое",{"v":2083720.31,"d":"2,083,720.31"},{"v":2083720.31,"d":"2,083,720.31"},{"v":2083720.31,"d":"2,083,720.31"},{"v":2887070,"d":"2,887,070.00"},{"v":635155.4,"d":"635,155.40"},{"v":3522225.4,"d":"3,522,225.40"},null,53]
["А1515",1215,102001755,"Трансформатор KTK 800кВА 10/0,69кВ","(0098) Верхние поля, 25",{"v":1,"d":"1.000"},"ШТ","2013-09-01","3.NV.1100-2002","Документы отсутствуют","Нет данных","Новое",{"v":1801130,"d":"1,801,130.00"},{"v":1801130,"d":"1,801,130.00"},{"v":1801130,"d":"1,801,130.00"},{"v":851960,"d":"851,960.00"},{"v":187431.2,"d":"187,431.20"},{"v":1039391.2,"d":"1,039,391.20"},null,53]
["А1516",1216,10147006,"Контакт сигнальный SE GVAD1010","(0098) Верхние поля, 25",{"v":40,"d":"40.000"},"ШТ","2013-07-01","3.NV.1100-2002","Документы отсутствуют","Нет данных","Новое",{"v":15220,"d":"15,220.00"},{"v":380.5,"d":"380.50"},{"v":15220,"d":"15,220.00"},{"v":13260,"d":"13,260.00"},{"v":2917.2,"d":"2,917.20"},{"v":16177.2,"d":"16,177.20"},null,53]
["А1517",1217,10004474,"Перекл. пакетный ПМОФ90-111","(0098) Верхние поля, 25",{"v":1,"d":"1.000"},"ШТ","2013-08-01","3.NV.1100-2002","Документы отсутствуют","Нет данных","Новое",{"v":68,"d":"68.00"},{"v":68,"d":"68.00"},{"v":68,"d":"68.00"},{"v":80,"d":"80.00"},{"v":17.6,"d":"17.60"},{"v":97.6,"d":"97.60"},null,53]
["А1518",1218,10148164,"Пластина PLC-ATP BK 2966841","(0098) Верхние поля, 25",{"v":50,"d":"50.000"},"ШТ","2013-07-01","3.NV.1100-2002","Документы отсутствуют","Нет данных","Новое",{"v":1583,"d":"1,583.00"},31.66,{"v":1583,"d":"1,583.00"},{"v":750,"d":"750.00"},{"v":165,"d":"165.00"},{"v":915,"d":"915.00"},null,53]
["А1519",1219,10152922,"Плата OPT-AN-V Vacon","(0098) Верхние поля, 25",{"v":1,"d":"1.000"},"ШТ","2013-10-01","3.NV.1100-2002","Документы отсутствуют","Нет данных","Новое",{"v":4451.37,"d":"4,451.37"},{"v":4451.37,"d":"4,451.37"},{"v":4451.37,"d":"4,451.37"},{"v":2110,"d":"2,110.00"},{"v":464.2,"d":"464.20"},{"v":2574.2,"d":"2,574.20"},null,53]
["А1520",1220,10148028,"Разделитель MINI MCR-SL-UI-2I-NC 2864176","(0098) Верхние поля, 25",{"v":15,"d":"15.000"},"ШТ","2013-07-01","3.NV.1100-2002","Документы отсутствуют","Нет данных","Новое",{"v":118426.95,"d":"118,426.95"},{"v":7895.13,"d":"7,895.13"},{"v":118426.95,"d":"118,426.95"},{"v":150630,"d":"150,630.00"},{"v":33138.6,"d":"33,138.60"},{"v":183768.6,"d":"183,768.60"},null,53]
["А1521",1221,10148041,"Разъём SUBCON 25/M-SH 2761622","(0098) Верхние поля, 25",{"v":3,"d":"3.000"},"ШТ","2013-07-01","3.NV.1100-2002","Документы отсутствуют","Нет данных","Новое",{"v":3994.5,"d":"3,994.50"},{"v":1331.5,"d":"1,331.50"},{"v":3994.5,"d":"3,994.50"},{"v":5970,"d":"5,970.00"},{"v":1313.4,"d":"1,313.40"},{"v":7283.4,"d":"7,283.40"},null,53]
["А1524",1222,102000137,"Насос 1АХ-65-40-200-К-СД 15/2900","(0903) Проезд № 607 д. 22",{"v":1,"d":"1.000"},"ШТ",2010,"3.NV.1209-2002","Документы отсутствуют","Нет данных","Удовлетворительное",{"v":110707.63,"d":"110,707.63"},{"v":110707.63,"d":"110,707.63"},{"v":110707.63,"d":"110,707.63"},{"v":116390,"d":"116,390.00"},{"v":25605.8,"d":"25,605.80"},{"v":141995.8,"d":"141,995.80"},null,53]
["А1525",1223,102000675,"Насос К-80-50-200 15/2900","(0903) Проезд № 607 д. 22",{"v":1,"d":"1.000"},"ШТ","2010","3.NV.1209-2002","Документы отсутствуют","Нет данных","Удовлетворительное",{"v":24582,"d":"24,582.00"},{"v":24582,"d":"24,582.00"},{"v":24582,"d":"24,582.00"},{"v":25840,"d":"25,840.00"},{"v":5684.8,"d":"5,684.80"},{"v":31524.8,"d":"31,524.80"},null,53]
["А1526",1224,102000739,"Насос АХП-50-32-200б-К-2,0-СД-У2 7,5/290","(0903) Проезд № 607 д. 22",{"v":1,"d":"1.000"},"ШТ","2010","3.NV.1209-2002","Паспорт","Нет данных","Удовлетворительное",{"v":171990.3,"d":"171,990.30"},{"v":171990.3,"d":"171,990.30"},{"v":171990.3,"d":"171,990.30"},{"v":147560,"d":"147,560.00"},{"v":32463.2,"d":"32,463.20"},{"v":180023.2,"d":"180,023.20"},null,53]
[{"$nulls":14},{"$f":"SUM(O1226:O1280)","v":{"v":30128205.09,"d":"30,128,205.09"}},{"$f":"SUM(P1226:P1280)","v":{"v":31152390,"d":"31,152,390.00"}},{"v":6853525.8,"d":"6,853,525.80"},{"$f":"SUM(R1226:R1280)","v":{"v":38005915.8,"d":"38,005,915.80"}},{"$f":"R1281/100*10","v":{"v":3800591.58,"d":"3,800,591.58"}},53]
["А1527",1225,10009278,"Контактор МК6-30ТУХЛ3 250-400А 220В 50Гц","(0317) Проспект Мира, д. 177А, стр. 1",{"v":1,"d":"1.000"},"ШТ","2014-12-31","3.NV.1203-2002","Документы отсутствуют","Контактор электромагнитный МК6-30Т УХЛ3 250-400А Uн=380В 50Гц Uкат=220В 50Гц ТУ 16-88 ИГФР.644513.004 ТУ","Удовлетворительное",{"v":16257.62,"d":"16,257.62"},{"$f":"O1282/F1282","v":{"v":16257.62,"d":"16,257.62"}},{"v":16257.62,"d":"16,257.62"},{"v":10610,"d":"10,610.00"},{"$f":"R1282-P1282","v":{"v":2334.2,"d":"2,334.20"}},{"$f":"P1282*1.22","v":{"v":12944.2,"d":"12,944.20"}},null,54,"Низковольтная аппаратура "]
["А1528",1226,10130784,"Устройство защиты S-ET 10 Systemair 5154","(0911) Строительный пр.,д.14 к.1",{"v":1,"d":"1.000"},"ШТ","2017-03-30","3.NV.1209-2002","Документы отсутствуют","Нет данных","Удовлетворительное",{"v":2152.34,"d":"2,152.34"},{"v":2152.34,"d":"2,152.34"},{"v":2152.34,"d":"2,152.34"},{"v":1200,"d":"1,200.00"},{"v":264,"d":"264.00"},{"v":1464,"d":"1,464.00"},null,54]
["А1529",1227,10094347,"Контактор TeSys D LC1-D150M7 150А SE","(0317) Проспект Мира, д. 177А, стр. 1",{"v":1,"d":"1.000"},"ШТ","2014-12-31","3.NV.1203-2002","Отсутствуют","Контактор Telemecanique TeSys D LC1-D150M7 150А категория AC-3 220В Schneider Electric","Удовлетворительное",{"v":11427.69,"d":"11,427.69"},{"v":11427.69,"d":"11,427.69"},{"v":11427.69,"d":"11,427.69"},{"v":7460,"d":"7,460.00"},{"v":1641.2,"d":"1,641.20"},{"v":9101.2,"d":"9,101.20"},null,54]
["А1531",1228,10093709,"Контактор КТИ-5265 265А 400В ИЭК","(0317) Проспект Мира, д. 177А, стр. 1",{"v":2,"d":"2.000"},"ШТ","2008-12-31","3.NV.1203-2002","Отсутствуют","Контактор электромагнитный КТИ-5265 265А 400В ИЭК KKT50-265-400-10","Удовлетворительное",{"v":13124.02,"d":"13,124.02"},{"v":6562.01,"d":"6,562.01"},{"v":13124.02,"d":"13,124.02"},{"v":12680,"d":"12,680.00"},{"v":2789.6,"d":"2,789.60"},{"v":15469.6,"d":"15,469.60"},null,54]
["А1533",1229,10020320,"Выкл. авт. АЕ2056М-100У3 3п 50А","(0508) Перерва ул., д. 23, стр. 3",{"v":3,"d":"3.000"},"ШТ","2009-01-15","3.NV.1205-2002","Документы отсутствуют","Нет данных","Удовлетворительное",{"v":1442.1,"d":"1,442.10"},{"v":480.7,"d":"480.70"},{"v":1442.1,"d":"1,442.10"},{"v":1410,"d":"1,410.00"},{"v":310.2,"d":"310.20"},{"v":1720.2,"d":"1,720.20"},null,54]
["А1534",1230,10007287,"Пускатель ПМА-3200 380В 40А","(0508) Перерва ул., д. 23, стр. 3",{"v":4,"d":"4.000"},"ШТ","2009-11-27","3.NV.1205-2002","Документы отсутствуют","Нет данных","Удовлетворительное",{"v":3198.81,"d":"3,198.81"},{"v":799.7,"d":"799.70"},{"v":3198.81,"d":"3,198.81"},{"v":2990,"d":"2,990.00"},{"v":657.8,"d":"657.80"},{"v":3647.8,"d":"3,647.80"},null,54]
["А1535",1231,10005017,"Трансформатор тока Т-0,66 200/5 5ВА 0,5","(0502) Волгоградский пр., д. 121/35",{"v":5,"d":"5.000"},"ШТ","2016-03-01","3.NV.1205-2002","Документы отсутствуют","Нет данных","Удовлетворительное",{"v":1175,"d":"1,175.00"},{"v":235,"d":"235.00"},{"v":1175,"d":"1,175.00"},{"v":660,"d":"660.00"},{"v":145.2,"d":"145.20"},{"v":805.2,"d":"805.20"},null,54]
["А1536",1232,102004305,"Трансформатор тока Т-0,66 300/5 5ВА 0,5","(0502) Волгоградский пр., д. 121/35",{"v":8,"d":"8.000"},"ШТ","2016-03-01","3.NV.1205-2002","Документы отсутствуют","Нет данных","Удовлетворительное",{"v":1880,"d":"1,880.00"},{"v":235,"d":"235.00"},{"v":1880,"d":"1,880.00"},{"v":1060,"d":"1,060.00"},{"v":233.2,"d":"233.20"},{"v":1293.2,"d":"1,293.20"},null,54]
["А1537",1233,10005013,"Трансформатор тока Т-0,66 100/5 5ВА 0,5","(0502) Волгоградский пр., д. 121/35",{"$f":"17-6","v":{"v":11,"d":"11.000"}},"ШТ","2016-03-01","3.NV.1205-2002","Документы отсутствуют","Нет данных","Удовлетворительное",{"v":2711.63,"d":"2,711.63"},246.51,{"v":2711.63,"d":"2,711.63"},{"v":1530,"d":"1,530.00"},{"v":336.6,"d":"336.60"},{"v":1866.6,"d":"1,866.60"},null,54]
["А1538",1234,10005015,"Трансформатор тока Т-0,66 150/5 5ВА 0,5","(0502) Волгоградский пр., д. 121/35",{"v":38,"d":"38.000"},"ШТ","2016-03-01","3.NV.1205-2002","Документы отсутствуют","Нет данных","Удовлетворительное",{"v":8930,"d":"8,930.00"},{"v":235,"d":"235.00"},{"v":8930,"d":"8,930.00"},{"v":5040,"d":"5,040.00"},{"v":1108.8,"d":"1,108.80"},{"v":6148.8,"d":"6,148.80"},null,54]
["А1539",1235,10013303,"Трансформатор ОС 33-730 УХЛ2 220/7500","(0506) Оранжерейная ул., д.8а, стр.1",{"v":1,"d":"1.000"},"ШТ","2015-02-01","3.NV.1205-2002","Документы отсутствуют","Нет данных","Удовлетворительное",{"v":2401.03,"d":"2,401.03"},{"v":2401.03,"d":"2,401.03"},{"v":2401.03,"d":"2,401.03"},{"v":1420,"d":"1,420.00"},{"v":312.4,"d":"312.40"},{"v":1732.4,"d":"1,732.40"},null,54]
["А1540",1236,102001456,"Автосинхронизатор АС-М3","(0817) Боровское ш., д.10",{"v":1,"d":"1.000"},"ШТ","2014-12-31","3.NV.1208-2002","Документы отсутствуют","ABB NTCL01","Удовлетворительное",{"v":199360,"d":"199,360.00"},{"v":199360,"d":"199,360.00"},{"v":199360,"d":"199,360.00"},{"v":130060,"d":"130,060.00"},{"v":28613.2,"d":"28,613.20"},{"v":158673.2,"d":"158,673.20"},null,54]
["А1541",1237,10110254,"Выкл. авт. NB400N 3п 400А Merlin Gerin","(0817) Боровское ш., д.10",{"v":1,"d":"1.000"},"ШТ","2014-12-31","3.NV.1208-2002","Документы отсутствуют","ВА55-41-335250-00УХЛЗ 630А","Удовлетворительное",{"v":18514.18,"d":"18,514.18"},{"v":18514.18,"d":"18,514.18"},{"v":18514.18,"d":"18,514.18"},{"v":12080,"d":"12,080.00"},{"v":2657.6,"d":"2,657.60"},{"v":14737.6,"d":"14,737.60"},null,54]
["А1543",1238,102002045,"Выкл. авт. ВА55-43-33-52-50-20УХЛ3 1600А","(0817) Боровское ш., д.10",{"v":1,"d":"1.000"},"ШТ","2014-12-31","3.NV.1208-2002","Документы отсутствуют","ВА21-29-341110-12In-380 25,00А","Удовлетворительное",{"v":67118.64,"d":"67,118.64"},{"v":67118.64,"d":"67,118.64"},{"v":67118.64,"d":"67,118.64"},{"v":43790,"d":"43,790.00"},{"v":9633.8,"d":"9,633.80"},{"v":53423.8,"d":"53,423.80"},null,54]
["А1544",1239,10102834,"Выкл. ВА57-39-331110-20УХЛЗ 630А/1250А","(0817) Боровское ш., д.10",{"v":1,"d":"1.000"},"ШТ","2014-12-31","3.NV.1208-2002","Документы отсутствуют","СТМ-30-03","Удовлетворительное",{"v":6915.94,"d":"6,915.94"},{"v":6915.94,"d":"6,915.94"},{"v":6915.94,"d":"6,915.94"},{"v":4510,"d":"4,510.00"},{"v":992.2,"d":"992.20"},{"v":5502.2,"d":"5,502.20"},null,54]
["А1546",1240,10009278,"Контактор МК6-30ТУХЛ3 250-400А 220В 50Гц","(0817) Боровское ш., д.10",{"v":1,"d":"1.000"},"ШТ","2014-12-31","3.NV.1208-2002","Документы отсутствуют","MVD 507/5 R3/4 Рувх0,5 Kv30","Удовлетворительное",{"v":5581.03,"d":"5,581.03"},{"v":5581.03,"d":"5,581.03"},{"v":5581.03,"d":"5,581.03"},{"v":3640,"d":"3,640.00"},{"v":800.8,"d":"800.80"},{"v":4440.8,"d":"4,440.80"},null,54]
["А1547",1241,10038667,"Преобразователь реактив.мощности Е860ВР2","(0817) Боровское ш., д.10",{"v":2,"d":"2.000"},"ШТ","2014-12-31","3.NV.1208-2002","Документы отсутствуют","Allen-Bradley 3150-MCM","Удовлетворительное",{"v":10900.5,"d":"10,900.50"},{"v":5450.25,"d":"5,450.25"},{"v":10900.5,"d":"10,900.50"},{"v":7110,"d":"7,110.00"},{"v":1564.2,"d":"1,564.20"},{"v":8674.2,"d":"8,674.20"},null,54]
["А1549",1242,102000723,"Трансформатор ДБСКТ-650-1Ш","(0817) Боровское ш., д.10",{"v":1,"d":"1.000"},"ШТ","2014-12-31","3.NV.1208-2002","Документы отсутствуют","ABB IMASO11","Удовлетворительное",{"v":112000,"d":"112,000.00"},{"v":112000,"d":"112,000.00"},{"v":112000,"d":"112,000.00"},{"v":73070,"d":"73,070.00"},{"v":16075.4,"d":"16,075.40"},{"v":89145.4,"d":"89,145.40"},null,54]
["А1554",1243,102001012,"Преобразователь CUE Grundfos 96754705","(0808) ул. Верейская, д.35",{"v":1,"d":"1.000"},"ШТ","2014-12-31","3.NV.1208-2002","Документы отсутствуют","ТСПУ-205-100П-3-(0+200)С-320-0,25","Удовлетворительное",{"v":34258.81,"d":"34,258.81"},{"v":34258.81,"d":"34,258.81"},{"v":34258.81,"d":"34,258.81"},{"v":22350,"d":"22,350.00"},{"v":4917,"d":"4,917.00"},{"v":27267,"d":"27,267.00"},null,54]
["А1556",1244,10003070,"Соединитель клеммный ТСС 9М","(0808) ул. Верейская, д.35",{"v":2,"d":"2.000"},"ШТ","2014-12-31","3.NV.1208-2002","Документы отсутствуют","Viledon Compact Т90","Удовлетворительное",{"v":3508.8,"d":"3,508.80"},{"v":1754.4,"d":"1,754.40"},{"v":3508.8,"d":"3,508.80"},{"v":2290,"d":"2,290.00"},{"v":503.8,"d":"503.80"},{"v":2793.8,"d":"2,793.80"},null,54]
["А1557",1245,10103097,"Элемент контактный М22-СК01 Moeller","(0808) ул. Верейская, д.35",{"v":2,"d":"2.000"},"ШТ","2014-12-31","3.NV.1208-2002","Документы отсутствуют","16.03.300 для ДККС-16-3","Удовлетворительное",164.06,82.03,164.06,{"v":110,"d":"110.00"},{"v":24.2,"d":"24.20"},{"v":134.2,"d":"134.20"},null,54]
["А1558",1246,10103098,"Элемент контактный М22-СК10 Moeller","(0808) ул. Верейская, д.35",{"v":2,"d":"2.000"},"ШТ","2014-12-31","3.NV.1208-2002","Документы отсутствуют","Ф23.6.02.000","Удовлетворительное",164.06,82.03,164.06,{"v":110,"d":"110.00"},{"v":24.2,"d":"24.20"},{"v":134.2,"d":"134.20"},null,54]
["А1559",1247,10133647,"Преобразователь VLT Danfoss 131H8794","(0904) Врачебный проезд д.3",{"v":1,"d":"1.000"},"ШТ","2015-05-29","3.NV.1209-2002","Паспорт","Нет данных","Удовлетворительное ",{"v":40824.51,"d":"40,824.51"},{"v":40824.51,"d":"40,824.51"},{"v":40824.51,"d":"40,824.51"},{"v":28460,"d":"28,460.00"},{"v":6261.2,"d":"6,261.20"},{"v":34721.2,"d":"34,721.20"},null,54]
["А1560",1248,102000723,"Трансформатор ДБСКТ-650-1Ш                   ","(0906) Дубравная ул.  д.55",{"v":1,"d":"1.000"},"ШТ","2014-11-01","3.NV.1209-2002","Документы отсутствуют","Нет данных","Удовлетворительное",{"v":112000,"d":"112,000.00"},{"v":112000,"d":"112,000.00"},{"v":112000,"d":"112,000.00"},{"v":73070,"d":"73,070.00"},{"v":16075.4,"d":"16,075.40"},{"v":89145.4,"d":"89,145.40"},null,54]
["А1561",1249,10113077,"Клеммник MA412-500M2 Deca 301-021-12","(1690) Боровский пр-д, д.13а",{"v":1595,"d":"1595.000"},"ШТ","2011г.","3.NV.1216-2002","Отсутствуют","Клеммник MA412-500M2 Deca 301-021-12","Удовлетворительное",{"v":7622.24,"d":"7,622.24"},4.78,{"v":7622.24,"d":"7,622.24"},{"v":5800,"d":"5,800.00"},{"v":1276,"d":"1,276.00"},{"v":7076,"d":"7,076.00"},null,54]
["А1562",1250,10101720,"Клеммник МА412-500М3 Deca 301-031-12","(1690) Боровский пр-д, д.13а",{"v":2235,"d":"2235.000"},"ШТ","2011г.","3.NV.1216-2002","Отсутствуют","Клеммник МА412-500М3 Deca 301-031-12","Удовлетворительное",{"v":28356.09,"d":"28,356.09"},12.69,{"v":28356.09,"d":"28,356.09"},{"v":21570,"d":"21,570.00"},{"v":4745.4,"d":"4,745.40"},{"v":26315.4,"d":"26,315.40"},null,54]
["А1563",1251,10118898,"Elster Альфа А1140RAL-BW-4T","(1690) Боровский пр-д, д.13а",{"v":1,"d":"1.000"},"ШТ","2012г","3.NV.1216-2002","Паспорт без №","Elster Альфа А1140RAL-BW-4T","Удовлетворительное",{"v":6615,"d":"6,615.00"},{"v":6615,"d":"6,615.00"},{"v":6615,"d":"6,615.00"},{"v":4900,"d":"4,900.00"},{"v":1078,"d":"1,078.00"},{"v":5978,"d":"5,978.00"},null,54]
["А1564",1252,102029288,"Б/У Выкл. авт. А63-М-У3 1п 4А","(0903) Проезд № 607 д. 22",{"v":1,"d":"1.000"},"ШТ",2006,"3.NV.1209-2002","Документы отсутствуют","Нет данных","Удовлетворительное",{"$f":"O1309","v":677.41},677.41,677.41,{"v":810,"d":"810.00"},{"v":178.2,"d":"178.20"},{"v":988.2,"d":"988.20"},null,54]
["А1565",1253,102029227,"Б/У Выкл. авт. АЕ2026-10Н-00У3 10А","(0903) Проезд № 607 д. 22",{"v":2,"d":"2.000"},"ШТ",2006,"3.NV.1209-2002","Документы отсутствуют","Нет данных","Удовлетворительное",{"v":2757.6,"d":"2,757.60"},{"v":1378.8,"d":"1,378.80"},{"v":2757.6,"d":"2,757.60"},{"v":3280,"d":"3,280.00"},{"v":721.6,"d":"721.60"},{"v":4001.6,"d":"4,001.60"},null,54]
["А1566",1254,102029226,"Б/У Выкл. авт. АЕ2026-10Н-00У3 16А","(0903) Проезд № 607 д. 22",{"v":1,"d":"1.000"},"ШТ",2006,"3.NV.1209-2002","Документы отсутствуют","Нет данных","Удовлетворительное",{"v":1378.8,"d":"1,378.80"},{"v":1378.8,"d":"1,378.80"},{"v":1378.8,"d":"1,378.80"},{"v":1640,"d":"1,640.00"},{"v":360.8,"d":"360.80"},{"v":2000.8,"d":"2,000.80"},null,54]
["А1567",1255,102029225,"Б/У Выкл. авт. АЕ2036-40рУ3 6А","(0903) Проезд № 607 д. 22",{"v":1,"d":"1.000"},"ШТ",2007,"3.NV.1209-2002","Документы отсутствуют","Нет данных","Удовлетворительное",{"v":1556.39,"d":"1,556.39"},{"v":1556.39,"d":"1,556.39"},{"v":1556.39,"d":"1,556.39"},{"v":1650,"d":"1,650.00"},{"v":363,"d":"363.00"},{"v":2013,"d":"2,013.00"},null,54]
["А1568",1256,102029235,"Б/У Выкл. авт. АЕ2046М-10р-00У3 16А","(0903) Проезд № 607 д. 22",{"v":1,"d":"1.000"},"ШТ",2008,"3.NV.1209-2002","Документы отсутствуют","Нет данных","Удовлетворительное",{"v":1477.31,"d":"1,477.31"},{"v":1477.31,"d":"1,477.31"},{"v":1477.31,"d":"1,477.31"},{"v":1430,"d":"1,430.00"},{"v":314.6,"d":"314.60"},{"v":1744.6,"d":"1,744.60"},null,54]
["А1569",1257,102029233,"Б/У Выкл. авт. АЕ204М-0-00У3 5А","(0903) Проезд № 607 д. 22",{"v":1,"d":"1.000"},"ШТ",2008,"3.NV.1209-2002","Документы отсутствуют","Нет данных","Удовлетворительное",{"v":1309.95,"d":"1,309.95"},{"v":1309.95,"d":"1,309.95"},{"v":1309.95,"d":"1,309.95"},{"v":1270,"d":"1,270.00"},{"v":279.4,"d":"279.40"},{"v":1549.4,"d":"1,549.40"},null,54]
["А1570",1258,102029259,"Переключатель ПК16-54И0101 УХЛ2","(0903) Проезд № 607 д. 22",{"v":48,"d":"48.000"},"ШТ",2008,"3.NV.1209-2002","Документы отсутствуют","Нет данных","Удовлетворительное",{"v":42921.12,"d":"42,921.12"},894.19,{"v":42921.12,"d":"42,921.12"},{"v":41520,"d":"41,520.00"},{"v":9134.4,"d":"9,134.40"},{"v":50654.4,"d":"50,654.40"},null,54]
["А1571",1259,102029279,"Переключатель ПК16-54И0103 УХЛ2","(0903) Проезд № 607 д. 22",{"v":13,"d":"13.000"},"ШТ",2008,"3.NV.1209-2002","Документы отсутствуют","Нет данных","Удовлетворительное",{"v":11624.47,"d":"11,624.47"},894.19,{"v":11624.47,"d":"11,624.47"},{"v":11250,"d":"11,250.00"},{"v":2475,"d":"2,475.00"},{"v":13725,"d":"13,725.00"},null,54]
["А1573",1260,102029311,"Переключатель ПК16-54И3014","(0903) Проезд № 607 д. 22",{"v":50,"d":"50.000"},"ШТ",2008,"3.NV.1209-2002","Документы отсутствуют","Нет данных","Удовлетворительное",{"v":51613,"d":"51,613.00"},{"v":1032.26,"d":"1,032.26"},{"v":51613,"d":"51,613.00"},{"v":49930,"d":"49,930.00"},{"v":10984.6,"d":"10,984.60"},{"v":60914.6,"d":"60,914.60"},null,54]
["А1574",1261,102029302,"Переключатель ПК16-54И3090 УХЛ2","(0903) Проезд № 607 д. 22",{"$f":"52-10","v":{"v":42,"d":"42.000"}},"ШТ",2008,"3.NV.1209-2002","Документы отсутствуют","Нет данных","Удовлетворительное",{"v":37555.98,"d":"37,555.98"},894.19,{"$f":"46497.88/52*42","v":{"v":37555.98,"d":"37,555.98"}},{"v":36330,"d":"36,330.00"},{"v":7992.6,"d":"7,992.60"},{"v":44322.6,"d":"44,322.60"},null,54]
["А1575",1262,102029194,"Предохранитель резьбовой ПРС-25У3-П 20А","(0903) Проезд № 607 д. 22",{"v":40,"d":"40.000"},"ШТ",2008,"3.NV.1209-2002","Документы отсутствуют","Нет данных","Удовлетворительное",{"v":15344,"d":"15,344.00"},{"v":383.6,"d":"383.60"},{"v":15344,"d":"15,344.00"},{"v":14840,"d":"14,840.00"},{"v":3264.8,"d":"3,264.80"},{"v":18104.8,"d":"18,104.80"},null,54]
["А1576",1263,10005025,"Трансформатор тока ТПЛ-10-100/5","(0092) Кусковская ул., д. 18Г",{"v":1,"d":"1.000"},"ШТ",2014,"3.NV.1100-2002","Паспорт1ГГ.671224.006ПС 17.07.2006г","10-100/5","Хорошее",{"v":34745.76,"d":"34,745.76"},{"v":34745.76,"d":"34,745.76"},{"v":34745.76,"d":"34,745.76"},{"v":36780,"d":"36,780.00"},{"v":8091.6,"d":"8,091.60"},{"v":44871.6,"d":"44,871.60"},null,54]
["А1577",1264,10036717,"Коробка протяжная У996","(0092) Кусковская ул., д. 18Г",{"v":1,"d":"1.000"},"ШТ",2014,"3.NV.1100-2002","Документы отсутствуют"," У996","Хорошее",{"v":165,"d":"165.00"},{"v":165,"d":"165.00"},{"v":165,"d":"165.00"},{"v":170,"d":"170.00"},{"v":37.4,"d":"37.40"},{"v":207.4,"d":"207.40"},null,54]
["А1579",1265,10113991,"Щит Kaedra 4 мод. 200x123x112 SE 13976","(0092) Кусковская ул., д. 18Г",{"v":3,"d":"3.000"},"ШТ",2014,"3.NV.1100-2002","Документы отсутствуют","4 мод. 200x123x112","Хорошее",{"v":1120.11,"d":"1,120.11"},373.37,{"v":1120.11,"d":"1,120.11"},{"v":1180,"d":"1,180.00"},{"v":259.6,"d":"259.60"},{"v":1439.6,"d":"1,439.60"},null,54]
["А1580",1266,10100026,"Трансформатор тока Т-0,66-М УЗ 200/5","(0092) Кусковская ул., д. 18Г",{"$f":"28-26","v":{"v":2,"d":"2.000"}},"ШТ",2014,"3.NV.1100-2002","Паспорт 03.05.2012г","Т-0,66-М УЗ 200/5","Хорошее",762.94,381.47,{"$f":"10681.18/28*2","v":762.94},{"v":800,"d":"800.00"},{"v":176,"d":"176.00"},{"v":976,"d":"976.00"},null,54]
["А1580/1",1267,10100026,"Трансформатор тока Т-0,66-М УЗ 200/5","(0098) Верхние поля, 25",{"v":26,"d":"26.000"},"ШТ",2014,"3.NV.1100-2002","Документы отсутствуют","Нет данных","Новое",{"v":9918.24,"d":"9,918.24"},381.47,{"v":9918.24,"d":"9,918.24"},{"v":12200,"d":"12,200.00"},{"v":2684,"d":"2,684.00"},{"v":14884,"d":"14,884.00"},null,54]
["А1581",1268,10017478,"Плата логики и управления V07 GE","(0092) Кусковская ул., д. 18Г",{"v":102,"d":"102.000"},"ШТ",2014,"3.NV.1100-2002","Документы отсутствуют","V07 GE","Хорошее",{"v":438600,"d":"438,600.00"},{"v":4300,"d":"4,300.00"},{"v":438600,"d":"438,600.00"},{"v":318850,"d":"318,850.00"},{"v":70147,"d":"70,147.00"},{"v":388997,"d":"388,997.00"},null,54]
["А1582",1269,10142208,"Счетчик электроэнергии Меркурий 230 (10","(0092) Кусковская ул., д. 18Г",{"v":1,"d":"1.000"},"ШТ","31.12.2014","3.NV.1100-2002","Паспорт №АВГ.411152.021 ПС от 11.10.2017","Нет данных","Хорошее",{"v":13251,"d":"13,251.00"},{"v":13251,"d":"13,251.00"},{"v":13251,"d":"13,251.00"},{"v":12530,"d":"12,530.00"},{"v":2756.6,"d":"2,756.60"},{"v":15286.6,"d":"15,286.60"},null,54]
[{"$nulls":14},{"$f":"SUM(O1282:O1326)","v":{"v":1385383.18,"d":"1,385,383.18"}},{"$f":"SUM(P1282:P1326)","v":{"v":1025440,"d":"1,025,440.00"}},{"v":225596.8,"d":"225,596.80"},{"$f":"SUM(R1282:R1326)","v":{"v":1251036.8,"d":"1,251,036.80"}},{"$f":"R1327/100*10","v":{"v":125103.68,"d":"125,103.68"}},54]
["А1583",1270,10019464,"Электропр. возд. зас. Polar Bear DAF2.06","(0098) Верхние поля, 25",{"v":1,"d":"1.000"},"ШТ","2011-11-16","3.NV.1100-2002","Документы отсутствуют","Нет данных","Новое",{"v":5799.64,"d":"5,799.64"},{"$f":"O1328/F1328","v":{"v":5799.64,"d":"5,799.64"}},{"v":5799.64,"d":"5,799.64"},{"v":11830,"d":"11,830.00"},{"$f":"R1328-P1328","v":{"v":2602.6,"d":"2,602.60"}},{"$f":"P1328*1.22","v":{"v":14432.6,"d":"14,432.60"}},null,55,"Оборудование вентиляционное"]
["А1586",1271,10056964,"Вентилятор ВР-300-45-4 1,5/930 Л","(0092) Кусковская ул., д. 18Г",{"v":1,"d":"1.000"},"ШТ","2012-09-30","3.NV.1100-2002","Паспорт б/н","Нет данных","Новое",{"v":11719.49,"d":"11,719.49"},{"$f":"O1329/F1329","v":{"v":11719.49,"d":"11,719.49"}},{"v":11719.49,"d":"11,719.49"},{"v":22610,"d":"22,610.00"},{"$f":"R1329-P1329","v":{"v":4974.2,"d":"4,974.20"}},{"$f":"P1329*1.22","v":{"v":27584.2,"d":"27,584.20"}},null,55]
["А1587",1272,10122615,"Вентилятор ВР-300-45-4 7,5/1430 Л","(0092) Кусковская ул., д. 18Г",{"v":4,"d":"4.000"},"ШТ","2012-02-10","3.NV.1100-2002","Паспорт б/н","Нет данных","Новое",{"v":78343.2,"d":"78,343.20"},{"$f":"O1330/F1330","v":{"v":19585.8,"d":"19,585.80"}},{"v":78343.2,"d":"78,343.20"},{"v":158960,"d":"158,960.00"},{"$f":"R1330-P1330","v":{"v":34971.2,"d":"34,971.20"}},{"$f":"P1330*1.22","v":{"v":193931.2,"d":"193,931.20"}},null,55]
["А1588",1273,10108547,"Вентилятор ВЦ 14-46-4 11/1500 Л","(0092) Кусковская ул., д. 18Г",{"v":2,"d":"2.000"},"ШТ","2010-06-24","3.NV.1100-2002","Паспорт б/н","Нет данных","Новое",{"v":31955.34,"d":"31,955.34"},{"$f":"O1331/F1331","v":{"v":15977.67,"d":"15,977.67"}},{"v":31955.34,"d":"31,955.34"},{"v":69130,"d":"69,130.00"},{"$f":"R1331-P1331","v":{"v":15208.6,"d":"15,208.60"}},{"$f":"P1331*1.22","v":{"v":84338.6,"d":"84,338.60"}},null,55]
["А1589",1274,10108628,"Вентилятор ВЦ 14-46-4 11/1500 Пр","(0092) Кусковская ул., д. 18Г",{"v":1,"d":"1.000"},"ШТ","2010-06-24","3.NV.1100-2002","Паспорт б/н","Нет данных","Новое",{"v":15977.67,"d":"15,977.67"},{"$f":"O1332/F1332","v":{"v":15977.67,"d":"15,977.67"}},{"v":15977.67,"d":"15,977.67"},{"v":11720,"d":"11,720.00"},{"$f":"R1332-P1332","v":{"v":2578.4,"d":"2,578.40"}},{"$f":"P1332*1.22","v":{"v":14298.4,"d":"14,298.40"}},null,55]
[{"$nulls":14},{"$f":"SUM(O1328:O1332)","v":{"v":143795.34,"d":"143,795.34"}},{"$f":"SUM(P1328:P1332)","v":{"v":274250,"d":"274,250.00"}},{"v":60335,"d":"60,335.00"},{"$f":"SUM(R1328:R1332)","v":{"v":334585,"d":"334,585.00"}},{"$f":"R1333/100*10","v":{"v":33458.5,"d":"33,458.50"}},55]
["А1590",1275,10123798,"Видеодомофон Hyundai HA-201","(0808) ул. Верейская, д.35",{"v":1,"d":"1.000"},"ШТ","2014-12-31","3.NV.1208-2002","Документы отсутствуют","ABB IMCPM02","Удовлетворительное",{"v":2475.36,"d":"2,475.36"},{"$f":"O1334/F1334","v":{"v":2475.36,"d":"2,475.36"}},{"v":2475.36,"d":"2,475.36"},{"v":960,"d":"960.00"},{"$f":"R1334-P1334","v":{"v":211.2,"d":"211.20"}},{"$f":"P1334*1.22","v":{"v":1171.2,"d":"1,171.20"}},null,56,"Оборудование видеонаблюдения"]
["А1591",1276,10123797,"Панель видеодомофона DVC-201 Эликс","(0808) ул. Верейская, д.35",{"v":4,"d":"4.000"},"ШТ","2014-12-31","3.NV.1208-2002","Документы отсутствуют","ТСП-9506.158-46","Удовлетворительное",{"v":5269.6,"d":"5,269.60"},{"$f":"O1335/F1335","v":{"v":1317.4,"d":"1,317.40"}},{"v":5269.6,"d":"5,269.60"},{"v":3830,"d":"3,830.00"},{"$f":"R1335-P1335","v":{"v":842.6,"d":"842.60"}},{"$f":"P1335*1.22","v":{"v":4672.6,"d":"4,672.60"}},null,56]
[{"$nulls":14},{"$f":"SUM(O1334:O1335)","v":{"v":7744.96,"d":"7,744.96"}},{"$f":"SUM(P1334:P1335)","v":{"v":4790,"d":"4,790.00"}},{"v":1053.8,"d":"1,053.80"},{"$f":"SUM(R1334:R1335)","v":{"v":5843.8,"d":"5,843.80"}},{"$f":"R1336/100*10","v":584.38},56]
["А1592",1277,10119139,"Датчик избыт давления ИД16","(0092) Кусковская ул., д. 18Г",{"v":9,"d":"9.000"},"ШТ","2003-01-01","3.NV.1100-2002","Документы отсутствуют","Нет данных","Новое",{"v":15318,"d":"15,318.00"},{"v":1702,"d":"1,702.00"},{"v":15318,"d":"15,318.00"},{"v":33240,"d":"33,240.00"},{"$f":"R1337-P1337","v":{"v":7312.8,"d":"7,312.80"}},{"$f":"P1337*1.22","v":{"v":40552.8,"d":"40,552.80"}},null,57,"Оборудование лабораторное, измерительные инструменты"]
["А1595",1278,10094559,"Термометр ТН-1-1","(0092) Кусковская ул., д. 18Г",{"$f":"22-4-17","v":{"v":1,"d":"1.000"}},"ШТ","2008-01-01","3.NV.1100-2002","Паспорт б/н ","Нет данных","Новое",{"$f":"O1338","v":882.24},{"$f":"O1338/F1338","v":882.24},{"$f":"19409.31/22*1","v":882.24},{"v":1310,"d":"1,310.00"},{"$f":"R1338-P1338","v":{"v":288.2,"d":"288.20"}},{"$f":"P1338*1.22","v":{"v":1598.2,"d":"1,598.20"}},null,57]
["А1595/1",1279,10094559,"Термометр ТН-1-1","(0098) Верхние поля, 25",{"v":17,"d":"17.000"},"ШТ","2008-01-01","3.NV.1100-2002","Документы отсутствуют","Нет данных","Новое",{"$f":"O1339","v":{"v":14998.1,"d":"14,998.10"}},{"$f":"M1339/F1339","v":882.24},{"v":14998.1,"d":"14,998.10"},{"v":22220,"d":"22,220.00"},{"$f":"R1339-P1339","v":{"v":4888.4,"d":"4,888.40"}},{"$f":"P1339*1.22","v":{"v":27108.4,"d":"27,108.40"}},null,57]
[{"$nulls":14},{"$f":"SUM(O1337:O1339)","v":{"v":31198.34,"d":"31,198.34"}},{"$f":"SUM(P1337:P1339)","v":{"v":56770,"d":"56,770.00"}},{"v":12489.4,"d":"12,489.40"},{"$f":"SUM(R1337:R1339)","v":{"v":69259.4,"d":"69,259.40"}},{"$f":"R1340/100*10","v":{"v":6925.94,"d":"6,925.94"}},57]
["А1596",1280,10138625,"Датчик давления MIDAS SI тип401006/000-4","(0808) ул. Верейская, д.35",{"v":1,"d":"1.000"},"ШТ","2014-12-31","3.NV.1208-2002","Документы отсутствуют","Текон Р05-02","Удовлетворительное",{"v":12555.38,"d":"12,555.38"},{"$f":"O1341/F1341","v":{"v":12555.38,"d":"12,555.38"}},{"v":12555.38,"d":"12,555.38"},{"v":7890,"d":"7,890.00"},{"$f":"R1341-P1341","v":{"v":1735.8,"d":"1,735.80"}},{"$f":"P1341*1.22","v":{"v":9625.8,"d":"9,625.80"}},null,58,"Оборудование лабораторное, измерительные инструменты"]
["А1597",1281,10090763,"Датчик напора НМП52 0-4","(0119) Переулок Васнецова, д. 11А",{"v":1,"d":"1.000"},"ШТ","2012-09-21","3.NV.1201-2002","Документы отсутствуют","НМП52 0-4","Удовлетворительное",{"v":4703.39,"d":"4,703.39"},{"$f":"O1342/F1342","v":{"v":4703.39,"d":"4,703.39"}},{"v":4703.39,"d":"4,703.39"},{"v":3040,"d":"3,040.00"},{"$f":"R1342-P1342","v":{"v":668.8,"d":"668.80"}},{"$f":"P1342*1.22","v":{"v":3708.8,"d":"3,708.80"}},null,58]
["А1598",1282,10090847,"Двухканальный измеритель-регулятор темпе","(0119) Переулок Васнецова, д. 11А",{"v":1,"d":"1.000"},"ШТ",2014,"3.NV.1201-2002","Документы отсутствуют","Нет данных","Удовлетворительное",{"v":5232,"d":"5,232.00"},{"$f":"O1343/F1343","v":{"v":5232,"d":"5,232.00"}},{"v":5232,"d":"5,232.00"},{"v":4780,"d":"4,780.00"},{"$f":"R1343-P1343","v":{"v":1051.6,"d":"1,051.60"}},{"$f":"P1343*1.22","v":{"v":5831.6,"d":"5,831.60"}},null,58]
["А1599",1283,10015311,"Автомат контр. герм. ТС410-1Т 84765810А","(0119) Переулок Васнецова, д. 11А",{"v":4,"d":"4.000"},"ШТ",2014,"3.NV.1201-2002","Документы отсутствуют","Нет данных","Удовлетворительное",{"v":175620.2,"d":"175,620.20"},{"$f":"O1344/F1344","v":{"v":43905.05,"d":"43,905.05"}},{"v":175620.2,"d":"175,620.20"},{"v":153720,"d":"153,720.00"},{"$f":"R1344-P1344","v":{"v":33818.4,"d":"33,818.40"}},{"$f":"P1344*1.22","v":{"v":187538.4,"d":"187,538.40"}},null,58]
["А1600",1284,10013990,"Колпак защитный д/газовых бал. ун.","(0092) Кусковская ул., д. 18Г",{"v":65,"d":"65.000"},"ШТ",2014,"3.NV.1100-2002","Документы отсутствуют","универсальный","Хорошее",{"v":4260.75,"d":"4,260.75"},{"$f":"O1345/F1345","v":65.55},{"v":4260.75,"d":"4,260.75"},{"v":5530,"d":"5,530.00"},{"$f":"R1345-P1345","v":{"v":1216.6,"d":"1,216.60"}},{"$f":"P1345*1.22","v":{"v":6746.6,"d":"6,746.60"}},null,58]
[{"$nulls":14},{"$f":"SUM(O1341:O1345)","v":{"v":202371.72,"d":"202,371.72"}},{"$f":"SUM(P1341:P1345)","v":{"v":174960,"d":"174,960.00"}},{"v":38491.2,"d":"38,491.20"},{"$f":"SUM(R1341:R1345)","v":{"v":213451.2,"d":"213,451.20"}},{"$f":"R1346/100*10","v":{"v":21345.12,"d":"21,345.12"}},58]
["А1601",1285,10025222,"Кран прбко-сальник 11Бббк.ДУ.15","(0098) Верхние поля, 25",{"v":6,"d":"6.000"},"ШТ","2009-12-09","3.NV.1100-2002","паспорт б/н","Нет данных","Новое",134.74,{"$f":"O1347/F1347","v":22.46},134.74,{"v":310,"d":"310.00"},{"$f":"R1347-P1347","v":{"v":68.2,"d":"68.20"}},{"$f":"P1347*1.22","v":{"v":378.2,"d":"378.20"}},null,59,"Оборудование подъемно-транспортное и запчасти к оборудованию"]
["А1602",1286,10038939,"Канат 2,2мм С-Н1770 Г3066-80","(0092) Кусковская ул., д. 18Г",{"v":75,"d":"75.000"},"М","2013-06-06","3.NV.1100-2002","Документы отсутствуют","Нет данных","Новое",762.75,{"$f":"O1348/F1348","v":10.17},762.75,{"v":1470,"d":"1,470.00"},{"$f":"R1348-P1348","v":{"v":323.4,"d":"323.40"}},{"$f":"P1348*1.22","v":{"v":1793.4,"d":"1,793.40"}},null,59]
["А1603",1287,10095991,"Колесо неповоротное большегрузное FCp200","(0092) Кусковская ул., д. 18Г",{"v":8,"d":"8.000"},"ШТ","2013-04-11","3.NV.1100-2002","Документы отсутствуют","Нет данных","Новое",{"v":4278,"d":"4,278.00"},{"$f":"O1349/F1349","v":534.75},{"v":4278,"d":"4,278.00"},{"v":8240,"d":"8,240.00"},{"$f":"R1349-P1349","v":{"v":1812.8,"d":"1,812.80"}},{"$f":"P1349*1.22","v":{"v":10052.8,"d":"10,052.80"}},null,59]
["А1604",1288,10095992,"Колесо поворотное большегрузное SCp200","(0092) Кусковская ул., д. 18Г",{"v":8,"d":"8.000"},"ШТ","2013-04-11","3.NV.1100-2002","Документы отсутствуют","Нет данных","Новое",{"v":4655.36,"d":"4,655.36"},{"$f":"O1350/F1350","v":581.92},{"v":4655.36,"d":"4,655.36"},{"v":6520,"d":"6,520.00"},{"$f":"R1350-P1350","v":{"v":1434.4,"d":"1,434.40"}},{"$f":"P1350*1.22","v":{"v":7954.4,"d":"7,954.40"}},null,59]
["А1605",1289,102001526,"Кр.-бал. эл.подв.1т пр.L5,2 H6 13Т10316К","(0092) Кусковская ул., д. 18Г",{"v":1,"d":"1.000"},"КМП",2015,"3.NV.1100-2002","Документы отсутствуют","Нет данных","Новое",{"v":140560,"d":"140,560.00"},{"$f":"O1351/F1351","v":{"v":140560,"d":"140,560.00"}},{"v":140560,"d":"140,560.00"},{"v":199940,"d":"199,940.00"},{"$f":"R1351-P1351","v":{"v":43986.8,"d":"43,986.80"}},{"$f":"P1351*1.22","v":{"v":243926.8,"d":"243,926.80"}},null,59]
[{"$nulls":14},{"$f":"SUM(O1347:O1351)","v":{"v":150390.85,"d":"150,390.85"}},{"$f":"SUM(P1347:P1351)","v":{"v":216480,"d":"216,480.00"}},{"v":47625.6,"d":"47,625.60"},{"$f":"SUM(R1347:R1351)","v":{"v":264105.6,"d":"264,105.60"}},{"$f":"R1352/100*10","v":{"v":26410.56,"d":"26,410.56"}},59]
["А1606",1290,10119399,"602-025 Редуктор1'' понижения давл.","(0098) Верхние поля, 25",{"v":9,"d":"9.000"},"ШТ","2006-07-01","3.NV.1100-2002","Документы отсутствуют","Нет данных","Новое",{"v":22468.05,"d":"22,468.05"},{"$f":"O1353/F1353","v":{"v":2496.45,"d":"2,496.45"}},{"v":22468.05,"d":"22,468.05"},{"v":61440,"d":"61,440.00"},{"$f":"R1353-P1353","v":{"v":13516.8,"d":"13,516.80"}},{"$f":"P1353*1.22","v":{"v":74956.8,"d":"74,956.80"}},null,60,"Оборудование сантехническое"]
["А1607",1291,10119398,"602-032 Редуктор1 1/4'' понижения давл.","(0098) Верхние поля, 25",{"v":8,"d":"8.000"},"ШТ","2006-07-01","3.NV.1100-2002","Документы отсутствуют","Нет данных","Новое",{"v":42962.48,"d":"42,962.48"},{"$f":"O1354/F1354","v":{"v":5370.31,"d":"5,370.31"}},{"v":42962.48,"d":"42,962.48"},{"v":90000,"d":"90,000.00"},{"v":19800,"d":"19,800.00"},{"v":109800,"d":"109,800.00"},null,60]
["А1608",1292,10132963,"Заглушка Ду50 Firat 7016004050","(0092) Кусковская ул., д. 18Г",{"v":3,"d":"3.000"},"ШТ","2013-10-30","3.NV.1100-2002","Документы отсутствуют","Нет данных","Новое",94.19,{"v":31.4,"d":"31.40"},94.19,{"v":120,"d":"120.00"},{"v":26.4,"d":"26.40"},{"v":146.4,"d":"146.40"},null,60]
["А1609",1293,10100073,"Заглушка НПВХ б/н Ду110","(0092) Кусковская ул., д. 18Г",{"$f":"4-2","v":{"v":2,"d":"2.000"}},"ШТ","2013-12-13","3.NV.1100-2002","Документы отсутствуют","Нет данных","Новое",{"$f":"O1356","v":55.49},{"$f":"O1356/F1356","v":27.75},{"$f":"110.98/4*2","v":55.49},{"v":70,"d":"70.00"},{"v":15.4,"d":"15.40"},{"v":85.4,"d":"85.40"},null,60]
["А1610",1294,10131462,"Люк сантех. настен. 200х300 металл маг","(0092) Кусковская ул., д. 18Г",{"v":1,"d":"1.000"},"ШТ","2013-09-25","3.NV.1100-2002","Документы отсутствуют","Нет данных","Новое",{"$f":"O1357","v":188.49},{"$f":"O1357/F1357","v":188.49},188.49,{"v":240,"d":"240.00"},{"v":52.8,"d":"52.80"},{"v":292.8,"d":"292.80"},null,60]
["А1611",1295,10132146,"Люк сантех. настен. 400х400 металл маг","(0092) Кусковская ул., д. 18Г",{"v":4,"d":"4.000"},"ШТ","2013-09-25","3.NV.1100-2002","Документы отсутствуют","Нет данных","Новое",{"v":1214.04,"d":"1,214.04"},303.51,{"v":1214.04,"d":"1,214.04"},{"v":1540,"d":"1,540.00"},{"v":338.8,"d":"338.80"},{"v":1878.8,"d":"1,878.80"},null,60]
["А1612",1296,10132168,"Люк сантех. настен. 450х1000 металл маг","(0092) Кусковская ул., д. 18Г",{"v":1,"d":"1.000"},"ШТ","2013-09-25","3.NV.1100-2002","Документы отсутствуют","Нет данных","Новое",874.92,874.92,874.92,{"v":1110,"d":"1,110.00"},{"v":244.2,"d":"244.20"},{"v":1354.2,"d":"1,354.20"},null,60]
["А1613",1297,10132897,"Люк сантех. настен. 600х1000 металл маг","(0092) Кусковская ул., д. 18Г",{"v":1,"d":"1.000"},"ШТ","2013-09-25","3.NV.1100-2002","Документы отсутствуют","Нет данных","Новое",910.55,910.55,910.55,{"v":1130,"d":"1,130.00"},{"v":248.6,"d":"248.60"},{"v":1378.6,"d":"1,378.60"},null,60]
["А1615",1298,10118716,"Опора НПВХ 50 Firat 7016005050","(0092) Кусковская ул., д. 18Г",{"v":6,"d":"6.000"},"ШТ","2013-12-13","3.NV.1100-2002","Документы отсутствуют","Нет данных","Новое",42.31,7.05,42.31,{"v":50,"d":"50.00"},{"v":11,"d":"11.00"},{"v":61,"d":"61.00"},null,60]
["А1621+А1633",1299,10042937,"Трап круглый, с гориз. выпуском 50мм","(0098) Верхние поля, 25",{"$f":"3+17","v":{"v":20,"d":"20.000"}},"ШТ","2012-02-10","3.NV.1100-2002","Документы отсутствуют","Нет данных","Новое",{"v":8002.16,"d":"8,002.16"},400.11,{"v":8002.16,"d":"8,002.16"},{"v":10340,"d":"10,340.00"},{"v":2274.8,"d":"2,274.80"},{"v":12614.8,"d":"12,614.80"},null,60]
["А1622",1300,10120621,"Трап полипр. 150х150 ТП-104.110-150VSDs","(0092) Кусковская ул., д. 18Г",{"$f":"7-6","v":{"v":1,"d":"1.000"}},"ШТ","2013-10-30","3.NV.1100-2002","Документы отсутствуют","Нет данных","Новое",110.46,110.46,{"$f":"773.2/7*1","v":110.46},{"v":140,"d":"140.00"},{"v":30.8,"d":"30.80"},{"v":170.8,"d":"170.80"},null,60]
["А1622/1",1301,10120621,"Трап полипр. 150х150 ТП-104.110-150VSDs","(0098) Верхние поля, 25",{"v":6,"d":"6.000"},"ШТ","2013-10-30","3.NV.1100-2002","Документы отсутствуют","Нет данных","Удовлетворительное",662.74,110.46,662.74,{"v":480,"d":"480.00"},{"v":105.6,"d":"105.60"},{"v":585.6,"d":"585.60"},null,60]
["А1628",1302,10106300,"Труба НПВХ Ду110х3,2 L1000 б/н 50112","(0092) Кусковская ул., д. 18Г",{"$f":"40-24","v":{"v":16,"d":"16.000"}},"ШТ","2013-06-06","3.NV.1100-2002","Документы отсутствуют","Нет данных","Новое",{"v":1665.44,"d":"1,665.44"},104.09,{"$f":"4163.6/40*16","v":{"v":1665.44,"d":"1,665.44"}},{"v":1980,"d":"1,980.00"},{"v":435.6,"d":"435.60"},{"v":2415.6,"d":"2,415.60"},null,60]
["А1629",1303,10108297,"Труба НПВХ Ду110х3,2 L2000 б/н 50060","(0092) Кусковская ул., д. 18Г",{"$f":"22-15","v":{"v":7,"d":"7.000"}},"ШТ","2013-10-30","3.NV.1100-2002","Документы отсутствуют","Нет данных","Новое",{"v":1451.1,"d":"1,451.10"},{"v":207.3,"d":"207.30"},{"$f":"4560.6/22*7","v":{"v":1451.1,"d":"1,451.10"}},{"v":1740,"d":"1,740.00"},{"v":382.8,"d":"382.80"},{"v":2122.8,"d":"2,122.80"},null,60]
["А1630",1304,10050441,"Труба НПВХ Ду50х3,2 L1000","(0092) Кусковская ул., д. 18Г",{"v":1,"d":"1.000"},"ШТ","2013-10-30","3.NV.1100-2002","Документы отсутствуют","Нет данных","Новое",{"v":60.9,"d":"60.90"},{"v":60.9,"d":"60.90"},{"v":60.9,"d":"60.90"},{"v":70,"d":"70.00"},{"v":15.4,"d":"15.40"},{"v":85.4,"d":"85.40"},null,60]
["А1631",1305,10108410,"Труба НПВХ Ду50х3,2 L2000 б/н 50035","(0092) Кусковская ул., д. 18Г",{"$f":"15-10","v":{"v":5,"d":"5.000"}},"ШТ","2013-10-30","3.NV.1100-2002","Документы отсутствуют","Нет данных","Новое",540.75,108.15,{"$f":"1622.25/15*5","v":540.75},{"v":690,"d":"690.00"},{"v":151.8,"d":"151.80"},{"v":841.8,"d":"841.80"},null,60]
["А1632",1306,10125454,"Люк под плитку Оптима-Атлант 900х640мм","(0092) Кусковская ул., д. 18Г",{"v":2,"d":"2.000"},"ШТ","2013-12-13","3.NV.1100-2002","Документы отсутствуют","Нет данных","Новое",{"v":8708.48,"d":"8,708.48"},{"v":4354.24,"d":"4,354.24"},{"v":8708.48,"d":"8,708.48"},{"v":7580,"d":"7,580.00"},{"v":1667.6,"d":"1,667.60"},{"v":9247.6,"d":"9,247.60"},null,60]
[{"$nulls":14},{"$f":"SUM(O1353:O1369)","v":{"v":90012.55,"d":"90,012.55"}},{"$f":"SUM(P1353:P1369)","v":{"v":178720,"d":"178,720.00"}},{"v":39318.4,"d":"39,318.40"},{"$f":"SUM(R1353:R1369)","v":{"v":218038.4,"d":"218,038.40"}},{"$f":"R1370/100*10","v":{"v":21803.84,"d":"21,803.84"}},60]
["А1634",1307,10134153,"Датчик IR Quattro COM1 Steinel","(0092) Кусковская ул., д. 18Г",{"v":5,"d":"5.000"},"ШТ","2012-12-24","3.NV.1100-2002","Документы отсутствуют","Нет данных","Новое",{"v":19970,"d":"19,970.00"},{"v":3994,"d":"3,994.00"},{"v":19970,"d":"19,970.00"},{"v":24950,"d":"24,950.00"},{"$f":"R1371-P1371","v":{"v":5489,"d":"5,489.00"}},{"$f":"P1371*1.22","v":{"v":30439,"d":"30,439.00"}},null,61,"Оборудование светотехническое"]
["А1635",1308,10089607,"Модуль роз. RJ45 TX Keystone T568&B бел","(0092) Кусковская ул., д. 18Г",{"v":96,"d":"96.000"},"ШТ","2013-06-06","3.NV.1100-2002","Документы отсутствуют","Нет данных","Новое",{"$f":"O1372","v":{"v":4285.44,"d":"4,285.44"}},{"$f":"O1372/F1372","v":44.64},{"v":4285.44,"d":"4,285.44"},{"v":5950,"d":"5,950.00"},{"v":1309,"d":"1,309.00"},{"v":7259,"d":"7,259.00"},null,61]
["А1636",1309,10138875,"Лента CRS SMD5050 60 диодов/м тёплый бел","(0092) Кусковская ул., д. 18Г",{"v":10,"d":"10.000"},"М","2013-10-30","3.NV.1100-2002","Документы отсутствуют","Нет данных","Новое",{"v":1440.68,"d":"1,440.68"},{"$f":"O1373/F1373","v":144.07},{"v":1440.68,"d":"1,440.68"},{"v":1940,"d":"1,940.00"},{"v":426.8,"d":"426.80"},{"v":2366.8,"d":"2,366.80"},null,61]
["А1637",1310,10013497,"Лампа накаливания 24Вт с байонетным цоко","(0092) Кусковская ул., д. 18Г",{"v":16,"d":"16.000"},"ШТ","2013-06-06","3.NV.1100-2002","Документы отсутствуют","Нет данных","Новое",{"v":953.9,"d":"953.90"},{"$f":"O1374/F1374","v":59.62},{"v":953.9,"d":"953.90"},{"v":1330,"d":"1,330.00"},{"v":292.6,"d":"292.60"},{"v":1622.6,"d":"1,622.60"},null,61]
["А1638",1311,10042414,"Лампа ДРЛ 125W E-27 Полтава","(0098) Верхние поля, 25",{"v":10,"d":"10.000"},"ШТ","2013-06-01","3.NV.1100-2002","Сертификат № ТС RU C-BY.АВ02.В.00148 Серия RU №0024014 с 01.08.2012 по 31.07.2015","Нет данных","Новое",625.74,{"$f":"O1375/F1375","v":62.57},625.74,{"v":870,"d":"870.00"},{"v":191.4,"d":"191.40"},{"v":1061.4,"d":"1,061.40"},null,61]
["А1639",1312,10106869,"Лампа КГ 220-1000-5 1000Вт 220В","(0098) Верхние поля, 25",{"v":40,"d":"40.000"},"ШТ","2013-08-01","3.NV.1100-2002","Отказное письмо Б/Н","Нет данных","Новое",{"v":2644.61,"d":"2,644.61"},{"$f":"O1376/F1376","v":66.12},{"v":2644.61,"d":"2,644.61"},{"v":3270,"d":"3,270.00"},{"v":719.4,"d":"719.40"},{"v":3989.4,"d":"3,989.40"},null,61]
[{"$nulls":14},{"$f":"SUM(O1371:O1376)","v":{"v":29920.37,"d":"29,920.37"}},{"$f":"SUM(P1371:P1376)","v":{"v":38310,"d":"38,310.00"}},{"v":8428.2,"d":"8,428.20"},{"$f":"SUM(R1371:R1376)","v":{"v":46738.2,"d":"46,738.20"}},{"$f":"R1377/100*10","v":{"v":4673.82,"d":"4,673.82"}},61]
["А1640",1313,10111329,"Кнопка Mosaic Legrand 79230","(0092) Кусковская ул., д. 18Г",{"v":39,"d":"39.000"},"ШТ",2014,"3.NV.1100-2002","Документы отсутствуют","Нет данных","Хорошее",{"v":14693.25,"d":"14,693.25"},{"$f":"O1378/F1378","v":376.75},{"v":14693.25,"d":"14,693.25"},{"v":14780,"d":"14,780.00"},{"$f":"R1378-P1378","v":{"v":3251.6,"d":"3,251.60"}},{"$f":"P1378*1.22","v":{"v":18031.6,"d":"18,031.60"}},null,62,"Оборудование светотехническое"]
["А1641",1314,10111296,"Кнопка Legrand Mosaic 79240","(0092) Кусковская ул., д. 18Г",{"v":46,"d":"46.000"},"ШТ",2014,"3.NV.1100-2002","Документы отсутствуют","Нет данных","Хорошее",{"v":18884.38,"d":"18,884.38"},{"$f":"O1379/F1379","v":410.53},{"v":18884.38,"d":"18,884.38"},{"v":20720,"d":"20,720.00"},{"$f":"R1379-P1379","v":{"v":4558.4,"d":"4,558.40"}},{"$f":"P1379*1.22","v":{"v":25278.4,"d":"25,278.40"}},null,62]
["А1642",1315,10110292,"Механизм Mosaic 2К+З Legrand 77213","(0092) Кусковская ул., д. 18Г",{"v":55,"d":"55.000"},"ШТ",2014,"3.NV.1100-2002","Документы отсутствуют","Нет данных","Хорошее",{"v":8065.67,"d":"8,065.67"},{"$f":"O1380/F1380","v":146.65},{"v":8065.67,"d":"8,065.67"},{"v":8540,"d":"8,540.00"},{"$f":"R1380-P1380","v":{"v":1878.8,"d":"1,878.80"}},{"$f":"P1380*1.22","v":{"v":10418.8,"d":"10,418.80"}},null,62]
[{"$nulls":14},{"$f":"SUM(O1378:O1380)","v":{"v":41643.3,"d":"41,643.30"}},{"v":44040,"d":"44,040.00"},{"$f":"SUM(Q1378:Q1380)","v":{"v":9688.8,"d":"9,688.80"}},{"$f":"SUM(R1378:R1380)","v":{"v":53728.8,"d":"53,728.80"}},{"$f":"R1381/100*10","v":{"v":5372.88,"d":"5,372.88"}},62]
["А1645",1316,10147669,"Опора Ду273 ТС 660.00.00-10","(0094) Кусковская 18Г",{"v":8,"d":"8.000"},"ШТ","2013-12-12","3.NV.1100-2002","Документы отсутствуют","Нет данных","Новое",{"v":9040,"d":"9,040.00"},{"$f":"O1382/F1382","v":{"v":1130,"d":"1,130.00"}},{"v":9040,"d":"9,040.00"},{"v":15480,"d":"15,480.00"},{"$f":"R1382-P1382","v":{"v":3405.6,"d":"3,405.60"}},{"$f":"P1382*1.22","v":{"v":18885.6,"d":"18,885.60"}},null,63,"Опоры трубопроводов"]
["А1646",1317,10147668,"Опора Ду426 ТС 660.00.00-13","(0098) Верхние поля, 25",{"$f":"4-1","v":{"v":3,"d":"3.000"}},"ШТ","2013-12-12","3.NV.1100-2002","Документы отсутствуют","Нет данных","Новое",{"v":8010,"d":"8,010.00"},{"$f":"O1383/F1383","v":{"v":2670,"d":"2,670.00"}},{"$f":"10680/4*3","v":{"v":8010,"d":"8,010.00"}},{"v":13720,"d":"13,720.00"},{"$f":"R1383-P1383","v":{"v":3018.4,"d":"3,018.40"}},{"$f":"P1383*1.22","v":{"v":16738.4,"d":"16,738.40"}},null,63]
["А1647",1318,10147741,"Опора Ду820 ТС-669.00.00-25","(0094) Кусковская 18Г",{"v":2,"d":"2.000"},"ШТ","2013-12-12","3.NV.1100-2002","Документы отсутствуют","Нет данных","Новое",{"v":9912,"d":"9,912.00"},{"$f":"O1384/F1384","v":{"v":4956,"d":"4,956.00"}},{"v":9912,"d":"9,912.00"},{"v":16980,"d":"16,980.00"},{"$f":"R1384-P1384","v":{"v":3735.6,"d":"3,735.60"}},{"$f":"P1384*1.22","v":{"v":20715.6,"d":"20,715.60"}},null,63]
[{"$nulls":14},{"$f":"SUM(O1382:O1384)","v":{"v":26962,"d":"26,962.00"}},{"$f":"SUM(P1382:P1384)","v":{"v":46180,"d":"46,180.00"}},{"v":10159.6,"d":"10,159.60"},{"$f":"SUM(R1382:R1384)","v":{"v":56339.6,"d":"56,339.60"}},{"$f":"R1385/100*10","v":{"v":5633.96,"d":"5,633.96"}},63]
["А1649",1319,10100493,"Опора скольз. Ду57 ТС 730.00.00.00 СБ","(0094) Кусковская 18Г",{"v":2,"d":"2.000"},"ШТ","2013-12-12","3.NV.1100-2002","Документы отсутствуют","Нет данных","Удовлетворительное ",{"v":1171.17,"d":"1,171.17"},585.59,{"v":1171.17,"d":"1,171.17"},{"v":1190,"d":"1,190.00"},{"$f":"R1386-P1386","v":{"v":261.8,"d":"261.80"}},{"$f":"P1386*1.22","v":{"v":1451.8,"d":"1,451.80"}},null,64,"Опоры трубопроводов"]
[{"$nulls":14},{"$f":"O1386","v":{"v":1171.17,"d":"1,171.17"}},{"$f":"P1386","v":{"v":1190,"d":"1,190.00"}},{"v":261.8,"d":"261.80"},{"$f":"R1386","v":{"v":1451.8,"d":"1,451.80"}},{"$f":"R1387/100*10","v":145.18},64]
["А1650",1320,102001162,"Щит ЩСУ-3 2200х800х600 №7/16-07/7-ЭМ.Н","(0607)РТС \"Теплый стан\" Мосэнерго, Новоясеневский прспект д.8, к.3",{"v":1,"d":"1.000"},"ШТ","2012 г.","3.NV.1206-2002","Документы отсутствуют","ЩСУ-3 220х800х600","Новое",{"$f":"O1388","v":{"v":243128.38,"d":"243,128.38"}},{"$f":"O1388/F1388","v":{"v":243128.38,"d":"243,128.38"}},{"v":243128.38,"d":"243,128.38"},{"v":391650,"d":"391,650.00"},{"$f":"R1388-P1388","v":{"v":86163,"d":"86,163.00"}},{"$f":"P1388*1.22","v":{"v":477813,"d":"477,813.00"}},null,65,"Шкафы электротехнические"]
["А1651",1321,102002369,"Шкаф ШПЧ 3-9 проект №6-182-ПП/12-АСУ","(0606) Ц/Склал Верхние Поля д.25 на ответственном хранении",{"v":6,"d":"6.000"},"ШТ","2015 г.","3.NV.1206-2002","Документы отсутствуют","ШПЧ 3-9","Новое",{"v":2676603.83,"d":"2,676,603.83"},{"v":446100.64,"d":"446,100.64"},{"v":2676603.83,"d":"2,676,603.83"},{"v":3693680,"d":"3,693,680.00"},{"v":812609.6,"d":"812,609.60"},{"v":4506289.6,"d":"4,506,289.60"},null,65]
["А1652",1322,102002370,"Шкаф ШПЧ 3-11 проект №6-182-ПП/12-АСУ","(0606) Ц/Склал Верхние Поля д.25 на ответственном хранении",{"v":8,"d":"8.000"},"ШТ","2015 г.","3.NV.1206-2002","Документы отсутствуют","ШПЧ 3-11","Новое",{"v":4310248.69,"d":"4,310,248.69"},{"v":538781.09,"d":"538,781.09"},{"v":4310248.69,"d":"4,310,248.69"},{"v":5948090,"d":"5,948,090.00"},{"v":1308579.8,"d":"1,308,579.80"},{"v":7256669.8,"d":"7,256,669.80"},null,65]
["А1653",1323,10119324,"Шкаф кабин 1800/1000/400","(0092) Кусковская ул., д. 18Г",{"v":1,"d":"1.000"},"ШТ","2013-02-15","3.NV.1100-2002","Документы отсутствуют","Нет данных","Новое",{"v":19048,"d":"19,048.00"},{"v":19048,"d":"19,048.00"},{"v":19048,"d":"19,048.00"},{"v":29970,"d":"29,970.00"},{"v":6593.4,"d":"6,593.40"},{"v":36563.4,"d":"36,563.40"},null,65]
["А1654",1324,10131624,"Шкаф напол. Conteg RMF-42-80/80 RAL7040","(0092) Кусковская ул., д. 18Г",{"v":1,"d":"1.000"},"ШТ","2013-06-06","3.NV.1100-2002","Документы отсутствуют","Нет данных","Новое",{"v":34775.03,"d":"34,775.03"},{"v":34775.03,"d":"34,775.03"},{"v":34775.03,"d":"34,775.03"},{"v":54650,"d":"54,650.00"},{"v":12023,"d":"12,023.00"},{"v":66673,"d":"66,673.00"},null,65]
["А1655",1325,10134023,"Ящик РУСМ5125-3274 УХЛ2 18А","(0092) Кусковская ул., д. 18Г",{"v":6,"d":"6.000"},"ШТ","2012-11-26","3.NV.1100-2002","Документы отсутствуют","Нет данных","Новое",{"v":41592,"d":"41,592.00"},{"v":6932,"d":"6,932.00"},{"v":41592,"d":"41,592.00"},{"v":66860,"d":"66,860.00"},{"v":14709.2,"d":"14,709.20"},{"v":81569.2,"d":"81,569.20"},null,65]
["А1656",1326,10145073,"Шкаф ОН №2011.НПС410722","(0098) Верхние поля, 25",{"v":1,"d":"1.000"},"ШТ","2013-06-01","3.NV.1100-2002","Паспорт Б/Н","Нет данных","Новое",{"v":5873.48,"d":"5,873.48"},{"v":5873.48,"d":"5,873.48"},{"v":5873.48,"d":"5,873.48"},{"v":9230,"d":"9,230.00"},{"v":2030.6,"d":"2,030.60"},{"v":11260.6,"d":"11,260.60"},null,65]
["А1657",1327,10138873,"Шкаф ШРН-1М-2/50 н/разом. контакты","(0098) Верхние поля, 25",{"v":1,"d":"1.000"},"ШТ","2013-04-01","3.NV.1100-2002","Паспорт Б/Н","Нет данных","Новое",{"v":2709.3,"d":"2,709.30"},{"v":2709.3,"d":"2,709.30"},{"v":2709.3,"d":"2,709.30"},{"v":4280,"d":"4,280.00"},{"v":941.6,"d":"941.60"},{"v":5221.6,"d":"5,221.60"},null,65]
["А1658",1328,102001598,"Шкаф ШУТЗ №2012.НПС410968","(0098) Верхние поля, 25",{"v":1,"d":"1.000"},"ШТ","2013-07-01","3.NV.1100-2002","Паспорт Б/Н","Нет данных","Новое",{"v":112968.15,"d":"112,968.15"},{"v":112968.15,"d":"112,968.15"},{"v":112968.15,"d":"112,968.15"},{"v":178580,"d":"178,580.00"},{"v":39287.6,"d":"39,287.60"},{"v":217867.6,"d":"217,867.60"},null,65]
[{"$nulls":14},{"$f":"SUM(O1388:O1396)","v":{"v":7446946.86,"d":"7,446,946.86"}},{"$f":"SUM(P1388:P1396)","v":{"v":10376990,"d":"10,376,990.00"}},{"v":2282937.8,"d":"2,282,937.80"},{"$f":"SUM(R1388:R1396)","v":{"v":12659927.8,"d":"12,659,927.80"}},{"$f":"R1397/100*10","v":{"v":1265992.78,"d":"1,265,992.78"}},65]
["А1660",1329,102000401,"Шкаф ШАТ-106 №7-2-ПП/13-АТС","(0904) Врачебный проезд д.3",{"v":1,"d":"1.000"},"ШТ","2015-09-30","3.NV.1209-2002","Документы отсутствуют","Нет данных","Удовлетворительное",{"v":71004.05,"d":"71,004.05"},{"$f":"O1398/F1398","v":{"v":71004.05,"d":"71,004.05"}},{"v":71004.05,"d":"71,004.05"},{"v":62540,"d":"62,540.00"},{"$f":"R1398-P1398","v":{"v":13758.8,"d":"13,758.80"}},{"$f":"P1398*1.22","v":{"v":76298.8,"d":"76,298.80"}},null,66,"Шкафы электротехнические"]
["А1661",1330,10106493,"Шкаф автоматики ШАТ-66 600х600х210","(0911) Строительный пр.,д.14 к.1",{"v":1,"d":"1.000"},"ШТ","2015-10-30","3.NV.1209-2002","Документы отсутствуют","Нет данных","Удовлетворительное",{"v":14597.07,"d":"14,597.07"},{"$f":"O1399/F1399","v":{"v":14597.07,"d":"14,597.07"}},{"v":14597.07,"d":"14,597.07"},{"v":16230,"d":"16,230.00"},{"$f":"R1399-P1399","v":{"v":3570.6,"d":"3,570.60"}},{"$f":"P1399*1.22","v":{"v":19800.6,"d":"19,800.60"}},null,66]
[{"$nulls":14},{"$f":"SUM(O1398:O1399)","v":{"v":85601.12,"d":"85,601.12"}},{"$f":"SUM(P1398:P1399)","v":{"v":78770,"d":"78,770.00"}},{"v":17329.4,"d":"17,329.40"},{"$f":"SUM(R1398:R1399)","v":{"v":96099.4,"d":"96,099.40"}},{"$f":"R1400/100*10","v":{"v":9609.94,"d":"9,609.94"}},66]
["А1668",1331,10019982,"Подшипник 3536 ГОСТ 5721-75","(0098) Верхние поля, 25",{"v":4,"d":"4.000"},"ШТ","2014-12-31","3.NV.1100-2002","Документы отсутствуют","Нет данных","Новое",{"v":31960.68,"d":"31,960.68"},{"$f":"O1401/F1401","v":{"v":7990.17,"d":"7,990.17"}},{"v":31960.68,"d":"31,960.68"},{"v":58930,"d":"58,930.00"},{"$f":"R1401-P1401","v":{"v":12964.6,"d":"12,964.60"}},{"$f":"P1401*1.22","v":{"v":71894.6,"d":"71,894.60"}},null,67,"Подшипники     "]
["А1669",1332,10005574,"Подшипник 407 ГОСТ 8338-75","(0098) Верхние поля, 25",{"v":10,"d":"10.000"},"ШТ","2014-12-31","3.NV.1100-2002","Документы отсутствуют","Нет данных","Новое",{"v":2175.58,"d":"2,175.58"},217.56,{"v":2175.58,"d":"2,175.58"},{"v":4010,"d":"4,010.00"},{"v":882.2,"d":"882.20"},{"v":4892.2,"d":"4,892.20"},null,67]
["А1670",1333,10005579,"Подшипник 46314Л ГОСТ 831-75","(0098) Верхние поля, 25",{"v":4,"d":"4.000"},"ШТ","2014-12-31","3.NV.1100-2002","Документы отсутствуют","Нет данных","Новое",{"v":5215.8,"d":"5,215.80"},{"v":1303.95,"d":"1,303.95"},{"v":5215.8,"d":"5,215.80"},{"v":9620,"d":"9,620.00"},{"v":2116.4,"d":"2,116.40"},{"v":11736.4,"d":"11,736.40"},null,67]
["А1673",1334,10017090,"Подшипник 6-318 ГОСТ 8228-75","(0098) Верхние поля, 25",{"v":10,"d":"10.000"},"ШТ","2014-12-31","3.NV.1100-2002","Документы отсутствуют","Нет данных","Новое",{"v":12196.1,"d":"12,196.10"},{"v":1219.61,"d":"1,219.61"},{"v":12196.1,"d":"12,196.10"},{"v":22490,"d":"22,490.00"},{"v":4947.8,"d":"4,947.80"},{"v":27437.8,"d":"27,437.80"},null,67]
["А1677",1335,10008314,"Подшипник 6-314 ГОСТ 8228-75","(0098) Верхние поля, 25",{"v":3,"d":"3.000"},"ШТ","2013-06-01","3.NV.1100-2002","Отказное письмо Б/Н","Нет данных","Новое",{"v":1583.91,"d":"1,583.91"},527.97,{"v":1583.91,"d":"1,583.91"},{"v":3140,"d":"3,140.00"},{"v":690.8,"d":"690.80"},{"v":3830.8,"d":"3,830.80"},null,67]
["А1678",1336,10142991,"Подшипник верхний","(0098) Верхние поля, 25",{"v":5,"d":"5.000"},"ШТ","2012-06-01","3.NV.1100-2002","Документы отсутствуют","Нет данных","Новое",{"v":8100,"d":"8,100.00"},{"v":1620,"d":"1,620.00"},{"v":8100,"d":"8,100.00"},{"v":16750,"d":"16,750.00"},{"v":3685,"d":"3,685.00"},{"v":20435,"d":"20,435.00"},null,67]
[{"$nulls":14},{"$f":"SUM(O1401:O1406)","v":{"v":61232.07,"d":"61,232.07"}},{"$f":"SUM(P1401:P1406)","v":{"v":114940,"d":"114,940.00"}},{"v":25286.8,"d":"25,286.80"},{"$f":"SUM(R1401:R1406)","v":{"v":140226.8,"d":"140,226.80"}},{"$f":"R1407/100*10","v":{"v":14022.68,"d":"14,022.68"}},67]
["А1679",1337,10005508,"Подшипник 180609 ГОСТ 8882-75","(0317) Проспект Мира, д. 177А, стр. 1",{"v":2,"d":"2.000"},"ШТ","2014-12-31","3.NV.1203-2002","Документы отсутствуют","Подшипник 180609 ГОСТ 8882-75","Удовлетворительное",{"v":628.3,"d":"628.30"},{"$f":"O1408/F1408","v":314.15},{"v":628.3,"d":"628.30"},{"v":510,"d":"510.00"},{"$f":"R1408-P1408","v":{"v":112.2,"d":"112.20"}},{"$f":"P1408*1.22","v":{"v":622.2,"d":"622.20"}},null,68,"Подшипники     "]
["А1680",1338,10005556,"Подшипник 314 ГОСТ 8338-75","(0317) Проспект Мира, д. 177А, стр. 1",{"v":6,"d":"6.000"},"ШТ","2014-12-31","3.NV.1203-2002","Документы отсутствуют","Подшипник 314 ГОСТ 8338-75","Удовлетворительное",{"v":2932.91,"d":"2,932.91"},488.82,{"v":2932.91,"d":"2,932.91"},{"v":2380,"d":"2,380.00"},{"v":523.6,"d":"523.60"},{"v":2903.6,"d":"2,903.60"},null,68]
["А1682",1339,10005499,"Подшипник 180314 ГОСТ 8882-75","(0317) Проспект Мира, д. 177А, стр. 1",{"v":2,"d":"2.000"},"ШТ","2008-11-11","3.NV.1203-2002","Документы отсутствуют","Подшипник 180314 ГОСТ 8882-75","Удовлетворительное",{"v":1074.28,"d":"1,074.28"},537.14,{"v":1074.28,"d":"1,074.28"},{"v":1210,"d":"1,210.00"},{"v":266.2,"d":"266.20"},{"v":1476.2,"d":"1,476.20"},null,68]
["А1683",1340,10005504,"Подшипник 180605 ГОСТ 8882-75","(0307) Проспект Мира д.177А, стр1",{"v":2,"d":"2.000"},"ШТ","2008-11-11","3.NV.1203-2002","Документы отсутствуют","Подшипник 180605 ГОСТ 8882-75","Удовлетворительное",221.67,110.84,221.67,{"v":250,"d":"250.00"},{"v":55,"d":"55.00"},{"v":305,"d":"305.00"},null,68]
["А1684",1341,10005535,"Подшипник 2317К1 ГОСТ 8328-75","(0317) Проспект Мира, д. 177А, стр. 1",{"v":2,"d":"2.000"},"ШТ","2008-11-11","3.NV.1203-2002","Документы отсутствуют","Подшипник 2317К1 ГОСТ 8328-75","Удовлетворительное",{"v":2550.23,"d":"2,550.23"},{"v":1275.12,"d":"1,275.12"},{"v":2550.23,"d":"2,550.23"},{"v":2870,"d":"2,870.00"},{"v":631.4,"d":"631.40"},{"v":3501.4,"d":"3,501.40"},null,68]
["А1687",1342,10005572,"Подшипник 36318 ГОСТ 831-75","(0317) Проспект Мира, д. 177А, стр. 1",{"v":2,"d":"2.000"},"ШТ","2008-11-11","3.NV.1203-2002","Документы отсутствуют","Подшипник 36318 ГОСТ 831-75","Удовлетворительное",{"v":5232.02,"d":"5,232.02"},{"v":2616.01,"d":"2,616.01"},{"v":5232.02,"d":"5,232.02"},{"v":5880,"d":"5,880.00"},{"v":1293.6,"d":"1,293.60"},{"v":7173.6,"d":"7,173.60"},null,68]
["А1688",1343,10005627,"Подшипник 7526 ГОСТ 520-2002","(0317) Проспект Мира, д. 177А, стр. 1",{"v":2,"d":"2.000"},"ШТ","2008-11-11","3.NV.1203-2002","Документы отсутствуют","Подшипник 7526 ГОСТ 520-2002","Удовлетворительное",{"v":4603.68,"d":"4,603.68"},{"v":2301.84,"d":"2,301.84"},{"v":4603.68,"d":"4,603.68"},{"v":5180,"d":"5,180.00"},{"v":1139.6,"d":"1,139.60"},{"v":6319.6,"d":"6,319.60"},null,68]
["А1690",1344,10019436,"Подшипник 6-2313М1 ГОСТ 8328-75","(0317) Проспект Мира, д. 177А, стр. 1",{"v":2,"d":"2.000"},"ШТ","2008-11-11","3.NV.1203-2002","Документы отсутствуют","Подшипник 6-2313М1 ГОСТ 8328-75","Удовлетворительное",{"v":3531.11,"d":"3,531.11"},{"v":1765.56,"d":"1,765.56"},{"v":3531.11,"d":"3,531.11"},{"v":3970,"d":"3,970.00"},{"v":873.4,"d":"873.40"},{"v":4843.4,"d":"4,843.40"},null,68]
["А1691",1345,10019965,"Подшипник 208 ГОСТ 8338-75","(0317) Проспект Мира, д. 177А, стр. 1",{"v":2,"d":"2.000"},"ШТ","2008-11-11","3.NV.1203-2002","Документы отсутствуют","Подшипник 208 ГОСТ 8338-75","Удовлетворительное",191.69,95.85,191.69,{"v":220,"d":"220.00"},{"v":48.4,"d":"48.40"},{"v":268.4,"d":"268.40"},null,68]
["А1692",1346,10020991,"Подшипник 76-180610К1С9Ш1 ГОСТ 8882-75","(0317) Проспект Мира, д. 177А, стр. 1",{"v":2,"d":"2.000"},"ШТ","2008-11-11","3.NV.1203-2002","Документы отсутствуют","Подшипник 76-180610К1С9Ш1 ГОСТ 8882-75","Удовлетворительное",{"v":1115.72,"d":"1,115.72"},557.86,{"v":1115.72,"d":"1,115.72"},{"v":1250,"d":"1,250.00"},{"v":275,"d":"275.00"},{"v":1525,"d":"1,525.00"},null,68]
["А1693",1347,10023393,"Подшипник 2312Л ГОСТ 8328-75","(0317) Проспект Мира, д. 177А, стр. 1",{"v":2,"d":"2.000"},"ШТ","2008-11-11","3.NV.1203-2002","Документы отсутствуют","Подшипник 2312Л ГОСТ 8328-75","Удовлетворительное",{"v":1593.98,"d":"1,593.98"},796.99,{"v":1593.98,"d":"1,593.98"},{"v":1790,"d":"1,790.00"},{"v":393.8,"d":"393.80"},{"v":2183.8,"d":"2,183.80"},null,68]
["А1694",1348,10047745,"Подшипник 308А,,","(0317) Проспект Мира, д. 177А, стр. 1",{"v":2,"d":"2.000"},"ШТ","2008-11-11","3.NV.1203-2002","Документы отсутствуют","Подшипник 308А,,","Удовлетворительное",66.74,33.37,66.74,{"v":80,"d":"80.00"},{"v":17.6,"d":"17.60"},{"v":97.6,"d":"97.60"},null,68]
["А1695",1349,10047763,"Подшипн.№ 305А,,","(0317) Проспект Мира, д. 177А, стр. 1",{"v":2,"d":"2.000"},"ШТ","2008-11-11","3.NV.1203-2002","Документы отсутствуют","Подшипн.№ 305А,,","Удовлетворительное",{"v":94,"d":"94.00"},{"v":47,"d":"47.00"},{"v":94,"d":"94.00"},{"v":110,"d":"110.00"},{"v":24.2,"d":"24.20"},{"v":134.2,"d":"134.20"},null,68]
["А1697",1350,10099104,"Подшипник 6316 SKF","(0317) Проспект Мира, д. 177А, стр. 1",{"v":2,"d":"2.000"},"ШТ","2008-11-11","3.NV.1203-2002","Документы отсутствуют","Подшипник 6316 SKF","Удовлетворительное",{"v":7203.92,"d":"7,203.92"},{"v":3601.96,"d":"3,601.96"},{"v":7203.92,"d":"7,203.92"},{"v":8100,"d":"8,100.00"},{"v":1782,"d":"1,782.00"},{"v":9882,"d":"9,882.00"},null,68]
["А1698",1351,10106207,"Подшипник 70-317А","(0317) Проспект Мира, д. 177А, стр. 1",{"v":2,"d":"2.000"},"ШТ","2008-11-11","3.NV.1203-2002","Документы отсутствуют","Подшипник 70-317А","Удовлетворительное",{"v":1844.06,"d":"1,844.06"},922.03,{"v":1844.06,"d":"1,844.06"},{"v":2070,"d":"2,070.00"},{"v":455.4,"d":"455.40"},{"v":2525.4,"d":"2,525.40"},null,68]
["А1699",1352,10005552,"Подшипник 310 ГОСТ 8338-75","(0317) Проспект Мира, д. 177А, стр. 1",{"v":3,"d":"3.000"},"ШТ","2008-11-11","3.NV.1203-2002","Документы отсутствуют","Подшипник 310 ГОСТ 8338-75","Удовлетворительное",600.12,200.04,600.12,{"v":670,"d":"670.00"},{"v":147.4,"d":"147.40"},{"v":817.4,"d":"817.40"},null,68]
["А1700",1353,10019560,"Подшипник 609 SKF","(0317) Проспект Мира, д. 177А, стр. 1",{"v":3,"d":"3.000"},"ШТ","2008-11-11","3.NV.1203-2002","Документы отсутствуют","Подшипник 609 SKF","Удовлетворительное",731.37,243.79,731.37,{"v":820,"d":"820.00"},{"v":180.4,"d":"180.40"},{"v":1000.4,"d":"1,000.40"},null,68]
["А1703",1354,10005509,"Подшипник 180610 ГОСТ 8882-75","(0317) Проспект Мира, д. 177А, стр. 1",{"v":4,"d":"4.000"},"ШТ","2008-11-11","3.NV.1203-2002","Документы отсутствуют","Подшипник 180610 ГОСТ 8882-75","Удовлетворительное",{"v":1711.03,"d":"1,711.03"},427.76,{"v":1711.03,"d":"1,711.03"},{"v":1920,"d":"1,920.00"},{"v":422.4,"d":"422.40"},{"v":2342.4,"d":"2,342.40"},null,68]
["А1704",1355,10005511,"Подшипник 180612 ГОСТ 8882-75","(0317) Проспект Мира, д. 177А, стр. 1",{"v":4,"d":"4.000"},"ШТ","2008-11-11","3.NV.1203-2002","Документы отсутствуют","Подшипник 180612 ГОСТ 8882-75","Удовлетворительное",{"v":2068.93,"d":"2,068.93"},517.23,{"v":2068.93,"d":"2,068.93"},{"v":2330,"d":"2,330.00"},{"v":512.6,"d":"512.60"},{"v":2842.6,"d":"2,842.60"},null,68]
["А1705",1356,10005530,"Подшипник 2312 ГОСТ 8328-75","(0317) Проспект Мира, д. 177А, стр. 1",{"v":4,"d":"4.000"},"ШТ","2008-11-11","3.NV.1203-2002","Документы отсутствуют","Подшипник 2312 ГОСТ 8328-75","Удовлетворительное",{"v":3560.72,"d":"3,560.72"},890.18,{"v":3560.72,"d":"3,560.72"},{"v":4000,"d":"4,000.00"},{"v":880,"d":"880.00"},{"v":4880,"d":"4,880.00"},null,68]
["А1707",1357,10005570,"Подшипник 3620 ГОСТ 5721-75","(0317) Проспект Мира, д. 177А, стр. 1",{"v":5,"d":"5.000"},"ШТ","2008-11-11","3.NV.1203-2002","Документы отсутствуют","Подшипник 3620 ГОСТ 5721-75","Удовлетворительное",{"v":15692.8,"d":"15,692.80"},{"v":3138.56,"d":"3,138.56"},{"v":15692.8,"d":"15,692.80"},{"v":17650,"d":"17,650.00"},{"v":3883,"d":"3,883.00"},{"v":21533,"d":"21,533.00"},null,68]
["А1708",1358,10005558,"Подшипник 316 ГОСТ 8338-75","(0317) Проспект Мира, д. 177А, стр. 1",{"$f":"6-1","v":{"v":5,"d":"5.000"}},"ШТ","2008-11-11","3.NV.1203-2002","Документы отсутствуют","Подшипник 316 ГОСТ 8338-75","Удовлетворительное",{"v":3316.53,"d":"3,316.53"},663.31,{"$f":"3979.84/6*5","v":{"v":3316.53,"d":"3,316.53"}},{"v":3730,"d":"3,730.00"},{"v":820.6,"d":"820.60"},{"v":4550.6,"d":"4,550.60"},null,68]
["А1710",1359,10005509,"Подшипник 180610 ГОСТ 8882-75","(0307) Проспект Мира д.177А, стр1",{"v":8,"d":"8.000"},"ШТ","2008-11-11","3.NV.1203-2002","Документы отсутствуют","Подшипник 180610 ГОСТ 8882-75","Удовлетворительное",{"v":3422.07,"d":"3,422.07"},427.76,{"v":3422.07,"d":"3,422.07"},{"v":3850,"d":"3,850.00"},{"v":847,"d":"847.00"},{"v":4697,"d":"4,697.00"},null,68]
["А1711",1360,10005498,"Подшипник 180313 ГОСТ 8882-75","(0307) Проспект Мира д.177А, стр1",{"$f":"10-4","v":{"v":6,"d":"6.000"}},"ШТ","2008-11-11","3.NV.1203-2002","Документы отсутствуют","Подшипник 180313 ГОСТ 8882-75","Удовлетворительное",{"v":3397.74,"d":"3,397.74"},566.29,{"$f":"5662.9/10*6","v":{"v":3397.74,"d":"3,397.74"}},{"v":3820,"d":"3,820.00"},{"v":840.4,"d":"840.40"},{"v":4660.4,"d":"4,660.40"},null,68]
["А1713",1361,102005589,"Подшипник 7220CTRDULP3 NSK","(0903) Проезд № 607 д. 22",{"v":4,"d":"4.000"},"ШТ","2010","3.NV.1209-2002","Документы отсутствуют","Нет данных","Удовлетворительное",{"v":92461.96,"d":"92,461.96"},{"v":23115.49,"d":"23,115.49"},{"v":92461.96,"d":"92,461.96"},{"v":97310,"d":"97,310.00"},{"v":21408.2,"d":"21,408.20"},{"v":118718.2,"d":"118,718.20"},null,68]
["А1716",1362,10017181,"Подшипник 6209 SKF","(0506) Оранжерейная ул., д.8а, стр.1",{"v":2,"d":"2.000"},"ШТ","2015-02-01","3.NV.1205-2002","Документы отсутствуют","Нет данных","Удовлетворительное",{"$f":"O1433","v":{"v":1180.9,"d":"1,180.90"}},{"$f":"O1433/F1433","v":590.45},{"v":1180.9,"d":"1,180.90"},{"v":950,"d":"950.00"},{"v":209,"d":"209.00"},{"v":1159,"d":"1,159.00"},null,68]
["А1717",1363,10017092,"Подшипник NU317 ECJ/C3 SKF","(0817) Боровское ш., д.10",{"v":1,"d":"1.000"},"ШТ","2014-12-31","3.NV.1208-2002","Документы отсутствуют","МЭОФ-2500/160-0,63-96К","Удовлетворительное",{"v":12375.36,"d":"12,375.36"},{"v":12375.36,"d":"12,375.36"},{"v":12375.36,"d":"12,375.36"},{"v":10030,"d":"10,030.00"},{"v":2206.6,"d":"2,206.60"},{"v":12236.6,"d":"12,236.60"},null,68]
["А1718",1364,10017092,"Подшипник NU317 ECJ/C3 SKF","(0506) Оранжерейная ул., д.8а, стр.1",{"v":2,"d":"2.000"},"ШТ","2015-02-01","3.NV.1205-2002","Документы отсутствуют","МЭОФ-2500/160-0,63-96К","Удовлетворительное",{"v":26748.62,"d":"26,748.62"},{"v":13374.31,"d":"13,374.31"},{"v":26748.62,"d":"26,748.62"},{"v":21670,"d":"21,670.00"},{"v":4767.4,"d":"4,767.40"},{"v":26437.4,"d":"26,437.40"},null,68]
["А1719",1365,10005508,"Подшипник 180609 ГОСТ 8882-75","(0108) Новослободская ул., д.50/52, стр.18",{"v":1,"d":"1.000"},"ШТ","2014-12-31","3.NV.1201-2002","Документы отсутствуют","Нет данных","Удовлетворительное",292.95,292.95,292.95,{"v":240,"d":"240.00"},{"v":52.8,"d":"52.80"},{"v":292.8,"d":"292.80"},null,68]
["А1721",1366,10005567,"Подшипник 3530Н ГОСТ 5721-75","(0108) Новослободская ул., д.50/52, стр.18",{"$f":"2-1","v":{"v":1,"d":"1.000"}},"ШТ","2014-12-31","3.NV.1201-2002","Документы отсутствуют","Нет данных","Удовлетворительное",{"v":3480.97,"d":"3,480.97"},{"v":3480.97,"d":"3,480.97"},{"$f":"3480.97","v":{"v":3480.97,"d":"3,480.97"}},{"v":2820,"d":"2,820.00"},{"v":620.4,"d":"620.40"},{"v":3440.4,"d":"3,440.40"},null,68]
["А1723",1367,10090828,"Подшипник 226","(0108) Новослободская ул., д.50/52, стр.18",{"v":2,"d":"2.000"},"ШТ","2014-12-31","3.NV.1201-2002","Документы отсутствуют","Нет данных","Удовлетворительное",{"v":2093.22,"d":"2,093.22"},{"v":1046.61,"d":"1,046.61"},{"v":2093.22,"d":"2,093.22"},{"v":1700,"d":"1,700.00"},{"v":374,"d":"374.00"},{"v":2074,"d":"2,074.00"},null,68]
["А1724",1368,10090871,"Подшипник 5-60305 Ш2","(0108) Новослободская ул., д.50/52, стр.18",{"v":2,"d":"2.000"},"ШТ","2014-12-31","3.NV.1201-2002","Документы отсутствуют","Нет данных","Удовлетворительное",{"v":126.1,"d":"126.10"},63.05,{"v":126.1,"d":"126.10"},{"v":100,"d":"100.00"},{"v":22,"d":"22.00"},{"v":122,"d":"122.00"},null,68]
["А1725",1369,10090866,"Подшипник 180609 АС17","(0108) Новослободская ул., д.50/52, стр.18",{"v":3,"d":"3.000"},"ШТ","2014-12-31","3.NV.1201-2002","Документы отсутствуют","Нет данных","Удовлетворительное",859.32,286.44,859.32,{"v":700,"d":"700.00"},{"v":154,"d":"154.00"},{"v":854,"d":"854.00"},null,68]
["А1726",1370,10005556,"Подшипник 314 ГОСТ 8338-75","(0108) Новослободская ул., д.50/52, стр.18",{"v":4,"d":"4.000"},"ШТ","2014-12-31","3.NV.1201-2002","Документы отсутствуют","Нет данных","Удовлетворительное",{"v":2082.08,"d":"2,082.08"},520.52,{"v":2082.08,"d":"2,082.08"},{"v":1690,"d":"1,690.00"},{"v":371.8,"d":"371.80"},{"v":2061.8,"d":"2,061.80"},null,68]
["А1728",1371,10017405,"Подшипник 3626КН ГОСТ 5721-75","(0108) Новослободская ул., д.50/52, стр.18",{"$f":"4-1","v":{"v":3,"d":"3.000"}},"ШТ","2014-12-31","3.NV.1201-2002","Документы отсутствуют","Нет данных","Удовлетворительное",{"v":18025.41,"d":"18,025.41"},{"v":6008.47,"d":"6,008.47"},{"$f":"24033.88/4*3","v":{"v":18025.41,"d":"18,025.41"}},{"v":14610,"d":"14,610.00"},{"v":3214.2,"d":"3,214.20"},{"v":17824.2,"d":"17,824.20"},null,68]
["А1729",1372,10019969,"Подшипник 226 ГОСТ 8338-75","(0108) Новослободская ул., д.50/52, стр.18",{"v":4,"d":"4.000"},"ШТ","2014-12-31","3.NV.1201-2002","Документы отсутствуют","Нет данных","Удовлетворительное",{"v":4789.92,"d":"4,789.92"},{"v":1197.48,"d":"1,197.48"},{"v":4789.92,"d":"4,789.92"},{"v":3880,"d":"3,880.00"},{"v":853.6,"d":"853.60"},{"v":4733.6,"d":"4,733.60"},null,68]
["А1730",1373,10025502,"Подшипник 76-322 Ш1","(0108) Новослободская ул., д.50/52, стр.18",{"v":4,"d":"4.000"},"ШТ","2014-12-31","3.NV.1201-2002","Документы отсутствуют","Нет данных","Удовлетворительное",{"v":10920.88,"d":"10,920.88"},{"v":2730.22,"d":"2,730.22"},{"v":10920.88,"d":"10,920.88"},{"v":8850,"d":"8,850.00"},{"v":1947,"d":"1,947.00"},{"v":10797,"d":"10,797.00"},null,68]
["А1731",1374,10090863,"Подшипник 76-180204 Ш1","(0108) Новослободская ул., д.50/52, стр.18",{"v":4,"d":"4.000"},"ШТ","2014-12-31","3.NV.1201-2002","Документы отсутствуют","Нет данных","Удовлетворительное",142.28,35.57,142.28,{"v":120,"d":"120.00"},{"v":26.4,"d":"26.40"},{"v":146.4,"d":"146.40"},null,68]
["А1732",1375,10090867,"Подшипник 5-180610 Ш2","(0108) Новослободская ул., д.50/52, стр.18",{"v":5,"d":"5.000"},"ШТ","2014-12-31","3.NV.1201-2002","Документы отсутствуют","Нет данных","Удовлетворительное",{"v":2030.5,"d":"2,030.50"},{"v":406.1,"d":"406.10"},{"v":2030.5,"d":"2,030.50"},{"v":1650,"d":"1,650.00"},{"v":363,"d":"363.00"},{"v":2013,"d":"2,013.00"},null,68]
["А1733",1376,10008275,"Подшипник 180607АС17 ГОСТ 8882-75","(0108) Новослободская ул., д.50/52, стр.18",{"v":10,"d":"10.000"},"ШТ","2014-12-31","3.NV.1201-2002","Документы отсутствуют","Нет данных","Удовлетворительное",{"v":1444.4,"d":"1,444.40"},144.44,{"v":1444.4,"d":"1,444.40"},{"v":1170,"d":"1,170.00"},{"v":257.4,"d":"257.40"},{"v":1427.4,"d":"1,427.40"},null,68]
["А1734",1377,10102860,"Подшипник 6324 FAG","(0903) Проезд № 607 д. 22",{"v":13,"d":"13.000"},"ШТ",2006,"3.NV.1209-2002","Документы отсутствуют","Нет данных","Удовлетворительное",{"v":311406.29,"d":"311,406.29"},{"v":23954.33,"d":"23,954.33"},{"v":311406.29,"d":"311,406.29"},{"v":521800,"d":"521,800.00"},{"v":114796,"d":"114,796.00"},{"v":636596,"d":"636,596.00"},null,68]
["А1735",1378,102005631,"Подшипник 6324CM NSK","(0903) Проезд № 607 д. 22",{"v":2,"d":"2.000"},"ШТ",2006,"3.NV.1209-2002","Документы отсутствуют","Нет данных","Удовлетворительное",{"v":45880.68,"d":"45,880.68"},{"v":22940.34,"d":"22,940.34"},{"v":45880.68,"d":"45,880.68"},{"v":73800,"d":"73,800.00"},{"v":16236,"d":"16,236.00"},{"v":90036,"d":"90,036.00"},null,68]
["А1737",1379,102029198,"Подшипник 7322В","(0903) Проезд № 607 д. 22",{"v":3,"d":"3.000"},"ШТ",2008,"3.NV.1209-2002","Документы отсутствуют","Нет данных","Удовлетворительное",{"v":97240.29,"d":"97,240.29"},{"v":32413.43,"d":"32,413.43"},{"v":97240.29,"d":"97,240.29"},{"v":109880,"d":"109,880.00"},{"v":24173.6,"d":"24,173.60"},{"v":134053.6,"d":"134,053.60"},null,68]
[{"$nulls":14},{"$f":"SUM(O1408:O1450)","v":{"v":700967.75,"d":"700,967.75"}},{"$f":"SUM(P1408:P1450)","v":{"v":947630,"d":"947,630.00"}},{"v":208478.6,"d":"208,478.60"},{"$f":"SUM(R1408:R1450)","v":{"v":1156108.6,"d":"1,156,108.60"}},{"$f":"R1451/100*10","v":{"v":115610.86,"d":"115,610.86"}},68]
["А1740",1380,10102427,"Оповещатель Молния-12С 12В","(0092) Кусковская ул., д. 18Г",{"v":8,"d":"8.000"},"ШТ","2013-08-01","3.NV.1100-2002","Рук. по эксплуат. РОСС RU.ОС03.Н00869","Нет данных","Новое",562.72,{"$f":"O1452/F1452","v":70.34},562.72,{"v":1110,"d":"1,110.00"},{"$f":"R1452-P1452","v":{"v":244.2,"d":"244.20"}},{"$f":"P1452*1.22","v":{"v":1354.2,"d":"1,354.20"}},null,69,"Пожарное оборудование"]
["А1742",1381,10148182,"Извещатель С2000-СМК Эстет","(0098) Верхние поля, 25",{"v":27,"d":"27.000"},"ШТ","2013-08-01","3.NV.1100-2002","Документы отсутствуют","Нет данных","Новое",{"v":7900.2,"d":"7,900.20"},{"$f":"O1453/F1453","v":{"v":292.6,"d":"292.60"}},{"v":7900.2,"d":"7,900.20"},{"v":15630,"d":"15,630.00"},{"$f":"R1453-P1453","v":{"v":3438.6,"d":"3,438.60"}},{"$f":"P1453*1.22","v":{"v":19068.6,"d":"19,068.60"}},null,69]
[{"$nulls":14},{"$f":"SUM(O1452:O1453)","v":{"v":8462.92,"d":"8,462.92"}},{"$f":"SUM(P1452:P1453)","v":{"v":16740,"d":"16,740.00"}},{"v":3682.8,"d":"3,682.80"},{"$f":"SUM(R1452:R1453)","v":{"v":20422.8,"d":"20,422.80"}},{"$f":"R1454/100*10","v":{"v":2042.28,"d":"2,042.28"}},69]
["А1744",1382,10096519,"Контроллер доступа Орион С2000-2","(0808) ул. Верейская, д.35",{"v":10,"d":"10.000"},"ШТ","2014-12-31","3.NV.1208-2002","Документы отсутствуют","В 61100031 для ГТД-6РМ","Удовлетворительное",{"v":26051.2,"d":"26,051.20"},{"$f":"O1455/F1455","v":{"v":2605.12,"d":"2,605.12"}},{"v":26051.2,"d":"26,051.20"},{"v":24840,"d":"24,840.00"},{"$f":"R1455-P1455","v":{"v":5464.8,"d":"5,464.80"}},{"$f":"P1455*1.22","v":{"v":30304.8,"d":"30,304.80"}},null,70,"Пожарное оборудование"]
["А1745",1383,102019706,"Блок питания AccordTec ББП-20","(0903) Проезд № 607 д. 22",{"v":36,"d":"36.000"},"ШТ",2007,"3.NV.1209-2002","Документы отсутствуют","Нет данных","Удовлетворительное",{"v":23461.92,"d":"23,461.92"},{"$f":"O1456/F1456","v":651.72},{"v":23461.92,"d":"23,461.92"},{"v":33950,"d":"33,950.00"},{"$f":"R1456-P1456","v":{"v":7469,"d":"7,469.00"}},{"$f":"P1456*1.22","v":{"v":41419,"d":"41,419.00"}},null,70]
[{"$nulls":14},{"$f":"SUM(O1455:O1456)","v":{"v":49513.12,"d":"49,513.12"}},{"$f":"SUM(P1455:P1456)","v":{"v":58790,"d":"58,790.00"}},{"v":12933.8,"d":"12,933.80"},{"$f":"SUM(R1455:R1456)","v":{"v":71723.8,"d":"71,723.80"}},{"$f":"R1457/100*10","v":{"v":7172.38,"d":"7,172.38"}},70]
["А1746",1384,102005219,"Кран 57х4-1-ППУ-ПЭ KMC H1500 МЗИ","(0098) Верхние поля, 25",{"v":2,"d":"2.000"},"ШТ","2015-10-02","3.NV.1100-2002","Документы отсутствуют","Нет данных","Новое",{"v":77754.76,"d":"77,754.76"},{"$f":"O1458/F1458","v":{"v":38877.38,"d":"38,877.38"}},{"v":77754.76,"d":"77,754.76"},{"v":122340,"d":"122,340.00"},{"$f":"R1458-P1458","v":{"v":26914.8,"d":"26,914.80"}},{"$f":"P1458*1.22","v":{"v":149254.8,"d":"149,254.80"}},null,71,"ППУ"]
["А1747",1385,10122936,"Кран 57х5-1-ППУ-ПЭ 69.102.050 H1900 МЗИ","(0098) Верхние поля, 25",{"v":2,"d":"2.000"},"ШТ","2015-05-05","3.NV.1100-2002","Документы отсутствуют","Нет данных","Новое",{"v":66216.34,"d":"66,216.34"},{"$f":"O1459/F1459","v":{"v":33108.17,"d":"33,108.17"}},{"v":66216.34,"d":"66,216.34"},{"v":108020,"d":"108,020.00"},{"$f":"R1459-P1459","v":{"v":23764.4,"d":"23,764.40"}},{"$f":"P1459*1.22","v":{"v":131784.4,"d":"131,784.40"}},null,71]
[{"$nulls":14},{"$f":"SUM(O1458:O1459)","v":{"v":143971.1,"d":"143,971.10"}},{"$f":"SUM(P1458:P1459)","v":{"v":230360,"d":"230,360.00"}},{"v":50679.2,"d":"50,679.20"},{"$f":"SUM(R1458:R1459)","v":{"v":281039.2,"d":"281,039.20"}},{"$f":"R1460/100*10","v":{"v":28103.92,"d":"28,103.92"}},71]
["А1754",1386,10151984,"Отвод Ст 1220х12-75-1-ППУ-ПЭ Г30732","(0801) Очаковское шоссе, д.22",{"v":2,"d":"2.000"},"ШТ","2014-12-31","3.NV.1208-2002","Документы отсутствуют","Нет данных","Удовлетворительное",{"v":648514,"d":"648,514.00"},{"$f":"O1461/F1461","v":{"v":324257,"d":"324,257.00"}},{"v":648514,"d":"648,514.00"},{"v":538770,"d":"538,770.00"},{"$f":"R1461-P1461","v":{"v":118529.4,"d":"118,529.40"}},{"$f":"P1461*1.22","v":{"v":657299.4,"d":"657,299.40"}},null,72,"ППУ"]
["А1755",1387,10148392,"Труба Ст 1220х12-1-ППУ-ПЭ мерная МЗИ","(0801) Очаковское шоссе, д.22",{"v":14.97,"d":"14.970"},"М","2014-12-31","3.NV.1208-2002","Документы отсутствуют","Нет данных","Удовлетворительное",{"v":1178094.09,"d":"1,178,094.09"},{"v":78697,"d":"78,697.00"},{"v":1178094.09,"d":"1,178,094.09"},{"v":978740,"d":"978,740.00"},{"v":215322.8,"d":"215,322.80"},{"v":1194062.8,"d":"1,194,062.80"},null,72]
["А1756",1388,10001716,"Предохранитель концевой DHEC 2400            ","(0906) Дубравная ул.  д.55",{"v":16,"d":"16.000"},"ШТ","2014-12-31","3.NV.1209-2002","Документы отсутствуют","Нет данных","Удовлетворительное",{"v":15769.4,"d":"15,769.40"},985.59,{"v":15769.4,"d":"15,769.40"},{"v":13100,"d":"13,100.00"},{"v":2882,"d":"2,882.00"},{"v":15982,"d":"15,982.00"},null,72]
["А1757",1389,10036183,"Предохранитель концевой DHEC 2600            ","(0906) Дубравная ул.  д.55",{"v":2,"d":"2.000"},"ШТ","2014-12-31","3.NV.1209-2002","Документы отсутствуют","Нет данных","Удовлетворительное",{"v":2883.31,"d":"2,883.31"},{"v":1441.66,"d":"1,441.66"},{"v":2883.31,"d":"2,883.31"},{"v":990,"d":"990.00"},{"v":217.8,"d":"217.80"},{"v":1207.8,"d":"1,207.80"},null,72]
["А1758",1390,10036184,"Предохранитель концевой DHEC 2700            ","(0906) Дубравная ул.  д.55",{"v":16,"d":"16.000"},"ШТ","2014-12-31","3.NV.1209-2002","Документы отсутствуют","Нет данных","Удовлетворительное",{"v":27993.22,"d":"27,993.22"},{"v":1749.58,"d":"1,749.58"},{"v":27993.22,"d":"27,993.22"},{"v":24150,"d":"24,150.00"},{"v":5313,"d":"5,313.00"},{"v":29463,"d":"29,463.00"},null,72]
["А1759",1391,10027332,"Терминал системы ОДК, концевой               ","(0911) Строительный пр.,д.14 к.1",{"v":2,"d":"2.000"},"ШТ","2014-12-31","3.NV.1209-2002","Документы отсутствуют","Нет данных","Удовлетворительное",{"v":3498.85,"d":"3,498.85"},{"v":1749.43,"d":"1,749.43"},{"v":3498.85,"d":"3,498.85"},{"v":2910,"d":"2,910.00"},{"v":640.2,"d":"640.20"},{"v":3550.2,"d":"3,550.20"},null,72]
["А1760",1392,10097263,"Ковер настенный","(0911) Строительный пр.,д.14 к.1",{"v":1,"d":"1.000"},"ШТ","2016-07-19","3.NV.1209-2002","Документы отсутствуют","Нет данных","Удовлетворительное",{"v":11068.63,"d":"11,068.63"},{"v":11068.63,"d":"11,068.63"},{"v":11068.63,"d":"11,068.63"},{"v":8850,"d":"8,850.00"},{"v":1947,"d":"1,947.00"},{"v":10797,"d":"10,797.00"},null,72]
["А1762",1393,10001716,"Предохранитель концевой DHEC 2400","(0094) Кусковская 18Г",{"v":1,"d":"1.000"},"ШТ","2012-12-24","3.NV.1100-2002","Документы отсутствуют","Нет данных","Удовлетворительное ",983.26,983.26,983.26,{"v":820,"d":"820.00"},{"v":180.4,"d":"180.40"},{"v":1000.4,"d":"1,000.40"},null,72]
["А1763",1394,102014325,"Отвод Ст 630х12-15-1-ППУ-ПЭ L761/1597","(0507) Ставропольская ул. 27Б",{"v":1,"d":"1.000"},"ШТ","2017-05-15","3.NV.1205-2002","Документы отсутствуют","Нет данных","Удовлетворительное",{"v":81591.1,"d":"81,591.10"},{"v":81591.1,"d":"81,591.10"},{"v":81591.1,"d":"81,591.10"},{"v":62180,"d":"62,180.00"},{"v":13679.6,"d":"13,679.60"},{"v":75859.6,"d":"75,859.60"},null,72]
["А1764",1395,102016195,"Отвод Ст 630х12-15-1-ППУ-ПЭ L761/761","(0507) Ставропольская ул. 27Б",{"v":1,"d":"1.000"},"ШТ","2017-05-15","3.NV.1205-2002","Документы отсутствуют","Нет данных","Удовлетворительное",{"v":77303.58,"d":"77,303.58"},{"v":77303.58,"d":"77,303.58"},{"v":77303.58,"d":"77,303.58"},{"v":58910,"d":"58,910.00"},{"v":12960.2,"d":"12,960.20"},{"v":71870.2,"d":"71,870.20"},null,72]
[{"$nulls":14},{"$f":"SUM(O1461:O1470)","v":{"v":2047699.44,"d":"2,047,699.44"}},{"$f":"SUM(P1461:P1470)","v":{"v":1689420,"d":"1,689,420.00"}},{"v":371672.4,"d":"371,672.40"},{"$f":"SUM(R1461:R1470)","v":{"v":2061092.4,"d":"2,061,092.40"}},{"$f":"R1471/100*10","v":{"v":206109.24,"d":"206,109.24"}},72]
["А1766",1396,10002219,"Отливка D100 L400 из СЧ","(0094) Кусковская 18Г",0.063,"Т","2008-02-28","3.NV.1100-2002","Документы отсутствуют","Нет данных","Новое",{"v":4181.16,"d":"4,181.16"},{"$f":"O1472/F1472","v":{"v":66367.62,"d":"66,367.62"}},{"v":4181.16,"d":"4,181.16"},{"v":9980,"d":"9,980.00"},{"$f":"R1472-P1472","v":{"v":2195.6,"d":"2,195.60"}},{"$f":"P1472*1.22","v":{"v":12175.6,"d":"12,175.60"}},null,73,"Прокат из черных металлов"]
["А1767",1397,10002241,"Отливка D50 из СЧ","(0094) Кусковская 18Г",1.141,"Т","2008-02-26","3.NV.1100-2002","Документы отсутствуют","Нет данных","Новое",{"v":75725.44,"d":"75,725.44"},{"v":66367.61,"d":"66,367.61"},{"v":75725.44,"d":"75,725.44"},{"v":180690,"d":"180,690.00"},{"v":39751.8,"d":"39,751.80"},{"v":220441.8,"d":"220,441.80"},null,73]
["А1768",1398,10002245,"Отливка D60 L400 из СЧ","(0094) Кусковская 18Г",0.522,"Т","2008-02-28","3.NV.1100-2002","Документы отсутствуют","Нет данных","Новое",{"v":34643.89,"d":"34,643.89"},{"v":66367.61,"d":"66,367.61"},{"v":34643.89,"d":"34,643.89"},{"v":82660,"d":"82,660.00"},{"v":18185.2,"d":"18,185.20"},{"v":100845.2,"d":"100,845.20"},null,73]
["А1769",1399,10002249,"Отливка D80 из СЧ","(0094) Кусковская 18Г",0.604,"Т","2008-02-28","3.NV.1100-2002","Документы отсутствуют","Нет данных","Новое",{"v":40086.03,"d":"40,086.03"},{"v":66367.6,"d":"66,367.60"},{"v":40086.03,"d":"40,086.03"},{"v":95650,"d":"95,650.00"},{"v":21043,"d":"21,043.00"},{"v":116693,"d":"116,693.00"},null,73]
["А1770",1400,10108927,"Пруток ГКРХХ 35 НД М1 Г1535-91","(0094) Кусковская 18Г",0.017,"Т","2015-08-13","3.NV.1100-2002","Сер.2045от07.06.2014","Нет данных","Новое",{"v":6981.69,"d":"6,981.69"},{"v":410687.65,"d":"410,687.65"},{"v":6981.69,"d":"6,981.69"},{"v":10360,"d":"10,360.00"},{"v":2279.2,"d":"2,279.20"},{"v":12639.2,"d":"12,639.20"},null,73]
["А1772",1401,10001868,"Круг 200 Г2590-88 / Ст3пс Г380-2005","(0094) Кусковская 18Г",{"v":2.94,"d":"2.940"},"Т","2012-12-06","3.NV.1100-2002","Документы отсутствуют","Нет данных","Новое",{"v":62501.93,"d":"62,501.93"},{"v":21259.16,"d":"21,259.16"},{"v":62501.93,"d":"62,501.93"},{"v":106200,"d":"106,200.00"},{"v":23364,"d":"23,364.00"},{"v":129564,"d":"129,564.00"},null,73]
["А1773",1402,10051367,"Круг 240 Г2590-88 / Ст3пс Г380-2005","(0094) Кусковская 18Г",3.884,"Т","2012-12-06","3.NV.1100-2002","Документы отсутствуют","Нет данных","Новое",{"v":107266.64,"d":"107,266.64"},{"v":27617.57,"d":"27,617.57"},{"v":107266.64,"d":"107,266.64"},{"v":172430,"d":"172,430.00"},{"v":37934.6,"d":"37,934.60"},{"v":210364.6,"d":"210,364.60"},null,73]
["А1774",1403,10150712,"Круг 270-В-II-НД Г2590-2006/Ст3сп Г380","(0094) Кусковская 18Г",{"v":1.7,"d":"1.700"},"Т","2013-12-02","3.NV.1100-2002","Документы отсутствуют","Нет данных","Новое",{"v":48248.31,"d":"48,248.31"},{"v":28381.36,"d":"28,381.36"},{"v":48248.31,"d":"48,248.31"},{"v":85670,"d":"85,670.00"},{"v":18847.4,"d":"18,847.40"},{"v":104517.4,"d":"104,517.40"},null,73]
[{"$nulls":14},{"$f":"SUM(O1472:O1479)","v":{"v":379635.09,"d":"379,635.09"}},{"$f":"SUM(P1472:P1479)","v":{"v":743640,"d":"743,640.00"}},{"v":163600.8,"d":"163,600.80"},{"$f":"SUM(R1472:R1479)","v":{"v":907240.8,"d":"907,240.80"}},{"$f":"R1480/100*10","v":{"v":90724.08,"d":"90,724.08"}},73]
["А1781",1404,10119003,"Дроссель М16хМ16 для РДУК,РДБК од. 1,5","(0098) Верхние поля, 25",{"v":10,"d":"10.000"},"ШТ","2013-04-17","3.NV.1100-2002","Документы отсутствуют","Нет данных","Новое",{"$f":"O1481","v":{"v":20918.48,"d":"20,918.48"}},{"$f":"O1481/F1481","v":{"v":2091.85,"d":"2,091.85"}},{"v":20918.48,"d":"20,918.48"},{"v":27910,"d":"27,910.00"},{"$f":"R1481-P1481","v":{"v":6140.2,"d":"6,140.20"}},{"$f":"P1481*1.22","v":{"v":34050.2,"d":"34,050.20"}},null,74,"Регуляторы"]
["А1784",1405,10051203,"Дроссель в сборе 6622.05.05 д/РДУК2-200","(0098) Верхние поля, 25",{"v":8,"d":"8.000"},"ШТ","2012-10-29","3.NV.1100-2002","Документы отсутствуют","Нет данных","Новое",{"v":15629.01,"d":"15,629.01"},{"v":1953.63,"d":"1,953.63"},{"v":15629.01,"d":"15,629.01"},{"v":20510,"d":"20,510.00"},{"v":4512.2,"d":"4,512.20"},{"v":25022.2,"d":"25,022.20"},null,74]
["А1786",1406,10120344,"Дроссель М16хМ16 для РДУК,РДБК дв. 1,5","(0098) Верхние поля, 25",{"v":40,"d":"40.000"},"ШТ","2012-09-20","3.NV.1100-2002","Документы отсутствуют","Нет данных","Новое",{"v":88014.55,"d":"88,014.55"},{"v":2200.36,"d":"2,200.36"},{"v":88014.55,"d":"88,014.55"},{"v":115610,"d":"115,610.00"},{"v":25434.2,"d":"25,434.20"},{"v":141044.2,"d":"141,044.20"},null,74]
["А1788",1407,10119041,"Дроссель М16хМ16 для РДУК,РДБК од. 2","(0098) Верхние поля, 25",{"v":48,"d":"48.000"},"ШТ","2013-04-17","3.NV.1100-2002","Документы отсутствуют","Нет данных","Новое",{"v":108453.77,"d":"108,453.77"},{"v":2259.45,"d":"2,259.45"},{"v":108453.77,"d":"108,453.77"},{"v":144680,"d":"144,680.00"},{"v":31829.6,"d":"31,829.60"},{"v":176509.6,"d":"176,509.60"},null,74]
["А1789",1408,10119035,"Дроссель М16хМ20 для РДУК,РДБК од. 1,5","(0098) Верхние поля, 25",{"v":43,"d":"43.000"},"ШТ","2013-04-05","3.NV.1100-2002","Документы отсутствуют","Нет данных","Новое",{"v":87616,"d":"87,616.00"},{"v":2037.58,"d":"2,037.58"},{"v":87616,"d":"87,616.00"},{"v":103880,"d":"103,880.00"},{"v":22853.6,"d":"22,853.60"},{"v":126733.6,"d":"126,733.60"},null,74]
["А1790",1409,10119034,"Дроссель М16хМ20 для РДУК,РДБК од. 2","(0098) Верхние поля, 25",{"v":25,"d":"25.000"},"ШТ","2012-09-20","3.NV.1100-2002","Документы отсутствуют","Нет данных","Новое",{"v":49711.06,"d":"49,711.06"},{"v":1988.44,"d":"1,988.44"},{"v":49711.06,"d":"49,711.06"},{"v":59820,"d":"59,820.00"},{"v":13160.4,"d":"13,160.40"},{"v":72980.4,"d":"72,980.40"},null,74]
["А1791",1410,10099058,"Регулятор ASV-PV Ду20 Danfoss 003L7602","(0098) Верхние поля, 25",{"v":8,"d":"8.000"},"ШТ","2013-07-29","3.NV.1100-2002","Паспорт б/н","Нет данных","Новое",{"v":56066.4,"d":"56,066.40"},{"v":7008.3,"d":"7,008.30"},{"v":56066.4,"d":"56,066.40"},{"v":66740,"d":"66,740.00"},{"v":14682.8,"d":"14,682.80"},{"v":81422.8,"d":"81,422.80"},null,74]
["А1792",1411,102001288,"Регулятор FL-BP-SRS/150X300 PS/79-2 0,75","(0098) Верхние поля, 25",{"v":5,"d":"5.000"},"ШТ","2014-09-09","3.NV.1100-2002","Документы отсутствуют","Нет данных","Новое",{"v":4019293.1,"d":"4,019,293.10"},{"v":803858.62,"d":"803,858.62"},{"v":4019293.1,"d":"4,019,293.10"},{"v":4893120,"d":"4,893,120.00"},{"v":1076486.4,"d":"1,076,486.40"},{"v":5969606.4,"d":"5,969,606.40"},null,74]
["А1795",1412,10088681,"Регулятор управления тип КВ РДБК1-200","(0098) Верхние поля, 25",{"v":11,"d":"11.000"},"ШТ","2012-01-01","3.NV.1100-2002","паспорт б/н","Нет данных","Новое",{"v":99708.94,"d":"99,708.94"},{"v":9064.45,"d":"9,064.45"},{"v":99708.94,"d":"99,708.94"},{"v":124750,"d":"124,750.00"},{"v":27445,"d":"27,445.00"},{"v":152195,"d":"152,195.00"},null,74]
["А1796",1413,10088822,"Регулятор управления тип КВ РДУК-2В-200","(0098) Верхние поля, 25",{"v":1,"d":"1.000"},"ШТ","2012-01-01","3.NV.1100-2002","паспорт б/н","Нет данных","Новое",{"v":9689.56,"d":"9,689.56"},{"v":9689.56,"d":"9,689.56"},{"v":9689.56,"d":"9,689.56"},{"v":12120,"d":"12,120.00"},{"v":2666.4,"d":"2,666.40"},{"v":14786.4,"d":"14,786.40"},null,74]
["А1797",1414,10088823,"Регулятор управления тип КН РДУК-2Н-200","(0098) Верхние поля, 25",{"v":1,"d":"1.000"},"ШТ","2012-01-01","3.NV.1100-2002","паспорт б/н","Нет данных","Новое",{"v":8514.5,"d":"8,514.50"},{"v":8514.5,"d":"8,514.50"},{"v":8514.5,"d":"8,514.50"},{"v":10650,"d":"10,650.00"},{"v":2343,"d":"2,343.00"},{"v":12993,"d":"12,993.00"},null,74]
[{"$nulls":14},{"$f":"SUM(O1481:O1491)","v":{"v":4563615.37,"d":"4,563,615.37"}},{"$f":"SUM(P1481:P1491)","v":{"v":5579790,"d":"5,579,790.00"}},{"v":1227553.8,"d":"1,227,553.80"},{"$f":"SUM(R1481:R1491)","v":{"v":6807343.8,"d":"6,807,343.80"}},{"$f":"R1492/100*10","v":{"v":680734.38,"d":"680,734.38"}},74]
["А1798",1415,10104774,"Регулятор Минитерм 400.00","(0317) Проспект Мира, д. 177А, стр. 1",{"v":2,"d":"2.000"},"ШТ","2014-12-31","3.NV.1203-2002","Документы отсутствуют","Регулятор микропроцессорный для измерения и регулирования технологических параметров Минитерм 400.00 ТУ 4218-091-00225549-97 МЗТА","Удовлетворительное",{"v":18478.27,"d":"18,478.27"},{"$f":"O1493/F1493","v":{"v":9239.14,"d":"9,239.14"}},{"v":18478.27,"d":"18,478.27"},{"v":18630,"d":"18,630.00"},{"$f":"R1493-P1493","v":{"v":4098.6,"d":"4,098.60"}},{"$f":"P1493*1.22","v":{"v":22728.6,"d":"22,728.60"}},null,75,"Регуляторы"]
["А1799",1416,102014568,"Регулятор РА-В-80-80-1-СЧ-1,6-150-У1","(0707) 6-й Загородный пр. вл.9",{"v":2,"d":"2.000"},"ШТ",2016,"3.NV.1207-2002","Паспорт, руководство по эксплуатации","Регулятор РА-В-80-80-1-СЧ-1,6-150-У1","Удовлетворительное",{"v":123351.32,"d":"123,351.32"},{"$f":"O1494/F1494","v":{"v":61675.66,"d":"61,675.66"}},{"v":123351.32,"d":"123,351.32"},{"v":110660,"d":"110,660.00"},{"$f":"R1494-P1494","v":{"v":24345.2,"d":"24,345.20"}},{"$f":"P1494*1.22","v":{"v":135005.2,"d":"135,005.20"}},null,75]
["А1801",1417,102001370,"Регулятор REGAL-3 FSREG3-50 Ду50 Ру16","(0808) ул. Верейская, д.35",{"v":1,"d":"1.000"},"ШТ","2014-12-31","3.NV.1208-2002","Документы отсутствуют","ТмМП-52-М2","Удовлетворительное",{"v":114350.1,"d":"114,350.10"},{"$f":"O1495/F1495","v":{"v":114350.1,"d":"114,350.10"}},{"v":114350.1,"d":"114,350.10"},{"v":115310,"d":"115,310.00"},{"$f":"R1495-P1495","v":{"v":25368.2,"d":"25,368.20"}},{"$f":"P1495*1.22","v":{"v":140678.2,"d":"140,678.20"}},null,75]
["А1802",1418,102000757,"Регулятор АРТ-85-125/16 п/себя","(0808) ул. Верейская, д.35",{"v":1,"d":"1.000"},"ШТ","2014-12-31","3.NV.1208-2002","Документы отсутствуют","КСО-25-1000","Удовлетворительное",{"v":43550.43,"d":"43,550.43"},{"$f":"O1496/F1496","v":{"v":43550.43,"d":"43,550.43"}},{"v":43550.43,"d":"43,550.43"},{"v":42150,"d":"42,150.00"},{"$f":"R1496-P1496","v":{"v":9273,"d":"9,273.00"}},{"$f":"P1496*1.22","v":{"v":51423,"d":"51,423.00"}},null,75]
["А1805",1419,10015416,"Регулятор GDJ 50R 04-0 R2 (Pb","(0119) Переулок Васнецова, д. 11А",{"v":1,"d":"1.000"},"ШТ","2014-12-31","3.NV.1201-2002","Документы отсутствуют","Нет данных","Хорошее",{"v":24178,"d":"24,178.00"},{"$f":"O1497/F1497","v":{"v":24178,"d":"24,178.00"}},{"v":24178,"d":"24,178.00"},{"v":36150,"d":"36,150.00"},{"$f":"R1497-P1497","v":{"v":7953,"d":"7,953.00"}},{"$f":"P1497*1.22","v":{"v":44103,"d":"44,103.00"}},null,75]
[{"$nulls":14},{"$f":"SUM(O1493:O1497)","v":{"v":323908.12,"d":"323,908.12"}},{"$f":"SUM(P1493:P1497)","v":{"v":322900,"d":"322,900.00"}},{"v":71038,"d":"71,038.00"},{"$f":"SUM(R1493:R1497)","v":{"v":393938,"d":"393,938.00"}},{"$f":"R1498/100*10","v":{"v":39393.8,"d":"39,393.80"}},75]
["А1806",1420,10095495,"Лента-ПП 15,0х0,8ммх1400м Дувн200","(0092) Кусковская ул., д. 18Г",{"v":60,"d":"60.000"},"ШТ","2013-04-11","3.NV.1100-2002","Документы отсутствуют","Нет данных","Новое",{"v":45960,"d":"45,960.00"},{"$f":"O1499/F1499","v":{"v":766,"d":"766.00"}},{"v":45960,"d":"45,960.00"},{"v":54490,"d":"54,490.00"},{"$f":"R1499-P1499","v":{"v":11987.8,"d":"11,987.80"}},{"$f":"P1499*1.22","v":{"v":66477.8,"d":"66,477.80"}},null,76,"Резинотехнические и электроизоляционные материалы"]
["А1807",1421,10108265,"Манжета переходная резиновая 50х32","(0092) Кусковская ул., д. 18Г",{"v":4,"d":"4.000"},"ШТ","2013-10-30","3.NV.1100-2002","Документы отсутствуют","Нет данных","Новое",36.52,9.13,36.52,{"v":50,"d":"50.00"},{"v":11,"d":"11.00"},{"v":61,"d":"61.00"},null,76]
["А1808",1422,10115561,"Труба ПВХ 113/126 гофр./геотек. 23747020","(0092) Кусковская ул., д. 18Г",{"v":23,"d":"23.000"},"М","2013-08-01","3.NV.1100-2002","Документы отсутствуют","Нет данных","Новое",{"v":4045.46,"d":"4,045.46"},175.89,{"v":4045.46,"d":"4,045.46"},{"v":5100,"d":"5,100.00"},{"v":1122,"d":"1,122.00"},{"v":6222,"d":"6,222.00"},null,76]
["А1809",1423,10119320,"Фторопласт","(0092) Кусковская ул., д. 18Г",{"v":12.9,"d":"12.900"},"КГ","2013-02-15","3.NV.1100-2002","Документы отсутствуют","Нет данных","Новое",{"v":4878.78,"d":"4,878.78"},{"v":378.2,"d":"378.20"},{"v":4878.78,"d":"4,878.78"},{"v":6360,"d":"6,360.00"},{"v":1399.2,"d":"1,399.20"},{"v":7759.2,"d":"7,759.20"},null,76]
["А1810",1424,10150198,"Лента ПВХ липкая 450х0,4мм Каустик","(0094) Кусковская 18Г",{"v":185.5,"d":"185.500"},"КГ","2013-11-29","3.NV.1100-2002","Документы отсутствуют","Нет данных","Новое",{"v":16923.16,"d":"16,923.16"},91.23,{"v":16923.16,"d":"16,923.16"},{"v":25130,"d":"25,130.00"},{"v":5528.6,"d":"5,528.60"},{"v":30658.6,"d":"30,658.60"},null,76]
["А1811",1425,10145028,"Лента-ПП 15,0х0,8ммх2000м Дувн200","(0098) Верхние поля, 25",{"v":30,"d":"30.000"},"ШТ","2013-04-01","3.NV.1100-2002","Документы отсутствуют","Нет данных","Новое",{"v":40140,"d":"40,140.00"},{"v":1338,"d":"1,338.00"},{"v":40140,"d":"40,140.00"},{"v":47590,"d":"47,590.00"},{"v":10469.8,"d":"10,469.80"},{"v":58059.8,"d":"58,059.80"},null,76]
[{"$nulls":14},{"$f":"SUM(O1499:O1504)","v":{"v":111983.92,"d":"111,983.92"}},{"$f":"SUM(P1499:P1504)","v":{"v":138720,"d":"138,720.00"}},{"v":30518.4,"d":"30,518.40"},{"$f":"SUM(R1499:R1504)","v":{"v":169238.4,"d":"169,238.40"}},{"$f":"R1505/100*10","v":{"v":16923.84,"d":"16,923.84"}},76]
["А1812",1426,10128911,"Манжета М 12х24-2 Г22704-77","(0903) Проезд № 607 д. 22",{"v":200,"d":"200.000"},"ШТ","2016-01-19","3.NV.1209-2002","Документы отсутствуют","Нет данных","Удовлетворительное",{"v":6007.48,"d":"6,007.48"},{"$f":"O1506/F1506","v":30.04},{"v":6007.48,"d":"6,007.48"},{"v":3820,"d":"3,820.00"},{"$f":"R1506-P1506","v":{"v":840.4,"d":"840.40"}},{"$f":"P1506*1.22","v":{"v":4660.4,"d":"4,660.40"}},null,77,"Резинотехнические и электроизоляционные материалы"]
["А1815",1427,10108047,"Труба гофрир. ПВХ 40мм DKC 90940","(0903) Проезд № 607 д. 22",{"v":3,"d":"3.000"},"М",2008,"3.NV.1209-2002","Документы отсутствуют","Нет данных","Удовлетворительное",72.33,{"$f":"O1507/F1507","v":24.11},72.33,{"v":60,"d":"60.00"},{"$f":"R1507-P1507","v":{"v":13.2,"d":"13.20"}},{"$f":"P1507*1.22","v":{"v":73.2,"d":"73.20"}},null,77]
["А1816",1428,10136117,"Труба гофрир. ПВХ 50мм зонд ИЭК","(0903) Проезд № 607 д. 22",{"v":1,"d":"1.000"},"М",2008,"3.NV.1209-2002","Документы отсутствуют","Нет данных","Удовлетворительное",28.58,{"$f":"O1508/F1508","v":28.58},28.58,{"v":30,"d":"30.00"},{"$f":"R1508-P1508","v":{"v":6.6,"d":"6.60"}},{"$f":"P1508*1.22","v":{"v":36.6,"d":"36.60"}},null,77]
["А1817",1429,10002832,"Трубка ПВХ ТВ-40 6мм Г19034-82","(0903) Проезд № 607 д. 22",{"v":20.3,"d":"20.300"},"КГ",2008,"3.NV.1209-2002","Документы отсутствуют","Нет данных","Удовлетворительное",{"v":4843.17,"d":"4,843.17"},{"$f":"O1509/F1509","v":238.58},4843.17,{"v":5320,"d":"5,320.00"},{"$f":"R1509-P1509","v":{"v":1170.4,"d":"1,170.40"}},{"$f":"P1509*1.22","v":{"v":6490.4,"d":"6,490.40"}},null,77]
[{"$nulls":14},{"$f":"SUM(O1506:O1509)","v":{"v":10951.56,"d":"10,951.56"}},{"$f":"SUM(P1506:P1509)","v":{"v":9230,"d":"9,230.00"}},{"v":2030.6,"d":"2,030.60"},{"$f":"SUM(R1506:R1509)","v":{"v":11260.6,"d":"11,260.60"}},{"$f":"R1510/100*10","v":{"v":1126.06,"d":"1,126.06"}},77]
["А1818",1430,102012388,"Электрод UNI CAST VS ф4х450 НАКС FSH WG","(0098) Верхние поля, 25",{"v":12,"d":"12.000"},"КГ","2014-01-01","3.NV.1100-2002","Документы отсутствуют","Нет данных","Новое",{"v":9216,"d":"9,216.00"},{"$f":"O1511/F1511","v":{"v":768,"d":"768.00"}},{"v":9216,"d":"9,216.00"},{"v":13400,"d":"13,400.00"},{"$f":"R1511-P1511","v":{"v":2948,"d":"2,948.00"}},{"$f":"P1511*1.22","v":{"v":16348,"d":"16,348.00"}},null,78,"Сварочное оборудование, запчасти, электроды"]
["А1819",1431,10152571,"Электрод ЦТ-15 ф5 Э-08Х19Н10Г2Б Г9466-75","(0098) Верхние поля, 25",{"v":500,"d":"500.000"},"КГ","2014-07-31","3.NV.1100-2002","Сертификат качества 1355*2014/0685","Нет данных","Новое",{"v":171315,"d":"171,315.00"},{"$f":"O1512/F1512","v":342.63},{"v":171315,"d":"171,315.00"},{"v":234800,"d":"234,800.00"},{"v":51656,"d":"51,656.00"},{"v":286456,"d":"286,456.00"},null,78]
["А1820",1432,10152532,"Электрод Э-07Х20Н9-ОЗЛ-8-ф3-ВД-Е","(0098) Верхние поля, 25",{"v":195,"d":"195.000"},"КГ","2015-03-30","3.NV.1100-2002","Сертификат качества 0017*2015/0268","Нет данных","Новое",{"v":80925,"d":"80,925.00"},{"$f":"O1513/F1513","v":{"v":415,"d":"415.00"}},{"v":80925,"d":"80,925.00"},{"v":93130,"d":"93,130.00"},{"v":20488.6,"d":"20,488.60"},{"v":113618.6,"d":"113,618.60"},null,78]
["А1821",1433,10100729,"Диффузор плазмот.S25/S45 Trafimet PE0106","(0092) Кусковская ул., д. 18Г",{"v":4,"d":"4.000"},"ШТ","2010-01-01","3.NV.1100-2002","Документы отсутствуют","Нет данных","Новое",{"v":1800,"d":"1,800.00"},{"v":450,"d":"450.00"},{"v":1800,"d":"1,800.00"},{"v":3190,"d":"3,190.00"},{"v":701.8,"d":"701.80"},{"v":3891.8,"d":"3,891.80"},null,78]
["А1822",1434,10100763,"Катод (электрод) S25/S45 Trafimet PR0110","(0092) Кусковская ул., д. 18Г",{"v":200,"d":"200.000"},"ШТ","2009-07-23","3.NV.1100-2002","Документы отсутствуют","Нет данных","Новое",{"$f":"O1515","v":{"v":24368.42,"d":"24,368.42"}},{"$f":"O1515/F1515","v":121.84},{"v":24368.42,"d":"24,368.42"},{"v":41930,"d":"41,930.00"},{"v":9224.6,"d":"9,224.60"},{"v":51154.6,"d":"51,154.60"},null,78]
["А1823",1435,10100742,"Насадка плазмотрона S25K Trafimet PC0117","(0092) Кусковская ул., д. 18Г",{"v":54,"d":"54.000"},"ШТ","2009-01-01","3.NV.1100-2002","Документы отсутствуют","Нет данных","Новое",{"v":30900,"d":"30,900.00"},572.22,{"v":30900,"d":"30,900.00"},{"v":55050,"d":"55,050.00"},{"v":12111,"d":"12,111.00"},{"v":67161,"d":"67,161.00"},null,78]
["А1824",1436,10026762,"Редуктор пропановый БПО-5-2","(0092) Кусковская ул., д. 18Г",{"v":60,"d":"60.000"},"ШТ","2012-01-01","3.NV.1100-2002","Паспорт  РГБ-00.00.000ПС","Нет данных","Новое",{"v":23490.6,"d":"23,490.60"},391.51,{"v":23490.6,"d":"23,490.60"},{"v":36240,"d":"36,240.00"},{"v":7972.8,"d":"7,972.80"},{"v":44212.8,"d":"44,212.80"},null,78]
["А1825",1437,10036872,"Редуктор пропановый БПО-5-КР1","(0092) Кусковская ул., д. 18Г",{"v":130,"d":"130.000"},"ШТ","2013-01-01","3.NV.1100-2002","Паспорт БП08-000-00ПС","Нет данных","Новое",{"v":74380.8,"d":"74,380.80"},572.16,{"v":74380.8,"d":"74,380.80"},{"v":110630,"d":"110,630.00"},{"v":24338.6,"d":"24,338.60"},{"v":134968.6,"d":"134,968.60"},null,78]
["А1826",1438,10012146,"Резак пропановый РС-3П ФАКЕЛ","(0092) Кусковская ул., д. 18Г",{"v":1,"d":"1.000"},"ШТ","2012-01-01","3.NV.1100-2002","Паспорт б/н","Нет данных","Новое",{"v":1308.65,"d":"1,308.65"},{"v":1308.65,"d":"1,308.65"},{"v":1308.65,"d":"1,308.65"},{"v":2020,"d":"2,020.00"},{"v":444.4,"d":"444.40"},{"v":2464.4,"d":"2,464.40"},null,78]
["А1827",1439,10134456,"Реостат баластный РБ-302 ИУ2","(0092) Кусковская ул., д. 18Г",{"v":7,"d":"7.000"},"ШТ","2012-12-20","3.NV.1100-2002","Документы отсутствуют","Нет данных","Новое",{"v":24292.38,"d":"24,292.38"},{"v":3470.34,"d":"3,470.34"},{"v":24292.38,"d":"24,292.38"},{"v":36740,"d":"36,740.00"},{"v":8082.8,"d":"8,082.80"},{"v":44822.8,"d":"44,822.80"},null,78]
["А1828",1440,10100844,"Сопло ф0,65мм BlueWeld 802092","(0092) Кусковская ул., д. 18Г",{"v":80,"d":"80.000"},"ШТ","2013-06-06","3.NV.1100-2002","Документы отсутствуют","Нет данных","Новое",{"v":11167.57,"d":"11,167.57"},139.59,{"v":11167.57,"d":"11,167.57"},{"v":16590,"d":"16,590.00"},{"v":3649.8,"d":"3,649.80"},{"v":20239.8,"d":"20,239.80"},null,78]
["А1829",1441,10017596,"Редуктор пропановый балонный БПО 5-3","(0098) Верхние поля, 25",{"$f":"139-2","v":{"v":137,"d":"137.000"}},"ШТ","2014-12-31","3.NV.1100-2002","Документы отсутствуют","Нет данных","Новое",{"v":59442.07,"d":"59,442.07"},433.88,{"$f":"60309.84/139*137","v":{"v":59442.07,"d":"59,442.07"}},{"v":71590,"d":"71,590.00"},{"v":15749.8,"d":"15,749.80"},{"v":87339.8,"d":"87,339.80"},null,78]
["А1830",1442,10149102,"Катод Lincoln Electric W03X0893-60A","(0098) Верхние поля, 25",{"v":6,"d":"6.000"},"ШТ","2013-07-01","3.NV.1100-2002","Декларация о соответствии РОСС US.АГ 75.Д18593 от 26.10.2012","Нет данных","Новое",{"v":1546.26,"d":"1,546.26"},257.71,{"v":1546.26,"d":"1,546.26"},{"v":2220,"d":"2,220.00"},{"v":488.4,"d":"488.40"},{"v":2708.4,"d":"2,708.40"},null,78]
["А1831",1443,10149113,"Наконечник Lincoln Electric W03X0893-64A","(0098) Верхние поля, 25",{"v":351,"d":"351.000"},"ШТ","2013-10-01","3.NV.1100-2002","Отказное письмо Б/Н","Нет данных","Новое",{"v":58153.68,"d":"58,153.68"},165.68,{"v":58153.68,"d":"58,153.68"},{"v":84000,"d":"84,000.00"},{"v":18480,"d":"18,480.00"},{"v":102480,"d":"102,480.00"},null,78]
[{"$nulls":14},{"$f":"SUM(O1511:O1524)","v":{"v":572306.43,"d":"572,306.43"}},{"$f":"SUM(P1511:P1524)","v":{"v":801530,"d":"801,530.00"}},{"v":176336.6,"d":"176,336.60"},{"$f":"SUM(R1511:R1524)","v":{"v":977866.6,"d":"977,866.60"}},{"$f":"R1525/100*10","v":{"v":97786.66,"d":"97,786.66"}},78]
["А1832",1444,10127893,"Электрод КЭ-исп.01-700","(0101)1-й Сетунский пр-д, д. 10Г",{"v":5,"d":"5.000"},"ШТ","2010","3.NV.1201-2002","Документы отсутствуют","Нет данных","Удовлетворительное ",{"v":9329.25,"d":"9,329.25"},{"$f":"O1526/F1526","v":{"v":1865.85,"d":"1,865.85"}},{"v":9329.25,"d":"9,329.25"},{"v":8890,"d":"8,890.00"},{"$f":"R1526-P1526","v":{"v":1955.8,"d":"1,955.80"}},{"$f":"P1526*1.22","v":{"v":10845.8,"d":"10,845.80"}},null,79,"Сварочное оборудование, запчасти, электроды"]
["А1833",1445,10152488,"Электрод МНЧ-2-ф3 НАКС","(0307) Проспект Мира, д. 177а, стр. 1",{"v":130,"d":"130.000"},"КГ","2016-11-24","3.NV.1203-2002","Документы отсутствуют","Нет данных","Удовлетворительное",{"v":317237.69,"d":"317,237.69"},{"v":2440.29,"d":"2,440.29"},{"v":317237.69,"d":"317,237.69"},{"v":185360,"d":"185,360.00"},{"v":40779.2,"d":"40,779.20"},{"v":226139.2,"d":"226,139.20"},null,79]
["А1834",1446,10016542,"Электрод контр. КЭ-01-01 D10 L690","(0119) Переулок Васнецова, д. 11А",{"v":2,"d":"2.000"},"ШТ","2014-12-31","3.NV.1201-2002","Документы отсутствуют","Нет данных","Удовлетворительное",{"v":3114.82,"d":"3,114.82"},{"v":1557.41,"d":"1,557.41"},{"v":3114.82,"d":"3,114.82"},{"v":2210,"d":"2,210.00"},{"v":486.2,"d":"486.20"},{"v":2696.2,"d":"2,696.20"},null,79]
["А1835",1447,10015213,"Электрод 14/150/200 1-полюс. для М-301AR","(0119) Переулок Васнецова, д. 11А",{"v":3,"d":"3.000"},"ШТ","2014-12-31","3.NV.1201-2002","Документы отсутствуют","Нет данных","Удовлетворительное",{"v":3226.11,"d":"3,226.11"},{"v":1075.37,"d":"1,075.37"},{"v":3226.11,"d":"3,226.11"},{"v":2290,"d":"2,290.00"},{"v":503.8,"d":"503.80"},{"v":2793.8,"d":"2,793.80"},null,79]
["А1836",1448,10007328,"Электрод розжига М301","(0119) Переулок Васнецова, д. 11А",{"v":4,"d":"4.000"},"ШТ","2014-12-31","3.NV.1201-2002","Документы отсутствуют","Нет данных","Удовлетворительное",{"v":6683,"d":"6,683.00"},{"v":1670.75,"d":"1,670.75"},{"v":6683,"d":"6,683.00"},{"v":4730,"d":"4,730.00"},{"v":1040.6,"d":"1,040.60"},{"v":5770.6,"d":"5,770.60"},null,79]
["А1837",1449,10007329,"Электрод розжига М601","(0119) Переулок Васнецова, д. 11А",{"v":5,"d":"5.000"},"ШТ","2014-12-31","3.NV.1201-2002","Документы отсутствуют","Нет данных","Удовлетворительное",{"v":7355.93,"d":"7,355.93"},{"v":1471.19,"d":"1,471.19"},{"v":7355.93,"d":"7,355.93"},{"v":5210,"d":"5,210.00"},{"v":1146.2,"d":"1,146.20"},{"v":6356.2,"d":"6,356.20"},null,79]
["А1838",1450,10007332,"Электрод ионизации М601","(0102) Новослободская ул., д.50/52, стр.18",{"$f":"10-4","v":{"v":6,"d":"6.000"}},"ШТ","2014-12-31","3.NV.1201-2002","Документы отсутствуют","Нет данных","Удовлетворительное",{"v":8827.12,"d":"8,827.12"},{"v":1471.19,"d":"1,471.19"},{"$f":"14711.86/10*6","v":{"v":8827.12,"d":"8,827.12"}},{"v":6250,"d":"6,250.00"},{"v":1375,"d":"1,375.00"},{"v":7625,"d":"7,625.00"},null,79]
["А1839",1451,10007332,"Электрод ионизации М601","(0119) Переулок Васнецова, д. 11А",{"v":25,"d":"25.000"},"ШТ","2014-12-31","3.NV.1201-2002","Документы отсутствуют","Нет данных","Удовлетворительное",{"v":36779.65,"d":"36,779.65"},{"v":1471.19,"d":"1,471.19"},{"v":36779.65,"d":"36,779.65"},{"v":26060,"d":"26,060.00"},{"v":5733.2,"d":"5,733.20"},{"v":31793.2,"d":"31,793.20"},null,79]
["А1840",1452,10152487,"Электрод ЦЧ-4-ф3 НАКС","(0098) Верхние поля, 25",{"v":195,"d":"195.000"},"КГ",2014,"3.NV.1100-2002","Паспорт б/н 07.06.2014/серт.РОСС RU,АГ93.Н03486","ЦЧ-4-ф3 НАКС","Хорошее",{"v":152322.86,"d":"152,322.86"},781.14,{"v":152322.86,"d":"152,322.86"},{"v":178070,"d":"178,070.00"},{"v":39175.4,"d":"39,175.40"},{"v":217245.4,"d":"217,245.40"},null,79]
["А1841",1453,10009783,"Горелка для газосв. Малютка","(0092) Кусковская ул., д. 18Г",{"$f":"8-1","v":{"v":7,"d":"7.000"}},"ШТ",2014,"3.NV.1100-2002","Документы отсутствуют","для газосв","Хорошее",{"v":5258.4,"d":"5,258.40"},{"v":751.2,"d":"751.20"},{"$f":"6009.6/8*7","v":{"v":5258.4,"d":"5,258.40"}},{"v":6150,"d":"6,150.00"},{"v":1353,"d":"1,353.00"},{"v":7503,"d":"7,503.00"},null,79]
["А1842",1454,10009802,"Редуктор пропановый балонный БПО-5-4","(0092) Кусковская ул., д. 18Г",{"v":50,"d":"50.000"},"ШТ",2014,"3.NV.1100-2002","Паспорт БП07-000-00ПС 09.08.2011г","БПО-5-4","Хорошее",{"v":39343.68,"d":"39,343.68"},786.87,{"v":39343.68,"d":"39,343.68"},{"v":45990,"d":"45,990.00"},{"v":10117.8,"d":"10,117.80"},{"v":56107.8,"d":"56,107.80"},null,79]
["А1843",1455,10045989,"Гнездо СКРП-31 315А","(0098) Верхние поля, 25",{"$f":"119-50","v":{"v":69,"d":"69.000"}},"ШТ",2014,"3.NV.1100-2002","Документы отсутствуют"," 315А","Хорошее",{"v":14681.13,"d":"14,681.13"},212.77,{"$f":"25319.63/119*69","v":{"v":14681.13,"d":"14,681.13"}},{"v":15220,"d":"15,220.00"},{"v":3348.4,"d":"3,348.40"},{"v":18568.4,"d":"18,568.40"},null,79]
["А1844",1456,10028533,"Ниппель универсальный 6/9мм","(0092) Кусковская ул., д. 18Г",{"v":164,"d":"164.000"},"ШТ",2014,"3.NV.1100-2002","Документы отсутствуют","6/9мм","Хорошее",{"v":5644.11,"d":"5,644.11"},34.42,{"v":5644.11,"d":"5,644.11"},{"v":5850,"d":"5,850.00"},{"v":1287,"d":"1,287.00"},{"v":7137,"d":"7,137.00"},null,79]
["А1845",1457,10037331,"Жир паяльный","(0092) Кусковская ул., д. 18Г",{"v":1086,"d":"1,086.000"},"ШТ",2014,"3.NV.1100-2002","Документы отсутствуют","Нет данных","Хорошее",{"v":33752.88,"d":"33,752.88"},31.08,{"v":33752.88,"d":"33,752.88"},{"v":34990,"d":"34,990.00"},{"v":7697.8,"d":"7,697.80"},{"v":42687.8,"d":"42,687.80"},null,79]
[{"$nulls":14},{"$f":"SUM(O1526:O1539)","v":{"v":643556.63,"d":"643,556.63"}},{"$f":"SUM(P1526:P1539)","v":{"v":527270,"d":"527,270.00"}},{"v":115999.4,"d":"115,999.40"},{"$f":"SUM(R1526:R1539)","v":{"v":643269.4,"d":"643,269.40"}},{"$f":"R1540/100*10","v":{"v":64326.94,"d":"64,326.94"}},79]
["А1846",1458,10023898,"Халат раб.жен.х/б р.120-124/158-164","(0092) Кусковская ул., д. 18Г",{"v":1,"d":"1.000"},"ШТ",2014,"3.NV.1100-2002","Документы отсутствуют","120-124/158-164","Старый образец",450.06,{"$f":"O1541/F1541","v":450.06},450.06,{"v":430,"d":"430.00"},{"$f":"R1541-P1541","v":{"v":94.6,"d":"94.60"}},{"$f":"P1541*1.22","v":{"v":524.6,"d":"524.60"}},null,80,"Средства индивидуальной защиты"]
["А1847",1459,10023735,"Халат раб.жен.х/б р.120-124/170-176","(0092) Кусковская ул., д. 18Г",{"v":2,"d":"2.000"},"ШТ",2014,"3.NV.1100-2002","Документы отсутствуют","120-124/170-176","Старый образец",{"v":411.9,"d":"411.90"},205.95,{"v":411.9,"d":"411.90"},{"v":390,"d":"390.00"},{"v":85.8,"d":"85.80"},{"v":475.8,"d":"475.80"},null,80]
["А1848",1460,10023739,"Халат раб.жен.х/б р.104-108/182-188","(0092) Кусковская ул., д. 18Г",{"v":5,"d":"5.000"},"ШТ",2014,"3.NV.1100-2002","Документы отсутствуют","104-108/182-188","Старый образец",{"v":1457.18,"d":"1,457.18"},291.44,{"v":1457.18,"d":"1,457.18"},{"v":1390,"d":"1,390.00"},{"v":305.8,"d":"305.80"},{"v":1695.8,"d":"1,695.80"},null,80]
["А1849",1461,10023840,"Халат раб.жен.х/б р.104-108/158-164","(0092) Кусковская ул., д. 18Г",{"v":6,"d":"6.000"},"ШТ",2014,"3.NV.1100-2002","Документы отсутствуют","104-108/158-164","1-старый образец    \n 1-новый образец (04.2015)      4-новый образец (12.2014)",{"v":3757.06,"d":"3,757.06"},626.18,{"v":3757.06,"d":"3,757.06"},{"v":6110,"d":"6,110.00"},{"v":1344.2,"d":"1,344.20"},{"v":7454.2,"d":"7,454.20"},null,80]
["А1850",1462,10023867,"Халат раб.жен.х/б р.96-100/170-176","(0092) Кусковская ул., д. 18Г",{"v":11,"d":"11.000"},"ШТ",2014,"3.NV.1100-2002","Документы отсутствуют","96-100/170-176","Старый образец",{"v":3970.07,"d":"3,970.07"},360.92,{"v":3970.07,"d":"3,970.07"},{"v":3800,"d":"3,800.00"},{"v":836,"d":"836.00"},{"v":4636,"d":"4,636.00"},null,80]
["А1851",1463,10119400,"Комплект деталей КГА-8С для модернизации","(0092) Кусковская ул., д. 18Г",{"v":1,"d":"1.000"},"ШТ","2013-09-16","3.NV.1100-2002","Документы отсутствуют","Нет данных","Новое",{"v":28610.17,"d":"28,610.17"},{"v":28610.17,"d":"28,610.17"},{"v":28610.17,"d":"28,610.17"},{"v":48600,"d":"48,600.00"},{"v":10692,"d":"10,692.00"},{"v":59292,"d":"59,292.00"},null,80]
["А1852",1464,10127622,"Пластина для Speedglas 3M 42 70 00","(0092) Кусковская ул., д. 18Г",{"v":20,"d":"20.000"},"ШТ","2013-04-11","3.NV.1100-2002","Документы отсутствуют","Нет данных","Новое",{"v":7471.45,"d":"7,471.45"},373.57,{"v":7471.45,"d":"7,471.45"},{"v":12890,"d":"12,890.00"},{"v":2835.8,"d":"2,835.80"},{"v":15725.8,"d":"15,725.80"},null,80]
[{"$nulls":14},{"$f":"SUM(O1541:O1547)","v":{"v":46127.89,"d":"46,127.89"}},{"$f":"SUM(P1541:P1547)","v":{"v":73610,"d":"73,610.00"}},{"v":16194.2,"d":"16,194.20"},{"$f":"SUM(R1541:R1547)","v":{"v":89804.2,"d":"89,804.20"}},{"$f":"R1548/100*10","v":{"v":8980.42,"d":"8,980.42"}},80]
["А1855",1465,10042982,"Стекло к очкам сварщика Г-3","(0098) Верхние поля, 25",{"$f":"130-4","v":{"v":126,"d":"126.000"}},"ШТ",2014,"3.NV.1100-2002","Документы отсутствуют","Г-3","Хорошее",{"v":3317.58,"d":"3,317.58"},{"$f":"O1549/F1549","v":26.33},{"$f":"3422.9/130*126","v":{"v":3317.58,"d":"3,317.58"}},{"v":3440,"d":"3,440.00"},{"$f":"R1549-P1549","v":{"v":756.8,"d":"756.80"}},{"$f":"P1549*1.22","v":{"v":4196.8,"d":"4,196.80"}},null,81,"Средства индивидуальной защиты"]
["А1856",1466,10038758,"Маска сварщика НН7-С-4 Премьер-2","(0073) Беломорская ул. д.38А стр.10",{"v":6,"d":"6.000"},"ШТ","2014-10-01","3.NV.1100-2002","Документы отсутствуют","Отсутствует Сертификат соответствия ТР ТС 019/2011. Не сертифицированные СИЗ применять запрещено (ст. 212, 221 ТК РФ). ","Хорошее",{"v":2202.51,"d":"2,202.51"},{"$f":"O1550/F1550","v":367.09},{"v":2202.51,"d":"2,202.51"},{"v":2340,"d":"2,340.00"},{"v":514.8,"d":"514.80"},{"$f":"P1550*1.22","v":{"v":2854.8,"d":"2,854.80"}},null,81]
[{"$nulls":14},{"$f":"SUM(O1549:O1550)","v":{"v":5520.09,"d":"5,520.09"}},{"$f":"SUM(P1549:P1550)","v":{"v":5780,"d":"5,780.00"}},{"v":1271.6,"d":"1,271.60"},{"$f":"SUM(R1549:R1550)","v":{"v":7051.6,"d":"7,051.60"}},{"$f":"R1551/100*10","v":705.16},81]
["А1866",1467,10119169,"Корпус к контроллеру РСЕ-430","(0092) Кусковская ул., д. 18Г",{"v":25,"d":"25.000"},"ШТ","2013-06-06","3.NV.1100-2002","Документы отсутствуют","Нет данных","Новое",{"v":27775,"d":"27,775.00"},{"$f":"O1552/F1552","v":{"v":1111,"d":"1,111.00"}},{"v":27775,"d":"27,775.00"},{"v":35290,"d":"35,290.00"},{"v":7763.8,"d":"7,763.80"},{"$f":"P1552*1.22","v":{"v":43053.8,"d":"43,053.80"}},null,82,"Строительные материалы"]
["А1867",1468,10032584,"Металлополим. Ал. 1,0кг с жёлт. акт. Leo","(0092) Кусковская ул., д. 18Г",{"v":58,"d":"58.000"},"КМП","2012-12-06","3.NV.1100-2002","Документы отсутствуют","Нет данных","Новое",{"v":82695.34,"d":"82,695.34"},{"v":1425.78,"d":"1,425.78"},{"v":82695.34,"d":"82,695.34"},{"v":108040,"d":"108,040.00"},{"v":23768.8,"d":"23,768.80"},{"v":131808.8,"d":"131,808.80"},null,82]
["А1868",1469,10093786,"Стекло 5М4 1,3х2,0 м","(0092) Кусковская ул., д. 18Г",{"v":78,"d":"78.000"},"М2","2008-01-01","3.NV.1100-2002","Документы отсутствуют","Нет данных","Новое",{"v":25350,"d":"25,350.00"},{"v":325,"d":"325.00"},{"v":25350,"d":"25,350.00"},{"v":48190,"d":"48,190.00"},{"v":10601.8,"d":"10,601.80"},{"v":58791.8,"d":"58,791.80"},null,82]
["А1869",1470,10115513,"Удлинит. кол. 750 (ср. часть) 22998088","(0092) Кусковская ул., д. 18Г",{"v":5,"d":"5.000"},"ШТ","2013-07-29","3.NV.1100-2002","Документы отсутствуют","Нет данных","Новое",{"v":89686.06,"d":"89,686.06"},{"v":17937.21,"d":"17,937.21"},{"v":89686.06,"d":"89,686.06"},{"v":114710,"d":"114,710.00"},{"v":25236.2,"d":"25,236.20"},{"v":139946.2,"d":"139,946.20"},null,82]
["А1870",1471,10093740,"Фанера ФК вл.1525х1525х6 сорт 4/4 хвоя","(0092) Кусковская ул., д. 18Г",{"v":28,"d":"28.000"},"Л.","2016-09-19","3.NV.1100-2002","Документы отсутствуют","Нет данных","Новое",{"v":9940,"d":"9,940.00"},{"v":355,"d":"355.00"},{"v":9940,"d":"9,940.00"},{"v":9870,"d":"9,870.00"},{"v":2171.4,"d":"2,171.40"},{"v":12041.4,"d":"12,041.40"},null,82]
["А1871",1472,10148318,"Дверь Dacobas 12U Knur 01.322.050.9","(0098) Верхние поля, 25",{"v":2,"d":"2.000"},"ШТ","2013-10-01","3.NV.1100-2002","Документы отсутствуют","Нет данных","Новое",{"v":23900,"d":"23,900.00"},{"v":11950,"d":"11,950.00"},{"v":23900,"d":"23,900.00"},{"v":29950,"d":"29,950.00"},{"v":6589,"d":"6,589.00"},{"v":36539,"d":"36,539.00"},null,82]
["А1872",1473,10141214,"Стекла запасные ТС2Г-1","(0098) Верхние поля, 25",{"v":83,"d":"83.000"},"ШТ","2012-07-01","3.NV.1100-2002","Документы отсутствуют","Нет данных","Новое",500.14,6.03,500.14,{"v":660,"d":"660.00"},{"v":145.2,"d":"145.20"},{"v":805.2,"d":"805.20"},null,82]
["А1873",1474,10139251,"Шпилька М-52Х250","(0098) Верхние поля, 25",{"$f":"56-10","v":{"v":46,"d":"46.000"}},"ШТ","2012-12-01","3.NV.1100-2002","Документы отсутствуют","Нет данных","Новое",{"v":1932.39,"d":"1,932.39"},42.01,{"$f":"2352.48/56*46","v":{"v":1932.39,"d":"1,932.39"}},{"v":2320,"d":"2,320.00"},{"v":510.4,"d":"510.40"},{"v":2830.4,"d":"2,830.40"},null,82]
[{"$nulls":14},{"$f":"SUM(O1552:O1559)","v":{"v":261778.93,"d":"261,778.93"}},{"$f":"SUM(P1552:P1559)","v":{"v":349030,"d":"349,030.00"}},{"v":76786.6,"d":"76,786.60"},{"$f":"SUM(R1552:R1559)","v":{"v":425816.6,"d":"425,816.60"}},{"$f":"R1560/100*10","v":{"v":42581.66,"d":"42,581.66"}},82]
["А1874",1475,10128888,"Камень БР 100.30.15 Г6665-91","(0507) Ставропольская ул. 27Б",{"v":60,"d":"60.000"},"ШТ","2010-10-10","3.NV.1205-2002","Документы отсутствуют","Нет данных","Удовлетворительное",{"v":14745,"d":"14,745.00"},{"$f":"O1561/F1561","v":245.75},{"v":14745,"d":"14,745.00"},{"v":11510,"d":"11,510.00"},{"$f":"R1561-P1561","v":{"v":2532.2,"d":"2,532.20"}},{"$f":"P1561*1.22","v":{"v":14042.2,"d":"14,042.20"}},null,83,"Строительные материалы"]
["А1876",1476,10117724,"Труба водост.L3м ф150/100 Пурал RAL 9010","(0911) Строительный пр.,д.14 к.1",{"v":1,"d":"1.000"},"ШТ","30.03.2017","3.NV.1209-2002","Документы отсутствуют","Нет данных","Удовлетворительное",960.12,960.12,960.12,{"v":580,"d":"580.00"},{"v":127.6,"d":"127.60"},{"v":707.6,"d":"707.60"},null,83]
["А1877",1477,10118689,"Труба водост. ф125/90 L1м Пурал RR20","(0911) Строительный пр.,д.14 к.1",{"v":2,"d":"2.000"},"М","30.03.2017","3.NV.1209-2002","Документы отсутствуют","Нет данных","Удовлетворительное",613.22,306.61,613.22,{"v":360,"d":"360.00"},{"v":79.2,"d":"79.20"},{"v":439.2,"d":"439.20"},null,83]
["А1878",1478,10118702,"Труба водост. ф125/90 L3м Пурал RR20","(0911) Строительный пр.,д.14 к.1",{"v":18,"d":"18.000"},"М","30.03.2017","3.NV.1209-2002","Документы отсутствуют","Нет данных","Удовлетворительное",{"v":1643.82,"d":"1,643.82"},91.32,{"v":1643.82,"d":"1,643.82"},{"v":960,"d":"960.00"},{"v":211.2,"d":"211.20"},{"v":1171.2,"d":"1,171.20"},null,83]
["А1879",1479,10095257,"Подушка опорная теплотрасс ОПТ-4","(0904) Врачебный проезд д.3",{"v":43,"d":"43.000"},"ШТ",2014,"3.NV.1209-2002","Документы отсутствуют","Нет данных","Удовлетворительное",{"v":38512.09,"d":"38,512.09"},895.63,{"v":38512.09,"d":"38,512.09"},{"v":28110,"d":"28,110.00"},{"v":6184.2,"d":"6,184.20"},{"v":34294.2,"d":"34,294.20"},null,83]
["А1880",1480,10099430,"Подушка опорная теплотрасс ОПТ-6","(0904) Врачебный проезд д.3",{"v":52,"d":"52.000"},"ШТ",2014,"3.NV.1209-2002","Документы отсутствуют","Нет данных","Удовлетворительное",{"v":78436.28,"d":"78,436.28"},{"v":1508.39,"d":"1,508.39"},{"v":78436.28,"d":"78,436.28"},{"v":56080,"d":"56,080.00"},{"v":12337.6,"d":"12,337.60"},{"v":68417.6,"d":"68,417.60"},null,83]
["А1881",1481,10130913,"Ручка дверная золото Нора-М 117","(0092) Кусковская ул., д. 18Г",{"v":13,"d":"13.000"},"ШТ",2014,"3.NV.1100-2002","Документы отсутствуют","Нора-М 117","Хорошее",{"v":2645.5,"d":"2,645.50"},{"v":203.5,"d":"203.50"},{"v":2645.5,"d":"2,645.50"},{"v":2660,"d":"2,660.00"},{"v":585.2,"d":"585.20"},{"v":3245.2,"d":"3,245.20"},null,83]
["А1882",1482,10104366,"Стекло натриевое жидкое Г13078-81","(0092) Кусковская ул., д. 18Г",{"v":60,"d":"60.000"},"КГ",2014,"3.NV.1100-2002","Документы отсутствуют","натриевое жидкое Г13078-81","Хорошее",{"v":1121.12,"d":"1,121.12"},18.69,{"v":1121.12,"d":"1,121.12"},{"v":1190,"d":"1,190.00"},{"v":261.8,"d":"261.80"},{"v":1451.8,"d":"1,451.80"},null,83]
["А1883",1483,10135502,"Дюбель ''Бабочка'' 10х50 500шт/уп","(0092) Кусковская ул., д. 18Г",{"v":327,"d":"327.000"},"ШТ",2014,"3.NV.1100-2002","Документы отсутствуют","10х50 500шт/уп","Хорошее",232.17,0.71,232.17,{"v":90,"d":"90.00"},{"v":19.8,"d":"19.80"},{"v":109.8,"d":"109.80"},null,83]
["А1884",1484,10105554,"Сетка стальная сварная 50х50х4 Г23279-85","(0094) Кусковская 18Г",{"$f":"544.2-247","v":{"v":297.2,"d":"297.200"}},"М2",2014,"3.NV.1100-2002","Документы отсутствуют","50*50*4","Хорошее",{"v":31625.05,"d":"31,625.05"},106.41,{"$f":"57908.32/544.2*297.2","v":{"v":31625.05,"d":"31,625.05"}},{"v":31820,"d":"31,820.00"},{"v":7000.4,"d":"7,000.40"},{"v":38820.4,"d":"38,820.40"},null,83]
[{"$nulls":14},{"$f":"SUM(O1561:O1570)","v":{"v":170534.37,"d":"170,534.37"}},{"$f":"SUM(P1561:P1570)","v":{"v":133360,"d":"133,360.00"}},{"v":29339.2,"d":"29,339.20"},{"$f":"SUM(R1561:R1570)","v":{"v":162699.2,"d":"162,699.20"}},{"$f":"R1571/100*10","v":{"v":16269.92,"d":"16,269.92"}},83]
["А1885",1485,10123727,"Считыватель Parsec PR-EH05","(0808) ул. Верейская, д.35",{"v":9,"d":"9.000"},"ШТ","2014-12-31","3.NV.1208-2002","Документы отсутствуют","Atlas Copco GA-15","Удовлетворительное",{"v":52023.06,"d":"52,023.06"},{"$f":"O1572/F1572","v":{"v":5780.34,"d":"5,780.34"}},{"v":52023.06,"d":"52,023.06"},{"v":48490,"d":"48,490.00"},{"$f":"R1572-P1572","v":{"v":10667.8,"d":"10,667.80"}},{"$f":"P1572*1.22","v":{"v":59157.8,"d":"59,157.80"}},null,84,"Считыватель карт "]
[{"$nulls":14},{"$f":"O1572","v":{"v":52023.06,"d":"52,023.06"}},{"$f":"P1572","v":{"v":48490,"d":"48,490.00"}},{"v":10667.8,"d":"10,667.80"},{"$f":"R1572","v":{"v":59157.8,"d":"59,157.80"}},{"$f":"R1573/100*10","v":{"v":5915.78,"d":"5,915.78"}},84]
["А1890",1486,10121918,"Труба КАСАФЛЕКС 66/125 1,6МПа 160С СОДК","(0206) Смольная ул., д. 32 Б",{"v":1,"d":"1.000"},"М","2014-12-31","3.NV.1202-2002","Документы отсутствуют","КАСАФЛЕКС 66/125 1,6МПа 160С СОДК","Новое, с длительным сроком хранения.",{"$f":"O1574","v":{"v":2747,"d":"2,747.00"}},{"$f":"O1574/F1574","v":{"v":2747,"d":"2,747.00"}},{"v":2747,"d":"2,747.00"},{"v":4120,"d":"4,120.00"},{"$f":"R1574-P1574","v":{"v":906.4,"d":"906.40"}},{"$f":"P1574*1.22","v":{"v":5026.4,"d":"5,026.40"}},null,85,"Трубы пластмассовые"]
["А1891",1487,10121948,"Труба КАСАФЛЕКС 86/145 1,6МПа 160С СОДК","(0206) Смольная ул., д. 32 Б",{"v":1,"d":"1.000"},"М","2014-12-31","3.NV.1202-2002","Документы отсутствуют","КАСАФЛЕКС 86/145 1,6МПа 160С СОДК","Новое, с длительным сроком хранения.",{"v":3505,"d":"3,505.00"},{"$f":"O1575/F1575","v":{"v":3505,"d":"3,505.00"}},{"v":3505,"d":"3,505.00"},{"v":5250,"d":"5,250.00"},{"$f":"R1575-P1575","v":{"v":1155,"d":"1,155.00"}},{"$f":"P1575*1.22","v":{"v":6405,"d":"6,405.00"}},null,85]
["А1892",1488,10121964,"Труба КАСАФЛЕКС 55/110 1,6МПа 160С СОДК","(0206) Смольная ул., д. 32 Б",{"v":1,"d":"1.000"},"М","2014-12-31","3.NV.1202-2002","Документы отсутствуют","КАСАФЛЕКС 55/110 1,6МПа 160С СОДК","Новое, с длительным сроком хранения.",{"v":1996,"d":"1,996.00"},{"$f":"O1576/F1576","v":{"v":1996,"d":"1,996.00"}},{"v":1996,"d":"1,996.00"},{"v":2990,"d":"2,990.00"},{"$f":"R1576-P1576","v":{"v":657.8,"d":"657.80"}},{"$f":"P1576*1.22","v":{"v":3647.8,"d":"3,647.80"}},null,85]
["А1893",1489,10023849,"Труба Касафлекс 86/145 1,6МПа 135 ОДК","(0206) Смольная ул., д. 32 Б",{"v":4,"d":"4.000"},"М","2014-12-31","3.NV.1202-2002","Документы отсутствуют","Касафлекс 86/145 1,6МПа 135 ОДК","Новое, с длительным сроком хранения.",{"v":12480,"d":"12,480.00"},{"$f":"O1577/F1577","v":{"v":3120,"d":"3,120.00"}},{"v":12480,"d":"12,480.00"},{"v":19420,"d":"19,420.00"},{"$f":"R1577-P1577","v":{"v":4272.4,"d":"4,272.40"}},{"$f":"P1577*1.22","v":{"v":23692.4,"d":"23,692.40"}},null,85]
["А1894",1490,10036542,"Труба Касафлекс 55/110 1,6МПа 135 ОДК","(0206) Смольная ул., д. 32 Б",{"v":5,"d":"5.000"},"М","2014-12-31","3.NV.1202-2002","Документы отсутствуют","Касафлекс 55/110 1,6МПа 135 ОДК","Новое, с длительным сроком хранения.",{"v":8885,"d":"8,885.00"},{"$f":"O1578/F1578","v":{"v":1777,"d":"1,777.00"}},{"v":8885,"d":"8,885.00"},{"v":13830,"d":"13,830.00"},{"$f":"R1578-P1578","v":{"v":3042.6,"d":"3,042.60"}},{"$f":"P1578*1.22","v":{"v":16872.6,"d":"16,872.60"}},null,85]
[{"$nulls":14},{"$f":"SUM(O1574:O1578)","v":{"v":29613,"d":"29,613.00"}},{"$f":"SUM(P1574:P1578)","v":{"v":45610,"d":"45,610.00"}},{"v":10034.2,"d":"10,034.20"},{"$f":"SUM(R1574:R1578)","v":{"v":55644.2,"d":"55,644.20"}},{"$f":"R1579/100*10","v":{"v":5564.42,"d":"5,564.42"}},85]
["А1895",1491,10133779,"Пряжка бондажная тип 1С","(0092) Кусковская ул., д. 18Г",{"v":30,"d":"30.000"},"КГ","2013-10-30","3.NV.1100-2002","Документы отсутствуют","Нет данных","Новое",{"v":47817,"d":"47,817.00"},{"$f":"O1580/F1580","v":{"v":1593.9,"d":"1,593.90"}},{"v":47817,"d":"47,817.00"},{"v":71030,"d":"71,030.00"},{"$f":"R1580-P1580","v":{"v":15626.6,"d":"15,626.60"}},{"$f":"P1580*1.22","v":{"v":86656.6,"d":"86,656.60"}},null,86,"Упаковочные материалы"]
["А1896",1492,10137925,"Лента Н-0,7х20 ГОСТ 3560-73","(0094) Кусковская 18Г",{"v":976,"d":"976.000"},"КГ","2013-12-19","3.NV.1100-2002","Документы отсутствуют","Нет данных","Новое",{"v":35789.92,"d":"35,789.92"},{"$f":"O1581/F1581","v":36.67},{"v":35789.92,"d":"35,789.92"},{"v":53190,"d":"53,190.00"},{"$f":"R1581-P1581","v":{"v":11701.8,"d":"11,701.80"}},{"$f":"P1581*1.22","v":{"v":64891.8,"d":"64,891.80"}},null,86]
[{"$nulls":14},{"$f":"SUM(O1580:O1581)","v":{"v":83606.92,"d":"83,606.92"}},{"$f":"SUM(P1580:P1581)","v":{"v":124220,"d":"124,220.00"}},{"v":27328.4,"d":"27,328.40"},{"$f":"SUM(R1580:R1581)","v":{"v":151548.4,"d":"151,548.40"}},{"$f":"R1582/100*10","v":{"v":15154.84,"d":"15,154.84"}},86]
["А1897",1493,10121307,"Уплотнение М.1301.10С07.040.0103.0801","(0074) Беломорская, 38А, стр.10",{"v":2,"d":"2.000"},"ШТ","2016-11-30","3.NV.1100-2002","Паспорт","Нет данных","Новое",{"v":42000,"d":"42,000.00"},{"$f":"O1583/F1583","v":{"v":21000,"d":"21,000.00"}},{"v":42000,"d":"42,000.00"},{"v":54130,"d":"54,130.00"},{"$f":"R1583-P1583","v":{"v":11908.6,"d":"11,908.60"}},{"$f":"P1583*1.22","v":{"v":66038.6,"d":"66,038.60"}},null,87,"Уплотнение"]
["А1898",1494,10131222,"Уплотнение М.1302.25.073.0103.1101.5","(0074) Беломорская, 38А, стр.10",{"v":2,"d":"2.000"},"ШТ","2016-11-30","3.NV.1100-2002","Паспорт","Нет данных","Новое",{"v":74000,"d":"74,000.00"},{"v":37000,"d":"37,000.00"},{"v":74000,"d":"74,000.00"},{"v":95360,"d":"95,360.00"},{"$f":"R1584-P1584","v":{"v":20979.2,"d":"20,979.20"}},{"$f":"P1584*1.22","v":{"v":116339.2,"d":"116,339.20"}},null,87]
["А1900",1495,10111295,"Уплотнение М.1303.048.0103.0810","(0074) Беломорская, 38А, стр.10",{"v":10,"d":"10.000"},"ШТ","2016-11-30","3.NV.1100-2002","Паспорт","Нет данных","Новое",{"v":187000,"d":"187,000.00"},{"v":18700,"d":"18,700.00"},{"v":187000,"d":"187,000.00"},{"v":240990,"d":"240,990.00"},{"$f":"R1585-P1585","v":{"v":53017.8,"d":"53,017.80"}},{"$f":"P1585*1.22","v":{"v":294007.8,"d":"294,007.80"}},null,87]
["А1901",1496,10142661,"Сальник BLO 20 G","(0098) Верхние поля, 25",{"v":20,"d":"20.000"},"УПК","2012-07-01","3.NV.1100-2002","Отказное письмо Б/Н","Нет данных","Новое",{"v":220,"d":"220.00"},{"v":11,"d":"11.00"},{"v":220,"d":"220.00"},{"v":440,"d":"440.00"},{"$f":"R1586-P1586","v":{"v":96.8,"d":"96.80"}},{"$f":"P1586*1.22","v":{"v":536.8,"d":"536.80"}},null,87]
["А1902",1497,10142663,"Сальник BLO 25G","(0098) Верхние поля, 25",{"v":21,"d":"21.000"},"ШТ","2012-07-01","3.NV.1100-2002","Отказное письмо Б/Н","Нет данных","Новое",{"v":315,"d":"315.00"},{"v":15,"d":"15.00"},{"v":315,"d":"315.00"},{"v":620,"d":"620.00"},{"$f":"R1587-P1587","v":{"v":136.4,"d":"136.40"}},{"$f":"P1587*1.22","v":{"v":756.4,"d":"756.40"}},null,87]
[{"$nulls":14},{"$f":"SUM(O1583:O1587)","v":{"v":303535,"d":"303,535.00"}},{"$f":"SUM(P1583:P1587)","v":{"v":391540,"d":"391,540.00"}},{"v":86138.8,"d":"86,138.80"},{"$f":"SUM(R1583:R1587)","v":{"v":477678.8,"d":"477,678.80"}},{"$f":"R1588/100*10","v":{"v":47767.88,"d":"47,767.88"}},87]
["А1903",1498,10106516,"Комплект упл. М.22500СЭ.0103.1013.060","(0911) Строительный пр.,д.14 к.1",{"v":1,"d":"1.000"},"КМП","2017-03-30","3.NV.1209-2002","Документы отсутствуют","Нет данных","Удовлетворительное",{"v":67000,"d":"67,000.00"},{"$f":"O1589/F1589","v":{"v":67000,"d":"67,000.00"}},{"v":67000,"d":"67,000.00"},{"v":55480,"d":"55,480.00"},{"$f":"R1589-P1589","v":{"v":12205.6,"d":"12,205.60"}},{"$f":"P1589*1.22","v":{"v":67685.6,"d":"67,685.60"}},null,88,"Уплотнение"]
["А1904",1499,10106623,"Комплект упл. М.221250СЭ.0103.1013.090","(0911) Строительный пр.,д.14 к.1",{"v":1,"d":"1.000"},"КМП","2017-03-30","3.NV.1209-2002","Документы отсутствуют","Нет данных","Удовлетворительное",{"v":99800,"d":"99,800.00"},{"v":99800,"d":"99,800.00"},{"v":99800,"d":"99,800.00"},{"v":82640,"d":"82,640.00"},{"v":18180.8,"d":"18,180.80"},{"v":100820.8,"d":"100,820.80"},null,88]
["А1905",1500,10051474,"ЗИП д/уплотнения НМШ5-25-4/4Б","(0817) Боровское ш., д.10",{"v":2,"d":"2.000"},"ШТ","2014-12-31","3.NV.1208-2002","Документы отсутствуют","СО-1 15В","Удовлетворительное",{"v":1510.6,"d":"1,510.60"},{"v":755.3,"d":"755.30"},{"v":1510.6,"d":"1,510.60"},{"v":1560,"d":"1,560.00"},{"v":343.2,"d":"343.20"},{"v":1903.2,"d":"1,903.20"},null,88]
["А1906",1501,10057233,"Комплект упл. Графлекс КТ 033.01.017","(0817) Боровское ш., д.10",{"v":1,"d":"1.000"},"ШТ","2014-12-31","3.NV.1208-2002","Документы отсутствуют","LGV507/5 Dungs 119271","Удовлетворительное",{"v":1980,"d":"1,980.00"},{"v":1980,"d":"1,980.00"},{"v":1980,"d":"1,980.00"},{"v":2040,"d":"2,040.00"},{"v":448.8,"d":"448.80"},{"v":2488.8,"d":"2,488.80"},null,88]
["А1908",1502,10014792,"Уплотнение торц. /КГВ-250/75","(0808) ул. Верейская, д.35",{"v":2,"d":"2.000"},"ШТ","2014-12-31","3.NV.1208-2002","Документы отсутствуют","АИР-4,5 кв 3000 об/мин","Удовлетворительное",{"v":130010.04,"d":"130,010.04"},{"v":65005.02,"d":"65,005.02"},{"v":130010.04,"d":"130,010.04"},{"v":120050,"d":"120,050.00"},{"v":26411,"d":"26,411.00"},{"v":146461,"d":"146,461.00"},null,88]
["А1909",1503,10097882,"Уплотнение торц. 153/Д71.033.821КК","(0808) ул. Верейская, д.35",{"v":1,"d":"1.000"},"ШТ","2014-12-31","3.NV.1208-2002","Документы отсутствуют","АЧБКр225М4БУЗ","Удовлетворительное",{"v":22852,"d":"22,852.00"},{"v":22852,"d":"22,852.00"},{"v":22852,"d":"22,852.00"},{"v":23560,"d":"23,560.00"},{"v":5183.2,"d":"5,183.20"},{"v":28743.2,"d":"28,743.20"},null,88]
[{"$nulls":14},{"$f":"SUM(O1589:O1594)","v":{"v":323152.64,"d":"323,152.64"}},{"$f":"SUM(P1589:P1594)","v":{"v":285330,"d":"285,330.00"}},{"v":62772.6,"d":"62,772.60"},{"$f":"SUM(R1589:R1594)","v":{"v":348102.6,"d":"348,102.60"}},{"$f":"R1595/100*10","v":{"v":34810.26,"d":"34,810.26"}},88]
["А1918",1504,10142585,"Устройство мониторинга","(1642) 2-й Сетуньский пр-д, 5а",{"v":17,"d":"17.000"},"ШТ","2014-10-01","3.NV.1216-2002","Документы отсутствуют","Устройство ГЛОНАСС","Условно пригодное",{"v":217272.96,"d":"217,272.96"},{"$f":"O1596/F1596","v":{"v":12780.76,"d":"12,780.76"}},{"v":217272.96,"d":"217,272.96"},{"v":79870,"d":"79,870.00"},{"$f":"R1596-P1596","v":{"v":17571.4,"d":"17,571.40"}},{"$f":"P1596*1.22","v":{"v":97441.4,"d":"97,441.40"}},null,89,"Устройство связи"]
[{"$nulls":14},{"$f":"O1596","v":{"v":217272.96,"d":"217,272.96"}},{"$f":"P1596","v":{"v":79870,"d":"79,870.00"}},{"v":17571.4,"d":"17,571.40"},{"$f":"R1596","v":{"v":97441.4,"d":"97,441.40"}},{"$f":"R1597/100*10","v":{"v":9744.14,"d":"9,744.14"}},89]
["А1919",1505,102001451,"АУПД Гранлевел 2DPV 4/8 1,5 РР/П БР 1600","(0098) Верхние поля, 25",{"v":1,"d":"1.000"},"ШТ",2015,"3.NV.1100-2002","Документы отсутствуют","Нет данных","Новое",{"v":477451.94,"d":"477,451.94"},{"$f":"O1598/F1598","v":{"v":477451.94,"d":"477,451.94"}},{"v":477451.94,"d":"477,451.94"},{"v":584630,"d":"584,630.00"},{"$f":"R1598-P1598","v":{"v":128618.6,"d":"128,618.60"}},{"$f":"P1598*1.22","v":{"v":713248.6,"d":"713,248.60"}},null,90,"Устройство поддержания давления и компенсации расширений"]
[{"$nulls":14},{"$f":"O1598","v":{"v":477451.94,"d":"477,451.94"}},{"$f":"P1598","v":{"v":584630,"d":"584,630.00"}},{"v":128618.6,"d":"128,618.60"},{"$f":"R1598","v":{"v":713248.6,"d":"713,248.60"}},{"$f":"R1599/100*10","v":{"v":71324.86,"d":"71,324.86"}},90]
["А1926",1506,10108129,"КМ-5-2-С-2ПР32-В1-ИСП1-Ф-0-pt100-0Р-0-1","(0092) Кусковская ул., д. 18Г",{"v":2,"d":"2.000"},"ШТ","2014-12-31","3.NV.1100-2002","Документы отсутствуют","Нет данных","Новое",{"v":61193.83,"d":"61,193.83"},{"$f":"O1600/F1600","v":{"v":30596.92,"d":"30,596.92"}},{"v":61193.83,"d":"61,193.83"},{"v":75710,"d":"75,710.00"},{"$f":"R1600-P1600","v":{"v":16656.2,"d":"16,656.20"}},{"$f":"P1600*1.22","v":{"v":92366.2,"d":"92,366.20"}},null,91,"Узлы учета тепловой энергии"]
["А1927",1507,10108139,"КМ-5-2-С-2ПР40-В1-ИСП1-Ф-0-pt100-0Р-0-1","(0092) Кусковская ул., д. 18Г",{"v":1,"d":"1.000"},"ШТ","2014-12-31","3.NV.1100-2002","Документы отсутствуют","Нет данных","Новое",{"v":33382.45,"d":"33,382.45"},{"v":33382.45,"d":"33,382.45"},{"v":33382.45,"d":"33,382.45"},{"v":41300,"d":"41,300.00"},{"$f":"R1601-P1601","v":{"v":9086,"d":"9,086.00"}},{"$f":"P1601*1.22","v":{"v":50386,"d":"50,386.00"}},null,91]
["А1928",1508,10108055,"КМ-5-2-С-2ПР50-В1-ИСП1-Ф-0-pt100-0Р-0-1","(0092) Кусковская ул., д. 18Г",{"v":2,"d":"2.000"},"ШТ","2014-12-31","3.NV.1100-2002","Документы отсутствуют","Нет данных","Новое",{"v":70152.26,"d":"70,152.26"},{"v":35076.13,"d":"35,076.13"},{"v":70152.26,"d":"70,152.26"},{"v":86790,"d":"86,790.00"},{"$f":"R1602-P1602","v":{"v":19093.8,"d":"19,093.80"}},{"$f":"P1602*1.22","v":{"v":105883.8,"d":"105,883.80"}},null,91]
[{"$nulls":14},{"$f":"SUM(O1600:O1602)","v":{"v":164728.54,"d":"164,728.54"}},{"$f":"SUM(P1600:P1602)","v":{"v":203800,"d":"203,800.00"}},{"v":44836,"d":"44,836.00"},{"$f":"SUM(R1600:R1602)","v":{"v":248636,"d":"248,636.00"}},{"$f":"R1603/100*10","v":{"v":24863.6,"d":"24,863.60"}},91]
["А1930",1509,102002300,"Б/УРСМ-05.07-ПРП-50-50-0-0-0-0-0-0-1-2-2","(1690) Боровский пр-д, д.13а",{"v":1,"d":"1.000"},"ШТ","2010","3.NV.1216-2002","Документы отсутствуют","Нет данных","Удовлетворительное ",{"v":17448.79,"d":"17,448.79"},{"$f":"O1604/F1604","v":{"v":17448.79,"d":"17,448.79"}},{"v":17448.79,"d":"17,448.79"},{"v":9750,"d":"9,750.00"},{"$f":"R1604-P1604","v":{"v":2145,"d":"2,145.00"}},{"$f":"P1604*1.22","v":{"v":11895,"d":"11,895.00"}},null,92,"Узлы учета тепловой энергии"]
["А1931",1510,102002306,"Б/УРСМ-05.07-ПРП-80-80-0-0-0-0-0-0-1-2-2","(1690) Боровский пр-д, д.13а",{"v":1,"d":"1.000"},"ШТ","2017-03-30","3.NV.1216-2002","Документы отсутствуют","Нет данных","Удовлетворительное ",{"v":22768.09,"d":"22,768.09"},{"v":22768.09,"d":"22,768.09"},{"v":22768.09,"d":"22,768.09"},{"v":9830,"d":"9,830.00"},{"v":2162.6,"d":"2,162.60"},{"v":11992.6,"d":"11,992.60"},null,92]
["А1933",1511,102002344,"Б/У КМ-5-2-С-2ПР25-В1-ИСП1-Ф-0-pt100-0Р-","(1690) Боровский пр-д, д.13а",{"v":1,"d":"1.000"},"ШТ","2010","3.NV.1216-2002","Документы отсутствуют","Нет данных","Удовлетворительное ",{"v":22001.92,"d":"22,001.92"},{"v":22001.92,"d":"22,001.92"},{"v":22001.92,"d":"22,001.92"},{"v":12290,"d":"12,290.00"},{"v":2703.8,"d":"2,703.80"},{"v":14993.8,"d":"14,993.80"},null,92]
["А1934",1512,102002004,"Б/У КМ-5-4-С-2ПР25-В1-ИСП1-Ф-0-pt100-0Р-","(1690) Боровский пр-д, д.13а",{"v":2,"d":"2.000"},"ШТ",2010,"3.NV.1216-2002","Документы отсутствуют","Нет данных","Удовлетворительное ",{"v":25361.72,"d":"25,361.72"},{"v":12680.86,"d":"12,680.86"},{"v":25361.72,"d":"25,361.72"},{"v":14170,"d":"14,170.00"},{"v":3117.4,"d":"3,117.40"},{"v":17287.4,"d":"17,287.40"},null,92]
["А1936",1513,102002282,"Б/У КМ-5-2-С-2ПР32-В1-ИСП1-Ф-0-pt100-0Р-","(1690) Боровский пр-д, д.13а",{"v":2,"d":"2.000"},"ШТ","2010","3.NV.1216-2002","Документы отсутствуют","Нет данных","Удовлетворительное ",{"v":36796.87,"d":"36,796.87"},{"v":18398.44,"d":"18,398.44"},{"v":36796.87,"d":"36,796.87"},{"v":20550,"d":"20,550.00"},{"v":4521,"d":"4,521.00"},{"v":25071,"d":"25,071.00"},null,92]
["А1937",1514,102002307,"Б/У КМ-5-1-С-1ПР32/нет-В1-ИСП1-Ф-0-П100-","(1690) Боровский пр-д, д.13а",{"v":2,"d":"2.000"},"ШТ","2010","3.NV.1216-2002","Документы отсутствуют","Нет данных","Удовлетворительное ",{"v":10806,"d":"10,806.00"},{"v":5403,"d":"5,403.00"},{"v":10806,"d":"10,806.00"},{"v":6040,"d":"6,040.00"},{"v":1328.8,"d":"1,328.80"},{"v":7368.8,"d":"7,368.80"},null,92]
["А1938",1515,102002319,"Б/У КМ-5-4-С-2ПР50/32-В1-ИСП1-Ф-0-pt100-","(1690) Боровский пр-д, д.13а",{"v":2,"d":"2.000"},"ШТ","2010","3.NV.1216-2002","Документы отсутствуют","Нет данных","Удовлетворительное ",{"v":59530.5,"d":"59,530.50"},{"v":29765.25,"d":"29,765.25"},{"v":59530.5,"d":"59,530.50"},{"v":33250,"d":"33,250.00"},{"v":7315,"d":"7,315.00"},{"v":40565,"d":"40,565.00"},null,92]
["А1939",1516,102002302,"Б/У РСМ-05.07-ПРП-100-100-0-0-0-0-0-0-1-","(1690) Боровский пр-д, д.13а",{"v":4,"d":"4.000"},"ШТ","2017-03-30","3.NV.1216-2002","Документы отсутствуют","Нет данных","Удовлетворительное ",{"v":93551.53,"d":"93,551.53"},{"v":23387.88,"d":"23,387.88"},{"v":93551.53,"d":"93,551.53"},{"v":40370,"d":"40,370.00"},{"v":8881.4,"d":"8,881.40"},{"v":49251.4,"d":"49,251.40"},null,92]
["А1940",1517,102002313,"Б/У КМ-5-4-С-2ПР50/40-В1-ИСП1-Ф-0-pt100-","(1690) Боровский пр-д, д.13а",{"v":4,"d":"4.000"},"ШТ","2017-03-30","3.NV.1216-2002","Документы отсутствуют","Нет данных","Удовлетворительное ",{"v":68647.14,"d":"68,647.14"},{"v":17161.79,"d":"17,161.79"},{"v":68647.14,"d":"68,647.14"},{"v":29630,"d":"29,630.00"},{"v":6518.6,"d":"6,518.60"},{"v":36148.6,"d":"36,148.60"},null,92]
["А1941",1518,102002325,"Б/У КМ-5-4-С-2ПР80/50-В1-ИСП1-Ф-0-pt100-","(1690) Боровский пр-д, д.13а",{"v":4,"d":"4.000"},"ШТ","2017-03-30","3.NV.1216-2002","Документы отсутствуют","Нет данных","Удовлетворительное ",{"v":55763.52,"d":"55,763.52"},{"v":13940.88,"d":"13,940.88"},{"v":55763.52,"d":"55,763.52"},{"v":24070,"d":"24,070.00"},{"v":5295.4,"d":"5,295.40"},{"v":29365.4,"d":"29,365.40"},null,92]
["А1942",1519,102002330,"Б/У КМ-5-4-С-2ПР65-В1-ИСП1-Ф-0-pt100-0Р-","(1690) Боровский пр-д, д.13а",{"v":4,"d":"4.000"},"ШТ","2017-03-30","3.NV.1216-2002","Документы отсутствуют","Нет данных","Удовлетворительное ",{"v":57505.2,"d":"57,505.20"},{"v":14376.3,"d":"14,376.30"},{"v":57505.2,"d":"57,505.20"},{"v":24820,"d":"24,820.00"},{"v":5460.4,"d":"5,460.40"},{"v":30280.4,"d":"30,280.40"},null,92]
["А1944",1520,102002310,"Б/У КМ-5-4-С-2ПР100/80-В1-ИСП1-Ф-0-pt100","(1690) Боровский пр-д, д.13а",{"v":5,"d":"5.000"},"ШТ","2010","3.NV.1216-2002","Документы отсутствуют","Нет данных","Удовлетворительное ",{"v":132881.17,"d":"132,881.17"},{"v":26576.23,"d":"26,576.23"},{"v":132881.17,"d":"132,881.17"},{"v":74220,"d":"74,220.00"},{"v":16328.4,"d":"16,328.40"},{"v":90548.4,"d":"90,548.40"},null,92]
["А1945",1521,102002321,"Б/У КМ-5-4-С-2ПР65/50-В1-ИСП1-Ф-0-pt100-","(1690) Боровский пр-д, д.13а",{"v":5,"d":"5.000"},"ШТ","2010","3.NV.1216-2002","Документы отсутствуют","Нет данных","Удовлетворительное ",{"v":76429.47,"d":"76,429.47"},{"v":15285.89,"d":"15,285.89"},{"v":76429.47,"d":"76,429.47"},{"v":42690,"d":"42,690.00"},{"v":9391.8,"d":"9,391.80"},{"v":52081.8,"d":"52,081.80"},null,92]
["А1946",1522,102002356,"Б/У КМ-5-4-С-2ПР32-В1-ИСП1-Ф-0-pt100-0Р-","(1690) Боровский пр-д, д.13а",{"v":5,"d":"5.000"},"ШТ","31.12.2014","3.NV.1216-2002","Документы отсутствуют","Нет данных","Удовлетворительное ",{"v":71116.72,"d":"71,116.72"},{"v":14223.34,"d":"14,223.34"},{"v":71116.72,"d":"71,116.72"},{"v":35410,"d":"35,410.00"},{"v":7790.2,"d":"7,790.20"},{"v":43200.2,"d":"43,200.20"},null,92]
["А1947",1523,102002284,"Б/У КМ-5-2-С-2ПР40-В1-ИСП1-Ф-0-pt100-0Р-","(1690) Боровский пр-д, д.13а",{"v":6,"d":"6.000"},"ШТ","31.12.2014","3.NV.1216-2002","Документы отсутствуют","Нет данных","Удовлетворительное ",{"v":85381.34,"d":"85,381.34"},{"v":14230.22,"d":"14,230.22"},{"v":85381.34,"d":"85,381.34"},{"v":42510,"d":"42,510.00"},{"v":9352.2,"d":"9,352.20"},{"v":51862.2,"d":"51,862.20"},null,92]
["А1948",1524,102002353,"Б/У КМ-5-4-С-2ПР80-В1-ИСП1-Ф-0-pt100-0Р-","(1690) Боровский пр-д, д.13а",{"v":7,"d":"7.000"},"ШТ","30.03.2017","3.NV.1216-2002","Документы отсутствуют","Нет данных","Удовлетворительное ",{"v":125375.55,"d":"125,375.55"},{"v":17910.79,"d":"17,910.79"},{"v":125375.55,"d":"125,375.55"},{"v":54110,"d":"54,110.00"},{"v":11904.2,"d":"11,904.20"},{"v":66014.2,"d":"66,014.20"},null,92]
["А1949",1525,102002291,"Б/У КМ-5-4-С-2ПР100-В1-ИСП1-Ф-0-pt100-0Р","(1690) Боровский пр-д, д.13а",{"v":9,"d":"9.000"},"ШТ","30.03.2017","3.NV.1216-2002","Документы отсутствуют","Нет данных","Удовлетворительное ",{"v":174673.76,"d":"174,673.76"},{"v":19408.2,"d":"19,408.20"},{"v":174673.76,"d":"174,673.76"},{"v":75380,"d":"75,380.00"},{"v":16583.6,"d":"16,583.60"},{"v":91963.6,"d":"91,963.60"},null,92]
["А1950",1526,102002316,"Б/У КМ-5-2-С-2ПР65-В1-ИСП1-Ф-0-pt100-0Р-","(1690) Боровский пр-д, д.13а",{"v":13,"d":"13.000"},"ШТ","2016-12-30","3.NV.1216-2002","Документы отсутствуют","Нет данных","Удовлетворительное ",{"$f":"O1621","v":{"v":202119.1,"d":"202,119.10"}},{"v":15547.62,"d":"15,547.62"},{"v":202119.1,"d":"202,119.10"},{"v":88500,"d":"88,500.00"},{"v":19470,"d":"19,470.00"},{"v":107970,"d":"107,970.00"},null,92]
["А1951",1527,102002354,"Б/У КМ-5-2-С-2ПР100-В1-ИСП1-Ф-0-pt100-0Р","(1690) Боровский пр-д, д.13а",{"v":13,"d":"13.000"},"ШТ","2016-12-30","3.NV.1216-2002","Документы отсутствуют","Нет данных","Удовлетворительное ",{"v":216461.45,"d":"216,461.45"},{"v":16650.88,"d":"16,650.88"},{"v":216461.45,"d":"216,461.45"},{"v":94780,"d":"94,780.00"},{"v":20851.6,"d":"20,851.60"},{"v":115631.6,"d":"115,631.60"},null,92]
["А1952",1528,102002296,"Б/У КМ-5-4-С-2ПР40-В1-ИСП1-Ф-0-pt100-0Р-","(1690) Боровский пр-д, д.13а",{"v":16,"d":"16.000"},"ШТ","2017-03-30","3.NV.1216-2002","Документы отсутствуют","Нет данных","Удовлетворительное ",{"v":225117.99,"d":"225,117.99"},{"v":14069.87,"d":"14,069.87"},{"v":225117.99,"d":"225,117.99"},{"v":97160,"d":"97,160.00"},{"v":21375.2,"d":"21,375.20"},{"v":118535.2,"d":"118,535.20"},null,92]
["А1953",1529,102002346,"Б/У КМ-5-2-С-2ПР80-В1-ИСП1-Ф-0-pt100-0Р-","(1690) Боровский пр-д, д.13а",{"v":23,"d":"23.000"},"ШТ","2010","3.NV.1216-2002","Документы отсутствуют","Нет данных","Удовлетворительное ",{"v":402092.65,"d":"402,092.65"},{"v":17482.29,"d":"17,482.29"},{"v":402092.65,"d":"402,092.65"},{"v":224590,"d":"224,590.00"},{"v":49409.8,"d":"49,409.80"},{"v":273999.8,"d":"273,999.80"},null,92]
["А1954",1530,102002335,"Б/У КМ-5-4-С-2ПР50-В1-ИСП1-Ф-0-pt100-0Р-","(1690) Боровский пр-д, д.13а",{"v":26,"d":"26.000"},"ШТ","2010","3.NV.1216-2002","Документы отсутствуют","Нет данных","Удовлетворительное ",{"v":420734.95,"d":"420,734.95"},{"v":16182.11,"d":"16,182.11"},{"v":420734.95,"d":"420,734.95"},{"v":235000,"d":"235,000.00"},{"v":51700,"d":"51,700.00"},{"v":286700,"d":"286,700.00"},null,92]
["А1955",1531,102002280,"Б/У КМ-5-2-С-2ПР50-В1-ИСП1-Ф-0-pt100-0Р-","(1690) Боровский пр-д, д.13а",{"v":27,"d":"27.000"},"ШТ","2010","3.NV.1216-2002","Документы отсутствуют","Нет данных","Удовлетворительное ",{"v":414093.66,"d":"414,093.66"},{"v":15336.8,"d":"15,336.80"},{"v":414093.66,"d":"414,093.66"},{"v":231300,"d":"231,300.00"},{"v":50886,"d":"50,886.00"},{"v":282186,"d":"282,186.00"},null,92]
["А1961",1532,10110514,"Имитатор расхода ИПР-4 для КМ-5","(1690) Боровский пр-д, д.13а",{"v":45,"d":"45.000"},"ШТ","2012г","3.NV.1216-2002","Паспорт без №"," ИПР-4 для КМ-5","Удовлетворительное",{"v":49358.58,"d":"49,358.58"},{"$f":"O1627/F1627","v":{"v":1096.86,"d":"1,096.86"}},{"v":49358.58,"d":"49,358.58"},{"v":25230,"d":"25,230.00"},{"v":5550.6,"d":"5,550.60"},{"v":30780.6,"d":"30,780.60"},null,92]
["А1962",1533,10123736,"КМ-5-1-С-1ПР100/нет-В1-ИСП1-Ф-0-П100-0Р","(1690) Боровский пр-д, д.13а",{"v":1,"d":"1.000"},"ШТ","2011г.","3.NV.1216-2002","Паспорт № 340916","КМ-5-1-С-1ПР100/нет-В1-ИСП1-Ф-0-П100-0Р","Удовлетворительное",{"v":23376,"d":"23,376.00"},{"v":23376,"d":"23,376.00"},{"v":23376,"d":"23,376.00"},{"v":12170,"d":"12,170.00"},{"v":2677.4,"d":"2,677.40"},{"v":14847.4,"d":"14,847.40"},null,92]
["А1963",1534,10118614,"КМ-5-1-С-1ПР25/нет-В1-ИСП1-Ф-0-П100-0Р-0","(1690) Боровский пр-д, д.13а",{"v":1,"d":"1.000"},"ШТ","2013г.","3.NV.1216-2002","Паспорт № 357108","КМ-5-1-С-1ПР25/нет-В1-ИСП1-Ф-0-П100-0Р-0","Удовлетворительное",{"v":17856,"d":"17,856.00"},{"v":17856,"d":"17,856.00"},{"v":17856,"d":"17,856.00"},{"v":9150,"d":"9,150.00"},{"v":2013,"d":"2,013.00"},{"v":11163,"d":"11,163.00"},null,92]
["А1964",1535,10118489,"КМ-5-1-С-1ПР32/нет-В1-ИСП1-Ф-0-П100-0Р-0","(1690) Боровский пр-д, д.13а",{"v":18,"d":"18.000"},"ШТ","2013г.","3.NV.1216-2002","Паспорт № 357055, 357182, 356338, 357057, 357073, 357056, 357060, 357052, 357049, 357048, 356332, 356337, 357177, 357189, 357074, 357061, 357044, 357050","КМ-5-1-С-1ПР32/нет-В1-ИСП1-Ф-0-П100-0Р-0","Удовлетворительное",{"v":331440,"d":"331,440.00"},{"v":18413.33,"d":"18,413.33"},{"v":331440,"d":"331,440.00"},{"v":169870,"d":"169,870.00"},{"v":37371.4,"d":"37,371.40"},{"v":207241.4,"d":"207,241.40"},null,92]
["А1965",1536,10118613,"КМ-5-1-С-1ПР40/нет-В1-ИСП1-Ф-0-П100-0Р-0","(1690) Боровский пр-д, д.13а",{"v":3,"d":"3.000"},"ШТ","2011г.","3.NV.1216-2002","Паспорт без №","КМ-5-1-С-1ПР40/нет-В1-ИСП1-Ф-0-П100-0Р-0","Удовлетворительное",{"v":56054.38,"d":"56,054.38"},{"v":18684.79,"d":"18,684.79"},{"v":56054.38,"d":"56,054.38"},{"v":29190,"d":"29,190.00"},{"v":6421.8,"d":"6,421.80"},{"v":35611.8,"d":"35,611.80"},null,92]
["А1966",1537,10118574,"КМ-5-1-С-1ПР50/нет-В1-ИСП1-Ф-0-П100-0Р-0","(1690) Боровский пр-д, д.13а",{"$f":"4-1","v":{"v":3,"d":"3.000"}},"ШТ","2011г.","3.NV.1216-2002","Паспорт № 355542, 355952, 355944, 355940","КМ-5-1-С-1ПР50/нет-В1-ИСП1-Ф-0-П100-0Р-0","Удовлетворительное",{"v":59108.32,"d":"59,108.32"},{"v":19702.77,"d":"19,702.77"},{"$f":"78811.09/4*3","v":{"v":59108.32,"d":"59,108.32"}},{"v":30780,"d":"30,780.00"},{"v":6771.6,"d":"6,771.60"},{"v":37551.6,"d":"37,551.60"},null,92]
["А1967",1538,10124556,"КМ-5-1-С-1ПР65/нет-В1-ИСП1-Ф-0-П100-0Р","(1690) Боровский пр-д, д.13а",{"v":3,"d":"3.000"},"ШТ","2011г.","3.NV.1216-2002","Паспорт № 352392, 354585, 340572","КМ-5-1-С-1ПР65/нет-В1-ИСП1-Ф-0-П100-0Р","Удовлетворительное",{"v":63237,"d":"63,237.00"},{"v":21079,"d":"21,079.00"},{"v":63237,"d":"63,237.00"},{"v":32930,"d":"32,930.00"},{"v":7244.6,"d":"7,244.60"},{"v":40174.6,"d":"40,174.60"},null,92]
["А1968",1539,10118594,"КМ-5-1-С-1ПР80/нет-В1-ИСП1-Ф-0-П100-0Р-0","(1690) Боровский пр-д, д.13а",{"v":5,"d":"5.000"},"ШТ","2011г.","3.NV.1216-2002","Паспорт № 352201, 353086, 341280, 353536, 353542","КМ-5-1-С-1ПР80/нет-В1-ИСП1-Ф-0-П100-0Р-0","Удовлетворительное",{"v":105928.12,"d":"105,928.12"},{"v":21185.62,"d":"21,185.62"},{"v":105928.12,"d":"105,928.12"},{"v":55170,"d":"55,170.00"},{"v":12137.4,"d":"12,137.40"},{"v":67307.4,"d":"67,307.40"},null,92]
["А1969",1540,10108214,"КМ-5-2-С-2ПР25-В1-ИСП1-Ф-0-pt100-0Р-0-1","(1690) Боровский пр-д, д.13а",{"v":9,"d":"9.000"},"ШТ","2011г.","3.NV.1216-2002","Паспорт № 324295/324257, 323112/323009, 316904/316859, 308638/308611, 308889/308867, 309314/309262, 309318/309256, 308895/308873","КМ-5-2-С-2ПР25-В1-ИСП1-Ф-0-pt100-0Р-0-1","Удовлетворительное",{"v":244465.8,"d":"244,465.80"},{"v":27162.87,"d":"27,162.87"},{"v":244465.8,"d":"244,465.80"},{"v":127320,"d":"127,320.00"},{"v":28010.4,"d":"28,010.40"},{"v":155330.4,"d":"155,330.40"},null,92]
["А1970",1541,10108129,"КМ-5-2-С-2ПР32-В1-ИСП1-Ф-0-pt100-0Р-0-1","(1690) Боровский пр-д, д.13а",{"v":8,"d":"8.000"},"ШТ","2010г","3.NV.1216-2002","Паспорт № 355635/355576, 356335/356314, 356107/356063, 356838/356826, 356336/356308, 356837/356827, 356837/356827, 356330/356315,357728/357704","КМ-5-2-С-2ПР32-В1-ИСП1-Ф-0-pt100-0Р-0-1","Удовлетворительное",{"v":244775.32,"d":"244,775.32"},{"v":30596.92,"d":"30,596.92"},{"v":244775.32,"d":"244,775.32"},{"v":178130,"d":"178,130.00"},{"$f":"R1636-P1636","v":{"v":39188.6,"d":"39,188.60"}},{"$f":"P1636*1.22","v":{"v":217318.6,"d":"217,318.60"}},null,92]
["А1971",1542,10108139,"КМ-5-2-С-2ПР40-В1-ИСП1-Ф-0-pt100-0Р-0-1","(1690) Боровский пр-д, д.13а",{"v":12,"d":"12.000"},"ШТ","2011г.","3.NV.1216-2002","Паспорт № 357788/357750, 357825/357807, 357784/357756, 357827/357809, 357782/357749, 357820/357802, 357832/357798, 357816/357801, 357830/357813, 357831/357808, 357785/357748, 357741/357483","КМ-5-2-С-2ПР40-В1-ИСП1-Ф-0-pt100-0Р-0-1","Удовлетворительное",{"v":400589.36,"d":"400,589.36"},{"v":33382.45,"d":"33,382.45"},{"v":400589.36,"d":"400,589.36"},{"v":291520,"d":"291,520.00"},{"v":64134.4,"d":"64,134.40"},{"v":355654.4,"d":"355,654.40"},null,92]
["А1972",1543,10108055,"КМ-5-2-С-2ПР50-В1-ИСП1-Ф-0-pt100-0Р-0-1","(1690) Боровский пр-д, д.13а",{"v":14,"d":"14.000"},"ШТ","2011г.","3.NV.1216-2002","Паспорт № 357864/357835, 357904/357884, 355179/355162, 357675/357666, 355191/355146, 357859/357843, 357860/357836, 357906/357890, 355610/355551, 357857/357854, 357872/357851, 357862/357849, 357874/357833, 357875/357850","КМ-5-2-С-2ПР50-В1-ИСП1-Ф-0-pt100-0Р-0-1","Удовлетворительное",{"v":491065.78,"d":"491,065.78"},{"v":35076.13,"d":"35,076.13"},{"v":491065.78,"d":"491,065.78"},{"v":357370,"d":"357,370.00"},{"v":78621.4,"d":"78,621.40"},{"v":435991.4,"d":"435,991.40"},null,92]
["А1973",1544,10108250,"КМ-5-2-С-2ПР65-В1-ИСП1-Ф-0-pt100-0Р-0-1","(1690) Боровский пр-д, д.13а",{"v":7,"d":"7.000"},"ШТ","2011г.","3.NV.1216-2002","Паспорт № 355631/355581, 355619/355580, 357566/357563, 355620/355594, 309177/309150,306175/306143, 309171/309132","КМ-5-2-С-2ПР65-В1-ИСП1-Ф-0-pt100-0Р-0-1","Удовлетворительное",{"v":252271.98,"d":"252,271.98"},{"v":36038.85,"d":"36,038.85"},{"v":252271.98,"d":"252,271.98"},{"v":131380,"d":"131,380.00"},{"v":28903.6,"d":"28,903.60"},{"v":160283.6,"d":"160,283.60"},null,92]
["А1974",1545,10108215,"КМ-5-2-С-2ПР80-В1-ИСП1-Ф-0-pt100-0Р-0-1","(1690) Боровский пр-д, д.13а",{"v":13,"d":"13.000"},"ШТ","2012г","3.NV.1216-2002","Паспорт № 355826/355776, 355847/355767, 356354/356409, 357308/357290, 357311/357282, 357127/357120, 357144/357122, 355816/355777, 357128/357121, 355842/355771, 355821/355760, 357310/357286, 355825/355769","КМ-5-2-С-2ПР80-В1-ИСП1-Ф-0-pt100-0Р-0-1","Удовлетворительное",{"v":496448.86,"d":"496,448.86"},{"v":38188.37,"d":"38,188.37"},{"v":496448.86,"d":"496,448.86"},{"v":253730,"d":"253,730.00"},{"v":55820.6,"d":"55,820.60"},{"v":309550.6,"d":"309,550.60"},null,92]
["А1975",1546,10118558,"КМ-5-4-С-2ПР100/80-В1-ИСП1-Ф-0-pt100-0Р","(1690) Боровский пр-д, д.13а",{"v":8,"d":"8.000"},"ШТ","2011г.","3.NV.1216-2002","Паспорт № 334448/334374, 307214/307191, 353750/353738, ","КМ-5-4-С-2ПР100/80-В1-ИСП1-Ф-0-pt100-0Р","Удовлетворительное",{"v":314404,"d":"314,404.00"},{"v":39300.5,"d":"39,300.50"},{"v":314404,"d":"314,404.00"},{"v":163740,"d":"163,740.00"},{"v":36022.8,"d":"36,022.80"},{"v":199762.8,"d":"199,762.80"},null,92]
["А1976",1547,10108241,"КМ-5-4-С-2ПР25-В1-ИСП1-Ф-0-pt100-0Р-0-1","(1690) Боровский пр-д, д.13а",{"v":26,"d":"26.000"},"ШТ","2011г.","3.NV.1216-2002","Паспорт № 358017/357993, 358020/358010, 357793/357763, 358019/357988, 357792/357760, 357780/357761, 357795/357772, 358018/357998, 359096/356079, 358023/358006, 357794/357777, 357787/357776, 357790/357759, 356878/356863, 355748/355683, 357789/357778, 358022/358008, 356103/056087, 355740/355681, 356880/356855, 357783/357775, 358016/358007, 356882/356861, 357791/357758","КМ-5-4-С-2ПР25-В1-ИСП1-Ф-0-pt100-0Р-0-1","Удовлетворительное",{"v":772494.25,"d":"772,494.25"},{"v":29711.32,"d":"29,711.32"},{"v":772494.25,"d":"772,494.25"},{"v":402320,"d":"402,320.00"},{"v":88510.4,"d":"88,510.40"},{"v":490830.4,"d":"490,830.40"},null,92]
["А1977",1548,10118616,"КМ-5-4-С-2ПР32/25-В1-ИСП1-Ф-0-pt100-0Р-0","(1690) Боровский пр-д, д.13а",{"v":2,"d":"2.000"},"ШТ","2011г.","3.NV.1216-2002","Паспорт без №","КМ-5-4-С-2ПР32/25-В1-ИСП1-Ф-0-pt100-0Р-0","Удовлетворительное",{"v":61807.33,"d":"61,807.33"},{"v":30903.67,"d":"30,903.67"},{"v":61807.33,"d":"61,807.33"},{"v":32190,"d":"32,190.00"},{"v":7081.8,"d":"7,081.80"},{"v":39271.8,"d":"39,271.80"},null,92]
["А1978",1549,10108229,"КМ-5-4-С-2ПР32-В1-ИСП1-Ф-0-pt100-0Р-0-1","(1690) Боровский пр-д, д.13а",{"v":5,"d":"5.000"},"ШТ","2011г.","3.NV.1216-2002","Паспорт без №","КМ-5-4-С-2ПР32-В1-ИСП1-Ф-0-pt100-0Р-0-1","Удовлетворительное",{"v":158634.75,"d":"158,634.75"},{"v":31726.95,"d":"31,726.95"},{"v":158634.75,"d":"158,634.75"},{"v":82620,"d":"82,620.00"},{"v":18176.4,"d":"18,176.40"},{"v":100796.4,"d":"100,796.40"},null,92]
["А1979",1550,10118625,"КМ-5-4-С-2ПР40/32-В1-ИСП1-Ф-0-pt100-0Р-0","(1690) Боровский пр-д, д.13а",{"v":7,"d":"7.000"},"ШТ","2011г.","3.NV.1216-2002","Паспорт № 331257/331073, 341650/341863, 341857/341862, 331367/331047, 331365/331037, 341846/341867, 331223/331027","КМ-5-4-С-2ПР40/32-В1-ИСП1-Ф-0-pt100-0Р-0","Удовлетворительное",{"v":214618.7,"d":"214,618.70"},{"v":30659.81,"d":"30,659.81"},{"v":214618.7,"d":"214,618.70"},{"v":111770,"d":"111,770.00"},{"v":24589.4,"d":"24,589.40"},{"v":136359.4,"d":"136,359.40"},null,92]
["А1980",1551,10108243,"КМ-5-4-С-2ПР40-В1-ИСП1-Ф-0-pt100-0Р-0-1","(1690) Боровский пр-д, д.13а",{"v":8,"d":"8.000"},"ШТ","2011г.","3.NV.1216-2002","Паспорт № 309241/309193, 354975/354962, 356007/355986, 356016/355978, 356005/355967, 356021/355972, 356039/355984, 353060/352026","КМ-5-4-С-2ПР40-В1-ИСП1-Ф-0-pt100-0Р-0-1","Удовлетворительное",{"v":267191.48,"d":"267,191.48"},{"v":33398.94,"d":"33,398.94"},{"v":267191.48,"d":"267,191.48"},{"v":139150,"d":"139,150.00"},{"v":30613,"d":"30,613.00"},{"v":169763,"d":"169,763.00"},null,92]
["А1981",1552,10118615,"КМ-5-4-С-2ПР50/32-В1-ИСП1-Ф-0-pt100-0Р","(1690) Боровский пр-д, д.13а",{"v":5,"d":"5.000"},"ШТ","2011г.","3.NV.1216-2002","Паспорт № 330795/330754, 330820/330737, 330785/330760, 330822/330756, 330815/330734","КМ-5-4-С-2ПР50/32-В1-ИСП1-Ф-0-pt100-0Р","Удовлетворительное",{"v":165362.5,"d":"165,362.50"},{"v":33072.5,"d":"33,072.50"},{"v":165362.5,"d":"165,362.50"},{"v":86120,"d":"86,120.00"},{"v":18946.4,"d":"18,946.40"},{"v":105066.4,"d":"105,066.40"},null,92]
["А1982",1553,10118593,"КМ-5-4-С-2ПР50/40-В1-ИСП1-Ф-0-pt100-0Р-0","(1690) Боровский пр-д, д.13а",{"v":21,"d":"21.000"},"ШТ","2011г.","3.NV.1216-2002","Паспорт № 330985/330870, 330995/330851, 331201/331169, 331198/331183, 331203/331140, 331194/331178, 330980/330859, 330986/330873, 331204/331168, 353973/353887, 356648/356643, 330982/330860, 330962/330852, 353846/353897, 331202/331313, 331196/331166, 331195/331156, 353969/353898, 330963/330833","КМ-5-4-С-2ПР50/40-В1-ИСП1-Ф-0-pt100-0Р-0","Удовлетворительное",{"v":690952.1,"d":"690,952.10"},{"v":32902.48,"d":"32,902.48"},{"v":690952.1,"d":"690,952.10"},{"v":359850,"d":"359,850.00"},{"v":79167,"d":"79,167.00"},{"v":439017,"d":"439,017.00"},null,92]
["А1983",1554,10108272,"КМ-5-4-С-2ПР50-В1-ИСП1-Ф-0-pt100-0Р-0-1","(1690) Боровский пр-д, д.13а",{"v":4,"d":"4.000"},"ШТ","2011г.","3.NV.1216-2002","Паспорт № 356652/356640, 356699/356688, 355717/355668","КМ-5-4-С-2ПР50-В1-ИСП1-Ф-0-pt100-0Р-0-1","Удовлетворительное",{"v":140324,"d":"140,324.00"},{"v":35081,"d":"35,081.00"},{"v":140324,"d":"140,324.00"},{"v":73080,"d":"73,080.00"},{"v":16077.6,"d":"16,077.60"},{"v":89157.6,"d":"89,157.60"},null,92]
["А1984",1555,10118624,"КМ-5-4-С-2ПР65/50-В1-ИСП1-Ф-0-pt100-0Р-0","(1690) Боровский пр-д, д.13а",{"v":9,"d":"9.000"},"ШТ","2011г.","3.NV.1216-2002","Паспорт № 357071/356893, 357779/354690, 353845/353837, 357053/356952, 353859/353842, 354757/354694, 354758/354697, 339853/339483, 354760/354693","КМ-5-4-С-2ПР65/50-В1-ИСП1-Ф-0-pt100-0Р-0","Удовлетворительное",{"v":325052.41,"d":"325,052.41"},{"v":36116.93,"d":"36,116.93"},{"v":325052.41,"d":"325,052.41"},{"v":169290,"d":"169,290.00"},{"v":37243.8,"d":"37,243.80"},{"v":206533.8,"d":"206,533.80"},null,92]
["А1985",1556,10108128,"КМ-5-4-С-2ПР65-В1-ИСП1-Ф-0-pt100-0Р-0-1","(1690) Боровский пр-д, д.13а",{"v":7,"d":"7.000"},"ШТ","2010г","3.NV.1216-2002","Паспорт № 305124/305066, 306197/306156, 306200/306111, 355401/355111, 356034/356000, 356026/356002, 355139/355386","КМ-5-4-С-2ПР65-В1-ИСП1-Ф-0-pt100-0Р-0-1","Удовлетворительное",{"v":240013.42,"d":"240,013.42"},{"v":34287.63,"d":"34,287.63"},{"v":240013.42,"d":"240,013.42"},{"v":134060,"d":"134,060.00"},{"v":29493.2,"d":"29,493.20"},{"v":163553.2,"d":"163,553.20"},null,92]
["А1986",1557,10118632,"КМ-5-4-С-2ПР80/50-В1-ИСП1-Ф-0-pt100-0Р-0","(1690) Боровский пр-д, д.13а",{"v":6,"d":"6.000"},"ШТ","2011г.","3.NV.1216-2002","Паспорт  № 331493/331529, 357316/357234, 357296/357231, 357297/357249, 357318/357245, 357298/357240","КМ-5-4-С-2ПР80/50-В1-ИСП1-Ф-0-pt100-0Р-0","Удовлетворительное",{"v":220138.5,"d":"220,138.50"},{"v":36689.75,"d":"36,689.75"},{"v":220138.5,"d":"220,138.50"},{"v":114650,"d":"114,650.00"},{"v":25223,"d":"25,223.00"},{"v":139873,"d":"139,873.00"},null,92]
["А1987",1558,10108310,"КМ-5-4-С-2ПР80-В1-ИСП1-Ф-0-pt100-0Р-0-1","(1690) Боровский пр-д, д.13а",{"v":6,"d":"6.000"},"ШТ","2011г.","3.NV.1216-2002","Паспорт № 333523/333247, 332219/331510, 334322/334293, 334251/334187, 334220/334164, 334354/334299","КМ-5-4-С-2ПР80-В1-ИСП1-Ф-0-pt100-0Р-0-1","Удовлетворительное",{"v":228375.97,"d":"228,375.97"},{"v":38062.66,"d":"38,062.66"},{"v":228375.97,"d":"228,375.97"},{"v":118940,"d":"118,940.00"},{"v":26166.8,"d":"26,166.80"},{"v":145106.8,"d":"145,106.80"},null,92]
["А1988",1559,10117101,"РСМ-05.05-ПРП-25-0-0-0-0-0-0-1-2-2-220","(1690) Боровский пр-д, д.13а",{"v":10,"d":"10.000"},"ШТ","2011г.","3.NV.1216-2002","Паспорт № 159160, 159163, 159164, 159169, 159178, 159207, 159216, 159250, 159251, 159255","РСМ-05.05-ПРП-25-0-0-0-0-0-0-1-2-2-220","Удовлетворительное",{"v":103824,"d":"103,824.00"},{"v":10382.4,"d":"10,382.40"},{"v":103824,"d":"103,824.00"},{"v":54070,"d":"54,070.00"},{"v":11895.4,"d":"11,895.40"},{"v":65965.4,"d":"65,965.40"},null,92]
["А1989",1560,10117121,"РСМ-05.05-ПРП-32-0-0-0-0-0-0-1-2-2-220","(1690) Боровский пр-д, д.13а",{"v":10,"d":"10.000"},"ШТ","2010г.","3.NV.1216-2002","Паспорт № 158818, 158948, 158699, 159056, 158685, 158690, 158957,  158977, 159056, 159045, 159046 ","РСМ-05.05-ПРП-32-0-0-0-0-0-0-1-2-2-220","Удовлетворительное",{"v":116704,"d":"116,704.00"},{"v":11670.4,"d":"11,670.40"},{"v":116704,"d":"116,704.00"},{"v":65190,"d":"65,190.00"},{"v":14341.8,"d":"14,341.80"},{"v":79531.8,"d":"79,531.80"},null,92]
["А1990",1561,10117033,"РСМ-05.05-ПРП-50-0-0-0-0-0-0-1-2-2-220","(1690) Боровский пр-д, д.13а",{"v":10,"d":"10.000"},"ШТ","2010г.","3.NV.1216-2002","Паспорт № 158436, 158833, 158836, 158980, 158981, 158986, 158987, 158991, 158995","РСМ-05.05-ПРП-50-0-0-0-0-0-0-1-2-2-220","Удовлетворительное",{"v":126224,"d":"126,224.00"},{"v":12622.4,"d":"12,622.40"},{"v":126224,"d":"126,224.00"},{"v":70500,"d":"70,500.00"},{"v":15510,"d":"15,510.00"},{"v":86010,"d":"86,010.00"},null,92]
["А1991",1562,10120467,"РСМ-05.07-ПРП-100-100-0-0-0-0-0-0-1-2-2","(1690) Боровский пр-д, д.13а",{"v":6,"d":"6.000"},"ШТ","2012г.","3.NV.1216-2002","Паспорт № 176715, 270654, 270658, 270660, 270673, 270675","РСМ-05.07-ПРП-100-100-0-0-0-0-0-0-1-2-2","Удовлетворительное",{"v":223926.21,"d":"223,926.21"},{"v":37321.04,"d":"37,321.04"},{"v":223926.21,"d":"223,926.21"},{"v":114440,"d":"114,440.00"},{"v":25176.8,"d":"25,176.80"},{"v":139616.8,"d":"139,616.80"},null,92]
["А1992",1563,10118640,"РСМ-05.07-ПРП-100-50-0-0-0-0-0-0-1-2-2","(1690) Боровский пр-д, д.13а",{"v":11,"d":"11.000"},"ШТ","2011г.","3.NV.1216-2002","Паспорт № 176898, 176769, 176852, 176774, 176900, 176777, 176896, 176815, 176780, 176814, 176778","РСМ-05.07-ПРП-100-50-0-0-0-0-0-0-1-2-2","Удовлетворительное",{"v":346376.8,"d":"346,376.80"},{"v":31488.8,"d":"31,488.80"},{"v":346376.8,"d":"346,376.80"},{"v":180400,"d":"180,400.00"},{"v":39688,"d":"39,688.00"},{"v":220088,"d":"220,088.00"},null,92]
["А1993",1564,10118479,"РСМ-05.07-ПРП-100-80-0-0-0-0-0-0-1-2-2","(1690) Боровский пр-д, д.13а",{"v":15,"d":"15.000"},"ШТ","2011г.","3.NV.1216-2002","Паспорт № 176637, 176639, 176737, 176738, 176740, 176741, 176742, 176745, 176822, 176825, 176826, 176834, 176837","РСМ-05.07-ПРП-100-80-0-0-0-0-0-0-1-2-2","Удовлетворительное",{"v":502320,"d":"502,320.00"},{"$f":"O1659/F1659","v":{"v":33488,"d":"33,488.00"}},{"v":502320,"d":"502,320.00"},{"v":261610,"d":"261,610.00"},{"v":57554.2,"d":"57,554.20"},{"v":319164.2,"d":"319,164.20"},null,92]
["А1994",1565,10117102,"РСМ-05.07-ПРП-25-25-0-0-0-1-0-0-1-2-2","(1690) Боровский пр-д, д.13а",{"v":6,"d":"6.000"},"ШТ","2011г.","3.NV.1216-2002","Паспорт № 176543, 176766, 176551, 176763, 176759, 176764","РСМ-05.07-ПРП-25-25-0-0-0-1-0-0-1-2-2","Удовлетворительное",{"v":124588.8,"d":"124,588.80"},{"v":20764.8,"d":"20,764.80"},{"v":124588.8,"d":"124,588.80"},{"v":64890,"d":"64,890.00"},{"v":14275.8,"d":"14,275.80"},{"v":79165.8,"d":"79,165.80"},null,92]
["А1995",1566,10120540,"РСМ-05.07-ПРП-32-32-0-0-0-0-0-0-1-2-2","(1690) Боровский пр-д, д.13а",{"v":9,"d":"9.000"},"ШТ","2011г.","3.NV.1216-2002","Паспорт № 176803, 176804, 176805, 176807, 176642, 176812, 176813, 177111, 177115","РСМ-05.07-ПРП-32-32-0-0-0-0-0-0-1-2-2","Удовлетворительное",{"v":209129.4,"d":"209,129.40"},{"v":23236.6,"d":"23,236.60"},{"v":209129.4,"d":"209,129.40"},{"v":108920,"d":"108,920.00"},{"v":23962.4,"d":"23,962.40"},{"v":132882.4,"d":"132,882.40"},null,92]
["А1996",1567,10118650,"РСМ-05.07-ПРП-50-32-0-0-0-0-0-0-1-2-2","(1690) Боровский пр-д, д.13а",{"v":11,"d":"11.000"},"ШТ","2011г.","3.NV.1216-2002","Паспорт № 176631, 176635, 176648, 176649, 176673, 176871, 176682, 176887, 176991, 270473, 270477","РСМ-05.07-ПРП-50-32-0-0-0-0-0-0-1-2-2","Удовлетворительное",{"v":264316.25,"d":"264,316.25"},{"v":24028.75,"d":"24,028.75"},{"v":264316.25,"d":"264,316.25"},{"v":137660,"d":"137,660.00"},{"v":30285.2,"d":"30,285.20"},{"v":167945.2,"d":"167,945.20"},null,92]
["А1997",1568,10120439,"РСМ-05.07-ПРП-50-50-0-0-0-0-0-0-1-2-2","(1690) Боровский пр-д, д.13а",{"v":3,"d":"3.000"},"ШТ","2012г.","3.NV.1216-2002","Паспорт № 270632, 270739","РСМ-05.07-ПРП-50-50-0-0-0-0-0-0-1-2-2","Удовлетворительное",{"v":74230.24,"d":"74,230.24"},{"v":24743.41,"d":"24,743.41"},{"v":74230.24,"d":"74,230.24"},{"v":37940,"d":"37,940.00"},{"v":8346.8,"d":"8,346.80"},{"v":46286.8,"d":"46,286.80"},null,92]
["А1998",1569,10118633,"РСМ-05.07-ПРП-80-50-0-0-0-0-0-0-1-2-2","(1690) Боровский пр-д, д.13а",{"v":13,"d":"13.000"},"ШТ","2012г.","3.NV.1216-2002","Паспорт № 270749, 270733, 270700, 270732, 270740, 270743, 270748, 270690, 270718, 270721, 270730, 270704, 270701","РСМ-05.07-ПРП-80-50-0-0-0-0-0-0-1-2-2","Удовлетворительное",{"v":348656.44,"d":"348,656.44"},{"v":26819.73,"d":"26,819.73"},{"v":348656.44,"d":"348,656.44"},{"v":178190,"d":"178,190.00"},{"v":39201.8,"d":"39,201.80"},{"v":217391.8,"d":"217,391.80"},null,92]
["А1999",1570,10120468,"РСМ-05.07-ПРП-80-80-0-0-0-0-0-0-1-2-2","(1690) Боровский пр-д, д.13а",{"v":14,"d":"14.000"},"ШТ","2012г.","3.NV.1216-2002","Паспорт № 270687, 270711, 270709, 270676, 270724, 270678, 270611, 270637, 270706, 270604, 270725, 270716, 270726, 270603","РСМ-05.07-ПРП-80-80-0-0-0-0-0-0-1-2-2","Удовлетворительное",{"v":422198.7,"d":"422,198.70"},{"v":30157.05,"d":"30,157.05"},{"v":422198.7,"d":"422,198.70"},{"v":215780,"d":"215,780.00"},{"v":47471.6,"d":"47,471.60"},{"v":263251.6,"d":"263,251.60"},null,92]
["А2000",1571,10118651,"VA2305M-1-0-100-D-1,0-2","(1690) Боровский пр-д, д.13а",{"v":8,"d":"8.000"},"ШТ","2011г.","3.NV.1216-2002","Паспорт без №","VA2305M-1-0-100-D-1,0-2","Удовлетворительное",{"v":253692,"d":"253,692.00"},{"v":31711.5,"d":"31,711.50"},{"v":253692,"d":"253,692.00"},{"v":132120,"d":"132,120.00"},{"v":29066.4,"d":"29,066.40"},{"v":161186.4,"d":"161,186.40"},null,92]
["А2001",1572,10117114,"VA2305M-1-0-25-D-0,1-2","(1690) Боровский пр-д, д.13а",{"v":15,"d":"15.000"},"ШТ","2011г.","3.NV.1216-2002","Паспорт без №","VA2305M-1-0-25-D-0,1-2","Удовлетворительное",{"v":387258.75,"d":"387,258.75"},{"v":25817.25,"d":"25,817.25"},{"v":387258.75,"d":"387,258.75"},{"v":201690,"d":"201,690.00"},{"v":44371.8,"d":"44,371.80"},{"v":246061.8,"d":"246,061.80"},null,92]
["А2002",1573,10117115,"VA2305M-1-0-40-D-0,2-2","(1690) Боровский пр-д, д.13а",{"v":9,"d":"9.000"},"ШТ","2011г.","3.NV.1216-2002","Паспорт без №","VA2305M-1-0-40-D-0,2-2","Удовлетворительное",{"v":247623.75,"d":"247,623.75"},{"v":27513.75,"d":"27,513.75"},{"v":247623.75,"d":"247,623.75"},{"v":128960,"d":"128,960.00"},{"$f":"R1668-P1668","v":{"v":28371.2,"d":"28,371.20"}},{"v":157331.2,"d":"157,331.20"},null,92]
["А2003",1574,10120419,"VA2305M-1-0-50-D-0,25-2","(1690) Боровский пр-д, д.13а",{"v":11,"d":"11.000"},"ШТ","2011г.","3.NV.1216-2002","Паспорт без №","VA2305M-1-0-50-D-0,25-2","Удовлетворительное",{"v":306718.5,"d":"306,718.50"},{"v":27883.5,"d":"27,883.50"},{"v":306718.5,"d":"306,718.50"},{"v":159740,"d":"159,740.00"},{"v":35142.8,"d":"35,142.80"},{"v":194882.8,"d":"194,882.80"},null,92]
["А2004",1575,10118635,"VA2305M-1-0-80-D-1,0-2","(1690) Боровский пр-д, д.13а",{"v":8,"d":"8.000"},"ШТ","2011г.","3.NV.1216-2002","Паспорт без №","VA2305M-1-0-80-D-1,0-2","Удовлетворительное",{"v":235683.04,"d":"235,683.04"},{"v":29460.38,"d":"29,460.38"},{"v":235683.04,"d":"235,683.04"},{"v":220440,"d":"220,440.00"},{"v":48496.8,"d":"48,496.80"},{"v":268936.8,"d":"268,936.80"},null,92]
[{"$nulls":14},{"$f":"SUM(O1604:O1670)","v":{"v":13945474.88,"d":"13,945,474.88"}},{"$f":"SUM(P1604:P1670)","v":{"v":7544680,"d":"7,544,680.00"}},{"v":1659829.6,"d":"1,659,829.60"},{"$f":"SUM(R1604:R1670)","v":{"v":9204509.6,"d":"9,204,509.60"}},{"$f":"R1671/100*10","v":{"v":920450.96,"d":"920,450.96"}},92]
["А2008",1576,10109957,"Сетка фильтра F3240 Ду250 Tecofi","(0098) Верхние поля, 25",{"v":4,"d":"4.000"},"ШТ","2013-04-11","3.NV.1100-2002","Документы отсутствуют","Нет данных","Новое",{"v":15241.8,"d":"15,241.80"},{"$f":"O1672/F1672","v":{"v":3810.45,"d":"3,810.45"}},{"v":15241.8,"d":"15,241.80"},{"v":31130,"d":"31,130.00"},{"$f":"R1672-P1672","v":{"v":6848.6,"d":"6,848.60"}},{"$f":"P1672*1.22","v":{"v":37978.6,"d":"37,978.60"}},null,93,"Фильтрующие материалы"]
["А2009",1577,10105151,"Фильтр Y222P Ду20 Ру25 Danfoss 149B5160","(0098) Верхние поля, 25",{"v":1,"d":"1.000"},"ШТ","2013-07-29","3.NV.1100-2002","Документы отсутствуют","Нет данных","Новое",{"v":1510.35,"d":"1,510.35"},{"v":1510.35,"d":"1,510.35"},{"v":1510.35,"d":"1,510.35"},{"v":2990,"d":"2,990.00"},{"v":657.8,"d":"657.80"},{"v":3647.8,"d":"3,647.80"},null,93]
["А2010",1578,10093762,"Фильтр CO для ячейки CO МФС-8 КГА-8С","(0092) Кусковская ул., д. 18Г",{"v":8,"d":"8.000"},"ШТ","2012-12-06","3.NV.1100-2002","Документы отсутствуют","Нет данных","Новое",{"v":14796.42,"d":"14,796.42"},{"v":1849.55,"d":"1,849.55"},{"v":14796.42,"d":"14,796.42"},{"v":30810,"d":"30,810.00"},{"v":6778.2,"d":"6,778.20"},{"v":37588.2,"d":"37,588.20"},null,93]
["А2011",1579,102002209,"Фильтр грязевик ТС-567 Ду200 Ру25 п/пр.","(0098) Верхние поля, 25",{"$f":"2-1","v":{"v":1,"d":"1.000"}},"ШТ","2013-10-01","3.NV.1100-2002","Документы отсутствуют","Нет данных","Новое",{"v":62492.8,"d":"62,492.80"},{"v":62492.8,"d":"62,492.80"},{"$f":"124985.6/2*1","v":{"v":62492.8,"d":"62,492.80"}},{"v":124260,"d":"124,260.00"},{"v":27337.2,"d":"27,337.20"},{"v":151597.2,"d":"151,597.20"},null,93]
["А2012",1580,102002210,"Фильтр грязевик ТС-568 Ду1000 Ру16 п/пр.","(0098) Верхние поля, 25",{"v":3,"d":"3.000"},"ШТ","2013-10-01","3.NV.1100-2002","Паспорт Б/Н","Нет данных","Новое",{"v":1652420.58,"d":"1,652,420.58"},{"v":550806.86,"d":"550,806.86"},{"v":1652420.58,"d":"1,652,420.58"},{"v":3285560,"d":"3,285,560.00"},{"v":722823.2,"d":"722,823.20"},{"v":4008383.2,"d":"4,008,383.20"},null,93]
["А2013",1581,10144657,"Фильтр VS B.FLT G4 490x490","(0098) Верхние поля, 25",{"v":2,"d":"2.000"},"ШТ","2013-04-01","3.NV.1100-2002","Документы отсутствуют","Нет данных","Новое",{"v":1322.24,"d":"1,322.24"},661.12,{"v":1322.24,"d":"1,322.24"},{"v":2700,"d":"2,700.00"},{"v":594,"d":"594.00"},{"v":3294,"d":"3,294.00"},null,93]
["А2014",1582,10144656,"Фильтр VS B.FLT G4 SET 2 490x490","(0098) Верхние поля, 25",{"v":15,"d":"15.000"},"ШТ","2013-04-01","3.NV.1100-2002","Документы отсутствуют","Нет данных","Новое",{"$f":"O1678","v":{"v":19833.3,"d":"19,833.30"}},{"v":1322.22,"d":"1,322.22"},{"v":19833.3,"d":"19,833.30"},{"v":40510,"d":"40,510.00"},{"v":8912.2,"d":"8,912.20"},{"v":49422.2,"d":"49,422.20"},null,93]
[{"$nulls":14},{"$f":"SUM(O1672:O1678)","v":{"v":1767617.49,"d":"1,767,617.49"}},{"$f":"SUM(P1672:P1678)","v":{"v":3517960,"d":"3,517,960.00"}},{"v":773951.2,"d":"773,951.20"},{"$f":"SUM(R1672:R1678)","v":{"v":4291911.2,"d":"4,291,911.20"}},{"$f":"R1679/100*10","v":{"v":429191.12,"d":"429,191.12"}},93]
["А2015",{"$f":"B1678+1","v":1583},10097725,"Элемент фильтрующий ELT-110 CF04","(0903) Проезд № 607 д. 22",{"v":2,"d":"2.000"},"КМП","2010","3.NV.1209-2002","Документы отсутствуют","Нет данных","Удовлетворительное",{"v":171513.21,"d":"171,513.21"},{"$f":"O1680/F1680","v":{"v":85756.61,"d":"85,756.61"}},{"v":171513.21,"d":"171,513.21"},{"v":168140,"d":"168,140.00"},{"$f":"R1680-P1680","v":{"v":36990.8,"d":"36,990.80"}},{"$f":"P1680*1.22","v":{"v":205130.8,"d":"205,130.80"}},null,94,"Фильтрующие материалы"]
["А2016",1584,10102792,"Элемент фильтр. ABZFE-HO160-03-1X/M-DIM","(0903) Проезд № 607 д. 22",{"v":2,"d":"2.000"},"ШТ","2010","3.NV.1209-2002","Документы отсутствуют","Нет данных","Удовлетворительное",{"v":19960,"d":"19,960.00"},{"v":9980,"d":"9,980.00"},{"v":19960,"d":"19,960.00"},{"v":19570,"d":"19,570.00"},{"v":4305.4,"d":"4,305.40"},{"v":23875.4,"d":"23,875.40"},null,94]
["А2017",1585,10105591,"Элемент фил к BFD 330.980 Ду125 №3846718","(0903) Проезд № 607 д. 22",{"v":2,"d":"2.000"},"ШТ","2010","3.NV.1209-2002","Документы отсутствуют","Нет данных","Удовлетворительное",{"v":170933.4,"d":"170,933.40"},{"v":85466.7,"d":"85,466.70"},{"v":170933.4,"d":"170,933.40"},{"v":167570,"d":"167,570.00"},{"v":36865.4,"d":"36,865.40"},{"v":204435.4,"d":"204,435.40"},null,94]
["А2018",{"$f":"B1681+1","v":1585},10105400,"Элемент фильтр. ABZFE-HO160-03-1X/M-DIM","(0903) Проезд № 607 д. 22",{"v":3,"d":"3.000"},"ШТ","2010","3.NV.1209-2002","Документы отсутствуют","Нет данных","Удовлетворительное",{"v":29640.6,"d":"29,640.60"},{"v":9880.2,"d":"9,880.20"},{"v":29640.6,"d":"29,640.60"},{"v":29060,"d":"29,060.00"},{"v":6393.2,"d":"6,393.20"},{"v":35453.2,"d":"35,453.20"},null,94]
["А2019",1586,10097772,"Элемент фильтр. ELT-Z-0880-API-PF025-V","(0903) Проезд № 607 д. 22",{"v":4,"d":"4.000"},"КМП","2010","3.NV.1209-2002","Документы отсутствуют","Нет данных","Удовлетворительное",{"v":268864.43,"d":"268,864.43"},{"v":67216.11,"d":"67,216.11"},{"v":268864.43,"d":"268,864.43"},{"v":263570,"d":"263,570.00"},{"v":57985.4,"d":"57,985.40"},{"v":321555.4,"d":"321,555.40"},null,94]
["А2020",1587,10097781,"Элемент фильтрующий ELT-920","(0903) Проезд № 607 д. 22",{"v":4,"d":"4.000"},"ШТ","2010","3.NV.1209-2002","Документы отсутствуют","Нет данных","Удовлетворительное",{"v":236164.05,"d":"236,164.05"},{"v":59041.01,"d":"59,041.01"},{"v":236164.05,"d":"236,164.05"},{"v":231520,"d":"231,520.00"},{"v":50934.4,"d":"50,934.40"},{"v":282454.4,"d":"282,454.40"},null,94]
["А2021",{"$f":"B1684+1","v":1587},10131166,"Элемент фильтр. 2.0160 H3XL-B00-0-M","(0903) Проезд № 607 д. 22",{"v":5,"d":"5.000"},"ШТ","2010","3.NV.1209-2002","Документы отсутствуют","Нет данных","Удовлетворительное",{"v":25192.8,"d":"25,192.80"},{"v":5038.56,"d":"5,038.56"},{"v":25192.8,"d":"25,192.80"},{"v":24700,"d":"24,700.00"},{"v":5434,"d":"5,434.00"},{"v":30134,"d":"30,134.00"},null,94]
["А2022",1588,10131165,"Элемент фильтр. 2.0160 H3XL-AOO-O-M","(0903) Проезд № 607 д. 22",{"v":6,"d":"6.000"},"ШТ","2010","3.NV.1209-2002","Документы отсутствуют","Нет данных","Удовлетворительное",{"v":16947.48,"d":"16,947.48"},{"v":2824.58,"d":"2,824.58"},{"v":16947.48,"d":"16,947.48"},{"v":16610,"d":"16,610.00"},{"v":3654.2,"d":"3,654.20"},{"v":20264.2,"d":"20,264.20"},null,94]
["А2023",1589,10117971,"Фильтр SA115G1L03A MP Filtri","(0903) Проезд № 607 д. 22",{"v":7,"d":"7.000"},"ШТ","2010","3.NV.1209-2002","Документы отсутствуют","Нет данных","Удовлетворительное",{"v":7997.5,"d":"7,997.50"},{"v":1142.5,"d":"1,142.50"},{"v":7997.5,"d":"7,997.50"},{"v":7840,"d":"7,840.00"},{"v":1724.8,"d":"1,724.80"},{"v":9564.8,"d":"9,564.80"},null,94]
["А2024",{"$f":"B1687+1","v":1589},10097780,"Элемент фильтрующий ELT-120","(0903) Проезд № 607 д. 22",{"v":8,"d":"8.000"},"ШТ","2010","3.NV.1209-2002","Документы отсутствуют","Нет данных","Удовлетворительное",{"v":215908.7,"d":"215,908.70"},{"v":26988.59,"d":"26,988.59"},{"v":215908.7,"d":"215,908.70"},{"v":211660,"d":"211,660.00"},{"v":46565.2,"d":"46,565.20"},{"v":258225.2,"d":"258,225.20"},null,94]
["А2025",1590,10117972,"Элемент фильтр. HP065-1-A10AN MP Filtri","(0903) Проезд № 607 д. 22",{"v":10,"d":"10.000"},"ШТ","2010","3.NV.1209-2002","Документы отсутствуют","Нет данных","Удовлетворительное",{"v":11992,"d":"11,992.00"},{"v":1199.2,"d":"1,199.20"},{"v":11992,"d":"11,992.00"},{"v":11760,"d":"11,760.00"},{"v":2587.2,"d":"2,587.20"},{"v":14347.2,"d":"14,347.20"},null,94]
["А2026",1591,10117973,"Элемент фильтр. MF100-2-P10NB MP Filtri","(0903) Проезд № 607 д. 22",{"v":10,"d":"10.000"},"ШТ","2010","3.NV.1209-2002","Документы отсутствуют","Нет данных","Удовлетворительное",{"v":4292,"d":"4,292.00"},{"v":429.2,"d":"429.20"},{"v":4292,"d":"4,292.00"},{"v":4210,"d":"4,210.00"},{"v":926.2,"d":"926.20"},{"v":5136.2,"d":"5,136.20"},null,94]
["А2027",{"$f":"B1690+1","v":1591},10094520,"Элемент фильтрующий ELT-9594/2","(0903) Проезд № 607 д. 22",{"v":12,"d":"12.000"},"КМП","2010","3.NV.1209-2002","Документы отсутствуют","Нет данных","Удовлетворительное",{"v":616146.94,"d":"616,146.94"},{"v":51345.58,"d":"51,345.58"},{"v":616146.94,"d":"616,146.94"},{"v":604020,"d":"604,020.00"},{"v":132884.4,"d":"132,884.40"},{"v":736904.4,"d":"736,904.40"},null,94]
["А2028",1592,10094229,"Элемент фильтрующий G7 XP 1140","(0903) Проезд № 607 д. 22",{"v":14,"d":"14.000"},"ШТ","2010","3.NV.1209-2002","Документы отсутствуют","Нет данных","Удовлетворительное",{"v":103764.4,"d":"103,764.40"},{"v":7411.74,"d":"7,411.74"},{"v":103764.4,"d":"103,764.40"},{"v":101720,"d":"101,720.00"},{"v":22378.4,"d":"22,378.40"},{"v":124098.4,"d":"124,098.40"},null,94]
["А2029",1593,10094458,"Фильтрующий элемент G7 ZP 1140","(0903) Проезд № 607 д. 22",{"v":26,"d":"26.000"},"ШТ","2010","3.NV.1209-2002","Документы отсутствуют","Нет данных","Удовлетворительное",{"v":192308,"d":"192,308.00"},{"v":7396.46,"d":"7,396.46"},{"v":192308,"d":"192,308.00"},{"v":188520,"d":"188,520.00"},{"v":41474.4,"d":"41,474.40"},{"v":229994.4,"d":"229,994.40"},null,94]
["А2030",{"$f":"B1693+1","v":1593},10094057,"Фильтр грубой очистки Hi-Cap 90/35-66 G4","(0903) Проезд № 607 д. 22",{"v":88,"d":"88.000"},"ШТ","2010","3.NV.1209-2002","Документы отсутствуют","Нет данных","Удовлетворительное",{"v":284217.17,"d":"284,217.17"},{"v":3229.74,"d":"3,229.74"},{"v":284217.17,"d":"284,217.17"},{"v":278620,"d":"278,620.00"},{"v":61296.4,"d":"61,296.40"},{"v":339916.4,"d":"339,916.40"},null,94]
["А2031",1594,10144877,"Фильтр MPK 410-31 GT GTU Н10","(0903) Проезд № 607 д. 22",{"v":88,"d":"88.000"},"ШТ","2010","3.NV.1209-2002","Документы отсутствуют","Нет данных","Удовлетворительное",{"v":841280,"d":"841,280.00"},{"v":9560,"d":"9,560.00"},{"v":841280,"d":"841,280.00"},{"v":824720,"d":"824,720.00"},{"v":181438.4,"d":"181,438.40"},{"v":1006158.4,"d":"1,006,158.40"},null,94]
["А2032",1595,10116883,"Фильтр Hi-Flo M6 F6 Camfil Farr 535025A1","(0903) Проезд № 607 д. 22",{"v":212,"d":"212.000"},"ШТ","2010","3.NV.1209-2002","Документы отсутствуют","Нет данных","Удовлетворительное",{"v":642699.2,"d":"642,699.20"},{"v":3031.6,"d":"3,031.60"},{"v":642699.2,"d":"642,699.20"},{"v":630050,"d":"630,050.00"},{"v":138611,"d":"138,611.00"},{"v":768661,"d":"768,661.00"},null,94]
["А2033",{"$f":"B1696+1","v":1595},10144896,"Фильтр GTD 65 KR-8/600 SG GTU F6","(0903) Проезд № 607 д. 22",{"v":300,"d":"300.000"},"ШТ","2010","3.NV.1209-2002","Документы отсутствуют","Нет данных","Удовлетворительное",{"v":1332000,"d":"1,332,000.00"},{"v":4440,"d":"4,440.00"},{"v":1332000,"d":"1,332,000.00"},{"v":1305780,"d":"1,305,780.00"},{"v":287271.6,"d":"287,271.60"},{"v":1593051.6,"d":"1,593,051.60"},null,94]
["А2034",1596,10134084,"Фильтр Viledon Compact Т60","(0807) Боровское шоссе, д.10",{"v":56,"d":"56.000"},"ШТ","2010","3.NV.1208-2002","Документы отсутствуют","Нет данных","Удовлетворительное ",{"v":426160,"d":"426,160.00"},{"v":7610,"d":"7,610.00"},{"v":426160,"d":"426,160.00"},{"v":417770,"d":"417,770.00"},{"v":91909.4,"d":"91,909.40"},{"v":509679.4,"d":"509,679.40"},null,94]
["А2035",1597,10134117,"Фильтр Viledon Compact Т90","(0807) Боровское ш., д.10",{"v":72,"d":"72.000"},"ШТ","2014-12-31","3.NV.1208-2002","Документы отсутствуют","БИРП-12/1,6","Удовлетворительное",{"v":754560,"d":"754,560.00"},{"v":10480,"d":"10,480.00"},{"v":754560,"d":"754,560.00"},{"v":549730,"d":"549,730.00"},{"v":120940.6,"d":"120,940.60"},{"v":670670.6,"d":"670,670.60"},null,94]
["А2036",{"$f":"B1699+1","v":1597},10120795,"Элемент ОС 16.03.300 для ДККС-16-3","(0807) Боровское ш., д.10",{"v":18,"d":"18.000"},"ШТ","2014-12-31","3.NV.1208-2002","Документы отсутствуют","ABB NTAI05","Удовлетворительное",{"v":154260,"d":"154,260.00"},{"v":8570,"d":"8,570.00"},{"v":154260,"d":"154,260.00"},{"v":112390,"d":"112,390.00"},{"v":24725.8,"d":"24,725.80"},{"v":137115.8,"d":"137,115.80"},null,94]
["А2037",1598,10012790,"Элемент фильтр. Ф23.6.02.000","(0807) Боровское ш., д.10",{"v":3,"d":"3.000"},"ШТ","2014-12-31","3.NV.1208-2002","Документы отсутствуют","ABB NTAI06","Удовлетворительное",{"v":25710,"d":"25,710.00"},{"v":8570,"d":"8,570.00"},{"v":25710,"d":"25,710.00"},{"v":18730,"d":"18,730.00"},{"v":4120.6,"d":"4,120.60"},{"v":22850.6,"d":"22,850.60"},null,94]
["А2038",1599,10057328,"Фильтр возд. компрес.Atlas Copco GA-15","(0817) Боровское ш., д.10",{"v":1,"d":"1.000"},"ШТ","2014-12-31","3.NV.1208-2002","Документы отсутствуют","АI801","Удовлетворительное",{"v":1341,"d":"1,341.00"},{"v":1341,"d":"1,341.00"},{"v":1341,"d":"1,341.00"},{"v":980,"d":"980.00"},{"v":215.6,"d":"215.60"},{"v":1195.6,"d":"1,195.60"},null,94]
["А2039",{"$f":"B1702+1","v":1599},102002204,"Фильтр сигнализатор к ЦВС-30","(0817) Боровское ш., д.10",{"v":1,"d":"1.000"},"ШТ","2014-12-31","3.NV.1208-2002","Документы отсутствуют","Текон D48/24","Удовлетворительное",{"v":104831,"d":"104,831.00"},{"v":104831,"d":"104,831.00"},{"v":104831,"d":"104,831.00"},{"v":76370,"d":"76,370.00"},{"v":16801.4,"d":"16,801.40"},{"v":93171.4,"d":"93,171.40"},null,94]
["А2040",1600,102002204,"Фильтр сигнализатор к ЦВС-30                 ","(0911) Строительный пр.,д.14 к.1",{"v":1,"d":"1.000"},"ШТ","2014-12-31","3.NV.1209-2002","Документы отсутствуют","Нет данных","Удовлетворительное",{"v":104831,"d":"104,831.00"},{"v":104831,"d":"104,831.00"},{"v":104831,"d":"104,831.00"},{"v":76370,"d":"76,370.00"},{"v":16801.4,"d":"16,801.40"},{"v":93171.4,"d":"93,171.40"},null,94]
["А2041",1601,10099180,"Фильтр тонкой очис. CAM GT-F9-242412-01","(0903) Проезд № 607 д. 22",{"v":88,"d":"88.000"},"ШТ","2010","3.NV.1209-2002","Документы отсутствуют","Нет данных","Удовлетворительное",{"v":1316107.63,"d":"1,316,107.63"},{"v":14955.77,"d":"14,955.77"},{"v":1316107.63,"d":"1,316,107.63"},{"v":1290200,"d":"1,290,200.00"},{"v":283844,"d":"283,844.00"},{"v":1574044,"d":"1,574,044.00"},null,94]
["А2042",{"$f":"B1705+1","v":1601},10132591,"Фильтр тонкой очис. МРК 49-31 GT GTU F9","(0903) Проезд № 607 д. 22",{"v":176,"d":"176.000"},"ШТ","2010","3.NV.1209-2002","Документы отсутствуют","Нет данных","Удовлетворительное",{"v":1580369.12,"d":"1,580,369.12"},{"v":8979.37,"d":"8,979.37"},{"v":1580369.12,"d":"1,580,369.12"},{"v":1549270,"d":"1,549,270.00"},{"v":340839.4,"d":"340,839.40"},{"v":1890109.4,"d":"1,890,109.40"},null,94]
["А2043",1602,10129244,"Фильтр тонкой очис. МРК 49-31 GT HV F9","(0903) Проезд № 607 д. 22",{"v":88,"d":"88.000"},"ШТ","2010","3.NV.1209-2002","Документы отсутствуют","Нет данных","Удовлетворительное",{"v":728640,"d":"728,640.00"},{"v":8280,"d":"8,280.00"},{"v":728640,"d":"728,640.00"},{"v":714300,"d":"714,300.00"},{"v":157146,"d":"157,146.00"},{"v":871446,"d":"871,446.00"},null,94]
[{"$nulls":14},{"$f":"SUM(O1680:O1708)","v":{"v":10388631.63,"d":"10,388,631.63"}},{"$f":"SUM(P1680:P1708)","v":{"v":9895750,"d":"9,895,750.00"}},{"v":2177065,"d":"2,177,065.00"},{"$f":"SUM(R1680:R1708)","v":{"v":12072815,"d":"12,072,815.00"}},{"$f":"R1709/100*10","v":{"v":1207281.5,"d":"1,207,281.50"}},94]
["А2046",1603,10129770,"Лежак Big Red Torin TR6452","(0092) Кусковская ул., д. 18Г",{"v":17,"d":"17.000"},"ШТ","2014-12-31","3.NV.1100-2002","Документы отсутствуют","Нет данных","Новое",{"v":22708.77,"d":"22,708.77"},{"$f":"O1710/F1710","v":{"v":1335.81,"d":"1,335.81"}},{"v":22708.77,"d":"22,708.77"},{"v":37640,"d":"37,640.00"},{"$f":"R1710-P1710","v":{"v":8280.8,"d":"8,280.80"}},{"$f":"P1710*1.22","v":{"v":45920.8,"d":"45,920.80"}},null,95,"Хозтовары, инвентарь"]
["А2047",1604,10139659,"Метеокомплект МК-3М \"Бриз\"","(0098) Верхние поля, 25",{"v":1,"d":"1.000"},"ШТ","2012-07-01","3.NV.1100-2002","Паспорт Б/Н","Нет данных","Новое",{"v":17668,"d":"17,668.00"},{"$f":"O1711/F1711","v":{"v":17668,"d":"17,668.00"}},{"v":17668,"d":"17,668.00"},{"v":28820,"d":"28,820.00"},{"$f":"R1711-P1711","v":{"v":6340.4,"d":"6,340.40"}},{"$f":"P1711*1.22","v":{"v":35160.4,"d":"35,160.40"}},null,95]
[{"$nulls":14},{"$f":"SUM(O1710:O1711)","v":{"v":40376.77,"d":"40,376.77"}},{"$f":"SUM(P1710:P1711)","v":{"v":66460,"d":"66,460.00"}},{"v":14621.2,"d":"14,621.20"},{"$f":"SUM(R1710:R1711)","v":{"v":81081.2,"d":"81,081.20"}},{"$f":"R1712/100*10","v":{"v":8108.12,"d":"8,108.12"}},95]
["А2049",1605,10039494,"Кронштейн настенный для флага тройной","(0092) Кусковская ул., д. 18Г",{"v":5,"d":"5.000"},"ШТ",2014,"3.NV.1100-2002","Документы отсутствуют"," для флага тройной","Хорошее",{"v":1610.15,"d":"1,610.15"},{"$f":"O1713/F1713","v":322.03},{"v":1610.15,"d":"1,610.15"},{"v":2420,"d":"2,420.00"},{"$f":"R1713-P1713","v":{"v":532.4,"d":"532.40"}},{"$f":"P1713*1.22","v":{"v":2952.4,"d":"2,952.40"}},null,96,"Хозтовары, инвентарь"]
[{"$nulls":14},{"$f":"SUM(O1713:O1713)","v":{"v":1610.15,"d":"1,610.15"}},{"$f":"P1713","v":{"v":2420,"d":"2,420.00"}},{"v":532.4,"d":"532.40"},{"$f":"R1713","v":{"v":2952.4,"d":"2,952.40"}},{"$f":"R1714/100*10","v":295.24},96]
["А2050",1606,102010538,"Кран Ду50 Ру40 КШГ 70.110.050","(0405) Пушкарев пер.,6",{"v":46,"d":"46.000"},"ШТ","2015-11-10","3.NV.1204-2002","Паспорт, дата изготовления 25.09.2015г..","Нет данных","Новое",{"v":156490.16,"d":"156,490.16"},{"$f":"O1715/F1715","v":{"v":3401.96,"d":"3,401.96"}},{"v":156490.16,"d":"156,490.16"},{"v":215770,"d":"215,770.00"},{"$f":"R1715-P1715","v":{"v":47469.4,"d":"47,469.40"}},{"$f":"P1715*1.22","v":{"v":263239.4,"d":"263,239.40"}},null,97,"Шаровые краны до 200 мм "]
["А2065",1607,10038545,"Ручка к крану WK-2a (Ду65,Ду100) EFAR","(0098) Верхние поля, 25",{"v":2,"d":"2.000"},"ШТ","2012-07-02","3.NV.1100-2002","Документы отсутствуют","Нет данных","Новое",432.84,216.42,432.84,{"v":670,"d":"670.00"},{"v":147.4,"d":"147.40"},{"v":817.4,"d":"817.40"},null,97]
["А2066",1608,10051176,"Седло D70 с клапаном регулятора РДУК2","(0098) Верхние поля, 25",{"v":1,"d":"1.000"},"ШТ","2008-09-01","3.NV.1100-2002","Документы отсутствуют","Нет данных","Новое",{"v":11297.39,"d":"11,297.39"},{"v":11297.39,"d":"11,297.39"},{"v":11297.39,"d":"11,297.39"},{"v":21260,"d":"21,260.00"},{"v":4677.2,"d":"4,677.20"},{"v":25937.2,"d":"25,937.20"},null,97]
["А2068",1609,102000935,"Кран Ду150 Ру16 КШГ 71.112.150","(0098) Верхние поля, 25",{"v":2,"d":"2.000"},"ШТ","2014-12-30","3.NV.1100-2002","Документы отсутствуют","Нет данных","Новое",{"v":140359.72,"d":"140,359.72"},{"v":70179.86,"d":"70,179.86"},{"v":140359.72,"d":"140,359.72"},{"v":214460,"d":"214,460.00"},{"v":47181.2,"d":"47,181.20"},{"v":261641.2,"d":"261,641.20"},null,97]
["А2069",1610,10152030,"Кран KMC B1-1-R-015-PN25-000-L-E-2","(0098) Верхние поля, 25",{"v":2,"d":"2.000"},"ШТ","2013-08-01","3.NV.1100-2002","Паспорт Б/Н","Нет данных","Новое",{"v":1708,"d":"1,708.00"},{"v":854,"d":"854.00"},{"v":1708,"d":"1,708.00"},{"v":2530,"d":"2,530.00"},{"v":556.6,"d":"556.60"},{"v":3086.6,"d":"3,086.60"},null,97]
["А2073",1611,10145393,"Кран B-TR-P25-032-C-W4-B-L","(0098) Верхние поля, 25",{"v":9,"d":"9.000"},"ШТ","2013-04-01","3.NV.1100-2002","Документы отсутствуют","Нет данных","Новое",{"v":11094.92,"d":"11,094.92"},{"v":1232.77,"d":"1,232.77"},{"v":11094.92,"d":"11,094.92"},{"v":16590,"d":"16,590.00"},{"v":3649.8,"d":"3,649.80"},{"v":20239.8,"d":"20,239.80"},null,97]
[{"$nulls":14},{"$f":"SUM(O1715:O1720)","v":{"v":321383.03,"d":"321,383.03"}},{"$f":"SUM(P1715:P1720)","v":{"v":471280,"d":"471,280.00"}},{"v":103681.6,"d":"103,681.60"},{"$f":"SUM(R1715:R1720)","v":{"v":574961.6,"d":"574,961.60"}},{"$f":"R1721/100*10","v":{"v":57496.16,"d":"57,496.16"}},97]
["А2076",1612,102009306,"Кран Ду150 Ру25 КШТ.69.102.150 H1470","(0317) Проспект Мира, д. 177А, стр. 1",{"$f":"6-2","v":{"v":4,"d":"4.000"}},"ШТ","2015-08-31","3.NV.1203-2002","Документы отсутствуют","Кран Ballomax Ду150 Ру25 КШТ.69.102.150 H1470 Broen","Удовлетворительное",{"v":107531.44,"d":"107,531.44"},{"$f":"O1722/F1722","v":{"v":26882.86,"d":"26,882.86"}},{"$f":"161297.16/6*4","v":{"v":107531.44,"d":"107,531.44"}},{"v":92820,"d":"92,820.00"},{"$f":"R1722-P1722","v":{"v":20420.4,"d":"20,420.40"}},{"$f":"P1722*1.22","v":{"v":113240.4,"d":"113,240.40"}},null,98,"Шаровые краны до 200 мм "]
["А2079",1613,102001457,"Кран шаровый NAVAL регулирующий Ду125","(0911) Строительный пр.,д.14 к.1",{"v":2,"d":"2.000"},"ШТ","2017-03-30","3.NV.1209-2002","Документы отсутствуют","Нет данных","Удовлетворительное",{"$f":"O1723","v":{"v":33409.86,"d":"33,409.86"}},{"v":16704.93,"d":"16,704.93"},{"v":33409.86,"d":"33,409.86"},{"v":27100,"d":"27,100.00"},{"v":5962,"d":"5,962.00"},{"v":33062,"d":"33,062.00"},null,98]
["А2080",1614,102001502,"Кран шаровый NAVAL газовый Ду150","(0911) Строительный пр.,д.14 к.1",{"v":2,"d":"2.000"},"ШТ","2017-03-30","3.NV.1209-2002","Документы отсутствуют","Нет данных","Удовлетворительное",{"v":32920,"d":"32,920.00"},{"v":16460,"d":"16,460.00"},{"v":32920,"d":"32,920.00"},{"v":26700,"d":"26,700.00"},{"v":5874,"d":"5,874.00"},{"v":32574,"d":"32,574.00"},null,98]
["А2088",1615,10014759,"Седло D105 регулятора давления типа РДУК     ","(0911) Строительный пр.,д.14 к.1",{"v":1,"d":"1.000"},"ШТ","2014-12-31","3.NV.1209-2002","Документы отсутствуют","Нет данных","Удовлетворительное",{"v":11374.04,"d":"11,374.04"},{"v":11374.04,"d":"11,374.04"},{"v":11374.04,"d":"11,374.04"},{"v":10850,"d":"10,850.00"},{"v":2387,"d":"2,387.00"},{"v":13237,"d":"13,237.00"},null,98]
["А2090",1616,102001204,"Кран МА39010-02 Ду200 Ру16 КОФ","(0808) ул. Верейская, д.35",{"v":1,"d":"1.000"},"ШТ","2014-12-31","3.NV.1208-2002","Документы отсутствуют","Нет данных","Удовлетворительное ",{"v":50305.08,"d":"50,305.08"},{"v":50305.08,"d":"50,305.08"},{"v":50305.08,"d":"50,305.08"},{"v":47970,"d":"47,970.00"},{"v":10553.4,"d":"10,553.40"},{"v":58523.4,"d":"58,523.40"},null,98]
["А2092",1617,10008728,"Кран 10с9пм Ду40 Ру16 КОФ","(0808) ул. Верейская, д.35",{"v":2,"d":"2.000"},"ШТ","2014-12-31","3.NV.1208-2002","Документы отсутствуют","Кран 10с9пм Ду40 Ру16 КОФ","Удовлетворительное",{"v":5411.78,"d":"5,411.78"},{"v":2705.89,"d":"2,705.89"},{"v":5411.78,"d":"5,411.78"},{"v":5160,"d":"5,160.00"},{"v":1135.2,"d":"1,135.20"},{"v":6295.2,"d":"6,295.20"},null,98]
[{"$nulls":14},{"$f":"SUM(O1722:O1727)","v":{"v":240952.2,"d":"240,952.20"}},{"$f":"SUM(P1722:P1727)","v":{"v":210600,"d":"210,600.00"}},{"v":46332,"d":"46,332.00"},{"$f":"SUM(R1722:R1727)","v":{"v":256932,"d":"256,932.00"}},{"$f":"R1728/100*10","v":{"v":25693.2,"d":"25,693.20"}},98]
["А2094+А2108",1618,102001694,"Кран Bohmer BBF/KSF-V Ду250 Ру40 AB1222","(0098) Верхние поля, 25",{"$f":"1+5","v":{"v":6,"d":"6.000"}},"ШТ",2015,"3.NV.1100-2002","Документы отсутствуют","Нет данных","Новое",{"v":2298344.92,"d":"2,298,344.92"},{"$f":"O1729/F1729","v":{"v":383057.49,"d":"383,057.49"}},{"v":2298344.92,"d":"2,298,344.92"},{"v":2504250,"d":"2,504,250.00"},{"$f":"R1729-P1729","v":{"v":550935,"d":"550,935.00"}},{"$f":"P1729*1.22","v":{"v":3055185,"d":"3,055,185.00"}},null,99,"Шаровые краны свыше 200 мм "]
["А2095",1619,102000671,"Кран КНSVi-250-YII-KFC/AF Ру40","(0098) Верхние поля, 25",{"v":2,"d":"2.000"},"ШТ","2014-09-09","3.NV.1100-2002","Документы отсутствуют","Нет данных","Новое",{"v":1301939.22,"d":"1,301,939.22"},{"v":650969.61,"d":"650,969.61"},{"v":1301939.22,"d":"1,301,939.22"},{"v":1584990,"d":"1,584,990.00"},{"v":348697.8,"d":"348,697.80"},{"v":1933687.8,"d":"1,933,687.80"},null,99]
["А2096",1620,102001464,"Кран Vexve 103 250 Ду250 Ру16","(0098) Верхние поля, 25",{"v":32,"d":"32.000"},"ШТ",2015,"3.NV.1100-2002","Документы отсутствуют","Нет данных","Новое",{"v":1922292.83,"d":"1,922,292.83"},{"v":60071.65,"d":"60,071.65"},{"v":1922292.83,"d":"1,922,292.83"},{"v":2094510,"d":"2,094,510.00"},{"v":460792.2,"d":"460,792.20"},{"v":2555302.2,"d":"2,555,302.20"},null,99]
["А2097",1621,102000740,"Кран Vexve 103 250 Ду250 Ру25 э/пAuma","(0098) Верхние поля, 25",{"v":2,"d":"2.000"},"ШТ","2014-09-09","3.NV.1100-2002","Документы отсутствуют","Нет данных","Новое",{"v":288980.45,"d":"288,980.45"},{"v":144490.23,"d":"144,490.23"},{"v":288980.45,"d":"288,980.45"},{"v":351810,"d":"351,810.00"},{"v":77398.2,"d":"77,398.20"},{"v":429208.2,"d":"429,208.20"},null,99]
["А2098",1622,102001635,"Кран Vexve 103 250/E Ду250 Ру16 SA07.6","(0098) Верхние поля, 25",{"v":5,"d":"5.000"},"ШТ",2015,"3.NV.1100-2002","Документы отсутствуют","Нет данных","Новое",{"v":861665.49,"d":"861,665.49"},{"v":172333.1,"d":"172,333.10"},{"v":861665.49,"d":"861,665.49"},{"v":938860,"d":"938,860.00"},{"v":206549.2,"d":"206,549.20"},{"v":1145409.2,"d":"1,145,409.20"},null,99]
["А2103",1623,102000683,"Кран Ду300 Ру25 КШТ 61.103.300","(0098) Верхние поля, 25",{"v":2,"d":"2.000"},"ШТ","2014-09-09","3.NV.1100-2002","Документы отсутствуют","Нет данных","Новое",{"v":328523.7,"d":"328,523.70"},{"v":164261.85,"d":"164,261.85"},{"v":328523.7,"d":"328,523.70"},{"v":399950,"d":"399,950.00"},{"v":87989,"d":"87,989.00"},{"v":487939,"d":"487,939.00"},null,99]
["А2104",1624,10147826,"Кран КШ.Ц.Ф.250/180.025.Н/П.02","(0098) Верхние поля, 25",{"v":1,"d":"1.000"},"ШТ","2013-04-05","3.NV.1100-2002","Паспорт б/н","Нет данных","Новое",{"v":26353.34,"d":"26,353.34"},{"v":26353.34,"d":"26,353.34"},{"v":26353.34,"d":"26,353.34"},{"v":31240,"d":"31,240.00"},{"v":6872.8,"d":"6,872.80"},{"v":38112.8,"d":"38,112.80"},null,99]
["А2105",1625,10135506,"Кран КШ.Ц.Ф.250/200.016.Н/П.02","(0098) Верхние поля, 25",{"v":12,"d":"12.000"},"ШТ","2012-05-01","3.NV.1100-2002","Паспорт б/н","Нет данных","Новое",{"v":339541.44,"d":"339,541.44"},{"v":28295.12,"d":"28,295.12"},{"v":339541.44,"d":"339,541.44"},{"v":410080,"d":"410,080.00"},{"v":90217.6,"d":"90,217.60"},{"v":500297.6,"d":"500,297.60"},null,99]
["А2106",1626,102000892,"Кран с/с BVDH-w/w-G-600 Ду600 Ру40 э/п","(0098) Верхние поля, 25",{"v":1,"d":"1.000"},"ШТ","2014-09-09","3.NV.1100-2002","Документы отсутствуют","Нет данных","Новое",{"v":2056113.24,"d":"2,056,113.24"},{"v":2056113.24,"d":"2,056,113.24"},{"v":2056113.24,"d":"2,056,113.24"},{"v":2503130,"d":"2,503,130.00"},{"v":550688.6,"d":"550,688.60"},{"v":3053818.6,"d":"3,053,818.60"},null,99]
["А2107",1627,102001474,"Кран Bohmer BBF/KSF-R Ду300 Ру40 SA07.6","(0098) Верхние поля, 25",{"v":2,"d":"2.000"},"ШТ","2013-06-01","3.NV.1100-2002","Паспорт Б/Н","Нет данных","Новое",{"v":1133499.16,"d":"1,133,499.16"},{"v":566749.58,"d":"566,749.58"},{"v":1133499.16,"d":"1,133,499.16"},{"v":1346580,"d":"1,346,580.00"},{"v":296247.6,"d":"296,247.60"},{"v":1642827.6,"d":"1,642,827.60"},null,99]
["А2109+А2121",1628,102001564,"Кран Bohmer BBF/KSF-V Ду300 Ру40 SA07.6","(0098) Верхние поля, 25",{"v":5,"d":"5.000"},"ШТ","2013-06-01","3.NV.1100-2002","Паспорт Б/Н","Нет данных","Новое",{"v":3430631.96,"d":"3,430,631.96"},{"v":686126.39,"d":"686,126.39"},{"v":3430631.96,"d":"3,430,631.96"},{"v":4075540,"d":"4,075,540.00"},{"v":896618.8,"d":"896,618.80"},{"v":4972158.8,"d":"4,972,158.80"},null,99]
["А2110",1629,102001082,"Кран B-TF-P25-600-C-W4-B-W ред.","(0098) Верхние поля, 25",{"v":1,"d":"1.000"},"ШТ","2013-03-01","3.NV.1100-2002","Паспорт Б/Н","Нет данных","Новое",{"v":1606448,"d":"1,606,448.00"},{"v":1606448,"d":"1,606,448.00"},{"v":1606448,"d":"1,606,448.00"},{"v":1912310,"d":"1,912,310.00"},{"v":420708.2,"d":"420,708.20"},{"v":2333018.2,"d":"2,333,018.20"},null,99]
["А2111",1630,10142809,"Удлинение для шарового крана ф.800мм ред","(0098) Верхние поля, 25",{"v":1,"d":"1.000"},"ШТ","2012-07-01","3.NV.1100-2002","Документы отсутствуют","Нет данных","Новое",{"v":333597.46,"d":"333,597.46"},{"v":333597.46,"d":"333,597.46"},{"v":333597.46,"d":"333,597.46"},{"v":406610,"d":"406,610.00"},{"v":89454.2,"d":"89,454.20"},{"v":496064.2,"d":"496,064.20"},null,99]
["А2112",1631,102000442,"Кран KMC B1-1-R-250-PN25-000-G-E-2","(0098) Верхние поля, 25",{"v":34,"d":"34.000"},"ШТ","2013-08-01","3.NV.1100-2002","Технические паспорта 34 ШТ  ","Нет данных","Новое",{"v":1993692,"d":"1,993,692.00"},{"v":58638,"d":"58,638.00"},{"v":1993692,"d":"1,993,692.00"},{"v":2338670,"d":"2,338,670.00"},{"v":514507.4,"d":"514,507.40"},{"v":2853177.4,"d":"2,853,177.40"},null,99]
[{"$nulls":14},{"$f":"SUM(O1729:O1742)","v":{"v":17921623.21,"d":"17,921,623.21"}},{"$f":"SUM(P1729:P1742)","v":{"v":20898530,"d":"20,898,530.00"}},{"v":4597676.6,"d":"4,597,676.60"},{"$f":"SUM(R1729:R1742)","v":{"v":25496206.6,"d":"25,496,206.60"}},{"$f":"R1743/100*10","v":{"v":2549620.66,"d":"2,549,620.66"}},99]
["А2099",1632,102000862,"Кран Vexve 104 350 Ду350 Ру25 м/ред","(0098) Верхние поля, 25",{"v":14,"d":"14.000"},"ШТ","2014-09-09","3.NV.1100-2002","Документы отсутствуют","Нет данных","Новое",{"$f":"O1744","v":{"v":2748763.87,"d":"2,748,763.87"}},{"$f":"O1744/F1744","v":{"v":196340.28,"d":"196,340.28"}},{"v":2748763.87,"d":"2,748,763.87"},{"v":4478980,"d":"4,478,980.00"},{"$f":"R1744-P1744","v":{"v":985375.6,"d":"985,375.60"}},{"$f":"P1744*1.22","v":{"v":5464355.6,"d":"5,464,355.60"}},null,100,"Шаровые краны свыше 200 мм "]
["А2100",1633,102001557,"Кран Vexve 104 601 Ду600 Ру16 м/ред","(0098) Верхние поля, 25",{"v":2,"d":"2.000"},"ШТ",2015,"3.NV.1100-2002","Документы отсутствуют","Нет данных","Новое",{"v":2572375.37,"d":"2,572,375.37"},{"v":1286187.69,"d":"1,286,187.69"},{"v":2572375.37,"d":"2,572,375.37"},{"v":3751480,"d":"3,751,480.00"},{"$f":"R1745-P1745","v":{"v":825325.6,"d":"825,325.60"}},{"$f":"P1745*1.22","v":{"v":4576805.6,"d":"4,576,805.60"}},null,100]
["А2101",1634,102001571,"Кран Vexve 104 601 Ду600 Ру25 м/ред","(0098) Верхние поля, 25",{"v":6,"d":"6.000"},"ШТ",2015,"3.NV.1100-2002","Документы отсутствуют","Нет данных","Новое",{"v":7887435.17,"d":"7,887,435.17"},{"v":1314572.53,"d":"1,314,572.53"},{"v":7887435.17,"d":"7,887,435.17"},{"v":11502820,"d":"11,502,820.00"},{"$f":"R1746-P1746","v":{"v":2530620.4,"d":"2,530,620.40"}},{"$f":"P1746*1.22","v":{"v":14033440.4,"d":"14,033,440.40"}},null,100]
[{"$nulls":14},{"$f":"SUM(O1744:O1746)","v":{"v":13208574.41,"d":"13,208,574.41"}},{"$f":"SUM(P1744:P1746)","v":{"v":19733280,"d":"19,733,280.00"}},{"v":4341321.6,"d":"4,341,321.60"},{"$f":"SUM(R1744:R1746)","v":{"v":24074601.6,"d":"24,074,601.60"}},{"$f":"R1747/100*10","v":{"v":2407460.16,"d":"2,407,460.16"}},100]
["А2113",1635,10137498,"Удлинение штока Ду1000 H1900 КМС-М","(0507) Сурский пр-д, д. 5, стр. 1",{"v":1,"d":"1.000"},"ШТ","2011-11-12","3.NV.1205-2002","Документы отсутствуют","Нет данных","Удовлетворительное",{"v":504480,"d":"504,480.00"},{"$f":"O1748/F1748","v":{"v":504480,"d":"504,480.00"}},{"v":504480,"d":"504,480.00"},{"v":507490,"d":"507,490.00"},{"$f":"R1748-P1748","v":{"v":111647.8,"d":"111,647.80"}},{"$f":"P1748*1.22","v":{"v":619137.8,"d":"619,137.80"}},null,101,"Шаровые краны свыше 200 мм "]
["А2114",1636,10143847,"Кран шаровой под приварку Ду 1000мм реду","(0507) Сурский пр-д, д. 5, стр. 1",{"v":1,"d":"1.000"},"ШТ","2012-08-15","3.NV.1205-2002","Документы отсутствуют","Нет данных","Удовлетворительное",{"v":6006886,"d":"6,006,886.00"},{"v":6006886,"d":"6,006,886.00"},{"v":6006886,"d":"6,006,886.00"},{"v":6040260,"d":"6,040,260.00"},{"v":1328857.2,"d":"1,328,857.20"},{"v":7369117.2,"d":"7,369,117.20"},null,101]
["А2115",1637,10157885,"Кран шаровой Ду 900 мм полнопроходной с","(0507) Сурский пр-д, д. 5, стр. 1",{"v":1,"d":"1.000"},"ШТ","2012-08-15","3.NV.1205-2002","Документы отсутствуют","Нет данных","Удовлетворительное",{"v":6026316,"d":"6,026,316.00"},{"v":6026316,"d":"6,026,316.00"},{"v":6026316,"d":"6,026,316.00"},{"v":6059800,"d":"6,059,800.00"},{"v":1333156,"d":"1,333,156.00"},{"v":7392956,"d":"7,392,956.00"},null,101]
["А2116",1638,10137439,"Удлинение штока Ду600 H1900 КМС-М","(0507) Сурский пр-д, д. 5, стр. 1",{"$f":"3-2","v":{"v":1,"d":"1.000"}},"ШТ","2011-11-12","3.NV.1205-2002","Документы отсутствуют","Нет данных","Удовлетворительное",{"v":198008,"d":"198,008.00"},{"v":198008,"d":"198,008.00"},{"$f":"594024/3*1","v":{"v":198008,"d":"198,008.00"}},{"v":199190,"d":"199,190.00"},{"v":43821.8,"d":"43,821.80"},{"v":243011.8,"d":"243,011.80"},null,101]
["А2117",1639,102000258,"Кран Vexve 154 251 Ду250 Ру25 м/ред","(0303) Молодцова ул., д.9",{"v":1,"d":"1.000"},"ШТ","2013-06-10","3.NV.1203-2002","Документы отсутствуют","Кран шаровой фланцевый Vexve 154 251 Ду250 Ру25 с редуктором","Удовлетворительное",{"v":146675.12,"d":"146,675.12"},{"v":146675.12,"d":"146,675.12"},{"v":146675.12,"d":"146,675.12"},{"v":145080,"d":"145,080.00"},{"v":31917.6,"d":"31,917.60"},{"v":176997.6,"d":"176,997.60"},null,101]
["А2118",1640,102011674,"Б/У Кран КМС-М.ШК300.00 Ду300/254 Ру25","(0801) Очаковское шоссе, д.22",{"v":2,"d":"2.000"},"ШТ","2016-03-25","3.NV.1208-2002","Документы отсутствуют","Нет данных","Удовлетворительное",{"v":394890.74,"d":"394,890.74"},{"v":197445.37,"d":"197,445.37"},{"v":394890.74,"d":"394,890.74"},{"v":337170,"d":"337,170.00"},{"v":74177.4,"d":"74,177.40"},{"v":411347.4,"d":"411,347.40"},null,101]
["А2120",1641,102001421,"Кран МА39010 Ду300 Ру16","(0808) ул. Верейская, д.35",{"v":1,"d":"1.000"},"ШТ","2014-12-31","3.NV.1208-2002","Документы отсутствуют","Нет данных","Удовлетворительное ",{"v":68177.97,"d":"68,177.97"},{"v":68177.97,"d":"68,177.97"},{"v":68177.97,"d":"68,177.97"},{"v":63260,"d":"63,260.00"},{"v":13917.2,"d":"13,917.20"},{"v":77177.2,"d":"77,177.20"},null,101]
[{"$nulls":14},{"$f":"SUM(O1748:O1754)","v":{"v":13345433.83,"d":"13,345,433.83"}},{"$f":"SUM(P1748:P1754)","v":{"v":13352250,"d":"13,352,250.00"}},{"v":2937495,"d":"2,937,495.00"},{"$f":"SUM(R1748:R1754)","v":{"v":16289745,"d":"16,289,745.00"}},{"$f":"R1755/100*10","v":{"v":1628974.5,"d":"1,628,974.50"}},101]
["А2126",1642,102001512,"Эл.двигатель АИР 100Л4 4/1500","(0911) Строительный пр.,д.14 к.1",{"v":1,"d":"1.000"},"ШТ","2010","3.NV.1209-2002","Документы отсутствуют","Нет данных","Удовлетворительное",{"v":1212,"d":"1,212.00"},{"$f":"O1756/F1756","v":{"v":1212,"d":"1,212.00"}},{"v":1212,"d":"1,212.00"},{"v":1400,"d":"1,400.00"},{"$f":"R1756-P1756","v":{"v":308,"d":"308.00"}},{"$f":"P1756*1.22","v":{"v":1708,"d":"1,708.00"}},null,102,"Электродвигатели"]
["А2127",1643,102002036,"Э/дв ас. 5АИ160М6У2 15/965 IM1081 2p=6","(0903) Проезд № 607 д. 22",{"v":1,"d":"1.000"},"ШТ","2010","3.NV.1209-2002","Документы отсутствуют","Нет данных","Удовлетворительное",{"v":20250,"d":"20,250.00"},{"v":20250,"d":"20,250.00"},{"v":20250,"d":"20,250.00"},{"v":23470,"d":"23,470.00"},{"v":5163.4,"d":"5,163.40"},{"v":28633.4,"d":"28,633.40"},null,102]
["А2128",1644,102002032,"Э/дв ас. 1LG4206-2AA60-Z 30/3000","(0903) Проезд № 607 д. 22",{"v":2,"d":"2.000"},"ШТ","2010","3.NV.1209-2002","Документы отсутствуют","Нет данных","Удовлетворительное",{"v":171617.77,"d":"171,617.77"},{"v":85808.89,"d":"85,808.89"},{"v":171617.77,"d":"171,617.77"},{"v":198900,"d":"198,900.00"},{"v":43758,"d":"43,758.00"},{"v":242658,"d":"242,658.00"},null,102]
["А2132",1645,102000981,"Электродвигатель АЧБКр225М4БУЗ","(0817) Боровское ш., д.10",{"v":1,"d":"1.000"},"ШТ","2014-12-31","3.NV.1208-2002","Документы отсутствуют","Текон А16/2","Удовлетворительное",{"v":181100,"d":"181,100.00"},{"v":181100,"d":"181,100.00"},{"v":181100,"d":"181,100.00"},{"v":158920,"d":"158,920.00"},{"v":34962.4,"d":"34,962.40"},{"v":193882.4,"d":"193,882.40"},null,102]
["А2133",1646,10016758,"Э/дв ас. АИР71B2У2 1,1/2800 IM3081 2р=2","(0119) Переулок Васнецова, д. 11А",{"v":1,"d":"1.000"},"ШТ","2014-12-31","3.NV.1201-2002","Документы отсутствуют","Нет данных","Удовлетворительное",{"v":2406.78,"d":"2,406.78"},{"v":2406.78,"d":"2,406.78"},{"v":2406.78,"d":"2,406.78"},{"v":2110,"d":"2,110.00"},{"v":464.2,"d":"464.20"},{"v":2574.2,"d":"2,574.20"},null,102]
["А2134",1647,10090861,"Электродвигатель АИРМ63 В4 0,37/1500","(0101) 1-й Сетунский пр-д, д. 10Г",{"v":1,"d":"1.000"},"ШТ","2014-12-31","3.NV.1201-2002","Документы отсутствуют","Нет данных","Удовлетворительное",{"v":3095.45,"d":"3,095.45"},{"v":3095.45,"d":"3,095.45"},{"v":3095.45,"d":"3,095.45"},{"v":2720,"d":"2,720.00"},{"v":598.4,"d":"598.40"},{"v":3318.4,"d":"3,318.40"},null,102]
["А2135",1648,10090732,"Эл.двигатель АИР 71В2 1,1/3000","(0119) Переулок Васнецова, д. 11А",{"v":2,"d":"2.000"},"ШТ","2014-12-31","3.NV.1201-2002","Документы отсутствуют","Нет данных","Удовлетворительное",{"v":4389.84,"d":"4,389.84"},{"v":2194.92,"d":"2,194.92"},{"v":4389.84,"d":"4,389.84"},{"v":3850,"d":"3,850.00"},{"v":847,"d":"847.00"},{"v":4697,"d":"4,697.00"},null,102]
["А2136",1649,10090859,"Электродвигатель 4АМА100L2 5,5/3000","(0119) Переулок Васнецова, д. 11А",{"v":2,"d":"2.000"},"ШТ","2014-12-31","3.NV.1201-2002","Документы отсутствуют","Нет данных","Удовлетворительное",{"v":12100.8,"d":"12,100.80"},{"v":6050.4,"d":"6,050.40"},{"v":12100.8,"d":"12,100.80"},{"v":10620,"d":"10,620.00"},{"v":2336.4,"d":"2,336.40"},{"v":12956.4,"d":"12,956.40"},null,102]
["А2137",1650,10090875,"Электродвигатель вентилятора Kper 80 G2","(0119) Переулок Васнецова, д. 11А",{"v":2,"d":"2.000"},"ШТ","2014-12-31","3.NV.1201-2002","Документы отсутствуют","Нет данных","Удовлетворительное",{"v":75251.82,"d":"75,251.82"},{"v":37625.91,"d":"37,625.91"},{"v":75251.82,"d":"75,251.82"},{"v":66030,"d":"66,030.00"},{"v":14526.6,"d":"14,526.60"},{"v":80556.6,"d":"80,556.60"},null,102]
["А2138",1651,10090749,"Эл.двигатель вентил. ОМР 71 В2","(0119) Переулок Васнецова, д. 11А",{"v":3,"d":"3.000"},"ШТ","2014-12-31","3.NV.1201-2002","Документы отсутствуют","Нет данных","Удовлетворительное",{"v":6860.52,"d":"6,860.52"},{"v":2286.84,"d":"2,286.84"},{"v":6860.52,"d":"6,860.52"},{"v":5990,"d":"5,990.00"},{"v":1317.8,"d":"1,317.80"},{"v":7307.8,"d":"7,307.80"},null,102]
["А2139",1652,10090606,"Э/дв ас. VEM KPER 80 G2 1,1/2830","(0119) Переулок Васнецова, д. 11А",{"v":8,"d":"8.000"},"ШТ","2014-12-31","3.NV.1201-2002","Документы отсутствуют","Нет данных","Удовлетворительное",{"v":166744.64,"d":"166,744.64"},{"v":20843.08,"d":"20,843.08"},{"v":166744.64,"d":"166,744.64"},{"v":145600,"d":"145,600.00"},{"v":32032,"d":"32,032.00"},{"v":177632,"d":"177,632.00"},null,102]
[{"$nulls":14},{"$f":"SUM(O1756:O1766)","v":{"v":645029.62,"d":"645,029.62"}},{"$f":"SUM(P1756:P1766)","v":{"v":619610,"d":"619,610.00"}},{"v":136314.2,"d":"136,314.20"},{"$f":"SUM(R1756:R1766)","v":{"v":755924.2,"d":"755,924.20"}},{"$f":"R1767/100*10","v":{"v":75592.42,"d":"75,592.42"}},102]
["А2140",1653,10119221,"Переходник Э-21-1","(0092) Кусковская ул., д. 18Г",{"v":1419,"d":"1419.000"},"ШТ","2013-04-11","3.NV.1100-2002","Документы отсутствуют","Нет данных","Новое",{"v":120246.06,"d":"120,246.06"},{"$f":"O1768/F1768","v":84.74},{"v":120246.06,"d":"120,246.06"},{"v":147490,"d":"147,490.00"},{"$f":"R1768-P1768","v":{"v":32447.8,"d":"32,447.80"}},{"$f":"P1768*1.22","v":{"v":179937.8,"d":"179,937.80"}},null,103,"Электрооборудование"]
["А2141",1654,10119108,"Блок автоматики подпиточной установки","(0092) Кусковская ул., д. 18Г",{"v":4,"d":"4.000"},"ШТ","2013-02-15","3.NV.1100-2002","Документы отсутствуют","Нет данных","Новое",{"v":100805.24,"d":"100,805.24"},{"$f":"O1769/F1769","v":{"v":25201.31,"d":"25,201.31"}},{"v":100805.24,"d":"100,805.24"},{"v":120730,"d":"120,730.00"},{"$f":"R1769-P1769","v":{"v":26560.6,"d":"26,560.60"}},{"$f":"P1769*1.22","v":{"v":147290.6,"d":"147,290.60"}},null,103]
[{"$nulls":14},{"$f":"SUM(O1768:O1769)","v":{"v":221051.3,"d":"221,051.30"}},{"$f":"P1768+P1769","v":{"v":268220,"d":"268,220.00"}},{"v":59008.4,"d":"59,008.40"},{"$f":"R1768+R1769","v":{"v":327228.4,"d":"327,228.40"}},{"$f":"R1770/100*10","v":{"v":32722.84,"d":"32,722.84"}},103]
["А2142",1655,10090691,"Блок управления горелкой ГБГ-0,6","(0119) Переулок Васнецова, д. 11А",{"v":4,"d":"4.000"},"ШТ","2010","3.NV.1201-2002","Документы отсутствуют","Нет данных","Удовлетворительное ",{"$f":"O1771","v":{"v":35129.58,"d":"35,129.58"}},{"$f":"O1771/F1771","v":{"v":8782.4,"d":"8,782.40"}},{"v":35129.58,"d":"35,129.58"},{"v":44200,"d":"44,200.00"},{"$f":"R1771-P1771","v":{"v":9724,"d":"9,724.00"}},{"$f":"P1771*1.22","v":{"v":53924,"d":"53,924.00"}},null,104,"Электрооборудование"]
["А2144",1656,10090690,"Электомагнитный клапан ВН 3/4Н-4К","(0906) Дубравная ул.  д.55",{"v":2,"d":"2.000"},"ШТ",2014,"3.NV.1209-2002","Документы отсутствуют","Ду-25, влагостойкость -IР65, Р-0…0,4МРа, ТУ РБ 0570855402/-96. Изготовитель - Республика Беларусь","Хорошее",{"v":15488,"d":"15,488.00"},{"$f":"O1772/F1772","v":{"v":7744,"d":"7,744.00"}},{"v":15488,"d":"15,488.00"},{"v":23000,"d":"23,000.00"},{"$f":"R1772-P1772","v":{"v":5060,"d":"5,060.00"}},{"$f":"P1772*1.22","v":{"v":28060,"d":"28,060.00"}},null,104]
[{"$nulls":14},{"$f":"SUM(O1771:O1772)","v":{"v":50617.58,"d":"50,617.58"}},{"$f":"P1771+P1772","v":{"v":67200,"d":"67,200.00"}},{"v":14784,"d":"14,784.00"},{"$f":"R1771+R1772","v":{"v":81984,"d":"81,984.00"}},{"$f":"R1773/100*10","v":{"v":8198.4,"d":"8,198.40"}},104]
["А2145",1657,10096944,"Вставка белая Makel Mimoza 10321","(0092) Кусковская ул., д. 18Г",{"v":31,"d":"31.000"},"ШТ","2013-07-29","3.NV.1100-2002","Документы отсутствуют","Нет данных","Новое",54.89,{"$f":"O1774/F1774","v":1.77},54.89,{"v":90,"d":"90.00"},{"$f":"R1774-P1774","v":{"v":19.8,"d":"19.80"}},{"$f":"P1774*1.22","v":{"v":109.8,"d":"109.80"}},null,105,"Электроустановочные изделия"]
["А2146",1658,10030872,"Модуль сигнальный 99.01.9.024.99 Finder","(0092) Кусковская ул., д. 18Г",{"v":20,"d":"20.000"},"ШТ","2013-06-06","3.NV.1100-2002","Документы отсутствуют","Нет данных","Новое",{"v":2062.33,"d":"2,062.33"},{"$f":"O1775/F1775","v":103.12},{"v":2062.33,"d":"2,062.33"},{"v":3240,"d":"3,240.00"},{"$f":"R1775-P1775","v":{"v":712.8,"d":"712.80"}},{"$f":"P1775*1.22","v":{"v":3952.8,"d":"3,952.80"}},null,105]
["А2147",1659,10144692,"Узел УКП №2012.НПС410968","(0098) Верхние поля, 25",{"v":4,"d":"4.000"},"ШТ","2013-07-01","3.NV.1100-2002","Документы отсутствуют","Нет данных","Новое",{"v":50265.84,"d":"50,265.84"},{"$f":"O1776/F1776","v":{"v":12566.46,"d":"12,566.46"}},{"v":50265.84,"d":"50,265.84"},{"v":72820,"d":"72,820.00"},{"$f":"R1776-P1776","v":{"v":16020.4,"d":"16,020.40"}},{"$f":"P1776*1.22","v":{"v":88840.4,"d":"88,840.40"}},null,105]
[{"$nulls":14},{"$f":"SUM(O1774:O1776)","v":{"v":52383.06,"d":"52,383.06"}},{"$f":"SUM(P1774:P1776)","v":{"v":76150,"d":"76,150.00"}},{"v":16753,"d":"16,753.00"},{"$f":"SUM(R1774:R1776)","v":{"v":92903,"d":"92,903.00"}},{"$f":"R1777/100*10","v":{"v":9290.3,"d":"9,290.30"}},105]
["А2148",1660,10021444,"Головка кнопки M22-DRL-G Moeller 216948","(0911) Строительный пр.,д.14 к.1",{"v":6,"d":"6.000"},"ШТ","2017-03-30","3.NV.1209-2002","Документы отсутствуют","Нет данных","Удовлетворительное",{"v":3690.48,"d":"3,690.48"},{"$f":"O1778/F1778","v":615.08},{"v":3690.48,"d":"3,690.48"},{"v":2600,"d":"2,600.00"},{"$f":"R1778-P1778","v":{"v":572,"d":"572.00"}},{"$f":"P1778*1.22","v":{"v":3172,"d":"3,172.00"}},null,106,"Электроустановочные изделия"]
["А2149",1661,10140197,"Переносное устройство EVER GUM","(0801) Очаковское шоссе, д.22",{"v":2,"d":"2.000"},"ШТ","2014-12-31","3.NV.1208-2002","Документы отсутствуют","002 SA-94 Aswega","Удовлетворительное",{"v":15256,"d":"15,256.00"},{"v":7628,"d":"7,628.00"},{"v":15256,"d":"15,256.00"},{"v":13160,"d":"13,160.00"},{"v":2895.2,"d":"2,895.20"},{"v":16055.2,"d":"16,055.20"},null,106]
["А2150",1662,10103096,"Головка переключателя M22-WLK3-W Moeller","(0808) ул. Верейская, д.35",{"v":2,"d":"2.000"},"ШТ","2014-12-31","3.NV.1208-2002","Документы отсутствуют","Allen-Bradley 1747-SN","Удовлетворительное",{"v":610.6,"d":"610.60"},{"v":305.3,"d":"305.30"},{"v":610.6,"d":"610.60"},{"v":530,"d":"530.00"},{"v":116.6,"d":"116.60"},{"v":646.6,"d":"646.60"},null,106]
["А2151",1663,10091903,"Ревун переменного тока 3РВП 220","(0119) Переулок Васнецова, д. 11А",{"v":2,"d":"2.000"},"ШТ","2016-07-18","3.NV.1201-2002","Документы отсутствуют","3РВП 2","Удовлетворительное",{"v":11615.56,"d":"11,615.56"},{"v":5807.78,"d":"5,807.78"},{"v":11615.56,"d":"11,615.56"},{"v":7510,"d":"7,510.00"},{"v":1652.2,"d":"1,652.20"},{"v":9162.2,"d":"9,162.20"},null,106]
["А2152",1664,102029224,"Б/У Вставка плавкая ПВД-20 УзН","(0903) Проезд № 607 д. 22",{"v":40,"d":"40.000"},"ШТ",2008,"3.NV.1209-2002","Документы отсутствуют","Нет данных","Удовлетворительное",{"v":2228,"d":"2,228.00"},{"v":55.7,"d":"55.70"},{"v":2228,"d":"2,228.00"},{"v":2910,"d":"2,910.00"},{"v":640.2,"d":"640.20"},{"v":3550.2,"d":"3,550.20"},null,106]
["А2153",1665,102029234,"Б/У Э/нагреватель ТЭН","(0903) Проезд № 607 д. 22",{"v":20,"d":"20.000"},"ШТ",2007,"3.NV.1209-2002","Документы отсутствуют","Нет данных","Удовлетворительное",{"v":5986,"d":"5,986.00"},{"v":299.3,"d":"299.30"},{"v":5986,"d":"5,986.00"},{"v":5350,"d":"5,350.00"},{"v":1177,"d":"1,177.00"},{"v":6527,"d":"6,527.00"},null,106]
["А2156",1666,10014067,"Вставка плавкая ППН-37-х0-00УХЛ3-200-2","(0092) Кусковская ул., д. 18Г",{"v":2,"d":"2.000"},"ШТ",2014,"3.NV.1100-2002","Документы отсутствуют","37-х0-00УХЛ3-200-2","Хорошее",{"v":298,"d":"298.00"},{"v":149,"d":"149.00"},{"v":298,"d":"298.00"},{"v":270,"d":"270.00"},{"v":59.4,"d":"59.40"},{"v":329.4,"d":"329.40"},null,106]
[{"$nulls":14},{"$f":"SUM(O1778:O1784)","v":{"v":39684.64,"d":"39,684.64"}},{"$f":"SUM(P1778:P1784)","v":{"v":32330,"d":"32,330.00"}},{"v":7112.6,"d":"7,112.60"},{"$f":"SUM(R1778:R1784)","v":{"v":39442.6,"d":"39,442.60"}},{"$f":"R1785/100*10","v":{"v":3944.26,"d":"3,944.26"}},106]
["А2157",1667,10019248,"Счётчик ПСЧ-4А.05.2 220/380 5","(0513) Перерва ул., д.20",{"v":1,"d":"1.000"},"ШТ","2008-08-18","3.NV.1205-2002","Фото","Нет данных","Удовлетворительное",{"$f":"O1786","v":{"v":1566.97,"d":"1,566.97"}},{"v":1566.97,"d":"1,566.97"},{"v":1566.97,"d":"1,566.97"},{"v":800,"d":"800.00"},{"$f":"R1786-P1786","v":{"v":176,"d":"176.00"}},{"$f":"P1786*1.22","v":{"v":976,"d":"976.00"}},null,107,"Электротехническое оборудование и КИПиА "]
["А2158",1668,10145214,"Модуль вывода Allen-Bradley 1","(0506) Оранжерейная ул., д.8а, стр.1",{"v":1,"d":"1.000"},"ШТ","2014-12-31","3.NV.1205-2002","Паспорт. Фото","Нет данных","Удовлетворительное",{"$f":"O1787","v":{"v":22300,"d":"22,300.00"}},{"v":22300,"d":"22,300.00"},{"v":22300,"d":"22,300.00"},{"v":12460,"d":"12,460.00"},{"v":2741.2,"d":"2,741.20"},{"v":15201.2,"d":"15,201.20"},null,107]
["А2159",1669,10145236,"Модуль Allen-Bradley 1747-SCNR","(0506) Оранжерейная ул., д.8а, стр.1",{"v":1,"d":"1.000"},"ШТ","2014-12-31","3.NV.1205-2002","Паспорт. Фото","Нет данных","Удовлетворительное",{"$f":"O1788","v":{"v":76100,"d":"76,100.00"}},{"v":76100,"d":"76,100.00"},{"v":76100,"d":"76,100.00"},{"v":42510,"d":"42,510.00"},{"v":9352.2,"d":"9,352.20"},{"v":51862.2,"d":"51,862.20"},null,107]
["А2160",1670,10145245,"Контроллер Allen-Bradley 1747","(0506) Оранжерейная ул., д.8а, стр.1",{"v":1,"d":"1.000"},"ШТ","2014-12-31","3.NV.1205-2002","Паспорт. Фото","Нет данных","Удовлетворительное",{"v":157200,"d":"157,200.00"},{"v":157200,"d":"157,200.00"},{"v":157200,"d":"157,200.00"},{"v":104770,"d":"104,770.00"},{"v":23049.4,"d":"23,049.40"},{"v":127819.4,"d":"127,819.40"},null,107]
["А2161",1671,10145249,"Модуль вв/выв Allen-Bradley 1","(0506) Оранжерейная ул., д.8а, стр.1",{"v":2,"d":"2.000"},"ШТ","2014-12-31","3.NV.1205-2002","Паспорт. Фото","Нет данных","Удовлетворительное",{"v":37200,"d":"37,200.00"},{"v":37200,"d":"37,200.00"},{"v":37200,"d":"37,200.00"},{"v":24790,"d":"24,790.00"},{"v":5453.8,"d":"5,453.80"},{"v":30243.8,"d":"30,243.80"},null,107]
["А2162",1672,10145254,"Модуль адаптера Allen-Bradley","(0506) Оранжерейная ул., д.8а, стр.1",{"v":1,"d":"1.000"},"ШТ","2014-12-31","3.NV.1205-2002","Паспорт. Фото","Нет данных","Удовлетворительное",{"v":54850,"d":"54,850.00"},{"v":54850,"d":"54,850.00"},{"v":54850,"d":"54,850.00"},{"v":30640,"d":"30,640.00"},{"v":6740.8,"d":"6,740.80"},{"v":37380.8,"d":"37,380.80"},null,107]
["А2163",1673,10002896,"Датчик ДН-2,5 0,04-2,5кПа","(0806) Щорса ул., д.13",{"v":1,"d":"1.000"},"ШТ","2014-12-31","3.NV.1208-2002"," Сертификат. Фото","ДН-2,5 0,04-2,5кПа","Удовлетворительное",{"v":4097.88,"d":"4,097.88"},{"v":4097.88,"d":"4,097.88"},{"v":4097.88,"d":"4,097.88"},{"v":2050,"d":"2,050.00"},{"v":451,"d":"451.00"},{"v":2501,"d":"2,501.00"},null,107]
["А2164",1674,10145249,"Модуль вв/выв Allen-Bradley 1","(0806) Щорса ул., д.13",{"v":1,"d":"1.000"},"ШТ","2016-07-20","3.NV.1208-2002","Фото","Allen-Bradley 1","Удовлетворительное",{"$f":"O1793","v":{"v":18600,"d":"18,600.00"}},{"$f":"O1793/F1793","v":{"v":18600,"d":"18,600.00"}},{"v":18600,"d":"18,600.00"},{"v":12400,"d":"12,400.00"},{"v":2728,"d":"2,728.00"},{"v":15128,"d":"15,128.00"},null,107]
["А2165",1675,10030485,"Фотосигнализатор пламени ФСП 1.2","(0317) Проспект Мира, д. 177А, стр. 1",{"$f":"2-1","v":{"v":1,"d":"1.000"}},"ШТ","2014-12-31","3.NV.1203-2002","Паспорт. Фото","Нет данных","Удовлетворительное",{"$f":"O1794","v":{"v":6570.56,"d":"6,570.56"}},{"$f":"O1794/F1794","v":{"v":6570.56,"d":"6,570.56"}},{"$f":"13141.12/2*1","v":{"v":6570.56,"d":"6,570.56"}},{"v":4380,"d":"4,380.00"},{"v":963.6,"d":"963.60"},{"v":5343.6,"d":"5,343.60"},null,107]
["А2166",1676,10104622,"Э/п Siemens SQX32.00 230В","(0317) Проспект Мира, д. 177А, стр. 1",{"v":1,"d":"1.000"},"ШТ","2014-12-31","3.NV.1203-2002","Инструкция по эксплуатации. Фото.","Нет данных","Удовлетворительное",{"$f":"O1795","v":{"v":11348.64,"d":"11,348.64"}},{"$f":"O1795/F1795","v":{"v":11348.64,"d":"11,348.64"}},{"v":11348.64,"d":"11,348.64"},{"v":7560,"d":"7,560.00"},{"v":1663.2,"d":"1,663.20"},{"v":9223.2,"d":"9,223.20"},null,107]
["А2167",1677,10154340,"Блок БПС-90П-240-УХЛ.3(-20+60)С-4-20","(0317) Проспект Мира, д. 177А, стр. 1",{"v":1,"d":"1.000"},"ШТ","2014-12-31","3.NV.1203-2002","Фото","Нет данных","Удовлетворительное",{"$f":"O1796","v":{"v":36369.13,"d":"36,369.13"}},{"$f":"O1796/F1796","v":{"v":36369.13,"d":"36,369.13"}},{"v":36369.13,"d":"36,369.13"},{"v":32060,"d":"32,060.00"},{"v":7053.2,"d":"7,053.20"},{"v":39113.2,"d":"39,113.20"},null,107]
[{"$nulls":14},{"$f":"SUM(O1786:O1796)","v":{"v":426203.18,"d":"426,203.18"}},{"$f":"SUM(P1786:P1796)","v":{"v":274420,"d":"274,420.00"}},{"v":60372.4,"d":"60,372.40"},{"$f":"SUM(R1786:R1796)","v":{"v":334792.4,"d":"334,792.40"}},{"$f":"R1797/100*10","v":{"v":33479.24,"d":"33,479.24"}},107]
["А2168",1678,10145249,"Модуль вв/выв Allen-Bradley 1746-IB32","(0806) Щорса ул., д.13",{"v":1,"d":"1.000"},"ШТ","2016-07-20","3.NV.1208-2002","Документы отсутствуют","Нет данных","Удовлетворительное",{"$f":"O1798","v":{"v":49806.64,"d":"49,806.64"}},{"$f":"O1798/F1798","v":{"v":49806.64,"d":"49,806.64"}},{"v":49806.64,"d":"49,806.64"},{"v":33190,"d":"33,190.00"},{"$f":"R1798-P1798","v":{"v":7301.8,"d":"7,301.80"}},{"$f":"P1798*1.22","v":{"v":40491.8,"d":"40,491.80"}},null,108,"КИПиА"]
[{"$nulls":14},{"$f":"SUM(O1798:O1798)","v":{"v":49806.64,"d":"49,806.64"}},{"$f":"P1798","v":{"v":33190,"d":"33,190.00"}},{"v":7301.8,"d":"7,301.80"},{"$f":"R1798","v":{"v":40491.8,"d":"40,491.80"}},{"$f":"R1799/100*10","v":{"v":4049.18,"d":"4,049.18"}},108]
["А2169",1679,10002828,"Трубка ПВХ ТВ-40 4мм Г19034-82","(0903) Проезд № 607 д. 22",{"v":11,"d":"11.000"},"КГ","1905-07-11","3.NV.1209-2002","Документы отсутствуют","Нет данных","Удовлетворительное",{"v":2624.38,"d":"2,624.38"},238.58,{"v":2624.38,"d":"2,624.38"},{"v":1990,"d":"1,990.00"},{"$f":"R1800-P1800","v":{"v":437.8,"d":"437.80"}},{"$f":"P1800*1.22","v":{"v":2427.8,"d":"2,427.80"}},null,109,"Резинотехнические и электроизоляционные материалы"]
["А2170",1680,102017852,"Трубка ПВХ ТВ-40 2мм Г19034-82","(0903) Проезд № 607 д. 22",{"v":5,"d":"5.000"},"ШТ",2019,"3.NV.1209-2002","Документы отсутствуют","Нет данных","Удовлетворительное",{"$f":"O1801","v":{"v":1192.9,"d":"1,192.90"}},{"$f":"O1801/F1801","v":238.58},{"v":1192.9,"d":"1,192.90"},{"v":630,"d":"630.00"},{"$f":"R1801-P1801","v":{"v":138.6,"d":"138.60"}},{"$f":"P1801*1.22","v":{"v":768.6,"d":"768.60"}},null,109]
[{"$nulls":14},{"$f":"SUM(O1800:O1801)","v":{"v":3817.28,"d":"3,817.28"}},{"$f":"SUM(P1800:P1801)","v":{"v":2620,"d":"2,620.00"}},{"v":576.4,"d":"576.40"},{"$f":"SUM(R1800:R1801)","v":{"v":3196.4,"d":"3,196.40"}},{"$f":"R1802/100*10","v":319.64},109]
["А2171",1681,10018817,"Подшипник 2317К ГОСТ 8328-75","(0108) Новослободская ул., д.50/52, стр.18",{"$f":"4-3","v":{"v":1,"d":"1.000"}},"ШТ","2014-12-31","3.NV.1201-2002","Документы отсутствуют","Нет данных","Удовлетворительное",{"$f":"O1803","v":{"v":1329.72,"d":"1,329.72"}},{"$f":"O1803/F1803","v":{"v":1329.72,"d":"1,329.72"}},{"$f":"5318.88/4*1","v":{"v":1329.72,"d":"1,329.72"}},{"v":1020,"d":"1,020.00"},{"$f":"R1803-P1803","v":{"v":224.4,"d":"224.40"}},{"$f":"P1803*1.22","v":{"v":1244.4,"d":"1,244.40"}},null,110,"Подшипники     "]
[{"$nulls":14},{"$f":"SUM(O1803:O1803)","v":{"v":1329.72,"d":"1,329.72"}},{"$f":"P1803","v":{"v":1020,"d":"1,020.00"}},{"v":224.4,"d":"224.40"},{"$f":"R1803","v":{"v":1244.4,"d":"1,244.40"}},{"$f":"R1804/100*10","v":124.44},110]
["А0913",1682,10045980,"Блок сигнализации положения т","(0202) Смольная ул., д. 32 Б",{"v":1,"d":"1.000"},"ШТ","2012-12-31","3.NV.1202-2002","Документы отсутствуют","ТИП-БП-20,220V,50 Hz; ТИП-БД-10М-4-20 мА","Удовлетворительное",{"$f":"O1805","v":{"v":3433.81,"d":"3,433.81"}},{"$f":"O1805/F1805","v":{"v":3433.81,"d":"3,433.81"}},{"v":3433.81,"d":"3,433.81"},{"v":4210,"d":"4,210.00"},{"$f":"R1805-P1805","v":{"v":926.2,"d":"926.20"}},{"$f":"P1805*1.22","v":{"v":5136.2,"d":"5,136.20"}},null,111,"КИПиА"]
["А0914",1683,10057125,"Блок сигнализации положения Б","(0202) Смольная ул., д. 32 Б",{"v":1,"d":"1.000"},"ШТ","2008-12-31","3.NV.1202-2002","Документы отсутствуют","ТИП-БП-10,220V,50 Hz; ТИП-БД-10М-4-20 мА","Удовлетворительное",{"v":3787.43,"d":"3,787.43"},{"v":3787.43,"d":"3,787.43"},{"v":3787.43,"d":"3,787.43"},{"v":4900,"d":"4,900.00"},{"$f":"R1806-P1806","v":{"v":1078,"d":"1,078.00"}},{"$f":"P1806*1.22","v":{"v":5978,"d":"5,978.00"}},null,111]
["А2172",1684,10104698,"Комплект термопр. КТСП-Н 5.0.","(1690) Боровский пр-д, д.13а",{"$f":"12-5-1","v":{"v":6,"d":"6.000"}},"ШТ",2013,"3.NV.1216-2002","Паспорт без №","Комплект термопр. КТСП-Н 5.0.03.00.4.3.3","Новое",{"v":9178,"d":"9,178.00"},{"v":1529.67,"d":"1,529.67"},{"v":9178,"d":"9,178.00"},{"v":14620,"d":"14,620.00"},{"$f":"R1807-P1807","v":{"v":3216.4,"d":"3,216.40"}},{"$f":"P1807*1.22","v":{"v":17836.4,"d":"17,836.40"}},null,111]
["А2174",1685,102004129,"Преобразователь ПД200-ДД2,0-155-0,1-2-Н","(0098) Верхние поля, 25",{"v":3,"d":"3.000"},"ШТ",null,"3.NV.1100-2002","Документы отсутствуют","Нет данных","Удовлетворительное",{"v":60142.14,"d":"60,142.14"},{"v":20047.38,"d":"20,047.38"},{"v":60142.14,"d":"60,142.14"},{"v":537930,"d":"537,930.00"},{"$f":"R1808-P1808","v":{"v":118344.6,"d":"118,344.60"}},{"$f":"P1808*1.22","v":{"v":656274.6,"d":"656,274.60"}},null,111]
[{"$nulls":14},{"$f":"SUM(O1805:O1808)","v":{"v":76541.38,"d":"76,541.38"}},{"$f":"SUM(P1805:P1808)","v":{"v":561660,"d":"561,660.00"}},{"v":123565.2,"d":"123,565.20"},{"$f":"SUM(R1805:R1808)","v":{"v":685225.2,"d":"685,225.20"}},{"$f":"R1809/100*10","v":{"v":68522.52,"d":"68,522.52"}},111]
["А2175",1686,10019892,"Клапан КО-3-Г11 6101","(0092) Кусковская ул., д. 18Г",{"v":20,"d":"20.000"},"ШТ","2014-12-31","3.NV.1100-2002","Документы отсутствуют","Нет данных","По факту для ксислорода (а не для горючего газа)",{"v":3571.47,"d":"3,571.47"},178.57,{"v":3571.47,"d":"3,571.47"},{"v":3410,"d":"3,410.00"},{"$f":"R1810-P1810","v":{"v":750.2,"d":"750.20"}},{"$f":"P1810*1.22","v":{"v":4160.2,"d":"4,160.20"}},null,112,"Клапаны"]
["А2176",1687,10158934,"Клапан VFG2 Ду20 Ру16 Kv6,3 0","(0109) 1-й Басманный пер., д. 6",{"v":4,"d":"4.000"},"ШТ","2016-11-02","3.NV.1201-2002","Документы отсутствуют","Нет данных","Новое",{"$f":"O1811","v":{"v":115091.16,"d":"115,091.16"}},{"$f":"O1811/F1811","v":{"v":28772.79,"d":"28,772.79"}},{"v":115091.16,"d":"115,091.16"},{"v":152280,"d":"152,280.00"},{"$f":"R1811-P1811","v":{"v":33501.6,"d":"33,501.60"}},{"$f":"P1811*1.22","v":{"v":185781.6,"d":"185,781.60"}},null,112]
["А2177",1688,102004310,"Клапан ГРАНЛОК CVS16.05.065.16","(0102) Новослободская ул., д.50/52, стр.18",{"v":1,"d":"1.000"},"ШТ","2016-11-14","3.NV.1201-2002","Документы отсутствуют","Нет данных","Хорошее",{"$f":"O1812","v":{"v":4404.63,"d":"4,404.63"}},{"$f":"O1812/F1812","v":{"v":4404.63,"d":"4,404.63"}},{"v":4404.63,"d":"4,404.63"},{"v":4970,"d":"4,970.00"},{"$f":"R1812-P1812","v":{"v":1093.4,"d":"1,093.40"}},{"$f":"P1812*1.22","v":{"v":6063.4,"d":"6,063.40"}},null,112]
[{"$nulls":14},{"$f":"SUM(O1810:O1812)","v":{"v":123067.26,"d":"123,067.26"}},{"$f":"SUM(P1810:P1812)","v":{"v":160660,"d":"160,660.00"}},{"v":35345.2,"d":"35,345.20"},{"$f":"SUM(R1810:R1812)","v":{"v":196005.2,"d":"196,005.20"}},{"$f":"R1813/100*10","v":{"v":19600.52,"d":"19,600.52"}},112]
["А2178",1689,10022651,"Куртка зим.жен.р.120-124/170-","(0074) Беломорская, 38А, стр.10",{"v":16,"d":"16.000"},"ШТ","2017-01-30","3.NV.1100-2002","RU C-RU.АГ08.В.00336 от 18.02.2014","В неактуальном корпоративном стиле","Новое",{"v":20800,"d":"20,800.00"},{"v":1300,"d":"1,300.00"},{"v":20800,"d":"20,800.00"},{"v":27720,"d":"27,720.00"},{"$f":"R1814-P1814","v":{"v":6098.4,"d":"6,098.40"}},{"$f":"P1814*1.22","v":{"v":33818.4,"d":"33,818.40"}},null,113,"Средства индивидуальной защиты"]
["А2179",1690,10023282,"Куртка зим.жен.р.128-132/182-","(0074) Беломорская, 38А, стр.10",{"v":1,"d":"1.000"},"ШТ","2017-01-30","3.NV.1100-2002","RU C-RU.АГ08.В.00336 от 18.02.2014","В неактуальном корпоративном стиле","Новое",{"$f":"O1815","v":{"v":2302.8,"d":"2,302.80"}},{"$f":"O1815/F1815","v":{"v":2302.8,"d":"2,302.80"}},{"v":2302.8,"d":"2,302.80"},{"v":3070,"d":"3,070.00"},{"$f":"R1815-P1815","v":{"v":675.4,"d":"675.40"}},{"$f":"P1815*1.22","v":{"v":3745.4,"d":"3,745.40"}},null,113]
["А2180",1691,10049870,"Куртка зим.жен.р.136-140/158-","(0074) Беломорская, 38А, стр.10",{"v":9,"d":"9.000"},"ШТ","2017-01-30","3.NV.1100-2002","RU C-RU.АГ08.В.00336 от 18.02.2014","В неактуальном корпоративном стиле","Новое",{"$f":"O1816","v":{"v":11700,"d":"11,700.00"}},{"$f":"O1816/F1816","v":{"v":1300,"d":"1,300.00"}},{"v":11700,"d":"11,700.00"},{"v":15590,"d":"15,590.00"},{"$f":"R1816-P1816","v":{"v":3429.8,"d":"3,429.80"}},{"$f":"P1816*1.22","v":{"v":19019.8,"d":"19,019.80"}},null,113]
["А2182",1692,102003851,"Куртка зим.жен.р.128-132/158-","(0074) Беломорская, 38А, стр.10",{"v":2,"d":"2.000"},"ШТ","2017-01-30","3.NV.1100-2002","RU C-RU.АГ08.В.00336 от 18.02.2014","В неактуальном корпоративном стиле","Новое",{"$f":"O1817","v":{"v":2600,"d":"2,600.00"}},{"$f":"O1817/F1817","v":{"v":1300,"d":"1,300.00"}},{"v":2600,"d":"2,600.00"},{"v":3630,"d":"3,630.00"},{"$f":"R1817-P1817","v":{"v":798.6,"d":"798.60"}},{"$f":"P1817*1.22","v":{"v":4428.6,"d":"4,428.60"}},null,113]
["А2183",1693,102003854,"П/комбинез. зим.муж.см.р.128-","(0074) Беломорская, 38А, стр.10",{"v":6,"d":"6.000"},"ШТ","2017-01-30","3.NV.1100-2002","RU C-RU.АГ08.В.00336 от 18.02.2014","В неактуальном корпоративном стиле","Новое",{"$f":"O1818","v":{"v":9720,"d":"9,720.00"}},{"$f":"O1818/F1818","v":{"v":1620,"d":"1,620.00"}},{"v":9720,"d":"9,720.00"},{"v":13590,"d":"13,590.00"},{"$f":"R1818-P1818","v":{"v":2989.8,"d":"2,989.80"}},{"$f":"P1818*1.22","v":{"v":16579.8,"d":"16,579.80"}},null,113]
[{"$nulls":14},{"$f":"SUM(O1814:O1818)","v":{"v":47122.8,"d":"47,122.80"}},{"$f":"SUM(P1814:P1818)","v":{"v":63600,"d":"63,600.00"}},{"v":13992,"d":"13,992.00"},{"$f":"SUM(R1814:R1818)","v":{"v":77592,"d":"77,592.00"}},{"$f":"R1819/100*10","v":{"v":7759.2,"d":"7,759.20"}},113]
["А2186",1694,10141819,"Кран шаровой Ду 300 мм кшп с","(0801) Очаковское шоссе, д.22",{"v":1,"d":"1.000"},"ШТ",2014,"3.NV.1208-2002","Документы отсутствуют","Длительное открытое хранение","Неудовлетворительное",{"v":425479.66,"d":"425,479.66"},{"v":425479.66,"d":"425,479.66"},{"v":425479.66,"d":"425,479.66"},{"v":45570,"d":"45,570.00"},{"$f":"R1820-P1820","v":{"v":10025.4,"d":"10,025.40"}},{"$f":"P1820*1.22","v":{"v":55595.4,"d":"55,595.40"}},null,114,"Шаровые краны"]
["А2187",1695,10142131,"Кран шаровой Ду 700 мм редуци","(0801) Очаковское шоссе, д.22",{"v":1,"d":"1.000"},"ШТ",2014,"3.NV.1208-2002","Документы отсутствуют","Не рабочие","Неудовлетворительное",{"v":1662552,"d":"1,662,552.00"},{"v":1662552,"d":"1,662,552.00"},{"v":1662552,"d":"1,662,552.00"},{"v":167110,"d":"167,110.00"},{"$f":"R1821-P1821","v":{"v":36764.2,"d":"36,764.20"}},{"$f":"P1821*1.22","v":{"v":203874.2,"d":"203,874.20"}},null,114]
[{"$nulls":14},{"$f":"SUM(O1820:O1821)","v":{"v":2088031.66,"d":"2,088,031.66"}},{"v":212680,"d":"212,680.00"},{"v":46789.6,"d":"46,789.60"},{"v":259469.6,"d":"259,469.60"},{"$f":"R1822/100*10","v":{"v":25946.96,"d":"25,946.96"}},114]
["А2184",1696,10129298,"Горелка ГВ-111Р","(0911) Строительный пр.,д.14 к.1",{"v":3,"d":"3.000"},"ШТ",2015,"3.NV.1209-2002","Документы отсутствуют","Нет данных","Удовлетворительное",{"$f":"O1823","v":{"v":1230,"d":"1,230.00"}},{"$f":"O1823/F1823","v":{"v":410,"d":"410.00"}},{"v":1230,"d":"1,230.00"},{"v":640,"d":"640.00"},{"$f":"R1823-P1823","v":{"v":140.8,"d":"140.80"}},{"$f":"P1823*1.22","v":{"v":780.8,"d":"780.80"}},null,115,"Строительно-монтажное оборудование. Задвижки."]
["А2188",1697,10142237,"Задвижка 30с 564нж Ду 300 мм","(0801) Очаковское шоссе, д.22",{"v":2,"d":"2.000"},"ШТ",2014,"3.NV.1208-2002","Документы отсутствуют","Демонтированы с байпаса","Неудовлетворительное",{"v":158334.25,"d":"158,334.25"},{"v":79167.13,"d":"79,167.13"},{"v":158334.25,"d":"158,334.25"},{"v":16570,"d":"16,570.00"},{"$f":"R1824-P1824","v":{"v":3645.4,"d":"3,645.40"}},{"$f":"P1824*1.22","v":{"v":20215.4,"d":"20,215.40"}},null,115]
[{"$nulls":14},{"$f":"SUM(O1823:O1824)","v":{"v":159564.25,"d":"159,564.25"}},{"$f":"SUM(P1823:P1824)","v":{"v":17210,"d":"17,210.00"}},{"v":3786.2,"d":"3,786.20"},{"$f":"SUM(R1823:R1824)","v":{"v":20996.2,"d":"20,996.20"}},{"$f":"R1825/100*10","v":{"v":2099.62,"d":"2,099.62"}},115]
["А0660",1698,10108375,"Теплосчётчик ВИС.Т ТС-200-3-3-2-1 Ду80/80 НПО Тепловизор","(0402) Зверинецкая ул., д.33, стр.1",{"v":1,"d":"1.000"},"ШТ","31.12.2014","3.NV.1204-2002","Документы отсутствуют","Нет данных","Новое",{"$f":"O1826","v":{"v":53806,"d":"53,806.00"}},{"$f":"O1826/F1826","v":{"v":53806,"d":"53,806.00"}},{"v":53806,"d":"53,806.00"},{"v":45550,"d":"45,550.00"},{"$f":"R1826-P1826","v":{"v":10021,"d":"10,021.00"}},{"$f":"P1826*1.22","v":{"v":55571,"d":"55,571.00"}},null,116,"КИПиА"]
["А0661",1699,10108257,"Теплосчётчик ВИС.Т ТС-200-2-2-1-1 Ду40/40 НПО Тепловизор","(0409) Щелковское ш., д.70А, стр.1",{"v":1,"d":"1.000"},"ШТ","31.12.2014","3.NV.1204-2002","Документы отсутствуют","Нет данных","Новое",{"v":98400,"d":"98,400.00"},{"v":98400,"d":"98,400.00"},{"v":98400,"d":"98,400.00"},{"v":83290,"d":"83,290.00"},{"v":18323.8,"d":"18,323.80"},{"v":101613.8,"d":"101,613.80"},null,116]
["А0663",1700,10124477,"Теплосчётчик SA-94/2М-3-ПРН-040/040-ФЛ/ФЛ-Т-2-1-2/нет-1","(0409) Щелковское ш., д.70А, стр.1",{"v":1,"d":"1.000"},"ШТ","31.12.2014","3.NV.1204-2002","Документы отсутствуют","Нет данных","Новое",{"v":102602.85,"d":"102,602.85"},{"v":102602.85,"d":"102,602.85"},{"v":102602.85,"d":"102,602.85"},{"v":86850,"d":"86,850.00"},{"v":19107,"d":"19,107.00"},{"v":105957,"d":"105,957.00"},null,116]
["А0664",1701,10124572,"Теплосчётчик SA-94/2М-3-ПРН-050/050-ФЛ/ФЛ-Т-2-1-2/нет-1","(0409) Щелковское ш., д.70А, стр.1",{"v":1,"d":"1.000"},"ШТ","31.12.2014","3.NV.1204-2002","Документы отсутствуют","Нет данных","Новое",{"v":106153.95,"d":"106,153.95"},{"v":106153.95,"d":"106,153.95"},{"v":106153.95,"d":"106,153.95"},{"v":89860,"d":"89,860.00"},{"v":19769.2,"d":"19,769.20"},{"v":109629.2,"d":"109,629.20"},null,116]
["А0665",1702,10124573,"Теплосчётчик SA-94/2М-3-ПРН-080/080-ФЛ/ФЛ-Т-2-1-1/нет-1","(0409) Щелковское ш., д.70А, стр.1",{"v":1,"d":"1.000"},"ШТ","31.12.2014","3.NV.1204-2002","Документы отсутствуют","Нет данных","Новое",{"v":115450.65,"d":"115,450.65"},{"v":115450.65,"d":"115,450.65"},{"v":115450.65,"d":"115,450.65"},{"v":97730,"d":"97,730.00"},{"v":21500.6,"d":"21,500.60"},{"v":119230.6,"d":"119,230.60"},null,116]
["А0785",1703,10108262,"ВИС.Т ТС-200-2-2-1-0 Ду150/150","(0092) Кусковская ул., д. 18Г",{"v":1,"d":"1.000"},"ШТ",42004,"3.NV.1100-2002","Документы отсутствуют","Нет данных","Новое",{"v":72617.46,"d":"72,617.46"},{"v":72617.46,"d":"72,617.46"},{"v":72617.46,"d":"72,617.46"},{"v":61470,"d":"61,470.00"},{"v":13523.4,"d":"13,523.40"},{"v":74993.4,"d":"74,993.40"},null,116]
["А0786",1704,10109263,"ВИС.Т ТС-200-3-3-2-1 Ду100/100","(0092) Кусковская ул., д. 18Г",{"v":1,"d":"1.000"},"ШТ",42004,"3.NV.1100-2002","Документы отсутствуют","Нет данных","Новое",{"v":57724.42,"d":"57,724.42"},{"v":57724.42,"d":"57,724.42"},{"v":57724.42,"d":"57,724.42"},{"v":48860,"d":"48,860.00"},{"v":10749.2,"d":"10,749.20"},{"v":59609.2,"d":"59,609.20"},null,116]
["А0813",1705,102002213,"Б/У ВИС.Т ТС-200-2-2-1-1 Ду50/50","(1690) Боровский пр-д, д.13а",{"v":1,"d":"1.000"},"ШТ",42824,"3.NV.1216-2002","Документы отсутствуют","Нет данных","Удовлетворительное ",{"v":21531.3,"d":"21,531.30"},{"v":21531.3,"d":"21,531.30"},{"v":21531.3,"d":"21,531.30"},{"v":9290,"d":"9,290.00"},{"v":2043.8,"d":"2,043.80"},{"v":11333.8,"d":"11,333.80"},null,116]
["А0814",1706,102002220,"Б/У ВИС.Т ТС-200-3-3-2-1 Ду80/80","(1690) Боровский пр-д, д.13а",{"v":1,"d":"1.000"},"ШТ",2015,"3.NV.1216-2002","Документы отсутствуют","Нет данных","Удовлетворительное ",{"v":19310.02,"d":"19,310.02"},{"v":19310.02,"d":"19,310.02"},{"v":19310.02,"d":"19,310.02"},{"v":9040,"d":"9,040.00"},{"v":1988.8,"d":"1,988.80"},{"v":11028.8,"d":"11,028.80"},null,116]
["А0815",1707,102002225,"Б/У ВИС.Т ТС-200-3-3-2-1 Ду100/100","(1690) Боровский пр-д, д.13а",{"v":1,"d":"1.000"},"ШТ",42824,"3.NV.1216-2002","Документы отсутствуют","Нет данных","Удовлетворительное ",{"v":28098.36,"d":"28,098.36"},{"v":28098.36,"d":"28,098.36"},{"v":28098.36,"d":"28,098.36"},{"v":12130,"d":"12,130.00"},{"v":2668.6,"d":"2,668.60"},{"v":14798.6,"d":"14,798.60"},null,116]
["А0816",1708,102002286,"Б/У ВИС.Т ТС-200-2-2-1-1 Ду25/25","(1690) Боровский пр-д, д.13а",{"v":1,"d":"1.000"},"ШТ",42004,"3.NV.1216-2002","Документы отсутствуют","Нет данных","Удовлетворительное ",{"v":21905.94,"d":"21,905.94"},{"v":21905.94,"d":"21,905.94"},{"v":21905.94,"d":"21,905.94"},{"v":10910,"d":"10,910.00"},{"v":2400.2,"d":"2,400.20"},{"v":13310.2,"d":"13,310.20"},null,116]
["А0820",1709,102002315,"Б/У ВИС.Т ТС-401-5-6-2-0-Е Ду80/80+40/40","(1690) Боровский пр-д, д.13а",{"v":1,"d":"1.000"},"ШТ",42824,"3.NV.1216-2002","Документы отсутствуют","Нет данных","Удовлетворительное ",{"v":53603.72,"d":"53,603.72"},{"v":53603.72,"d":"53,603.72"},{"v":53603.72,"d":"53,603.72"},{"v":23130,"d":"23,130.00"},{"v":5088.6,"d":"5,088.60"},{"v":28218.6,"d":"28,218.60"},null,116]
["А0821",1710,102002320,"Б/У ВИС.Т ТС-300-3-4-2-1 Ду40/40+25","(1690) Боровский пр-д, д.13а",{"v":1,"d":"1.000"},"ШТ",42004,"3.NV.1216-2002","Документы отсутствуют","Нет данных","Удовлетворительное ",{"v":48500,"d":"48,500.00"},{"v":48500,"d":"48,500.00"},{"v":48500,"d":"48,500.00"},{"v":24150,"d":"24,150.00"},{"v":5313,"d":"5,313.00"},{"v":29463,"d":"29,463.00"},null,116]
["А0822",1711,102002328,"Б/У ВИС.Т ТС-401-5-5-3-1-Е Ду40/40+25/25","(1690) Боровский пр-д, д.13а",{"v":1,"d":"1.000"},"ШТ","2010","3.NV.1216-2002","Документы отсутствуют","Нет данных","Удовлетворительное ",{"v":39677.36,"d":"39,677.36"},{"v":39677.36,"d":"39,677.36"},{"v":39677.36,"d":"39,677.36"},{"v":22160,"d":"22,160.00"},{"v":4875.2,"d":"4,875.20"},{"v":27035.2,"d":"27,035.20"},null,116]
["А0823",1712,102002337,"Б/У ВИС.Т ТС-401-5-5-3-1-Е 100/100+50/40","(1690) Боровский пр-д, д.13а",{"v":1,"d":"1.000"},"ШТ","2010","3.NV.1216-2002","Документы отсутствуют","Нет данных","Удовлетворительное ",{"v":35465.24,"d":"35,465.24"},{"v":35465.24,"d":"35,465.24"},{"v":35465.24,"d":"35,465.24"},{"v":19810,"d":"19,810.00"},{"v":4358.2,"d":"4,358.20"},{"v":24168.2,"d":"24,168.20"},null,116]
["А0824",1713,102002338,"Б/У ВИС.Т ТС-401-5-5-3-1-Е Ду40/40+50/50","(1690) Боровский пр-д, д.13а",{"v":1,"d":"1.000"},"ШТ","2010","3.NV.1216-2002","Документы отсутствуют","Нет данных","Удовлетворительное ",{"v":39237.93,"d":"39,237.93"},{"v":39237.93,"d":"39,237.93"},{"v":39237.93,"d":"39,237.93"},{"v":21920,"d":"21,920.00"},{"v":4822.4,"d":"4,822.40"},{"v":26742.4,"d":"26,742.40"},null,116]
["А0825",1714,102002345,"Б/У ВИС.Т ТС-401-5-5-3-1-Е Ду50/50+40/40","(1690) Боровский пр-д, д.13а",{"v":1,"d":"1.000"},"ШТ","2010","3.NV.1216-2002","Документы отсутствуют","Нет данных","Удовлетворительное ",{"v":34710.72,"d":"34,710.72"},{"v":34710.72,"d":"34,710.72"},{"v":34710.72,"d":"34,710.72"},{"v":19390,"d":"19,390.00"},{"v":4265.8,"d":"4,265.80"},{"v":23655.8,"d":"23,655.80"},null,116]
["А0826",1715,102002347,"Б/У ВИС.Т ТС-401-5-5-3-1-Е Ду80/80+80/80","(1690) Боровский пр-д, д.13а",{"v":1,"d":"1.000"},"ШТ","2010","3.NV.1216-2002","Документы отсутствуют","Нет данных","Удовлетворительное ",{"v":53710.03,"d":"53,710.03"},{"v":53710.03,"d":"53,710.03"},{"v":53710.03,"d":"53,710.03"},{"v":30000,"d":"30,000.00"},{"v":6600,"d":"6,600.00"},{"v":36600,"d":"36,600.00"},null,116]
["А0829",1716,102002308,"Б/У ВИС.Т ТС-401-5-5-3-0-Е Ду50/50+50/50","(1690) Боровский пр-д, д.13а",{"v":2,"d":"2.000"},"ШТ","2010","3.NV.1216-2002","Документы отсутствуют","Нет данных","Удовлетворительное ",{"v":128987.33,"d":"128,987.33"},{"v":64493.67,"d":"64,493.67"},{"v":128987.33,"d":"128,987.33"},{"v":72050,"d":"72,050.00"},{"v":15851,"d":"15,851.00"},{"v":87901,"d":"87,901.00"},null,116]
["А0830",1717,102002309,"Б/У ВИС.Т ТС-401-5-5-3-1-Е Ду50/50+80/50","(1690) Боровский пр-д, д.13а",{"v":2,"d":"2.000"},"ШТ","2010","3.NV.1216-2002","Документы отсутствуют","Нет данных","Удовлетворительное ",{"v":126843.4,"d":"126,843.40"},{"v":63421.7,"d":"63,421.70"},{"v":126843.4,"d":"126,843.40"},{"v":70850,"d":"70,850.00"},{"v":15587,"d":"15,587.00"},{"v":86437,"d":"86,437.00"},null,116]
["А0832",1718,102002342,"Б/У ВИС.Т ТС-401-5-5-3-1-Е 100/100+80/50","(1690) Боровский пр-д, д.13а",{"v":2,"d":"2.000"},"ШТ","2010","3.NV.1216-2002","Документы отсутствуют","Нет данных","Удовлетворительное ",{"v":112063.56,"d":"112,063.56"},{"v":56031.78,"d":"56,031.78"},{"v":112063.56,"d":"112,063.56"},{"v":62590,"d":"62,590.00"},{"v":13769.8,"d":"13,769.80"},{"v":76359.8,"d":"76,359.80"},null,116]
["А0833",1719,102002358,"Б/У ВИС.Т ТС-401-5-5-3-1-Е Ду40/40+50/40","(1690) Боровский пр-д, д.13а",{"v":2,"d":"2.000"},"ШТ","2010","3.NV.1216-2002","Документы отсутствуют","Нет данных","Удовлетворительное ",{"v":93894.41,"d":"93,894.41"},{"v":46947.21,"d":"46,947.21"},{"v":93894.41,"d":"93,894.41"},{"v":52450,"d":"52,450.00"},{"v":11539,"d":"11,539.00"},{"v":63989,"d":"63,989.00"},null,116]
["А0834",1720,102002359,"Б/У ВИС.Т ТС-401-5-5-3-1-Е Ду40/40+40/40","(1690) Боровский пр-д, д.13а",{"v":2,"d":"2.000"},"ШТ",42824,"3.NV.1216-2002","Документы отсутствуют","Нет данных","Удовлетворительное ",{"v":131723.45,"d":"131,723.45"},{"v":65861.73,"d":"65,861.73"},{"v":131723.45,"d":"131,723.45"},{"v":56850,"d":"56,850.00"},{"v":12507,"d":"12,507.00"},{"v":69357,"d":"69,357.00"},null,116]
["А0836",1721,102002341,"Б/У ВИС.Т ТС-401-5-5-3-1-Е Ду80/80+50/40","(1690) Боровский пр-д, д.13а",{"v":3,"d":"3.000"},"ШТ",42824,"3.NV.1216-2002","Документы отсутствуют","Нет данных","Удовлетворительное ",{"v":207859.45,"d":"207,859.45"},{"v":69286.48,"d":"69,286.48"},{"v":207859.45,"d":"207,859.45"},{"v":89710,"d":"89,710.00"},{"v":19736.2,"d":"19,736.20"},{"v":109446.2,"d":"109,446.20"},null,116]
["А0837",1722,102002349,"Б/У ВИС.Т ТС-401-5-5-3-1-Е Ду100/100+100","(1690) Боровский пр-д, д.13а",{"v":3,"d":"3.000"},"ШТ",42824,"3.NV.1216-2002","Документы отсутствуют","Нет данных","Удовлетворительное ",{"v":258685.96,"d":"258,685.96"},{"v":86228.65,"d":"86,228.65"},{"v":258685.96,"d":"258,685.96"},{"v":111640,"d":"111,640.00"},{"v":24560.8,"d":"24,560.80"},{"v":136200.8,"d":"136,200.80"},null,116]
["А0838",1723,102002351,"Б/У ВИС.Т ТС-401-5-5-3-1-Е Ду50/50+40/25","(1690) Боровский пр-д, д.13а",{"v":3,"d":"3.000"},"ШТ",42824,"3.NV.1216-2002","Документы отсутствуют","Нет данных","Удовлетворительное ",{"v":164183.78,"d":"164,183.78"},{"v":54727.93,"d":"54,727.93"},{"v":164183.78,"d":"164,183.78"},{"v":70860,"d":"70,860.00"},{"v":15589.2,"d":"15,589.20"},{"v":86449.2,"d":"86,449.20"},null,116]
["А0839",1724,102002352,"Б/У ВИС.Т ТС-401-5-5-3-1-Е 100/100+80/80","(1690) Боровский пр-д, д.13а",{"v":3,"d":"3.000"},"ШТ",42824,"3.NV.1216-2002","Документы отсутствуют","Нет данных","Удовлетворительное ",{"v":313180.47,"d":"313,180.47"},{"v":104393.49,"d":"104,393.49"},{"v":313180.47,"d":"313,180.47"},{"v":135160,"d":"135,160.00"},{"v":29735.2,"d":"29,735.20"},{"v":164895.2,"d":"164,895.20"},null,116]
["А0841",1725,102002343,"Б/У ВИС.Т ТС-401-5-5-3-1-Е Ду50/50+50/50","(1690) Боровский пр-д, д.13а",{"v":5,"d":"5.000"},"ШТ","2010","3.NV.1216-2002","Документы отсутствуют","Нет данных","Удовлетворительное ",{"v":312411.54,"d":"312,411.54"},{"v":62482.31,"d":"62,482.31"},{"v":312411.54,"d":"312,411.54"},{"v":174500,"d":"174,500.00"},{"v":38390,"d":"38,390.00"},{"v":212890,"d":"212,890.00"},null,116]
["А0842",1726,102002348,"Б/У ВИС.Т ТС-401-5-5-3-1-Е Ду50/50+50/40","(1690) Боровский пр-д, д.13а",{"v":5,"d":"5.000"},"ШТ","31.12.2014","3.NV.1216-2002","Документы отсутствуют","Нет данных","Удовлетворительное ",{"v":342833.5,"d":"342,833.50"},{"v":68566.7,"d":"68,566.70"},{"v":342833.5,"d":"342,833.50"},{"v":170710,"d":"170,710.00"},{"v":37556.2,"d":"37,556.20"},{"v":208266.2,"d":"208,266.20"},null,116]
["А0843",1727,102002350,"Б/У ВИС.Т ТС-401-5-5-3-1-Е Ду80/80+80/50","(1690) Боровский пр-д, д.13а",{"v":5,"d":"5.000"},"ШТ","31.12.2014","3.NV.1216-2002","Документы отсутствуют","Нет данных","Удовлетворительное ",{"v":281940.2,"d":"281,940.20"},{"v":56388.04,"d":"56,388.04"},{"v":281940.2,"d":"281,940.20"},{"v":140390,"d":"140,390.00"},{"v":30885.8,"d":"30,885.80"},{"v":171275.8,"d":"171,275.80"},null,116]
["А0844",1728,102002322,"Б/У ВИС.Т ТС-401-5-5-3-1-Е Ду80/80+50/50","(1690) Боровский пр-д, д.13а",{"v":6,"d":"6.000"},"ШТ","31.12.2014","3.NV.1216-2002","Документы отсутствуют","Нет данных","Удовлетворительное ",{"v":328832.89,"d":"328,832.89"},{"v":54805.48,"d":"54,805.48"},{"v":328832.89,"d":"328,832.89"},{"v":163730,"d":"163,730.00"},{"v":36020.6,"d":"36,020.60"},{"v":199750.6,"d":"199,750.60"},null,116]
["А0850",1729,10124616,"ВИС.Т ТС-200-2-3-1-1 Ду40/40","(0108) Новослободская ул., д.50/52, стр.18",{"v":1,"d":"1.000"},"ШТ","30.03.2017","3.NV.1201-2002","Документы отсутствуют","Нет данных","Удовлетворительное ",{"v":45107,"d":"45,107.00"},{"v":45107,"d":"45,107.00"},{"v":45107,"d":"45,107.00"},{"v":19470,"d":"19,470.00"},{"v":4283.4,"d":"4,283.40"},{"v":23753.4,"d":"23,753.40"},null,116]
["А0971",1730,102001156,"ВИС.Т ТС-100-0-2-2-1-КТ Ду200","(0817) Боровское ш., д.10",{"v":1,"d":"1.000"},"ШТ",42004,"3.NV.1208-2002","Документы отсутствуют","ВА53-41-135250-20УХЛ3 250А","Удовлетворительное",{"v":87685,"d":"87,685.00"},{"v":87685,"d":"87,685.00"},{"v":87685,"d":"87,685.00"},{"v":43660,"d":"43,660.00"},{"$f":"R1858-P1858","v":{"v":9605.2,"d":"9,605.20"}},{"$f":"P1858*1.22","v":{"v":53265.2,"d":"53,265.20"}},null,116]
["А1068",1731,10108248,"ВИС.Т ТС-201-3-3-2-1 Ду100/100","(0512) Сормовская ул., д. 17, корп. 5, стр.2",{"v":1,"d":"1.000"},"ШТ",41852,"3.NV.1205-2002","Документы отсутствуют","Нет данных","Удовлетворительное",{"v":65236.25,"d":"65,236.25"},{"v":65236.25,"d":"65,236.25"},{"v":65236.25,"d":"65,236.25"},{"v":32670,"d":"32,670.00"},{"v":7187.4,"d":"7,187.40"},{"v":39857.4,"d":"39,857.40"},null,116]
["А1069",1732,102010077,"ВИС.Т ТС-201-0-2-1-1 Ду25/25","(0508) Перерва ул., д. 23, стр. 3",{"v":1,"d":"1.000"},"ШТ",43160,"3.NV.1205-2002","Документы отсутствуют","Нет данных","Удовлетворительное",{"v":136911,"d":"136,911.00"},{"v":136911,"d":"136,911.00"},{"v":136911,"d":"136,911.00"},{"v":57400,"d":"57,400.00"},{"v":12628,"d":"12,628.00"},{"v":70028,"d":"70,028.00"},null,116]
["А1070",1733,102010954,"ВИС.Т ТС-201-0-2-1-1 Ду100/100","(0508) Перерва ул., д. 23, стр. 3",{"v":2,"d":"2.000"},"ШТ",43160,"3.NV.1205-2002","Документы отсутствуют","Нет данных","Удовлетворительное",{"v":378262,"d":"378,262.00"},{"v":189131,"d":"189,131.00"},{"v":378262,"d":"378,262.00"},{"v":158600,"d":"158,600.00"},{"v":34892,"d":"34,892.00"},{"v":193492,"d":"193,492.00"},null,116]
["А1071",1734,102010963,"ВИС.Т ТС-201-0-2-1-1 Ду80/80","(0508) Перерва ул., д. 23, стр. 3",{"v":2,"d":"2.000"},"ШТ",43160,"3.NV.1205-2002","Документы отсутствуют","Нет данных","Удовлетворительное",{"v":342278,"d":"342,278.00"},{"v":171139,"d":"171,139.00"},{"v":342278,"d":"342,278.00"},{"v":143510,"d":"143,510.00"},{"v":31572.2,"d":"31,572.20"},{"v":175082.2,"d":"175,082.20"},null,116]
["А1089",1735,102000579,"ВИС.Т ТС-201-2-2-1 Ду100/100","(0904) Врачебный проезд д.3",{"v":1,"d":"1.000"},"КМП",42277,"3.NV.1209-2002","Паспорт","Нет данных","Удовлетворительное",{"v":105661.07,"d":"105,661.07"},{"v":105661.07,"d":"105,661.07"},{"v":105661.07,"d":"105,661.07"},{"v":49290,"d":"49,290.00"},{"v":10843.8,"d":"10,843.80"},{"v":60133.8,"d":"60,133.80"},null,116]
["А1117",1736,10124622,"ВИС.Т ТС-200-2-2-1-1 Ду100/100","(1690) Боровский пр-д, д.13а",{"v":1,"d":"1.000"},"ШТ","2011г.","3.NV.1216-2002","Документы отсутствуют","ВИС.Т ТС-200-2-2-1-1 Ду100/100","Удовлетворительное",{"v":57700.6,"d":"57,700.60"},{"v":57700.6,"d":"57,700.60"},{"v":57700.6,"d":"57,700.60"},{"v":30050,"d":"30,050.00"},{"v":6611,"d":"6,611.00"},{"v":36661,"d":"36,661.00"},null,116]
["А1118",1737,10108273,"ВИС.Т ТС-200-2-2-1-1 Ду50/50","(1690) Боровский пр-д, д.13а",{"v":1,"d":"1.000"},"ШТ","2010г.","3.NV.1216-2002","Паспорт № 105505","ВИС.Т ТС-200-2-2-1-1 Ду50/50","Удовлетворительное",{"v":52045.13,"d":"52,045.13"},{"v":52045.13,"d":"52,045.13"},{"v":52045.13,"d":"52,045.13"},{"v":29070,"d":"29,070.00"},{"v":6395.4,"d":"6,395.40"},{"v":35465.4,"d":"35,465.40"},null,116]
["А1119",1738,10124644,"ВИС.Т ТС-200-2-2-1-1 Ду80/80","(1690) Боровский пр-д, д.13а",{"v":2,"d":"2.000"},"ШТ","2012г.","3.NV.1216-2002","Паспорт № 122755, 122753","ВИС.Т ТС-200-2-2-1-1 Ду80/80","Удовлетворительное",{"v":104666,"d":"104,666.00"},{"v":52333,"d":"52,333.00"},{"v":104666,"d":"104,666.00"},{"v":53490,"d":"53,490.00"},{"v":11767.8,"d":"11,767.80"},{"v":65257.8,"d":"65,257.80"},null,116]
["А1120",1739,10118557,"ВИС.Т ТС-200-2-2-1-1-РТ Ду100/100","(1690) Боровский пр-д, д.13а",{"v":1,"d":"1.000"},"ШТ","2012г.","3.NV.1216-2002","Паспорт № 122752","ВИС.Т ТС-200-2-2-1-1-РТ Ду100/100","Удовлетворительное",{"v":65759,"d":"65,759.00"},{"v":65759,"d":"65,759.00"},{"v":65759,"d":"65,759.00"},{"v":33610,"d":"33,610.00"},{"v":7394.2,"d":"7,394.20"},{"v":41004.2,"d":"41,004.20"},null,116]
["А1121",1740,10108375,"ВИС.Т ТС-200-3-3-2-1 Ду80/80","(1690) Боровский пр-д, д.13а",{"v":2,"d":"2.000"},"ШТ","2011г.","3.NV.1216-2002","Документы отсутствуют","ВИС.Т ТС-200-3-3-2-1 Ду80/80","Удовлетворительное",{"v":107612,"d":"107,612.00"},{"v":53806,"d":"53,806.00"},{"v":107612,"d":"107,612.00"},{"v":53580,"d":"53,580.00"},{"v":11787.6,"d":"11,787.60"},{"v":65367.6,"d":"65,367.60"},null,116]
["А1122",1741,10108247,"ВИС.Т ТС-201-3-3-2-1 Ду100/80","(1690) Боровский пр-д, д.13а",{"v":4,"d":"4.000"},"ШТ","2011г.","3.NV.1216-2002","Паспорт № 112156, 112157, 112158, 31629","ВИС.Т ТС-201-3-3-2-1 Ду100/80","Удовлетворительное",{"v":218116.29,"d":"218,116.29"},{"v":54529.07,"d":"54,529.07"},{"v":218116.29,"d":"218,116.29"},{"v":113600,"d":"113,600.00"},{"v":24992,"d":"24,992.00"},{"v":138592,"d":"138,592.00"},null,116]
["А1123",1742,10124615,"ВИС.Т ТС-201-3-3-2-1 Ду50/25","(1690) Боровский пр-д, д.13а",{"v":1,"d":"1.000"},"ШТ","2012г.","3.NV.1216-2002","Паспорт № 122760","ВИС.Т ТС-201-3-3-2-1 Ду50/25","Удовлетворительное",{"v":50612,"d":"50,612.00"},{"v":50612,"d":"50,612.00"},{"v":50612,"d":"50,612.00"},{"v":25870,"d":"25,870.00"},{"v":5691.4,"d":"5,691.40"},{"v":31561.4,"d":"31,561.40"},null,116]
["А1124",1743,10108245,"ВИС.Т ТС-201-3-3-2-1 Ду50/40","(1690) Боровский пр-д, д.13а",{"$f":"9-1","v":{"v":8,"d":"8.000"}},"ШТ","2012г.","3.NV.1216-2002","Паспорт № 122761, 122762, 122763, 122764, 122765, 122766, 122768, 122769, 122770","ВИС.Т ТС-201-3-3-2-1 Ду50/40","Удовлетворительное",{"v":437387.63,"d":"437,387.63"},{"v":54673.45,"d":"54,673.45"},{"$f":"492061.08/9*8","v":{"v":437387.63,"d":"437,387.63"}},{"v":223540,"d":"223,540.00"},{"v":49178.8,"d":"49,178.80"},{"v":272718.8,"d":"272,718.80"},null,116]
["А1125",1744,10108187,"ВИС.Т ТС-201-3-3-2-1 Ду80/40","(1690) Боровский пр-д, д.13а",{"v":3,"d":"3.000"},"ШТ","2011г","3.NV.1216-2002","Паспорт № 112170, 112171, 31579 ","ВИС.Т ТС-201-3-3-2-1 Ду80/40","Удовлетворительное",{"v":151648.24,"d":"151,648.24"},{"v":50549.41,"d":"50,549.41"},{"v":151648.24,"d":"151,648.24"},{"v":78980,"d":"78,980.00"},{"v":17375.6,"d":"17,375.60"},{"v":96355.6,"d":"96,355.60"},null,116]
["А1126",1745,10108186,"ВИС.Т ТС-201-3-3-2-1 Ду80/50","(1690) Боровский пр-д, д.13а",{"v":7,"d":"7.000"},"ШТ","2011г","3.NV.1216-2002","Паспотр № 112180, 112181, 112182, 112183, 112184, 112185, 112781","ВИС.Т ТС-201-3-3-2-1 Ду80/50","Удовлетворительное",{"v":393041.21,"d":"393,041.21"},{"v":56148.74,"d":"56,148.74"},{"v":393041.21,"d":"393,041.21"},{"v":204700,"d":"204,700.00"},{"v":45034,"d":"45,034.00"},{"v":249734,"d":"249,734.00"},null,116]
["А1128",1746,10124595,"ВИС.Т ТС-301-4-4-3-1-Е Ду40/40+25","(1690) Боровский пр-д, д.13а",{"v":3,"d":"3.000"},"ШТ","2012г.","3.NV.1216-2002","Паспорт № 112816, 112817, 112818","ВИС.Т ТС-301-4-4-3-1-Е Ду40/40+25","Удовлетворительное",{"v":231681,"d":"231,681.00"},{"v":77227,"d":"77,227.00"},{"v":231681,"d":"231,681.00"},{"v":118410,"d":"118,410.00"},{"v":26050.2,"d":"26,050.20"},{"v":144460.2,"d":"144,460.20"},null,116]
["А1129",1747,10124643,"ВИС.Т ТС-301-4-4-3-1-Е Ду50/50+25","(1690) Боровский пр-д, д.13а",{"v":2,"d":"2.000"},"ШТ","2012г.","3.NV.1216-2002","Паспорт № 122820, 122821","ВИС.Т ТС-301-4-4-3-1-Е Ду50/50+25","Удовлетворительное",{"v":158684,"d":"158,684.00"},{"v":79342,"d":"79,342.00"},{"v":158684,"d":"158,684.00"},{"v":81100,"d":"81,100.00"},{"v":17842,"d":"17,842.00"},{"v":98942,"d":"98,942.00"},null,116]
["А1130",1748,10124642,"ВИС.Т ТС-301-4-4-3-1-Е Ду50/50+40","(1690) Боровский пр-д, д.13а",{"v":2,"d":"2.000"},"ШТ","2011г.","3.NV.1216-2002","Паспорт № 112823, 112824","ВИС.Т ТС-301-4-4-3-1-Е Ду50/50+40","Удовлетворительное",{"v":160512,"d":"160,512.00"},{"v":80256,"d":"80,256.00"},{"v":160512,"d":"160,512.00"},{"v":83600,"d":"83,600.00"},{"v":18392,"d":"18,392.00"},{"v":101992,"d":"101,992.00"},null,116]
["А1131",1749,10124528,"ВИС.Т ТС-400-4-4-2-1 Ду40/40+50/50","(1690) Боровский пр-д, д.13а",{"v":1,"d":"1.000"},"ШТ","2012г.","3.NV.1216-2002","Паспорт № 122826","ВИС.Т ТС-400-4-4-2-1 Ду40/40+50/50","Удовлетворительное",{"v":81099,"d":"81,099.00"},{"v":81099,"d":"81,099.00"},{"v":81099,"d":"81,099.00"},{"v":41450,"d":"41,450.00"},{"v":9119,"d":"9,119.00"},{"v":50569,"d":"50,569.00"},null,116]
["А1132",1750,10124506,"ВИС.Т ТС-400-4-4-2-1 Ду50/50+50/50","(1690) Боровский пр-д, д.13а",{"v":1,"d":"1.000"},"ШТ","2012г.","3.NV.1216-2002","Паспорт № 122827","ВИС.Т ТС-400-4-4-2-1 Ду50/50+50/50","Удовлетворительное",{"v":83214,"d":"83,214.00"},{"v":83214,"d":"83,214.00"},{"v":83214,"d":"83,214.00"},{"v":42530,"d":"42,530.00"},{"v":9356.6,"d":"9,356.60"},{"v":51886.6,"d":"51,886.60"},null,116]
["А1133",1751,10124612,"ВИС.Т ТС-400-4-5-2-0 Ду40/40+50/50","(1690) Боровский пр-д, д.13а",{"v":1,"d":"1.000"},"ШТ","2011г.","3.NV.1216-2002","Паспорт № 111268","ВИС.Т ТС-400-4-5-2-0 Ду40/40+50/50","Удовлетворительное",{"v":79245,"d":"79,245.00"},{"v":79245,"d":"79,245.00"},{"v":79245,"d":"79,245.00"},{"v":41270,"d":"41,270.00"},{"v":9079.4,"d":"9,079.40"},{"v":50349.4,"d":"50,349.40"},null,116]
["А1134",1752,10124613,"ВИС.Т ТС-400-4-5-2-1 Ду40/40+25/25","(1690) Боровский пр-д, д.13а",{"v":3,"d":"3.000"},"ШТ","2012г.","3.NV.1216-2002","Паспорт № 122828, 122829, 122830","ВИС.Т ТС-400-4-5-2-1 Ду40/40+25/25","Удовлетворительное",{"v":236322,"d":"236,322.00"},{"v":78774,"d":"78,774.00"},{"v":236322,"d":"236,322.00"},{"v":120780,"d":"120,780.00"},{"v":26571.6,"d":"26,571.60"},{"v":147351.6,"d":"147,351.60"},null,116]
["А1135",1753,10124565,"ВИС.Т ТС-400-4-5-2-1 Ду40/40+40/25","(1690) Боровский пр-д, д.13а",{"v":7,"d":"7.000"},"ШТ","2012г.","3.NV.1216-2002","Паспорт № 122831, 122832, 122833, 122834, 122835, 122836, 122837","ВИС.Т ТС-400-4-5-2-1 Ду40/40+40/25","Удовлетворительное",{"v":557802,"d":"557,802.00"},{"v":79686,"d":"79,686.00"},{"v":557802,"d":"557,802.00"},{"v":285080,"d":"285,080.00"},{"v":62717.6,"d":"62,717.60"},{"v":347797.6,"d":"347,797.60"},null,116]
["А1136",1754,10120709,"ВИС.Т ТС-401-5-5-3-0-Е Ду40/40+40/25","(1690) Боровский пр-д, д.13а",{"v":4,"d":"4.000"},"ШТ","2011г.","3.NV.1216-2002","Паспорт № 112248, 112249, 30989, 30999 ","ВИС.Т ТС-401-5-5-3-0-Е Ду40/40+40/25","Удовлетворительное",{"v":417609.44,"d":"417,609.44"},{"v":104402.36,"d":"104,402.36"},{"v":417609.44,"d":"417,609.44"},{"v":217490,"d":"217,490.00"},{"v":47847.8,"d":"47,847.80"},{"v":265337.8,"d":"265,337.80"},null,116]
["А1137",1755,10120713,"ВИС.Т ТС-401-5-5-3-0-Е Ду50/50+40/40","(1690) Боровский пр-д, д.13а",{"v":3,"d":"3.000"},"ШТ","2010г.","3.NV.1216-2002","Паспорт № 106348, 106352, 106350","ВИС.Т ТС-401-5-5-3-0-Е Ду50/50+40/40","Удовлетворительное",{"v":322361.37,"d":"322,361.37"},{"v":107453.79,"d":"107,453.79"},{"v":322361.37,"d":"322,361.37"},{"v":180060,"d":"180,060.00"},{"v":39613.2,"d":"39,613.20"},{"v":219673.2,"d":"219,673.20"},null,116]
["А1138",1756,10120750,"ВИС.Т ТС-401-5-5-3-0-Е Ду50/50+50/50","(1690) Боровский пр-д, д.13а",{"v":5,"d":"5.000"},"ШТ","2011г.","3.NV.1216-2002","Паспорт № 112246, 112194, 112196, 112235, 31199","ВИС.Т ТС-401-5-5-3-0-Е Ду50/50+50/50","Удовлетворительное",{"v":515276.87,"d":"515,276.87"},{"v":103055.37,"d":"103,055.37"},{"v":515276.87,"d":"515,276.87"},{"v":268360,"d":"268,360.00"},{"v":59039.2,"d":"59,039.20"},{"v":327399.2,"d":"327,399.20"},null,116]
["А1139",1757,10108260,"ВИС.Т ТС-401-5-5-3-1-Е Ду100/100+100/100","(1690) Боровский пр-д, д.13а",{"v":5,"d":"5.000"},"ШТ","2010г.","3.NV.1216-2002","Паспорт № 106280, 106282, 106281, 31429, 31419","ВИС.Т ТС-401-5-5-3-1-Е Ду100/100+100/100","Удовлетворительное",{"v":577235.79,"d":"577,235.79"},{"v":115447.16,"d":"115,447.16"},{"v":577235.79,"d":"577,235.79"},{"v":322420,"d":"322,420.00"},{"v":70932.4,"d":"70,932.40"},{"v":393352.4,"d":"393,352.40"},null,116]
["А1140",1758,10108301,"ВИС.Т ТС-401-5-5-3-1-Е Ду100/100+100/80","(1690) Боровский пр-д, д.13а",{"v":4,"d":"4.000"},"ШТ","2010г.","3.NV.1216-2002","Пасорт № 106283, 106284, 106286, 106287 ","ВИС.Т ТС-401-5-5-3-1-Е Ду100/100+100/80","Удовлетворительное",{"v":459974.96,"d":"459,974.96"},{"v":114993.74,"d":"114,993.74"},{"v":459974.96,"d":"459,974.96"},{"v":256920,"d":"256,920.00"},{"v":56522.4,"d":"56,522.40"},{"v":313442.4,"d":"313,442.40"},null,116]
["А1141",1759,10124525,"ВИС.Т ТС-401-5-5-3-1-Е Ду100/100+150/100","(1690) Боровский пр-д, д.13а",{"v":1,"d":"1.000"},"ШТ","2012г.","3.NV.1216-2002","Паспорт № 122874","ВИС.Т ТС-401-5-5-3-1-Е Ду100/100+150/100","Удовлетворительное",{"v":131866,"d":"131,866.00"},{"v":131866,"d":"131,866.00"},{"v":131866,"d":"131,866.00"},{"v":67390,"d":"67,390.00"},{"v":14825.8,"d":"14,825.80"},{"v":82215.8,"d":"82,215.80"},null,116]
["А1142",1760,10108206,"ВИС.Т ТС-401-5-5-3-1-Е Ду100/100+80/50","(1690) Боровский пр-д, д.13а",{"v":3,"d":"3.000"},"ШТ","2010г.","3.NV.1216-2002","Паспорт № 106291, 106288, 106292","ВИС.Т ТС-401-5-5-3-1-Е Ду100/100+80/50","Удовлетворительное",{"v":305627.89,"d":"305,627.89"},{"v":101875.96,"d":"101,875.96"},{"v":305627.89,"d":"305,627.89"},{"v":170710,"d":"170,710.00"},{"v":37556.2,"d":"37,556.20"},{"v":208266.2,"d":"208,266.20"},null,116]
["А1143",1761,10108218,"ВИС.Т ТС-401-5-5-3-1-Е Ду100/100+80/80","(1690) Боровский пр-д, д.13а",{"v":8,"d":"8.000"},"ШТ","2011г","3.NV.1216-2002","Паспорт № 31399, 106294, 106295, 106296, 106301, 112201, 112202","ВИС.Т ТС-401-5-5-3-1-Е Ду100/100+80/80","Удовлетворительное",{"v":927942.15,"d":"927,942.15"},{"v":115992.77,"d":"115,992.77"},{"v":927942.15,"d":"927,942.15"},{"v":483280,"d":"483,280.00"},{"v":106321.6,"d":"106,321.60"},{"v":589601.6,"d":"589,601.60"},null,116]
["А1144",1762,10124564,"ВИС.Т ТС-401-5-5-3-1-Е Ду32/32+25/25","(1690) Боровский пр-д, д.13а",{"v":2,"d":"2.000"},"ШТ","2011г.","3.NV.1216-2002","Паспорт № 112540, ","ВИС.Т ТС-401-5-5-3-1-Е Ду32/32+25/25","Удовлетворительное",{"$f":"O1890","v":{"v":179687,"d":"179,687.00"}},{"$f":"O1890/F1890","v":{"v":89843.5,"d":"89,843.50"}},{"v":179687,"d":"179,687.00"},{"v":93580,"d":"93,580.00"},{"$f":"R1890-P1890","v":{"v":20587.6,"d":"20,587.60"}},{"$f":"P1890*1.22","v":{"v":114167.6,"d":"114,167.60"}},null,116]
["А1145",1763,10124562,"ВИС.Т ТС-401-5-5-3-1-Е Ду32/32+32/25","(1690) Боровский пр-д, д.13а",{"v":2,"d":"2.000"},"ШТ","2012г.","3.NV.1216-2002","Паспорт № 122876, 122877","ВИС.Т ТС-401-5-5-3-1-Е Ду32/32+32/25","Удовлетворительное",{"v":184562,"d":"184,562.00"},{"v":92281,"d":"92,281.00"},{"v":184562,"d":"184,562.00"},{"v":94330,"d":"94,330.00"},{"v":20752.6,"d":"20,752.60"},{"v":115082.6,"d":"115,082.60"},null,116]
["А1146",1764,10108258,"ВИС.Т ТС-401-5-5-3-1-Е Ду40/40+25/25","(1690) Боровский пр-д, д.13а",{"v":1,"d":"1.000"},"ШТ","2011г.","3.NV.1216-2002","Паспорт № 112252","ВИС.Т ТС-401-5-5-3-1-Е Ду40/40+25/25","Удовлетворительное",{"v":86255.12,"d":"86,255.12"},{"v":86255.12,"d":"86,255.12"},{"v":86255.12,"d":"86,255.12"},{"v":44920,"d":"44,920.00"},{"v":9882.4,"d":"9,882.40"},{"v":54802.4,"d":"54,802.40"},null,116]
["А1147",1765,10124563,"ВИС.Т ТС-401-5-5-3-1-Е Ду40/40+32/32","(1690) Боровский пр-д, д.13а",{"v":1,"d":"1.000"},"ШТ","2012г.","3.NV.1216-2002","Паспорт № 122878","ВИС.Т ТС-401-5-5-3-1-Е Ду40/40+32/32","Удовлетворительное",{"v":93647,"d":"93,647.00"},{"v":93647,"d":"93,647.00"},{"v":93647,"d":"93,647.00"},{"v":47860,"d":"47,860.00"},{"v":10529.2,"d":"10,529.20"},{"v":58389.2,"d":"58,389.20"},null,116]
["А1148",1766,10108237,"ВИС.Т ТС-401-5-5-3-1-Е Ду40/40+40/25","(1690) Боровский пр-д, д.13а",{"v":7,"d":"7.000"},"ШТ","2011г.","3.NV.1216-2002","Паспорт № 106343, 106344, 106345, 106346, 106347, 31009, 31019 ","ВИС.Т ТС-401-5-5-3-1-Е Ду40/40+40/25","Удовлетворительное",{"v":539062.24,"d":"539,062.24"},{"v":77008.89,"d":"77,008.89"},{"v":539062.24,"d":"539,062.24"},{"v":280750,"d":"280,750.00"},{"v":61765,"d":"61,765.00"},{"v":342515,"d":"342,515.00"},null,116]
["А1149",1767,10108239,"ВИС.Т ТС-401-5-5-3-1-Е Ду40/40+40/40","(1690) Боровский пр-д, д.13а",{"v":1,"d":"1.000"},"ШТ","2011г.","3.NV.1216-2002","Отсутствуют","ВИС.Т ТС-401-5-5-3-1-Е Ду40/40+40/40","Удовлетворительное",{"v":92855,"d":"92,855.00"},{"v":92855,"d":"92,855.00"},{"v":92855,"d":"92,855.00"},{"v":48360,"d":"48,360.00"},{"v":10639.2,"d":"10,639.20"},{"v":58999.2,"d":"58,999.20"},null,116]
["А1150",1768,10108238,"ВИС.Т ТС-401-5-5-3-1-Е Ду40/40+50/40","(1690) Боровский пр-д, д.13а",{"v":5,"d":"5.000"},"ШТ","2011г.","3.NV.1216-2002","Паспорт № 112243, 112244, 112245, 112262, 111264","ВИС.Т ТС-401-5-5-3-1-Е Ду40/40+50/40","Удовлетворительное",{"v":499910.75,"d":"499,910.75"},{"v":99982.15,"d":"99,982.15"},{"v":499910.75,"d":"499,910.75"},{"v":260360,"d":"260,360.00"},{"v":57279.2,"d":"57,279.20"},{"v":317639.2,"d":"317,639.20"},null,116]
["А1151",1769,10108275,"ВИС.Т ТС-401-5-5-3-1-Е Ду40/40+50/50","(1690) Боровский пр-д, д.13а",{"v":7,"d":"7.000"},"ШТ","2011г.","3.NV.1216-2002","Паспорт ВАУМ.407312.114-__ПС заводские № 112241, 112242, 112267, 112240, 112266, 112265, 31089","ВИС.Т ТС-401-5-5-3-1-Е Ду40/40+50/50","Удовлетворительное",{"v":678414.31,"d":"678,414.31"},{"v":96916.33,"d":"96,916.33"},{"v":678414.31,"d":"678,414.31"},{"v":353320,"d":"353,320.00"},{"v":77730.4,"d":"77,730.40"},{"v":431050.4,"d":"431,050.40"},null,116]
["А1152",1770,10108302,"ВИС.Т ТС-401-5-5-3-1-Е Ду50/50+40/25","(1690) Боровский пр-д, д.13а",{"v":4,"d":"4.000"},"ШТ","2011г.","3.NV.1216-2002","Паспорт № 106309, 106310, 106311, 106312, ","ВИС.Т ТС-401-5-5-3-1-Е Ду50/50+40/25","Удовлетворительное",{"v":381822.71,"d":"381,822.71"},{"v":95455.68,"d":"95,455.68"},{"v":381822.71,"d":"381,822.71"},{"v":198860,"d":"198,860.00"},{"v":43749.2,"d":"43,749.20"},{"v":242609.2,"d":"242,609.20"},null,116]
["А1153",1771,10108216,"ВИС.Т ТС-401-5-5-3-1-Е Ду50/50+50/40","(1690) Боровский пр-д, д.13а",{"v":8,"d":"8.000"},"ШТ","2011г.","3.NV.1216-2002","Пасорт № 105355, 105509, 106313, 106314, 106316, 106,317, 111271, 31179","ВИС.Т ТС-401-5-5-3-1-Е Ду50/50+50/40","Удовлетворительное",{"v":765230.97,"d":"765,230.97"},{"v":95653.87,"d":"95,653.87"},{"v":765230.97,"d":"765,230.97"},{"v":398540,"d":"398,540.00"},{"v":87678.8,"d":"87,678.80"},{"v":486218.8,"d":"486,218.80"},null,116]
["А1154",1772,10108283,"ВИС.Т ТС-401-5-5-3-1-Е Ду50/50+50/50","(1690) Боровский пр-д, д.13а",{"v":3,"d":"3.000"},"ШТ","2011г.","3.NV.1216-2002","Паспорт № 112195, 122883, 122882","ВИС.Т ТС-401-5-5-3-1-Е Ду50/50+50/50","Удовлетворительное",{"v":303532.52,"d":"303,532.52"},{"v":101177.51,"d":"101,177.51"},{"v":303532.52,"d":"303,532.52"},{"v":158080,"d":"158,080.00"},{"v":34777.6,"d":"34,777.60"},{"v":192857.6,"d":"192,857.60"},null,116]
["А1155",1773,10108246,"ВИС.Т ТС-401-5-5-3-1-Е Ду50/50+80/50","(1690) Боровский пр-д, д.13а",{"v":8,"d":"8.000"},"ШТ","2011г.","3.NV.1216-2002","Паспорт № 112229, 112230, 112231, 112232, 112233, 112234, 106320, 106321","ВИС.Т ТС-401-5-5-3-1-Е Ду50/50+80/50","Удовлетворительное",{"v":781808.8,"d":"781,808.80"},{"v":97726.1,"d":"97,726.10"},{"v":781808.8,"d":"781,808.80"},{"v":407170,"d":"407,170.00"},{"v":89577.4,"d":"89,577.40"},{"v":496747.4,"d":"496,747.40"},null,116]
["А1156",1774,10108280,"ВИС.Т ТС-401-5-5-3-1-Е Ду80/80+50/40","(1690) Боровский пр-д, д.13а",{"v":5,"d":"5.000"},"ШТ","2011г.","3.NV.1216-2002","Паспорт № 106323, 106324, 106325, 106326, 106327","ВИС.Т ТС-401-5-5-3-1-Е Ду80/80+50/40","Удовлетворительное",{"v":518352.07,"d":"518,352.07"},{"v":103670.41,"d":"103,670.41"},{"v":518352.07,"d":"518,352.07"},{"v":269960,"d":"269,960.00"},{"v":59391.2,"d":"59,391.20"},{"v":329351.2,"d":"329,351.20"},null,116]
["А1157",1775,10108217,"ВИС.Т ТС-401-5-5-3-1-Е Ду80/80+80/50","(1690) Боровский пр-д, д.13а",{"v":6,"d":"6.000"},"ШТ","2011г","3.NV.1216-2002","Паспорт № 112221, 105514, 112222, 112278, 106337, 106334","ВИС.Т ТС-401-5-5-3-1-Е Ду80/80+80/50","Удовлетворительное",{"v":647532.39,"d":"647,532.39"},{"v":107922.07,"d":"107,922.07"},{"v":647532.39,"d":"647,532.39"},{"v":337240,"d":"337,240.00"},{"v":74192.8,"d":"74,192.80"},{"v":411432.8,"d":"411,432.80"},null,116]
["А1158",1776,10108300,"ВИС.Т ТС-401-5-5-3-1-Е Ду80/80+80/80","(1690) Боровский пр-д, д.13а",{"v":7,"d":"7.000"},"ШТ","2011г.","3.NV.1216-2002","Паспорт № 112218, 112220, 105359, 106338, 106339, 106342, 31349","ВИС.Т ТС-401-5-5-3-1-Е Ду80/80+80/80","Удовлетворительное",{"v":742786.32,"d":"742,786.32"},{"v":106112.33,"d":"106,112.33"},{"v":742786.32,"d":"742,786.32"},{"v":386850,"d":"386,850.00"},{"v":85107,"d":"85,107.00"},{"v":471957,"d":"471,957.00"},null,116]
["А1159",1777,10118601,"ВИС.Т ТС-401-5-6-2-0-Е Ду80/80+40/40","(1690) Боровский пр-д, д.13а",{"v":7,"d":"7.000"},"ШТ","2011г.","3.NV.1216-2002","Паспорт № 112255, 112256, 112257, 106358, 106359, 106361, 106362","ВИС.Т ТС-401-5-6-2-0-Е Ду80/80+40/40","Удовлетворительное",{"v":750452.09,"d":"750,452.09"},{"v":107207.44,"d":"107,207.44"},{"v":750452.09,"d":"750,452.09"},{"v":390840,"d":"390,840.00"},{"v":85984.8,"d":"85,984.80"},{"v":476824.8,"d":"476,824.80"},null,116]
["А1160",1778,10124640,"ВИС.Т ТС-500-5-6-3-1 Ду40/40+50/50+25","(1690) Боровский пр-д, д.13а",{"v":2,"d":"2.000"},"ШТ","2012г.","3.NV.1216-2002","Паспорт № 122899, 122898","ВИС.Т ТС-500-5-6-3-1 Ду40/40+50/50+25","Удовлетворительное",{"v":195624,"d":"195,624.00"},{"v":97812,"d":"97,812.00"},{"v":195624,"d":"195,624.00"},{"v":99980,"d":"99,980.00"},{"v":21995.6,"d":"21,995.60"},{"v":121975.6,"d":"121,975.60"},null,116]
["А1161",1779,10124579,"ВИС.Т ТС-500-5-6-3-1 Ду40/40+50/50+40","(1690) Боровский пр-д, д.13а",{"v":1,"d":"1.000"},"ШТ","2012г.","3.NV.1216-2002","Паспорт №122900","ВИС.Т ТС-500-5-6-3-1 Ду40/40+50/50+40","Удовлетворительное",{"v":98748,"d":"98,748.00"},{"v":98748,"d":"98,748.00"},{"v":98748,"d":"98,748.00"},{"v":50470,"d":"50,470.00"},{"v":11103.4,"d":"11,103.40"},{"v":61573.4,"d":"61,573.40"},null,116]
["А1162",1780,10124641,"ВИС.Т ТС-500-5-6-3-1 Ду40/40+80/80+25","(1690) Боровский пр-д, д.13а",{"v":1,"d":"1.000"},"ШТ","2012г.","3.NV.1216-2002","Паспорт №122901","ВИС.Т ТС-500-5-6-3-1 Ду40/40+80/80+25","Удовлетворительное",{"v":101667,"d":"101,667.00"},{"v":101667,"d":"101,667.00"},{"v":101667,"d":"101,667.00"},{"v":51960,"d":"51,960.00"},{"v":11431.2,"d":"11,431.20"},{"v":63391.2,"d":"63,391.20"},null,116]
["А1920",1781,102001224,"SA-94/2-3-ПРН-100/080-Ф/Ф-Т-3-1-2/2-1","(0092) Кусковская ул., д. 18Г",{"v":1,"d":"1.000"},"ШТ",2015,"3.NV.1100-2002","Документы отсутствуют","Нет данных","Новое",{"v":40864,"d":"40,864.00"},{"v":40864,"d":"40,864.00"},{"v":40864,"d":"40,864.00"},{"v":32520,"d":"32,520.00"},{"v":7154.4,"d":"7,154.40"},{"v":39674.4,"d":"39,674.40"},null,116]
["А1921",1782,102000770,"SA-94/2М-1-ПРН-040/040-Ф/Ф-Т-3-1-1/1-1","(0092) Кусковская ул., д. 18Г",{"v":1,"d":"1.000"},"ШТ",2015,"3.NV.1100-2002","Документы отсутствуют","Нет данных","Новое",{"v":45494.4,"d":"45,494.40"},{"v":45494.4,"d":"45,494.40"},{"v":45494.4,"d":"45,494.40"},{"v":36210,"d":"36,210.00"},{"v":7966.2,"d":"7,966.20"},{"v":44176.2,"d":"44,176.20"},null,116]
["А1922",1783,102001121,"SA-94/3-C-3-ЕК-150/150-Ф/Ф-Т-2-1-1/н-1-4","(0092) Кусковская ул., д. 18Г",{"v":2,"d":"2.000"},"ШТ",2015,"3.NV.1100-2002","Документы отсутствуют","Нет данных","Новое",{"v":112976,"d":"112,976.00"},{"v":56488,"d":"56,488.00"},{"v":112976,"d":"112,976.00"},{"v":89920,"d":"89,920.00"},{"v":19782.4,"d":"19,782.40"},{"v":109702.4,"d":"109,702.40"},null,116]
["А1924",1784,10108236,"SA-94/3-C-3-ЕК-040/н-Ф/Ф-Т-2-1-2/н-1-5","(0092) Кусковская ул., д. 18Г",{"v":2,"d":"2.000"},"ШТ",42004,"3.NV.1100-2002","Документы отсутствуют","Нет данных","Новое",{"v":57888,"d":"57,888.00"},{"v":28944,"d":"28,944.00"},{"v":57888,"d":"57,888.00"},{"v":49000,"d":"49,000.00"},{"v":10780,"d":"10,780.00"},{"v":59780,"d":"59,780.00"},null,116]
["А1925",1785,10118595,"SA-94/3-C-3-ЕК-200/200-Ф/Ф-Т-2-1-1/н-1-5","(0092) Кусковская ул., д. 18Г",{"v":1,"d":"1.000"},"ШТ",42004,"3.NV.1100-2002","Документы отсутствуют","Нет данных","Новое",{"v":137373,"d":"137,373.00"},{"v":137373,"d":"137,373.00"},{"v":137373,"d":"137,373.00"},{"v":116280,"d":"116,280.00"},{"v":25581.6,"d":"25,581.60"},{"v":141861.6,"d":"141,861.60"},null,116]
["А1929",1786,102002262,"Б/У SA-94/2М-3-ПРН-025/025-Ф/Ф-Т-2-1-2/н","(1690) Боровский пр-д, д.13а",{"v":1,"d":"1.000"},"ШТ",42824,"3.NV.1216-2002","Документы отсутствуют","Нет данных","Удовлетворительное ",{"v":24295.15,"d":"24,295.15"},{"v":24295.15,"d":"24,295.15"},{"v":24295.15,"d":"24,295.15"},{"v":10490,"d":"10,490.00"},{"v":2307.8,"d":"2,307.80"},{"v":12797.8,"d":"12,797.80"},null,116]
["А1932",1787,102002323,"Б/У SA-94/1-3-ПРН-050-ФЛ-Т-1-2-1","(1690) Боровский пр-д, д.13а",{"v":1,"d":"1.000"},"ШТ","2010","3.NV.1216-2002","Документы отсутствуют","Нет данных","Удовлетворительное ",{"v":19008.98,"d":"19,008.98"},{"v":19008.98,"d":"19,008.98"},{"v":19008.98,"d":"19,008.98"},{"v":10620,"d":"10,620.00"},{"v":2336.4,"d":"2,336.40"},{"v":12956.4,"d":"12,956.40"},null,116]
["А1935",1788,102002256,"Б/У SA-94/2М-3-ПРН-050/050-Ф/Ф-Т-2-1-2/н","(1690) Боровский пр-д, д.13а",{"v":2,"d":"2.000"},"ШТ","2010","3.NV.1216-2002","Документы отсутствуют","Нет данных","Удовлетворительное ",{"v":35528.75,"d":"35,528.75"},{"v":17764.38,"d":"17,764.38"},{"v":35528.75,"d":"35,528.75"},{"v":19840,"d":"19,840.00"},{"v":4364.8,"d":"4,364.80"},{"v":24204.8,"d":"24,204.80"},null,116]
["А1943",1789,102002258,"Б/У SA-94/2М-3-ПРН-080/080-Ф/Ф-Т-2-1-1/н","(1690) Боровский пр-д, д.13а",{"v":5,"d":"5.000"},"ШТ",42824,"3.NV.1216-2002","Документы отсутствуют","Нет данных","Удовлетворительное ",{"v":106790.33,"d":"106,790.33"},{"v":21358.07,"d":"21,358.07"},{"v":106790.33,"d":"106,790.33"},{"v":46090,"d":"46,090.00"},{"v":10139.8,"d":"10,139.80"},{"v":56229.8,"d":"56,229.80"},null,116]
["А1956",1790,10153385,"SA-94/3A-6-C-ЕК-100/н-2,5-Ф/Ф-Т-2-1-1н-1","(1690) Боровский пр-д, д.13а",{"v":18,"d":"18.000"},"ШТ","2013г","3.NV.1216-2002","Паспорт 31682, 31702, 31681, 31687, 31686, 31696, 31706, 31691, 28863, 31695, 31689, 31697, 31683, 31701, 31680, 31685,31693","SA-94/3A-6-C-ЕК-100/н-2,5-Ф/Ф-Т-2-1-1н-1","Удовлетворительное",{"v":661320,"d":"661,320.00"},{"v":36740,"d":"36,740.00"},{"v":661320,"d":"661,320.00"},{"v":338930,"d":"338,930.00"},{"v":74564.6,"d":"74,564.60"},{"v":413494.6,"d":"413,494.60"},null,116]
["А1957",1791,10118626,"SA-94/3-C-3-ЕК-015/015-Ф/Ф-Т-2-1-1/н-1-2","(1690) Боровский пр-д, д.13а",{"v":2,"d":"2.000"},"ШТ","2011г.","3.NV.1216-2002","Паспорт 28686, 29651","SA-94/3-C-3-ЕК-015/015-Ф/Ф-Т-2-1-1/н-1-2","Удовлетворительное",{"v":91937.26,"d":"91,937.26"},{"v":45968.63,"d":"45,968.63"},{"v":91937.26,"d":"91,937.26"},{"v":47880,"d":"47,880.00"},{"v":10533.6,"d":"10,533.60"},{"v":58413.6,"d":"58,413.60"},null,116]
["А1958",1792,10108178,"SA-94/3-C-3-ЕК-025/025-Ф/Ф-Т-2-1-1/н-1-5","(1690) Боровский пр-д, д.13а",{"v":1,"d":"1.000"},"ШТ","2011г.","3.NV.1216-2002","Паспорт 28854","SA-94/3-C-3-ЕК-025/025-Ф/Ф-Т-2-1-1/н-1-5","Удовлетворительное",{"v":28740.96,"d":"28,740.96"},{"v":28740.96,"d":"28,740.96"},{"v":28740.96,"d":"28,740.96"},{"v":14970,"d":"14,970.00"},{"v":3293.4,"d":"3,293.40"},{"v":18263.4,"d":"18,263.40"},null,116]
["А1959",1793,10108236,"SA-94/3-C-3-ЕК-040/н-Ф/Ф-Т-2-1-2/н-1-5","(1690) Боровский пр-д, д.13а",{"v":4,"d":"4.000"},"ШТ","2011г.","3.NV.1216-2002","Паспорт 28872, 28871, 28873, 28870","SA-94/3-C-3-ЕК-040/н-Ф/Ф-Т-2-1-2/н-1-5","Удовлетворительное",{"v":115776,"d":"115,776.00"},{"v":28944,"d":"28,944.00"},{"v":115776,"d":"115,776.00"},{"v":57650,"d":"57,650.00"},{"v":12683,"d":"12,683.00"},{"v":70333,"d":"70,333.00"},null,116]
["А1960",1794,10108179,"SA-94/3-C-3-ЕК-080/н-Ф/Ф-Т-2-1-2/н-1-5","(1690) Боровский пр-д, д.13а",{"v":2,"d":"2.000"},"ШТ","2010г","3.NV.1216-2002","Паспорт 28896, 28825","SA-94/3-C-3-ЕК-080/н-Ф/Ф-Т-2-1-2/н-1-5","Удовлетворительное",{"v":62694,"d":"62,694.00"},{"v":31347,"d":"31,347.00"},{"v":62694,"d":"62,694.00"},{"v":35020,"d":"35,020.00"},{"$f":"R1922-P1922","v":{"v":7704.4,"d":"7,704.40"}},{"v":42724.4,"d":"42,724.40"},null,116]
["А2005",1795,10108179,"SA-94/3-C-3-ЕК-080/н-Ф/Ф-Т-2-1-2/н-1-5","(0092) Кусковская ул., д. 18Г",{"v":2,"d":"2.000"},"ШТ","31.12.2014","3.NV.1100-2002","Паспорт АW,408.18 ХХР 19.11.2009","080/н-Ф/Ф-Т-2-1-2/н-1-5","Хорошее",{"v":62694,"d":"62,694.00"},{"v":31347,"d":"31,347.00"},{"v":62694,"d":"62,694.00"},{"v":50780,"d":"50,780.00"},{"v":11171.6,"d":"11,171.60"},{"v":61951.6,"d":"61,951.60"},null,116]
[{"$nulls":14},{"$f":"SUM(O1826:O1923)","v":{"v":21097458.9,"d":"21,097,458.90"}},{"$f":"SUM(P1826:P1923)","v":{"v":11148600,"d":"11,148,600.00"}},{"v":2452692,"d":"2,452,692.00"},{"$f":"SUM(R1826:R1923)","v":{"v":13601292,"d":"13,601,292.00"}},{"$f":"R1924/100*10","v":{"v":1360129.2,"d":"1,360,129.20"}},116]
["А2190",1796,102013012,"Блок ThinkCentre M73 Lenovo 10B1A0R9RU","(0406) Щелковское ш., д.70А",{"v":1,"d":"1.000"},"ШТ","06.06.2016 ","3.NV.1204-2002","Паспорт","Блок системный ThinkCentre M73 Lenovo 10B1A0R9RU","Новое",{"v":87461.25,"d":"87,461.25"},{"$f":"O1925/F1925","v":{"v":87461.25,"d":"87,461.25"}},{"v":87461.25,"d":"87,461.25"},{"v":98070,"d":"98,070.00"},{"$f":"R1925-P1925","v":{"v":21575.4,"d":"21,575.40"}},{"$f":"P1925*1.22","v":{"v":119645.4,"d":"119,645.40"}},null,117,"Серверное и компьютерное оборудование, ИБП"]
["А2191",1797,102011823,"ИБП Entel LPB-U30CS2-CH","(0406) Щелковское ш., д.70А",{"v":1,"d":"1.000"},"ШТ","13.06.2016","3.NV.1204-2002","Паспорт","Источник бесперебойного питания Entel LPB-U30CS2-CH","Новое",{"v":124182.57,"d":"124,182.57"},{"$f":"O1926/F1926","v":{"v":124182.57,"d":"124,182.57"}},{"v":124182.57,"d":"124,182.57"},{"v":139240,"d":"139,240.00"},{"v":30632.8,"d":"30,632.80"},{"v":169872.8,"d":"169,872.80"},null,117]
["А2192",1798,102012950,"ИБП Entel SPB-U15BS2+D1-AK","(0406) Щелковское ш., д.70А",{"v":1,"d":"1.000"},"ШТ","02.11.2017","3.NV.1204-2002","Паспорт","Источник бесперебойного питания Entel SPB-U15BS2+D1-AK","Новое",{"v":118537.9,"d":"118,537.90"},{"v":118537.9,"d":"118,537.90"},{"v":118537.9,"d":"118,537.90"},{"v":86010,"d":"86,010.00"},{"v":18922.2,"d":"18,922.20"},{"v":104932.2,"d":"104,932.20"},null,117]
["А2193",1799,102011831,"ИБП СКАТ-1200 исп.5","(0406) Щелковское ш., д.70А",{"v":1,"d":"1.000"},"ШТ","02.11.2017","3.NV.1204-2002","Паспорт","Источник вторичного электропитания резервированный СКАТ-1200 исп.5 ПО Бастион","Новое",{"v":6625.17,"d":"6,625.17"},{"v":6625.17,"d":"6,625.17"},{"v":6625.17,"d":"6,625.17"},{"v":4810,"d":"4,810.00"},{"v":1058.2,"d":"1,058.20"},{"v":5868.2,"d":"5,868.20"},null,117]
["А2194",1800,102011748,"Сервер RS140 Lenovo 70F8S01Y00","(0406) Щелковское ш., д.70А",{"v":1,"d":"1.000"},"ШТ","06.06.2016 ","3.NV.1204-2002","Паспорт","Сервер ThinkServer RS140 Lenovo 70F8S01Y00","Новое",{"v":167851.16,"d":"167,851.16"},{"v":167851.16,"d":"167,851.16"},{"v":167851.16,"d":"167,851.16"},{"v":239480,"d":"239,480.00"},{"v":52685.6,"d":"52,685.60"},{"v":292165.6,"d":"292,165.60"},null,117]
["А2195",1801,102011749,"Сервер RS140 Lenovo 70F8S02700","(0406) Щелковское ш., д.70А",{"v":1,"d":"1.000"},"ШТ","06.06.2016","3.NV.1204-2002","Паспорт","Сервер ThinkServer RS140 Lenovo 70F8S02700","Новое",{"v":177899.9,"d":"177,899.90"},{"v":177899.9,"d":"177,899.90"},{"v":177899.9,"d":"177,899.90"},{"v":253820,"d":"253,820.00"},{"v":55840.4,"d":"55,840.40"},{"v":309660.4,"d":"309,660.40"},null,117]
["А2196",1802,102011811,"Узел NSGO-IP3860 шкаф NSB-3860H1F2","(0406) Щелковское ш., д.70А",{"v":2,"d":"2.000"},"ШТ","06.06.2016","3.NV.1204-2002","Документы отсутствуют","Узел доступа NSGO-IP3860 шкаф NSB-3860H1F2 с системой термостабилизации и грозозащиты NSGate","Новое",{"v":254940.24,"d":"254,940.24"},{"v":127470.12,"d":"127,470.12"},{"v":254940.24,"d":"254,940.24"},{"v":363730,"d":"363,730.00"},{"v":80020.6,"d":"80,020.60"},{"v":443750.6,"d":"443,750.60"},null,117]
["А2197",1803,102022198,"Щит силовой 380/220В BCC 2016-ВСС-4061","(0406) Щелковское ш., д.70А",{"v":1,"d":"1.000"},"ШТ","02.11.2017","3.NV.1204-2002","Документы отсутствуют","Щит силовой групповой 380/220В BCC 2016-ВСС-4061","Новое",{"v":50515.08,"d":"50,515.08"},{"v":50515.08,"d":"50,515.08"},{"v":50515.08,"d":"50,515.08"},{"v":67640,"d":"67,640.00"},{"v":14880.8,"d":"14,880.80"},{"v":82520.8,"d":"82,520.80"},null,117]
["А2198",1804,102022197,"Щит силовой 380/220В BCC 2016-ВСС-4062","(0406) Щелковское ш., д.70А",{"v":1,"d":"1.000"},"ШТ","02.11.2017","3.NV.1204-2002","Документы отсутствуют","Щит силовой групповой 380/220В BCC 2016-ВСС-4062","Новое",{"v":66115.19,"d":"66,115.19"},{"v":66115.19,"d":"66,115.19"},{"v":66115.19,"d":"66,115.19"},{"v":88520,"d":"88,520.00"},{"v":19474.4,"d":"19,474.40"},{"v":107994.4,"d":"107,994.40"},null,117]
["А2199",1805,102022194,"Щит силовой 380/220В ВСС 2015-ВСС-4335","(0406) Щелковское ш., д.70А",{"v":1,"d":"1.000"},"ШТ","02.11.2017","3.NV.1204-2002","Документы отсутствуют","Щит силовой групповой 380/220В ВСС 2015-ВСС-4335","Новое",{"v":67392.54,"d":"67,392.54"},{"v":67392.54,"d":"67,392.54"},{"v":67392.54,"d":"67,392.54"},{"v":107400,"d":"107,400.00"},{"v":23628,"d":"23,628.00"},{"v":131028,"d":"131,028.00"},null,117]
["А2200",1806,102022195,"Щит силовой 380/220В ВСС 2015-ВСС-4336","(0406) Щелковское ш., д.70А",{"v":1,"d":"1.000"},"ШТ","02.11.2017","3.NV.1204-2002","Документы отсутствуют","Щит силовой групповой 380/220В ВСС 2015-ВСС-4336","Новое",{"v":62226.58,"d":"62,226.58"},{"v":62226.58,"d":"62,226.58"},{"v":62226.58,"d":"62,226.58"},{"v":99170,"d":"99,170.00"},{"v":21817.4,"d":"21,817.40"},{"v":120987.4,"d":"120,987.40"},null,117]
[{"$nulls":14},{"$f":"SUM(O1925:O1935)","v":{"v":1183747.58,"d":"1,183,747.58"}},{"$f":"SUM(P1925:P1935)","v":{"v":1547890,"d":"1,547,890.00"}},{"v":340535.8,"d":"340,535.80"},{"$f":"SUM(R1925:R1935)","v":{"v":1888425.8,"d":"1,888,425.80"}},{"$f":"R1936/100*10","v":{"v":188842.58,"d":"188,842.58"}},117]
["А2201",1807,102019731,"Насос 1К-80-65-160-с У3.1 7,5/2900","(0605) Кавказский бульвар, 62",{"v":1,"d":"1.000"},"ШТ","20.09.2017","3.NV.1206-2002","Документы отсутствуют","Насос центробежный консольный 1К-80-65-160-с У3.1 с электродвигателем 7,5кВт 2900об/мин ","Новое",{"v":35950,"d":"35,950.00"},{"v":35950,"d":"35,950.00"},{"v":35950,"d":"35,950.00"},{"v":62560,"d":"62,560.00"},{"$f":"R1937-P1937","v":{"v":13763.2,"d":"13,763.20"}},{"$f":"P1937*1.22","v":{"v":76323.2,"d":"76,323.20"}},null,118,"Насосы"]
[{"$nulls":14},{"$f":"SUM(O1937:O1937)","v":{"v":35950,"d":"35,950.00"}},{"$f":"SUM(P1937:P1937)","v":{"v":62560,"d":"62,560.00"}},{"$f":"SUM(Q1937:Q1937)","v":{"v":13763.2,"d":"13,763.20"}},{"$f":"SUM(R1937:R1937)","v":{"v":76323.2,"d":"76,323.20"}},{"$f":"R1938/100*10","v":{"v":7632.32,"d":"7,632.32"}},118]
["А2204",1808,10098139,"М-55-ДИ-515-МП-t1-050-1,0МПа-","(0707) 6-й Загородный пр-д, вл.9",{"v":6,"d":"6.000"},"ШТ","2014-12-31","3.NV.1207-2002","Паспорт","М-150CG1(+/-1,25кПа) 2211L3AM5D52B1С1K03","Удовлетворительное ",{"v":23400,"d":"23,400.00"},{"$f":"O1939/F1939","v":{"v":3900,"d":"3,900.00"}},{"v":23400,"d":"23,400.00"},{"v":11650,"d":"11,650.00"},{"$f":"R1939-P1939","v":{"v":2563,"d":"2,563.00"}},{"$f":"P1939*1.22","v":{"v":14213,"d":"14,213.00"}},null,119,"КИПиА"]
["А2205",1809,10124198,"М-150CG1(+/-1,25кПа)2211L3AM5","(0707) 6-й Загородный пр-д, вл.9",{"v":1,"d":"1.000"},"ШТ","2014-12-31","3.NV.1207-2003","Паспорт","М-55-ДИ-515-МП-t1-050-1,0МПа-42-М20-С","Удовлетворительное ",{"v":28533.06,"d":"28,533.06"},{"$f":"O1940/F1940","v":{"v":28533.06,"d":"28,533.06"}},{"v":28533.06,"d":"28,533.06"},{"v":19020,"d":"19,020.00"},{"v":4184.4,"d":"4,184.40"},{"v":23204.4,"d":"23,204.40"},null,119]
["А2206",1810,10145214,"Модуль вывода Allen-Bradley 1746-OB32","(0707) 6-й Загородный пр-д, вл.9",{"v":1,"d":"1.000"},"ШТ","2014-12-31","3.NV.1207-2004","Паспорт","Модуль Allen-Bradley 3150-MCM","Удовлетворительное ",{"v":22300,"d":"22,300.00"},{"v":22300,"d":"22,300.00"},{"v":22300,"d":"22,300.00"},{"v":12460,"d":"12,460.00"},{"v":2741.2,"d":"2,741.20"},{"v":15201.2,"d":"15,201.20"},null,119]
["А2207",1811,10145215,"Модуль ввода Allen-Bradley 1746-IM16","(0707) 6-й Загородный пр-д, вл.9",{"v":1,"d":"1.000"},"ШТ","2014-12-31","3.NV.1207-2005","Паспорт","Модуль адаптера Allen-Bradley 1747-ASB","Удовлетворительное ",{"v":16400,"d":"16,400.00"},{"v":16400,"d":"16,400.00"},{"v":16400,"d":"16,400.00"},{"v":8170,"d":"8,170.00"},{"v":1797.4,"d":"1,797.40"},{"v":9967.4,"d":"9,967.40"},null,119]
["А2208",1812,10145246,"Модуль ввода Allen-Bradley 1746-NI4","(0707) 6-й Загородный пр-д, вл.9",{"v":2,"d":"2.000"},"ШТ","2014-12-31","3.NV.1207-2006","Паспорт","Модуль вв/выв Allen-Bradley 1746-IB32","Удовлетворительное ",{"v":57000,"d":"57,000.00"},{"v":28500,"d":"28,500.00"},{"v":57000,"d":"57,000.00"},{"v":31840,"d":"31,840.00"},{"v":7004.8,"d":"7,004.80"},{"v":38844.8,"d":"38,844.80"},null,119]
["А2209",1813,10145247,"Модуль вывода Allen-Bradley 1746-NO4I","(0707) 6-й Загородный пр-д, вл.9",{"v":3,"d":"3.000"},"ШТ","2014-12-31","3.NV.1207-2007","Паспорт","Модуль вв/выв Allen-Bradley 1746-NIO4I","Удовлетворительное ",{"v":115200,"d":"115,200.00"},{"v":38400,"d":"38,400.00"},{"v":115200,"d":"115,200.00"},{"v":64350,"d":"64,350.00"},{"v":14157,"d":"14,157.00"},{"v":78507,"d":"78,507.00"},null,119]
["А2210",1814,10145249,"Модуль вв/выв Allen-Bradley 1746-IB32","(0707) 6-й Загородный пр-д, вл.9",{"v":2,"d":"2.000"},"ШТ","2014-12-31","3.NV.1207-2008","Паспорт","Модуль ввода Allen-Bradley 1746-IM16","Удовлетворительное ",{"v":37200,"d":"37,200.00"},{"v":18600,"d":"18,600.00"},{"v":37200,"d":"37,200.00"},{"v":24790,"d":"24,790.00"},{"v":5453.8,"d":"5,453.80"},{"v":30243.8,"d":"30,243.80"},null,119]
["А2211",1815,10145254,"Модуль адаптера Allen-Bradley 1747-ASB","(0707) 6-й Загородный пр-д, вл.9",{"v":1,"d":"1.000"},"ШТ","2014-12-31","3.NV.1207-2009","Паспорт","Модуль ввода Allen-Bradley 1746-NI4","Удовлетворительное ",{"v":54850,"d":"54,850.00"},{"v":54850,"d":"54,850.00"},{"v":54850,"d":"54,850.00"},{"v":30640,"d":"30,640.00"},{"v":6740.8,"d":"6,740.80"},{"v":37380.8,"d":"37,380.80"},null,119]
["А2212",1816,10145283,"Модуль вв/выв Allen-Bradley 1746-NIO4I","(0707) 6-й Загородный пр-д, вл.9",{"v":1,"d":"1.000"},"ШТ","2014-12-31","3.NV.1207-2010","Паспорт","Модуль вывода Allen-Bradley 1746-NO4I","Удовлетворительное ",{"v":41750,"d":"41,750.00"},{"v":41750,"d":"41,750.00"},{"v":41750,"d":"41,750.00"},{"v":23320,"d":"23,320.00"},{"v":5130.4,"d":"5,130.40"},{"v":28450.4,"d":"28,450.40"},null,119]
["А2213",1817,10145285,"Модуль Allen-Bradley 3150-MCM","(0707) 6-й Загородный пр-д, вл.9",{"v":1,"d":"1.000"},"ШТ","2014-12-31","3.NV.1207-2011","Паспорт","Модуль вывода Allen-Bradley 1746-OB32","Удовлетворительное ",{"v":99600,"d":"99,600.00"},{"v":99600,"d":"99,600.00"},{"v":99600,"d":"99,600.00"},{"v":49590,"d":"49,590.00"},{"v":10909.8,"d":"10,909.80"},{"v":60499.8,"d":"60,499.80"},null,119]
[{"$nulls":14},{"$f":"SUM(O1939:O1948)","v":{"v":496233.06,"d":"496,233.06"}},{"$f":"SUM(P1939:P1948)","v":{"v":275830,"d":"275,830.00"}},{"v":60682.6,"d":"60,682.60"},{"$f":"SUM(R1939:R1948)","v":{"v":336512.6,"d":"336,512.60"}},{"$f":"R1949/100*10","v":{"v":33651.26,"d":"33,651.26"}},119]
["А2214",1818,"102012852","Турникет PERCo-TTR-07.1G","(0804) Бобруйская ул., д.19",{"v":1,"d":"1.000"},"ШТ","2019-12-05","3.NV.1208-2002","Техническая документация","Турникет PERCo-TTR-07.1G","Новое",{"v":133497.16,"d":"133,497.16"},{"$f":"O1950/F1950","v":{"v":133497.16,"d":"133,497.16"}},{"v":133497.16,"d":"133,497.16"},{"v":186700,"d":"186,700.00"},{"$f":"R1950-P1950","v":{"v":41074,"d":"41,074.00"}},{"$f":"P1950*1.22","v":{"v":227774,"d":"227,774.00"}},null,120,"Турникет-трипод"]
[{"$nulls":14},{"v":133497.16,"d":"133,497.16"},{"$f":"P1950","v":{"v":186700,"d":"186,700.00"}},{"$f":"Q1950","v":{"v":41074,"d":"41,074.00"}},{"$f":"R1950","v":{"v":227774,"d":"227,774.00"}},{"$f":"R1951/100*10","v":{"v":22777.4,"d":"22,777.40"}},120]
["А2265",1819,102010965,"Набор крепёжный Hyperline CNS-M6-16","(0306) Бескудниковский пр-д, д.7",{"v":150,"d":"150.000"},"ШТ","2017-12-01","3.NV.1203-2002","Документы отсутствуют","Нет данных","Новое",{"v":2332.5,"d":"2,332.50 "},{"$f":"O1952/F1952","v":15.55},{"v":2332.5,"d":"2,332.50 "},{"v":4090,"d":"4,090.00"},{"$f":"R1952-P1952","v":{"v":899.8,"d":"899.80"}},{"$f":"P1952*1.22","v":{"v":4989.8,"d":"4,989.80"}},null,121,"Оборудование для систем безопасности"]
["А2266",1820,102011833,"Направляющие Entel OPC-RAIL8","(0306) Бескудниковский пр-д, д.7",{"v":3,"d":"3.000"},"ШТ","2016-06-13","3.NV.1203-2002","Документы отсутствуют","Нет данных","Новое",{"v":21772.26,"d":"21,772.26 "},{"v":7257.42,"d":"7,257.42"},{"v":21772.26,"d":"21,772.26 "},{"v":39540,"d":"39,540.00"},{"v":8698.8,"d":"8,698.80"},{"v":48238.8,"d":"48,238.80"},null,121]
["А2267",1821,102018905,"Организатор каб. Hyperline CM-1U-ML-COV","(0306) Бескудниковский пр-д, д.7",{"v":2,"d":"2.000"},"ШТ","2017-12-01","3.NV.1203-2002","Документы отсутствуют","Нет данных","Новое",{"v":2561.54,"d":"2,561.54 "},{"v":1280.77,"d":"1,280.77"},{"v":2561.54,"d":"2,561.54 "},{"v":4490,"d":"4,490.00"},{"v":987.8,"d":"987.80"},{"v":5477.8,"d":"5,477.80"},null,121]
["А2268",1822,102018927,"Панель STK-RACKMNT-2955 ЦМО 30045001200","(0306) Бескудниковский пр-д, д.7",{"v":2,"d":"2.000"},"ШТ","2017-12-01","3.NV.1203-2002","Паспорт ИДФУ.300450.012","Нет данных","Новое",{"v":2551.72,"d":"2,551.72 "},{"v":1275.86,"d":"1,275.86"},{"v":2551.72,"d":"2,551.72 "},{"v":4470,"d":"4,470.00"},{"v":983.4,"d":"983.40"},{"v":5453.4,"d":"5,453.40"},null,121]
["А2269",1823,102012862,"Патч-корд 2м Panduit UTPSP2MY","(0306) Бескудниковский пр-д, д.7",{"v":7,"d":"7.000"},"ШТ","2017-11-01","3.NV.1203-2002","Документы отсутствуют","Нет данных","Новое",{"v":9275.21,"d":"9,275.21 "},{"v":1325.03,"d":"1,325.03"},{"v":9275.21,"d":"9,275.21 "},{"v":16290,"d":"16,290.00"},{"v":3583.8,"d":"3,583.80"},{"v":19873.8,"d":"19,873.80"},null,121]
["А2270",1824,102011762,"Патч-панель Hyperline PPWBL-12","(0306) Бескудниковский пр-д, д.7",{"v":11,"d":"11.000"},"ШТ","2017-12-01","3.NV.1203-2002","Документы отсутствуют","Нет данных","Новое",{"v":8109.42,"d":"8,109.42 "},737.22,{"v":8109.42,"d":"8,109.42 "},{"v":14200,"d":"14,200.00"},{"v":3124,"d":"3,124.00"},{"v":17324,"d":"17,324.00"},null,121]
["А2271",1825,102018895,"Перемычка NSYTRAL410GR","(0306) Бескудниковский пр-д, д.7",{"v":31,"d":"31.000"},"ШТ","2017-11-01","3.NV.1203-2002","Документы отсутствуют","Нет данных","Новое",{"v":8866.93,"d":"8,866.93 "},286.03,{"v":8866.93,"d":"8,866.93 "},{"v":15570,"d":"15,570.00"},{"v":3425.4,"d":"3,425.40"},{"v":18995.4,"d":"18,995.40"},null,121]
["А2272",1826,102018894,"Перемычка NSYTRAL610GR","(0306) Бескудниковский пр-д, д.7",{"v":62,"d":"62.000"},"ШТ","2017-11-01","3.NV.1203-2002","Документы отсутствуют","Нет данных","Новое",{"v":16744.34,"d":"16,744.34 "},270.07,{"v":16744.34,"d":"16,744.34 "},{"v":29400,"d":"29,400.00"},{"v":6468,"d":"6,468.00"},{"v":35868,"d":"35,868.00"},null,121]
["А2273",1827,102017497,"Пигтейл FPT-B9-9-LC/UR-1M-LSZH-WH","(0306) Бескудниковский пр-д, д.7",{"v":16,"d":"16.000"},"ШТ","2017-12-01","3.NV.1203-2002","Документы отсутствуют","Нет данных","Новое",{"v":5608.96,"d":"5,608.96 "},350.56,{"v":5608.96,"d":"5,608.96 "},{"v":9820,"d":"9,820.00"},{"v":2160.4,"d":"2,160.40"},{"v":11980.4,"d":"11,980.40"},null,121]
["А2274",1828,102019021,"Площадка 19х19 белый DKC 25467","(0306) Бескудниковский пр-д, д.7",{"v":50,"d":"50.000"},"ШТ","2017-12-01","3.NV.1203-2002","Документы отсутствуют","Нет данных","Новое",{"v":7809,"d":"7,809.00 "},156.18,{"v":7809,"d":"7,809.00 "},{"v":13680,"d":"13,680.00"},{"v":3009.6,"d":"3,009.60"},{"v":16689.6,"d":"16,689.60"},null,121]
["А2275",1829,102018997,"Подвес ПКТ 160 Fortisflex 57550","(0306) Бескудниковский пр-д, д.7",{"v":22,"d":"22.000"},"ШТ","2017-12-01","3.NV.1203-2002","Документы отсутствуют","Нет данных","Новое",{"v":113.96,"d":"113.96 "},5.18,{"v":113.96,"d":"113.96 "},{"v":200,"d":"200.00"},{"v":44,"d":"44.00"},{"v":244,"d":"244.00"},null,121]
["А2276",1830,102011790,"Поручень 1425мм Perco-BH02 1-01","(0306) Бескудниковский пр-д, д.7",{"v":2,"d":"2.000"},"ШТ","2017-12-01","3.NV.1203-2002","Документы отсутствуют","Нет данных","Новое",{"v":8197.74,"d":"8,197.74 "},{"v":4098.87,"d":"4,098.87"},{"v":8197.74,"d":"8,197.74 "},{"v":14360,"d":"14,360.00"},{"v":3159.2,"d":"3,159.20"},{"v":17519.2,"d":"17,519.20"},null,121]
["А2277",1831,102011752,"Прибор С2000-4","(0306) Бескудниковский пр-д, д.7",{"v":4,"d":"4.000"},"ШТ","2017-12-01","3.NV.1203-2002","Паспорт  АЦДР.425513.008 ПС; свидетельство о приемке. Заводской № 2238, дата изготовления - 05.02.2016. Инструкция по монтажу","Нет данных","Новое",{"v":7950.72,"d":"7,950.72 "},{"v":1987.68,"d":"1,987.68"},{"v":7950.72,"d":"7,950.72 "},{"v":13930,"d":"13,930.00"},{"v":3064.6,"d":"3,064.60"},{"v":16994.6,"d":"16,994.60"},null,121]
["А2278",1832,102022277,"Разъём RJ-45 Panduit SP688-C","(0306) Бескудниковский пр-д, д.7",{"v":1,"d":"1.000"},"ШТ","2017-12-01","3.NV.1203-2002","Документы отсутствуют","Нет данных","Новое",{"v":69785.12,"d":"69,785.12 "},{"v":69785.12,"d":"69,785.12"},{"v":69785.12,"d":"69,785.12 "},{"v":122230,"d":"122,230.00"},{"v":26890.6,"d":"26,890.60"},{"v":149120.6,"d":"149,120.60"},null,121]
["А2279",1833,102011749,"Сервер RS140 Lenovo 70F8S02700","(0306) Бескудниковский пр-д, д.7",{"v":1,"d":"1.000"},"ШТ","2016-06-06","3.NV.1203-2002","Документы отсутствуют","Нет данных","Новое",{"v":177899.9,"d":"177,899.90 "},{"v":177899.9,"d":"177,899.90"},{"v":177899.9,"d":"177,899.90 "},{"v":323070,"d":"323,070.00"},{"v":71075.4,"d":"71,075.40"},{"v":394145.4,"d":"394,145.40"},null,121]
["А2280",1834,102022730,"Скоба OBO Bettermann 5057515","(0306) Бескудниковский пр-д, д.7",{"v":10,"d":"10.000"},"ШТ","2017-11-01","3.NV.1203-2002","Документы отсутствуют","Нет данных","Новое",{"v":4265.2,"d":"4,265.20 "},{"$f":"O1967/F1967","v":426.52},{"v":4265.2,"d":"4,265.20 "},{"v":7490,"d":"7,490.00"},{"v":1647.8,"d":"1,647.80"},{"v":9137.8,"d":"9,137.80"},null,121]
["А2281",1835,102022272,"Соединитель Ostec УСВРгц-200х80 УЛ","(0306) Бескудниковский пр-д, д.7",{"v":7,"d":"7.000"},"ШТ","2017-11-01","3.NV.1203-2002","Документы отсутствуют","Нет данных","Новое",{"v":6514.69,"d":"6,514.69 "},930.67,{"v":6514.69,"d":"6,514.69 "},{"v":11440,"d":"11,440.00"},{"v":2516.8,"d":"2,516.80"},{"v":13956.8,"d":"13,956.80"},null,121]
["А2282",1836,102012994,"Средство защиты Гроза М-150","(0306) Бескудниковский пр-д, д.7",{"v":1,"d":"1.000"},"ШТ","2017-12-01","3.NV.1203-2002","Руководство по эксплуатации ГЛТР.425131.001 РЭ","Нет данных","Новое",{"v":59324.42,"d":"59,324.42 "},{"v":59324.42,"d":"59,324.42"},{"v":59324.42,"d":"59,324.42 "},{"v":103900,"d":"103,900.00"},{"v":22858,"d":"22,858.00"},{"v":126758,"d":"126,758.00"},null,121]
["А2283",1837,102017487,"Суппорт Batibox Legrand 0 802 51","(0306) Бескудниковский пр-д, д.7",{"v":2,"d":"2.000"},"ШТ","2017-11-01","3.NV.1203-2002","Документы отсутствуют","Нет данных","Новое",{"v":90.04,"d":"90.04 "},45.02,{"v":90.04,"d":"90.04 "},{"v":160,"d":"160.00"},{"v":35.2,"d":"35.20"},{"v":195.2,"d":"195.20"},null,121]
["А2284",1838,102011776,"Термостат NO Hyperline KL-TRS-OP-060","(0306) Бескудниковский пр-д, д.7",{"v":1,"d":"1.000"},"ШТ","2017-11-01","3.NV.1203-2002","Документы отсутствуют","Нет данных","Новое",{"v":740.86,"d":"740.86 "},740.86,{"v":740.86,"d":"740.86 "},{"v":1300,"d":"1,300.00"},{"v":286,"d":"286.00"},{"v":1586,"d":"1,586.00"},null,121]
["А2285",1839,102018880,"Труба отож. Neptun IWS 15А","(0306) Бескудниковский пр-д, д.7",{"v":360,"d":"360.000"},"М","2017-11-01","3.NV.1203-2002","Документы отсутствуют","Нет данных","Новое",{"v":37821.6,"d":"37,821.60 "},105.06,{"v":37821.6,"d":"37,821.60 "},{"v":66410,"d":"66,410.00"},{"v":14610.2,"d":"14,610.20"},{"v":81020.2,"d":"81,020.20"},null,121]
["А2286",1840,102018879,"Труба отож. Neptun IWS 20А","(0306) Бескудниковский пр-д, д.7",{"v":360,"d":"360.000"},"М","2017-11-01","3.NV.1203-2002","Руководство по эксплуатации","Нет данных","Новое",{"v":154710,"d":"154,710.00 "},429.75,{"v":154710,"d":"154,710.00 "},{"v":271670,"d":"271,670.00"},{"v":59767.4,"d":"59,767.40"},{"v":331437.4,"d":"331,437.40"},null,121]
["А2287",1841,102018854,"Труба ПВХ зонд 40мм DKC 91940","(0306) Бескудниковский пр-д, д.7",{"v":28,"d":"28.000"},"М","2017-11-01","3.NV.1203-2002","Документы отсутствуют","Нет данных","Новое",{"v":1002.68,"d":"1,002.68 "},35.81,{"v":1002.68,"d":"1,002.68 "},{"v":1760,"d":"1,760.00"},{"v":387.2,"d":"387.20"},{"v":2147.2,"d":"2,147.20"},null,121]
["А2288",1842,102018885,"Узел УК-Н-01 130801-00841","(0306) Бескудниковский пр-д, д.7",{"v":1,"d":"1.000"},"ШТ","2017-11-01","3.NV.1203-2002","Документы отсутствуют","Нет данных","Новое",{"v":137.1,"d":"137.10 "},{"v":137.1,"d":"137.10"},{"v":137.1,"d":"137.10 "},{"v":240,"d":"240.00"},{"v":52.8,"d":"52.80"},{"v":292.8,"d":"292.80"},null,121]
["А2289",1843,102017506,"Фиксатор ФК101-01 DEKraft 32055DEK","(0306) Бескудниковский пр-д, д.7",{"v":138,"d":"138.000"},"ШТ","2017-11-01","3.NV.1203-2002","Документы отсутствуют","Нет данных","Новое",{"v":1193.7,"d":"1,193.70 "},8.65,{"v":1193.7,"d":"1,193.70 "},{"v":2100,"d":"2,100.00"},{"v":462,"d":"462.00"},{"v":2562,"d":"2,562.00"},null,121]
["А2290",1844,102011756,"Шкаф Hyperline TTC-2268-GS-RAL9004","(0306) Бескудниковский пр-д, д.7",{"v":1,"d":"1.000"},"ШТ","2017-12-01","3.NV.1203-2002","Документы отсутствуют","Нет данных","Новое",{"v":23339.92,"d":"23,339.92 "},{"v":23339.92,"d":"23,339.92"},{"v":23339.92,"d":"23,339.92 "},{"v":40880,"d":"40,880.00"},{"v":8993.6,"d":"8,993.60"},{"v":49873.6,"d":"49,873.60"},null,121]
["А2291",1845,102022710,"Щит силовой 380/220В BCC 2015-BCC-4340","(0306) Бескудниковский пр-д, д.7",{"v":1,"d":"1.000"},"ШТ","2017-12-01","3.NV.1203-2002","Документы отсутствуют","Нет данных","Новое",{"v":151004.2,"d":"151,004.20 "},{"v":151004.2,"d":"151,004.20"},{"v":151004.2,"d":"151,004.20 "},{"v":264480,"d":"264,480.00"},{"v":58185.6,"d":"58,185.60"},{"v":322665.6,"d":"322,665.60"},null,121]
["А2292",1846,102023031,"Щит силовой 380/220В BCC 2015-ВСС-4341","(0306) Бескудниковский пр-д, д.7",{"v":1,"d":"1.000"},"ШТ","2017-12-01","3.NV.1203-2002","Документы отсутствуют","Нет данных","Новое",{"v":59311.18,"d":"59,311.18 "},{"v":59311.18,"d":"59,311.18"},{"v":59311.18,"d":"59,311.18 "},{"v":103880,"d":"103,880.00"},{"v":22853.6,"d":"22,853.60"},{"v":126733.6,"d":"126,733.60"},null,121]
["А2293",1847,102022990,"Щит силовой 380/220В BCC 2016-ВСС-4066","(0306) Бескудниковский пр-д, д.7",{"v":1,"d":"1.000"},"ШТ","2017-12-01","3.NV.1203-2002","Документы отсутствуют","Нет данных","Новое",{"v":52061.33,"d":"52,061.33 "},{"v":52061.33,"d":"52,061.33"},{"v":52061.33,"d":"52,061.33 "},{"v":91180,"d":"91,180.00"},{"v":20059.6,"d":"20,059.60"},{"v":111239.6,"d":"111,239.60"},null,121]
["А2294",1848,102022989,"Щит силовой 380/220В BCC 2016-ВСС-4067","(0306) Бескудниковский пр-д, д.7",{"v":1,"d":"1.000"},"ШТ","2017-12-01","3.NV.1203-2002","Документы отсутствуют","Нет данных","Новое",{"v":68341.31,"d":"68,341.31 "},{"v":68341.31,"d":"68,341.31"},{"v":68341.31,"d":"68,341.31 "},{"v":119700,"d":"119,700.00"},{"v":26334,"d":"26,334.00"},{"v":146034,"d":"146,034.00"},null,121]
["А2295",1849,102018850,"Элемент Металанг РКн-32","(0306) Бескудниковский пр-д, д.7",{"v":1,"d":"1.000"},"М","2017-11-01","3.NV.1203-2002","Документы отсутствуют","Нет данных","Новое",{"v":251.89,"d":"251.89 "},251.89,{"v":251.89,"d":"251.89 "},{"v":440,"d":"440.00"},{"v":96.8,"d":"96.80"},{"v":536.8,"d":"536.80"},null,121]
[{"$nulls":14},{"$f":"SUM(O1952:O1982)","v":{"v":969689.44,"d":"969,689.44"}},{"$f":"SUM(P1952:P1982)","v":{"v":1712370,"d":"1,712,370.00"}},{"v":376721.4,"d":"376,721.40"},{"$f":"SUM(R1952:R1982)","v":{"v":2089091.4,"d":"2,089,091.40"}},{"$f":"R1983/100*10","v":{"v":208909.14,"d":"208,909.14"}},121]
["А2296",1850,102013012,"Блок ThinkCentre M73 Lenovo 10B1A0R9RU","(2008) ул. Нагатинская 12Б",{"v":1,"d":"1.000"},"ШТ","2017-12-28","3.NV.1220-2002","Документы отсутствуют","Нет данных","Новое",87461.25,{"$f":"O1984/F1984","v":{"v":87461.25,"d":"87,461.25"}},{"v":87461.25,"d":"87,461.25"},{"v":153190,"d":"153,190.00"},{"$f":"R1984-P1984","v":{"v":33701.8,"d":"33,701.80"}},{"$f":"P1984*1.22","v":{"v":186891.8,"d":"186,891.80"}},null,122,"Оборудование для систем безопасности"]
["А2297",1851,102011787,"Блок розеток 19'' TLK-RS08P2-BK","(2008) ул. Нагатинская 12Б",{"v":3,"d":"3.000"},"ШТ","2017-12-28","3.NV.1220-2002","Документы отсутствуют","Нет данных","Новое",3752.49,{"$f":"O1985/F1985","v":{"v":1250.83,"d":"1,250.83"}},{"v":3752.49,"d":"3,752.49"},{"v":6570,"d":"6,570.00"},{"v":1445.4,"d":"1,445.40"},{"v":8015.4,"d":"8,015.40"},null,122]
["А2298",1852,102018817,"Ввод кабельный М32х1,5 ф14-25мм ЗЭТА","(2008) ул. Нагатинская 12Б",{"v":168,"d":"168.000"},"ШТ","2017-12-28","3.NV.1220-2002","Документы отсутствуют","Нет данных","Новое",35196,{"v":209.5,"d":"209.50"},{"v":35196,"d":"35,196.00"},{"v":61640,"d":"61,640.00"},{"v":13560.8,"d":"13,560.80"},{"v":75200.8,"d":"75,200.80"},null,122]
["А2299",1853,102018784,"Извещатель LX-802N","(2008) ул. Нагатинская 12Б",{"v":1,"d":"1.000"},"ШТ","2017-12-28","3.NV.1220-2002","Документы отсутствуют","Нет данных","Новое",4730.85,{"v":4730.85,"d":"4,730.85"},{"v":4730.85,"d":"4,730.85"},{"v":8290,"d":"8,290.00"},{"v":1823.8,"d":"1,823.80"},{"v":10113.8,"d":"10,113.80"},null,122]
["А2300",1854,102020001,"Извещатель ИО209-30 Фотон-18А","(2008) ул. Нагатинская 12Б",{"v":1,"d":"1.000"},"ШТ","2017-12-28","3.NV.1220-2002","Документы отсутствуют","Нет данных","Новое",6610.38,{"v":6610.38,"d":"6,610.38"},{"v":6610.38,"d":"6,610.38"},{"v":11580,"d":"11,580.00"},{"v":2547.6,"d":"2,547.60"},{"v":14127.6,"d":"14,127.60"},null,122]
["А2301",1855,102018883,"Извещатель ИО329-4 Стекло-3","(2008) ул. Нагатинская 12Б",{"v":1,"d":"1.000"},"ШТ","2017-12-28","3.NV.1220-2002","Документы отсутствуют","Нет данных","Новое",547.89,547.89,547.89,{"v":960,"d":"960.00"},{"v":211.2,"d":"211.20"},{"v":1171.2,"d":"1,171.20"},null,122]
["А2302",1856,102018801,"Извещатель С2000-ИК исп.03","(2008) ул. Нагатинская 12Б",{"v":5,"d":"5.000"},"ШТ","2017-12-28","3.NV.1220-2002","Документы отсутствуют","Нет данных","Новое",4302.2,860.44,{"v":4302.2,"d":"4,302.20"},{"v":7540,"d":"7,540.00"},{"v":1658.8,"d":"1,658.80"},{"v":9198.8,"d":"9,198.80"},null,122]
["А2303",1857,102018759,"Извещатель С2000-ИК исп.04","(2008) ул. Нагатинская 12Б",{"v":1,"d":"1.000"},"ШТ","2017-12-28","3.NV.1220-2002","Документы отсутствуют","Нет данных","Новое",778.49,778.49,778.49,{"v":1360,"d":"1,360.00"},{"v":299.2,"d":"299.20"},{"v":1659.2,"d":"1,659.20"},null,122]
["А2304",1858,102018873,"Извещатель С2000-СМК исп.01","(2008) ул. Нагатинская 12Б",{"v":5,"d":"5.000"},"ШТ","2017-12-28","3.NV.1220-2002","Документы отсутствуют","Нет данных","Новое",1404.7,280.94,{"v":1404.7,"d":"1,404.70"},{"v":2460,"d":"2,460.00"},{"v":541.2,"d":"541.20"},{"v":3001.2,"d":"3,001.20"},null,122]
["А2305",1859,102018874,"Извещатель С2000-СТ исп.02","(2008) ул. Нагатинская 12Б",{"v":4,"d":"4.000"},"ШТ","2017-12-28","3.NV.1220-2002","Документы отсутствуют","Нет данных","Новое",2460.84,615.21,{"v":2460.84,"d":"2,460.84"},{"v":4310,"d":"4,310.00"},{"v":948.2,"d":"948.20"},{"v":5258.2,"d":"5,258.20"},null,122]
["А2306",1860,102019396,"Колодка клеммная 4мм2 SE NSYTRV42","(2008) ул. Нагатинская 12Б",{"v":197,"d":"197.000"},"ШТ","2017-12-28","3.NV.1220-2002","Документы отсутствуют","Нет данных","Новое",7070.33,35.89,{"v":7070.33,"d":"7,070.33"},{"v":12380,"d":"12,380.00"},{"v":2723.6,"d":"2,723.60"},{"v":15103.6,"d":"15,103.60"},null,122]
["А2307",1861,102019429,"Колодка клеммная 6мм2 SE NSYTRV62","(2008) ул. Нагатинская 12Б",{"v":985,"d":"985.000"},"ШТ","2017-12-28","3.NV.1220-2002","Документы отсутствуют","Нет данных","Новое",48097.55,48.83,{"v":48097.55,"d":"48,097.55"},{"v":84240,"d":"84,240.00"},{"v":18532.8,"d":"18,532.80"},{"v":102772.8,"d":"102,772.80"},null,122]
["А2308",1862,102019395,"Колодка клеммная 6мм2 SE NSYTRV62BL","(2008) ул. Нагатинская 12Б",{"v":268,"d":"268.000"},"ШТ","2017-12-28","3.NV.1220-2002","Документы отсутствуют","Нет данных","Новое",16147,60.25,{"v":16147,"d":"16,147.00"},{"v":28280,"d":"28,280.00"},{"v":6221.6,"d":"6,221.60"},{"v":34501.6,"d":"34,501.60"},null,122]
["А2309",1863,102011802,"Коммутатор NSGate 65LGG512","(2008) ул. Нагатинская 12Б",{"v":1,"d":"1.000"},"ШТ","2017-12-28","3.NV.1220-2002","Документы отсутствуют","Нет данных","Новое",42179.89,{"v":42179.89,"d":"42,179.89"},{"v":42179.89,"d":"42,179.89"},{"v":73880,"d":"73,880.00"},{"v":16253.6,"d":"16,253.60"},{"v":90133.6,"d":"90,133.60"},null,122]
["А2310",1864,102018783,"Коробка КМ41212-01 UKO10-075-075-020-K01","(2008) ул. Нагатинская 12Б",{"v":18,"d":"18.000"},"ШТ","2017-12-28","3.NV.1220-2002","Документы отсутствуют","Нет данных","Новое",680.22,37.79,680.22,{"v":1190,"d":"1,190.00"},{"v":261.8,"d":"261.80"},{"v":1451.8,"d":"1,451.80"},null,122]
["А2311",1865,102018941,"Коробка монтажная CQR JB720/WH","(2008) ул. Нагатинская 12Б",{"v":9,"d":"9.000"},"ШТ","2017-12-28","3.NV.1220-2002","Документы отсутствуют","Нет данных","Новое",1066.41,118.49,{"v":1066.41,"d":"1,066.41"},{"v":1870,"d":"1,870.00"},{"v":411.4,"d":"411.40"},{"v":2281.4,"d":"2,281.40"},null,122]
["А2312",1866,102011786,"Модуль Huawei WM1P0CIKVM02","(2008) ул. Нагатинская 12Б",{"v":1,"d":"1.000"},"ШТ","2017-12-28","3.NV.1220-2002","Документы отсутствуют","Нет данных","Новое",69348.7,{"v":69348.7,"d":"69,348.70"},{"v":69348.7,"d":"69,348.70"},{"v":121460,"d":"121,460.00"},{"v":26721.2,"d":"26,721.20"},{"v":148181.2,"d":"148,181.20"},null,122]
["А2313",1867,102011832,"Модуль батарейный Entel LPB-BR72V2+D2","(2008) ул. Нагатинская 12Б",{"v":2,"d":"2.000"},"ШТ","2017-12-28","3.NV.1220-2002","Документы отсутствуют","Нет данных","Новое",206433.36,{"v":103216.68,"d":"103,216.68"},{"v":206433.36,"d":"206,433.36"},{"v":361560,"d":"361,560.00"},{"v":79543.2,"d":"79,543.20"},{"v":441103.2,"d":"441,103.20"},null,122]
["А2314",1868,102011727,"Монитор 21,5'' E2223s Lenovo 60AFHAR1EU","(2008) ул. Нагатинская 12Б",{"v":3,"d":"3.000"},"ШТ","2017-12-28","3.NV.1220-2002","Документы отсутствуют","Нет данных","Новое",49495.32,{"v":16498.44,"d":"16,498.44"},{"v":49495.32,"d":"49,495.32"},{"v":86690,"d":"86,690.00"},{"v":19071.8,"d":"19,071.80"},{"v":105761.8,"d":"105,761.80"},null,122]
["А2315",1869,102017338,"Накладка на стык д/кабель-канала 50х105","(2008) ул. Нагатинская 12Б",{"v":60,"d":"60.000"},"ШТ","2017-12-28","3.NV.1220-2002","Документы отсутствуют","Нет данных","Новое",3796.2,63.27,{"v":3796.2,"d":"3,796.20"},{"v":6650,"d":"6,650.00"},{"v":1463,"d":"1,463.00"},{"v":8113,"d":"8,113.00"},null,122]
["А2316",1870,102022213,"Наконечник Тэзис SDT34","(2008) ул. Нагатинская 12Б",{"v":2,"d":"2.000"},"ШТ","2017-12-28","3.NV.1220-2002","Документы отсутствуют","Нет данных","Новое",462,{"v":231,"d":"231.00"},{"v":462,"d":"462.00"},{"v":810,"d":"810.00"},{"v":178.2,"d":"178.20"},{"v":988.2,"d":"988.20"},null,122]
["А2317",1871,102018927,"Панель STK-RACKMNT-2955 ЦМО 30045001200","(2008) ул. Нагатинская 12Б",{"v":1,"d":"1.000"},"ШТ","2017-12-28","3.NV.1220-2002","Документы отсутствуют","Нет данных","Новое",1275.86,{"v":1275.86,"d":"1,275.86"},{"v":1275.86,"d":"1,275.86"},{"v":2230,"d":"2,230.00"},{"v":490.6,"d":"490.60"},{"v":2720.6,"d":"2,720.60"},null,122]
["А2318",1872,102011762,"Патч-панель Hyperline PPWBL-12","(2008) ул. Нагатинская 12Б",{"v":3,"d":"3.000"},"ШТ","2017-12-28","3.NV.1220-2002","Документы отсутствуют","Нет данных","Новое",2211.66,737.22,{"v":2211.66,"d":"2,211.66"},{"v":3870,"d":"3,870.00"},{"v":851.4,"d":"851.40"},{"v":4721.4,"d":"4,721.40"},null,122]
["А2319",1873,102018895,"Перемычка NSYTRAL410GR","(2008) ул. Нагатинская 12Б",{"v":67,"d":"67.000"},"ШТ","2017-12-28","3.NV.1220-2002","Документы отсутствуют","Нет данных","Новое",19164.01,286.03,{"v":19164.01,"d":"19,164.01"},{"v":33570,"d":"33,570.00"},{"v":7385.4,"d":"7,385.40"},{"v":40955.4,"d":"40,955.40"},null,122]
["А2320",1874,102018894,"Перемычка NSYTRAL610GR","(2008) ул. Нагатинская 12Б",{"v":164,"d":"164.000"},"ШТ","2017-12-28","3.NV.1220-2002","Документы отсутствуют","Нет данных","Новое",44291.48,270.07,{"v":44291.48,"d":"44,291.48"},{"v":77580,"d":"77,580.00"},{"v":17067.6,"d":"17,067.60"},{"v":94647.6,"d":"94,647.60"},null,122]
["А2321",1875,102018846,"Проводник OBO Bettermann 5019355","(2008) ул. Нагатинская 12Б",{"v":15,"d":"15.000"},"М","2017-12-28","3.NV.1220-2002","Документы отсутствуют","Нет данных","Новое",292536.45,{"v":19502.43,"d":"19,502.43"},{"v":292536.45,"d":"292,536.45"},{"v":512370,"d":"512,370.00"},{"v":112721.4,"d":"112,721.40"},{"v":625091.4,"d":"625,091.40"},null,122]
[{"$nulls":14},{"$f":"SUM(O1984:O2009)","v":{"v":951501.53,"d":"951,501.53"}},{"$f":"SUM(P1984:P2009)","v":{"v":1666530,"d":"1,666,530.00"}},{"v":366636.6,"d":"366,636.60"},{"$f":"SUM(R1984:R2009)","v":{"v":2033166.6,"d":"2,033,166.60"}},{"$f":"R2010/100*10","v":{"v":203316.66,"d":"203,316.66"}},122]
["А2322",1876,102022648,"Проводник OBO Bettermann 5021081","(2008) ул. Нагатинская 12Б",{"v":10,"d":"10.000"},"М","2017-12-28","3.NV.1220-2002","Документы отсутствуют","Нет данных","Новое",493147.4,{"v":49314.74,"d":"49,314.74"},{"v":493147.4,"d":"493,147.40"},{"v":863730,"d":"863,730.00"},{"$f":"R2011-P2011","v":{"v":190020.6,"d":"190,020.60"}},{"$f":"P2011*1.22","v":{"v":1053750.6,"d":"1,053,750.60"}},null,123,"Оборудование для систем безопасности"]
["А2323",1877,102018907,"Разделитель NSYTRAP22","(2008) ул. Нагатинская 12Б",{"v":564,"d":"564.000"},"ШТ","2017-12-28","3.NV.1220-2002","Документы отсутствуют","Нет данных","Новое",17766,{"v":31.5,"d":"31.50"},{"v":17766,"d":"17,766.00"},{"v":31120,"d":"31,120.00"},{"v":6846.4,"d":"6,846.40"},{"v":37966.4,"d":"37,966.40"},null,123]
["А2324",1878,102011748,"Сервер RS140 Lenovo 70F8S01Y00","(2008) ул. Нагатинская 12Б",{"v":1,"d":"1.000"},"ШТ","2017-12-28","3.NV.1220-2002","Документы отсутствуют","Нет данных","Новое",167851.16,{"v":167851.16,"d":"167,851.16"},{"v":167851.16,"d":"167,851.16"},{"v":293990,"d":"293,990.00"},{"v":64677.8,"d":"64,677.80"},{"v":358667.8,"d":"358,667.80"},null,123]
["А2325",1879,102011749,"Сервер RS140 Lenovo 70F8S02700","(2008) ул. Нагатинская 12Б",{"v":1,"d":"1.000"},"ШТ","2017-12-28","3.NV.1220-2002","Документы отсутствуют","Нет данных","Новое",177899.9,{"v":177899.9,"d":"177,899.90"},{"v":177899.9,"d":"177,899.90"},{"v":311590,"d":"311,590.00"},{"v":68549.8,"d":"68,549.80"},{"v":380139.8,"d":"380,139.80"},null,123]
["А2326",1880,102012993,"Сирена для турникета PERCo","(2008) ул. Нагатинская 12Б",{"v":1,"d":"1.000"},"ШТ","2017-12-28","3.NV.1220-2002","Документы отсутствуют","Нет данных","Новое",182.86,182.86,182.86,{"v":320,"d":"320.00"},{"v":70.4,"d":"70.40"},{"v":390.4,"d":"390.40"},null,123]
["А2327",1881,102018939,"Стержень S1.5M34 17,2х1500 Тэзис 155490","(2008) ул. Нагатинская 12Б",{"v":19,"d":"19.000"},"ШТ","2017-12-28","3.NV.1220-2002","Документы отсутствуют","Нет данных","Новое",27895.23,{"v":1468.17,"d":"1,468.17"},{"v":27895.23,"d":"27,895.23"},{"v":48860,"d":"48,860.00"},{"v":10749.2,"d":"10,749.20"},{"v":59609.2,"d":"59,609.20"},null,123]
["А2328",1882,102011774,"Считыватель Proxy-3А","(2008) ул. Нагатинская 12Б",{"v":2,"d":"2.000"},"ШТ","2017-12-28","3.NV.1220-2002","Документы отсутствуют","Нет данных","Новое",7750.98,{"v":3875.49,"d":"3,875.49"},{"v":7750.98,"d":"7,750.98"},{"v":13580,"d":"13,580.00"},{"v":2987.6,"d":"2,987.60"},{"v":16567.6,"d":"16,567.60"},null,123]
["А2329",1883,102011729,"Считыватель Proxy-USB-MA","(2008) ул. Нагатинская 12Б",{"v":1,"d":"1.000"},"ШТ","2017-12-28","3.NV.1220-2002","Документы отсутствуют","Нет данных","Новое",4263.04,{"v":4263.04,"d":"4,263.04"},{"v":4263.04,"d":"4,263.04"},{"v":7470,"d":"7,470.00"},{"v":1643.4,"d":"1,643.40"},{"v":9113.4,"d":"9,113.40"},null,123]
[{"$nulls":14},{"$f":"SUM(O2011:S2018)","v":{"v":4729166.97,"d":"4,729,166.97"}},{"$f":"SUM(P2011:P2018)","v":{"v":1570660,"d":"1,570,660.00"}},{"v":345545.2,"d":"345,545.20"},{"$f":"SUM(R2011:R2018)","v":{"v":1916205.2,"d":"1,916,205.20"}},{"$f":"R2019/100*10","v":{"v":191620.52,"d":"191,620.52"}},123]
["А2330",1884,102018880,"Труба отож. Neptun IWS 15А","(2008) ул. Нагатинская 12Б",{"v":1.45,"d":"1.450"},"М","2017-12-28","3.NV.1220-2002","Документы отсутствуют","Нет данных","Новое",152337,{"v":105060,"d":"105,060.00"},{"v":152337,"d":"152,337.00"},{"v":266810,"d":"266,810.00"},{"$f":"R2020-P2020","v":{"v":58698.2,"d":"58,698.20"}},{"$f":"P2020*1.22","v":{"v":325508.2,"d":"325,508.20"}},null,124,"Оборудование для систем безопасности"]
["А2331",1885,102012852,"Турникет PERCo-TTR-07.1G","(2008) ул. Нагатинская 12Б",{"v":1,"d":"1.000"},"ШТ","2017-12-28","3.NV.1220-2002","Документы отсутствуют","Нет данных","Новое",133497.16,{"v":133497.16,"d":"133,497.16"},{"v":133497.16,"d":"133,497.16"},{"v":233820,"d":"233,820.00"},{"v":51440.4,"d":"51,440.40"},{"v":285260.4,"d":"285,260.40"},null,124]
["А2332",1886,102011755,"Шкаф Hyperline TTC-4261-SR-RAL9004","(2008) ул. Нагатинская 12Б",{"v":1,"d":"1.000"},"ШТ","2017-12-28","3.NV.1220-2002","Документы отсутствуют","Нет данных","Новое",40609.11,{"v":40609.11,"d":"40,609.11"},{"v":40609.11,"d":"40,609.11"},{"v":71130,"d":"71,130.00"},{"v":15648.6,"d":"15,648.60"},{"v":86778.6,"d":"86,778.60"},null,124]
["А2333",1887,102022650,"Щит силовой 380/220В BCC 2015-BCC-4035","(2008) ул. Нагатинская 12Б",{"v":1,"d":"1.000"},"ШТ","2017-12-28","3.NV.1220-2002","Документы отсутствуют","Нет данных","Новое",63819.75,{"v":63819.75,"d":"63,819.75"},{"v":63819.75,"d":"63,819.75"},{"v":111780,"d":"111,780.00"},{"v":24591.6,"d":"24,591.60"},{"v":136371.6,"d":"136,371.60"},null,124]
["А2334",1888,102017520,"PC-LPM-UTP-RJ45-RJ45-C6-0.5M-LSZH-WH","(2009) 3-я Кабельная, д. 2Б",{"v":13,"d":"13.000"},"ШТ","2017-12-28","3.NV.1220-2002","Документы отсутствуют","Нет данных","Новое",1337.96,102.92,{"v":1337.96,"d":"1,337.96"},{"v":2340,"d":"2,340.00"},{"v":514.8,"d":"514.80"},{"v":2854.8,"d":"2,854.80"},null,124]
["А2335",1889,102017519,"PC-LPM-UTP-RJ45-RJ45-C6-1M-LSZH-GY","(2009) 3-я Кабельная, д. 2Б",{"v":5,"d":"5.000"},"ШТ","2017-12-28","3.NV.1220-2002","Документы отсутствуют","Нет данных","Новое",555.45,111.09,555.45,{"v":970,"d":"970.00"},{"v":213.4,"d":"213.40"},{"v":1183.4,"d":"1,183.40"},null,124]
["А2336",1890,102017518,"PC-LPM-UTP-RJ45-RJ45-C6-20M-LSZH-GY","(2009) 3-я Кабельная, д. 2Б",{"v":1,"d":"1.000"},"ШТ","2017-12-28","3.NV.1220-2002","Документы отсутствуют","Нет данных","Новое",1359.89,{"v":1359.89,"d":"1,359.89"},{"v":1359.89,"d":"1,359.89"},{"v":2380,"d":"2,380.00"},{"v":523.6,"d":"523.60"},{"v":2903.6,"d":"2,903.60"},null,124]
["А2337",1891,102017517,"PC-LPM-UTP-RJ45-RJ45-C6-2M-LSZH-WH","(2009) 3-я Кабельная, д. 2Б",{"v":36,"d":"36.000"},"ШТ","2017-12-28","3.NV.1220-2002","Документы отсутствуют","Нет данных","Новое",6242.04,173.39,{"v":6242.04,"d":"6,242.04"},{"v":10930,"d":"10,930.00"},{"v":2404.6,"d":"2,404.60"},{"v":13334.6,"d":"13,334.60"},null,124]
["А2338",1892,102017515,"PC-LPM-UTP-RJ45-RJ45-C6-3M-LSZH-WH","(2009) 3-я Кабельная, д. 2Б",{"v":5,"d":"5.000"},"ШТ","2017-12-28","3.NV.1220-2002","Документы отсутствуют","Нет данных","Новое",1128.65,225.73,{"v":1128.65,"d":"1,128.65"},{"v":1980,"d":"1,980.00"},{"v":435.6,"d":"435.60"},{"v":2415.6,"d":"2,415.60"},null,124]
["А2339",1893,102011769,"Блок питания 48Вт 48В 1А AD1048-48FS","(2009) 3-я Кабельная, д. 2Б",{"v":1,"d":"1.000"},"ШТ","2017-12-28","3.NV.1220-2002","Документы отсутствуют","Нет данных","Новое",1860.87,{"v":1860.87,"d":"1,860.87"},{"v":1860.87,"d":"1,860.87"},{"v":3260,"d":"3,260.00"},{"v":717.2,"d":"717.20"},{"v":3977.2,"d":"3,977.20"},null,124]
["А2340",1894,102011787,"Блок розеток 19'' TLK-RS08P2-BK","(2009) 3-я Кабельная, д. 2Б",{"v":6,"d":"6.000"},"ШТ","2017-12-28","3.NV.1220-2002","Документы отсутствуют","Нет данных","Новое",7504.98,{"v":1250.83,"d":"1,250.83"},{"v":7504.98,"d":"7,504.98"},{"v":13140,"d":"13,140.00"},{"v":2890.8,"d":"2,890.80"},{"v":16030.8,"d":"16,030.80"},null,124]
["А2341",1895,102018971,"Зажим DIN741 D=6мм М5 Goralmet","(2009) 3-я Кабельная, д. 2Б",{"v":24,"d":"24.000"},"ШТ","2017-12-28","3.NV.1220-2002","Документы отсутствуют","Нет данных","Новое",19643.28,818.47,{"v":19643.28,"d":"19,643.28"},{"v":34400,"d":"34,400.00"},{"v":7568,"d":"7,568.00"},{"v":41968,"d":"41,968.00"},null,124]
["А2342",1896,102018758,"Зажим OBO Betterman 5057930","(2009) 3-я Кабельная, д. 2Б",{"v":162,"d":"162.000"},"ШТ","2017-12-28","3.NV.1220-2002","Документы отсутствуют","Нет данных","Новое",82825.74,511.27,{"v":82825.74,"d":"82,825.74"},{"v":145070,"d":"145,070.00"},{"v":31915.4,"d":"31,915.40"},{"v":176985.4,"d":"176,985.40"},null,124]
["А2343",1897,102018759,"Извещатель С2000-ИК исп.04","(2009) 3-я Кабельная, д. 2Б",{"v":2,"d":"2.000"},"ШТ","2017-12-28","3.NV.1220-2002","Документы отсутствуют","Нет данных","Новое",1556.98,778.49,{"v":1556.98,"d":"1,556.98"},{"v":2730,"d":"2,730.00"},{"v":600.6,"d":"600.60"},{"v":3330.6,"d":"3,330.60"},null,124]
["А2344",1898,102018874,"Извещатель С2000-СТ исп.02","(2009) 3-я Кабельная, д. 2Б",{"v":7,"d":"7.000"},"ШТ","2017-12-28","3.NV.1220-2002","Документы отсутствуют","Нет данных","Новое",4306.47,615.21,{"v":4306.47,"d":"4,306.47"},{"v":7540,"d":"7,540.00"},{"v":1658.8,"d":"1,658.80"},{"v":9198.8,"d":"9,198.80"},null,124]
["А2345",1899,102018942,"Коробка MBS 20.30.12 Провенто","(2009) 3-я Кабельная, д. 2Б",{"v":44,"d":"44.000"},"ШТ","2017-12-28","3.NV.1220-2002","Документы отсутствуют","Нет данных","Новое",103752.9,{"v":2358.02,"d":"2,358.02"},{"v":103752.9,"d":"103,752.90"},{"v":181720,"d":"181,720.00"},{"v":39978.4,"d":"39,978.40"},{"v":221698.4,"d":"221,698.40"},null,124]
["А2346",1900,102011730,"Модуль SFG- L01-I NI3112-10-I","(2009) 3-я Кабельная, д. 2Б",{"v":2,"d":"2.000"},"ШТ","2017-12-28","3.NV.1220-2002","Документы отсутствуют","Нет данных","Новое",4962.34,{"v":2481.17,"d":"2,481.17"},{"v":4962.34,"d":"4,962.34"},{"v":8690,"d":"8,690.00"},{"v":1911.8,"d":"1,911.80"},{"v":10601.8,"d":"10,601.80"},null,124]
["А2347",1901,102011832,"Модуль батарейный Entel LPB-BR72V2+D2","(2009) 3-я Кабельная, д. 2Б",{"v":1,"d":"1.000"},"ШТ","2017-12-28","3.NV.1220-2002","Документы отсутствуют","Нет данных","Новое",103216.68,{"v":103216.68,"d":"103,216.68"},{"v":103216.68,"d":"103,216.68"},{"v":180780,"d":"180,780.00"},{"v":39771.6,"d":"39,771.60"},{"v":220551.6,"d":"220,551.60"},null,124]
["А2348",1902,102011727,"Монитор 21,5'' E2223s Lenovo 60AFHAR1EU","(2009) 3-я Кабельная, д. 2Б",{"v":3,"d":"3.000"},"ШТ","2017-12-28","3.NV.1220-2002","Документы отсутствуют","Нет данных","Новое",49495.32,{"v":16498.44,"d":"16,498.44"},{"v":49495.32,"d":"49,495.32"},{"v":86690,"d":"86,690.00"},{"v":19071.8,"d":"19,071.80"},{"v":105761.8,"d":"105,761.80"},null,124]
["А2349",1903,102011790,"Поручень 1425мм Perco-BH02 1-01","(2009) 3-я Кабельная, д. 2Б",{"v":2,"d":"2.000"},"ШТ","2017-12-28","3.NV.1220-2002","Документы отсутствуют","Нет данных","Новое",8197.74,{"v":4098.87,"d":"4,098.87"},{"v":8197.74,"d":"8,197.74"},{"v":14360,"d":"14,360.00"},{"v":3159.2,"d":"3,159.20"},{"v":17519.2,"d":"17,519.20"},null,124]
[{"$nulls":14},{"$f":"+SUM(O2020:O2039)","v":{"v":788210.31,"d":"788,210.31"}},{"$f":"SUM(P2020:P2039)","v":{"v":1380520,"d":"1,380,520.00"}},{"v":303714.4,"d":"303,714.40"},{"$f":"SUM(R2020:R2039)","v":{"v":1684234.4,"d":"1,684,234.40"}},{"$f":"R2040/100*10","v":{"v":168423.44,"d":"168,423.44"}},124]
["А2350",1904,102011748,"Сервер RS140 Lenovo 70F8S01Y00","(2009) 3-я Кабельная, д. 2Б",{"v":1,"d":"1.000"},"ШТ","2017-12-28","3.NV.1220-2002","Документы отсутствуют","Нет данных","Новое",167851.16,{"v":167851.16,"d":"167,851.16"},{"v":167851.16,"d":"167,851.16"},{"v":293990,"d":"293,990.00"},{"$f":"R2041-P2041","v":{"v":64677.8,"d":"64,677.80"}},{"$f":"P2041*1.22","v":{"v":358667.8,"d":"358,667.80"}},null,125,"Оборудование для систем безопасности"]
["А2351",1905,102011729,"Считыватель Proxy-USB-MA","(2009) 3-я Кабельная, д. 2Б",{"v":1,"d":"1.000"},"ШТ","2017-12-28","3.NV.1220-2002","Документы отсутствуют","Нет данных","Новое",4263.04,{"v":4263.04,"d":"4,263.04"},{"v":4263.04,"d":"4,263.04"},{"v":7470,"d":"7,470.00"},{"v":1643.4,"d":"1,643.40"},{"v":9113.4,"d":"9,113.40"},null,125]
["А2352",1906,102018880,"Труба отож. Neptun IWS 15А","(2009) 3-я Кабельная, д. 2Б",{"v":263,"d":"263.000"},"ШТ","2017-12-28","3.NV.1220-2002","Документы отсутствуют","Нет данных","Новое",27630.78,105.06,{"v":27630.78,"d":"27,630.78"},{"v":48390,"d":"48,390.00"},{"v":10645.8,"d":"10,645.80"},{"v":59035.8,"d":"59,035.80"},null,125]
["А2353",1907,102018879,"Труба отож. Neptun IWS 20А","(2009) 3-я Кабельная, д. 2Б",{"v":345,"d":"345.000"},"ШТ","2017-12-28","3.NV.1220-2002","Документы отсутствуют","Нет данных","Новое",148263.75,429.75,{"v":148263.75,"d":"148,263.75"},{"v":259680,"d":"259,680.00"},{"v":57129.6,"d":"57,129.60"},{"v":316809.6,"d":"316,809.60"},null,125]
["А2354",1908,102012852,"Турникет PERCo-TTR-07.1G","(2009) 3-я Кабельная, д. 2Б",{"v":1,"d":"1.000"},"ШТ","2017-12-28","3.NV.1220-2002","Документы отсутствуют","Нет данных","Новое",133497.16,{"v":133497.16,"d":"133,497.16"},{"v":133497.16,"d":"133,497.16"},{"v":233820,"d":"233,820.00"},{"v":51440.4,"d":"51,440.40"},{"v":285260.4,"d":"285,260.40"},null,125]
["А2355",1909,102011804,"Устройство защиты линий NSGate CEVP4GEP","(2009) 3-я Кабельная, д. 2Б",{"v":4,"d":"4.000"},"ШТ","2017-12-28","3.NV.1220-2002","Документы отсутствуют","Нет данных","Новое",22330.52,{"v":5582.63,"d":"5,582.63"},{"v":22330.52,"d":"22,330.52"},{"v":39110,"d":"39,110.00"},{"v":8604.2,"d":"8,604.20"},{"v":47714.2,"d":"47,714.20"},null,125]
["А2356",1910,102011755,"Шкаф Hyperline TTC-4261-SR-RAL9004","(2009) 3-я Кабельная, д. 2Б",{"v":1,"d":"1.000"},"ШТ","2017-12-28","3.NV.1220-2002","Документы отсутствуют","Нет данных","Новое",40609.11,{"v":40609.11,"d":"40,609.11"},{"v":40609.11,"d":"40,609.11"},{"v":71130,"d":"71,130.00"},{"v":15648.6,"d":"15,648.60"},{"v":86778.6,"d":"86,778.60"},null,125]
["А2357",1911,102022183,"Щит силовой 380/220В BCC 2015-ВСС-4329","(2009) 3-я Кабельная, д. 2Б",{"v":1,"d":"1.000"},"ШТ","2017-12-28","3.NV.1220-2002","Документы отсутствуют","Нет данных","Новое",81151.35,{"v":81151.35,"d":"81,151.35"},{"v":81151.35,"d":"81,151.35"},{"v":142130,"d":"142,130.00"},{"v":31268.6,"d":"31,268.60"},{"v":173398.6,"d":"173,398.60"},null,125]
["А2358",1912,102022184,"Щит силовой 380/220В BCC 2015-ВСС-4330","(2009) 3-я Кабельная, д. 2Б",{"v":1,"d":"1.000"},"ШТ","2017-12-28","3.NV.1220-2002","Документы отсутствуют","Нет данных","Новое",62435.31,{"v":62435.31,"d":"62,435.31"},{"v":62435.31,"d":"62,435.31"},{"v":109350,"d":"109,350.00"},{"v":24057,"d":"24,057.00"},{"v":133407,"d":"133,407.00"},null,125]
["А2359",1913,102022186,"Щит силовой 380/220В BCC 2016-ВСС-4079","(2009) 3-я Кабельная, д. 2Б",{"v":1,"d":"1.000"},"ШТ","2017-12-28","3.NV.1220-2002","Документы отсутствуют","Нет данных","Новое",50567.68,{"v":50567.68,"d":"50,567.68"},{"v":50567.68,"d":"50,567.68"},{"v":88570,"d":"88,570.00"},{"v":19485.4,"d":"19,485.40"},{"v":108055.4,"d":"108,055.40"},null,125]
["А2360",1914,102022185,"Щит силовой 380/220В BCC 2016-ВСС-4080","(2009) 3-я Кабельная, д. 2Б",{"v":1,"d":"1.000"},"ШТ","2017-12-28","3.NV.1220-2002","Документы отсутствуют","Нет данных","Новое",75764.09,{"v":75764.09,"d":"75,764.09"},{"v":75764.09,"d":"75,764.09"},{"v":132700,"d":"132,700.00"},{"v":29194,"d":"29,194.00"},{"v":161894,"d":"161,894.00"},null,125]
[{"$nulls":14},{"$f":"SUM(O2041:O2051)","v":{"v":814363.95,"d":"814,363.95"}},{"$f":"SUM(P2041:P2051)","v":{"v":1426340,"d":"1,426,340.00"}},{"v":313794.8,"d":"313,794.80"},{"$f":"SUM(R2041:R2051)","v":{"v":1740134.8,"d":"1,740,134.80"}},{"$f":"R2052/100*10","v":{"v":174013.48,"d":"174,013.48"}},125]
["А2361",1915,10026541,"АГТ-71-25/16кв10","(0098) Верхние поля, 25",{"v":1,"d":"1.000"},"ШТ","2014-12-31","3.NV.1100-2002","Документы отсутствуют","Нет данных","Не эксплуатировалось",{"v":13900,"d":"13,900.00"},{"v":13900,"d":"13,900.00"},{"v":13900,"d":"13,900.00"},{"v":22530,"d":"22,530.00"},{"$f":"R2053-P2053","v":{"v":4956.6,"d":"4,956.60"}},{"$f":"P2053*1.22","v":{"v":27486.6,"d":"27,486.60"}},null,126,"Оборудование трубопроводное"]
["А2362",1916,10023767,"Болт М22-6gх70.58 Г7798-70","(0094) Кусковская ул., д. 18Г",{"v":11,"d":"11.000"},"КГ","2014-12-31","3.NV.1100-2002","Документы отсутствуют","Нет данных","Не эксплуатировалось",517.77,47.07,517.77,{"v":840,"d":"840.00"},{"v":184.8,"d":"184.80"},{"v":1024.8,"d":"1,024.80"},null,126]
["А2363",1917,10029115,"Бочонок Ду32 L=50мм","(0098) Верхние поля, 25",{"v":137,"d":"137.000"},"ШТ","2017-06-05","3.NV.1100-2002","Документы отсутствуют","Нет данных","Не эксплуатировалось",{"v":2781.1,"d":"2,781.10"},{"v":20.3,"d":"20.30"},{"v":2781.1,"d":"2,781.10"},{"v":3760,"d":"3,760.00"},{"v":827.2,"d":"827.20"},{"v":4587.2,"d":"4,587.20"},null,126]
["А2364",1918,10029070,"Бочонок Ду40 L=50мм","(0098) Верхние поля, 25",{"v":99,"d":"99.000"},"ШТ","2014-12-31","3.NV.1100-2002","Документы отсутствуют","Нет данных","Не эксплуатировалось",{"v":2403.72,"d":"2,403.72"},24.28,{"v":2403.72,"d":"2,403.72"},{"v":3900,"d":"3,900.00"},{"v":858,"d":"858.00"},{"v":4758,"d":"4,758.00"},null,126]
["А2365",1919,10024843,"Вентиль KVN-100-III-KX Ду100 Ру16","(0098) Верхние поля, 25",{"v":1,"d":"1.000"},"ШТ","2014-12-31","3.NV.1100-2002","Документы отсутствуют","Нет данных","Не эксплуатировалось",{"v":30491.9,"d":"30,491.90"},{"v":30491.9,"d":"30,491.90"},{"v":30491.9,"d":"30,491.90"},{"v":49430,"d":"49,430.00"},{"v":10874.6,"d":"10,874.60"},{"v":60304.6,"d":"60,304.60"},null,126]
["А2366",1920,10105129,"Винт оцинк. М4-6g.16.48.016 Г17473-80","(0094) Кусковская ул., д. 18Г",{"v":0.8,"d":"0.800"},"КГ","2014-12-31","3.NV.1100-2002","Документы отсутствуют","Нет данных","Не эксплуатировалось",58.98,{"$f":"M2058/F2058","v":73.73},54.98,{"v":90,"d":"90.00"},{"v":19.8,"d":"19.80"},{"v":109.8,"d":"109.80"},null,126]
["А2367",1921,10099610,"Задвижка 30с15нж Ду100 Ру40 газ. А","(0098) Верхние поля, 25",{"v":1,"d":"1.000"},"ШТ","2014-12-31","3.NV.1100-2002","Документы отсутствуют","Нет данных","Не эксплуатировалось",{"v":11731.16,"d":"11,731.16"},{"v":11731.16,"d":"11,731.16"},{"v":11731.16,"d":"11,731.16"},{"v":19020,"d":"19,020.00"},{"v":4184.4,"d":"4,184.40"},{"v":23204.4,"d":"23,204.40"},null,126]
["А2368",1922,10006260,"Муфта 25 Г8954-75","(0098) Верхние поля, 25",{"v":187,"d":"187.000"},"ШТ","2014-12-31","3.NV.1100-2002","Документы отсутствуют","Нет данных","Не эксплуатировалось",{"v":5224.78,"d":"5,224.78"},27.94,{"v":5224.78,"d":"5,224.78"},{"v":8470,"d":"8,470.00"},{"v":1863.4,"d":"1,863.40"},{"v":10333.4,"d":"10,333.40"},null,126]
["А2369",1923,10001345,"Муфта 32 Г8954-75","(0098) Верхние поля, 25",{"v":993,"d":"993.000"},"ШТ","2017-07-03","3.NV.1100-2002","Документы отсутствуют","Нет данных","Не эксплуатировалось",{"v":47791.3,"d":"47,791.30"},48.13,{"v":47791.3,"d":"47,791.30"},{"v":64300,"d":"64,300.00"},{"v":14146,"d":"14,146.00"},{"v":78446,"d":"78,446.00"},null,126]
["А2370",1924,10027090,"Насос T - 65В/2 /7,5 кВт/","(0098) Верхние поля, 25",{"v":1,"d":"1.000"},"ШТ","2018-11-29","3.NV.1100-2002","Документы отсутствуют","Нет данных","Не эксплуатировалось",{"v":187215.65,"d":"187,215.65"},{"v":187215.65,"d":"187,215.65"},{"v":187215.65,"d":"187,215.65"},{"v":237980,"d":"237,980.00"},{"v":52355.6,"d":"52,355.60"},{"v":290335.6,"d":"290,335.60"},null,126]
["А2371",1925,10011592,"Отвод 45-219х8-20 Г17375","(0098) Верхние поля, 25",{"v":28,"d":"28.000"},"ШТ","2014-12-31","3.NV.1100-2002","Документы отсутствуют","Нет данных","Не эксплуатировалось",{"v":43525.03,"d":"43,525.03"},{"v":1554.47,"d":"1,554.47"},{"v":43525.03,"d":"43,525.03"},{"v":70560,"d":"70,560.00"},{"v":15523.2,"d":"15,523.20"},{"v":86083.2,"d":"86,083.20"},null,126]
["А2372",1926,10116794,"Отвод 45-57х5-20 Г17375","(0098) Верхние поля, 25",{"v":2,"d":"2.000"},"ШТ","2018-10-23","3.NV.1100-2002","Документы отсутствуют","Нет данных","Не эксплуатировалось",{"v":112,"d":"112.00"},{"v":56,"d":"56.00"},{"v":112,"d":"112.00"},{"v":140,"d":"140.00"},{"v":30.8,"d":"30.80"},{"v":170.8,"d":"170.80"},null,126]
["А2373",1927,10001034,"Отвод 90-45х3,5-20 Г17375","(0098) Верхние поля, 25",{"v":112,"d":"112.000"},"ШТ","2017-08-01","3.NV.1100-2002","Документы отсутствуют","Нет данных","Не эксплуатировалось",{"v":6473.6,"d":"6,473.60"},{"v":57.8,"d":"57.80"},{"v":6473.6,"d":"6,473.60"},{"v":8710,"d":"8,710.00"},{"v":1916.2,"d":"1,916.20"},{"v":10626.2,"d":"10,626.20"},null,126]
["А2374",1928,10143622,"Отводы 325*8мм","(0098) Верхние поля, 25",{"v":284,"d":"284.000"},"ШТ","2014-12-31","3.NV.1100-2002","Документы отсутствуют","Нет данных","Не эксплуатировалось",{"v":868035.59,"d":"868,035.59"},{"v":3056.46,"d":"3,056.46"},{"v":868035.59,"d":"868,035.59"},{"v":1407140,"d":"1,407,140.00"},{"v":309570.8,"d":"309,570.80"},{"v":1716710.8,"d":"1,716,710.80"},null,126]
[{"$nulls":14},{"$f":"SUM(O2053:O2066)","v":{"v":1220258.58,"d":"1,220,258.58"}},{"$f":"SUM(P2053:P2066)","v":{"v":1896870,"d":"1,896,870.00"}},{"v":417311.4,"d":"417,311.40"},{"$f":"SUM(R2053:R2066)","v":{"v":2314181.4,"d":"2,314,181.40"}},{"$f":"R2067/100*10","v":{"v":231418.14,"d":"231,418.14"}},126]
["А2375",1929,10010023,"Пресс механический Р 2,5-5тн","(0098) Верхние поля, 25",{"v":1,"d":"1.000"},"ШТ","2014-12-31","3.NV.1100-2002","Документы отсутствуют","Нет данных","Не эксплуатировалось",{"v":8051.3,"d":"8,051.30"},{"v":8051.3,"d":"8,051.30"},{"v":8051.3,"d":"8,051.30"},{"v":13050,"d":"13,050.00"},{"$f":"R2068-P2068","v":{"v":2871,"d":"2,871.00"}},{"$f":"P2068*1.22","v":{"v":15921,"d":"15,921.00"}},null,127,"Оборудование  трубопроводное"]
["А2376",1930,10119260,"Регулятор Ду-50 21ч10нж","(0098) Верхние поля, 25",{"v":1,"d":"1.000"},"ШТ","2014-12-31","3.NV.1100-2002","Документы отсутствуют","Нет данных","Не эксплуатировалось",{"v":1010,"d":"1,010.00"},{"v":1010,"d":"1,010.00"},{"v":1010,"d":"1,010.00"},{"v":1640,"d":"1,640.00"},{"v":360.8,"d":"360.80"},{"v":2000.8,"d":"2,000.80"},null,127]
["А2377",1931,10029757,"Резьба Ду32 L50 Г3262-75","(0098) Верхние поля, 25",{"v":221,"d":"221.000"},"ШТ","2014-12-31","3.NV.1100-2002","Документы отсутствуют","Нет данных","Не эксплуатировалось",{"v":3001.79,"d":"3,001.79"},13.58,{"v":3001.79,"d":"3,001.79"},{"v":4870,"d":"4,870.00"},{"v":1071.4,"d":"1,071.40"},{"v":5941.4,"d":"5,941.40"},null,127]
["А2378",1932,10149539,"Розетка PYF14A-N Omron","(0098) Верхние поля, 25",{"v":17,"d":"17.000"},"ШТ","2014-12-31","3.NV.1100-2002","Документы отсутствуют","Нет данных","Не эксплуатировалось",{"v":3570,"d":"3,570.00"},{"v":210,"d":"210.00"},{"v":3570,"d":"3,570.00"},{"v":5790,"d":"5,790.00"},{"v":1273.8,"d":"1,273.80"},{"v":7063.8,"d":"7,063.80"},null,127]
["А2379",1933,10008544,"Тройник 108х4-20 Г17376","(0098) Верхние поля, 25",{"v":2,"d":"2.000"},"ШТ","2014-12-31","3.NV.1100-2002","Документы отсутствуют","Нет данных","Не эксплуатировалось",{"v":1288.95,"d":"1,288.95"},644.48,{"v":1288.95,"d":"1,288.95"},{"v":2090,"d":"2,090.00"},{"v":459.8,"d":"459.80"},{"v":2549.8,"d":"2,549.80"},null,127]
["А2380",1934,10150255,"Тройник 219х10-159х8-20 Г17376","(0098) Верхние поля, 25",{"v":1,"d":"1.000"},"ШТ","2014-12-31","3.NV.1100-2002","Документы отсутствуют","Нет данных","Не эксплуатировалось",{"v":5184,"d":"5,184.00"},{"v":5184,"d":"5,184.00"},{"v":5184,"d":"5,184.00"},{"v":8400,"d":"8,400.00"},{"v":1848,"d":"1,848.00"},{"v":10248,"d":"10,248.00"},null,127]
["А2381",1935,10106770,"Тройник 219х9-219х7-2,5 ТС-590-006","(0098) Верхние поля, 25",{"v":1,"d":"1.000"},"ШТ","2014-12-31","3.NV.1100-2002","Документы отсутствуют","Нет данных","Не эксплуатировалось",{"v":6045,"d":"6,045.00"},{"v":6045,"d":"6,045.00"},{"v":6045,"d":"6,045.00"},{"v":9800,"d":"9,800.00"},{"v":2156,"d":"2,156.00"},{"v":11956,"d":"11,956.00"},null,127]
["А2382",1936,10107869,"Тройник 76х6-45х4-20 Г17376","(0098) Верхние поля, 25",{"v":2,"d":"2.000"},"ШТ","2014-12-31","3.NV.1100-2002","Документы отсутствуют","Нет данных","Не эксплуатировалось",{"v":2084.94,"d":"2,084.94"},{"v":1042.47,"d":"1,042.47"},{"v":2084.94,"d":"2,084.94"},{"v":3380,"d":"3,380.00"},{"v":743.6,"d":"743.60"},{"v":4123.6,"d":"4,123.60"},null,127]
["А2383",1937,10029647,"Тройник Ду-32","(0098) Верхние поля, 25",{"v":26,"d":"26.000"},"ШТ","2014-12-31","3.NV.1100-2002","Документы отсутствуют","Нет данных","Не эксплуатировалось",872.14,33.54,872.14,{"v":1410,"d":"1,410.00"},{"v":310.2,"d":"310.20"},{"v":1720.2,"d":"1,720.20"},null,127]
["А2384",1938,10042326,"Тройник ТП 100х100 Г6942.12-80","(0098) Верхние поля, 25",{"v":10,"d":"10.000"},"ШТ","2014-12-31","3.NV.1100-2002","Документы отсутствуют","Нет данных","Не эксплуатировалось",{"v":5920.3,"d":"5,920.30"},592.03,{"v":5920.3,"d":"5,920.30"},{"v":9600,"d":"9,600.00"},{"v":2112,"d":"2,112.00"},{"v":11712,"d":"11,712.00"},null,127]
["А2385",1939,10005953,"Тройник ТП-100х100 Г6942-98","(0098) Верхние поля, 25",{"v":3,"d":"3.000"},"ШТ","2014-12-31","3.NV.1100-2002","Документы отсутствуют","Нет данных","Не эксплуатировалось",{"v":1252.14,"d":"1,252.14"},417.38,{"v":1252.14,"d":"1,252.14"},{"v":2030,"d":"2,030.00"},{"v":446.6,"d":"446.60"},{"v":2476.6,"d":"2,476.60"},null,127]
["А2386",1940,10010243,"Тройник ТП-50х50 Г6942-98","(0098) Верхние поля, 25",{"v":11,"d":"11.000"},"ШТ","2014-12-31","3.NV.1100-2002","Документы отсутствуют","Нет данных","Не эксплуатировалось",{"v":1758.6,"d":"1,758.60"},159.87,{"v":1758.6,"d":"1,758.60"},{"v":2850,"d":"2,850.00"},{"v":627,"d":"627.00"},{"v":3477,"d":"3,477.00"},null,127]
["А2387",1941,10143771,"Трубы стальные ВГП Ду 25х3.2мм","(0098) Верхние поля, 25",0.627,"Т","2014-12-31","3.NV.1100-2002","Документы отсутствуют","Нет данных","Не эксплуатировалось",{"v":16119.97,"d":"16,119.97"},{"$f":"M2080/F2080","v":{"v":25709.68,"d":"25,709.68"}},{"v":16119.97,"d":"16,119.97"},{"v":26130,"d":"26,130.00"},{"v":5748.6,"d":"5,748.60"},{"v":31878.6,"d":"31,878.60"},null,127]
["А2388",1942,10143770,"Трубы стальные ВГП Ду 32х3.2мм","(0098) Верхние поля, 25",0.732,"Т","2014-12-31","3.NV.1100-2002","Документы отсутствуют","Нет данных","Не эксплуатировалось",{"v":18814.51,"d":"18,814.51"},{"$f":"M2081/F2081","v":{"v":25702.88,"d":"25,702.88"}},{"v":18814.51,"d":"18,814.51"},{"v":30500,"d":"30,500.00"},{"v":6710,"d":"6,710.00"},{"v":37210,"d":"37,210.00"},null,127]
["А2389",1943,10029657,"Угольник Ду-025","(0098) Верхние поля, 25",{"v":44,"d":"44.000"},"ШТ","2014-12-31","3.NV.1100-2002","Документы отсутствуют","Нет данных","Не эксплуатировалось",726.35,16.51,726.35,{"v":1180,"d":"1,180.00"},{"v":259.6,"d":"259.60"},{"v":1439.6,"d":"1,439.60"},null,127]
["А2390",1944,10029661,"Угольник Ду-040","(0098) Верхние поля, 25",{"v":31,"d":"31.000"},"ШТ","2014-12-31","3.NV.1100-2002","Документы отсутствуют","Нет данных","Не эксплуатировалось",{"v":1054.93,"d":"1,054.93"},34.03,{"v":1054.93,"d":"1,054.93"},{"v":1710,"d":"1,710.00"},{"v":376.2,"d":"376.20"},{"v":2086.2,"d":"2,086.20"},null,127]
["А2391",1945,10029663,"Угольник Ду-050","(0098) Верхние поля, 25",{"v":79,"d":"79.000"},"ШТ","2014-12-31","3.NV.1100-2002","Документы отсутствуют","Нет данных","Не эксплуатировалось",{"v":3849.67,"d":"3,849.67"},48.73,{"v":3849.67,"d":"3,849.67"},{"v":6240,"d":"6,240.00"},{"v":1372.8,"d":"1,372.80"},{"v":7612.8,"d":"7,612.80"},null,127]
["А2392",1946,10005765,"Цилиндр KK-ALC-18-30 Saint-Gobain Isover","(0098) Верхние поля, 25",{"v":580,"d":"580.000"},"М","2014-12-31","3.NV.1100-2002","Документы отсутствуют","Нет данных","Не эксплуатировалось",{"v":83264.57,"d":"83,264.57"},143.56,{"v":83264.57,"d":"83,264.57"},{"v":134980,"d":"134,980.00"},{"v":29695.6,"d":"29,695.60"},{"v":164675.6,"d":"164,675.60"},null,127]
[{"$nulls":14},{"$f":"SUM(O2068:O2085)","v":{"v":163869.16,"d":"163,869.16"}},{"$f":"SUM(P2068:P2085)","v":{"v":265650,"d":"265,650.00"}},{"v":58443,"d":"58,443.00"},{"$f":"SUM(R2068:R2085)","v":{"v":324093,"d":"324,093.00"}},{"$f":"R2086/100*10","v":{"v":32409.3,"d":"32,409.30"}},127]
["ИТОГО:",{"$nulls":13},{"$f":"O55+O62+O66+O86+O114+O121+O125+O127+O137+O140+O150+O169+O173+O179+O275+O328+O332+O339+O344+O350+O360+O384+O476+O478+O499+O506+O508+O512+O538+O545+O549+O558+O693+O783+O906+O1007+O1009+O1011+O1018+O1024+O1030+O1043+O1053+O1061+O1070+O1074+O1148+O1171+O1192+O1214+O1217+O1225+O1281+O1327+O1333+O1336+O1340+O1346+O1352+O1370+O1377+O1381+O1385+O1387+O1397+O1400+O1407+O1451+O1454+O1457+O1460+O1471+O1480+O1492+O1498+O1505+O1510+O1525+O1540+O1548+O1551+O1560+O1571+O1573+O1579+O1582+O1588+O1595+O1597+O1599+O1603+O1671+O1679+O1709+O1712+O1714+O1721+O1728+O1743+O1747+O1755+O1767+O1770+O1773+O1777+O1785+O1797+O1799+O1802+O1804+O1809+O1813+O1819+O1822+O1825+O1924+O1936+O1938+O1949+O1951+O1983+O2010+O2019+O2040+O2052+O2067+O2086","v":{"v":277528739.32,"d":"277,528,739.32"}},{"$f":"P55+P62+P66+P86+P114+P121+P125+P127+P137+P140+P150+P169+P173+P179+P275+P328+P332+P339+P344+P350+P360+P384+P476+P478+P499+P506+P508+P512+P538+P545+P549+P558+P693+P783+P906+P1007+P1009+P1011+P1018+P1024+P1030+P1043+P1053+P1061+P1070+P1074+P1148+P1171+P1192+P1214+P1217+P1225+P1281+P1327+P1333+P1336+P1340+P1346+P1352+P1370+P1377+P1381+P1385+P1387+P1397+P1400+P1407+P1451+P1454+P1457+P1460+P1471+P1480+P1492+P1498+P1505+P1510+P1525+P1540+P1548+P1551+P1560+P1571+P1573+P1579+P1582+P1588+P1595+P1597+P1599+P1603+P1671+P1679+P1709+P1712+P1714+P1721+P1728+P1743+P1747+P1755+P1767+P1770+P1773+P1777+P1785+P1797+P1799+P1802+P1804+P1809+P1813+P1819+P1822+P1825+P1924+P1936+P1938+P1949+P1951+P1983+P2010+P2019+P2040+P2052+P2067+P2086","v":{"v":276434558,"d":"276,434,558.00"}},{"$f":"Q55+Q62+Q66+Q86+Q114+Q121+Q125+Q127+Q137+Q140+Q150+Q169+Q173+Q179+Q275+Q328+Q332+Q339+Q344+Q350+Q360+Q384+Q476+Q478+Q499+Q506+Q508+Q512+Q538+Q545+Q549+Q558+Q693+Q783+Q906+Q1007+Q1009+Q1011+Q1018+Q1024+Q1030+Q1043+Q1053+Q1061+Q1070+Q1074+Q1148+Q1171+Q1192+Q1214+Q1217+Q1225+Q1281+Q1327+Q1333+Q1336+Q1340+Q1346+Q1352+Q1370+Q1377+Q1381+Q1385+Q1387+Q1397+Q1400+Q1407+Q1451+Q1454+Q1457+Q1460+Q1471+Q1480+Q1492+Q1498+Q1505+Q1510+Q1525+Q1540+Q1548+Q1551+Q1560+Q1571+Q1573+Q1579+Q1582+Q1588+Q1595+Q1597+Q1599+Q1603+Q1671+Q1679+Q1709+Q1712+Q1714+Q1721+Q1728+Q1743+Q1747+Q1755+Q1767+Q1770+Q1773+Q1777+Q1785+Q1797+Q1799+Q1802+Q1804+Q1809+Q1813+Q1819+Q1822+Q1825+Q1924+Q1936+Q1938+Q1949+Q1951+Q1983+Q2010+Q2019+Q2040+Q2052+Q2067+Q2086","v":{"v":60815602.76,"d":"60,815,602.76"}},{"$f":"R55+R62+R66+R86+R114+R121+R125+R127+R137+R140+R150+R169+R173+R179+R275+R328+R332+R339+R344+R350+R360+R384+R476+R478+R499+R506+R508+R512+R538+R545+R549+R558+R693+R783+R906+R1007+R1009+R1011+R1018+R1024+R1030+R1043+R1053+R1061+R1070+R1074+R1148+R1171+R1192+R1214+R1217+R1225+R1281+R1327+R1333+R1336+R1340+R1346+R1352+R1370+R1377+R1381+R1385+R1387+R1397+R1400+R1407+R1451+R1454+R1457+R1460+R1471+R1480+R1492+R1498+R1505+R1510+R1525+R1540+R1548+R1551+R1560+R1571+R1573+R1579+R1582+R1588+R1595+R1597+R1599+R1603+R1671+R1679+R1709+R1712+R1714+R1721+R1728+R1743+R1747+R1755+R1767+R1770+R1773+R1777+R1785+R1797+R1799+R1802+R1804+R1809+R1813+R1819+R1822+R1825+R1924+R1936+R1938+R1949+R1951+R1983+R2010+R2019+R2040+R2052+R2067+R2086","v":{"v":337250160.76,"d":"337,250,160.76"}}]